{"text_format":"1","workbook":"xlsx","n_sheets":4,"sheets":["INVENTARIO DE ACTIVOS","DATOS","CRITERIOS","Tipos de Activos"],"not_rendered":{"charts":0,"images":0,"macros":1,"external_links":0,"defined_names":63,"comments":1,"pivot_tables":0},"unopened":[],"bounds":{"document_bytes":16777216,"sheet_cells":100000,"rows_first":2000,"rows_last":500,"rows_between":2000,"halvings":0,"cell_chars":16384,"cell_head_chars":4096},"cells_cut":0,"cells_raw":0,"read":"whole","date_system":"1900"}

{"sheet":"INVENTARIO DE ACTIVOS","index":0,"n_rows":948,"n_cols":36,"rows_kept":948,"cut":false,"hidden":false,"merged":[[3,27,4,35],[3,7,3,13],[2,17,2,25],[5,27,5,28],[3,17,4,26],[1,3,1,12],[1,13,1,16],[1,17,1,30],[0,3,0,35],[0,0,1,2],[1,31,1,35],[3,6,4,6],[3,14,4,14],[2,3,2,12],[2,13,2,16],[3,0,4,5],[4,7,4,13],[3,15,4,16]]}
[null,null,null,"MATRIZ DE ACTIVOS DE INFORMACIÓN E ÍNDICE DE INFORMACIÓN CLASIFICADA Y RESERVADA"]
[null,null,null,"CODIGO",null,null,null,null,null,null,null,null,null,"GTI-FT-042",null,null,null,null,null,null,null,null,null,null,null,null,null,null,null,null,null,"003"]
[]
["I. IDENTIFICACIÓN DEL ACTIVO DE INFORMACIÓN",null,null,null,null,null,"II CLASIFICACION DEL ACTIVO","III. DISPONIBILIDAD DE LA INFORMACION",null,null,null,null,null,null,"IV. CLASIFICACIÓN DOCUMENTAL","V. TABLAS DE CONTROL DE ACCESO / PROPIEDAD DEL ACTIVO",null,"VI. VALORACION DEL ACTIVO (CRITICIDAD)",null,null,null,null,null,null,null,null,null,"VII. CLASIFICACIÓN DE LA INFORMACIÓN "]
[null,null,null,null,null,null,null,"Ley 1712 de  2014 Transparencia y acceso a la información pública"]
["ID","PROCESO / SUBPROCESO","NOMBRE O TITULO DEL ACTIVO DE INFORMACIÓN","DESCRIPCION DEL ACTIVO DE INFORMACIÓN","FECHA IDENTIFICACION DEL ACTIVO DE INFORMACIÓN (DD/MM/AAA)","FECHA DE SALIDA DEL ACTIVO DE INFORMACIÓN (DD/MM/AAA)","TIPO DE ACTIVO ","IDIOMA","MEDIO DE CONSERVACIÓN Y/O SOPORTE","FECHA DE GENERACION DE LA INFORMACIÓN","FORMATO VISUALIZACIÓN O CONSULTA","INFORMACION PUBLICADA O DISPONIBLE","FRECUENCIA DE ACTUALIZACION","LUGAR DE CONSULTA","DESCRIPCIÓN  DE LA CATEGORIA DE INFORMACIÓN","LÍDER\n (Nombre del responsable de la Producción de la Información)","CUSTODIO \n(Nombre del responsable de la custodia de la información)","TIPO DE ORIGEN","CONFIDENCIALIDAD","CONFIDENCIALIDAD EXTERNA","INTEGRIDAD","DISPONIBILIDAD","C","I","D","VALORACIÓN","VALOR GENERAL DEL ACTIVO","PROTECCION DE DATOS PERSONALES\nLEY 1581 DE 2012",null,"CLASIFICACIÓN DEL ACTIVO DE ACUERDO A TRANSPARENCIA LEY 1712 DE 2014","OBJETIVO O CONDICIÓN LEGÍTIMA DE LA EXCEPCIÓN","FUNDAMENTO CONSTITUCIONAL O LEGAL","FUNDAMENTO JURÍDICO DE LA EXCEPCIÓN","CLASIFICACIÓN O RESERVA TOTAL O PARCIAL DE LA INFORMACIÓN","FECHA DE LA CALIFICACIÓN\n","PLAZO DE LA CLASIFICACIÓN\nO DE LA RESERVA"]
["Número consecutivo único","Proceso  o subproceso al cual pertenece el activo de información","Registre el nombre a través del cual se identificará el activo de información. ","Registre de manera general que es el activo de información, para que sirve  o para que se usa o requiere.","Identifica el momento en el que se identificó el activo de información que esta siendo inventariado","Identifica el momento en el que se excluye el activo de información del inventario, si aun permanece en el inventario dejar en Blanco","Seleccione a que categoría pertenece el activo de información que ha registrado- consulte la hoja Tipos de Activos para mayor información","Seleccione en que idioma, lengua o dialecto se genera o conserva la información del activo de información","Seleccione de que manera genera, crea, desarrolla o conserva el activo de información.","Identifica el momento desde el cual se creo el activo de información que esta siendo inventariado","Seleccione de que manera se suministra la información en caso de requerir una consulta.","Seleccione en que estado se encuentra la información ","Registre la frecuencia de actualización de la información ","Seleccione a través de que mecanismo se puede consultar la información","Cuando haya identificado la Serie y/o Subserie documental registre la información que dé cuenta sobre la importancia de éstas para la historia, la cultura, o la razón por la cual es relevante para la administración.","Corresponde al nombre del área, dependencia, unidad interna, o al cargo de la persona quien es el responsable o decide sobre el activo de información,  establece controles, lo modifica, crea, cambia, ajusta, elimina o transforma.","Corresponde al nombre del área, dependencia o unidad encargada de la custodia o control de la información para efectos de permitir su acceso. ","Cuenta con Origen Externo?","Ver Hoja Criterios para hacer la valoración del activo en términos de confidencialidad","Evalue la confidencialidad a nivel externo","Ver Hoja Criterios para hacer la valoración del activo en términos de Integridad","Ver Hoja Criterios para hacer la valoración del activo en términos de Disponibilidad","automáticamente se procede a calificar el activo","Column5","Column6","Valoración del Activo automatico","Nivel de Criticidad del Activo automático","Seleccione si ese activo de información almacena o solicita datos personales","Seleccione si ese activo de información almacena o solicita datos semiprivados, privados o sensibles (ver HOJA CRITERIOS - INFORMACION CLASIFICADA)","Se diligencia automáticamente - Nivel de clasificación de la información definida para cada activo, en función de los requisitos legales","Seleccione la excepción por la cual la información es clasificada o reservada, de acuerdo con la Ley","Registre una norma, ley, decreto, circulares, normativas y aspecto legal que sustenta la excepción.","Se diligencia de manera automática según lo seleccionado como \"objetivo o Condición legitima de la excepción\"","Según sea integral o parcial la calificación, las partes o secciones clasificadas o reservadas. ","Registre la fecha DD/MM/AAAA  en la cual se realiza la clasificación de la información como reservada o clasificada.","Se diligencia de manera automática según lo seleccionado como \"objetivo o Condición legitima de la excepción\"."]
[null,"Servicio al Ciudadano","Matriz de Control y segumiento de Peticiones, Quejas, Reclamos, Sugerencias y Denuncias","Instrumento mediante el cual se registra la información de las peticiones, quejas, reclamos, sugerencias o denuncias que ingresan a través de los canales de atención presencial, telefónico o virtual; y que permite la consecusión de mecanismos de seguimiento y control frente al cumplimiento del Procedimiento: SCI-PR-001, así como la elaboración de informes y gestión del proceso.","2019-12-12",null,"Información","Español","Electrónico","2019-05-15","Hoja de calculo","Disponible a solicitud","Diario","Archivos digitales","No Aplica","Subdirector de Unidad Especial Subdirección Administrativa de Financiera","DIRECCIÓN TÉCNICA DE PARTICIPACIÓN, CONTACTO CON LAS VÍCTIMAS Y ENFOQUES DIFERENCIALES","NO","BAJO",null,"BAJO","BAJO",1,1,1,3,"BAJO","NO",null,"PÚBLICA","No tiene excepción de acceso","Toda la Ley 1581 de 2012 \"Por la cual se dictan disposiciones generales para la protección de datos personales\".","Información Pública de conocimiento General","No Aplica","2023-08-30","No Aplica"]
[2,"Servicio al Ciudadano","Plan de Trabajo","Documento mediante el cual se presenta el plan interno de trabajo de Servicio al Ciudadano, que contiene las actividades estratégicas y operativas a desarollar durante una vigencia ","2020-12-12","2022-10-05","Información","Español","Electrónico","2020-01-02","Documento PDF","Publicada","Anual","Portales web propios","No Aplica","Subdirector de Unidad Especial Subdirección Administrativa de Financiera","DIRECCIÓN TÉCNICA DE PARTICIPACIÓN, CONTACTO CON LAS VÍCTIMAS Y ENFOQUES DIFERENCIALES","SI","BAJO","BAJO","MEDIO","MEDIO",2,2,2,6,"MEDIO","NO",null,"PÚBLICA","No tiene excepción de acceso",null,"Información Pública de conocimiento General","No Aplica","2023-08-30","No Aplica"]
[3,"Servicio al Ciudadano","Solicitudes (Peticiones, Quejas, Reclamos, Sugerencias, Denuncias -PQRSD)","Comunicaciones mediante las cuales se manifiestan  peticiones, quejas, reclamos, sugerencias o denuncias, realizadas por diferentes grupos de interés de las cuáles Servicio al Ciudadano deba otorgar una respuesta conforme sus competencias técnicas o funcionales.","2020-12-12",null,"Información","Español y otros","Híbrido: Análogo - electrónico","2022-07-25","Documento PDF","Disponible a solicitud","Mensual","Sistemas de información","El derecho de petición es un derecho constitucional que tiene toda persona para presentar sus solicitudes, y representa un deber legar de la entidad dar respuesta bajo los criterios de oportunidad, calidad e integralidad de la información requerida. Su administración cobra relevancia dado que representa una comunicación oficial que de manera verbal o escrita invoca la garantia de un derecho, por lo cual requiere de un tratamiento normado y procedimentado.","Subdirector de Unidad Especial Subdirección Administrativa de Financiera","DIRECCIÓN TÉCNICA DE PARTICIPACIÓN, CONTACTO CON LAS VÍCTIMAS Y ENFOQUES DIFERENCIALES","NO","MEDIO",null,"MEDIO","MEDIO",2,2,2,6,"MEDIO","SI","Dato Sensible","CLASIFICADA","El derecho de toda persona a la intimidad, bajo las limitaciones propias que impone la condición de servidor publico, en concordancia con lo estipulado por el artículo 24 de la Ley 1437 de 2011.","Toda la Ley 1581 de 2012 \"Por la cual se dictan disposiciones generales para la protección de datos personales\".","Información exceptuada por daño de derechos a personas naturales o jurídicas.\n Articulo 18 Ley 1712 de 2014\nLos que involucren derechos a la privacidad e intimidad de las personas, incluidas en las hojas de vida, la historia laboral y los expedientes pensionales y demás registros de personal que obren en los archivos de las instituciones públicas o privadas, así como la historia clínica, salvo que sean solicitados por los propios interesados o por sus apoderados con facultad expresa para acceder a esa información.\n","Parcial","2023-08-30","Ilimitada, y no deberán aplicarse cuando la persona natural o jurídica ha consentido en la revelación de sus datos personales o privados o bien cuando es claro que la información fue entregada como parte de aquella información que debe estar bajo el régimen de publicidad aplicable"]
[4,"Servicio al Ciudadano","Respuesta a peticiones, quejas, reclamos, sugerencias y denuncias.","Comunicación de respuesta a las solicitudes, peticiones, quejas, reclamos, sugerencias o denuncias otorgadas por Servicio al Ciudadano de acuerdo con las competencias técnicas o funcionales","2020-12-12",null,"Información","Español","Híbrido: Análogo - electrónico; Digital","2022-07-26","Documento PDF","Disponible a solicitud","Mensual","Sistemas de información","El derecho de petición es un derecho constitucional que tiene toda persona para presentar sus solicitudes, y representa un deber legar de la entidad dar respuesta bajo los criterios de oportunidad, calidad e integralidad de la información requerida.\n\nEl acceso a la información contribuye a los mecanismos de relacionamiento entre la entidad y la ciudadanía,  y su administración cobra relevancia para los indicadores de oportunidad en las respuestas y la calidad de las mismas.","Subdirector de Unidad Especial Subdirección Administrativa de Financiera","DIRECCIÓN TÉCNICA DE PARTICIPACIÓN, CONTACTO CON LAS VÍCTIMAS Y ENFOQUES DIFERENCIALES","NO","BAJO",null,"BAJO","BAJO",1,1,1,3,"BAJO","NO",null,"PÚBLICA","No tiene excepción de acceso","Toda la Ley 1581 de 2012 \"Por la cual se dictan disposiciones generales para la protección de datos personales\".","Información Pública de conocimiento General","No Aplica","2023-08-30","No Aplica"]
[5,"Servicio al Ciudadano","Informes de PQRSD por dependencia","Documentos trimestrales a través de los cuales se presentan los avances cualitativos y cualtitativos sobre el comportamiento de las PQRSD que han sido asignadas a las dependencias de Nivel Central o Territorial.","2019-12-12",null,"Información","Español","Electrónico","2019-04-01","Documento PDF","Disponible a solicitud","Trimestral","Archivos digitales","Los informes sobre el comportamiento de las PQRSD representan para las dependencias un insumo importante en la gestión de los procesos, la optimización de flujos de información para la mejora en la oportunidad de las respuestas a los diferentes Grupos de Interés.","Subdirector de Unidad Especial Subdirección Administrativa de Financiera","DIRECCIÓN TÉCNICA DE PARTICIPACIÓN, CONTACTO CON LAS VÍCTIMAS Y ENFOQUES DIFERENCIALES","NO","BAJO",null,"BAJO","BAJO",1,1,1,3,"BAJO","NO",null,"PÚBLICA","No tiene excepción de acceso",null,"Información Pública de conocimiento General","No Aplica","2023-08-30","No Aplica"]
[6,"Servicio al Ciudadano","Informe de percepción sobre las PQRSD","Documento mediante el cual se presentan los resultados de las mediciones de percepción de los diferentes grupos de interés que han interpuesto PQRSD ante la entidad en cumplimiento de las funciones de Servicio al Ciudadano.","2020-12-12",null,"Información","Español","Electrónico","2022-07-01","Documento PDF","Disponible a solicitud","Anual","Archivos digitales","Dada la importancia de conocer la percepción sobre la gestión y respuestas a las PQRSD que la entidad otorga a los diferentes grupos interés, se genera un informe anual que permite el fortalecimiento de los procesos, la mejora continua y las acciones preventivas y correctivas en la materia. ","Subdirector de Unidad Especial Subdirección Administrativa de Financiera","DIRECCIÓN TÉCNICA DE PARTICIPACIÓN, CONTACTO CON LAS VÍCTIMAS Y ENFOQUES DIFERENCIALES","NO","BAJO",null,"BAJO","BAJO",1,1,1,3,"BAJO","NO",null,"PÚBLICA","No tiene excepción de acceso",null,"Información Pública de conocimiento General","No Aplica","2023-08-30","No Aplica"]
[7,"Servicio al Ciudadano","Informes de medición\nde calidad en\nrespuestas a PQRSD","Documentos mediante los cuales se presentan los análisis cuantitativos y cualitativos sobre la calidad de las respuestas a las PQRSD en cumplimiento de las acciones de mejora sobre la gestión de la Unidad.","2022-12-12",null,"Información","Español","Electrónico","2021-05-01","Documento PDF","Disponible a solicitud","Cuatrimestral","Archivos digitales","En cumplimiento de las actividades operativas del plan de acción y plan anticorrupción de atención al ciudadano, la consecución de los informes de calidad de las respuestas a las PQRSD, constituyen un insumo relevante para las acciones de mejora en la proyección de oficios de respuesta a los derechos de petición. ","Subdirector de Unidad Especial Subdirección Administrativa de Financiera","DIRECCIÓN TÉCNICA DE PARTICIPACIÓN, CONTACTO CON LAS VÍCTIMAS Y ENFOQUES DIFERENCIALES","NO","BAJO",null,"BAJO","BAJO",1,1,1,3,"BAJO","NO",null,"PÚBLICA","No tiene excepción de acceso",null,"Información Pública de conocimiento General","No Aplica","2023-08-30","No Aplica"]
[8,"Servicio al Ciudadano","Informe de PQRSD consolidado","Documentos trimestrales a través de los cuales se presentan los avances cualitativos y cualtitativos sobre el comportamiento y gestión de las PQRSD en la Entidad en cumplimiento de la Ley de Transparencia y Acceso a la Información Pública.","2019-12-12",null,"Información","Español","Electrónico","2019-04-01","Documento PDF","Publicada","Trimestral","Portales web propios","La Ley 1712 de 2014 a través de la cual se crea la ley de transparencia y del derecho de acceso a la información pública nacional, requiere a todas las entidades para la publicación abierta de los informes de PQRSD en la temporalidad que defina cada entidad para conocimiento de la Ciudadanía ","Subdirector de Unidad Especial Subdirección Administrativa de Financiera","DIRECCIÓN TÉCNICA DE PARTICIPACIÓN, CONTACTO CON LAS VÍCTIMAS Y ENFOQUES DIFERENCIALES","SI","MEDIO","MEDIO","MEDIO","BAJO",2,2,1,5,"MEDIO","SI","Dato Privado","CLASIFICADA","El derecho de toda persona a la vida, la salud o la seguridad",null,"Información exceptuada por daño de derechos a personas naturales o jurídicas. \nArticulo 18 Ley 1712 de 2014","Parcial","2023-08-30","Ilimitada, y no deberán aplicarse cuando la persona natural o jurídica ha consentido en la revelación de sus datos personales o privados o bien cuando es claro que la información fue entregada como parte de aquella información que debe estar bajo el régimen de publicidad aplicable"]
[9,"Servicio al Ciudadano","Equipo celular (línea 316-2783918)","Equipo de telefónia celular con línea No. 316-2783918 que opera en las instalaciones de Servicio al Ciudadano en la ciudad de Bogotá para la atención de las llamadas de la ciudadanía y Grupos de Interés.","2023-08-30",null,"Soportes de Información","Español y otros","Híbrido: Análogo - electrónico","2019-11-30","Imagen","No disponible, No publicada","No aplica","Sistemas de información","No Aplica","Subdirector de Unidad Especial Subdirección Administrativa de Financiera","DIRECCIÓN TÉCNICA DE PARTICIPACIÓN, CONTACTO CON LAS VÍCTIMAS Y ENFOQUES DIFERENCIALES","NO","BAJO",null,"BAJO","BAJO",1,1,1,3,"BAJO","NO",null,"PÚBLICA","No tiene excepción de acceso","Toda la Ley 1581 de 2012 \"Por la cual se dictan disposiciones generales para la protección de datos personales\".","Información Pública de conocimiento General","No Aplica","2023-08-30","No Aplica"]
[10,"Servicio al Ciudadano","Archivador y/o cajoneras ","Mobiliario de oficina ubicado en la carrera 13 # 27-90 para almacenar documentos en papel o carpetas de archivos.","2023-08-30",null,"Soportes de Información","Español","Análogo","2021-08-30","Imagen","Disponible a solicitud","Anual","Archivo físico","No Aplica","Subdirector de Unidad Especial Subdirección Administrativa de Financiera","Grupo Interno de Trabajo de Servicio al Ciudadano","NO","BAJO",null,"BAJO","BAJO",1,1,1,3,"BAJO","NO",null,"PÚBLICA","No tiene excepción de acceso",null,"Información Pública de conocimiento General","No Aplica","2023-08-30","No Aplica"]
[11,"Seguimiento, Evaluación y Control","Evaluación Independiente del Sistema de Control Interno.\n","Documento de verificación del avance y estado de madurez del Sistema de Control Interno","2020-11-24",null,"Información","Español","Digital; Electrónico","2020-08-25","Documento PDF","Publicada","Semestral","Portales web propios","La serie representa y contiene todas y cada una de las verificaciones,  avances y estados de madurez del Sistema de Control Interno","Jefe de Oficina de Unidad Especial Oficina de Control Interno","OFICINA DE CONTROL INTERNO","NO","BAJO",null,"ALTO","MEDIO",1,3,2,6,"MEDIO","NO",null,"PÚBLICA","No tiene excepción de acceso",null,"Información Pública de conocimiento General","No Aplica","2023-10-30","No Aplica "]
[12,"Seguimiento, Evaluación y Control","Certificado de diligenciamiento FURAG","Documento que certifica el diligenciamiento satisfactorio del formulario FURAG.","2021-12-06",null,"Información","Español","Digital","2021-03-24","Documento PDF","Publicada","Anual","Portales web propios","La serie representa y contiene todos y cada uno de los ejercicios de diligenciamiento del Formulario Único de Reporte y Avance a la Gestión- a través del aplicativo FURAG, la certificación es generada por el DAFP una vez se finalice de forma satisfactoria con el diligenciamiento, se realiza anualmente.","Jefe de Oficina de Unidad Especial Oficina de Control Interno","OFICINA DE CONTROL INTERNO","SI","BAJO","BAJO","ALTO","MEDIO",1,3,2,6,"MEDIO","NO",null,"PÚBLICA","No tiene excepción de acceso",null,"Información Pública de conocimiento General","No Aplica","2023-10-30","No Aplica "]
[13,"Seguimiento, Evaluación y Control","Informe de seguimiento Mapa de Riesgos de Corrupción y Plan Anticorrupción y de Atención al Ciudadano.","Documento que evidencia el seguimiento al  Mapa de Riesgos de Corrupción y los componentes del Plan Anticorrupción y Atención al Ciudadano.","2020-11-24",null,"Información","Español","Híbrido: Análogo - digital; Electrónico","2019-05-11","Documento PDF; Papel; Hoja de calculo","Publicada","Cuatrimestral","Portales web propios","La serie representa y contiene todos y cada uno de los seguimientos a las estrategias del Plan Anticorrupción y Atención al Ciudadano se elabora cada cuatro meses en la UBPD.","Jefe de Oficina de Unidad Especial Oficina de Control Interno","OFICINA DE CONTROL INTERNO","NO","BAJO",null,"ALTO","MEDIO",1,3,2,6,"MEDIO","NO",null,"PÚBLICA","No tiene excepción de acceso",null,"Información Pública de conocimiento General","No Aplica","2023-10-30","No Aplica "]
[14,"Seguimiento, Evaluación y Control","Índice de Transparencia y Acceso a la Información -ITA- ","Documento de  Reporte de Cumplimiento ITA generado desde el portal ITA de la Procuraduría General de la Nación PGN, su periodicidad es Anual.","2020-11-24",null,"Información","Español","Híbrido: Análogo - digital","2019-05-22","Documento PDF; Papel","Publicada","Anual","Portales web propios","La serie representa y contiene todos y cada uno de los ejercicios de reporte de Cumplimiento ITA generado desde el portal ITA de la Procuraduría General de la Nación PGN, su periodicidad es Anual.","Jefe de Oficina de Unidad Especial Oficina de Control Interno","OFICINA DE CONTROL INTERNO","SI","BAJO","BAJO","ALTO","MEDIO",1,3,2,6,"MEDIO","NO",null,"PÚBLICA","No tiene excepción de acceso",null,"Información Pública de conocimiento General","No Aplica","2023-10-30","No Aplica "]
[15,"Seguimiento, Evaluación y Control","Certificación Reporte del informe de uso legal de software","Documento de Certificación de Presentación del Informe de Software Legal, generada desde el portal de la Dirección Nacional de Derechos de Autor DNDA, su periodicidad es Anual.","2020-11-24",null,"Información","Español","Híbrido: Análogo - digital","2019-03-07","Documento PDF; Papel","Publicada","Anual","Archivos digitales","La serie representa y contiene todos y cada una de las presentaciónes del Informe de Software Legal, la certificación es generada desde el portal de la Dirección Nacional de Derechos de Autor DNDA, su periodicidad es Anual.","Jefe de Oficina de Unidad Especial Oficina de Control Interno","OFICINA DE CONTROL INTERNO","SI","BAJO","BAJO","ALTO","MEDIO",1,3,2,6,"MEDIO","NO",null,"PÚBLICA","No tiene excepción de acceso",null,"Información Pública de conocimiento General","No Aplica","2023-10-30","No Aplica "]
[16,"Seguimiento, Evaluación y Control","Certificación de recepción en el Sistema Consolidador de Hacienda e Información Publica CHIP ","Documento de Evaluacion de Control interno Contable, se presenta mediante el diligenciamiento y reporte del formulario, por medio del cual se hacen las valoraciones cuantitativa y cualitativa (establecido por la Contaduría General de la Nación).","2020-11-24",null,"Información","Español","Digital","2019-03-30","Documento PDF","Disponible a solicitud","Anual","Archivos digitales","La serie representa y contiene todos y cada uno de los ejericios de  recepción en el Sistema Consolidador de Hacienda e Información Publica CHIP, la certifiocación es generada desde el portal de la Contaduria General de la Nacion CGN.","Jefe de Oficina de Unidad Especial Oficina de Control Interno","OFICINA DE CONTROL INTERNO","SI","BAJO","BAJO","ALTO","MEDIO",1,3,2,6,"MEDIO","NO",null,"PÚBLICA","No tiene excepción de acceso",null,"Información Pública de conocimiento General","No Aplica","2023-10-30","No Aplica "]
[17,"Seguimiento, Evaluación y Control","Informe sobre Cumplimiento de Medidas de Austeridad y Eficacia en el Gasto Público.","Documento de seguimiento al cumplimiento de medidas de austeridad y eficiencia en el gasto público de la UBPD.","2020-11-24",null,"Información","Español","Híbrido: Análogo - digital; Electrónico","2019-04-30","Papel; Documento PDF","Publicada","Trimestral","Portales web propios","La serie representa y contiene todos y cada uno de los seguimientos al cumplimiento de medidas de austeridad y eficiencia en el gasto público de la UBPD.","Jefe de Oficina de Unidad Especial Oficina de Control Interno","OFICINA DE CONTROL INTERNO","NO","BAJO",null,"ALTO","MEDIO",1,3,2,6,"MEDIO","NO",null,"PÚBLICA","No tiene excepción de acceso",null,"Información Pública de conocimiento General","No Aplica","2023-10-30","No Aplica "]
[18,"Seguimiento, Evaluación y Control","Informe  sobre Atención a Quejas, Sugerencias y Reclamos de la Ciudadanía.","Documento de seguimiento semestral sobre atención de quejas sugerencias y reclamos de la ciudadanía relacionados con la misión de la UBPD.","2020-11-24",null,"Información","Español","Híbrido: Análogo - digital; Electrónico","2019-07-23","Documento PDF; Papel","Publicada","Semestral","Portales web propios","La serie representa y contiene todos y cada uno de los seguimientos semestrales sobre atención de quejas sugerencias y reclamos de la ciudadanía relacionados con la misión de la UBPD.","Jefe de Oficina de Unidad Especial Oficina de Control Interno","OFICINA DE CONTROL INTERNO","NO","BAJO",null,"ALTO","MEDIO",1,3,2,6,"MEDIO","NO",null,"PÚBLICA","No tiene excepción de acceso",null,"Información Pública de conocimiento General","No Aplica","2023-10-30","No Aplica "]
[19,"Seguimiento, Evaluación y Control","Certificación de verificación usuarios, procesos judiciales y conciliaciones prejudiciales E-kogui","Documento de seguimiento semestral sobre el cumplimiento de las obligaciones frente al sistema único de gestión e información litigiosa del estado - EKOGUI.","2020-11-24",null,"Información","Español","Electrónico; Digital","2021-08-18","Documento PDF","Publicada","Semestral","Portales web propios","La serie representa y contiene todos y cada uno de los seguimientos semestrales sobre el cumplimiento de las obligaciones frente al sistema único de gestión e información litigiosa del estado - EKOGUI.","Jefe de Oficina de Unidad Especial Oficina de Control Interno","OFICINA DE CONTROL INTERNO","NO","BAJO",null,"ALTO","MEDIO",1,3,2,6,"MEDIO","NO",null,"PÚBLICA","No tiene excepción de acceso",null,"Información Pública de conocimiento General","No Aplica","2023-10-30","No Aplica "]
[20,"Seguimiento, Evaluación y Control","Seguimiento SIGEP","Documento de seguimiento al registro y la actualización de la Información ingresada por los servidores públicos de la UBPD en la plataforma SIGEP, relacionado con los módulos de hoja de vida y declaración de bienes y rentas. ","2020-11-24",null,"Información","Español","Híbrido: Análogo - digital; Electrónico","2019-07-31","Documento PDF; Papel","Publicada","Anual","Portales web propios","La serie representa y contiene todos y cada uno de los seguimientos al registro y la actualización de la Información ingresada por los servidores públicos de la UBPD en la plataforma SIGEP, relacionado con los módulos de hoja de vida y declaración de bienes y rentas. ","Jefe de Oficina de Unidad Especial Oficina de Control Interno","OFICINA DE CONTROL INTERNO","NO","BAJO",null,"ALTO","MEDIO",1,3,2,6,"MEDIO","NO",null,"PÚBLICA","No tiene excepción de acceso",null,"Información Pública de conocimiento General","No Aplica","2023-10-30","No Aplica "]
[21,"Seguimiento, Evaluación y Control","Seguimiento Plan de Acción","Documento de seguimiento y evaluación al Plan de Acción de la UBPD.","2020-11-24",null,"Información","Español","Híbrido: Análogo - digital; Electrónico","2019-05-30","Documento PDF; Papel","Publicada","Trimestral","Portales web propios","La serie representa y contiene todos y cada uno de los seguimientos y evaluaciónes al  Plan de Acción de la UBPD.","Jefe de Oficina de Unidad Especial Oficina de Control Interno","OFICINA DE CONTROL INTERNO","NO","BAJO",null,"ALTO","MEDIO",1,3,2,6,"MEDIO","NO",null,"PÚBLICA","No tiene excepción de acceso",null,"Información Pública de conocimiento General","No Aplica","2023-10-30","No Aplica "]
[22,"Seguimiento, Evaluación y Control","Seguimiento al Sistema de Gestión de Seguridad y Salud en el Trabajo –SG-SST","Documento de seguimiento y evaluación del Sistema de Gestión de la Seguridad y Salud en el Trabajo SG-SST","2020-11-24",null,"Información","Español","Híbrido: Análogo - digital; Electrónico","2019-12-15","Documento PDF; Papel","Publicada","Anual","Portales web propios","La serie representa y contiene todos y cada uno de los seguimientos y evaluaciónes del Sistema de Gestión de la Seguridad y Salud en el Trabajo SG-SST","Jefe de Oficina de Unidad Especial Oficina de Control Interno","OFICINA DE CONTROL INTERNO","NO","BAJO",null,"ALTO","MEDIO",1,3,2,6,"MEDIO","NO",null,"PÚBLICA","No tiene excepción de acceso",null,"Información Pública de conocimiento General","No Aplica","2023-10-30","No Aplica "]
[23,"Seguimiento, Evaluación y Control","Informe de Constitución y Ejecución de Cajas Menores.","Documento de seguimiento a la Caja Menor de Adquisición de Bienes y Servicios, el arqueo y la verificación de los soportes registrados en el Sistema Integrado de Información Financiera SIIF.","2020-11-24",null,"Información","Español","Electrónico; Digital","2021-08-23","Documento PDF","Publicada","Semestral","Portales web propios","La serie representa y contiene todos y cada uno de los seguimientos a la Caja Menor de Adquisición de Bienes y Servicios, arqueos y las verificaciónes de los soportes registrados en el Sistema Integrado de Información Financiera SIIF.","Jefe de Oficina de Unidad Especial Oficina de Control Interno","OFICINA DE CONTROL INTERNO","NO","BAJO",null,"ALTO","MEDIO",1,3,2,6,"MEDIO","NO",null,"PÚBLICA","No tiene excepción de acceso",null,"Información Pública de conocimiento General","No Aplica","2023-10-30","No Aplica "]
[24,"Seguimiento, Evaluación y Control","Seguimiento a la Ejecución Presupuestal y Proyectos de Inversión.","Documento de análisis ejecutivo de la ejecución presupuestal de la UBPD.","2020-11-24",null,"Información","Español","Electrónico; Digital","2021-02-28","Documento PDF","Publicada","Semestral","Portales web propios","La serie representa y contiene todos y cada uno de los análisis ejecutivos de la ejecución presupuestal de la UBPD.","Jefe de Oficina de Unidad Especial Oficina de Control Interno","OFICINA DE CONTROL INTERNO","NO","BAJO",null,"ALTO","MEDIO",1,3,2,6,"MEDIO","NO",null,"PÚBLICA","No tiene excepción de acceso",null,"Información Pública de conocimiento General","No Aplica","2023-10-30","No Aplica "]
[25,"Seguimiento, Evaluación y Control","Actas del Comité de Coordinación\nInstitucional de Control Interno de la Unidad de Busqueda de Personas dadas por desaparecidas en el contexto y en razon del conflicto armando (UBPD)","Documento resultado de la memoria de las sesiones celebradas del comité de control interno conformado bajo la Resolución 056 de 2019.","2020-11-24",null,"Información","Español","Híbrido: Análogo - digital; Electrónico","2019-02-19","Documento PDF; Papel","Disponible a solicitud","Mensual","Archivos digitales","La serie representa y contiene todas y cada una de las memorias y soportes  de las sesiones celebradas del comité de control interno conformado bajo la Resolución 056 de 2019.","Jefe de Oficina de Unidad Especial Oficina de Control Interno","OFICINA DE CONTROL INTERNO","NO","BAJO",null,"ALTO","MEDIO",1,3,2,6,"MEDIO","NO",null,"PÚBLICA","No tiene excepción de acceso",null,"Información Pública de conocimiento General","No Aplica","2023-10-30","No Aplica "]
[26,"Seguimiento, Evaluación y Control","Informes Preliminares de Auditorías","Documento que contiene el resultado preliminar de las auditorías internas realizadas por la oficina en las diferentes dependencias de la UBPD.","2020-11-24",null,"Información","Español","Híbrido: Análogo - digital; Electrónico","2019-01-02","Documento PDF; Papel","Disponible a solicitud","Por demanda","Archivos digitales","La serie representa y contiene todos y cada uno de los resultados preliminares de las auditorías internas realizadas por la oficina en las diferentes dependencias de la UBPD.","Jefe de Oficina de Unidad Especial Oficina de Control Interno","OFICINA DE CONTROL INTERNO","NO","BAJO",null,"ALTO","MEDIO",1,3,2,6,"MEDIO","NO",null,"PÚBLICA","No tiene excepción de acceso",null,"Información Pública de conocimiento General","No Aplica","2023-10-30","No Aplica "]
[27,"Seguimiento, Evaluación y Control","Informes de Seguimiento","Documento que contiene el resultado de los seguimientos y evaluaciones  realizadas por la oficina en las diferentes dependencias de la UBPD.","2020-11-24",null,"Información","Español","Híbrido: Análogo - digital; Electrónico","2019-01-31","Documento PDF; Papel","Publicada","Por demanda","Archivos digitales","La serie representa y contiene todos y cada uno de los resultados de los seguimientos y evaluaciones  realizadas por la oficina en las diferentes dependencias de la UBPD.","Jefe de Oficina de Unidad Especial Oficina de Control Interno","OFICINA DE CONTROL INTERNO","NO","BAJO",null,"ALTO","MEDIO",1,3,2,6,"MEDIO","NO",null,"PÚBLICA","No tiene excepción de acceso",null,"Información Pública de conocimiento General","No Aplica","2023-10-30","No Aplica "]
[28,"Seguimiento, Evaluación y Control","Plan Anual de Auditorías y Seguimientos","Documento que contiene las actividades planificadas y desarrolladas en una vigencia por la Oficina de Control Interno, de acuerdo, a cada uno de sus roles normativos.","2020-11-24",null,"Información","Español","Híbrido: Análogo - digital; Electrónico","2019-02-19","Documento PDF; Papel","Publicada","Anual","Portales web propios","La serie representa y contiene todas y cada una de las actividades planificadas y desarrolladas anualmente por la Oficina de Control Interno, de acuerdo, a cada uno de sus roles normativos.","Jefe de Oficina de Unidad Especial Oficina de Control Interno","OFICINA DE CONTROL INTERNO","NO","BAJO",null,"ALTO","MEDIO",1,3,2,6,"MEDIO","NO",null,"PÚBLICA","No tiene excepción de acceso",null,"Información Pública de conocimiento General","No Aplica","2023-10-30","No Aplica "]
[29,"Seguimiento, Evaluación y Control","Planes de Mejoramiento","Documento que contiene la Formulación de planes de mejoramiento con base en la identificación de oportunidades de mejora y hallazgos como resultado de auditorías internas o externas, seguimientos y evaluaciones de la Oficina de Control Interno, así como los ejercicios de autoevaluación y/o autocontrol realizados por los responsables de los procesos o dependencias, con el propósito de corregir las desviaciones encontradas en el Sistema de Control Interno y en la gestión de los procesos.","2020-11-24",null,"Información","Español","Híbrido: Análogo - digital; Electrónico","2019-02-01","Hoja de calculo; Documento PDF","Publicada","Por demanda","Portales web propios","La serie representa y contiene todos y cada uno de los ejericios de formulación de planes de mejoramiento con base en la identificación de oportunidades de mejora y hallazgos como resultado de auditorías internas o externas, seguimientos y evaluaciones de la Oficina de Control Interno, así como los ejercicios de autoevaluación y/o autocontrol realizados por los responsables de los procesos o dependencias, con el propósito de corregir las desviaciones encontradas en el Sistema de Control Interno y en la gestión de los procesos.","Jefe de Oficina de Unidad Especial Oficina de Control Interno","OFICINA DE CONTROL INTERNO","NO","BAJO",null,"ALTO","MEDIO",1,3,2,6,"MEDIO","NO",null,"PÚBLICA","No tiene excepción de acceso",null,"Información Pública de conocimiento General","No Aplica","2023-10-30","No Aplica "]
[30,"Seguimiento, Evaluación y Control","Informe de Seguimiento Ambiental.","Documento que contiene el seguimiento a la implementación de medidas, programas y estrategias ambientales en la UBPD, de acuerdo a la normatividad legal vigente en los aspectos relacionados con ahorro de energia, agua y consumo de papel, disposición de residuos sólidos y vertimentos, reciclaje y actividades de control de riesgos ambientales.","2020-11-24","2021-12-06","Información","Español","Híbrido: Análogo - digital; Electrónico","2019-11-29","Documento PDF; Papel","Publicada","Anual","Portales web propios","La serie representa y contiene todos y cada uno de los seguimientos a la implementación del Sistema de Gestión Ambiental de la UBPD.","Jefe de Oficina de Unidad Especial Oficina de Control Interno","OFICINA DE CONTROL INTERNO","NO","BAJO",null,"ALTO","MEDIO",1,3,2,6,"MEDIO","NO",null,"PÚBLICA","No tiene excepción de acceso",null,"Información Pública de conocimiento General","No Aplica","2023-10-30","No Aplica "]
[31,"Seguimiento, Evaluación y Control","Derechos de Petición","Documento realizado de forma individual o colectivo para solicitar o reclamar, por razones de interés público o individual.","2022-10-14",null,"Información","Español","Electrónico","2021-04-26","Documento PDF","Disponible a solicitud","Por demanda","Archivos digitales","La serie representa y contiene todos y cada uno de los Derechos de Peticion presentados ante la UBPD.","Jefe de Oficina de Unidad Especial Oficina de Control Interno","OFICINA DE CONTROL INTERNO","NO","MEDIO",null,"ALTO","MEDIO",2,3,2,7,"MEDIO","NO",null,"CLASIFICADA","El derecho de toda persona a la vida, la salud o la seguridad","Literales a) y c), Numeral 1, Artículo 5, Decreto Ley 0589 de 2017.","Información exceptuada por daño de derechos a personas naturales o jurídicas. \nArticulo 18 Ley 1712 de 2014","Parcial","2022-09-07","Ilimitada, y no deberán aplicarse cuando la persona natural o jurídica ha consentido en la revelación de sus datos personales o privados o bien cuando es claro que la información fue entregada como parte de aquella información que debe estar bajo el régimen de publicidad aplicable"]
[32,"Seguimiento, Evaluación y Control","Memorando de Encargo","Documento que contiene el encargo de Auditoria Interna al equipo auditor.","2022-11-09",null,"Información","Español","Híbrido: Análogo - digital; Electrónico","2019-01-02","Documento PDF; Papel","Disponible a solicitud","Por demanda","Archivos digitales","La serie representa y contiene todos y cada uno de los comunicados de encargo de auditorias internas al equipo de auditoria respectivo.","Jefe de Oficina de Unidad Especial Oficina de Control Interno","OFICINA DE CONTROL INTERNO","NO","BAJO",null,"ALTO","MEDIO",1,3,2,6,"MEDIO","NO",null,"PÚBLICA","No tiene excepción de acceso",null,"Información Pública de conocimiento General","No Aplica","2023-10-30","No Aplica "]
[33,"Seguimiento, Evaluación y Control","Estudio Preliminar\n","Documento que contiene el estudio preliminar de las condiciones del(los) proceso(s) que seran objeto de auditoria interna.","2022-11-09",null,"Información","Español","Electrónico","2019-01-02","Documento de Texto","Disponible a solicitud","Por demanda","Archivos digitales","La serie representa y contiene todos y cada uno de los estudio preliminares del estado o condicion del(los) proceso(s) objeto de auditoria interna.","Jefe de Oficina de Unidad Especial Oficina de Control Interno","OFICINA DE CONTROL INTERNO","NO","BAJO",null,"ALTO","MEDIO",1,3,2,6,"MEDIO","NO",null,"PÚBLICA","No tiene excepción de acceso",null,"Información Pública de conocimiento General","No Aplica","2023-10-30","No Aplica "]
[34,"Seguimiento, Evaluación y Control","Plan de Trabajo\n","Documento que contiene el plan y/o la programacion general de las etapas del proceso de auditoria interna.","2022-11-09",null,"Información","Español","Electrónico","2019-01-02","Hoja de calculo","Disponible a solicitud","Por demanda","Archivos digitales","La serie representa y contiene todos y cada uno de los planes y/o progamaciones de las etapas de los procedimiento de auditoria interna.","Jefe de Oficina de Unidad Especial Oficina de Control Interno","OFICINA DE CONTROL INTERNO","NO","BAJO",null,"ALTO","MEDIO",1,3,2,6,"MEDIO","NO",null,"PÚBLICA","No tiene excepción de acceso",null,"Información Pública de conocimiento General","No Aplica","2023-10-30","No Aplica "]
[35,"Seguimiento, Evaluación y Control","Comunicación Inicio de Auditoria\n","Documento que contiene la comunicación del inicio del procedimiento de auditoria interna a los procesos.","2022-11-09",null,"Información","Español","Híbrido: Análogo - electrónico; Digital","2019-01-02","Documento de Texto; Papel; Documento PDF","Disponible a solicitud","Por demanda","Archivos digitales","La serie representa y contiene todos y cada uno de los comunicados de inicio de procedimientos de auditoria interna a los procesos.","Jefe de Oficina de Unidad Especial Oficina de Control Interno","OFICINA DE CONTROL INTERNO","NO","BAJO",null,"ALTO","MEDIO",1,3,2,6,"MEDIO","NO",null,"PÚBLICA","No tiene excepción de acceso",null,"Información Pública de conocimiento General","No Aplica","2023-10-30","No Aplica "]
[36,"Seguimiento, Evaluación y Control","Formato Carta de Representacion\n","Documento que contiene la manifestación de los procesos objeto de auditoria interna, en cuanto a las responsabilidades de la información entregada al equipo auditor.","2022-11-09",null,"Información","Español","Híbrido: Análogo - electrónico; Digital","2019-01-02","Documento de Texto; Papel; Documento PDF","Disponible a solicitud","Por demanda","Archivos digitales","La serie representa y contiene todos y cada uno de las cartas de representacion y de manifestacion de las responsabillidades de la informacion suminustrada al equipo auditor.","Jefe de Oficina de Unidad Especial Oficina de Control Interno","OFICINA DE CONTROL INTERNO","NO","BAJO",null,"ALTO","MEDIO",1,3,2,6,"MEDIO","NO",null,"PÚBLICA","No tiene excepción de acceso",null,"Información Pública de conocimiento General","No Aplica","2023-10-30","No Aplica "]
[37,"Seguimiento, Evaluación y Control","Declaracion de Independencia\n","Documento que contiene la declaración de cada uno de los auditores internos, en cuanto a independencia y conflictos de interes.","2022-11-09",null,"Información","Español","Híbrido: Análogo - electrónico; Digital","2019-01-02","Documento de Texto; Papel; Documento PDF","Disponible a solicitud","Por demanda","Archivos digitales","La serie representa y contiene todos y cada uno de las declaraciones de de los auditores internos, en cuanto a independencia y conflictos de interes.","Jefe de Oficina de Unidad Especial Oficina de Control Interno","OFICINA DE CONTROL INTERNO","NO","BAJO",null,"ALTO","MEDIO",1,3,2,6,"MEDIO","NO",null,"PÚBLICA","No tiene excepción de acceso",null,"Información Pública de conocimiento General","No Aplica","2023-10-30","No Aplica "]
[38,"Seguimiento, Evaluación y Control","Lista de Asistencia\n","Documento que contiene los listados de asistencia a cada una de las reuniones realizadas durante el desarrollo del procedimiento de auditoria interna.","2022-11-09",null,"Información","Español","Híbrido: Análogo - electrónico; Digital","2019-01-02","Papel; Hoja de calculo","Disponible a solicitud","Por demanda","Archivos digitales","La serie representa y contiene todos y cada uno de las listas de asistencia de cada una de las reuniones realizadas durante el desarrollo del procedimiento de auditoria interna.","Jefe de Oficina de Unidad Especial Oficina de Control Interno","OFICINA DE CONTROL INTERNO","NO","BAJO",null,"ALTO","MEDIO",1,3,2,6,"MEDIO","NO",null,"PÚBLICA","No tiene excepción de acceso",null,"Información Pública de conocimiento General","No Aplica","2023-10-30","No Aplica "]
[39,"Seguimiento, Evaluación y Control","Memorando Remisorio del Informe Preliminar\n","Documento que contiene el memorando de remisión del informe preliminar de auditoria a los procesos objeto de auditoria interna.","2022-11-09",null,"Información","Español","Híbrido: Análogo - electrónico; Digital","2019-01-02","Papel; Documento de Texto; Documento PDF","Disponible a solicitud","Por demanda","Archivos digitales","La serie representa y contiene todos y cada uno de los memorandos de remision de los informes preliminares de auditoria a los procesos objeto de auditoria interna.","Jefe de Oficina de Unidad Especial Oficina de Control Interno","OFICINA DE CONTROL INTERNO","NO","BAJO",null,"ALTO","MEDIO",1,3,2,6,"MEDIO","NO",null,"PÚBLICA","No tiene excepción de acceso",null,"Información Pública de conocimiento General","No Aplica","2023-10-30","No Aplica "]
[40,"Seguimiento, Evaluación y Control","Memorando Remisorio del Informe Final\n","Documento que contiene el memorando de remisión del informe final de auditoria a los procesos objeto de auditoria interna.","2022-11-09",null,"Información","Español","Híbrido: Análogo - electrónico; Digital","2019-01-02","Papel; Documento de Texto; Documento PDF","Disponible a solicitud","Por demanda","Archivos digitales","La serie representa y contiene todos y cada uno de los memorandos de remision de los informes finales de auditoria a los procesos objeto de auditoria interna.","Jefe de Oficina de Unidad Especial Oficina de Control Interno","OFICINA DE CONTROL INTERNO","NO","BAJO",null,"ALTO","MEDIO",1,3,2,6,"MEDIO","NO",null,"PÚBLICA","No tiene excepción de acceso",null,"Información Pública de conocimiento General","No Aplica","2023-10-30","No Aplica "]
[41,"Seguimiento, Evaluación y Control","Informes Finales de Auditorías","Documento que contiene el resultado final de las auditorías internas realizadas por la oficina en las diferentes dependencias de la UBPD.","2022-11-09",null,"Información","Español","Híbrido: Análogo - digital; Electrónico","2019-01-02","Documento PDF; Papel","Publicada","Por demanda","Archivos digitales","La serie representa y contiene todos y cada uno de los resultados finales de las auditorías internas realizadas por la oficina en las diferentes dependencias de la UBPD.","Jefe de Oficina de Unidad Especial Oficina de Control Interno","OFICINA DE CONTROL INTERNO","NO","BAJO",null,"ALTO","MEDIO",1,3,2,6,"MEDIO","NO",null,"PÚBLICA","No tiene excepción de acceso",null,"Información Pública de conocimiento General","No Aplica","2023-10-30","No Aplica "]
[42,"Seguimiento, Evaluación y Control","Memorando Remisorio del Informe Ejecutivo\n","Documento que contiene el memorando de remisión del informe ejecutivo de auditoria a la Direccion General.","2022-11-09",null,"Información","Español","Híbrido: Análogo - electrónico; Digital","2019-01-02","Papel; Documento de Texto; Documento PDF","Disponible a solicitud","Por demanda","Archivos digitales","La serie representa y contiene todos y cada uno de los memorandos de remision de los informes ejecutivos de auditoria a la Direccion General.","Jefe de Oficina de Unidad Especial Oficina de Control Interno","OFICINA DE CONTROL INTERNO","NO","BAJO",null,"ALTO","MEDIO",1,3,2,6,"MEDIO","NO",null,"PÚBLICA","No tiene excepción de acceso",null,"Información Pública de conocimiento General","No Aplica","2023-10-30","No Aplica "]
[43,"Seguimiento, Evaluación y Control","Informes Ejecutivos de Auditorías","Documento que contiene el resultado ejecutivo y final de las auditorías internas realizadas por la oficina en las diferentes dependencias de la UBPD, con destino a la Direccion General.","2022-11-09",null,"Información","Español","Híbrido: Análogo - electrónico; Digital","2019-01-02","Papel; Documento de Texto; Documento PDF","Disponible a solicitud","Por demanda","Archivos digitales","La serie representa y contiene todos y cada uno de los resultados ejecutivos y finales de las auditorías internas realizadas por la oficina en las diferentes dependencias de la UBPD, con destino a la Direccion General.","Jefe de Oficina de Unidad Especial Oficina de Control Interno","OFICINA DE CONTROL INTERNO","NO","BAJO",null,"ALTO","MEDIO",1,3,2,6,"MEDIO","NO",null,"PÚBLICA","No tiene excepción de acceso",null,"Información Pública de conocimiento General","No Aplica","2023-10-30","No Aplica "]
[44,"Seguimiento, Evaluación y Control","Plan de Trabajo","Documento que contiene el plan y/o la programación general de las etapas del proceso de seguimiento Interno y/o Externo.","2022-11-09",null,"Información","Español","Electrónico","2019-01-02","Hoja de calculo","Disponible a solicitud","Por demanda","Archivos digitales","La serie representa y contiene todos y cada uno de los planes y/o progamaciones de las etapas de los seguimientos Internos y/o Externos.","Jefe de Oficina de Unidad Especial Oficina de Control Interno","OFICINA DE CONTROL INTERNO","NO","BAJO",null,"ALTO","MEDIO",1,3,2,6,"MEDIO","NO",null,"PÚBLICA","No tiene excepción de acceso",null,"Información Pública de conocimiento General","No Aplica","2023-10-30","No Aplica "]
[45,"Seguimiento, Evaluación y Control","Comunicación de Inicio de Seguimiento","Documento que contiene la comunicación del inicio del procedimiento de seguimento Interno y/o Externo.","2022-11-09",null,"Información","Español","Híbrido: Análogo - electrónico; Digital","2019-01-02","Papel; Documento de Texto; Documento PDF","Disponible a solicitud","Por demanda","Archivos digitales","La serie representa y contiene todos y cada uno de los comunicados de inicio de procedimientos de seguimientos Internos y/o Externos.","Jefe de Oficina de Unidad Especial Oficina de Control Interno","OFICINA DE CONTROL INTERNO","NO","BAJO",null,"ALTO","MEDIO",1,3,2,6,"MEDIO","NO",null,"PÚBLICA","No tiene excepción de acceso",null,"Información Pública de conocimiento General","No Aplica","2023-10-30","No Aplica "]
[46,"Seguimiento, Evaluación y Control","Solicitudes de Información","Documento que contiene las solicitudes de información realizadas a los procesos objeto de seguimiento Interno y/o Externo.","2022-11-09",null,"Información","Español","Electrónico","2019-01-02","HTML","Disponible a solicitud","Por demanda","Archivos digitales","La serie representa y contiene todos y cada una de las solicitudes de informacion realizadas a los procesos objeto de seguimientos Internos y/o Externos.","Jefe de Oficina de Unidad Especial Oficina de Control Interno","OFICINA DE CONTROL INTERNO","NO","BAJO",null,"ALTO","MEDIO",1,3,2,6,"MEDIO","NO",null,"PÚBLICA","No tiene excepción de acceso",null,"Información Pública de conocimiento General","No Aplica","2023-10-30","No Aplica "]
[47,"Seguimiento, Evaluación y Control","Respuestas a las Solicitudes de Información","Documento que contiene las respuestas dadas por los procesos a las solicitudes de información realizadas en el marco del seguimiento Interno y/o Externo.","2022-11-09",null,"Información","Español","Electrónico","2019-01-02","HTML","Disponible a solicitud","Por demanda","Archivos digitales","La serie representa y contiene todos y cada una de las respuestas dadas por los procesos a las solicitudes de informacion realizadas en el marco de los seguimientos Internos y/o Externos.","Jefe de Oficina de Unidad Especial Oficina de Control Interno","OFICINA DE CONTROL INTERNO","NO","BAJO",null,"ALTO","MEDIO",1,3,2,6,"MEDIO","NO",null,"PÚBLICA","No tiene excepción de acceso",null,"Información Pública de conocimiento General","No Aplica","2023-10-30","No Aplica "]
[48,"Seguimiento, Evaluación y Control","Memorando Remisorio del Informe de Seguimiento","Documento que contiene el memorando de remisión del informe final de seguimiento Interno y/o Externo.","2022-11-09",null,"Información","Español","Híbrido: Análogo - electrónico; Digital","2019-01-02","Papel; Documento de Texto; Documento PDF","Disponible a solicitud","Por demanda","Archivos digitales","La serie representa y contiene todos y cada uno de los memorandos de remision de los informes finales de seguimientos Internos y/o Externos.","Jefe de Oficina de Unidad Especial Oficina de Control Interno","OFICINA DE CONTROL INTERNO","NO","BAJO",null,"ALTO","MEDIO",1,3,2,6,"MEDIO","NO",null,"PÚBLICA","No tiene excepción de acceso",null,"Información Pública de conocimiento General","No Aplica","2023-10-30","No Aplica "]
[49,"Seguimiento, Evaluación y Control","Plan de Trabajo","Documento que contiene el plan y/o la programacion general de las etapas del proceso de seguimiento Interno.","2022-11-09",null,"Información","Español","Electrónico","2019-01-02","Hoja de calculo","Disponible a solicitud","Por demanda","Archivos digitales","La serie representa y contiene todos y cada uno de los planes y/o progamaciones de las etapas de los seguimientos Internos.","Jefe de Oficina de Unidad Especial Oficina de Control Interno","OFICINA DE CONTROL INTERNO","NO","BAJO",null,"ALTO","MEDIO",1,3,2,6,"MEDIO","NO",null,"PÚBLICA","No tiene excepción de acceso",null,"Información Pública de conocimiento General","No Aplica","2023-10-30","No Aplica "]
[50,"Seguimiento, Evaluación y Control","Comunicación de Inicio de Seguimiento","Documento que contiene la comunicación del inicio del procedimiento de seguimento Interno.","2022-11-09",null,"Información","Español","Híbrido: Análogo - electrónico; Digital","2019-01-02","Papel; Documento de Texto; Documento PDF","Disponible a solicitud","Por demanda","Archivos digitales","La serie representa y contiene todos y cada uno de los comunicados de inicio de procedimientos de seguimientos Internos.","Jefe de Oficina de Unidad Especial Oficina de Control Interno","OFICINA DE CONTROL INTERNO","NO","BAJO",null,"ALTO","MEDIO",1,3,2,6,"MEDIO","NO",null,"PÚBLICA","No tiene excepción de acceso",null,"Información Pública de conocimiento General","No Aplica","2023-10-30","No Aplica "]
[51,"Seguimiento, Evaluación y Control","Solicitudes de Información","Documento que contiene las solicitudes de informacion realizadas a los procesos objeto de seguimiento Interno.","2022-11-09",null,"Información","Español","Electrónico","2019-01-02","HTML","Disponible a solicitud","Por demanda","Archivos digitales","La serie representa y contiene todos y cada una de las solicitudes de informacion realizadas a los procesos objeto de seguimientos Internos.","Jefe de Oficina de Unidad Especial Oficina de Control Interno","OFICINA DE CONTROL INTERNO","NO","BAJO",null,"ALTO","MEDIO",1,3,2,6,"MEDIO","NO",null,"PÚBLICA","No tiene excepción de acceso",null,"Información Pública de conocimiento General","No Aplica","2023-10-30","No Aplica "]
[52,"Seguimiento, Evaluación y Control","Respuestas a las Solicitudes de Información","Documento que contiene las respuestas dadas por los procesos a las solicitudes de informacion realizadas en el marco del seguimiento Interno.","2022-11-09",null,"Información","Español","Electrónico","2019-01-02","HTML","Disponible a solicitud","Por demanda","Archivos digitales","La serie representa y contiene todos y cada una de las respuestas dadas por los procesos a las solicitudes de informacion realizadas en el marco de los seguimientos Internos.","Jefe de Oficina de Unidad Especial Oficina de Control Interno","OFICINA DE CONTROL INTERNO","NO","BAJO",null,"ALTO","MEDIO",1,3,2,6,"MEDIO","NO",null,"PÚBLICA","No tiene excepción de acceso",null,"Información Pública de conocimiento General","No Aplica","2023-10-30","No Aplica "]
[53,"Seguimiento, Evaluación y Control","Memorando Remisorio del Informe de Seguimiento","Documento que contiene el memorando de remision del informe final de seguimiento Interno.","2022-11-09",null,"Información","Español","Híbrido: Análogo - electrónico; Digital","2019-01-02","Papel; Documento de Texto; Documento PDF","Disponible a solicitud","Por demanda","Archivos digitales","La serie representa y contiene todos y cada uno de los memorandos de remision de los informes finales de seguimientos Internos.","Jefe de Oficina de Unidad Especial Oficina de Control Interno","OFICINA DE CONTROL INTERNO","NO","BAJO",null,"ALTO","MEDIO",1,3,2,6,"MEDIO","NO",null,"PÚBLICA","No tiene excepción de acceso",null,"Información Pública de conocimiento General","No Aplica","2023-10-30","No Aplica "]
[54,"Seguimiento, Evaluación y Control","Formato Análisis Causa","Documento que contiene la Formulación de planes de mejoramiento con base en la identificación de oportunidades de mejora y hallazgos como resultado de auditorías internas o externas, seguimientos y evaluaciones de la Oficina de Control Interno, así como los ejercicios de autoevaluación y/o autocontrol realizados por los responsables de los procesos o dependencias, con el propósito de corregir las desviaciones encontradas en el Sistema de Control Interno y en la gestión de los procesos.","2022-11-09",null,"Información","Español","Híbrido: Análogo - digital; Electrónico","2019-02-01","Papel; Hoja de calculo; Documento PDF","Publicada","Por demanda","Portales web propios","La serie representa y contiene todos y cada uno de los ejericios de formulación de planes de mejoramiento con base en la identificación de oportunidades de mejora y hallazgos como resultado de auditorías internas o externas, seguimientos y evaluaciones de la Oficina de Control Interno, así como los ejercicios de autoevaluación y/o autocontrol realizados por los responsables de los procesos o dependencias, con el propósito de corregir las desviaciones encontradas en el Sistema de Control Interno y en la gestión de los procesos.","Jefe de Oficina de Unidad Especial Oficina de Control Interno","OFICINA DE CONTROL INTERNO","NO","BAJO",null,"ALTO","MEDIO",1,3,2,6,"MEDIO","NO",null,"PÚBLICA","No tiene excepción de acceso",null,"Información Pública de conocimiento General","No Aplica","2023-10-30","No Aplica "]
[55,"Seguimiento, Evaluación y Control","Convocatoria al Cómite Institucional de Coordinacion de Control Interno","Documento que contiene la convocatoria a los miembros del comité de Control Interno ","2022-11-09",null,"Información","Español","Híbrido: Análogo - digital; Electrónico","2019-02-19","Documento PDF; Papel","Disponible a solicitud","Por demanda","Archivos digitales","La serie representa y contiene todos y cada uno de las convocatorias realizada a los miembros y invitados o solicitantes de espacio en intervención en cada comité","Jefe de Oficina de Unidad Especial Oficina de Control Interno","OFICINA DE CONTROL INTERNO","NO","BAJO",null,"ALTO","MEDIO",1,3,2,6,"MEDIO","NO",null,"PÚBLICA","No tiene excepción de acceso",null,"Información Pública de conocimiento General","No Aplica","2023-10-30","No Aplica "]
[56,"Seguimiento, Evaluación y Control","Listado de Asistencia al Comite Institucional de Coordinación de Control Interno","Documento que contiene el registro de asistencia de los miembros e invitados a los Comites Institucionales de Coordnacion de Control Interno.","2022-11-09",null,"Información","Español","Híbrido: Análogo - electrónico; Digital","2019-01-02","Papel; Hoja de calculo","Disponible a solicitud","Por demanda","Archivos digitales","La serie representa y contiene todos y cada uno de los registros de asistencia de los membros e invitados a los Comites Institucionales de Coordnacion de Control Interno.","Jefe de Oficina de Unidad Especial Oficina de Control Interno","OFICINA DE CONTROL INTERNO","NO","BAJO",null,"ALTO","MEDIO",1,3,2,6,"MEDIO","NO",null,"PÚBLICA","No tiene excepción de acceso",null,"Información Pública de conocimiento General","No Aplica","2023-10-30","No Aplica "]
[57,"Seguimiento, Evaluación y Control","Respuesta a la Solicitud","Documento que contiene la respuesta dada por la UBPD, al Derecho de Peticion.","2022-11-09",null,"Información","Español","Híbrido: Análogo - electrónico","2021-04-26","Documento PDF","Disponible a solicitud","Por demanda","Archivos digitales","La serie representa y contiene todos y cada una de las respuetas  dadas por la UBPD a los Derechos de Peticion presentados.","Jefe de Oficina de Unidad Especial Oficina de Control Interno","OFICINA DE CONTROL INTERNO","NO","MEDIO",null,"ALTO","MEDIO",2,3,2,7,"MEDIO","SI","Dato Semiprivado","CLASIFICADA","El derecho de toda persona a la vida, la salud o la seguridad","Literales a) y c), Numeral 1, Artículo 5, Decreto Ley 0589 de 2017.","Información exceptuada por daño de derechos a personas naturales o jurídicas. \nArticulo 18 Ley 1712 de 2014","Parcial","2022-09-07","Ilimitada, y no deberán aplicarse cuando la persona natural o jurídica ha consentido en la revelación de sus datos personales o privados o bien cuando es claro que la información fue entregada como parte de aquella información que debe estar bajo el régimen de publicidad aplicable"]
[58,"Seguimiento, Evaluación y Control","Acuse de recibido y Comunicación de Inicio de seguimiento de Plan de Mejoramiento","Documento que contienen el Acuse de recibido y Comunicación de Inicio de seguimiento de Plan de Mejoramiento","2020-11-24",null,"Información","Español","Híbrido: Análogo - digital; Electrónico","2019-02-01","Papel; Documento de Texto; HTML","Publicada","Por demanda","Portales web propios","La serie representa y contiene todos y cada uno de los comunicados de acuse de recibido y comunicación de inicio de seguimiento de los planes de mejoramiento suscritos por los procesos objeto de procedmientos de auditoria interna.","Jefe de Oficina de Unidad Especial Oficina de Control Interno","OFICINA DE CONTROL INTERNO","NO","BAJO",null,"ALTO","MEDIO",1,3,2,6,"MEDIO","NO",null,"PÚBLICA","No tiene excepción de acceso",null,"Información Pública de conocimiento General","No Aplica","2023-10-30","No Aplica "]
[59,"Seguimiento, Evaluación y Control","Matriz de Seguimiento","Documento que contiene el registro del avance reportado por los procesos y validado por la OCI, para cada una de las acciones de mejora suscritas.","2020-11-24",null,"Información","Español","Electrónico; Digital","2019-02-01","Hoja de calculo; Documento PDF","Publicada","Por demanda","Portales web propios","La serie representa y contiene todos y cada uno de los registros del avance reportado por los procesos y validado por la OCI, para cada una de las acciones de mejora suscritas.","Jefe de Oficina de Unidad Especial Oficina de Control Interno","OFICINA DE CONTROL INTERNO","NO","BAJO",null,"ALTO","MEDIO",1,3,2,6,"MEDIO","NO",null,"PÚBLICA","No tiene excepción de acceso",null,"Información Pública de conocimiento General","No Aplica","2023-10-30","No Aplica "]
[60,"Cooperación Internacional y Alianzas","Ficha de perfil de proyecto","Documento que identifica y describe la necesidad de suscribir acuerdos, alianzas, etc.","2020-08-26",null,"Información","Español","Digital","2017-04-05","Documento PDF","No disponible, No publicada","Por demanda","Archivos digitales","Serie documental evidencia de los convenios entre la UBPD y cooperantes o aliados, para trabajar en conjunto y así lograr que las partes puedan alcanzar sus objetivos.","Asesor Unidad Especial I Dirección General ","Dirección General - Experto Tecnico","NO","MEDIO",null,"BAJO","BAJO",3,1,1,5,"MEDIO","NO",null,"CLASIFICADA","El derecho de toda persona a la intimidad, bajo las limitaciones propias que impone la condición de servidor publico, en concordancia con lo estipulado por el artículo 24 de la Ley 1437 de 2011.",null,"Información exceptuada por daño de derechos a personas naturales o jurídicas.\n Articulo 18 Ley 1712 de 2014","Parcial","2020-08-26","Ilimitada, y no deberán aplicarse cuando la persona natural o jurídica ha consentido en la revelación de sus datos personales o privados o bien cuando es claro que la información fue entregada como parte de aquella información que debe estar bajo el régimen de publicidad aplicable"]
[61,"Cooperación Internacional y Alianzas","Acuerdo","Documento de acuerdo con cooperantes o aliados con el objeto de colaborar en el logro de la misión de la UBPD.","2020-08-26",null,"Información","Español - Ingles","Digital; Análogo; Híbrido: Análogo - digital","2017-04-05","Documento PDF; Papel","Disponible a solicitud","Por demanda","Archivos digitales","Serie documental evidencia de los convenios entre la UBPD y cooperantes o aliados, para trabajar en conjunto y así lograr que las partes puedan alcanzar sus objetivos.","Asesor Unidad Especial I Dirección General ","Dirección General - Experto Tecnico","SI","ALTO","ALTO","ALTO","ALTO",3,3,3,9,"ALTO","NO",null,"RESERVADA","Las relaciones internacionales",null,"Información exceptuada por daño a los intereses públicos. Articulo 19 Ley 1712 de 2014","Parcial","2020-08-26","No Mayor a 15 años"]
[62,"Cooperación Internacional y Alianzas","Alianza Estratégica","Documento entre la UBPD y cooperantes o aliados, para trabajar en conjunto y así lograr que una de las partes pueda alcanzar sus objetivos.","2020-08-26",null,"Información","Español - Ingles","Digital; Análogo; Híbrido: Análogo - digital","2017-04-05","Documento PDF; Papel","Disponible a solicitud","Por demanda","Archivos digitales","Serie documental evidencia de los convenios entre la UBPD y cooperantes o aliados, para trabajar en conjunto y así lograr que las partes puedan alcanzar sus objetivos.","Asesor Unidad Especial I Dirección General ","Dirección General - Experto Tecnico","SI","ALTO","ALTO","ALTO","ALTO",3,3,3,9,"ALTO","NO",null,"RESERVADA","Las relaciones internacionales",null,"Información exceptuada por daño a los intereses públicos. Articulo 19 Ley 1712 de 2014","Parcial","2020-08-26","No Mayor a 15 años"]
[63,"Cooperación Internacional y Alianzas","Contrato conmutativo y aleatorio","Documento mediante el cual la UBPD se obliga a dar o hacer actividades equivalentes a lo que el cooperante o aliado está aportando.","2020-08-26",null,"Información","Español - Ingles","Digital; Análogo; Híbrido: Análogo - digital","2017-04-05","Documento PDF; Papel","Disponible a solicitud","Por demanda","Archivos digitales","Serie documental evidencia de los convenios entre la UBPD y cooperantes o aliados, para trabajar en conjunto y así lograr que las partes puedan alcanzar sus objetivos.","Asesor Unidad Especial I Dirección General ","Dirección General - Experto Tecnico","SI","ALTO","ALTO","ALTO","ALTO",3,3,3,9,"ALTO","NO",null,"RESERVADA","Las relaciones internacionales",null,"Información exceptuada por daño a los intereses públicos. Articulo 19 Ley 1712 de 2014","Parcial","2020-08-26","No Mayor a 15 años"]
[64,"Cooperación Internacional y Alianzas","Convenio","Documento de voluntades para apoyar la misión de la Unidad, que genera obligaciones entre la UBPD y Cooperantes o Aliados.","2020-08-26",null,"Información","Español - Ingles","Digital; Análogo; Híbrido: Análogo - digital","2017-04-05","Documento PDF; Papel","Disponible a solicitud","Por demanda","Archivos digitales","Serie documental evidencia de los convenios entre la UBPD y cooperantes o aliados, para trabajar en conjunto y así lograr que las partes puedan alcanzar sus objetivos.","Asesor Unidad Especial I Dirección General ","Dirección General - Experto Tecnico","SI","ALTO","ALTO","ALTO","ALTO",3,3,3,9,"ALTO","NO",null,"RESERVADA","Las relaciones internacionales",null,"Información exceptuada por daño a los intereses públicos. Articulo 19 Ley 1712 de 2014","Parcial","2020-08-26","No Mayor a 15 años"]
[65,"Cooperación Internacional y Alianzas","Memorando de entendimiento - Carta de intención","Documento que presenta los compromisos programáticos basados en declaraciones de intención, entre la UBPD y Cooperantes o Aliados.","2020-08-26",null,"Información","Español - Ingles","Digital; Análogo; Híbrido: Análogo - digital","2017-04-05","Documento PDF; Papel","Disponible a solicitud","Por demanda","Archivos digitales","Serie documental evidencia de los convenios entre la UBPD y cooperantes o aliados, para trabajar en conjunto y así lograr que las partes puedan alcanzar sus objetivos.","Asesor Unidad Especial I Dirección General ","Dirección General - Experto Tecnico","SI","ALTO","ALTO","ALTO","ALTO",3,3,3,9,"ALTO","NO",null,"RESERVADA","Las relaciones internacionales",null,"Información exceptuada por daño a los intereses públicos. Articulo 19 Ley 1712 de 2014","Parcial","2020-08-26","No Mayor a 15 años"]
[66,"Cooperación Internacional y Alianzas","Acta de reunión","Documento que presenta la relatoría y acuerdos de las reuniones entre la UBPD y los Cooperantes y aliados.","2020-08-26",null,"Información","Español","Digital","2017-04-05","Documento PDF","No disponible, No publicada","Por demanda","Archivos digitales","Serie documental evidencia de los convenios entre la UBPD y cooperantes o aliados, para trabajar en conjunto y así lograr que las partes puedan alcanzar sus objetivos.","Asesor Unidad Especial I Dirección General ","Dirección General - Experto Tecnico","SI","MEDIO","MEDIO","MEDIO","MEDIO",2,2,2,6,"MEDIO","NO",null,"CLASIFICADA","El derecho de toda persona a la intimidad, bajo las limitaciones propias que impone la condición de servidor publico, en concordancia con lo estipulado por el artículo 24 de la Ley 1437 de 2011.",null,"Información exceptuada por daño de derechos a personas naturales o jurídicas.\n Articulo 18 Ley 1712 de 2014\nLos que involucren derechos a la privacidad e intimidad de las personas, incluidas en las hojas de vida, la historia laboral y los expedientes pensionales y demás registros de personal que obren en los archivos de las instituciones públicas o privadas, así como la historia clínica, salvo que sean solicitados por los propios interesados o por sus apoderados con facultad expresa para acceder a esa información.\n","Parcial","2020-08-26","Ilimitada, y no deberán aplicarse cuando la persona natural o jurídica ha consentido en la revelación de sus datos personales o privados o bien cuando es claro que la información fue entregada como parte de aquella información que debe estar bajo el régimen de publicidad aplicable"]
[67,"Cooperación Internacional y Alianzas","Listados de asistencia","Documento que presenta el listado con datos de los participantes a las reuniones entre la UBPD y los Cooperantes y aliados.","2020-08-26",null,"Información","Español","Digital; Análogo","2017-04-05","Documento PDF; Papel","No disponible, No publicada","Por demanda","Archivos digitales","Serie documental evidencia de los convenios entre la UBPD y cooperantes o aliados, para trabajar en conjunto y así lograr que las partes puedan alcanzar sus objetivos.","Asesor Unidad Especial I Dirección General ","Dirección General - Experto Tecnico","SI","MEDIO","MEDIO","MEDIO","MEDIO",2,2,2,6,"MEDIO","NO",null,"CLASIFICADA","El derecho de toda persona a la intimidad, bajo las limitaciones propias que impone la condición de servidor publico, en concordancia con lo estipulado por el artículo 24 de la Ley 1437 de 2011.",null,"Información exceptuada por daño de derechos a personas naturales o jurídicas.\n Articulo 18 Ley 1712 de 2014\nLos que involucren derechos a la privacidad e intimidad de las personas, incluidas en las hojas de vida, la historia laboral y los expedientes pensionales y demás registros de personal que obren en los archivos de las instituciones públicas o privadas, así como la historia clínica, salvo que sean solicitados por los propios interesados o por sus apoderados con facultad expresa para acceder a esa información.\n","Parcial","2020-08-26","Ilimitada, y no deberán aplicarse cuando la persona natural o jurídica ha consentido en la revelación de sus datos personales o privados o bien cuando es claro que la información fue entregada como parte de aquella información que debe estar bajo el régimen de publicidad aplicable"]
[68,"Cooperación Internacional y Alianzas","Informe técnico del donante Seguimiento","Documentos mediante los cuales se realiza el seguimiento o monitoreo a los acuerdos o convenios suscritos.","2020-08-26",null,"Información","Español","Digital","2017-04-05","Documento PDF","No disponible, No publicada","Por demanda","Archivos digitales","Serie documental evidencia de los convenios entre la UBPD y cooperantes o aliados, para trabajar en conjunto y así lograr que las partes puedan alcanzar sus objetivos.","Asesor Unidad Especial I Dirección General ","Dirección General - Experto Tecnico","SI","ALTO","ALTO","ALTO","ALTO",3,3,3,9,"ALTO","NO",null,"RESERVADA","Las relaciones internacionales",null,"Información exceptuada por daño a los intereses públicos. Articulo 19 Ley 1712 de 2014","Parcial","2020-08-26","No Mayor a 15 años"]
[69,"Cooperación Internacional y Alianzas","Acta de donación","Documento mediante el cual se legaliza la entrada de bienes al inventario de la UBPD comprados a través de proyectos de cooperación","2022-09-21",null,"Información","Español - Ingles","Digital; Análogo","2017-04-05","Documento PDF; Papel","Disponible a solicitud","Por demanda","Archivos digitales","Serie documental evidencia de los convenios entre la UBPD y cooperantes o aliados, para trabajar en conjunto y así lograr que las partes puedan alcanzar sus objetivos.","Asesor Unidad Especial I Dirección General ","Dirección General - Experto Tecnico","SI","MEDIO","MEDIO","ALTO","ALTO",2,3,3,8,"ALTO","NO",null,"CLASIFICADA","El derecho de toda persona a la intimidad, bajo las limitaciones propias que impone la condición de servidor publico, en concordancia con lo estipulado por el artículo 24 de la Ley 1437 de 2011.",null,"Información exceptuada por daño de derechos a personas naturales o jurídicas.\n Articulo 18 Ley 1712 de 2014\nLos que involucren derechos a la privacidad e intimidad de las personas, incluidas en las hojas de vida, la historia laboral y los expedientes pensionales y demás registros de personal que obren en los archivos de las instituciones públicas o privadas, así como la historia clínica, salvo que sean solicitados por los propios interesados o por sus apoderados con facultad expresa para acceder a esa información.\n","Parcial","2022-09-21","Ilimitada, y no deberán aplicarse cuando la persona natural o jurídica ha consentido en la revelación de sus datos personales o privados o bien cuando es claro que la información fue entregada como parte de aquella información que debe estar bajo el régimen de publicidad aplicable"]
[70,"Cooperación Internacional y Alianzas","Designación de supervisión","Documento mediante el cual se designa un supervisor para efectuar el seguimiento a los avances técnicos y financieros establecidos en el instrumento de Cooperación.","2022-09-21",null,"Información","Español","Digital","2017-04-05","Documento PDF; HTML","Disponible a solicitud","Por demanda","Archivos digitales","Serie documental evidencia de los convenios entre la UBPD y cooperantes o aliados, para trabajar en conjunto y así lograr que las partes puedan alcanzar sus objetivos.","Asesor Unidad Especial I Dirección General ","Dirección General - Experto Tecnico","NO","MEDIO",null,"BAJO","BAJO",2,1,1,4,"MEDIO","NO",null,"CLASIFICADA","El derecho de toda persona a la intimidad, bajo las limitaciones propias que impone la condición de servidor publico, en concordancia con lo estipulado por el artículo 24 de la Ley 1437 de 2011.",null,"Información exceptuada por daño de derechos a personas naturales o jurídicas.\n Articulo 18 Ley 1712 de 2014\nLos que involucren derechos a la privacidad e intimidad de las personas, incluidas en las hojas de vida, la historia laboral y los expedientes pensionales y demás registros de personal que obren en los archivos de las instituciones públicas o privadas, así como la historia clínica, salvo que sean solicitados por los propios interesados o por sus apoderados con facultad expresa para acceder a esa información.\n","Parcial","2022-09-21","Ilimitada, y no deberán aplicarse cuando la persona natural o jurídica ha consentido en la revelación de sus datos personales o privados o bien cuando es claro que la información fue entregada como parte de aquella información que debe estar bajo el régimen de publicidad aplicable"]
[71,"Cooperación Internacional y Alianzas","Modificación del instrumento de cooperación","Documento de modificación del instrumento de cooperación","2022-09-21",null,"Información","Español - Ingles","Digital; Análogo; Híbrido: Análogo - digital","2017-04-05","Documento PDF; Papel","Disponible a solicitud","Por demanda","Archivos digitales","Serie documental evidencia de los convenios entre la UBPD y cooperantes o aliados, para trabajar en conjunto y así lograr que las partes puedan alcanzar sus objetivos.","Asesor Unidad Especial I Dirección General ","Dirección General - Experto Tecnico","SI","ALTO","ALTO","ALTO","ALTO",3,3,3,9,"ALTO","NO",null,"RESERVADA","Las relaciones internacionales",null,"Información exceptuada por daño a los intereses públicos. Articulo 19 Ley 1712 de 2014","Parcial","2022-09-21","No Mayor a 15 años"]
[72,"Cooperación Internacional y Alianzas","Carta acuerdo","Documento de voluntades para apoyar la misión de la Unidad, que genera obligaciones entre la UBPD y Cooperantes o Aliados. Para la implementación de los Planes Nacionales de Búsqueda ","2023-08-18",null,"Información","Español","Digital","2023-06-30","Documento PDF","Disponible a solicitud","No aplica","Archivos digitales","Serie documental evidencia de los convenios entre la UBPD y cooperantes o aliados, para trabajar en conjunto y así lograr que las partes puedan alcanzar sus objetivos.","Asesor Unidad Especial I Dirección General ","Dirección General - Experto Tecnico","SI","MEDIO","MEDIO","MEDIO","MEDIO",2,2,2,6,"MEDIO","NO",null,"CLASIFICADA","El derecho de toda persona a la intimidad, bajo las limitaciones propias que impone la condición de servidor publico, en concordancia con lo estipulado por el artículo 24 de la Ley 1437 de 2011.",null,"Información exceptuada por daño de derechos a personas naturales o jurídicas.\n Articulo 18 Ley 1712 de 2014\nLos que involucren derechos a la privacidad e intimidad de las personas, incluidas en las hojas de vida, la historia laboral y los expedientes pensionales y demás registros de personal que obren en los archivos de las instituciones públicas o privadas, así como la historia clínica, salvo que sean solicitados por los propios interesados o por sus apoderados con facultad expresa para acceder a esa información.\n","Parcial","2023-08-18","Ilimitada, y no deberán aplicarse cuando la persona natural o jurídica ha consentido en la revelación de sus datos personales o privados o bien cuando es claro que la información fue entregada como parte de aquella información que debe estar bajo el régimen de publicidad aplicable"]
[73,"Cooperación Internacional y Alianzas","Aceptación Subvención ","Documento de voluntades para apoyar la misión de la Unidad, que genera obligaciones entre la UBPD y Cooperantes o Aliados., a traves de la subvención suscrita.","2023-08-30",null,"Información","Español","Digital","2023-08-30","Documento PDF","Disponible a solicitud","No aplica","Archivos digitales","Serie documental evidencia de los convenios entre la UBPD y cooperantes o aliados, para trabajar en conjunto y así lograr que las partes puedan alcanzar sus objetivos.","Asesor Unidad Especial I Dirección General ","Dirección General - Experto Tecnico","SI","MEDIO","MEDIO","MEDIO","MEDIO",2,2,2,6,"MEDIO","NO",null,"CLASIFICADA","El derecho de toda persona a la intimidad, bajo las limitaciones propias que impone la condición de servidor publico, en concordancia con lo estipulado por el artículo 24 de la Ley 1437 de 2011.",null,"Información exceptuada por daño de derechos a personas naturales o jurídicas.\n Articulo 18 Ley 1712 de 2014\nLos que involucren derechos a la privacidad e intimidad de las personas, incluidas en las hojas de vida, la historia laboral y los expedientes pensionales y demás registros de personal que obren en los archivos de las instituciones públicas o privadas, así como la historia clínica, salvo que sean solicitados por los propios interesados o por sus apoderados con facultad expresa para acceder a esa información.\n","Parcial","2023-08-30","Ilimitada, y no deberán aplicarse cuando la persona natural o jurídica ha consentido en la revelación de sus datos personales o privados o bien cuando es claro que la información fue entregada como parte de aquella información que debe estar bajo el régimen de publicidad aplicable"]
[74,"Cooperación Internacional y Alianzas","Sistema de Información documental para la búsqueda - SIDOBU","Sistema para la recepción y radicación de correspondencia interna y externa del equipo de Cooperacón Internacional  yAlianzas ","2023-01-01",null,"Software Aplicaciones Informáticas ","Español","Digital","2023-07-06","Documento PDF","Disponible a solicitud","No aplica","Archivos digitales","Serie documental evidencia de los convenios entre la UBPD y cooperantes o aliados, para trabajar en conjunto y así lograr que las partes puedan alcanzar sus objetivos.","Asesor Unidad Especial I Dirección General ","Dirección General - Experto Tecnico","NO","MEDIO",null,"MEDIO","MEDIO",2,2,2,6,"MEDIO","NO",null,"CLASIFICADA","El derecho de toda persona a la intimidad, bajo las limitaciones propias que impone la condición de servidor publico, en concordancia con lo estipulado por el artículo 24 de la Ley 1437 de 2011.",null,"Información exceptuada por daño de derechos a personas naturales o jurídicas.\n Articulo 18 Ley 1712 de 2014\nLos que involucren derechos a la privacidad e intimidad de las personas, incluidas en las hojas de vida, la historia laboral y los expedientes pensionales y demás registros de personal que obren en los archivos de las instituciones públicas o privadas, así como la historia clínica, salvo que sean solicitados por los propios interesados o por sus apoderados con facultad expresa para acceder a esa información.\n","Parcial","2023-08-02","Ilimitada, y no deberán aplicarse cuando la persona natural o jurídica ha consentido en la revelación de sus datos personales o privados o bien cuando es claro que la información fue entregada como parte de aquella información que debe estar bajo el régimen de publicidad aplicable"]
[75,"Cooperación Internacional y Alianzas","Sistema de información (gestionemos) ","Sistema para la  radicación y trámite de cuentas de cobro de los contratistas  del equipo de Cooperacón Internacional  yAlianzas ","2023-01-01",null,"Software Aplicaciones Informáticas ","Español","Digital","2023-04-01","Documento PDF","Disponible a solicitud","No aplica","Archivos digitales","Serie documental evidencia de los convenios entre la UBPD y cooperantes o aliados, para trabajar en conjunto y así lograr que las partes puedan alcanzar sus objetivos.","Asesor Unidad Especial I Dirección General ","Dirección General - Experto Tecnico","NO","MEDIO",null,"MEDIO","MEDIO",2,2,2,6,"MEDIO","NO",null,"CLASIFICADA","El derecho de toda persona a la intimidad, bajo las limitaciones propias que impone la condición de servidor publico, en concordancia con lo estipulado por el artículo 24 de la Ley 1437 de 2011.",null,"ñ\n","Parcial","2023-08-16","Ilimitada, y no deberán aplicarse cuando la persona natural o jurídica ha consentido en la revelación de sus datos personales o privados o bien cuando es claro que la información fue entregada como parte de aquella información que debe estar bajo el régimen de publicidad aplicable"]
[76,"Prevención y Protección","Estudio de confidencialidad del entrevistador","Documento mediante el cual se establecen los lineamientos para realizar los Estudios de Confiabilidad a los candidatos y candidatas (servidoras/es y contratistas)\nque estén en proceso de selección con la UBPD, con el ánimo de prevenir la vinculación de personas que no se encuentren alineados con el objetivo misional de la UBPD.","2021-12-12","2023-05-10","Información","Español","Electrónico","2021-03-01","Documento PDF; Video","No disponible, No publicada","No aplica","Archivos digitales","Serie documental que evidencia  los\nestudios indispensables para hacer la vinculación de los profesionales a través de Contratos de Prestación de Servicios a la entidad, indistintamente de la calidad de servidores o contratistas. Artículo 18, literales a) y b) de la Ley 1712 de 2014. Artículo 24, numeral 3 de la Ley\n1437 de 2011.","Asesor Unidad Especial I Dirección General ","Dirección General - Tecnico De Unidad Especial; DIRECCIÓN GENERAL","NO","MEDIO",null,"MEDIO","BAJO",2,2,1,5,"MEDIO","SI","Dato Semiprivado","CLASIFICADA","El derecho de toda persona a la intimidad, bajo las limitaciones propias que impone la condición de servidor publico, en concordancia con lo estipulado por el artículo 24 de la Ley 1437 de 2011.","Decreto 589 de 2017 «Por el cual se organiza la Unidad de Búsqueda de Personas dadas por desaparecidas en el contexto y en razón del conflicto armado» Título III Acceso a la Información artículo 12 Acceso a información Reservada.","Información exceptuada por daño de derechos a personas naturales o jurídicas.\n Articulo 18 Ley 1712 de 2014\nLos que involucren derechos a la privacidad e intimidad de las personas, incluidas en las hojas de vida, la historia laboral y los expedientes pensionales y demás registros de personal que obren en los archivos de las instituciones públicas o privadas, así como la historia clínica, salvo que sean solicitados por los propios interesados o por sus apoderados con facultad expresa para acceder a esa información.\n","Total","2021-11-01","Ilimitada, y no deberán aplicarse cuando la persona natural o jurídica ha consentido en la revelación de sus datos personales o privados o bien cuando es claro que la información fue entregada como parte de aquella información que debe estar bajo el régimen de publicidad aplicable"]
[77,"Prevención y Protección","Grabación de la entrevista","Documento que presenta la entrevista realizada entre el entrevistador y entrevistado mediante la modalidad de videoconfernecia, en la que se exponen preguntas y respuestas de las partes","2021-12-12","2023-05-10","Información","Español","Electrónico","2021-03-01","Video","No disponible, No publicada","No aplica","Archivos digitales","Serie documental que evidencia  los\nestudios indispensables para hacer la vinculación de los profesionales a través de Contratos de Prestación de Servicios a la entidad, indistintamente de la calidad de servidores o contratistas. Artículo 18, literales a) y b) de la Ley 1712 de 2014. Artículo 24, numeral 3 de la Ley\n1437 de 2011.","Asesor Unidad Especial I Dirección General ","Dirección General - Tecnico De Unidad Especial; DIRECCIÓN GENERAL","NO","MEDIO",null,"MEDIO","MEDIO",2,2,2,6,"MEDIO","SI","Dato Semiprivado","CLASIFICADA","El derecho de toda persona a la intimidad, bajo las limitaciones propias que impone la condición de servidor publico, en concordancia con lo estipulado por el artículo 24 de la Ley 1437 de 2011.","Decreto 589 de 2017 «Por el cual se organiza la Unidad de Búsqueda de Personas dadas por desaparecidas en el contexto y en razón del conflicto armado» Título III Acceso a la Información artículo 12 Acceso a información Reservada.","Información exceptuada por daño de derechos a personas naturales o jurídicas.\n Articulo 18 Ley 1712 de 2014\nLos que involucren derechos a la privacidad e intimidad de las personas, incluidas en las hojas de vida, la historia laboral y los expedientes pensionales y demás registros de personal que obren en los archivos de las instituciones públicas o privadas, así como la historia clínica, salvo que sean solicitados por los propios interesados o por sus apoderados con facultad expresa para acceder a esa información.\n","Total","2021-11-01","Ilimitada, y no deberán aplicarse cuando la persona natural o jurídica ha consentido en la revelación de sus datos personales o privados o bien cuando es claro que la información fue entregada como parte de aquella información que debe estar bajo el régimen de publicidad aplicable"]
[78,"Prevención y Protección","Autorización para la realización de estudios de confiabilidad","Documento mediente el cual los candidatos autorizan el estudio de confiabilidad previsto por la UBPD, por el que se formulen las preguntas pertinentes y se ejecuten las labores necesarias para completar el estudio.","2021-12-12","2023-05-10","Información","Español","Electrónico","2021-03-01","Documento PDF","No disponible, No publicada","Por demanda","Archivos digitales","Serie documental que evidencia  los\nestudios indispensables para hacer la vinculación de los profesionales a través de Contratos de Prestación de Servicios a la entidad, indistintamente de la calidad de servidores o contratistas. Artículo 18, literales a) y b) de la Ley 1712 de 2014. Artículo 24, numeral 3 de la Ley\n1437 de 2011.","Asesor Unidad Especial I Dirección General ","DIRECCIÓN GENERAL; Dirección General - Analista Tecnico; Dirección General - Asesor Unidad Especial; Dirección General - Experto Tecnico; Dirección General - Tecnico De Unidad Especial; Dirección General - Contratista","NO","BAJO",null,"MEDIO","MEDIO",1,2,2,5,"MEDIO","NO",null,"PÚBLICA","No tiene excepción de acceso","Decreto 589 de 2017 «Por el cual se organiza la Unidad de Búsqueda de Personas dadas por desaparecidas en el contexto y en razón del conflicto armado» Título III Acceso a la Información artículo 12 Acceso a información Reservada.","Información Pública de conocimiento General","No Aplica","2023-10-30","No Aplica "]
[79,"Prevención y Protección","Informes de análisis de prevención y protección de eventuales sedes para la UBPD","Documento mediante el cual se determina el mecanismo para el análisis de los riesgos que puedan impactar por un lado a los servidores (as), contratistas y colaboradores que desarrollan sus labores y prestan sus servicios en las sedes, y a las sedes en su infraestructura física y tecnológica.\n\nEste ejercicio de identificación conjunta de los riesgos, le permite a la entidad, contar con rutas de respuesta internas, así como alianzas con otras entidades para mitigar los riesgos ante la materialización de los mismos, y establece como responder de manera oportuna.","2021-12-12",null,"Información","Español","Electrónico","2021-03-01","Documento PDF","No disponible, No publicada","Mensual","Archivos digitales","Serie documental que evidencia el análisis de prevención y protección de Seguridad Para las Sedes","Asesor Unidad Especial I Dirección General ","DIRECCIÓN GENERAL; Dirección General - Tecnico De Unidad Especial","NO","MEDIO",null,"MEDIO","MEDIO",2,2,2,6,"MEDIO","SI","Dato Semiprivado","CLASIFICADA","El derecho de toda persona a la intimidad, bajo las limitaciones propias que impone la condición de servidor publico, en concordancia con lo estipulado por el artículo 24 de la Ley 1437 de 2011.","Decreto 589 de 2017 «Por el cual se organiza la Unidad de Búsqueda de Personas dadas por desaparecidas en el contexto y en razón del conflicto armado» Título III Acceso a la Información artículo 12 Acceso a información Reservada","Información exceptuada por daño de derechos a personas naturales o jurídicas.\n Articulo 18 Ley 1712 de 2014\nLos que involucren derechos a la privacidad e intimidad de las personas, incluidas en las hojas de vida, la historia laboral y los expedientes pensionales y demás registros de personal que obren en los archivos de las instituciones públicas o privadas, así como la historia clínica, salvo que sean solicitados por los propios interesados o por sus apoderados con facultad expresa para acceder a esa información.\n","Total","2021-11-01","Ilimitada, y no deberán aplicarse cuando la persona natural o jurídica ha consentido en la revelación de sus datos personales o privados o bien cuando es claro que la información fue entregada como parte de aquella información que debe estar bajo el régimen de publicidad aplicable"]
[80,"Prevención y Protección","Bitacora de incidentes de seguridad presentados en las operaciones en terreno","Documento que presenta las recomendaciones de las visitas a las nuevas sedes de la unidad","2021-12-12",null,"Bases de Datos","Español","Electrónico","2021-03-01","Hoja de calculo","No disponible, No publicada","Por demanda","Archivos digitales","Serie documental que evidencia el análisis de prevención y protección de Seguridad Para las Sedes","Asesor Unidad Especial I Dirección General ","DIRECCIÓN GENERAL; Dirección General - Tecnico De Unidad Especial","NO","ALTO",null,"MEDIO","MEDIO",3,2,2,7,"MEDIO","SI","Dato Semiprivado","RESERVADA","Se exceptúan también los documentos que contengan las opiniones o puntos de vista que formen parte del proceso deliberativo de los servidores públicos","Decreto 589 de 2017 «Por el cual se organiza la Unidad de Búsqueda de Personas dadas por desaparecidas en el contexto y en razón del conflicto armado» Título III Acceso a la Información artículo 12 Acceso a información Reservada","Información exceptuada por daño a los intereses públicos. Articulo 19 Ley 1712 de 2014","Total","2021-11-01","No Mayor a 15 años"]
[81,"Prevención y Protección","Valoración de Análisis de Riesgo en el Marco de las Acciones Humanitarias en Terreno","Documento mediante el cual se identifican y analizan los riesgos para los servidores, servidoras, contratistas, personas y organizaciones que buscan, aportantes de información y terceros participantes en el proceso de búsqueda humanitaria que realiza la UBPD; con el fin de brindar recomendaciones que disminuyan la posibilidad de materialización de riesgos y autorizar la viabilidad de desarrollo de la acción en terreno.\n","2021-12-12",null,"Información","Español","Electrónico","2021-03-01","Hoja de calculo","No disponible, No publicada","Mensual","Archivos digitales","Serie documental requerida para el análisis de contexto en dinámica de seguridad para desplazamientos y operaciones en terreno, en ellos se consolida información de reserva como la ubicación para realizar la respectiva protección de servidores, víctimas y aportantes. ","Asesor Unidad Especial I Dirección General ","DIRECCIÓN GENERAL; Dirección General - Tecnico De Unidad Especial","NO","MEDIO",null,"MEDIO","MEDIO",2,2,2,6,"MEDIO","SI","Dato Semiprivado","CLASIFICADA","El derecho de toda persona a la intimidad, bajo las limitaciones propias que impone la condición de servidor publico, en concordancia con lo estipulado por el artículo 24 de la Ley 1437 de 2011.","Decreto 589 de 2017 «Por el cual se organiza la Unidad de Búsqueda de Personas dadas por desaparecidas en el contexto y en razón del conflicto armado» Título III Acceso a la Información artículo 12 Acceso a información Reservada.","Información exceptuada por daño de derechos a personas naturales o jurídicas.\n Articulo 18 Ley 1712 de 2014\nLos que involucren derechos a la privacidad e intimidad de las personas, incluidas en las hojas de vida, la historia laboral y los expedientes pensionales y demás registros de personal que obren en los archivos de las instituciones públicas o privadas, así como la historia clínica, salvo que sean solicitados por los propios interesados o por sus apoderados con facultad expresa para acceder a esa información.\n","Total","2021-11-01","Ilimitada, y no deberán aplicarse cuando la persona natural o jurídica ha consentido en la revelación de sus datos personales o privados o bien cuando es claro que la información fue entregada como parte de aquella información que debe estar bajo el régimen de publicidad aplicable"]
[82,"Prevención y Protección","Solicitud de autorización de prevención y protección para las salidas a terreno","Proporcionar a los funcionarios ( as ), contratistasy personal delegado de la UBPD los lineamientos y reglas en materia de prevención y protección de la vida e integridad, en las actuaciones desarrolladas a traves de las misiones y desplazamientos a terreno, en el marco del caracter humanitario y extrajudicial de la misión que tiene la UBPD  ","2021-12-12",null,"Información","Español","Electrónico","2021-03-01","Documento PDF","No disponible, No publicada","Por demanda","Archivos digitales","Serie documental requerida para el análisis de contexto en dinámica de seguridad para desplazamientos y operaciones en terreno, en ellos se consolida información de reserva como la ubicación para realizar la respectiva protección de servidores, víctimas y aportantes. ","Asesor Unidad Especial I Dirección General ","DIRECCIÓN GENERAL; Dirección General - Analista Tecnico; Dirección General - Asesor Unidad Especial; Dirección General - Experto Tecnico; Dirección General - Tecnico De Unidad Especial; Dirección General - Contratista","NO","MEDIO",null,"MEDIO","ALTO",2,2,3,7,"MEDIO","SI","Dato Semiprivado","CLASIFICADA","El derecho de toda persona a la intimidad, bajo las limitaciones propias que impone la condición de servidor publico, en concordancia con lo estipulado por el artículo 24 de la Ley 1437 de 2011.","Decreto 589 de 2017 «Por el cual se organiza la Unidad de Búsqueda de Personas dadas por desaparecidas en el contexto y en razón del conflicto armado» Título III Acceso a la Información artículo 12 Acceso a información Reservada.","Información exceptuada por daño de derechos a personas naturales o jurídicas.\n Articulo 18 Ley 1712 de 2014\nLos que involucren derechos a la privacidad e intimidad de las personas, incluidas en las hojas de vida, la historia laboral y los expedientes pensionales y demás registros de personal que obren en los archivos de las instituciones públicas o privadas, así como la historia clínica, salvo que sean solicitados por los propios interesados o por sus apoderados con facultad expresa para acceder a esa información.\n","Total","2021-11-01","Ilimitada, y no deberán aplicarse cuando la persona natural o jurídica ha consentido en la revelación de sus datos personales o privados o bien cuando es claro que la información fue entregada como parte de aquella información que debe estar bajo el régimen de publicidad aplicable"]
[83,"Prevención y Protección","Boletin de prevención y protección","Es el resultado de la labor de análisis de los riesgos para la vida,libertad e integridad de los servidores(as), contratistas, colaboradores (as) y terceros participantes en el proceso de búsqueda humanitaria solidaria. Este boletín da cuenta de los principales riesgos identificados, tomando como base aquellos municipios donde la UBPD desarrolla acciones y fueron catalogados,tanto por la MOE comopor la Defensoría del Pueblo, conniveles de riesgo alto y extremo.","2022-02-01",null,"Información","Español","Electrónico","2021-03-01","Presentación","Publicada","Trimestral","Intranet","Serie documental requerida para el análisis de contexto en dinámica de seguridad para desplazamientos y operaciones en terreno, en ellos se consolida información de reserva como la ubicación para realizar la respectiva protección de servidores, víctimas y aportantes. ","Asesor Unidad Especial I Dirección General ","DIRECCIÓN GENERAL; Dirección General - Analista Tecnico; Dirección General - Asesor Unidad Especial; Dirección General - Experto Tecnico; Dirección General - Tecnico De Unidad Especial; Dirección General - Contratista","NO","MEDIO",null,"BAJO","BAJO",2,1,1,4,"MEDIO","SI","Dato Semiprivado","CLASIFICADA","El derecho de toda persona a la intimidad, bajo las limitaciones propias que impone la condición de servidor publico, en concordancia con lo estipulado por el artículo 24 de la Ley 1437 de 2011.","Decreto 589 de 2017 «Por el cual se organiza la Unidad de Búsqueda de Personas dadas por desaparecidas en el contexto y en razón del conflicto armado» Título III Acceso a la Información artículo 12 Acceso a información Reservada.","Información exceptuada por daño de derechos a personas naturales o jurídicas.\n Articulo 18 Ley 1712 de 2014\nLos que involucren derechos a la privacidad e intimidad de las personas, incluidas en las hojas de vida, la historia laboral y los expedientes pensionales y demás registros de personal que obren en los archivos de las instituciones públicas o privadas, así como la historia clínica, salvo que sean solicitados por los propios interesados o por sus apoderados con facultad expresa para acceder a esa información.\n","Total","2021-11-01","Ilimitada, y no deberán aplicarse cuando la persona natural o jurídica ha consentido en la revelación de sus datos personales o privados o bien cuando es claro que la información fue entregada como parte de aquella información que debe estar bajo el régimen de publicidad aplicable"]
[84,"Prevención y Protección","Matriz de identificación de municipios \"urbano/rural\" que requieren aval de prevención y protección","Herramienta para servidores, servidoras y contratistas de carácter publico, el cual brindan los municipios ( urbanos y territoriales ) que requieren el aval de prevencion y proteccion de manera detallada, es decir se encuentra descrita esta informacion por cada departamento y municipio.","2021-12-12",null,"Bases de Datos","Español","Electrónico","2021-03-01","Hoja de calculo","No disponible, No publicada","Semestral","Bases de Datos","Serie documental requerida para el análisis de contexto en dinámica de seguridad para desplazamientos y operaciones en terreno, en ellos se consolida información de reserva como la ubicación para realizar la respectiva protección de servidores, víctimas y aportantes. ","Asesor Unidad Especial I Dirección General ","DIRECCIÓN GENERAL; Dirección General - Analista Tecnico; Dirección General - Asesor Unidad Especial; Dirección General - Experto Tecnico; Dirección General - Tecnico De Unidad Especial; Dirección General - Contratista","NO","BAJO",null,"BAJO","BAJO",1,1,1,3,"BAJO","NO",null,"PÚBLICA","No tiene excepción de acceso","Decreto 589 de 2017 «Por el cual se organiza la Unidad de Búsqueda de Personas dadas por desaparecidas en el contexto y en razón del conflicto armado» Título III Acceso a la Información artículo 12 Acceso a información Reservada.","Información Pública de conocimiento General","No Aplica","2023-10-30","No Aplica "]
[85,"Prevención y Protección","Matriz de seguimiento general de comisiones","Documento de seguimiento interno, el cual parametriza los tiempos de respuesta del equipo de Prevención y protección frente a las solicitudes realizdas de los servidores y contratistas. ","2022-12-12","2022-11-28","Bases de Datos","Español","Electrónico","2021-03-01","Hoja de calculo","No disponible, No publicada","Por demanda","Bases de Datos","Serie documental requerida para el análisis de contexto en dinámica de seguridad para desplazamientos y operaciones en terreno, en ellos se consolida información de reserva como la ubicación para realizar la respectiva protección de servidores, víctimas y aportantes. ","Asesor Unidad Especial I Dirección General ","DIRECCIÓN GENERAL; Dirección General - Analista Tecnico; Dirección General - Asesor Unidad Especial; Dirección General - Experto Tecnico; Dirección General - Tecnico De Unidad Especial; Dirección General - Contratista","NO","ALTO",null,"BAJO","BAJO",3,1,1,5,"MEDIO","SI","Dato Semiprivado","RESERVADA","Se exceptúan también los documentos que contengan las opiniones o puntos de vista que formen parte del proceso deliberativo de los servidores públicos","Decreto 589 de 2017 «Por el cual se organiza la Unidad de Búsqueda de Personas dadas por desaparecidas en el contexto y en razón del conflicto armado» Título III Acceso a la Información artículo 12 Acceso a información Reservada.","Información exceptuada por daño a los intereses públicos. Articulo 19 Ley 1712 de 2014","Total","2021-11-01","No Mayor a 15 años"]
[86,"Prevención y Protección","Matriz de reportes de incidentes","Esta bitacora tiene el objetivo de registrar los incidentes relacionados con hechos de seguridad que afectan directa,ente a las y los colaboradores de la UBPD, en las actuaciones misionales que se desarrollen en terreno. Su diligenciamiento se realizara con la informacióm que cada analista de prevención y protección reporte, con base en los seguimientos a las comisiones y reportes de las y los comisionados.","2022-02-01",null,"Bases de Datos","Español","Electrónico","2021-03-01","Hoja de calculo","No disponible, No publicada","Por demanda","Bases de Datos","Serie documental requerida para el análisis de contexto en dinámica de seguridad para desplazamientos y operaciones en terreno, en ellos se consolida información de reserva como la ubicación para realizar la respectiva protección de servidores, víctimas y aportantes. ","Asesor Unidad Especial I Dirección General ","DIRECCIÓN GENERAL; Dirección General - Analista Tecnico; Dirección General - Asesor Unidad Especial; Dirección General - Experto Tecnico; Dirección General - Tecnico De Unidad Especial; Dirección General - Contratista","NO","ALTO",null,"BAJO","MEDIO",3,1,2,6,"MEDIO","SI","Dato Semiprivado","RESERVADA","Se exceptúan también los documentos que contengan las opiniones o puntos de vista que formen parte del proceso deliberativo de los servidores públicos","Decreto 589 de 2017 «Por el cual se organiza la Unidad de Búsqueda de Personas dadas por desaparecidas en el contexto y en razón del conflicto armado» Título III Acceso a la Información artículo 12 Acceso a información Reservada.","Información exceptuada por daño a los intereses públicos. Articulo 19 Ley 1712 de 2014","Total","2021-11-01","No Mayor a 15 años"]
[87,"Prevención y Protección","Planes estratégicos de prevención y protección","\"Herramienta en donde se plantean las activdades y el cronograma a desarrollar por cada uno de los integrantes del equipo de trabajo que permite hacer seguimiento semanal y trimestral\"","2021-12-12","2022-11-28","Información","Español","Electrónico","2021-03-01","Documento PDF","Publicada","No aplica","Intranet","Serie documental requerida para el análisis de contexto en dinámica de seguridad para desplazamientos y operaciones en terreno, en ellos se consolida información de reserva como la ubicación para realizar la respectiva protección de servidores, víctimas y aportantes. ","Asesor Unidad Especial I Dirección General ","Dirección General - Experto Tecnico; Dirección General - Asesor Unidad Especial; Dirección General - Tecnico De Unidad Especial; Dirección General - Contratista","NO","BAJO",null,"BAJO","BAJO",1,1,1,3,"BAJO","NO",null,"PÚBLICA","No tiene excepción de acceso",null,"Información Pública de conocimiento General","No Aplica","2023-10-30","No Aplica "]
[88,"Prevención y Protección","Actas de reunión prevención y protección","Salvaguarda la informacion emitida semanalmente por el equipo; en esta quedan plasmados las situaciones internas del equipo y los compromisos del mismo. ","2021-12-12","2022-11-28","Información","Español","Electrónico","2021-03-01","Documento de Texto","No disponible, No publicada","Semanal","Archivo físico","Serie de apoyo documental que tiene como enfasis el seguimiento interno de las actividades del equipo de prevención y protección ","Asesor Unidad Especial I Dirección General ","Dirección General - Experto Tecnico; Dirección General - Asesor Unidad Especial; Dirección General - Tecnico De Unidad Especial; Dirección General - Contratista","NO","BAJO",null,"BAJO","BAJO",1,1,1,3,"BAJO","NO",null,"PÚBLICA","No tiene excepción de acceso",null,"Información Pública de conocimiento General","No Aplica","2023-10-30","No Aplica "]
[89,"Prevención y Protección","Convocatoria a reuniones de prevención y protección","Se convocan reuniones semanalmente con e fin de dar monitoreo al equipo semanalmente","2021-12-12","2022-11-28","Información","Español","Electrónico","2021-03-01","Documento de Texto","No disponible, No publicada","No aplica","Portales web propios","Serie de apoyo documental que tiene como enfasis el seguimiento interno de las actividades del equipo de prevención y protección ","Asesor Unidad Especial I Dirección General ","Dirección General - Experto Tecnico; Dirección General - Asesor Unidad Especial; Dirección General - Tecnico De Unidad Especial; Dirección General - Contratista","NO","BAJO",null,"BAJO","BAJO",1,1,1,3,"BAJO","NO",null,"PÚBLICA","No tiene excepción de acceso",null,"Información Pública de conocimiento General","No Aplica","2023-10-30","No Aplica "]
[90,"Prevención y Protección","PROTOCOLO DE PREVENCIÓN Y PROTECCIÓN PARA LAS OPERACIONES EN TERRENO DE LA UBPD ( PRP-PT-001 V1 )","Proporcionar a los (as) funcionarios (as), contratistas y personal delegado de la UBPD los lineamientos y reglas en materia\nde prevención y protección de la vida e integridad, en las actuaciones desarrolladas a través de las misiones y\ndesplazamiento a terreno, en el marco del carácter humanitario y extrajudicial de la misión que tiene la UBPD.","2021-12-12","2022-11-28","Información","Español","Electrónico","2021-03-01","Documento PDF","Publicada","No aplica","Archivos digitales","Serie documental requerida para el análisis de contexto en dinámica de seguridad para desplazamientos y operaciones en terreno, en ellos se consolida información de reserva como la ubicación para realizar la respectiva protección de servidores, víctimas y aportantes. ","Asesor Unidad Especial I Dirección General ","Dirección General - Experto Tecnico; Dirección General - Asesor Unidad Especial; Dirección General - Tecnico De Unidad Especial; Dirección General - Contratista","NO","BAJO",null,"MEDIO","MEDIO",1,2,2,5,"MEDIO","NO",null,"PÚBLICA","No tiene excepción de acceso",null,"Información Pública de conocimiento General","No Aplica","2023-10-30","No Aplica "]
[91,"Direccionamiento y Planeación Estratégica","Actas Consejo Asesor","Documento dispositivo en el que se exponen y presentan las discusiones y decisiones tomadas por los miembros del Consejo Asesor de la UBPD","2020-06-12",null,"Información","Español","Electrónico","2020-06-12","Documento PDF","Disponible a solicitud","Por demanda","Archivos digitales","La serie documental representa los saberes provenientes de distintas experiencias en la Busqueda de las Personas dadas por desaparecidas en el contexto y en razon del conflicto armado. Su integración permite el fortalecimiento de capacidades que brinden herramientas para la participación efectiva de la entidades y organizaciones de la sociedad civil. Por lo tanto, la subserie documental representa historicamente el proceso de busqueda y la orientacion que desde diferentes organismos se da avance y lucha frente al proceso. ","Director(a) General","DIRECCIÓN GENERAL; Dirección General - Asesor Unidad Especial","NO","MEDIO",null,"MEDIO","BAJO",2,2,1,5,"MEDIO","SI","Dato Semiprivado","CLASIFICADA","El derecho de toda persona a la intimidad, bajo las limitaciones propias que impone la condición de servidor publico, en concordancia con lo estipulado por el artículo 24 de la Ley 1437 de 2011.",null,"Información exceptuada por daño de derechos a personas naturales o jurídicas.\n Articulo 18 Ley 1712 de 2014\nLos que involucren derechos a la privacidad e intimidad de las personas, incluidas en las hojas de vida, la historia laboral y los expedientes pensionales y demás registros de personal que obren en los archivos de las instituciones públicas o privadas, así como la historia clínica, salvo que sean solicitados por los propios interesados o por sus apoderados con facultad expresa para acceder a esa información.\n","Parcial","2023-10-02","Ilimitada, y no deberán aplicarse cuando la persona natural o jurídica ha consentido en la revelación de sus datos personales o privados o bien cuando es claro que la información fue entregada como parte de aquella información que debe estar bajo el régimen de publicidad aplicable"]
[92,"Direccionamiento y Planeación Estratégica","Convocatoria a sesión del Consejo Asesor","Comunicación oficial la cual se convoca a los miembros del Consejo para la realización y participación en las sesiones programadas.","2020-06-12",null,"Información","Español","Electrónico","2020-06-12","Documento PDF; HTML","Disponible a solicitud","Por demanda","Archivos digitales","Comunicación oficial mediante la cual se convoca a los miembros del Consejo para la realización y participación en la sesiones programadas","Director(a) General","DIRECCIÓN GENERAL; Dirección General - Asesor Unidad Especial","NO","BAJO",null,"BAJO","BAJO",1,1,1,3,"BAJO","NO",null,"PÚBLICA","No tiene excepción de acceso",null,"Información Pública de conocimiento General","No Aplica","2023-10-30","No Aplica "]
[93,"Direccionamiento y Planeación Estratégica","Informes de Gestión Consejo Asesor","Documento mediante el cual se presentan los resultados del cumplimiento sobre las funciones y las recomendaciones para el adecuado ejercicio de la funciones de la UBPD  por parte del Consejo Asesor","2022-11-01",null,"Información","Español","Electrónico","2022-11-01","Documento PDF","Disponible a solicitud","Anual","Archivos digitales","La serie documental representa los saberes provenientes de distintas experiencias en la Busqueda de las Personas dadas por desaparecidas en el contexto y en razon del conflicto armado. Su integración permite el fortalecimiento de capacidades que brinden herramientas para la participación efectiva de la entidades y organizaciones de la sociedad civil. Por lo tanto, la subserie documental representa historicamente el proceso de busqueda y la orientacion que desde diferentes organismos se da avance y lucha frente al proceso. ","Director(a) General","DIRECCIÓN GENERAL","SI","BAJO","BAJO","BAJO","BAJO",1,1,1,3,"BAJO","NO",null,"PÚBLICA","No tiene excepción de acceso",null,"Información Pública de conocimiento General","No Aplica","2023-10-30","No Aplica "]
[94,"Direccionamiento y Planeación Estratégica","Reglamento Consejo Asesor","Documento técnico mediante el cual se exponen de manera normativa la regulación, principios y funciones del Consejo Asesor de la UBPD","2020-11-13",null,"Información","Español","Electrónico","2020-11-13","Documento PDF","Disponible a solicitud","Anual","Archivos digitales","La serie documental representa los saberes provenientes de distintas experiencias en la Busqueda de las Personas dadas por desaparecidas en el contexto y en razon del conflicto armado. Su integración permite el fortalecimiento de capacidades que brinden herramientas para la participación efectiva de la entidades y organizaciones de la sociedad civil. Por lo tanto, la subserie documental representa historicamente el proceso de busqueda y la orientacion que desde diferentes organismos se da avance y lucha frente al proceso. ","Director(a) General","DIRECCIÓN GENERAL","NO","BAJO",null,"MEDIO","BAJO",1,2,1,4,"MEDIO","NO",null,"PÚBLICA","No tiene excepción de acceso",null,"Información Pública de conocimiento General","No Aplica","2023-10-30","No Aplica "]
[95,"Direccionamiento y Planeación Estratégica","Pactos por la busqueda de Personas dadas por Desaparecidas","Documento que presenta los pactos a desarrollar con los actores reelevantes para la busqueda de personas desaparecidas en el marco de la misionalidad de la UBPD","2020-12-04",null,"Información","Español","Electrónico; Digital","2020-12-04","Documento PDF; Papel","Publicada","Por demanda","Portales web propios","Serie documental que\nevidencia de la articulación entre las instituciones, garantizando la \nparticipación permanente de las personas que durante años han buscado \na sus seres queridos.\nUna vez termine el tiempo de retención en el archivo central (contado a \npartir de la emisión del áerre del pacto regional en la vigencia respectiva), \nse procederá a su conservación total por su valor histórico, científico, \ncultural e investigativo de la UBPO.","Director(a) General","DIRECCIÓN GENERAL","SI","BAJO","BAJO","MEDIO","BAJO",1,2,1,4,"MEDIO","NO",null,"PÚBLICA","No tiene excepción de acceso",null,"Información Pública de conocimiento General","No Aplica","2023-10-30","No Aplica "]
[96,"Direccionamiento y Planeación Estratégica","Informes de seguimiento a los Pactos Regionales","Documento que presenta los avances de los Pactos por la busqueda","2021-09-23","2023-05-03","Información","Español","Electrónico","2021-09-23","Documento de Texto; Documento PDF","Disponible a solicitud","Trimestral","Archivos digitales","Serie documental que\nevidencia de la articulación entre las instituciones, garantizando la \nparticipación permanente de las personas que durante años han buscado \na sus seres queridos.\nUna vez termine el tiempo de retención en el archivo central (contado a \npartir de la emisión del áerre del pacto regional en la vigencia respectiva), \nse procederá a su conservación total por su valor histórico, científico, \ncultural e investigativo de la UBPO.","Director(a) General","DIRECCIÓN GENERAL","NO","BAJO",null,"BAJO","BAJO",1,1,1,3,"BAJO","NO",null,"PÚBLICA","No tiene excepción de acceso",null,"Información Pública de conocimiento General","No Aplica","2023-10-30","No Aplica "]
[97,"Direccionamiento y Planeación Estratégica","Matriz de seguimiento a los Pactos por la Busqueda de Personas dadas por Desaparecidas","Documento que presenta las acciones, fechas, responsables y actividades verificadas o acuerdos logrados durante la ejecución del pacto","2021-03-01","2022-12-31","Información","Español","Electrónico","2021-03-01","Hoja de calculo","Disponible a solicitud","Por demanda","Archivos digitales","Serie documental que\nevidencia de la articulación entre las instituciones, garantizando la \nparticipación permanente de las personas que durante años han buscado \na sus seres queridos.\nUna vez termine el tiempo de retención en el archivo central (contado a \npartir de la emisión del áerre del pacto regional en la vigencia respectiva), \nse procederá a su conservación total por su valor histórico, científico, \ncultural e investigativo de la UBPO.","Director(a) General","DIRECCIÓN GENERAL","NO","BAJO",null,"MEDIO","MEDIO",1,2,2,5,"MEDIO","NO",null,"PÚBLICA","No tiene excepción de acceso",null,"Información Pública de conocimiento General","No Aplica","2023-10-30","No Aplica "]
[98,"Direccionamiento y Planeación Estratégica","Memorando","Documento por el cual se dictan las comunicaciones oficiales interno para personas o areas especificas","2019-01-01",null,"Información","Español","Electrónico","2019-06-30","Documento PDF","No disponible, No publicada","Por demanda","Archivos digitales",null,"Director(a) General","DIRECCIÓN GENERAL","NO","MEDIO",null,"BAJO","BAJO",2,1,1,4,"MEDIO","NO",null,"CLASIFICADA","El derecho de toda persona a la intimidad, bajo las limitaciones propias que impone la condición de servidor publico, en concordancia con lo estipulado por el artículo 24 de la Ley 1437 de 2011.",null,"Información exceptuada por daño de derechos a personas naturales o jurídicas.\n Articulo 18 Ley 1712 de 2014\nLos que involucren derechos a la privacidad e intimidad de las personas, incluidas en las hojas de vida, la historia laboral y los expedientes pensionales y demás registros de personal que obren en los archivos de las instituciones públicas o privadas, así como la historia clínica, salvo que sean solicitados por los propios interesados o por sus apoderados con facultad expresa para acceder a esa información.\n","Total","2023-10-02","Ilimitada, y no deberán aplicarse cuando la persona natural o jurídica ha consentido en la revelación de sus datos personales o privados o bien cuando es claro que la información fue entregada como parte de aquella información que debe estar bajo el régimen de publicidad aplicable"]
[99,"Direccionamiento y Planeación Estratégica","Circulares","Documento por el cual se emiten instrucciones y decisiones de interes interno y externo a la Unidad de Busqueda de Personas dadas por Desaparecidas ","2022-02-28","2023-04-12","Información","Español","Electrónico","2022-02-28","Documento PDF","Disponible a solicitud","Por demanda","Archivos digitales",null,"Director(a) General","DIRECCIÓN GENERAL","NO","MEDIO",null,"BAJO","BAJO",2,1,1,4,"MEDIO","SI","Dato Semiprivado","CLASIFICADA","El derecho de toda persona a la intimidad, bajo las limitaciones propias que impone la condición de servidor publico, en concordancia con lo estipulado por el artículo 24 de la Ley 1437 de 2011.",null,"Información exceptuada por daño de derechos a personas naturales o jurídicas.\n Articulo 18 Ley 1712 de 2014\nLos que involucren derechos a la privacidad e intimidad de las personas, incluidas en las hojas de vida, la historia laboral y los expedientes pensionales y demás registros de personal que obren en los archivos de las instituciones públicas o privadas, así como la historia clínica, salvo que sean solicitados por los propios interesados o por sus apoderados con facultad expresa para acceder a esa información.\n","Total","2023-10-02","Ilimitada, y no deberán aplicarse cuando la persona natural o jurídica ha consentido en la revelación de sus datos personales o privados o bien cuando es claro que la información fue entregada como parte de aquella información que debe estar bajo el régimen de publicidad aplicable"]
[100,"Direccionamiento y Planeación Estratégica","Actas del Comité Ejecutivo de Direccón Institucional de la UBPD","Documento que reune el resumen de los principales puntos abordadoscon los actores reelevantes en el Comité Ejecutivo de Dirección Intitucional de la UBPD.","2022-03-29","2023-06-01","Información","Español","Electrónico","2022-03-29","Papel; Documento PDF","Disponible a solicitud","Por demanda","Archivos digitales","Serie documental que evidenda de las decisiones tomadas sobre las estrategias para generar canales de comunicación circular que permitan la coordinación y \narticulación entre las diferentes áreas de la Entidad.","Director(a) General","DIRECCIÓN GENERAL","NO","MEDIO",null,"MEDIO","MEDIO",2,2,2,6,"MEDIO","SI","Dato Privado","CLASIFICADA","Los secretos comerciales, industriales y profesionales,  a excepción de lo estipulados en el articulo 77 de la Ley 1474 de 2011",null,"Información exceptuada por daño de derechos a personas naturales o jurídicas. \nArticulo 18 Ley 1712 de 2014","Parcial","2023-10-02","Ilimitada, y no deberán aplicarse cuando la persona natural o jurídica ha consentido en la revelación de sus datos personales o privados o bien cuando es claro que la información fue entregada como parte de aquella información que debe estar bajo el régimen de publicidad aplicable"]
[101,"Direccionamiento y Planeación Estratégica","Convocatoria a comité","Comunicación oficial mediante la cual se convoca a los miembros del comité e invitados para la realización y participación en las sesiones programadas, indicando hora, día y lugar de la reunión e incluir la agenda del comité","2022-03-29","2023-06-01","Información","Español","Electrónico","2022-03-29","Documento de Texto","Disponible a solicitud","No aplica","Archivos digitales","Serie documental que evidenda de las decisiones tomadas sobre las estrategias para generar canales de comunicación circular que permitan la coordinación y \narticulación entre las diferentes áreas de la Entidad.","Director(a) General","DIRECCIÓN GENERAL","NO","MEDIO",null,"MEDIO","BAJO",2,2,1,5,"MEDIO","SI","Dato Semiprivado","CLASIFICADA","El derecho de toda persona a la intimidad, bajo las limitaciones propias que impone la condición de servidor publico, en concordancia con lo estipulado por el artículo 24 de la Ley 1437 de 2011.",null,"Información exceptuada por daño de derechos a personas naturales o jurídicas.\n Articulo 18 Ley 1712 de 2014\nLos que involucren derechos a la privacidad e intimidad de las personas, incluidas en las hojas de vida, la historia laboral y los expedientes pensionales y demás registros de personal que obren en los archivos de las instituciones públicas o privadas, así como la historia clínica, salvo que sean solicitados por los propios interesados o por sus apoderados con facultad expresa para acceder a esa información.\n","Parcial","2023-10-02","Ilimitada, y no deberán aplicarse cuando la persona natural o jurídica ha consentido en la revelación de sus datos personales o privados o bien cuando es claro que la información fue entregada como parte de aquella información que debe estar bajo el régimen de publicidad aplicable"]
[102,"Gestión de Seguridad de la Información","Matriz de Activos de Información e indice de informacion Clasificada y Reservada","Documento mediante el cual se identifican y caracterizan los activos de información desde el punto de vista documental, valoración, el detalle de la caracterización de dichos activos, clasificación documental, índice de informacion clasificada y reservada.","2019-12-12","2023-06-01","Información","Español","Electrónico","2019-12-12","Hoja de calculo","Publicada","Anual","Portales web propios","La serie documental presenta las versiones de matriz de activos y la evolución que ha presentado en la UBPD así como los procesos de articulación de las dependencias que lideran y apoyan el proceso. Por tal motivo la serie es de alta importancia y debe conservarse permanentemente","Director(a) General","DIRECCIÓN GENERAL","NO","BAJO",null,"MEDIO","MEDIO",1,2,2,5,"MEDIO","NO",null,"PÚBLICA","No tiene excepción de acceso",null,"Información Pública de conocimiento General","No Aplica","2023-10-30","No Aplica "]
[103,"Gestión de Seguridad de la Información","Acta comité de seguridad de la información ","Documento dispositivo que plasma los temas y decisiones tratadas en el comité de seguridad de la información.","2021-05-07","2023-06-01","Información","Español","Electrónico","2020-05-11","Documento PDF","Disponible a solicitud","Por demanda","Archivos digitales","Serie documental que evidencia las estrategias de articulación, implementación, planeación, ejecución y seguimiento de las medidas para la protección de la información, , el aseguramiento de los activos de información de la entidad y el resguardo de todos los datos que hagan parte de los procesos institucionales.","Director(a) General","DIRECCIÓN GENERAL","NO","MEDIO",null,"MEDIO","MEDIO",2,2,2,6,"MEDIO","SI","Dato Semiprivado","CLASIFICADA","Los secretos comerciales, industriales y profesionales,  a excepción de lo estipulados en el articulo 77 de la Ley 1474 de 2011",null,"Información exceptuada por daño de derechos a personas naturales o jurídicas. \nArticulo 18 Ley 1712 de 2014","Parcial","2023-10-02","Ilimitada, y no deberán aplicarse cuando la persona natural o jurídica ha consentido en la revelación de sus datos personales o privados o bien cuando es claro que la información fue entregada como parte de aquella información que debe estar bajo el régimen de publicidad aplicable"]
[104,"Gestión de Seguridad de la Información","Comunicación Oficial solicitud de resultado de pruebas de seguridad digital","Comunicación oficial mediante la cual el oficial de seguridad de información solicita a la OTIC el resultado de las pruebas de seguridad digital realizadas ","2021-05-07","2023-06-01","Información","Español","Electrónico","2020-11-29","Documento PDF","Disponible a solicitud","Por demanda","Archivos digitales","Serie documental que potencia la base tecnológica y de comunicación que permite la transformación y la estrategia de la UBPD y, además, ofrece posibilidades investigativas de tipo histórico sobre la evaluación tanto orgánica como de los procesos de la entidad.","Director(a) General","DIRECCIÓN GENERAL","NO","BAJO",null,"BAJO","BAJO",1,1,1,3,"BAJO","NO",null,"PÚBLICA","No tiene excepción de acceso",null,"Información Pública de conocimiento General","No Aplica","2023-10-30","No Aplica "]
[105,"Gestión de Seguridad de la Información","Informe ejecutivo de las vulnerabilidades no cerradas","Documento mediante el cual la OTIC detalla las vulnerabilidades de seguridad sdigital que no han sido cerradas e indican los riesgos de estas. ","2021-05-07","2023-06-01","Información","Español","Electrónico","2019-10-03","Documento de Texto; Documento PDF","Disponible a solicitud","Por demanda","Archivos digitales","Serie documental que potencia la base tecnológica y de comunicación que permite la transformación y la estrategia de la UBPD y, además, ofrece posibilidades investigativas de tipo histórico sobre la evaluación tanto orgánica como de los procesos de la entidad.","Director(a) General","DIRECCIÓN GENERAL","NO","MEDIO",null,"MEDIO","MEDIO",2,2,2,6,"MEDIO","SI","Dato Privado","CLASIFICADA","Los secretos comerciales, industriales y profesionales,  a excepción de lo estipulados en el articulo 77 de la Ley 1474 de 2011",null,"Información exceptuada por daño de derechos a personas naturales o jurídicas. \nArticulo 18 Ley 1712 de 2014","Total","2023-10-02","Ilimitada, y no deberán aplicarse cuando la persona natural o jurídica ha consentido en la revelación de sus datos personales o privados o bien cuando es claro que la información fue entregada como parte de aquella información que debe estar bajo el régimen de publicidad aplicable"]
[106,"Gestión de Seguridad de la Información","Comunicación oficial de solicitud de seguimiento a las acciones correctivas ","documentyos mediante al cual se solicita a la OCI el resultado de los seguimeitnos realizados a las acciones correctivas de los hallazgos identificados.","2021-05-07","2022-01-01","Información","Español","Electrónico","2020-11-29","Documento PDF","Disponible a solicitud","Semestral","Archivos digitales","Serie documental que potencia la base tecnológica y de comunicación que permite la transformación y la estrategia de la UBPD y, además, ofrece posibilidades investigativas de tipo histórico sobre la evaluación tanto orgánica como de los procesos de la entidad.","Director(a) General","DIRECCIÓN GENERAL","NO","MEDIO",null,"BAJO","MEDIO",2,1,2,5,"MEDIO","NO",null,"CLASIFICADA","El derecho de toda persona a la vida, la salud o la seguridad",null,"Información exceptuada por daño de derechos a personas naturales o jurídicas. \nArticulo 18 Ley 1712 de 2014","Parcial","2023-10-02","Ilimitada, y no deberán aplicarse cuando la persona natural o jurídica ha consentido en la revelación de sus datos personales o privados o bien cuando es claro que la información fue entregada como parte de aquella información que debe estar bajo el régimen de publicidad aplicable"]
[107,"Gestión de Seguridad de la Información","Informe de seguimiento a las acciones correctivas","Documento que plasma el seguimiento que se realiza a las acciones correctivas del proceso","2021-05-07","2022-01-01","Información","Español","Electrónico","2020-11-29","HTML; Documento PDF","Disponible a solicitud","Semestral","Archivos digitales","Serie documental que potencia la base tecnológica y de comunicación que permite la transformación y la estrategia de la UBPD y, además, ofrece posibilidades investigativas de tipo histórico sobre la evaluación tanto orgánica como de los procesos de la entidad.","Director(a) General","DIRECCIÓN GENERAL","NO","MEDIO",null,"MEDIO","MEDIO",2,2,2,6,"MEDIO","NO",null,"CLASIFICADA","El derecho de toda persona a la vida, la salud o la seguridad",null,"Información exceptuada por daño de derechos a personas naturales o jurídicas. \nArticulo 18 Ley 1712 de 2014","Parcial","2023-10-02","Ilimitada, y no deberán aplicarse cuando la persona natural o jurídica ha consentido en la revelación de sus datos personales o privados o bien cuando es claro que la información fue entregada como parte de aquella información que debe estar bajo el régimen de publicidad aplicable"]
[108,"Gestión de Seguridad de la Información","Informe ejecutivo de monitoreo a los indicadores del sistema de seguridad de información","Documento que presenta los resultados del monitoreo de indicadores y de riesgos del sistema de seguridad de información ","2021-05-07","2023-06-01","Información","Español","Electrónico","2020-11-29","Documento PDF","Disponible a solicitud","Anual","Archivos digitales","Subserie documental que evidencia la compilación de trámites técnicos que se ejecutan para la administración y gestión sobre los incidentes de seguridad de la información ","Director(a) General","DIRECCIÓN GENERAL","NO","BAJO",null,"BAJO","BAJO",1,1,1,3,"BAJO","NO",null,"PÚBLICA","No tiene excepción de acceso",null,"Información Pública de conocimiento General","No Aplica","2023-10-30","No Aplica "]
[109,"Gestión de Seguridad de la Información","Plan de tratamiento de riesgos","Documento estrategico que define las medidas de seguridad identificadas para prevenir riesgos y proteger la informacion institucional","2021-05-07","2023-06-01","Información","Español","Electrónico","2020-11-29","Hoja de calculo; Documento PDF","Publicada","Anual","Archivos digitales","Subserie documental que evidencia la compilación de trámites técnicos que se ejecutan para la administración y gestión sobre los incidentes de seguridad de la información ","Director(a) General","DIRECCIÓN GENERAL","NO","BAJO",null,"BAJO","BAJO",1,1,1,3,"BAJO","NO",null,"PÚBLICA","No tiene excepción de acceso",null,"Información Pública de conocimiento General","No Aplica","2023-10-30","No Aplica "]
[110,"Gestión de Seguridad de la Información","Plan Estrategico de seguridad de la información ","Documento estrategico que define las medidas de seguridad identificadas para prevenir riesgos y proteger la informacion institucional","2021-05-07","2023-06-01","Información","Español","Electrónico","2020-11-29","Documento de Texto; Documento PDF","Disponible a solicitud","Anual","Archivos digitales","Subserie documental que evidencia la compilación de trámites técnicos que se ejecutan para la administración y gestión sobre los incidentes de seguridad de la información ","Director(a) General","DIRECCIÓN GENERAL","NO","BAJO",null,"BAJO","BAJO",1,1,1,3,"BAJO","NO",null,"PÚBLICA","No tiene excepción de acceso",null,"Información Pública de conocimiento General","No Aplica","2023-10-30","No Aplica "]
[111,"Gestión de Seguridad de la Información","Plan de acción de Gestión de Seguridad de la Información ","Documento mediante el cual se establece las acciones a realizar en el corto y mediano plazo en materia de seguridad de la información","2021-05-07","2023-06-01","Información","Español","Electrónico","2020-11-29","Documento de Texto; Documento PDF","Disponible a solicitud","Anual","Archivos digitales","Subserie documental que evidencia la compilación de trámites técnicos que se ejecutan para la administración y gestión sobre los incidentes de seguridad de la información ","Director(a) General","DIRECCIÓN GENERAL","NO","BAJO",null,"MEDIO","BAJO",1,2,1,4,"MEDIO","NO",null,"PÚBLICA","No tiene excepción de acceso",null,"Información Pública de conocimiento General","No Aplica","2023-10-30","No Aplica "]
[112,"Gestión de Seguridad de la Información","Solicitud de Ingreso a áreas Seguras ","Documento mediante el cual se solicita el ingreso a espacios de acceso restringido por la naturaleza del activo de información","2021-05-07","2023-06-01","Información","Español","Electrónico","2020-11-29","HTML","Disponible a solicitud","Por demanda","Archivos digitales","Subserie documental que evidencia la compilación de trámites técnicos que se ejecutan para la administración y gestión sobre los incidentes de seguridad de información.","Director(a) General","DIRECCIÓN GENERAL","NO","BAJO",null,"BAJO","BAJO",1,1,1,3,"BAJO","NO",null,"PÚBLICA","No tiene excepción de acceso",null,"Información Pública de conocimiento General","No Aplica","2023-10-30","No Aplica "]
[113,"Gestión de Seguridad de la Información","Bitacora de ingreso a áreas seguras ","Documento mediante el cual se registran los accesos o ingresos a áreas seguras","2021-05-07","2023-06-01","Información","Español","Electrónico","2020-11-29","Hoja de calculo","Disponible a solicitud","Por demanda","Archivos digitales","Subserie documental que evidencia la compilación de trámites técnicos que se ejecutan para la administración y gestión sobre los incidentes de seguridad de información.","Director(a) General","DIRECCIÓN GENERAL","NO","BAJO",null,"BAJO","BAJO",1,1,1,3,"BAJO","NO",null,"PÚBLICA","No tiene excepción de acceso",null,"Información Pública de conocimiento General","No Aplica","2023-10-30","No Aplica "]
[114,"Gestión de Seguridad de la Información","Comunicación oficial de registro de visitas a área segura ","Comunicación oficial mediante la cual se informa el resultado de la visita al área segura ","2021-05-07","2023-06-01","Información","Español","Electrónico","2020-11-29","HTML; Documento de Texto","Disponible a solicitud","Por demanda","Archivos digitales","Subserie documental que evidencia la compilación de trámites técnicos que se ejecutan para la administración y gestión sobre los incidentes de seguridad de información.","Director(a) General","DIRECCIÓN GENERAL","NO","MEDIO",null,"BAJO","BAJO",2,1,1,4,"MEDIO","SI","Dato Semiprivado","CLASIFICADA","El derecho de toda persona a la vida, la salud o la seguridad",null,"Información exceptuada por daño de derechos a personas naturales o jurídicas. \nArticulo 18 Ley 1712 de 2014","Parcial","2023-10-02","Ilimitada, y no deberán aplicarse cuando la persona natural o jurídica ha consentido en la revelación de sus datos personales o privados o bien cuando es claro que la información fue entregada como parte de aquella información que debe estar bajo el régimen de publicidad aplicable"]
[115,"Gestión de Seguridad de la Información","Comunicación oficial de reporte de incidente de seguridad","Comunicación oficial mediante la cual se reporta un incidente de seguridad de la información","2021-05-07","2023-06-01","Información","Español","Electrónico","2019-10-03","Documento de Texto; Documento PDF","Disponible a solicitud","Por demanda","Archivos digitales","Evidencia de la compilación de trámites técnicos que se ejecutan para la administración y gestión sobre los incidentes de seguridad de información","Director(a) General","DIRECCIÓN GENERAL","NO","MEDIO",null,"MEDIO","MEDIO",2,2,2,6,"MEDIO","SI","Dato Semiprivado","CLASIFICADA","El derecho de toda persona a la vida, la salud o la seguridad",null,"Información exceptuada por daño de derechos a personas naturales o jurídicas. \nArticulo 18 Ley 1712 de 2014","Parcial","2023-10-02","Ilimitada, y no deberán aplicarse cuando la persona natural o jurídica ha consentido en la revelación de sus datos personales o privados o bien cuando es claro que la información fue entregada como parte de aquella información que debe estar bajo el régimen de publicidad aplicable"]
[116,"Gestión de Seguridad de la Información","Reporte incidente de seguridad de información ","Documento mediante el cual se establecen los registros de incidentes de seguridad de la información reportados a la mesa de servicio institucional, su clasificacion y análisis","2021-05-07","2023-06-01","Información","Español","Electrónico","2019-10-03","Documento PDF; Documento de Texto","Disponible a solicitud","Por demanda","Archivos digitales","Evidencia de la compilación de trámites técnicos que se ejecutan para la administración y gestión sobre los incidentes de seguridad de información","Director(a) General","DIRECCIÓN GENERAL","NO","MEDIO",null,"MEDIO","MEDIO",2,2,2,6,"MEDIO","SI","Dato Semiprivado","CLASIFICADA","El derecho de toda persona a la vida, la salud o la seguridad",null,"Información exceptuada por daño de derechos a personas naturales o jurídicas. \nArticulo 18 Ley 1712 de 2014","Parcial","2023-10-02","Ilimitada, y no deberán aplicarse cuando la persona natural o jurídica ha consentido en la revelación de sus datos personales o privados o bien cuando es claro que la información fue entregada como parte de aquella información que debe estar bajo el régimen de publicidad aplicable"]
[117,"Gestión de Seguridad de la Información","Comunicación oficial de desarrollo del incidente","Comunicación oficial mediante la cual se informa el desarrollo del incidente de seguridad de la información a los interesados.","2021-05-07","2023-06-01","Información","Español","Electrónico","2019-10-03","Documento PDF; HTML","Disponible a solicitud","Por demanda","Archivos digitales","Evidencia de la compilación de trámites técnicos que se ejecutan para la administración y gestión sobre los incidentes de seguridad de información","Director(a) General","DIRECCIÓN GENERAL","NO","MEDIO",null,"MEDIO","MEDIO",2,2,2,6,"MEDIO","SI","Dato Semiprivado","CLASIFICADA","El derecho de toda persona a la vida, la salud o la seguridad",null,"Información exceptuada por daño de derechos a personas naturales o jurídicas. \nArticulo 18 Ley 1712 de 2014","Parcial","2023-10-02","Ilimitada, y no deberán aplicarse cuando la persona natural o jurídica ha consentido en la revelación de sus datos personales o privados o bien cuando es claro que la información fue entregada como parte de aquella información que debe estar bajo el régimen de publicidad aplicable"]
[118,"Gestión de Seguridad de la Información","Convocatoria a Comité de Seguridad de la información","Comunicación oficial mediante la cual se convoca a participar de la sesión del comité de seguridad de la información.","2021-05-07","2023-06-01","Información","Español","Electrónico","2020-11-29","HTML","Disponible a solicitud","No aplica","Archivos digitales","Serie documental que evidencia las estrategias de articulación, implementación, planeación, ejecución y seguimiento de las medidas para la protección de la información, , el aseguramiento de los activos de información de la entidad y el resguardo de todos los datos que hagan parte de los procesos institucionales.","Director(a) General","DIRECCIÓN GENERAL","NO","MEDIO",null,"MEDIO","BAJO",2,2,1,5,"MEDIO","NO",null,"CLASIFICADA","Los secretos comerciales, industriales y profesionales,  a excepción de lo estipulados en el articulo 77 de la Ley 1474 de 2011",null,"Información exceptuada por daño de derechos a personas naturales o jurídicas. \nArticulo 18 Ley 1712 de 2014","Parcial","2023-10-02","Ilimitada, y no deberán aplicarse cuando la persona natural o jurídica ha consentido en la revelación de sus datos personales o privados o bien cuando es claro que la información fue entregada como parte de aquella información que debe estar bajo el régimen de publicidad aplicable"]
[119,"Direccionamiento y Planeación Estratégica","Sistema de Información documental para la búsqueda - SIDOBU","Sistema de Gestion de Documentos Electrónicos de Archivos por el cual se radican documentos  ","2022-01-03",null,"Software Aplicaciones Informáticas ",null,null,null,null,null,null,null,null,"Director(a) General","DIRECCIÓN GENERAL","NO","MEDIO",null,"MEDIO","BAJO",2,2,1,5,"MEDIO","NO",null,"CLASIFICADA",null,null," ",null,"2023-10-30"," "]
[120,"Direccionamiento y Planeación Estratégica","BUSQUEMOS","Sistema de Informacion Misional","2023-07-27",null,"Software Aplicaciones Informáticas ",null,null,null,null,null,null,null,null,"Director(a) General","DIRECCIÓN GENERAL","NO","ALTO",null,"MEDIO","MEDIO",3,2,2,7,"MEDIO","NO",null,"RESERVADA",null,null," ",null,"2023-10-30"," "]
[121,"Direccionamiento y Planeación Estratégica","Grabadoras de voz","Dispositivo dispuesto para la grabación de audio en la sesiones del Consejo Asesor.","2023-10-02",null,"Soportes de Información",null,null,null,null,null,null,null,null,"Director(a) General","DIRECCIÓN GENERAL","NO","MEDIO",null,"BAJO","BAJO",2,1,1,4,"MEDIO","NO",null,"CLASIFICADA",null,null," ",null,"2023-10-30"," "]
[122,"Direccionamiento y Planeación Estratégica","Celular","Telefono celular dispuesto para atender correo y realizar llamadas","2023-05-01",null,"Soportes de Información",null,null,null,null,null,null,null,null,"Jefe de Oficina Asesora de Unidad Especial Oficina Asesora de Planeación","DIRECCIÓN GENERAL","NO","MEDIO",null,"MEDIO","BAJO",2,2,1,5,"MEDIO","NO",null,"CLASIFICADA",null,null," ",null,"2023-10-30"," "]
[123,"Control Interno Disciplinario","Queja o informe ","Mecanismo a través del cual se impulsa el inicio de la acción disciplinaria, al poner en conocimiento de la autoridad correspondiente determinados hechos que constituyen una irregularidad, en la que incurre un funcionario público, con el propósito que dicha autoridad adelante una investigación disciplinaria que determine la existencia real de esa situación anómala y aplique los correctivos pertinentes.   (Concepto 00048 de 2020 Consejo de Estado - Sala de Consulta y Servicio Civil)          ","2019-12-04",null,"Información","Español","Híbrido: Análogo - digital","2021-08-18","Documento PDF; Papel","No disponible, No publicada","Por demanda","Archivo físico","Estos procesos aportan conocimiento de un aspecto central de la función administrativa en relación con los servidores públicos y evidencian la eventual comisión de faltas disciplinarias en que se pueda incurrir. ","Secretario General Secretaría General","SECRETARÍA GENERAL","NO","ALTO",null,"ALTO","ALTO",3,3,3,9,"ALTO","SI","Dato Sensible","RESERVADA","La prevención, investigación y persecución de delitos y las faltas disciplinarias, mientras que no se haga efectiva la medida de aseguramiento o se formule pliego de cargos, según el caso.","Artículo 115 de la Ley 1952 de 2019","Información exceptuada por daño a los intereses públicos. Articulo 19 Ley 1712 de 2014","Total","2021-12-15","No Mayor a 15 años"]
[124,"Control Interno Disciplinario","Auto inhibitorio","Cuando la información o queja sea manifiestamente temeraria o se refiera a hechos disciplinariamente irrelevantes o de imposible ocurrencia o sean presentados de manera absolutamente inconcreta o difusa, o cuando la acción no puede iniciarse, el funcionario de plano se inhibirá de iniciar actuación alguna. Contra esta decisión no procede recurso. (Artículo 209 CGD)                         ","2021-03-08",null,"Información","Español","Híbrido: Análogo - digital","2021-08-18","Documento PDF; Papel","No disponible, No publicada","Por demanda","Archivo físico","Estos procesos aportan conocimiento de un aspecto central de la función administrativa en relación con los servidores públicos y evidencian la eventual comisión de faltas disciplinarias en que se pueda incurrir. ","Secretario General Secretaría General","SECRETARÍA GENERAL","NO","ALTO",null,"ALTO","ALTO",3,3,3,9,"ALTO","SI","Dato Sensible","RESERVADA","La prevención, investigación y persecución de delitos y las faltas disciplinarias, mientras que no se haga efectiva la medida de aseguramiento o se formule pliego de cargos, según el caso.","Artículo 115 de la Ley 1952 de 2019","Información exceptuada por daño a los intereses públicos. Articulo 19 Ley 1712 de 2014","Total","2021-12-15","No Mayor a 15 años"]
[125,"Control Interno Disciplinario","Auto de remisión por competencia","Decisión por medio de la cual se remite por competencia a otro organo disciplinario de un asunto en concreto. (De conformidad con el artículo 91 y siguientes del CGD)","2022-12-02",null,"Información","Español","Híbrido: Análogo - digital","2022-11-15","Documento PDF; Papel","No disponible, No publicada","Por demanda","Archivo físico","Estos procesos aportan conocimiento de un aspecto central de la función administrativa en relación con los servidores públicos y evidencian la eventual comisión de faltas disciplinarias en que se pueda incurrir. ","Secretario General Secretaría General","SECRETARÍA GENERAL","NO","ALTO",null,"ALTO","ALTO",3,3,3,9,"ALTO","SI","Dato Sensible","RESERVADA","La prevención, investigación y persecución de delitos y las faltas disciplinarias, mientras que no se haga efectiva la medida de aseguramiento o se formule pliego de cargos, según el caso.","Artículo 115 de la Ley 1952 de 2019","Información exceptuada por daño a los intereses públicos. Articulo 19 Ley 1712 de 2014","Total","2021-12-15","No Mayor a 15 años"]
[126,"Control Interno Disciplinario","Auto de apertura de indagación previa","Decisión que tiene como fin identificar e individualizar el o los presuntos autores de la conducta cuestionada. (Artículo 208 CGD)","2019-02-04",null,"Información","Español","Híbrido: Análogo - digital","2021-08-18","Documento PDF; Papel","No disponible, No publicada","Por demanda","Archivo físico","Estos procesos aportan conocimiento de un aspecto central de la función administrativa en relación con los servidores públicos y evidencian la eventual comisión de faltas disciplinarias en que se pueda incurrir. ","Secretario General Secretaría General","SECRETARÍA GENERAL","NO","ALTO",null,"ALTO","ALTO",3,3,3,9,"ALTO","SI","Dato Sensible","RESERVADA","La prevención, investigación y persecución de delitos y las faltas disciplinarias, mientras que no se haga efectiva la medida de aseguramiento o se formule pliego de cargos, según el caso.","Artículo 115 de la Ley 1952 de 2019","Información exceptuada por daño a los intereses públicos. Articulo 19 Ley 1712 de 2014","Total","2021-12-15","No Mayor a 15 años"]
[127,"Control Interno Disciplinario","Auto de apertura de investigación disciplinaria","Decisión de iniciar la investigación disciplinaria a fin de verificar la ocurrencia de la conducta, determinar si es constitutiva de falta disciplinaria o si se ha actuado al amparo de una causal de exclusión de la responsabilidad.  (Artículos 211 y 212 del CGD)\n","2020-12-28",null,"Información","Español","Híbrido: Análogo - digital","2021-08-18","Documento PDF; Papel","No disponible, No publicada","Por demanda","Archivo físico","Estos procesos aportan conocimiento de un aspecto central de la función administrativa en relación con los servidores públicos y evidencian la eventual comisión de faltas disciplinarias en que se pueda incurrir. ","Secretario General Secretaría General","SECRETARÍA GENERAL","NO","ALTO",null,"ALTO","ALTO",3,3,3,9,"ALTO","SI","Dato Sensible","RESERVADA","La prevención, investigación y persecución de delitos y las faltas disciplinarias, mientras que no se haga efectiva la medida de aseguramiento o se formule pliego de cargos, según el caso.","Artículo 115 de la Ley 1952 de 2019","Información exceptuada por daño a los intereses públicos. Articulo 19 Ley 1712 de 2014","Total","2021-12-15","No Mayor a 15 años"]
[128,"Control Interno Disciplinario","Oficios de notificación personal ","Documento por medio del cual se cita al investigado y/o defensor para ser notificados personalmente de los autos de apertura de investigación disciplinaria, el de vinculación, el pliego de cargos y su variación, los fallos de instancia.  (Artículo 121 CGD)\n","2019-02-04",null,"Información","Español","Híbrido: Análogo - digital","2021-08-18","Documento PDF; Papel","No disponible, No publicada","Por demanda","Archivo físico","Estos procesos aportan conocimiento de un aspecto central de la función administrativa en relación con los servidores públicos y evidencian la eventual comisión de faltas disciplinarias en que se pueda incurrir. ","Secretario General Secretaría General","SECRETARÍA GENERAL","NO","ALTO",null,"ALTO","ALTO",3,3,3,9,"ALTO","SI","Dato Sensible","RESERVADA","El debido proceso y la igualdad de las partes de los procesos judiciales","Artículo 115 de la Ley 1952 de 2019","Información exceptuada por daño a los intereses públicos. Articulo 19 Ley 1712 de 2014","Total","2021-12-15","No Mayor a 15 años"]
[129,"Control Interno Disciplinario","Autos de prueba ","Desición por medio de la cual se decreta la práctica de pruebas que permitan esclarecer los hechos objeto deldel proceso disciplinario. (Conforme al artículo 147 y siguientes del CGD)","2021-06-09",null,"Información","Español","Híbrido: Análogo - digital","2021-08-18","Documento PDF; Papel","No disponible, No publicada","Por demanda","Archivo físico","Estos procesos aportan conocimiento de un aspecto central de la función administrativa en relación con los servidores públicos y evidencian la eventual comisión de faltas disciplinarias en que se pueda incurrir","Secretario General Secretaría General","SECRETARÍA GENERAL","NO","ALTO",null,"ALTO","ALTO",3,3,3,9,"ALTO","SI","Dato Sensible","RESERVADA","La prevención, investigación y persecución de delitos y las faltas disciplinarias, mientras que no se haga efectiva la medida de aseguramiento o se formule pliego de cargos, según el caso.","Artículo 115 de la Ley 1952 de 2019","Información exceptuada por daño a los intereses públicos. Articulo 19 Ley 1712 de 2014","Total","2021-12-15","No Mayor a 15 años"]
[130,"Control Interno Disciplinario","Diligencia de versión libre espontanea","Documento de actuación procesal en la cual el investigado como sujeto procesal tiene el derecho a ser oído por parte del operador disciplinario, en cualquier etapa de la actuación procesal antes del fallo de primera instancia, para que manifieste su versión relacionada con los hechos objeto de investigación.  (Artículo 112 CGD)","2019-02-04",null,"Información","Español","Híbrido: Análogo - digital","2021-08-18","Documento PDF; Papel","No disponible, No publicada","Por demanda","Archivo físico","Estos procesos aportan conocimiento de un aspecto central de la función administrativa en relación con los servidores públicos y evidencian la eventual comisión de faltas disciplinarias en que se pueda incurrir","Secretario General Secretaría General","SECRETARÍA GENERAL","NO","ALTO",null,"ALTO","ALTO",3,3,3,9,"ALTO","SI","Dato Sensible","RESERVADA","La prevención, investigación y persecución de delitos y las faltas disciplinarias, mientras que no se haga efectiva la medida de aseguramiento o se formule pliego de cargos, según el caso.","Artículo 115 de la Ley 1952 de 2019","Información exceptuada por daño a los intereses públicos. Articulo 19 Ley 1712 de 2014","Total","2021-12-15","No Mayor a 15 años"]
[131,"Control Interno Disciplinario","Diligencia de ampliación y ratificación de queja","Documento de actuación procesal que contiene el derecho del quejoso a ampliar la queja bajo la gravedad del juramento, a aportar las pruebas que tenga en su poder, que soporte, complemente y de sustento a la presunta comisión de la falta denunciada. (Parágrafo primero del artículo 120 del CGD)","2021-02-04",null,"Información","Español","Híbrido: Análogo - digital","2021-08-18","Documento PDF; Papel","No disponible, No publicada","Por demanda","Archivo físico","Estos procesos aportan conocimiento de un aspecto central de la función administrativa en relación con los servidores públicos y evidencian la eventual comisión de faltas disciplinarias en que se pueda incurrir","Secretario General Secretaría General","SECRETARÍA GENERAL","NO","ALTO",null,"ALTO","ALTO",3,3,3,9,"ALTO","SI","Dato Sensible","RESERVADA","La prevención, investigación y persecución de delitos y las faltas disciplinarias, mientras que no se haga efectiva la medida de aseguramiento o se formule pliego de cargos, según el caso.","Artículo 115 de la Ley 1952 de 2019","Información exceptuada por daño a los intereses públicos. Articulo 19 Ley 1712 de 2014","Total","2021-12-15","No Mayor a 15 años"]
[132,"Control Interno Disciplinario","Declaración juramentada","Manifestación escrita o verbal cuya veracidad es asegurada mediante juramento ante  autoridad judicial o administrativa. Su contenido representa plena fé y testimonio de hechos en razón de que al declarante le consta o conoce.                                                  ","2020-12-28",null,"Información","Español","Híbrido: Análogo - digital","2021-08-18","Documento PDF; Papel","No disponible, No publicada","Por demanda","Archivo físico","Estos procesos aportan conocimiento de un aspecto central de la función administrativa en relación con los servidores públicos y evidencian la eventual comisión de faltas disciplinarias en que se pueda incurrir","Secretario General Secretaría General","SECRETARÍA GENERAL","NO","ALTO",null,"ALTO","ALTO",3,3,3,9,"ALTO","SI","Dato Sensible","RESERVADA","La prevención, investigación y persecución de delitos y las faltas disciplinarias, mientras que no se haga efectiva la medida de aseguramiento o se formule pliego de cargos, según el caso.","Artículo 115 de la Ley 1952 de 2019","Información exceptuada por daño a los intereses públicos. Articulo 19 Ley 1712 de 2014","Total","2021-12-15","No Mayor a 15 años"]
[133,"Control Interno Disciplinario","Autos sobre impedimentos y recusaciones ","Documento en el cual el disciplinador manifiesta si se encuentra en curso de un impedimento o recusación sobre el proceso conforme al Código General Disciplinario - Artículos del 104 al 107. ","2022-12-02",null,"Información","Español","Híbrido: Análogo - digital","2021-06-16","Documento PDF; Papel","No disponible, No publicada","Por demanda","Archivo físico","Estos procesos aportan conocimiento de un aspecto central de la función administrativa en relación con los servidores públicos y evidencian la eventual comisión de faltas disciplinarias en que se pueda incurrir","Secretario General Secretaría General","SECRETARÍA GENERAL","NO","ALTO",null,"ALTO","ALTO",3,3,3,9,"ALTO","SI","Dato Sensible","RESERVADA","La prevención, investigación y persecución de delitos y las faltas disciplinarias, mientras que no se haga efectiva la medida de aseguramiento o se formule pliego de cargos, según el caso.","Artículo 115 de la Ley 1952 de 2019","Información exceptuada por daño a los intereses públicos. Articulo 19 Ley 1712 de 2014","Total","2021-12-15","No Mayor a 15 años"]
[134,"Control Interno Disciplinario","Auto de cierre","Documento por el cual se declara el cierre de la invesitgación, de conformidad con lo estipulado en el artículo 220 Código Disciplinario Único. ","2023-09-15",null,"Información","Español","Híbrido: Análogo - digital","2021-06-09","Documento PDF; Papel","No disponible, No publicada","Por demanda","Archivo físico","Estos procesos aportan conocimiento de un aspecto central de la función administrativa en relación con los servidores públicos y evidencian la eventual comisión de faltas disciplinarias en que se pueda incurrir","Secretario General Secretaría General","SECRETARÍA GENERAL","NO","ALTO",null,"ALTO","ALTO",3,3,3,9,"ALTO","SI","Dato Sensible","RESERVADA","La prevención, investigación y persecución de delitos y las faltas disciplinarias, mientras que no se haga efectiva la medida de aseguramiento o se formule pliego de cargos, según el caso.","Artículo 115 de la Ley 1952 de 2019","Información exceptuada por daño a los intereses públicos. Articulo 19 Ley 1712 de 2014","Total","2023-09-15","No Mayor a 15 años"]
[135,"Control Interno Disciplinario","Auto de pliego de cargos","Es el acto administrativo que contiene la relación de las faltas disciplinarias o infracciones que concretan la imputación jurídico fáctica al funcionario, exfunsionario o particular que cumple funsiones públicas sometido a investigación, de conformidad los artículos 221  al 223 del CGD.                                 ","2022-12-02",null,"Información","Español","Híbrido: Análogo - digital","2021-10-12","Documento PDF; Papel","No disponible, No publicada","Por demanda","Archivo físico","Estos procesos aportan conocimiento de un aspecto central de la función administrativa en relación con los servidores públicos y evidencian la eventual comisión de faltas disciplinarias en que se pueda incurrir","Secretario General Secretaría General","SECRETARÍA GENERAL","NO","ALTO",null,"ALTO","ALTO",3,3,3,9,"ALTO","SI","Dato Sensible","RESERVADA","La prevención, investigación y persecución de delitos y las faltas disciplinarias, mientras que no se haga efectiva la medida de aseguramiento o se formule pliego de cargos, según el caso.","Artículo 115 de la Ley 1952 de 2019","Información exceptuada por daño a los intereses públicos. Articulo 19 Ley 1712 de 2014","Total","2021-12-15","No Mayor a 15 años"]
[136,"Control Interno Disciplinario","Notificación de Auto de pliego de cargos ","Documento por medio del cual se pone en conocimiento del disciplinado el contenido del auto de pliego de cargos, con el fin de que pueda ejercer su derecho de defensa y contradicción, según lo indicado en el artículo 225 del CGD.","2022-12-02",null,"Información","Español","Híbrido: Análogo - digital","2021-10-13","Documento PDF; Papel","No disponible, No publicada","Por demanda","Archivo físico","Estos procesos aportan conocimiento de un aspecto central de la función administrativa en relación con los servidores públicos y evidencian la eventual comisión de faltas disciplinarias en que se pueda incurrir","Secretario General Secretaría General","SECRETARÍA GENERAL","NO","ALTO",null,"ALTO","ALTO",3,3,3,9,"ALTO","SI","Dato Sensible","RESERVADA","La prevención, investigación y persecución de delitos y las faltas disciplinarias, mientras que no se haga efectiva la medida de aseguramiento o se formule pliego de cargos, según el caso.","Artículo 115 de la Ley 1952 de 2019","Información exceptuada por daño a los intereses públicos. Articulo 19 Ley 1712 de 2014","Total","2021-12-15","No Mayor a 15 años"]
[137,"Control Interno Disciplinario","Autos de trámite y traslados","Actos administrativos a través de los cuales se da impulso al proceso disciplinario.","2019-02-04",null,"Información","Español","Híbrido: Análogo - digital","2021-08-18","Documento PDF; Papel","No disponible, No publicada","Por demanda","Archivo físico","Estos procesos aportan conocimiento de un aspecto central de la función administrativa en relación con los servidores públicos y evidencian la eventual comisión de faltas disciplinarias en que se pueda incurrir","Secretario General Secretaría General","SECRETARÍA GENERAL","NO","ALTO",null,"ALTO","ALTO",3,3,3,9,"ALTO","SI","Dato Sensible","RESERVADA","La prevención, investigación y persecución de delitos y las faltas disciplinarias, mientras que no se haga efectiva la medida de aseguramiento o se formule pliego de cargos, según el caso.","Artículo 115 de la Ley 1952 de 2019","Información exceptuada por daño a los intereses públicos. Articulo 19 Ley 1712 de 2014","Total","2021-12-15","No Mayor a 15 años"]
[138,"Control Interno Disciplinario","Notificaciones por estado  ","Documento que da a conocer al disciplinado y/o su abogado ciertas decisiones tomadas en el curso de este, conforme a lo estipulado en el artículo 125 del CGD","2022-12-02",null,"Información","Español","Híbrido: Análogo - digital","2022-06-21","Documento PDF; Papel","No disponible, No publicada","Por demanda","Archivo físico","Estos procesos aportan conocimiento de un aspecto central de la función administrativa en relación con los servidores públicos y evidencian la eventual comisión de faltas disciplinarias en que se pueda incurrir","Secretario General Secretaría General","SECRETARÍA GENERAL","NO","ALTO",null,"ALTO","ALTO",3,3,3,9,"ALTO","SI","Dato Sensible","RESERVADA","La prevención, investigación y persecución de delitos y las faltas disciplinarias, mientras que no se haga efectiva la medida de aseguramiento o se formule pliego de cargos, según el caso.","Artículo 115 de la Ley 1952 de 2019","Información exceptuada por daño a los intereses públicos. Articulo 19 Ley 1712 de 2014","Total","2021-12-15","No Mayor a 15 años"]
[139,"Control Interno Disciplinario","Autos de reconocimiento para actuar","Acto administrativo por medio del cuial se reconoce personería jurídica al apoderado del investigado para actuar en el proceso.","2021-03-08",null,"Información","Español","Híbrido: Análogo - digital","2021-08-18","Documento PDF; Papel","No disponible, No publicada","Por demanda","Archivo físico","Estos procesos aportan conocimiento de un aspecto central de la función administrativa en relación con los servidores públicos y evidencian la eventual comisión de faltas disciplinarias en que se pueda incurrir","Secretario General Secretaría General","SECRETARÍA GENERAL","NO","ALTO",null,"ALTO","ALTO",3,3,3,9,"ALTO","SI","Dato Sensible","RESERVADA","La prevención, investigación y persecución de delitos y las faltas disciplinarias, mientras que no se haga efectiva la medida de aseguramiento o se formule pliego de cargos, según el caso.","Artículo 115 de la Ley 1952 de 2019","Información exceptuada por daño a los intereses públicos. Articulo 19 Ley 1712 de 2014","Total","2021-12-15","No Mayor a 15 años"]
[140,"Control Interno Disciplinario","Auto resolviendo nulidades","Acto administrativo que contiene las decisiones por medio de la cuales se resuelve de fondo aspectos que puedan llegar a afectar las garantías o derechos del disciplinario , o desconoce las bases fundamentales de la instrucción y el juzgamiento, según lo estipulado en el artículo 202 y siguientes del CGD","2022-12-02",null,"Información","Español","Híbrido: Análogo - digital","2022-03-07","Documento PDF; Papel","No disponible, No publicada","Por demanda","Archivo físico","Estos procesos aportan conocimiento de un aspecto central de la función administrativa en relación con los servidores públicos y evidencian la eventual comisión de faltas disciplinarias en que se pueda incurrir","Secretario General Secretaría General","SECRETARÍA GENERAL","NO","ALTO",null,"ALTO","ALTO",3,3,3,9,"ALTO","SI","Dato Sensible","RESERVADA","La prevención, investigación y persecución de delitos y las faltas disciplinarias, mientras que no se haga efectiva la medida de aseguramiento o se formule pliego de cargos, según el caso.","Artículo 115 de la Ley 1952 de 2019","Información exceptuada por daño a los intereses públicos. Articulo 19 Ley 1712 de 2014","Total","2021-12-15","No Mayor a 15 años"]
[141,"Control Interno Disciplinario","Auto de archivo","Acto administrativo a através del cual se toma la decisión de darle fina al proceso disciplinario, por no encontrar mérito para continuar con el mismo o por prescripción . De acuerdo a lo indicado en el artículo 208 del CGD para la indagacioón previa y 213 para la investigación disciplinaria. ","2019-02-04",null,"Información","Español","Híbrido: Análogo - digital","2021-08-18","Documento PDF; Papel","No disponible, No publicada","Por demanda","Archivo físico","Estos procesos aportan conocimiento de un aspecto central de la función administrativa en relación con los servidores públicos y evidencian la eventual comisión de faltas disciplinarias en que se pueda incurrir","Secretario General Secretaría General","SECRETARÍA GENERAL","NO","BAJO",null,"BAJO","BAJO",1,1,1,3,"BAJO","NO",null,"PÚBLICA","No tiene excepción de acceso",null,"Información Pública de conocimiento General","No Aplica","2023-10-30","No Aplica "]
[142,"Control Interno Disciplinario","Constancia de ejecutoria ","Documento que determina la fecha a partir de cuándo queda en firme el acto administrativo, conforme al artículo 138 del CGD","2019-02-04",null,"Información","Español","Híbrido: Análogo - digital","2021-08-18","Documento PDF; Papel","No disponible, No publicada","Por demanda","Archivo físico","Estos procesos aportan conocimiento de un aspecto central de la función administrativa en relación con los servidores públicos y evidencian la eventual comisión de faltas disciplinarias en que se pueda incurrir","Secretario General Secretaría General","SECRETARÍA GENERAL","NO","BAJO",null,"BAJO","BAJO",1,1,1,3,"BAJO","NO",null,"PÚBLICA","No tiene excepción de acceso",null,"Información Pública de conocimiento General","No Aplica","2023-10-30","No Aplica "]
[143,"Control Interno Disciplinario","Derecho de petición ","Documento que contiene solicitudes respetuosas presentadas a la entidad, es un derecho fundamental establecido en el artículo 23 de la Constitución Política de Colombia, el cual debera atenderse  en los  términos de tiempos y calidades  de conformidad con lo establecido en la norma vigente. (Ley 1755 de 2015)","2022-10-06",null,"Información","Español","Híbrido: Análogo - digital","2021-08-18","Documento PDF; Papel","No disponible, No publicada","Por demanda","Archivo físico","Estos procesos aportan conocimiento de un aspecto central de la función administrativa en relación con los servidores públicos y evidencian la eventual comisión de faltas disciplinarias en que se pueda incurrir","Secretario General Secretaría General","SECRETARÍA GENERAL","NO","ALTO",null,"ALTO","ALTO",3,3,3,9,"ALTO","SI","Dato Sensible","RESERVADA","La prevención, investigación y persecución de delitos y las faltas disciplinarias, mientras que no se haga efectiva la medida de aseguramiento o se formule pliego de cargos, según el caso.","Artículo 115 de la Ley 1952 de 2019 ","Información exceptuada por daño a los intereses públicos. Articulo 19 Ley 1712 de 2014","Total","2023-09-15","No Mayor a 15 años"]
[144,"Control Interno Disciplinario","Respuesta al derecho de petición ","Documento que contiene las respuestas a las solicitudes dirigidas en el marco del proceso disciplinario y que debe ser tramitadas en los términos establecidos por la Ley 1755 de 2015.","2022-10-07",null,"Información","Español","Híbrido: Análogo - digital","2021-08-18","Documento PDF; Papel","No disponible, No publicada","Por demanda","Archivo físico","Estos procesos aportan conocimiento de un aspecto central de la función administrativa en relación con los servidores públicos y evidencian la eventual comisión de faltas disciplinarias en que se pueda incurrir","Secretario General Secretaría General","SECRETARÍA GENERAL","NO","MEDIO",null,"MEDIO","MEDIO",2,2,2,6,"MEDIO","SI","Dato Sensible","CLASIFICADA","El derecho de toda persona a la intimidad, bajo las limitaciones propias que impone la condición de servidor publico, en concordancia con lo estipulado por el artículo 24 de la Ley 1437 de 2011.","Artículo 115 de la Ley 1952 de 2019 ","Información exceptuada por daño de derechos a personas naturales o jurídicas.\n Articulo 18 Ley 1712 de 2014\nLos que involucren derechos a la privacidad e intimidad de las personas, incluidas en las hojas de vida, la historia laboral y los expedientes pensionales y demás registros de personal que obren en los archivos de las instituciones públicas o privadas, así como la historia clínica, salvo que sean solicitados por los propios interesados o por sus apoderados con facultad expresa para acceder a esa información.\n","Total","2021-12-15","Ilimitada, y no deberán aplicarse cuando la persona natural o jurídica ha consentido en la revelación de sus datos personales o privados o bien cuando es claro que la información fue entregada como parte de aquella información que debe estar bajo el régimen de publicidad aplicable"]
[145,"Control Interno Disciplinario","Auto de comisión practica de la pueba y el impulso procesal ","Acto administrativo mediante el cual el operador disciplinario comisiona a un funsionario público para la pratica de la prueba y el impulso procesal. (articulos 124, 152, 245 y 249 CGD)","2019-02-04",null,"Información","Español","Híbrido: Análogo - digital","2021-08-18","Documento PDF; Papel","No disponible, No publicada","Por demanda","Archivo físico","Estos procesos aportan conocimiento de un aspecto central de la función administrativa en relación con los servidores públicos y evidencian la eventual comisión de faltas disciplinarias en que se pueda incurrir","Secretario General Secretaría General","SECRETARÍA GENERAL","NO","ALTO",null,"ALTO","ALTO",3,3,3,9,"ALTO","SI","Dato Sensible","RESERVADA","La prevención, investigación y persecución de delitos y las faltas disciplinarias, mientras que no se haga efectiva la medida de aseguramiento o se formule pliego de cargos, según el caso.","Artículo 115 de la Ley 1952 de 2019 ","Información exceptuada por daño a los intereses públicos. Articulo 19 Ley 1712 de 2014","Total","2021-12-15","No Mayor a 15 años"]
[146,"Control Interno Disciplinario"," Alegatos de conclusión. ","Los alegatos de conclusión son un mecanismo procedimental que materializa en un momento decisivo el derecho de defensa, el derecho resarcitorio o los intereses del investigado en calidad de sujeto procesal (artículo 225E CGD)","2022-12-02",null,"Información","Español","Híbrido: Análogo - digital","2022-07-07","Documento PDF; Papel","No disponible, No publicada","Por demanda","Archivo físico","Estos procesos aportan conocimiento de un aspecto central de la función administrativa en relación con los servidores públicos y evidencian la eventual comisión de faltas disciplinarias en que se pueda incurrir","Secretario General Secretaría General","SECRETARÍA GENERAL","NO","ALTO",null,"ALTO","ALTO",3,3,3,9,"ALTO","SI","Dato Sensible","RESERVADA","La prevención, investigación y persecución de delitos y las faltas disciplinarias, mientras que no se haga efectiva la medida de aseguramiento o se formule pliego de cargos, según el caso.","Artículo 115 de la Ley 1952 de 2019","Información exceptuada por daño a los intereses públicos. Articulo 19 Ley 1712 de 2014","Total","2023-09-15","No Mayor a 15 años"]
[147,"Control Interno Disciplinario","Escrito de descargos","Derecho del investigado,  documento en el que se plasmn los a argumentos de defensa por parte del disciplinado que se considera importantes para demostrar que la conducta desplegada no constituye falta disiciplinaria. Este documento pertenece a la etapa de juzgamiento del proceso disciplinario ( (artículo 225B CGD))","2022-12-02","2022-12-09","Información","Español","Híbrido: Análogo - digital","2021-08-18","Documento PDF; Papel","No disponible, No publicada","Por demanda","Archivo físico","Estos procesos aportan conocimiento de un aspecto central de la función administrativa en relación con los servidores públicos y evidencian la eventual comisión de faltas disciplinarias en que se pueda incurrir","Secretario General Secretaría General","SECRETARÍA GENERAL","NO","BAJO",null,"BAJO","BAJO",1,1,1,3,"BAJO","NO","Dato Sensible","PÚBLICA","No tiene excepción de acceso","Artículo 115 de la Ley 1952 de 2019","Información Pública de conocimiento General","No Aplica","2023-10-30","No Aplica "]
[148,"Control Interno Disciplinario","Fallo en primera instacia ","El pronunciamiento proferido por el funcionario de conocimiento, mediante el cual se absuelve o sanciona a un servidor público por la comisión de una falta disciplinaria ","2022-12-02","2022-12-09","Información","Español","Híbrido: Análogo - digital","2021-08-24","Documento PDF; Papel","No disponible, No publicada","Por demanda","Archivo físico","Estos procesos aportan conocimiento de un aspecto central de la función administrativa en relación con los servidores públicos y evidencian la eventual comisión de faltas disciplinarias en que se pueda incurrir","Secretario General Secretaría General","SECRETARÍA GENERAL","NO","BAJO",null,"BAJO","BAJO",1,1,1,3,"BAJO","NO",null,"PÚBLICA","No tiene excepción de acceso","Artículo 115 de la Ley 1952 de 2019","Información Pública de conocimiento General","No Aplica","2023-10-30","No Aplica "]
[149,"Control Interno Disciplinario","Notificación de Fallos ","Diligencia a tráves de la cual se pone en conocimiento de los suejtos procesales la decisión de fallo adoptada en el marco del proceso disciplinario (artículo 121 CGD)","2022-12-02","2022-12-09","Información","Español","Híbrido: Análogo - digital","2022-10-29","Documento PDF; Papel","No disponible, No publicada","Por demanda","Archivo físico","Estos procesos aportan conocimiento de un aspecto central de la función administrativa en relación con los servidores públicos y evidencian la eventual comisión de faltas disciplinarias en que se pueda incurrir","Secretario General Secretaría General","SECRETARÍA GENERAL","NO","BAJO",null,"BAJO","BAJO",1,1,1,3,"BAJO","NO",null,"PÚBLICA","No tiene excepción de acceso",null,"Información Pública de conocimiento General","No Aplica","2023-10-30","No Aplica "]
[150,"Control Interno Disciplinario","Auto que avoca conocimiento","Acto administrativo mediante el cual se ejercer la competencia con el objetivo de dar trámite a la actuación disciplinaria.","2013-02-04","2022-12-09","Información","Español","Híbrido: Análogo - digital","2021-08-18","Documento PDF; Papel","No disponible, No publicada","Por demanda","Archivo físico","Estos procesos aportan conocimiento de un aspecto central de la función administrativa en relación con los servidores públicos y evidencian la eventual comisión de faltas disciplinarias en que se pueda incurrir","Secretario General Secretaría General","SECRETARÍA GENERAL","NO","MEDIO",null,"MEDIO","MEDIO",2,2,2,6,"MEDIO","SI","Dato Semiprivado","CLASIFICADA","El derecho de toda persona a la intimidad, bajo las limitaciones propias que impone la condición de servidor publico, en concordancia con lo estipulado por el artículo 24 de la Ley 1437 de 2011.",null,"Información exceptuada por daño de derechos a personas naturales o jurídicas.\n Articulo 18 Ley 1712 de 2014\nLos que involucren derechos a la privacidad e intimidad de las personas, incluidas en las hojas de vida, la historia laboral y los expedientes pensionales y demás registros de personal que obren en los archivos de las instituciones públicas o privadas, así como la historia clínica, salvo que sean solicitados por los propios interesados o por sus apoderados con facultad expresa para acceder a esa información.\n","Total","2021-12-15","Ilimitada, y no deberán aplicarse cuando la persona natural o jurídica ha consentido en la revelación de sus datos personales o privados o bien cuando es claro que la información fue entregada como parte de aquella información que debe estar bajo el régimen de publicidad aplicable"]
[151,"Gestión de Talento Humano","Plan Estratégico de Gestión Humana","Documento que contiene el proceso de dirección estratégica y de calidad de la Subdirección de Gestión Humana, aporta los medios para alcanzar los resultados esperados del proceso de planificación de sus procesos.","2020-04-28",null,"Información","Español","Híbrido: Análogo - digital","2019-06-20","Documento PDF","Disponible a solicitud","Otro","Portales web propios","Estos planes muestran las estrategias a realizar para una determinada vigencia. Una vez termine el tiempo de retención en el archivo central (contado a partir del último informe de seguimiento), se procederá a su conservación total, en su soporte nativo. Aplicar medio técnico, ya sea digitalización o microfilmación indicadas en la introducción, de acuerdo con la determinación que tome el comité y proceder con la transferencia secundaria según se indica en el procedimiento.","Subdirector de Unidad Especial Subdirección de Gestión Humana","SUBDIRECCIÓN DE GESTIÓN HUMANA","NO","BAJO",null,"BAJO","BAJO",1,1,1,3,"BAJO","NO",null,"PÚBLICA","No tiene excepción de acceso",null,"Información Pública de conocimiento General","No Aplica","2023-10-30","No Aplica "]
[152,"Gestión de Talento Humano","Plan institucional de Capacitación","El Plan Institucional de Capacitación es la hoja de ruta que orienta los procesos de capacitación al interior de la UBPD, con el fin de promover el desarrollo integral de la misión de la entidad y el mejoramiento continuo de sus procesos. Incluye planeación, actas de reunión, listado de asistencia y bases de datos de las personas.","2020-04-28","2023-07-12","Información","Español","Híbrido: Análogo - digital","2019-06-05","Documento PDF","Disponible a solicitud","Anual","Portales web propios","Estos planes demuestran la gestión de los objetivos propuestos en la administración y el cumplimiento de los mismos. Una vez termine el tiempo de retención en el archivo central (contado a partir del último informe de seguimiento), se procederá a su conservación total, en su soporte nativo. Aplicar medio técnico, ya sea digitalización o microfilmación indicadas en la introducción, de acuerdo con la determinación que tome el comité y proceder con la transferencia secundaria según se indica en el procedimiento. Criterios de valoración según Decreto 1083 de 2015, Art. 2.2.22.3.14.","Subdirector de Unidad Especial Subdirección de Gestión Humana","Subdirección De Gestión Humana - Analista Técnico","NO","BAJO",null,"BAJO","BAJO",1,1,1,3,"BAJO","NO",null,"PÚBLICA","No tiene excepción de acceso",null,"Información Pública de conocimiento General","No Aplica","2023-10-30","No Aplica "]
[153,"Gestión de Talento Humano"," Soportes del Plan institucional de Capacitación ","Documentos que soportan el desarrollo del Plan Institucional de Capacitación como lo son: formato que permite a las y los servidores solicitar las capacitaciones en temas específicos; cronograma sobre las capacitaciones que se desarrollarán en una determinada vigencia; acto administrativo con la información de las y los servidores que participan en actividades de capacitación;  informe de capacitaciones el cual recopila todas las actividades realizadas en el tema de capacitación. ","2021-09-05","2023-07-12","Información","Español","Híbrido: Análogo - digital","2019-02-19","Documento PDF","Disponible a solicitud","Anual","Portales web propios","Estos planes demuestran la gestión de los objetivos propuestos en la administración y el cumplimiento de los mismos. Una vez termine el tiempo de retención en el archivo central (contado a partir del último informe de seguimiento), se procederá a su conservación total, en su soporte nativo. Aplicar medio técnico, ya sea digitalización o microfilmación indicadas en la introducción, de acuerdo con la determinación que tome el comité y proceder con la transferencia secundaria según se indica en el procedimiento. Criterios de valoración según Decreto 1083 de 2015, Art. 2.2.22.3.14.","Subdirector de Unidad Especial Subdirección de Gestión Humana","Subdirección De Gestión Humana - Analista Técnico","NO","MEDIO",null,"MEDIO","MEDIO",2,2,2,6,"MEDIO","SI","Dato Privado","CLASIFICADA","El derecho de toda persona a la intimidad, bajo las limitaciones propias que impone la condición de servidor publico, en concordancia con lo estipulado por el artículo 24 de la Ley 1437 de 2011.",null,"Información exceptuada por daño de derechos a personas naturales o jurídicas.\n Articulo 18 Ley 1712 de 2014\nLos que involucren derechos a la privacidad e intimidad de las personas, incluidas en las hojas de vida, la historia laboral y los expedientes pensionales y demás registros de personal que obren en los archivos de las instituciones públicas o privadas, así como la historia clínica, salvo que sean solicitados por los propios interesados o por sus apoderados con facultad expresa para acceder a esa información.\n","Parcial","2020-04-28","Ilimitada, y no deberán aplicarse cuando la persona natural o jurídica ha consentido en la revelación de sus datos personales o privados o bien cuando es claro que la información fue entregada como parte de aquella información que debe estar bajo el régimen de publicidad aplicable"]
[154,"Gestión de Talento Humano","Elección del Comité Paritario de Seguridad y Salud en el Trabajo, COPASST ","Documentos que están relacionados con el proceso mediante el cual se eligen a los miembros del Comité Paritario de Seguridad y Salud en el trabajo, estos documentos son: la convocatoria a los representantes de los empleados para conformar el comité; la elección a los representantes por parte de la Dirección para la conformación del comité: la conformación del comité; o correo electrónico por el cual se convoca a reuniones al comité y se define el orden del día.","2020-04-28",null,"Información","Español","Híbrido: Análogo - digital","2019-08-15","Documento PDF","Disponible a solicitud","Bianual","Portales web propios","Estos documentos corresponden a la conformación y ejecución del comité Paritario de Seguridad y Salud en el Trabajo.\nLas actas son documentos testimoniales que dan fe de las decisiones tomadas por los órganos consultivos. Una vez termine el tiempo de retención en el archivo central (contado a partir de la emisión de la última acta generada en la vigencia respectiva), se procederá a su conservación total, en su soporte nativo. Aplicar medio técnico, ya sea digitalización o microfilmación indicadas en la introducción, de acuerdo con la determinación que tome el comité y proceder con la transferencia secundaria según se indica en el procedimiento Resolución 2013 de 1986 del Ministerio de la Protección Social. Criterios de conservación según Decreto 1072 de 2015, Art. 2.2.4.6.13. Conservación de los documentos.","Subdirector de Unidad Especial Subdirección de Gestión Humana","SUBDIRECCIÓN DE GESTIÓN HUMANA","NO","BAJO",null,"BAJO","BAJO",1,1,1,3,"BAJO","NO",null,"PÚBLICA","No tiene excepción de acceso",null,"Información Pública de conocimiento General","No Aplica","2023-10-30","No Aplica "]
[155,"Gestión de Talento Humano","Comité Paritario de Seguridad y Salud en el Trabajo, COPASST  ","El Comité Paritario de Seguridad y Salud en el trabajo esta encargado de la promoción y vigilancia de las normas en temas de seguridad y salud en el trabajo dentro de las empresas públicas y privadas. Contiene los documentos que surgen a partir de las reuniones del Comité: registro de la toma de decisiones, compromisos y avances que tiene que ver con el comité; presentaciones, mecanismos de prevención y promoción de la salud.","2020-04-28",null,"Información","Español","Híbrido: Análogo - digital","2020-03-24","Documento PDF","No disponible, No publicada","Mensual","Portales web propios","Estos documentos corresponden a la conformación y ejecución del comité Paritario de Seguridad y Salud en el Trabajo.\nLas actas son documentos testimoniales que dan fe de las decisiones tomadas por los órganos consultivos. Una vez termine el tiempo de retención en el archivo central (contado a partir de la emisión de la última acta generada en la vigencia respectiva), se procederá a su conservación total, en su soporte nativo. Aplicar medio técnico, ya sea digitalización o microfilmación indicadas en la introducción, de acuerdo con la determinación que tome el comité y proceder con la transferencia secundaria según se indica en el procedimiento Resolución 2013 de 1986 del Ministerio de la Protección Social. Criterios de conservación según Decreto 1072 de 2015, Art. 2.2.4.6.13. Conservación de los documentos.","Subdirector de Unidad Especial Subdirección de Gestión Humana","SUBDIRECCIÓN DE GESTIÓN HUMANA","NO","MEDIO",null,"ALTO","MEDIO",2,3,2,7,"MEDIO","SI","Dato Sensible","CLASIFICADA","El derecho de toda persona a la intimidad, bajo las limitaciones propias que impone la condición de servidor publico, en concordancia con lo estipulado por el artículo 24 de la Ley 1437 de 2011.",null,"Información exceptuada por daño de derechos a personas naturales o jurídicas.\n Articulo 18 Ley 1712 de 2014\nLos que involucren derechos a la privacidad e intimidad de las personas, incluidas en las hojas de vida, la historia laboral y los expedientes pensionales y demás registros de personal que obren en los archivos de las instituciones públicas o privadas, así como la historia clínica, salvo que sean solicitados por los propios interesados o por sus apoderados con facultad expresa para acceder a esa información.\n","Parcial","2020-04-28","Ilimitada, y no deberán aplicarse cuando la persona natural o jurídica ha consentido en la revelación de sus datos personales o privados o bien cuando es claro que la información fue entregada como parte de aquella información que debe estar bajo el régimen de publicidad aplicable"]
[156,"Gestión de Talento Humano","Elección Comité de convivencia laboral ","Documentos que están relacionados con el proceso mediante el cual se eligen a los miembros del Comité de Convivencia Laboral, contienen: la convocatoria a los representantes de los empleados para la conformación del comité y el acto administrativo de la elección de los representantes que conforman el comité.  ","2020-04-28",null,"Información","Español","Híbrido: Análogo - digital","2019-07-12","Documento PDF","Disponible a solicitud","Bianual","Portales web propios","Estos documentos corresponden a la conformación y ejecución del comité de Convivencia Laboral. Una vez termine el tiempo de retención en el archivo central (contado a partir de la emisión de la última acta generada en la vigencia respectiva), se procederá a su conservación total, en su soporte nativo. Aplicar medio técnico, ya sea digitalización o microfilmación indicadas en la introducción, de acuerdo con la determinación que tome el comité y proceder con la transferencia secundaria según se indica en el procedimiento. Criterios de valoración según Resolución Min Trabajo 652 de 2012, Art. 1. Criterios de conservación según Decreto 1072 de 2015, Art. 2.2.4.6.13. Conservación de los documentos.","Subdirector de Unidad Especial Subdirección de Gestión Humana","SUBDIRECCIÓN DE GESTIÓN HUMANA","NO","BAJO",null,"BAJO","BAJO",1,1,1,3,"BAJO","NO",null,"PÚBLICA","No tiene excepción de acceso",null,"Información Pública de conocimiento General","No Aplica","2023-10-30","No Aplica "]
[157,"Gestión de Talento Humano","Comité de convivencia laboral  ","Documentos que surgen a partir de las reuniones del Comité de Convivencia Laboral, como lo son:  registro de la toma de decisiones, compromisos y avances que tiene que ver con el comité ","2021-09-05",null,"Información","Español","Híbrido: Análogo - digital","2019-07-11","Documento PDF","No disponible, No publicada","Trimestral","Portales web propios","Estos documentos corresponden a la conformación y ejecución del comité de Convivencia Laboral. Una vez termine el tiempo de retención en el archivo central (contado a partir de la emisión de la última acta generada en la vigencia respectiva), se procederá a su conservación total, en su soporte nativo. Aplicar medio técnico, ya sea digitalización o microfilmación indicadas en la introducción, de acuerdo con la determinación que tome el comité y proceder con la transferencia secundaria según se indica en el procedimiento. Criterios de valoración según Resolución Min Trabajo 652 de 2012, Art. 1. Criterios de conservación según Decreto 1072 de 2015, Art. 2.2.4.6.13. Conservación de los documentos.","Subdirector de Unidad Especial Subdirección de Gestión Humana","SUBDIRECCIÓN DE GESTIÓN HUMANA","NO","MEDIO",null,"ALTO","MEDIO",2,3,2,7,"MEDIO","SI","Dato Sensible","CLASIFICADA","El derecho de toda persona a la intimidad, bajo las limitaciones propias que impone la condición de servidor publico, en concordancia con lo estipulado por el artículo 24 de la Ley 1437 de 2011.",null,"Información exceptuada por daño de derechos a personas naturales o jurídicas.\n Articulo 18 Ley 1712 de 2014\nLos que involucren derechos a la privacidad e intimidad de las personas, incluidas en las hojas de vida, la historia laboral y los expedientes pensionales y demás registros de personal que obren en los archivos de las instituciones públicas o privadas, así como la historia clínica, salvo que sean solicitados por los propios interesados o por sus apoderados con facultad expresa para acceder a esa información.\n","Parcial","2021-09-05","Ilimitada, y no deberán aplicarse cuando la persona natural o jurídica ha consentido en la revelación de sus datos personales o privados o bien cuando es claro que la información fue entregada como parte de aquella información que debe estar bajo el régimen de publicidad aplicable"]
[158,"Gestión de Talento Humano","Historias laborales con información pública clasificada","Las historias Laborales se encuentran en custodia de la Subdirección de Gestión Humana y dan cuenta de todos los documentos con acceso reservado de caracter administrativo, relacionados con el vinculo laboral de los servidores y servidoras con la UBPD. Contienen: hoja de vida personal ingreso;  formato único hoja de vida; Formulario único de declaración juramentada de bienes y rentas y actividad económica privada - persona natural (SIGEP);  Declaración de Bienes y Rentas, Registro de Conflicto de Interés y Declaración del Impuesto sobre la Renta y Complementarios – Ley 2013 del 30 de diciembre de 2019; Cédula de ciudadanía; Libreta militar; Certificado antecedentes según la profesión;Certificado antecedentes judiciales policía nacional;  Certificado de responsabilidad fiscal contraloría; Certificados de incapacidades medicas; Certificado de antecedentes disciplinarios procuraduría; Certificado artículo 183 código de policía multas;  certificación cuenta bancaria; Certificados examenes médicos; Manifestación de Protección a la familia (ley 311/96);  Formulario de Afiliación a salud; Formulario de Afiliación Fondo Nacional del Ahorro; Formulario afiliación caja de compensación; Certificación de afiliación a cesantías; Certificación de afiliación a salud; Solicitud de retiro parcial de cesantias; Solicitud de retiro total de cesantias; cumplimiento de requisitos para la designación de prima técnica; Acto administrativo de otorgamiento de prima técnica. ","2020-04-28",null,"Información","Español","Híbrido: Análogo - digital","2018-02-20","Documento PDF","Disponible a solicitud","Diario","Archivo físico","Las historias laborales contienen valores administrativos, jurídicos, legales y penales que amparan las reclamaciones de los derechos laborales por reconocimiento de pensiones, reliquidaciones, bonos pensionales, cálculos actuariales, sustituciones, pensiones, entre otros; además, permiten la investigación de factores demográficos, nivel académico, desarrollo profesional, entre otros. Una vez termine el tiempo de retención en el archivo central (contado a partir de la emisión del acto administrativo de retiro o desvinculación) se realizará selección de aquellas historias laborales de funcionarios que han ocupado cargos importantes en la entidad, como Directores, Secretarios generales y Subdirectores. La documentación que fue seleccionada se le aplicará medio técnico, ya sea digitalización o microfilmación indicadas en la introducción, de acuerdo con la determinación que tome el comité y proceder con la transferencia secundaria según se indica en el procedimiento. El Grupo de Gestión Documental realizará los trámites correspondientes a la legalización de la eliminación documental y la destrucción física de los documentos mediante picado del papel, de la documentación que no fue seleccionada. Criterios de valoración según Código sustantivo del trabajo Art. 264.","Subdirector de Unidad Especial Subdirección de Gestión Humana","Subdirección De Gestión Humana - Subdirector De Unidad Especial","NO","MEDIO",null,"ALTO","MEDIO",2,3,2,7,"MEDIO","SI","Dato Sensible","CLASIFICADA","El derecho de toda persona a la intimidad, bajo las limitaciones propias que impone la condición de servidor publico, en concordancia con lo estipulado por el artículo 24 de la Ley 1437 de 2011.",null,"Información exceptuada por daño de derechos a personas naturales o jurídicas.\n Articulo 18 Ley 1712 de 2014\nLos que involucren derechos a la privacidad e intimidad de las personas, incluidas en las hojas de vida, la historia laboral y los expedientes pensionales y demás registros de personal que obren en los archivos de las instituciones públicas o privadas, así como la historia clínica, salvo que sean solicitados por los propios interesados o por sus apoderados con facultad expresa para acceder a esa información.\n","Parcial","2020-04-28","Ilimitada, y no deberán aplicarse cuando la persona natural o jurídica ha consentido en la revelación de sus datos personales o privados o bien cuando es claro que la información fue entregada como parte de aquella información que debe estar bajo el régimen de publicidad aplicable"]
[159,"Gestión de Talento Humano","Historias laborales con información pública ","Las historias Laborales se encuentran en custodia de la Subdirección de Gestión Humana y dan cuenta de todos los documentos con acceso público de caracter administrativo, relacionados con el vinculo laboral de los servidores y servidoras con la UBPD. Contienen: Diploma de bachiller; Diploma técnico, tecnólogo o profesional; Títulos de postgrados convalidados por el Ministerio de Educación Nacional; Tarjeta profesional;  Certificaciones laborales;  Flujo de aprobación Secop II o Terminación laboral; Certificados de estudios no formales; Formato de acreditación de requisitos mínimos; Compromiso de Confidencialidad;  Certificación de afiliación a fondo de pensiones;  Afiliación Administradora de Riesgos Laborales - ARL; Comunicación de Nombramiento; Aceptación de nombramiento del servidor;  Acta de posesión; Comunicación funciones y ubicación del cargo; Constancia de Inducción al puesto de trabajo; Carnet de Vacunación de la Fiebre Amarilla; Carnet de Vacunación COVID 19; Solicitud Certificación laboral; Certificación laboral; Certificación situación militar; Solicitud de vacaciones; Acto administrativo de otorgamiento de vacaciones; Solicitud de trabajo en casa o de horario flexible; Solicitud de licencia por luto; Solicitud de permiso remunerado, calamidad o licencia; Reporte consolidación cesantías; Comunicación autorización notificación electrónica cesantías; Copia de las Resoluciones de situaciones administrativas; Resoluciones de licencias; Solicitud de Comisión; Resolución de comisión de servicios; Prorroga o cancelación de comisiones y/o desplazamiento;  legalización de comisión; Constancia de ejecutoria; Carnet institucional; Resolución que reconoce y ordena el pago de la liquidación; Entrega de elementos para el retiro del servicio o modificación de la situación administrativo del servidor/a; Copia de la Resolución de nombramiento; Carta de renuncia; Resolución de aceptación renuncia.","2020-04-28",null,"Información","Español","Híbrido: Análogo - digital","2018-02-20","Documento PDF","Disponible a solicitud","Diario","Archivo físico","Las historias laborales contienen valores administrativos, jurídicos, legales y penales que amparan las reclamaciones de los derechos laborales por reconocimiento de pensiones, reliquidaciones, bonos pensionales, cálculos actuariales, sustituciones, pensiones, entre otros; además, permiten la investigación de factores demográficos, nivel académico, desarrollo profesional, entre otros. Una vez termine el tiempo de retención en el archivo central (contado a partir de la emisión del acto administrativo de retiro o desvinculación) se realizará selección de aquellas historias laborales de funcionarios que han ocupado cargos importantes en la entidad, como Directores, Secretarios generales y Subdirectores. La documentación que fue seleccionada se le aplicará medio técnico, ya sea digitalización o microfilmación indicadas en la introducción, de acuerdo con la determinación que tome el comité y proceder con la transferencia secundaria según se indica en el procedimiento. El Grupo de Gestión Documental realizará los trámites correspondientes a la legalización de la eliminación documental y la destrucción física de los documentos mediante picado del papel, de la documentación que no fue seleccionada. Criterios de valoración según Código sustantivo del trabajo Art. 264.","Subdirector de Unidad Especial Subdirección de Gestión Humana","Subdirección De Gestión Humana - Subdirector De Unidad Especial","NO","BAJO",null,"BAJO","BAJO",1,1,1,3,"BAJO","NO",null,"PÚBLICA","No tiene excepción de acceso",null,"Información Pública de conocimiento General","No Aplica","2023-10-30","No Aplica "]
[160,"Gestión de Talento Humano","Plan de Bienestar Social y Estímulos","El Plan de Bienestar Social y Estímulos busca satisfacer algunas de las necesidades y expectativas de los/as servidores/as en el entorno laboral y familiar, buscando mejorar la productividad y la calidad de vida mediante la planeación y ejecución de diferentes actividades que ofrezcan oportunidades de desarrollo afectivo, social y laboral y, que redunden en los niveles de participación organizacional. Contiene las actividades que anualmente se plantean y se desarrollan, inherentes al bienestar y estímulos de los servidores(as) de la UBPD. ","2020-04-28",null,"Información","Español","Híbrido: Análogo - digital","2019-07-30","Documento PDF","Disponible a solicitud","Bianual","Portales web propios","Estos planes demuestran la gestión  de los objetivos propuestos en la administración y el cumplimiento de los mismos. Una vez termine el tiempo de retención en el archivo central (contado a partir del último informe de seguimiento), se procederá a su conservación total, en su soporte nativo. Aplicar medio técnico, ya sea digitalización o microfilmación indicadas en la introducción, de acuerdo con la determinación que tome el comité y proceder con la transferencia secundaria según se indica en el procedimiento. Criterios de valoración según Decreto 1083 de 2015, Art. 2.2.10.1.","Subdirector de Unidad Especial Subdirección de Gestión Humana","Subdirección De Gestión Humana - Analista Técnico","NO","BAJO",null,"BAJO","BAJO",1,1,1,3,"BAJO","NO",null,"PÚBLICA","No tiene excepción de acceso",null,"Información Pública de conocimiento General","No Aplica","2023-10-30","No Aplica "]
[161,"Gestión de Talento Humano"," Plan de Bienestar Social y Estímulos con información pública clasificada ","Conjunto de documentos que contienen el desarrollo de las reuniones que se implementan en el marco del Plan de Bienestar y estímulos; contiene: el registro de la información de las sevidoras y servidores que participan en las actividades de bienestar;  formato que permite a las servidoras y servidores acogerse al estímulo por uso de la bicicleta como medio de transporte; documento que Establece la inscripción del horario flexible o trabajo en casa para los/as servidores/as públicos/as de la Unidad de Búsqueda de Personas dadas por Desaparecidas en el contexto y en razón del conflicto armado - UBPD.","2021-09-05",null,"Información","Español","Híbrido: Análogo - digital","2019-10-24","Documento PDF","Disponible a solicitud","Anual","Portales web propios","Estos planes demuestran la gestión  de los objetivos propuestos en la administración y el cumplimiento de los mismos. Una vez termine el tiempo de retención en el archivo central (contado a partir del último informe de seguimiento), se procederá a su conservación total, en su soporte nativo. Aplicar medio técnico, ya sea digitalización o microfilmación indicadas en la introducción, de acuerdo con la determinación que tome el comité y proceder con la transferencia secundaria según se indica en el procedimiento. Criterios de valoración según Decreto 1083 de 2015, Art. 2.2.10.1.","Subdirector de Unidad Especial Subdirección de Gestión Humana","Subdirección De Gestión Humana - Analista Técnico","NO","MEDIO",null,"MEDIO","MEDIO",2,2,2,6,"MEDIO","SI","Dato Privado","CLASIFICADA","El derecho de toda persona a la intimidad, bajo las limitaciones propias que impone la condición de servidor publico, en concordancia con lo estipulado por el artículo 24 de la Ley 1437 de 2011.",null,"Información exceptuada por daño de derechos a personas naturales o jurídicas.\n Articulo 18 Ley 1712 de 2014\nLos que involucren derechos a la privacidad e intimidad de las personas, incluidas en las hojas de vida, la historia laboral y los expedientes pensionales y demás registros de personal que obren en los archivos de las instituciones públicas o privadas, así como la historia clínica, salvo que sean solicitados por los propios interesados o por sus apoderados con facultad expresa para acceder a esa información.\n","Parcial","2021-09-05","Ilimitada, y no deberán aplicarse cuando la persona natural o jurídica ha consentido en la revelación de sus datos personales o privados o bien cuando es claro que la información fue entregada como parte de aquella información que debe estar bajo el régimen de publicidad aplicable"]
[162,"Gestión de Talento Humano"," Plan de Seguridad y salud en el trabajo ","La seguridad y salud en el trabajo busca mejorar las condiciones laborales y el ambiente de trabajo, basado en la mejora continua gestionando los peligros y riesgos que puedan afectar la seguridad y salud de los servidores/as y contratistas de la UBPD en el ejercicio de sus funciones. Contiene: Política del Sistema de SG-SST; Lineamientos en materia de Seguridad y Salud en el Trabajo; Evaluación de estándares mínimos SG-SST; Plan anual de trabajo del sistema de gestión de seguridad y salud en el trabajo; Plan de trabajo anual de Seguridad y Salud en el Trabajo -ARL POSITIVA; Programa de Hábitos de vida y trabajo saludable; Programa de capacitacion de seguridad y slaud en el trabajo, programa de inspecciones, orden y aseo; Programa gestion de riesgo mecanico, Programa de prevencion y proteccion contra caidas, PVE de riesgo Biologico, Programa de Gestion de trabajo seguro en excavaciones; Programa de reincorporacion Laboral,  Programa de gestion de trabajo en espacios confinados,  Matriz de Identificación de Peligros, Valoración de Riesgos y Determinación de Controles; Plan de prevención, preparación y respuesta ante emergencias; Informes de seguimiento;  Reporte de investigación de accidentes e incidentes de trabajo; Informe de condiciones de salud; Consentimiento informado para recibir apoyo emocional, base de datos de reportes de línea de habla y escucha (reservado);  base de datos de acciones grupales y listados de asistencia.  \n","2020-04-28",null,"Información","Español","Híbrido: Análogo - digital","2019-05-03","Documento PDF","Disponible a solicitud","Anual","Portales web propios","Estos planes demuestran las gestiones realizadas por la entidad para el mejoramiento y fortalecimiento de la salud y seguridad de los funcionarios de la Unidad. Una vez termine el tiempo de retención en el archivo central, se procederá a su conservación total, en su soporte nativo. Aplicar medio técnico, ya sea digitalización o microfilmación indicadas en la introducción, de acuerdo con la determinación que tome el comité y proceder con la transferencia secundaria según se indica en el procedimiento. Criterios de conservación según Decreto 1072 de 2015, Art. 2.2.4.6.13. Conservación de los documentos.","Subdirector de Unidad Especial Subdirección de Gestión Humana","Subdirección De Gestión Humana - Analista Técnico","NO","MEDIO",null,"MEDIO","MEDIO",2,2,2,6,"MEDIO","SI","Dato Privado","CLASIFICADA","El derecho de toda persona a la intimidad, bajo las limitaciones propias que impone la condición de servidor publico, en concordancia con lo estipulado por el artículo 24 de la Ley 1437 de 2011.",null,"Información exceptuada por daño de derechos a personas naturales o jurídicas.\n Articulo 18 Ley 1712 de 2014\nLos que involucren derechos a la privacidad e intimidad de las personas, incluidas en las hojas de vida, la historia laboral y los expedientes pensionales y demás registros de personal que obren en los archivos de las instituciones públicas o privadas, así como la historia clínica, salvo que sean solicitados por los propios interesados o por sus apoderados con facultad expresa para acceder a esa información.\n","Parcial","2020-04-28","Ilimitada, y no deberán aplicarse cuando la persona natural o jurídica ha consentido en la revelación de sus datos personales o privados o bien cuando es claro que la información fue entregada como parte de aquella información que debe estar bajo el régimen de publicidad aplicable"]
[163,"Gestión de Talento Humano","Matriz de seguimiento comisiones de servicio y desplazamiento (nacional e internacional)","Contiene información relativa a la comisión de servicios o desplazamiento con datos personales de los servidores(as) o contratistas, y la información en términos de fechas de desplazamiento, valores concedidos de viáticos, número y fecha de acto administrativo, destino de comisión, objeto, el uso o no del tiquete aéreo y fecha de legalización.","2020-04-28","2023-07-12","Bases de Datos","Español","Híbrido: Análogo - electrónico","2019-01-01","Hoja de calculo","Disponible a solicitud","Mensual","Portales web propios","NO ESPECIFICADA","Subdirector de Unidad Especial Subdirección de Gestión Humana","Subdirección De Gestión Humana - Experto Técnico","NO","BAJO",null,"BAJO","BAJO",1,1,1,3,"BAJO","NO",null,"PÚBLICA","No tiene excepción de acceso",null,"Información Pública de conocimiento General","No Aplica","2023-10-30","No Aplica "]
[164,"Gestión de Talento Humano"," Nómina","Da cuenta de los pagos efectuados por la UBPD a los servidores/as. Contiene toda la información personal, EPS, fondo de pensiones, cuentas bancarias, total de deducciones e ingresos del mes, seguridad social y parafiscales. Contiene: Certificado de cesantías mensuales; Aportes seguridad social y parafiscales (Ley 100);Certificado de Ingresos y Retenciones; Bases de datos de Incapacidades; Cesantías; Planilla Seguridad Social y parafiscales.","2020-04-28",null,"Información","Español","Híbrido: Análogo - electrónico","2018-06-01","Hoja de calculo","Disponible a solicitud","Mensual","Portales web propios","La nómina de servidores/as activos contienen valores administrativos, jurídicos, legales y penales que amparan las reclamaciones de los derechos laborales por reconocimiento de pensiones, reliquidaciones, bonos pensionales, cálculos actuariales, sustituciones, pensiones, entre otros. Una vez termine el tiempo de retención en el archivo central (contado a partir de la última nómina generada en la vigencia respectiva), el Grupo de Gestión Documental realizará los trámites correspondientes a la legalización de la eliminación documental y la destrucción física de los documentos mediante picado del papel.","Subdirector de Unidad Especial Subdirección de Gestión Humana","Subdirección De Gestión Humana - Experto Técnico","NO","MEDIO",null,"MEDIO","MEDIO",2,2,2,6,"MEDIO","SI","Dato Privado","CLASIFICADA","El derecho de toda persona a la intimidad, bajo las limitaciones propias que impone la condición de servidor publico, en concordancia con lo estipulado por el artículo 24 de la Ley 1437 de 2011.",null,"Información exceptuada por daño de derechos a personas naturales o jurídicas.\n Articulo 18 Ley 1712 de 2014\nLos que involucren derechos a la privacidad e intimidad de las personas, incluidas en las hojas de vida, la historia laboral y los expedientes pensionales y demás registros de personal que obren en los archivos de las instituciones públicas o privadas, así como la historia clínica, salvo que sean solicitados por los propios interesados o por sus apoderados con facultad expresa para acceder a esa información.\n","Parcial","2020-04-28","Ilimitada, y no deberán aplicarse cuando la persona natural o jurídica ha consentido en la revelación de sus datos personales o privados o bien cuando es claro que la información fue entregada como parte de aquella información que debe estar bajo el régimen de publicidad aplicable"]
[165,"Gestión de Talento Humano","Pre Nomina","Documento en formato PDF previo a la generación de la nomina que se utiliza para revisión de la Subdirección Administrativa y Financiera","2021-09-05",null,"Bases de Datos","Español","Híbrido: Análogo - electrónico","2018-06-01","Hoja de calculo","Disponible a solicitud","Mensual","Bases de Datos","La nómina de servidores/as activos contienen valores administrativos, jurídicos, legales y penales que amparan las reclamaciones de los derechos laborales por reconocimiento de pensiones, reliquidaciones, bonos pensionales, cálculos actuariales, sustituciones, pensiones, entre otros. Una vez termine el tiempo de retención en el archivo central (contado a partir de la última nómina generada en la vigencia respectiva), el Grupo de Gestión Documental realizará los trámites correspondientes a la legalización de la eliminación documental y la destrucción física de los documentos mediante picado del papel.","Subdirector de Unidad Especial Subdirección de Gestión Humana","Subdirección De Gestión Humana - Experto Técnico","NO","MEDIO",null,"MEDIO","MEDIO",2,2,2,6,"MEDIO","SI","Dato Privado","CLASIFICADA","El derecho de toda persona a la intimidad, bajo las limitaciones propias que impone la condición de servidor publico, en concordancia con lo estipulado por el artículo 24 de la Ley 1437 de 2011.",null,"Información exceptuada por daño de derechos a personas naturales o jurídicas.\n Articulo 18 Ley 1712 de 2014\nLos que involucren derechos a la privacidad e intimidad de las personas, incluidas en las hojas de vida, la historia laboral y los expedientes pensionales y demás registros de personal que obren en los archivos de las instituciones públicas o privadas, así como la historia clínica, salvo que sean solicitados por los propios interesados o por sus apoderados con facultad expresa para acceder a esa información.\n","Parcial","2021-09-05","Ilimitada, y no deberán aplicarse cuando la persona natural o jurídica ha consentido en la revelación de sus datos personales o privados o bien cuando es claro que la información fue entregada como parte de aquella información que debe estar bajo el régimen de publicidad aplicable"]
[166,"Gestión de Talento Humano","Plan de Vinculación","Documento donde se establecen los lineamientos previos a la provisión de los cargos vacantes definitivos de la planta de persona de la Unidad, y mecanismos de apoyo para que no se vea afectado el servicio y la misión de la entidad, siempre y cuando se disponga de la respectiva disponibilidad presupuestal.","2020-04-28","2023-05-11","Bases de Datos","Español","Híbrido: Análogo - electrónico","2018-06-01","Hoja de calculo","Disponible a solicitud","Por demanda","Bases de Datos","Estos planes demuestran la gestión la gestión de los objetivos propuestos en la administración y el cumplimiento de los mismos. Una vez termine el tiempo de retención en el archivo central (contado a partir del último informe de seguimiento), se procederá a su conservación total, en su soporte nativo. Aplicar medio técnico, ya sea digitalización o microfilmación indicadas en la introducción, de acuerdo con la determinación que tome el comité y proceder con la transferencia secundaria según se indica en el procedimiento","Subdirector de Unidad Especial Subdirección de Gestión Humana","Subdirección De Gestión Humana - Experto Técnico","NO","MEDIO",null,"MEDIO","MEDIO",2,2,2,6,"MEDIO","SI","Dato Privado","CLASIFICADA","El derecho de toda persona a la intimidad, bajo las limitaciones propias que impone la condición de servidor publico, en concordancia con lo estipulado por el artículo 24 de la Ley 1437 de 2011.",null,"Información exceptuada por daño de derechos a personas naturales o jurídicas.\n Articulo 18 Ley 1712 de 2014\nLos que involucren derechos a la privacidad e intimidad de las personas, incluidas en las hojas de vida, la historia laboral y los expedientes pensionales y demás registros de personal que obren en los archivos de las instituciones públicas o privadas, así como la historia clínica, salvo que sean solicitados por los propios interesados o por sus apoderados con facultad expresa para acceder a esa información.\n","Parcial","2020-04-28","Ilimitada, y no deberán aplicarse cuando la persona natural o jurídica ha consentido en la revelación de sus datos personales o privados o bien cuando es claro que la información fue entregada como parte de aquella información que debe estar bajo el régimen de publicidad aplicable"]
[167,"Gestión de Talento Humano","Política y estratégia de cuidado para servidoras, servidores y contratistas","Documento que contiene la politica y estrategia de cuidado, su alcance y lineas de acción","2022-05-11",null,"Información","Español","Híbrido: Análogo - electrónico","2022-05-11","Documento PDF","Publicada","Por demanda","Portales web propios","La política y estratégia de cuidado para servidoras, servidores y contratistas de la UBPD \"Esperanza te cuida\" contiene las lineas generales, de acción y estratégicas para promover, prevenir e intervenir el cuidado de las y los colaboradores de la Unidad acorde con las actividades que desarrollan. Una vez termine el tiempo de retención en el archivo central (contado a partir del cierre de la vigencia del plan), se procederá a su conservación total ya que es parte del patrimonio histórico, cultural e investigativo de la UBPD. Aplicar el proceso de digitalización certificada para los documentos en soporte físico, por su parte, los documentos electrónicos se conservarán en su soporte nativo, dentro del Sistema de Gestión de Documentos Electrónicos de Archivo y se procederá con la transferencia secundaria según se indica en el procedimiento. ","Subdirector de Unidad Especial Subdirección de Gestión Humana","Subdirección De Gestión Humana - Experto Técnico","NO","BAJO",null,"BAJO","BAJO",1,1,1,3,"BAJO","NO",null,"PÚBLICA","No tiene excepción de acceso",null,"Información Pública de conocimiento General","No Aplica","2023-10-30","No Aplica "]
[168,"Gestión de Talento Humano"," Estratégia de cuidado para servidoras, servidores y contratistas ","Documento que contiene los listados de asistencia y demás soportes que se realizan en el desarrollo de las actividades de cuidado.  Se incluye dentro del activo de información de  Plan de Seguridad y salud en el trabajo.","2022-10-14",null,"Información","Español","Híbrido: Análogo - electrónico","2018-12-01","Documento PDF","No disponible, No publicada","Mensual","Portales web propios","La política y estratégia de cuidado para servidoras, servidores y contratistas de la UBPD \"Esperanza te cuida\" contiene las lineas generales, de acción y estratégicas para promover, prevenir e intervenir el cuidado de las y los colaboradores de la Unidad acorde con las actividades que desarrollan. Una vez termine el tiempo de retención en el archivo central (contado a partir del cierre de la vigencia del plan), se procederá a su conservación total ya que es parte del patrimonio histórico, cultural e investigativo de la UBPD. Aplicar el proceso de digitalización certificada para los documentos en soporte físico, por su parte, los documentos electrónicos se conservarán en su soporte nativo, dentro del Sistema de Gestión de Documentos Electrónicos de Archivo y se procederá con la transferencia secundaria según se indica en el procedimiento. ","Subdirector de Unidad Especial Subdirección de Gestión Humana","Subdirección De Gestión Humana - Experto Técnico","NO","MEDIO",null,"MEDIO","MEDIO",2,2,2,6,"MEDIO","SI","Dato Privado","CLASIFICADA","El derecho de toda persona a la intimidad, bajo las limitaciones propias que impone la condición de servidor publico, en concordancia con lo estipulado por el artículo 24 de la Ley 1437 de 2011.",null,"Información exceptuada por daño de derechos a personas naturales o jurídicas.\n Articulo 18 Ley 1712 de 2014\nLos que involucren derechos a la privacidad e intimidad de las personas, incluidas en las hojas de vida, la historia laboral y los expedientes pensionales y demás registros de personal que obren en los archivos de las instituciones públicas o privadas, así como la historia clínica, salvo que sean solicitados por los propios interesados o por sus apoderados con facultad expresa para acceder a esa información.\n","Parcial","2022-10-14","Ilimitada, y no deberán aplicarse cuando la persona natural o jurídica ha consentido en la revelación de sus datos personales o privados o bien cuando es claro que la información fue entregada como parte de aquella información que debe estar bajo el régimen de publicidad aplicable"]
[169,"Gestión de Talento Humano","Aplicativo Banco de Hojas de Vida","Herramienta a través de la cual se consolida la información de los ciudadanos que registran sus hojas de vida a través del banco de hojas de vida en la página web de la UBPD ","2022-08-12",null,"Soportes de Información",null,null,null,null,null,null,null,null,"Subdirector de Unidad Especial Subdirección de Gestión Humana","Subdirección De Gestión Humana - Subdirector De Unidad Especial","NO","MEDIO",null,"MEDIO","BAJO",2,2,1,5,"MEDIO","SI","Dato Semiprivado","CLASIFICADA","El derecho de toda persona a la intimidad, bajo las limitaciones propias que impone la condición de servidor publico, en concordancia con lo estipulado por el artículo 24 de la Ley 1437 de 2011.",null,"Información exceptuada por daño de derechos a personas naturales o jurídicas.\n Articulo 18 Ley 1712 de 2014\nLos que involucren derechos a la privacidad e intimidad de las personas, incluidas en las hojas de vida, la historia laboral y los expedientes pensionales y demás registros de personal que obren en los archivos de las instituciones públicas o privadas, así como la historia clínica, salvo que sean solicitados por los propios interesados o por sus apoderados con facultad expresa para acceder a esa información.\n","Parcial","2023-09-18","Ilimitada, y no deberán aplicarse cuando la persona natural o jurídica ha consentido en la revelación de sus datos personales o privados o bien cuando es claro que la información fue entregada como parte de aquella información que debe estar bajo el régimen de publicidad aplicable"]
[170,"Gestión de Talento Humano","Aplicativo SIGEP","El Sistema General de Información Administrativa del Sector Público, SIGEP nómina, es un sistema que permite la administración planta de personal y la liquidación de la nómina de la entidad, asi como el registro de novedades.","2018-12-01",null,"Software Aplicaciones Informáticas ",null,null,null,null,null,null,null,null,"Subdirector de Unidad Especial Subdirección de Gestión Humana","Subdirección De Gestión Humana - Subdirector De Unidad Especial","NO","MEDIO",null,"MEDIO","ALTO",2,2,3,7,"MEDIO","SI","Dato Privado","CLASIFICADA","El derecho de toda persona a la intimidad, bajo las limitaciones propias que impone la condición de servidor publico, en concordancia con lo estipulado por el artículo 24 de la Ley 1437 de 2011.",null,"Información exceptuada por daño de derechos a personas naturales o jurídicas.\n Articulo 18 Ley 1712 de 2014\nLos que involucren derechos a la privacidad e intimidad de las personas, incluidas en las hojas de vida, la historia laboral y los expedientes pensionales y demás registros de personal que obren en los archivos de las instituciones públicas o privadas, así como la historia clínica, salvo que sean solicitados por los propios interesados o por sus apoderados con facultad expresa para acceder a esa información.\n","Parcial","2023-09-18","Ilimitada, y no deberán aplicarse cuando la persona natural o jurídica ha consentido en la revelación de sus datos personales o privados o bien cuando es claro que la información fue entregada como parte de aquella información que debe estar bajo el régimen de publicidad aplicable"]
[171,"Gestión de Talento Humano","Télefono celular de la dependencia","Dispositivo móvil mediante el cual se reciben llamadas de los/las servidores especialmente los del territorio que dudas frente algún trámite o los aquellos que se encuentran en trámite de vinculación ","2023-09-18",null,"Soportes de Información",null,null,null,null,null,null,null,null,"Subdirector de Unidad Especial Subdirección de Gestión Humana","Subdirección De Gestión Humana - Experto Técnico","NO","BAJO",null,"BAJO","BAJO",1,1,1,3,"BAJO","NO",null,"PÚBLICA","No tiene excepción de acceso",null,"Información Pública de conocimiento General","No Aplica","2023-10-30","No Aplica "]
[172,"Gestión de Talento Humano","Bases datos hoja de vida","Base de datos de hojas de vida de los ciudadnos que se registran en el botón del banco de hojas de vida de la página web de la UBPD","2022-08-12",null,"Bases de Datos","Español","Digital","2022-08-16","HTML","No disponible, No publicada","Diario","Portales web propios","NO ESPECIFICADA","Subdirector de Unidad Especial Subdirección de Gestión Humana","SUBDIRECCIÓN DE GESTIÓN HUMANA","NO","MEDIO",null,"MEDIO","BAJO",2,2,1,5,"MEDIO","SI","Dato Semiprivado","CLASIFICADA","El derecho de toda persona a la intimidad, bajo las limitaciones propias que impone la condición de servidor publico, en concordancia con lo estipulado por el artículo 24 de la Ley 1437 de 2011.",null,"Información exceptuada por daño de derechos a personas naturales o jurídicas. \nArticulo 18 Ley 1712 de 2014","Parcial","2023-09-18","Ilimitada, y no deberán aplicarse cuando la persona natural o jurídica ha consentido en la revelación de sus datos personales o privados o bien cuando es claro que la información fue entregada como parte de aquella información que debe estar bajo el régimen de publicidad aplicable"]
[173,"Implementación de Acciones Humanitarias y Extrajudiciales de Búsqueda","Registro de aseguramiento documental ","Documento mediante el cual se garantiza la autenticidad e integridad de los documentos relacionados con la prospección, recuperación e identificación hasta su disposición final. ","2020-12-12",null,"Información","Español","Híbrido: Análogo - digital","2020-12-12","Documento PDF","Disponible a solicitud","No aplica","Archivos digitales","Serie documental que contiene la evidencia de las acciones de análisis de la información para la identificación de cadáveres o el seguimiento o acompañamiento a los procesos de identificación de cadáveres recuperados por la UBPD y por otras entidades. La información corresponde a archivos de derechos humanos según lo establece el Acuerdo Final Para La Terminación Del Conflicto Y La Construcción De Una Paz Estable Y Duradera, Protocolo II adicional a los Convenios de Ginebra de 1949 relativo a la protección de las víctimas de los conflictos armados sin carácter internacional - 1977, Acto Legislativo 01 de 2017, Ley 1712 de 2014 al establecer su clasificación de información dentro de la matriz de activos de información e índice de información clasificada y reservada, Acuerdo 03 de 2015 AGN y Acuerdo 004 de 2015.","Director Técnico de Unidad Especial Dirección Técnica de Prospección, Recuperación e Identificación","DIRECCIÓN TÉCNICA DE PROSPECCIÓN, RECUPERACIÓN E IDENTIFICACIÓN","NO","MEDIO",null,"MEDIO","MEDIO",2,2,2,6,"MEDIO","NO",null,"CLASIFICADA","El derecho de toda persona a la vida, la salud o la seguridad",null,"Información exceptuada por daño de derechos a personas naturales o jurídicas. \nArticulo 18 Ley 1712 de 2014","Total","2022-12-13","Ilimitada, y no deberán aplicarse cuando la persona natural o jurídica ha consentido en la revelación de sus datos personales o privados o bien cuando es claro que la información fue entregada como parte de aquella información que debe estar bajo el régimen de publicidad aplicable"]
[174,"Implementación de Acciones Humanitarias y Extrajudiciales de Búsqueda","Ficha de información básica para la identificación ","Documento en el cual se registran los datos e información de la persona dada por desaparecida que peden ser útiles en el proceso de identificación.","2020-12-12",null,"Información","Español","Híbrido: Análogo - electrónico","2020-12-12","Documento PDF","Disponible a solicitud","No aplica","Archivos digitales","Serie documental que contiene la evidencia de las acciones de análisis de la información para la identificación de cadáveres o el seguimiento o acompañamiento a los procesos de identificación de cadáveres recuperados por la UBPD y por otras entidades. La información corresponde a archivos de derechos humanos según lo establece el Acuerdo Final Para La Terminación Del Conflicto Y La Construcción De Una Paz Estable Y Duradera, Protocolo II adicional a los Convenios de Ginebra de 1949 relativo a la protección de las víctimas de los conflictos armados sin carácter internacional - 1977, Acto Legislativo 01 de 2017, Ley 1712 de 2014 al establecer su clasificación de información dentro de la matriz de activos de información e índice de información clasificada y reservada, Acuerdo 03 de 2015 AGN y Acuerdo 004 de 2015.","Director Técnico de Unidad Especial Dirección Técnica de Prospección, Recuperación e Identificación","DIRECCIÓN TÉCNICA DE PROSPECCIÓN, RECUPERACIÓN E IDENTIFICACIÓN","NO","MEDIO",null,"MEDIO","BAJO",2,2,1,5,"MEDIO","SI","Dato Sensible","CLASIFICADA","El derecho de toda persona a la intimidad, bajo las limitaciones propias que impone la condición de servidor publico, en concordancia con lo estipulado por el artículo 24 de la Ley 1437 de 2011.",null,"Información exceptuada por daño de derechos a personas naturales o jurídicas.\n Articulo 18 Ley 1712 de 2014\nLos que involucren derechos a la privacidad e intimidad de las personas, incluidas en las hojas de vida, la historia laboral y los expedientes pensionales y demás registros de personal que obren en los archivos de las instituciones públicas o privadas, así como la historia clínica, salvo que sean solicitados por los propios interesados o por sus apoderados con facultad expresa para acceder a esa información.\n","Total","2022-12-13","Ilimitada, y no deberán aplicarse cuando la persona natural o jurídica ha consentido en la revelación de sus datos personales o privados o bien cuando es claro que la información fue entregada como parte de aquella información que debe estar bajo el régimen de publicidad aplicable"]
[175,"Implementación de Acciones Humanitarias y Extrajudiciales de Búsqueda","Acta de reunión para la conformación del equipo interdisciplinario","Documento dispositivo mediante el cual se Conforma el equipo interdisciplinario de expertos en\nidentificación, para evaluar el caso de manera integral.","2020-12-12",null,"Información","Español","Híbrido: Análogo - electrónico","2020-12-12","Documento PDF","Disponible a solicitud","No aplica","Archivos digitales","Serie documental que contiene la evidencia de las acciones de análisis de la información para la identificación de cadáveres o el seguimiento o acompañamiento a los procesos de identificación de cadáveres recuperados por la UBPD y por otras entidades. La información corresponde a archivos de derechos humanos según lo establece el Acuerdo Final Para La Terminación Del Conflicto Y La Construcción De Una Paz Estable Y Duradera, Protocolo II adicional a los Convenios de Ginebra de 1949 relativo a la protección de las víctimas de los conflictos armados sin carácter internacional - 1977, Acto Legislativo 01 de 2017, Ley 1712 de 2014 al establecer su clasificación de información dentro de la matriz de activos de información e índice de información clasificada y reservada, Acuerdo 03 de 2015 AGN y Acuerdo 004 de 2015.","Director Técnico de Unidad Especial Dirección Técnica de Prospección, Recuperación e Identificación","DIRECCIÓN TÉCNICA DE PROSPECCIÓN, RECUPERACIÓN E IDENTIFICACIÓN","NO","BAJO",null,"BAJO","BAJO",1,1,1,3,"BAJO","NO",null,"PÚBLICA","No tiene excepción de acceso",null,"Información Pública de conocimiento General","No Aplica","2023-10-30","No Aplica "]
[176,"Implementación de Acciones Humanitarias y Extrajudiciales de Búsqueda","Comunicación oficial de envio de información básica","Comunicación oficial mediante la cual se remite información básica para la identificación al Instituto de Medicina  Legal y Ciencias Forenses u otra entidad incluyendo los soportes necesarios para esta identificación","2020-12-12",null,"Información","Español","Híbrido: Análogo - electrónico","2020-12-12","Documento PDF","Disponible a solicitud","No aplica","Archivos digitales","Serie documental que contiene la evidencia de las acciones de análisis de la información para la identificación de cadáveres o el seguimiento o acompañamiento a los procesos de identificación de cadáveres recuperados por la UBPD y por otras entidades. La información corresponde a archivos de derechos humanos según lo establece el Acuerdo Final Para La Terminación Del Conflicto Y La Construcción De Una Paz Estable Y Duradera, Protocolo II adicional a los Convenios de Ginebra de 1949 relativo a la protección de las víctimas de los conflictos armados sin carácter internacional - 1977, Acto Legislativo 01 de 2017, Ley 1712 de 2014 al establecer su clasificación de información dentro de la matriz de activos de información e índice de información clasificada y reservada, Acuerdo 03 de 2015 AGN y Acuerdo 004 de 2015.","Director Técnico de Unidad Especial Dirección Técnica de Prospección, Recuperación e Identificación","DIRECCIÓN TÉCNICA DE PROSPECCIÓN, RECUPERACIÓN E IDENTIFICACIÓN","NO","BAJO",null,"BAJO","BAJO",1,1,1,3,"BAJO","NO",null,"PÚBLICA","No tiene excepción de acceso",null,"Información Pública de conocimiento General","No Aplica","2023-10-30","No Aplica "]
[177,"Implementación de Acciones Humanitarias y Extrajudiciales de Búsqueda","Comunicación oficial sobre el estado de análisis del cuerpo.","Comunicación oficial mediante la cual se realizan las actividades de seguimiento a la identificación. ","2020-12-12",null,"Información","Español","Híbrido: Análogo - electrónico","2020-12-12","Documento PDF","Disponible a solicitud","No aplica","Archivos digitales","Serie documental que contiene la evidencia de las acciones de análisis de la información para la identificación de cadáveres o el seguimiento o acompañamiento a los procesos de identificación de cadáveres recuperados por la UBPD y por otras entidades. La información corresponde a archivos de derechos humanos según lo establece el Acuerdo Final Para La Terminación Del Conflicto Y La Construcción De Una Paz Estable Y Duradera, Protocolo II adicional a los Convenios de Ginebra de 1949 relativo a la protección de las víctimas de los conflictos armados sin carácter internacional - 1977, Acto Legislativo 01 de 2017, Ley 1712 de 2014 al establecer su clasificación de información dentro de la matriz de activos de información e índice de información clasificada y reservada, Acuerdo 03 de 2015 AGN y Acuerdo 004 de 2015.","Director Técnico de Unidad Especial Dirección Técnica de Prospección, Recuperación e Identificación","DIRECCIÓN TÉCNICA DE PROSPECCIÓN, RECUPERACIÓN E IDENTIFICACIÓN","NO","BAJO",null,"BAJO","BAJO",1,1,1,3,"BAJO","NO",null,"PÚBLICA","No tiene excepción de acceso",null,"Información Pública de conocimiento General","No Aplica","2023-10-30","No Aplica "]
[178,"Implementación de Acciones Humanitarias y Extrajudiciales de Búsqueda","Lista de chequeo de la\ndocumentación del análisis\nforense del cadáver","Documento mediante el cual se recibe y verifica la información remitida por el Instituto Nacional de Medicina Legal y Ciencias Forenses u otras Entidades.","2021-12-12",null,"Información","Español","Híbrido: Análogo - electrónico","2020-12-12","Documento PDF","Disponible a solicitud","No aplica","Archivos digitales","Serie documental que contiene la evidencia de las acciones de análisis de la información para la identificación de cadáveres o el seguimiento o acompañamiento a los procesos de identificación de cadáveres recuperados por la UBPD y por otras entidades. La información corresponde a archivos de derechos humanos según lo establece el Acuerdo Final Para La Terminación Del Conflicto Y La Construcción De Una Paz Estable Y Duradera, Protocolo II adicional a los Convenios de Ginebra de 1949 relativo a la protección de las víctimas de los conflictos armados sin carácter internacional - 1977, Acto Legislativo 01 de 2017, Ley 1712 de 2014 al establecer su clasificación de información dentro de la matriz de activos de información e índice de información clasificada y reservada, Acuerdo 03 de 2015 AGN y Acuerdo 004 de 2015.","Director Técnico de Unidad Especial Dirección Técnica de Prospección, Recuperación e Identificación","DIRECCIÓN TÉCNICA DE PROSPECCIÓN, RECUPERACIÓN E IDENTIFICACIÓN","NO","BAJO",null,"BAJO","BAJO",1,1,1,3,"BAJO","NO",null,"PÚBLICA","No tiene excepción de acceso",null,"Información Pública de conocimiento General","No Aplica","2023-10-30","No Aplica "]
[179,"Implementación de Acciones Humanitarias y Extrajudiciales de Búsqueda","Ficha de comparación de\ninformación antemortem vs\npostmortem","Documento mediante el cual se corroboran los datos consignados relacionados con la identificación con relación a la información postmortem contenida en el informe de necropsia medicolegal y sus anexos y de la información antemortem aportada por la UBPD o contenida en el registro de la persona desaparecida en el SIRDEC. ","2021-12-12",null,"Información","Español","Híbrido: Análogo - electrónico","2020-12-12","Documento PDF","Disponible a solicitud","No aplica","Archivos digitales","Serie documental que contiene la evidencia de las acciones de análisis de la información para la identificación de cadáveres o el seguimiento o acompañamiento a los procesos de identificación de cadáveres recuperados por la UBPD y por otras entidades. La información corresponde a archivos de derechos humanos según lo establece el Acuerdo Final Para La Terminación Del Conflicto Y La Construcción De Una Paz Estable Y Duradera, Protocolo II adicional a los Convenios de Ginebra de 1949 relativo a la protección de las víctimas de los conflictos armados sin carácter internacional - 1977, Acto Legislativo 01 de 2017, Ley 1712 de 2014 al establecer su clasificación de información dentro de la matriz de activos de información e índice de información clasificada y reservada, Acuerdo 03 de 2015 AGN y Acuerdo 004 de 2015.","Director Técnico de Unidad Especial Dirección Técnica de Prospección, Recuperación e Identificación","DIRECCIÓN TÉCNICA DE PROSPECCIÓN, RECUPERACIÓN E IDENTIFICACIÓN","NO","MEDIO",null,"MEDIO","MEDIO",2,2,2,6,"MEDIO","SI","Dato Privado","CLASIFICADA","El derecho de toda persona a la intimidad, bajo las limitaciones propias que impone la condición de servidor publico, en concordancia con lo estipulado por el artículo 24 de la Ley 1437 de 2011.",null,"Información exceptuada por daño de derechos a personas naturales o jurídicas.\n Articulo 18 Ley 1712 de 2014\nLos que involucren derechos a la privacidad e intimidad de las personas, incluidas en las hojas de vida, la historia laboral y los expedientes pensionales y demás registros de personal que obren en los archivos de las instituciones públicas o privadas, así como la historia clínica, salvo que sean solicitados por los propios interesados o por sus apoderados con facultad expresa para acceder a esa información.\n","Total","2022-12-13","Ilimitada, y no deberán aplicarse cuando la persona natural o jurídica ha consentido en la revelación de sus datos personales o privados o bien cuando es claro que la información fue entregada como parte de aquella información que debe estar bajo el régimen de publicidad aplicable"]
[180,"Implementación de Acciones Humanitarias y Extrajudiciales de Búsqueda","Registro base de datos de toma de muestras de familiares de referencia","Documento mediante el cual se evidencia la información estructurada de los familiares muestradantes a quienes se les va a tomar las muestras durante la Jornada Integral de Toma de Muestras Biológicas de Referencia.","2021-12-12",null,"Información","Español","Electrónico","2020-12-12","Hoja de calculo; Documento PDF","Disponible a solicitud","Por demanda","Archivos digitales","Serie documental que contiene la evidencia de las acciones de análisis de la información para la identificación de cadáveres o el seguimiento o acompañamiento a los procesos de identificación de cadáveres recuperados por la UBPD y por otras entidades. La información corresponde a archivos de derechos humanos según lo establece el Acuerdo Final Para La Terminación Del Conflicto Y La Construcción De Una Paz Estable Y Duradera, Protocolo II adicional a los Convenios de Ginebra de 1949 relativo a la protección de las víctimas de los conflictos armados sin carácter internacional - 1977, Acto Legislativo 01 de 2017, Ley 1712 de 2014 al establecer su clasificación de información dentro de la matriz de activos de información e índice de información clasificada y reservada, Acuerdo 03 de 2015 AGN y Acuerdo 004 de 2015.","Director Técnico de Unidad Especial Dirección Técnica de Prospección, Recuperación e Identificación","DIRECCIÓN TÉCNICA DE PROSPECCIÓN, RECUPERACIÓN E IDENTIFICACIÓN","NO","MEDIO",null,"ALTO","ALTO",2,3,3,8,"ALTO","SI","Dato Privado","CLASIFICADA","El derecho de toda persona a la intimidad, bajo las limitaciones propias que impone la condición de servidor publico, en concordancia con lo estipulado por el artículo 24 de la Ley 1437 de 2011.",null,"Información exceptuada por daño de derechos a personas naturales o jurídicas.\n Articulo 18 Ley 1712 de 2014\nLos que involucren derechos a la privacidad e intimidad de las personas, incluidas en las hojas de vida, la historia laboral y los expedientes pensionales y demás registros de personal que obren en los archivos de las instituciones públicas o privadas, así como la historia clínica, salvo que sean solicitados por los propios interesados o por sus apoderados con facultad expresa para acceder a esa información.\n","Total","2022-12-13","Ilimitada, y no deberán aplicarse cuando la persona natural o jurídica ha consentido en la revelación de sus datos personales o privados o bien cuando es claro que la información fue entregada como parte de aquella información que debe estar bajo el régimen de publicidad aplicable"]
[181,"Implementación de Acciones Humanitarias y Extrajudiciales de Búsqueda","Comunicación oficial de solicitud para la jornada integral de toma de muestras ","Documento o comunicación (puede ser mediante correo electrónico) mediante el cual se le informa a la DTPRI sobre el proyecto de una jornada de toma de muestras y se le solicita su participación en la misma. ","2021-12-12",null,"Información","Español","Electrónico","2020-12-12","Documento PDF","Disponible a solicitud","No aplica","Archivos digitales","Serie documental que contiene la evidencia de las acciones de análisis de la información para la identificación de cadáveres o el seguimiento o acompañamiento a los procesos de identificación de cadáveres recuperados por la UBPD y por otras entidades. La información corresponde a archivos de derechos humanos según lo establece el Acuerdo Final Para La Terminación Del Conflicto Y La Construcción De Una Paz Estable Y Duradera, Protocolo II adicional a los Convenios de Ginebra de 1949 relativo a la protección de las víctimas de los conflictos armados sin carácter internacional - 1977, Acto Legislativo 01 de 2017, Ley 1712 de 2014 al establecer su clasificación de información dentro de la matriz de activos de información e índice de información clasificada y reservada, Acuerdo 03 de 2015 AGN y Acuerdo 004 de 2015.","Director Técnico de Unidad Especial Dirección Técnica de Prospección, Recuperación e Identificación","DIRECCIÓN TÉCNICA DE PROSPECCIÓN, RECUPERACIÓN E IDENTIFICACIÓN","NO","BAJO",null,"BAJO","BAJO",1,1,1,3,"BAJO","NO",null,"PÚBLICA","No tiene excepción de acceso",null,"Información Pública de conocimiento General","No Aplica","2023-10-30","No Aplica "]
[182,"Implementación de Acciones Humanitarias y Extrajudiciales de Búsqueda","Comunicación oficial interna  solicitud de información ampliación para el caso de resposable.","Comunicación oficial interna mediante la cual se solicita  a los Grupos Internos de Trabajo Territorial  responsables de la solicitud de búsqueda la ampliacion de la información.","2021-12-12",null,"Información","Español","Electrónico","2020-12-12","Documento PDF","Disponible a solicitud","No aplica","Archivos digitales","Serie documental que contiene la evidencia de las acciones de análisis de la información para la identificación de cadáveres o el seguimiento o acompañamiento a los procesos de identificación de cadáveres recuperados por la UBPD y por otras entidades. La información corresponde a archivos de derechos humanos según lo establece el Acuerdo Final Para La Terminación Del Conflicto Y La Construcción De Una Paz Estable Y Duradera, Protocolo II adicional a los Convenios de Ginebra de 1949 relativo a la protección de las víctimas de los conflictos armados sin carácter internacional - 1977, Acto Legislativo 01 de 2017, Ley 1712 de 2014 al establecer su clasificación de información dentro de la matriz de activos de información e índice de información clasificada y reservada, Acuerdo 03 de 2015 AGN y Acuerdo 004 de 2015.","Director Técnico de Unidad Especial Dirección Técnica de Prospección, Recuperación e Identificación","DIRECCIÓN TÉCNICA DE PROSPECCIÓN, RECUPERACIÓN E IDENTIFICACIÓN","NO","MEDIO",null,"BAJO","BAJO",2,1,1,4,"MEDIO","SI","Dato Sensible","CLASIFICADA","El derecho de toda persona a la intimidad, bajo las limitaciones propias que impone la condición de servidor publico, en concordancia con lo estipulado por el artículo 24 de la Ley 1437 de 2011.",null,"Información exceptuada por daño de derechos a personas naturales o jurídicas.\n Articulo 18 Ley 1712 de 2014\nLos que involucren derechos a la privacidad e intimidad de las personas, incluidas en las hojas de vida, la historia laboral y los expedientes pensionales y demás registros de personal que obren en los archivos de las instituciones públicas o privadas, así como la historia clínica, salvo que sean solicitados por los propios interesados o por sus apoderados con facultad expresa para acceder a esa información.\n","Total","2022-12-13","Ilimitada, y no deberán aplicarse cuando la persona natural o jurídica ha consentido en la revelación de sus datos personales o privados o bien cuando es claro que la información fue entregada como parte de aquella información que debe estar bajo el régimen de publicidad aplicable"]
[183,"Implementación de Acciones Humanitarias y Extrajudiciales de Búsqueda","Acta de coordinación con los Grupos Internos de Trabajo Terrirtorial o servidor de la Dirección Técnica misional, a él/la muestradante","Documento mediante el cual se deja constancia sobre la socialización realizada al muestradante para socializar de manera clara y oportuna, la necesidad, pertinencia y objetivo del procedimiento de la jornada integral de toma de muestras, de acuerdo con las prácticas y saberes culturales de este.","2021-12-12",null,"Información","Español","Electrónico","2020-12-12","Documento PDF","Disponible a solicitud","No aplica","Archivos digitales","Serie documental que contiene la evidencia de las acciones de análisis de la información para la identificación de cadáveres o el seguimiento o acompañamiento a los procesos de identificación de cadáveres recuperados por la UBPD y por otras entidades. La información corresponde a archivos de derechos humanos según lo establece el Acuerdo Final Para La Terminación Del Conflicto Y La Construcción De Una Paz Estable Y Duradera, Protocolo II adicional a los Convenios de Ginebra de 1949 relativo a la protección de las víctimas de los conflictos armados sin carácter internacional - 1977, Acto Legislativo 01 de 2017, Ley 1712 de 2014 al establecer su clasificación de información dentro de la matriz de activos de información e índice de información clasificada y reservada, Acuerdo 03 de 2015 AGN y Acuerdo 004 de 2015.","Director Técnico de Unidad Especial Dirección Técnica de Prospección, Recuperación e Identificación","DIRECCIÓN TÉCNICA DE PROSPECCIÓN, RECUPERACIÓN E IDENTIFICACIÓN","NO","BAJO",null,"BAJO","BAJO",1,1,1,3,"BAJO","NO",null,"PÚBLICA","No tiene excepción de acceso",null,"Información Pública de conocimiento General","No Aplica","2023-10-30","No Aplica "]
[184,"Implementación de Acciones Humanitarias y Extrajudiciales de Búsqueda","Acta de reunión de socialización de la jornada integral de toma de muestras","Documento mediante el cual se consigna el resultado de la socialización y capacitación al laboratorio sobre el proceso integral de toma de muestra","2021-12-12",null,"Información","Español","Electrónico","2020-12-12","Documento PDF","Disponible a solicitud","No aplica","Archivos digitales","Serie documental que contiene la evidencia de las acciones de análisis de la información para la identificación de cadáveres o el seguimiento o acompañamiento a los procesos de identificación de cadáveres recuperados por la UBPD y por otras entidades. La información corresponde a archivos de derechos humanos según lo establece el Acuerdo Final Para La Terminación Del Conflicto Y La Construcción De Una Paz Estable Y Duradera, Protocolo II adicional a los Convenios de Ginebra de 1949 relativo a la protección de las víctimas de los conflictos armados sin carácter internacional - 1977, Acto Legislativo 01 de 2017, Ley 1712 de 2014 al establecer su clasificación de información dentro de la matriz de activos de información e índice de información clasificada y reservada, Acuerdo 03 de 2015 AGN y Acuerdo 004 de 2015.","Director Técnico de Unidad Especial Dirección Técnica de Prospección, Recuperación e Identificación","DIRECCIÓN TÉCNICA DE PROSPECCIÓN, RECUPERACIÓN E IDENTIFICACIÓN","NO","BAJO",null,"BAJO","BAJO",1,1,1,3,"BAJO","NO",null,"PÚBLICA","No tiene excepción de acceso",null,"Información Pública de conocimiento General","No Aplica","2023-10-30","No Aplica "]
[185,"Implementación de Acciones Humanitarias y Extrajudiciales de Búsqueda","Registro de cadena de custodia","Documento mediante el cual se garantiza la autenticidad e integridad de las evidencias físicas  y al cadaver registrando en ella todas las acciones a las que han sido sometidos hasta su disposición final.","2021-12-12",null,"Información","Español","Electrónico; Híbrido: Análogo - digital","2020-12-12","Documento PDF","Disponible a solicitud","No aplica","Archivos digitales","Serie documental que contiene la evidencia de las acciones de análisis de la información para la identificación de cadáveres o el seguimiento o acompañamiento a los procesos de identificación de cadáveres recuperados por la UBPD y por otras entidades. La información corresponde a archivos de derechos humanos según lo establece el Acuerdo Final Para La Terminación Del Conflicto Y La Construcción De Una Paz Estable Y Duradera, Protocolo II adicional a los Convenios de Ginebra de 1949 relativo a la protección de las víctimas de los conflictos armados sin carácter internacional - 1977, Acto Legislativo 01 de 2017, Ley 1712 de 2014 al establecer su clasificación de información dentro de la matriz de activos de información e índice de información clasificada y reservada, Acuerdo 03 de 2015 AGN y Acuerdo 004 de 2015.","Director Técnico de Unidad Especial Dirección Técnica de Prospección, Recuperación e Identificación","DIRECCIÓN TÉCNICA DE PROSPECCIÓN, RECUPERACIÓN E IDENTIFICACIÓN","NO","ALTO",null,"ALTO","ALTO",3,3,3,9,"ALTO","NO",null,"RESERVADA","El debido proceso y la igualdad de las partes de los procesos judiciales",null,"Información exceptuada por daño a los intereses públicos. Articulo 19 Ley 1712 de 2014","Total","2022-12-13","No Mayor a 15 años"]
[186,"Implementación de Acciones Humanitarias y Extrajudiciales de Búsqueda","Consentimiento informado de la UBPD para toma y procesamiento de muestras biolólogicas de referencia para estudios geneticos dentro del proceso de busqueda e identificación de personas dadas por desaparecidas ","Documento mediante el cual se manifiesta una aceptación libre por parte del muestradante para realizar acciones relacionadas con el procesamiento de muestras biológicas para estudios genéticos.","2021-12-12",null,"Información","Español","Electrónico; Híbrido: Análogo - digital","2020-12-12","Documento PDF","Disponible a solicitud","No aplica","Archivos digitales","Serie documental que contiene la evidencia de las acciones de análisis de la información para la identificación de cadáveres o el seguimiento o acompañamiento a los procesos de identificación de cadáveres recuperados por la UBPD y por otras entidades. La información corresponde a archivos de derechos humanos según lo establece el Acuerdo Final Para La Terminación Del Conflicto Y La Construcción De Una Paz Estable Y Duradera, Protocolo II adicional a los Convenios de Ginebra de 1949 relativo a la protección de las víctimas de los conflictos armados sin carácter internacional - 1977, Acto Legislativo 01 de 2017, Ley 1712 de 2014 al establecer su clasificación de información dentro de la matriz de activos de información e índice de información clasificada y reservada, Acuerdo 03 de 2015 AGN y Acuerdo 004 de 2015.","Director Técnico de Unidad Especial Dirección Técnica de Prospección, Recuperación e Identificación","DIRECCIÓN TÉCNICA DE PROSPECCIÓN, RECUPERACIÓN E IDENTIFICACIÓN","NO","MEDIO",null,"MEDIO","ALTO",2,2,3,7,"MEDIO","SI","Dato Privado","CLASIFICADA","El derecho de toda persona a la intimidad, bajo las limitaciones propias que impone la condición de servidor publico, en concordancia con lo estipulado por el artículo 24 de la Ley 1437 de 2011.",null,"Información exceptuada por daño de derechos a personas naturales o jurídicas.\n Articulo 18 Ley 1712 de 2014\nLos que involucren derechos a la privacidad e intimidad de las personas, incluidas en las hojas de vida, la historia laboral y los expedientes pensionales y demás registros de personal que obren en los archivos de las instituciones públicas o privadas, así como la historia clínica, salvo que sean solicitados por los propios interesados o por sus apoderados con facultad expresa para acceder a esa información.\n","Total","2022-12-13","Ilimitada, y no deberán aplicarse cuando la persona natural o jurídica ha consentido en la revelación de sus datos personales o privados o bien cuando es claro que la información fue entregada como parte de aquella información que debe estar bajo el régimen de publicidad aplicable"]
[187,"Implementación de Acciones Humanitarias y Extrajudiciales de Búsqueda","Comunicación oficial notificación de la toma y envío de la muestra","Comunicación oficial mediante la cual se notifica a la DTPRI la toma de muestra","2021-12-12",null,"Información","Español","Electrónico","2020-12-12","HTML","Disponible a solicitud","No aplica","Archivos digitales","Serie documental que contiene la evidencia de las acciones de análisis de la información para la identificación de cadáveres o el seguimiento o acompañamiento a los procesos de identificación de cadáveres recuperados por la UBPD y por otras entidades. La información corresponde a archivos de derechos humanos según lo establece el Acuerdo Final Para La Terminación Del Conflicto Y La Construcción De Una Paz Estable Y Duradera, Protocolo II adicional a los Convenios de Ginebra de 1949 relativo a la protección de las víctimas de los conflictos armados sin carácter internacional - 1977, Acto Legislativo 01 de 2017, Ley 1712 de 2014 al establecer su clasificación de información dentro de la matriz de activos de información e índice de información clasificada y reservada, Acuerdo 03 de 2015 AGN y Acuerdo 004 de 2015.","Director Técnico de Unidad Especial Dirección Técnica de Prospección, Recuperación e Identificación","DIRECCIÓN TÉCNICA DE PROSPECCIÓN, RECUPERACIÓN E IDENTIFICACIÓN","NO","BAJO",null,"BAJO","BAJO",1,1,1,3,"BAJO","NO",null,"PÚBLICA","No tiene excepción de acceso",null,"Información Pública de conocimiento General","No Aplica","2023-10-30","No Aplica "]
[188,"Implementación de Acciones Humanitarias y Extrajudiciales de Búsqueda","Acta de reunión interinstitucional","Documento dispositivo mediante el cual se establecen acuerdos a través de reuniones interinstitucionales","2021-12-12",null,"Información","Español","Análogo","2020-12-12","Otro","No disponible, No publicada","No aplica","Archivos digitales","Serie documental que contiene la evidencia de las acciones de análisis de la información para la identificación de cadáveres o el seguimiento o acompañamiento a los procesos de identificación de cadáveres recuperados por la UBPD y por otras entidades. La información corresponde a archivos de derechos humanos según lo establece el Acuerdo Final Para La Terminación Del Conflicto Y La Construcción De Una Paz Estable Y Duradera, Protocolo II adicional a los Convenios de Ginebra de 1949 relativo a la protección de las víctimas de los conflictos armados sin carácter internacional - 1977, Acto Legislativo 01 de 2017, Ley 1712 de 2014 al establecer su clasificación de información dentro de la matriz de activos de información e índice de información clasificada y reservada, Acuerdo 03 de 2015 AGN y Acuerdo 004 de 2015.","Director Técnico de Unidad Especial Dirección Técnica de Prospección, Recuperación e Identificación","DIRECCIÓN TÉCNICA DE PROSPECCIÓN, RECUPERACIÓN E IDENTIFICACIÓN","NO","BAJO",null,"BAJO","BAJO",1,1,1,3,"BAJO","NO",null,"PÚBLICA","No tiene excepción de acceso",null,"Información Pública de conocimiento General","No Aplica","2023-10-30","No Aplica "]
[189,"Implementación de Acciones Humanitarias y Extrajudiciales de Búsqueda","Listado de asistencia","Documento mediante el cual se establece el registro de participantes en una reunión interna o externa","2021-12-12",null,"Información","Español","Análogo","2020-12-12","Otro","No disponible, No publicada","No aplica","Archivos digitales","Serie documental que contiene la evidencia de las acciones de análisis de la información para la identificación de cadáveres o el seguimiento o acompañamiento a los procesos de identificación de cadáveres recuperados por la UBPD y por otras entidades. La información corresponde a archivos de derechos humanos según lo establece el Acuerdo Final Para La Terminación Del Conflicto Y La Construcción De Una Paz Estable Y Duradera, Protocolo II adicional a los Convenios de Ginebra de 1949 relativo a la protección de las víctimas de los conflictos armados sin carácter internacional - 1977, Acto Legislativo 01 de 2017, Ley 1712 de 2014 al establecer su clasificación de información dentro de la matriz de activos de información e índice de información clasificada y reservada, Acuerdo 03 de 2015 AGN y Acuerdo 004 de 2015.","Director Técnico de Unidad Especial Dirección Técnica de Prospección, Recuperación e Identificación","DIRECCIÓN TÉCNICA DE PROSPECCIÓN, RECUPERACIÓN E IDENTIFICACIÓN","NO","MEDIO",null,"BAJO","BAJO",2,1,1,4,"MEDIO","SI","Dato Privado","CLASIFICADA","El derecho de toda persona a la intimidad, bajo las limitaciones propias que impone la condición de servidor publico, en concordancia con lo estipulado por el artículo 24 de la Ley 1437 de 2011.",null,"Información exceptuada por daño de derechos a personas naturales o jurídicas.\n Articulo 18 Ley 1712 de 2014\nLos que involucren derechos a la privacidad e intimidad de las personas, incluidas en las hojas de vida, la historia laboral y los expedientes pensionales y demás registros de personal que obren en los archivos de las instituciones públicas o privadas, así como la historia clínica, salvo que sean solicitados por los propios interesados o por sus apoderados con facultad expresa para acceder a esa información.\n","Parcial","2022-12-13","Ilimitada, y no deberán aplicarse cuando la persona natural o jurídica ha consentido en la revelación de sus datos personales o privados o bien cuando es claro que la información fue entregada como parte de aquella información que debe estar bajo el régimen de publicidad aplicable"]
[190,"Implementación de Acciones Humanitarias y Extrajudiciales de Búsqueda","Comunicación oficial requerimiento toma de muestra","Documento o comunicación (puede ser mediante correo electrónico) mediante el cual se le informa a la DTPRI sobre el proyecto de una jornada de toma de muestras y se le solicita su participación en la misma. ","2021-12-12",null,"Información","Español","Híbrido: Análogo - digital","2020-12-12","Documento PDF","Disponible a solicitud","No aplica","Archivos digitales","Serie documental que contiene la evidencia de las acciones de análisis de la información para la identificación de cadáveres o el seguimiento o acompañamiento a los procesos de identificación de cadáveres recuperados por la UBPD y por otras entidades. La información corresponde a archivos de derechos humanos según lo establece el Acuerdo Final Para La Terminación Del Conflicto Y La Construcción De Una Paz Estable Y Duradera, Protocolo II adicional a los Convenios de Ginebra de 1949 relativo a la protección de las víctimas de los conflictos armados sin carácter internacional - 1977, Acto Legislativo 01 de 2017, Ley 1712 de 2014 al establecer su clasificación de información dentro de la matriz de activos de información e índice de información clasificada y reservada, Acuerdo 03 de 2015 AGN y Acuerdo 004 de 2015.","Director Técnico de Unidad Especial Dirección Técnica de Prospección, Recuperación e Identificación","DIRECCIÓN TÉCNICA DE PROSPECCIÓN, RECUPERACIÓN E IDENTIFICACIÓN","NO","BAJO",null,"BAJO","BAJO",1,1,1,3,"BAJO","NO",null,"PÚBLICA","No tiene excepción de acceso",null,"Información Pública de conocimiento General","No Aplica","2023-10-30","No Aplica "]
[191,"Implementación de Acciones Humanitarias y Extrajudiciales de Búsqueda","Acta de reunión de socialización  procedimiento de la jornada integral de toma de muestra","Documento mediante el cual se presenta de  manera clara y oportuna la necesidad, pertenencia y objetivo  del procedimiento de jornada integral de toma de muestra  de acuerdo con las prácticas y saberes culturales de éste.","2021-12-12",null,"Información","Español","Híbrido: Análogo - digital","2020-12-12","Documento PDF","Disponible a solicitud","No aplica","Archivos digitales","Serie documental que contiene la evidencia de las acciones de análisis de la información para la identificación de cadáveres o el seguimiento o acompañamiento a los procesos de identificación de cadáveres recuperados por la UBPD y por otras entidades. La información corresponde a archivos de derechos humanos según lo establece el Acuerdo Final Para La Terminación Del Conflicto Y La Construcción De Una Paz Estable Y Duradera, Protocolo II adicional a los Convenios de Ginebra de 1949 relativo a la protección de las víctimas de los conflictos armados sin carácter internacional - 1977, Acto Legislativo 01 de 2017, Ley 1712 de 2014 al establecer su clasificación de información dentro de la matriz de activos de información e índice de información clasificada y reservada, Acuerdo 03 de 2015 AGN y Acuerdo 004 de 2015.","Director Técnico de Unidad Especial Dirección Técnica de Prospección, Recuperación e Identificación","DIRECCIÓN TÉCNICA DE PROSPECCIÓN, RECUPERACIÓN E IDENTIFICACIÓN","NO","BAJO",null,"BAJO","BAJO",1,1,1,3,"BAJO","NO",null,"PÚBLICA","No tiene excepción de acceso",null,"Información Pública de conocimiento General","No Aplica","2023-10-30","No Aplica "]
[192,"Implementación de Acciones Humanitarias y Extrajudiciales de Búsqueda","Comunicación oficial al muestradante ","Comunicación oficial mediante la cual se informa al muestradante el lugar, fecha y hora de la jornada integral de toma de muestra individual o colectiva","2021-12-12",null,"Información","Español","Híbrido: Análogo - digital","2020-12-12","Documento PDF","Disponible a solicitud","No aplica","Archivos digitales","Serie documental que contiene la evidencia de las acciones de análisis de la información para la identificación de cadáveres o el seguimiento o acompañamiento a los procesos de identificación de cadáveres recuperados por la UBPD y por otras entidades. La información corresponde a archivos de derechos humanos según lo establece el Acuerdo Final Para La Terminación Del Conflicto Y La Construcción De Una Paz Estable Y Duradera, Protocolo II adicional a los Convenios de Ginebra de 1949 relativo a la protección de las víctimas de los conflictos armados sin carácter internacional - 1977, Acto Legislativo 01 de 2017, Ley 1712 de 2014 al establecer su clasificación de información dentro de la matriz de activos de información e índice de información clasificada y reservada, Acuerdo 03 de 2015 AGN y Acuerdo 004 de 2015.","Director Técnico de Unidad Especial Dirección Técnica de Prospección, Recuperación e Identificación","DIRECCIÓN TÉCNICA DE PROSPECCIÓN, RECUPERACIÓN E IDENTIFICACIÓN","NO","BAJO",null,"BAJO","BAJO",1,1,1,3,"BAJO","NO",null,"PÚBLICA","No tiene excepción de acceso",null,"Información Pública de conocimiento General","No Aplica","2023-10-30","No Aplica "]
[193,"Implementación de Acciones Humanitarias y Extrajudiciales de Búsqueda","Documento de identidad muestradante","Documento mediante el cual se puede identificar al muestradante por su nombre, nacimiento y nacionalidad","2021-12-12",null,"Información","Español","Híbrido: Análogo - digital","2020-12-12","Documento PDF","Disponible a solicitud","No aplica","Archivos digitales","Serie documental que contiene la evidencia de las acciones de análisis de la información para la identificación de cadáveres o el seguimiento o acompañamiento a los procesos de identificación de cadáveres recuperados por la UBPD y por otras entidades. La información corresponde a archivos de derechos humanos según lo establece el Acuerdo Final Para La Terminación Del Conflicto Y La Construcción De Una Paz Estable Y Duradera, Protocolo II adicional a los Convenios de Ginebra de 1949 relativo a la protección de las víctimas de los conflictos armados sin carácter internacional - 1977, Acto Legislativo 01 de 2017, Ley 1712 de 2014 al establecer su clasificación de información dentro de la matriz de activos de información e índice de información clasificada y reservada, Acuerdo 03 de 2015 AGN y Acuerdo 004 de 2015.","Director Técnico de Unidad Especial Dirección Técnica de Prospección, Recuperación e Identificación","DIRECCIÓN TÉCNICA DE PROSPECCIÓN, RECUPERACIÓN E IDENTIFICACIÓN","SI","MEDIO","MEDIO","BAJO","BAJO",2,1,1,4,"MEDIO","SI","Dato Semiprivado","CLASIFICADA","El derecho de toda persona a la intimidad, bajo las limitaciones propias que impone la condición de servidor publico, en concordancia con lo estipulado por el artículo 24 de la Ley 1437 de 2011.",null,"Información exceptuada por daño de derechos a personas naturales o jurídicas.\n Articulo 18 Ley 1712 de 2014\nLos que involucren derechos a la privacidad e intimidad de las personas, incluidas en las hojas de vida, la historia laboral y los expedientes pensionales y demás registros de personal que obren en los archivos de las instituciones públicas o privadas, así como la historia clínica, salvo que sean solicitados por los propios interesados o por sus apoderados con facultad expresa para acceder a esa información.\n","Total","2022-12-13","Ilimitada, y no deberán aplicarse cuando la persona natural o jurídica ha consentido en la revelación de sus datos personales o privados o bien cuando es claro que la información fue entregada como parte de aquella información que debe estar bajo el régimen de publicidad aplicable"]
[194,"Implementación de Acciones Humanitarias y Extrajudiciales de Búsqueda","Documento de identidad de la persona dada por desaparecida","Documento mediante el cual se puede identificar a la persona dada por desaparecida por su nombre, nacimiento y nacionalidad","2021-12-12",null,"Información","Español","Híbrido: Análogo - digital","2020-12-12","Documento PDF","Disponible a solicitud","No aplica","Archivos digitales","Serie documental que contiene la evidencia de las acciones de análisis de la información para la identificación de cadáveres o el seguimiento o acompañamiento a los procesos de identificación de cadáveres recuperados por la UBPD y por otras entidades. La información corresponde a archivos de derechos humanos según lo establece el Acuerdo Final Para La Terminación Del Conflicto Y La Construcción De Una Paz Estable Y Duradera, Protocolo II adicional a los Convenios de Ginebra de 1949 relativo a la protección de las víctimas de los conflictos armados sin carácter internacional - 1977, Acto Legislativo 01 de 2017, Ley 1712 de 2014 al establecer su clasificación de información dentro de la matriz de activos de información e índice de información clasificada y reservada, Acuerdo 03 de 2015 AGN y Acuerdo 004 de 2015.","Director Técnico de Unidad Especial Dirección Técnica de Prospección, Recuperación e Identificación","DIRECCIÓN TÉCNICA DE PROSPECCIÓN, RECUPERACIÓN E IDENTIFICACIÓN","SI","MEDIO","MEDIO","BAJO","BAJO",2,1,1,4,"MEDIO","SI","Dato Semiprivado","CLASIFICADA","El derecho de toda persona a la intimidad, bajo las limitaciones propias que impone la condición de servidor publico, en concordancia con lo estipulado por el artículo 24 de la Ley 1437 de 2011.",null,"Información exceptuada por daño de derechos a personas naturales o jurídicas.\n Articulo 18 Ley 1712 de 2014\nLos que involucren derechos a la privacidad e intimidad de las personas, incluidas en las hojas de vida, la historia laboral y los expedientes pensionales y demás registros de personal que obren en los archivos de las instituciones públicas o privadas, así como la historia clínica, salvo que sean solicitados por los propios interesados o por sus apoderados con facultad expresa para acceder a esa información.\n","Total","2022-12-13","Ilimitada, y no deberán aplicarse cuando la persona natural o jurídica ha consentido en la revelación de sus datos personales o privados o bien cuando es claro que la información fue entregada como parte de aquella información que debe estar bajo el régimen de publicidad aplicable"]
[195,"Implementación de Acciones Humanitarias y Extrajudiciales de Búsqueda","Foto de filiación","Documento mediante el cual se fijan los rasgos morfológicos de una persona y aquellas caracterisiticas tales como tatuajes o cicatrices que permitan identificarla","2021-12-12",null,"Información","Español","Electrónico","2019-12-12","Documento PDF; Otro","Disponible a solicitud","No aplica","Archivos digitales","Serie documental que contiene la evidencia de las acciones de análisis de la información para la identificación de cadáveres o el seguimiento o acompañamiento a los procesos de identificación de cadáveres recuperados por la UBPD y por otras entidades. La información corresponde a archivos de derechos humanos según lo establece el Acuerdo Final Para La Terminación Del Conflicto Y La Construcción De Una Paz Estable Y Duradera, Protocolo II adicional a los Convenios de Ginebra de 1949 relativo a la protección de las víctimas de los conflictos armados sin carácter internacional - 1977, Acto Legislativo 01 de 2017, Ley 1712 de 2014 al establecer su clasificación de información dentro de la matriz de activos de información e índice de información clasificada y reservada, Acuerdo 03 de 2015 AGN y Acuerdo 004 de 2015.","Director Técnico de Unidad Especial Dirección Técnica de Prospección, Recuperación e Identificación","DIRECCIÓN TÉCNICA DE PROSPECCIÓN, RECUPERACIÓN E IDENTIFICACIÓN","NO","MEDIO",null,"MEDIO","MEDIO",2,2,2,6,"MEDIO","SI","Dato Privado","CLASIFICADA","El derecho de toda persona a la intimidad, bajo las limitaciones propias que impone la condición de servidor publico, en concordancia con lo estipulado por el artículo 24 de la Ley 1437 de 2011.",null,"Información exceptuada por daño de derechos a personas naturales o jurídicas.\n Articulo 18 Ley 1712 de 2014\nLos que involucren derechos a la privacidad e intimidad de las personas, incluidas en las hojas de vida, la historia laboral y los expedientes pensionales y demás registros de personal que obren en los archivos de las instituciones públicas o privadas, así como la historia clínica, salvo que sean solicitados por los propios interesados o por sus apoderados con facultad expresa para acceder a esa información.\n","Total","2022-12-13","Ilimitada, y no deberán aplicarse cuando la persona natural o jurídica ha consentido en la revelación de sus datos personales o privados o bien cuando es claro que la información fue entregada como parte de aquella información que debe estar bajo el régimen de publicidad aplicable"]
[196,"Implementación de Acciones Humanitarias y Extrajudiciales de Búsqueda","Fotografias de alguna señal particular","Documento mediante el cual se evidencian algunas caracterisiticas tales como tatuajes o cicatrices que permitan identificarla","2021-12-12",null,"Información","Español","Electrónico","2019-12-12","Documento PDF; Otro","Disponible a solicitud","No aplica","Archivos digitales","Serie documental que contiene la evidencia de las acciones de análisis de la información para la identificación de cadáveres o el seguimiento o acompañamiento a los procesos de identificación de cadáveres recuperados por la UBPD y por otras entidades. La información corresponde a archivos de derechos humanos según lo establece el Acuerdo Final Para La Terminación Del Conflicto Y La Construcción De Una Paz Estable Y Duradera, Protocolo II adicional a los Convenios de Ginebra de 1949 relativo a la protección de las víctimas de los conflictos armados sin carácter internacional - 1977, Acto Legislativo 01 de 2017, Ley 1712 de 2014 al establecer su clasificación de información dentro de la matriz de activos de información e índice de información clasificada y reservada, Acuerdo 03 de 2015 AGN y Acuerdo 004 de 2015.","Director Técnico de Unidad Especial Dirección Técnica de Prospección, Recuperación e Identificación","DIRECCIÓN TÉCNICA DE PROSPECCIÓN, RECUPERACIÓN E IDENTIFICACIÓN","NO","MEDIO",null,"MEDIO","MEDIO",2,2,2,6,"MEDIO","SI","Dato Privado","CLASIFICADA","El derecho de toda persona a la intimidad, bajo las limitaciones propias que impone la condición de servidor publico, en concordancia con lo estipulado por el artículo 24 de la Ley 1437 de 2011.",null,"Información exceptuada por daño de derechos a personas naturales o jurídicas.\n Articulo 18 Ley 1712 de 2014\nLos que involucren derechos a la privacidad e intimidad de las personas, incluidas en las hojas de vida, la historia laboral y los expedientes pensionales y demás registros de personal que obren en los archivos de las instituciones públicas o privadas, así como la historia clínica, salvo que sean solicitados por los propios interesados o por sus apoderados con facultad expresa para acceder a esa información.\n","Total","2022-12-13","Ilimitada, y no deberán aplicarse cuando la persona natural o jurídica ha consentido en la revelación de sus datos personales o privados o bien cuando es claro que la información fue entregada como parte de aquella información que debe estar bajo el régimen de publicidad aplicable"]
[197,"Implementación de Acciones Humanitarias y Extrajudiciales de Búsqueda","Historias clinicas médicas","Documento o instrumento escrito en el que consta en forma metódica, ordenada y detallada la narración de todos los sucesos acaecidos y comprobaciones realizadas por el médico o el equipo médico, durante la asistencia de un paciente en un establecimiento público o privado desde su ingreso hasta el momento de su egreso por alta o por muerte","2021-12-12",null,"Información","Español","Electrónico","2019-12-12","Documento PDF; Otro","Disponible a solicitud","No aplica","Archivos digitales","Serie documental que contiene la evidencia de las acciones de análisis de la información para la identificación de cadáveres o el seguimiento o acompañamiento a los procesos de identificación de cadáveres recuperados por la UBPD y por otras entidades. La información corresponde a archivos de derechos humanos según lo establece el Acuerdo Final Para La Terminación Del Conflicto Y La Construcción De Una Paz Estable Y Duradera, Protocolo II adicional a los Convenios de Ginebra de 1949 relativo a la protección de las víctimas de los conflictos armados sin carácter internacional - 1977, Acto Legislativo 01 de 2017, Ley 1712 de 2014 al establecer su clasificación de información dentro de la matriz de activos de información e índice de información clasificada y reservada, Acuerdo 03 de 2015 AGN y Acuerdo 004 de 2015.","Director Técnico de Unidad Especial Dirección Técnica de Prospección, Recuperación e Identificación","DIRECCIÓN TÉCNICA DE PROSPECCIÓN, RECUPERACIÓN E IDENTIFICACIÓN","SI","MEDIO","MEDIO","MEDIO","MEDIO",2,2,2,6,"MEDIO","SI","Dato Sensible","CLASIFICADA","El derecho de toda persona a la intimidad, bajo las limitaciones propias que impone la condición de servidor publico, en concordancia con lo estipulado por el artículo 24 de la Ley 1437 de 2011.",null,"Información exceptuada por daño de derechos a personas naturales o jurídicas.\n Articulo 18 Ley 1712 de 2014\nLos que involucren derechos a la privacidad e intimidad de las personas, incluidas en las hojas de vida, la historia laboral y los expedientes pensionales y demás registros de personal que obren en los archivos de las instituciones públicas o privadas, así como la historia clínica, salvo que sean solicitados por los propios interesados o por sus apoderados con facultad expresa para acceder a esa información.\n","Total","2022-12-13","Ilimitada, y no deberán aplicarse cuando la persona natural o jurídica ha consentido en la revelación de sus datos personales o privados o bien cuando es claro que la información fue entregada como parte de aquella información que debe estar bajo el régimen de publicidad aplicable"]
[198,"Implementación de Acciones Humanitarias y Extrajudiciales de Búsqueda","Historias clinicas odontológicas","Documento que tiene por objeto aportar todos los datos pato-biográficos de importancia para el paciente, descubiertos e interpretados por el dentista, y que son considerados relevantes para establecer un diagnóstico e instaurar una terapia.","2021-12-12",null,"Información","Español","Electrónico","2019-12-12","Documento PDF; Otro","Disponible a solicitud","No aplica","Archivos digitales","Serie documental que contiene la evidencia de las acciones de análisis de la información para la identificación de cadáveres o el seguimiento o acompañamiento a los procesos de identificación de cadáveres recuperados por la UBPD y por otras entidades. La información corresponde a archivos de derechos humanos según lo establece el Acuerdo Final Para La Terminación Del Conflicto Y La Construcción De Una Paz Estable Y Duradera, Protocolo II adicional a los Convenios de Ginebra de 1949 relativo a la protección de las víctimas de los conflictos armados sin carácter internacional - 1977, Acto Legislativo 01 de 2017, Ley 1712 de 2014 al establecer su clasificación de información dentro de la matriz de activos de información e índice de información clasificada y reservada, Acuerdo 03 de 2015 AGN y Acuerdo 004 de 2015.","Director Técnico de Unidad Especial Dirección Técnica de Prospección, Recuperación e Identificación","DIRECCIÓN TÉCNICA DE PROSPECCIÓN, RECUPERACIÓN E IDENTIFICACIÓN","SI","MEDIO","MEDIO","MEDIO","MEDIO",2,2,2,6,"MEDIO","SI","Dato Sensible","CLASIFICADA","El derecho de toda persona a la intimidad, bajo las limitaciones propias que impone la condición de servidor publico, en concordancia con lo estipulado por el artículo 24 de la Ley 1437 de 2011.",null,"Información exceptuada por daño de derechos a personas naturales o jurídicas.\n Articulo 18 Ley 1712 de 2014\nLos que involucren derechos a la privacidad e intimidad de las personas, incluidas en las hojas de vida, la historia laboral y los expedientes pensionales y demás registros de personal que obren en los archivos de las instituciones públicas o privadas, así como la historia clínica, salvo que sean solicitados por los propios interesados o por sus apoderados con facultad expresa para acceder a esa información.\n","Total","2022-12-13","Ilimitada, y no deberán aplicarse cuando la persona natural o jurídica ha consentido en la revelación de sus datos personales o privados o bien cuando es claro que la información fue entregada como parte de aquella información que debe estar bajo el régimen de publicidad aplicable"]
[199,"Implementación de Acciones Humanitarias y Extrajudiciales de Búsqueda","Radiografías dentales o corporales","Documento que presenta imágenes de las estructuras internas del cuerpo ","2021-12-12",null,"Información","Español","Electrónico","2019-12-12","Documento PDF; Otro","Disponible a solicitud","No aplica","Archivos digitales","Serie documental que contiene la evidencia de las acciones de análisis de la información para la identificación de cadáveres o el seguimiento o acompañamiento a los procesos de identificación de cadáveres recuperados por la UBPD y por otras entidades. La información corresponde a archivos de derechos humanos según lo establece el Acuerdo Final Para La Terminación Del Conflicto Y La Construcción De Una Paz Estable Y Duradera, Protocolo II adicional a los Convenios de Ginebra de 1949 relativo a la protección de las víctimas de los conflictos armados sin carácter internacional - 1977, Acto Legislativo 01 de 2017, Ley 1712 de 2014 al establecer su clasificación de información dentro de la matriz de activos de información e índice de información clasificada y reservada, Acuerdo 03 de 2015 AGN y Acuerdo 004 de 2015.","Director Técnico de Unidad Especial Dirección Técnica de Prospección, Recuperación e Identificación","DIRECCIÓN TÉCNICA DE PROSPECCIÓN, RECUPERACIÓN E IDENTIFICACIÓN","SI","MEDIO","MEDIO","MEDIO","MEDIO",2,2,2,6,"MEDIO","SI","Dato Sensible","CLASIFICADA","El derecho de toda persona a la intimidad, bajo las limitaciones propias que impone la condición de servidor publico, en concordancia con lo estipulado por el artículo 24 de la Ley 1437 de 2011.",null,"Información exceptuada por daño de derechos a personas naturales o jurídicas.\n Articulo 18 Ley 1712 de 2014\nLos que involucren derechos a la privacidad e intimidad de las personas, incluidas en las hojas de vida, la historia laboral y los expedientes pensionales y demás registros de personal que obren en los archivos de las instituciones públicas o privadas, así como la historia clínica, salvo que sean solicitados por los propios interesados o por sus apoderados con facultad expresa para acceder a esa información.\n","Total","2022-12-13","Ilimitada, y no deberán aplicarse cuando la persona natural o jurídica ha consentido en la revelación de sus datos personales o privados o bien cuando es claro que la información fue entregada como parte de aquella información que debe estar bajo el régimen de publicidad aplicable"]
[200,"Implementación de Acciones Humanitarias y Extrajudiciales de Búsqueda","Registro del desaparecido en SIRDEC","Documento que presenta información del caso de la persona dada por desaparecida en el SIRDEC","2021-12-12",null,"Información","Español","Electrónico","2018-12-12","Documento PDF","Disponible a solicitud","Por demanda","Archivos digitales","Serie documental que contiene la evidencia de las acciones de análisis de la información para la identificación de cadáveres o el seguimiento o acompañamiento a los procesos de identificación de cadáveres recuperados por la UBPD y por otras entidades. La información corresponde a archivos de derechos humanos según lo establece el Acuerdo Final Para La Terminación Del Conflicto Y La Construcción De Una Paz Estable Y Duradera, Protocolo II adicional a los Convenios de Ginebra de 1949 relativo a la protección de las víctimas de los conflictos armados sin carácter internacional - 1977, Acto Legislativo 01 de 2017, Ley 1712 de 2014 al establecer su clasificación de información dentro de la matriz de activos de información e índice de información clasificada y reservada, Acuerdo 03 de 2015 AGN y Acuerdo 004 de 2015.","Director Técnico de Unidad Especial Dirección Técnica de Prospección, Recuperación e Identificación","DIRECCIÓN TÉCNICA DE PROSPECCIÓN, RECUPERACIÓN E IDENTIFICACIÓN","SI","MEDIO","MEDIO","MEDIO","MEDIO",2,2,2,6,"MEDIO","SI","Dato Privado","CLASIFICADA","El derecho de toda persona a la intimidad, bajo las limitaciones propias que impone la condición de servidor publico, en concordancia con lo estipulado por el artículo 24 de la Ley 1437 de 2011.",null,"Información exceptuada por daño de derechos a personas naturales o jurídicas.\n Articulo 18 Ley 1712 de 2014\nLos que involucren derechos a la privacidad e intimidad de las personas, incluidas en las hojas de vida, la historia laboral y los expedientes pensionales y demás registros de personal que obren en los archivos de las instituciones públicas o privadas, así como la historia clínica, salvo que sean solicitados por los propios interesados o por sus apoderados con facultad expresa para acceder a esa información.\n","Total","2022-12-13","Ilimitada, y no deberán aplicarse cuando la persona natural o jurídica ha consentido en la revelación de sus datos personales o privados o bien cuando es claro que la información fue entregada como parte de aquella información que debe estar bajo el régimen de publicidad aplicable"]
[201,"Implementación de Acciones Humanitarias y Extrajudiciales de Búsqueda","Registro fotográfico del muestradante","Documento o medio de documentación del muestradante con el fin de ser entregado al INMLCF","2021-12-12",null,"Información","Español","Electrónico","2018-12-12","Documento PDF; Imagen","Disponible a solicitud","No aplica","Archivos digitales","Serie documental que contiene la evidencia de las acciones de análisis de la información para la identificación de cadáveres o el seguimiento o acompañamiento a los procesos de identificación de cadáveres recuperados por la UBPD y por otras entidades. La información corresponde a archivos de derechos humanos según lo establece el Acuerdo Final Para La Terminación Del Conflicto Y La Construcción De Una Paz Estable Y Duradera, Protocolo II adicional a los Convenios de Ginebra de 1949 relativo a la protección de las víctimas de los conflictos armados sin carácter internacional - 1977, Acto Legislativo 01 de 2017, Ley 1712 de 2014 al establecer su clasificación de información dentro de la matriz de activos de información e índice de información clasificada y reservada, Acuerdo 03 de 2015 AGN y Acuerdo 004 de 2015.","Director Técnico de Unidad Especial Dirección Técnica de Prospección, Recuperación e Identificación","DIRECCIÓN TÉCNICA DE PROSPECCIÓN, RECUPERACIÓN E IDENTIFICACIÓN","NO","MEDIO",null,"MEDIO","MEDIO",2,2,2,6,"MEDIO","SI","Dato Sensible","CLASIFICADA","El derecho de toda persona a la intimidad, bajo las limitaciones propias que impone la condición de servidor publico, en concordancia con lo estipulado por el artículo 24 de la Ley 1437 de 2011.",null,"Información exceptuada por daño de derechos a personas naturales o jurídicas.\n Articulo 18 Ley 1712 de 2014\nLos que involucren derechos a la privacidad e intimidad de las personas, incluidas en las hojas de vida, la historia laboral y los expedientes pensionales y demás registros de personal que obren en los archivos de las instituciones públicas o privadas, así como la historia clínica, salvo que sean solicitados por los propios interesados o por sus apoderados con facultad expresa para acceder a esa información.\n","Total","2022-12-13","Ilimitada, y no deberán aplicarse cuando la persona natural o jurídica ha consentido en la revelación de sus datos personales o privados o bien cuando es claro que la información fue entregada como parte de aquella información que debe estar bajo el régimen de publicidad aplicable"]
[202,"Implementación de Acciones Humanitarias y Extrajudiciales de Búsqueda","Álbum fotográfico","Documento que presenta la información resumidad del registro fotografico y presentada de manera ordenada. Contiene las siguientes fotografías: documento de identidad por ambas caras, fotografía del muestradante con su rótulo de identificación muestradante, fotografía de la tarjeta FTA abierta donde se vea claramente la muestra y la información del rótulo y fotografía del sobre sellado con el rótulo de la muestra.","2021-12-12",null,"Información","Español","Electrónico","2018-12-12","Documento PDF; Documento de Texto","Disponible a solicitud","No aplica","Archivos digitales","Serie documental que contiene la evidencia de las acciones de análisis de la información para la identificación de cadáveres o el seguimiento o acompañamiento a los procesos de identificación de cadáveres recuperados por la UBPD y por otras entidades. La información corresponde a archivos de derechos humanos según lo establece el Acuerdo Final Para La Terminación Del Conflicto Y La Construcción De Una Paz Estable Y Duradera, Protocolo II adicional a los Convenios de Ginebra de 1949 relativo a la protección de las víctimas de los conflictos armados sin carácter internacional - 1977, Acto Legislativo 01 de 2017, Ley 1712 de 2014 al establecer su clasificación de información dentro de la matriz de activos de información e índice de información clasificada y reservada, Acuerdo 03 de 2015 AGN y Acuerdo 004 de 2015.","Director Técnico de Unidad Especial Dirección Técnica de Prospección, Recuperación e Identificación","DIRECCIÓN TÉCNICA DE PROSPECCIÓN, RECUPERACIÓN E IDENTIFICACIÓN","NO","MEDIO",null,"MEDIO","MEDIO",2,2,2,6,"MEDIO","SI","Dato Sensible","CLASIFICADA","El derecho de toda persona a la intimidad, bajo las limitaciones propias que impone la condición de servidor publico, en concordancia con lo estipulado por el artículo 24 de la Ley 1437 de 2011.",null,"Información exceptuada por daño de derechos a personas naturales o jurídicas.\n Articulo 18 Ley 1712 de 2014\nLos que involucren derechos a la privacidad e intimidad de las personas, incluidas en las hojas de vida, la historia laboral y los expedientes pensionales y demás registros de personal que obren en los archivos de las instituciones públicas o privadas, así como la historia clínica, salvo que sean solicitados por los propios interesados o por sus apoderados con facultad expresa para acceder a esa información.\n","Total","2022-12-13","Ilimitada, y no deberán aplicarse cuando la persona natural o jurídica ha consentido en la revelación de sus datos personales o privados o bien cuando es claro que la información fue entregada como parte de aquella información que debe estar bajo el régimen de publicidad aplicable"]
[203,"Implementación de Acciones Humanitarias y Extrajudiciales de Búsqueda","Fotografía de la tarjeta FTA","Documento que evidencia el diligenciamiento de la tarjeta FTA","2021-12-12",null,"Información","Español","Híbrido: Análogo - digital","2018-12-12","Imagen","Disponible a solicitud","No aplica","Archivos digitales","Serie documental que contiene la evidencia de las acciones de análisis de la información para la identificación de cadáveres o el seguimiento o acompañamiento a los procesos de identificación de cadáveres recuperados por la UBPD y por otras entidades. La información corresponde a archivos de derechos humanos según lo establece el Acuerdo Final Para La Terminación Del Conflicto Y La Construcción De Una Paz Estable Y Duradera, Protocolo II adicional a los Convenios de Ginebra de 1949 relativo a la protección de las víctimas de los conflictos armados sin carácter internacional - 1977, Acto Legislativo 01 de 2017, Ley 1712 de 2014 al establecer su clasificación de información dentro de la matriz de activos de información e índice de información clasificada y reservada, Acuerdo 03 de 2015 AGN y Acuerdo 004 de 2015.","Director Técnico de Unidad Especial Dirección Técnica de Prospección, Recuperación e Identificación","DIRECCIÓN TÉCNICA DE PROSPECCIÓN, RECUPERACIÓN E IDENTIFICACIÓN","NO","MEDIO",null,"MEDIO","MEDIO",2,2,2,6,"MEDIO","SI","Dato Privado","CLASIFICADA","El derecho de toda persona a la intimidad, bajo las limitaciones propias que impone la condición de servidor publico, en concordancia con lo estipulado por el artículo 24 de la Ley 1437 de 2011.",null,"Información exceptuada por daño de derechos a personas naturales o jurídicas.\n Articulo 18 Ley 1712 de 2014\nLos que involucren derechos a la privacidad e intimidad de las personas, incluidas en las hojas de vida, la historia laboral y los expedientes pensionales y demás registros de personal que obren en los archivos de las instituciones públicas o privadas, así como la historia clínica, salvo que sean solicitados por los propios interesados o por sus apoderados con facultad expresa para acceder a esa información.\n","Total","2022-12-13","Ilimitada, y no deberán aplicarse cuando la persona natural o jurídica ha consentido en la revelación de sus datos personales o privados o bien cuando es claro que la información fue entregada como parte de aquella información que debe estar bajo el régimen de publicidad aplicable"]
[204,"Implementación de Acciones Humanitarias y Extrajudiciales de Búsqueda","Comunicación oficial de solicitud análisis ante el INMLCF","Comunicación oficial dirigida al INMLCF  incluyendo a todos\nlos muestradantes del grupo familiar, para que sean incluidos, procesados, unificados  y cotejados en el BPGD como grupo familiar.","2021-12-12",null,"Información","Español","Análogo; Electrónico","2020-12-12","Documento PDF","Disponible a solicitud","No aplica","Archivos digitales","Serie documental que contiene la evidencia de las acciones de análisis de la información para la identificación de cadáveres o el seguimiento o acompañamiento a los procesos de identificación de cadáveres recuperados por la UBPD y por otras entidades. La información corresponde a archivos de derechos humanos según lo establece el Acuerdo Final Para La Terminación Del Conflicto Y La Construcción De Una Paz Estable Y Duradera, Protocolo II adicional a los Convenios de Ginebra de 1949 relativo a la protección de las víctimas de los conflictos armados sin carácter internacional - 1977, Acto Legislativo 01 de 2017, Ley 1712 de 2014 al establecer su clasificación de información dentro de la matriz de activos de información e índice de información clasificada y reservada, Acuerdo 03 de 2015 AGN y Acuerdo 004 de 2015.","Director Técnico de Unidad Especial Dirección Técnica de Prospección, Recuperación e Identificación","DIRECCIÓN TÉCNICA DE PROSPECCIÓN, RECUPERACIÓN E IDENTIFICACIÓN","NO","MEDIO",null,"MEDIO","BAJO",2,2,1,5,"MEDIO","SI","Dato Privado","CLASIFICADA","El derecho de toda persona a la intimidad, bajo las limitaciones propias que impone la condición de servidor publico, en concordancia con lo estipulado por el artículo 24 de la Ley 1437 de 2011.",null,"Información exceptuada por daño de derechos a personas naturales o jurídicas.\n Articulo 18 Ley 1712 de 2014\nLos que involucren derechos a la privacidad e intimidad de las personas, incluidas en las hojas de vida, la historia laboral y los expedientes pensionales y demás registros de personal que obren en los archivos de las instituciones públicas o privadas, así como la historia clínica, salvo que sean solicitados por los propios interesados o por sus apoderados con facultad expresa para acceder a esa información.\n","Total","2022-12-13","Ilimitada, y no deberán aplicarse cuando la persona natural o jurídica ha consentido en la revelación de sus datos personales o privados o bien cuando es claro que la información fue entregada como parte de aquella información que debe estar bajo el régimen de publicidad aplicable"]
[205,"Implementación de Acciones Humanitarias y Extrajudiciales de Búsqueda","Informe pericial de identificación ","Documento escrito que registra el desarrollo y resultado de un estudio, análisis o examen realizado por un perito a solicitud de una instancia competente. Incluye la interpretación de los resultados obtenidos y su presentación acorde con los criterios científicos de autenticidad y de claridad para los usuarios.","2021-12-12",null,"Información","Español","Híbrido: Análogo - digital","2020-12-12","Documento PDF","Disponible a solicitud","No aplica","Archivos digitales","Serie documental que contiene la evidencia de las acciones de análisis de la información para la identificación de cadáveres o el seguimiento o acompañamiento a los procesos de identificación de cadáveres recuperados por la UBPD y por otras entidades. La información corresponde a archivos de derechos humanos según lo establece el Acuerdo Final Para La Terminación Del Conflicto Y La Construcción De Una Paz Estable Y Duradera, Protocolo II adicional a los Convenios de Ginebra de 1949 relativo a la protección de las víctimas de los conflictos armados sin carácter internacional - 1977, Acto Legislativo 01 de 2017, Ley 1712 de 2014 al establecer su clasificación de información dentro de la matriz de activos de información e índice de información clasificada y reservada, Acuerdo 03 de 2015 AGN y Acuerdo 004 de 2015.","Director Técnico de Unidad Especial Dirección Técnica de Prospección, Recuperación e Identificación","DIRECCIÓN TÉCNICA DE PROSPECCIÓN, RECUPERACIÓN E IDENTIFICACIÓN","SI","ALTO","ALTO","ALTO","ALTO",3,3,3,9,"ALTO","SI","Dato Sensible","RESERVADA","El debido proceso y la igualdad de las partes de los procesos judiciales",null,"Información exceptuada por daño a los intereses públicos. Articulo 19 Ley 1712 de 2014","Total","2022-12-13","No Mayor a 15 años"]
[206,"Implementación de Acciones Humanitarias y Extrajudiciales de Búsqueda","Ficha de actividades de seguimiento al proceso de identificación","Documento mediante el cual se reporta el seguimiento efectuado al proceso de identificación.","2021-12-12",null,"Información","Español","Electrónico","2021-12-12","Hoja de calculo","Disponible a solicitud","No aplica","Archivos digitales","Serie documental que contiene la evidencia de las acciones de análisis de la información para la identificación de cadáveres o el seguimiento o acompañamiento a los procesos de identificación de cadáveres recuperados por la UBPD y por otras entidades. La información corresponde a archivos de derechos humanos según lo establece el Acuerdo Final Para La Terminación Del Conflicto Y La Construcción De Una Paz Estable Y Duradera, Protocolo II adicional a los Convenios de Ginebra de 1949 relativo a la protección de las víctimas de los conflictos armados sin carácter internacional - 1977, Acto Legislativo 01 de 2017, Ley 1712 de 2014 al establecer su clasificación de información dentro de la matriz de activos de información e índice de información clasificada y reservada, Acuerdo 03 de 2015 AGN y Acuerdo 004 de 2015.","Director Técnico de Unidad Especial Dirección Técnica de Prospección, Recuperación e Identificación","DIRECCIÓN TÉCNICA DE PROSPECCIÓN, RECUPERACIÓN E IDENTIFICACIÓN","NO","MEDIO",null,"BAJO","BAJO",2,1,1,4,"MEDIO","SI","Dato Privado","CLASIFICADA","El derecho de toda persona a la intimidad, bajo las limitaciones propias que impone la condición de servidor publico, en concordancia con lo estipulado por el artículo 24 de la Ley 1437 de 2011.",null,"Información exceptuada por daño de derechos a personas naturales o jurídicas.\n Articulo 18 Ley 1712 de 2014\nLos que involucren derechos a la privacidad e intimidad de las personas, incluidas en las hojas de vida, la historia laboral y los expedientes pensionales y demás registros de personal que obren en los archivos de las instituciones públicas o privadas, así como la historia clínica, salvo que sean solicitados por los propios interesados o por sus apoderados con facultad expresa para acceder a esa información.\n","Total","2022-12-13","Ilimitada, y no deberán aplicarse cuando la persona natural o jurídica ha consentido en la revelación de sus datos personales o privados o bien cuando es claro que la información fue entregada como parte de aquella información que debe estar bajo el régimen de publicidad aplicable"]
[207,"Implementación de Acciones Humanitarias y Extrajudiciales de Búsqueda","Informe pericial de Necropsia Médico Legal","Documento realizado por un perito relatando todas las acciones adelantadas sobre la necropcia medico legal, el examen realizado al cadáver, análisis, y conclusiones, así como la causa y manera de la muerte y los hallazgos durante la misma.","2021-12-12",null,"Información","Español","Híbrido: Análogo - digital","2020-12-12","Documento PDF","Disponible a solicitud","No aplica","Archivos digitales","Serie documental que contiene la evidencia de las acciones de análisis de la información para la identificación de cadáveres o el seguimiento o acompañamiento a los procesos de identificación de cadáveres recuperados por la UBPD y por otras entidades. La información corresponde a archivos de derechos humanos según lo establece el Acuerdo Final Para La Terminación Del Conflicto Y La Construcción De Una Paz Estable Y Duradera, Protocolo II adicional a los Convenios de Ginebra de 1949 relativo a la protección de las víctimas de los conflictos armados sin carácter internacional - 1977, Acto Legislativo 01 de 2017, Ley 1712 de 2014 al establecer su clasificación de información dentro de la matriz de activos de información e índice de información clasificada y reservada, Acuerdo 03 de 2015 AGN y Acuerdo 004 de 2015.","Director Técnico de Unidad Especial Dirección Técnica de Prospección, Recuperación e Identificación","DIRECCIÓN TÉCNICA DE PROSPECCIÓN, RECUPERACIÓN E IDENTIFICACIÓN","SI","ALTO","ALTO","ALTO","ALTO",3,3,3,9,"ALTO","SI","Dato Sensible","RESERVADA","El debido proceso y la igualdad de las partes de los procesos judiciales",null,"Información exceptuada por daño a los intereses públicos. Articulo 19 Ley 1712 de 2014","Total","2022-12-13","No Mayor a 15 años"]
[208,"Implementación de Acciones Humanitarias y Extrajudiciales de Búsqueda","Infome pericial de antroplogía forense","Documento realizado por un perito relatando todas las acciones adelantadas durante el abordaje antropologico forense de un cadaver y los respectivos hallazgos","2021-12-12",null,"Información","Español","Híbrido: Análogo - digital","2020-12-12","Documento PDF","Disponible a solicitud","No aplica","Archivos digitales","Serie documental que contiene la evidencia de las acciones de análisis de la información para la identificación de cadáveres o el seguimiento o acompañamiento a los procesos de identificación de cadáveres recuperados por la UBPD y por otras entidades. La información corresponde a archivos de derechos humanos según lo establece el Acuerdo Final Para La Terminación Del Conflicto Y La Construcción De Una Paz Estable Y Duradera, Protocolo II adicional a los Convenios de Ginebra de 1949 relativo a la protección de las víctimas de los conflictos armados sin carácter internacional - 1977, Acto Legislativo 01 de 2017, Ley 1712 de 2014 al establecer su clasificación de información dentro de la matriz de activos de información e índice de información clasificada y reservada, Acuerdo 03 de 2015 AGN y Acuerdo 004 de 2015.","Director Técnico de Unidad Especial Dirección Técnica de Prospección, Recuperación e Identificación","DIRECCIÓN TÉCNICA DE PROSPECCIÓN, RECUPERACIÓN E IDENTIFICACIÓN","SI","ALTO","ALTO","ALTO","ALTO",3,3,3,9,"ALTO","SI","Dato Privado","RESERVADA","El debido proceso y la igualdad de las partes de los procesos judiciales",null,"Información exceptuada por daño a los intereses públicos. Articulo 19 Ley 1712 de 2014","Total","2022-12-13","No Mayor a 15 años"]
[209,"Implementación de Acciones Humanitarias y Extrajudiciales de Búsqueda","Informe pericial de genetica forense","Documento realizado por un perito relatando todas las acciones adelantadas durante el análisis genetico realizado a las muestra obtenidas de un cadaver o de una persona muestradante y los respectivos hallazgos","2021-12-12",null,"Información","Español","Híbrido: Análogo - digital","2020-12-12","Documento PDF","Disponible a solicitud","No aplica","Archivos digitales","Serie documental que contiene la evidencia de las acciones de análisis de la información para la identificación de cadáveres o el seguimiento o acompañamiento a los procesos de identificación de cadáveres recuperados por la UBPD y por otras entidades. La información corresponde a archivos de derechos humanos según lo establece el Acuerdo Final Para La Terminación Del Conflicto Y La Construcción De Una Paz Estable Y Duradera, Protocolo II adicional a los Convenios de Ginebra de 1949 relativo a la protección de las víctimas de los conflictos armados sin carácter internacional - 1977, Acto Legislativo 01 de 2017, Ley 1712 de 2014 al establecer su clasificación de información dentro de la matriz de activos de información e índice de información clasificada y reservada, Acuerdo 03 de 2015 AGN y Acuerdo 004 de 2015.","Director Técnico de Unidad Especial Dirección Técnica de Prospección, Recuperación e Identificación","DIRECCIÓN TÉCNICA DE PROSPECCIÓN, RECUPERACIÓN E IDENTIFICACIÓN","SI","ALTO","ALTO","ALTO","ALTO",3,3,3,9,"ALTO","SI","Dato Privado","RESERVADA","La administración efectiva de la justicia",null,"Información exceptuada por daño a los intereses públicos. Articulo 19 Ley 1712 de 2014","Total","2022-12-13","No Mayor a 15 años"]
[210,"Implementación de Acciones Humanitarias y Extrajudiciales de Búsqueda","Reporte de lo acaecido a la persona dada por desaparecida","Documento que presenta información sobre lo que ocurrió a la persona dada por desaparecida, al término de la ejecución del plan de búsqueda; así como los informes sobre el desarrollo y ejecución del plan de búsqueda requeridos por los familiares, apoyándose en herramientas que faciliten su comprensión","2021-12-12",null,"Información","Español","Electrónico","2021-12-12","Documento PDF","Disponible a solicitud","No aplica","Archivos digitales","Serie documental que contiene la evidencia de las acciones de análisis de la información para la identificación de cadáveres o el seguimiento o acompañamiento a los procesos de identificación de cadáveres recuperados por la UBPD y por otras entidades. La información corresponde a archivos de derechos humanos según lo establece el Acuerdo Final Para La Terminación Del Conflicto Y La Construcción De Una Paz Estable Y Duradera, Protocolo II adicional a los Convenios de Ginebra de 1949 relativo a la protección de las víctimas de los conflictos armados sin carácter internacional - 1977, Acto Legislativo 01 de 2017, Ley 1712 de 2014 al establecer su clasificación de información dentro de la matriz de activos de información e índice de información clasificada y reservada, Acuerdo 03 de 2015 AGN y Acuerdo 004 de 2015.","Director Técnico de Unidad Especial Dirección Técnica de Prospección, Recuperación e Identificación","DIRECCIÓN TÉCNICA DE PROSPECCIÓN, RECUPERACIÓN E IDENTIFICACIÓN","NO","MEDIO",null,"MEDIO","MEDIO",2,2,2,6,"MEDIO","SI","Dato Privado","CLASIFICADA","El derecho de toda persona a la intimidad, bajo las limitaciones propias que impone la condición de servidor publico, en concordancia con lo estipulado por el artículo 24 de la Ley 1437 de 2011.",null,"Información exceptuada por daño de derechos a personas naturales o jurídicas.\n Articulo 18 Ley 1712 de 2014\nLos que involucren derechos a la privacidad e intimidad de las personas, incluidas en las hojas de vida, la historia laboral y los expedientes pensionales y demás registros de personal que obren en los archivos de las instituciones públicas o privadas, así como la historia clínica, salvo que sean solicitados por los propios interesados o por sus apoderados con facultad expresa para acceder a esa información.\n","Total","2022-12-13","Ilimitada, y no deberán aplicarse cuando la persona natural o jurídica ha consentido en la revelación de sus datos personales o privados o bien cuando es claro que la información fue entregada como parte de aquella información que debe estar bajo el régimen de publicidad aplicable"]
[211,"Implementación de Acciones Humanitarias y Extrajudiciales de Búsqueda","Solicitud de certificado de defunción","Comunicación oficial dirigida al INMLCF solicitando la diligenciamiento y envío del certificado de defunción","2021-12-12",null,"Información","Español","Híbrido: Análogo - digital","2021-12-12","Documento PDF","Disponible a solicitud","No aplica","Archivos digitales","Serie documental que contiene la evidencia de las acciones de análisis de la información para la identificación de cadáveres o el seguimiento o acompañamiento a los procesos de identificación de cadáveres recuperados por la UBPD y por otras entidades. La información corresponde a archivos de derechos humanos según lo establece el Acuerdo Final Para La Terminación Del Conflicto Y La Construcción De Una Paz Estable Y Duradera, Protocolo II adicional a los Convenios de Ginebra de 1949 relativo a la protección de las víctimas de los conflictos armados sin carácter internacional - 1977, Acto Legislativo 01 de 2017, Ley 1712 de 2014 al establecer su clasificación de información dentro de la matriz de activos de información e índice de información clasificada y reservada, Acuerdo 03 de 2015 AGN y Acuerdo 004 de 2015.","Director Técnico de Unidad Especial Dirección Técnica de Prospección, Recuperación e Identificación","DIRECCIÓN TÉCNICA DE PROSPECCIÓN, RECUPERACIÓN E IDENTIFICACIÓN","NO","MEDIO",null,"MEDIO","MEDIO",2,2,2,6,"MEDIO","SI","Dato Privado","CLASIFICADA","El derecho de toda persona a la intimidad, bajo las limitaciones propias que impone la condición de servidor publico, en concordancia con lo estipulado por el artículo 24 de la Ley 1437 de 2011.",null,"Información exceptuada por daño de derechos a personas naturales o jurídicas.\n Articulo 18 Ley 1712 de 2014\nLos que involucren derechos a la privacidad e intimidad de las personas, incluidas en las hojas de vida, la historia laboral y los expedientes pensionales y demás registros de personal que obren en los archivos de las instituciones públicas o privadas, así como la historia clínica, salvo que sean solicitados por los propios interesados o por sus apoderados con facultad expresa para acceder a esa información.\n","Total","2022-12-13","Ilimitada, y no deberán aplicarse cuando la persona natural o jurídica ha consentido en la revelación de sus datos personales o privados o bien cuando es claro que la información fue entregada como parte de aquella información que debe estar bajo el régimen de publicidad aplicable"]
[212,"Implementación de Acciones Humanitarias y Extrajudiciales de Búsqueda","Comunicación oficial de solicitud de verificación de identidad de persona encontrada con vida","Documento o comunicación interna (puede ser mediante correo electrónico o un acta) emitido por la DTPCVED, mediante el cual se le hace la solicitud expresa a la DTPRI para la realización del procedimiento de Verificación de identidad a la persona encontrada viva.","2021-12-12",null,"Información","Español","Híbrido: Análogo - electrónico","2021-12-12","Documento PDF","Disponible a solicitud","No aplica","Archivos digitales","contiene la evidencia  de las acciones humanitarias y extrajudiciales de identificación de persona dada por desaparecida y que haya sido encontrada con vida. posee valores secundarios, pues son fuente primaria para investigaciones de tipo histórico y cultural que evidencia las condiciones sociales, políticas y culturales, que describen la información de los perpetradores de las violaciones a los derechos humanos e infracciones al DIH y sus modus operandi en el contexto del conflicto armado interno, el testimonios de víctimas y sus familiares y los modos de resistencia de la sociedad civil frente al conflicto armado, para estudios en antropología, sociología o ciencias políticas","Director Técnico de Unidad Especial Dirección Técnica de Prospección, Recuperación e Identificación","DIRECCIÓN TÉCNICA DE PROSPECCIÓN, RECUPERACIÓN E IDENTIFICACIÓN","NO","BAJO",null,"BAJO","BAJO",1,1,1,3,"BAJO","NO",null,"PÚBLICA","No tiene excepción de acceso",null,"Información Pública de conocimiento General","No Aplica","2023-10-30","No Aplica "]
[213,"Implementación de Acciones Humanitarias y Extrajudiciales de Búsqueda","Consentimiento informado para la realización de exámenes clinicos, valoraciones y otros procedimientos relacionados con la verificación de la persona encontrada con vida","Registro escrito que da fe de la autorización que otorga una persona o su responsable\nlegal, para que se realicen los examenes clinicos y otros procedimientos, de de acuerdo con los términos y alcances del consentimiento.","2021-12-12",null,"Información","Español","Híbrido: Análogo - electrónico","2021-12-12","Documento PDF","Disponible a solicitud","No aplica","Archivos digitales","contiene la evidencia  de las acciones humanitarias y extrajudiciales de identificación de persona dada por desaparecida y que haya sido encontrada con vida. posee valores secundarios, pues son fuente primaria para investigaciones de tipo histórico y cultural que evidencia las condiciones sociales, políticas y culturales, que describen la información de los perpetradores de las violaciones a los derechos humanos e infracciones al DIH y sus modus operandi en el contexto del conflicto armado interno, el testimonios de víctimas y sus familiares y los modos de resistencia de la sociedad civil frente al conflicto armado, para estudios en antropología, sociología o ciencias políticas","Director Técnico de Unidad Especial Dirección Técnica de Prospección, Recuperación e Identificación","DIRECCIÓN TÉCNICA DE PROSPECCIÓN, RECUPERACIÓN E IDENTIFICACIÓN","NO","MEDIO",null,"BAJO","MEDIO",2,1,2,5,"MEDIO","SI","Dato Privado","CLASIFICADA","El derecho de toda persona a la intimidad, bajo las limitaciones propias que impone la condición de servidor publico, en concordancia con lo estipulado por el artículo 24 de la Ley 1437 de 2011.",null,"Información exceptuada por daño de derechos a personas naturales o jurídicas.\n Articulo 18 Ley 1712 de 2014\nLos que involucren derechos a la privacidad e intimidad de las personas, incluidas en las hojas de vida, la historia laboral y los expedientes pensionales y demás registros de personal que obren en los archivos de las instituciones públicas o privadas, así como la historia clínica, salvo que sean solicitados por los propios interesados o por sus apoderados con facultad expresa para acceder a esa información.\n","Total","2022-12-13","Ilimitada, y no deberán aplicarse cuando la persona natural o jurídica ha consentido en la revelación de sus datos personales o privados o bien cuando es claro que la información fue entregada como parte de aquella información que debe estar bajo el régimen de publicidad aplicable"]
[214,"Implementación de Acciones Humanitarias y Extrajudiciales de Búsqueda","Consentimiento informado para el reencuentro de la PEV ","Registro escrito que da fe de la autorización que otorga una persona o su responsable\nlegal, para que se realice el reencuentro con  una persona dada por desaparecida, de acuerdo con los términos y alcances del consentimiento.","2021-12-12",null,"Información","Español","Híbrido: Análogo - digital","2021-12-12","Documento PDF","Disponible a solicitud","No aplica","Archivos digitales","contiene la evidencia  de las acciones humanitarias y extrajudiciales de identificación de persona dada por desaparecida y que haya sido encontrada con vida. posee valores secundarios, pues son fuente primaria para investigaciones de tipo histórico y cultural que evidencia las condiciones sociales, políticas y culturales, que describen la información de los perpetradores de las violaciones a los derechos humanos e infracciones al DIH y sus modus operandi en el contexto del conflicto armado interno, el testimonios de víctimas y sus familiares y los modos de resistencia de la sociedad civil frente al conflicto armado, para estudios en antropología, sociología o ciencias políticas","Director Técnico de Unidad Especial Dirección Técnica de Prospección, Recuperación e Identificación","DIRECCIÓN TÉCNICA DE PROSPECCIÓN, RECUPERACIÓN E IDENTIFICACIÓN","NO","MEDIO",null,"BAJO","MEDIO",2,1,2,5,"MEDIO","SI","Dato Privado","CLASIFICADA","El derecho de toda persona a la intimidad, bajo las limitaciones propias que impone la condición de servidor publico, en concordancia con lo estipulado por el artículo 24 de la Ley 1437 de 2011.",null,"Información exceptuada por daño de derechos a personas naturales o jurídicas.\n Articulo 18 Ley 1712 de 2014\nLos que involucren derechos a la privacidad e intimidad de las personas, incluidas en las hojas de vida, la historia laboral y los expedientes pensionales y demás registros de personal que obren en los archivos de las instituciones públicas o privadas, así como la historia clínica, salvo que sean solicitados por los propios interesados o por sus apoderados con facultad expresa para acceder a esa información.\n","Total","2022-12-13","Ilimitada, y no deberán aplicarse cuando la persona natural o jurídica ha consentido en la revelación de sus datos personales o privados o bien cuando es claro que la información fue entregada como parte de aquella información que debe estar bajo el régimen de publicidad aplicable"]
[215,"Implementación de Acciones Humanitarias y Extrajudiciales de Búsqueda","Acta de reunión de conformación de equipo interdisciplinario","Documento mediante el cual se conforma el grupo interdisciplinario de expertos en identificación de la DTPRI para la verificación de identidad de la PEV.","2021-12-12",null,"Información","Español","Híbrido: Análogo - digital","2021-12-12","Documento PDF","Disponible a solicitud","No aplica","Archivos digitales","contiene la evidencia  de las acciones humanitarias y extrajudiciales de identificación de persona dada por desaparecida y que haya sido encontrada con vida. posee valores secundarios, pues son fuente primaria para investigaciones de tipo histórico y cultural que evidencia las condiciones sociales, políticas y culturales, que describen la información de los perpetradores de las violaciones a los derechos humanos e infracciones al DIH y sus modus operandi en el contexto del conflicto armado interno, el testimonios de víctimas y sus familiares y los modos de resistencia de la sociedad civil frente al conflicto armado, para estudios en antropología, sociología o ciencias políticas","Director Técnico de Unidad Especial Dirección Técnica de Prospección, Recuperación e Identificación","DIRECCIÓN TÉCNICA DE PROSPECCIÓN, RECUPERACIÓN E IDENTIFICACIÓN","NO","BAJO",null,"BAJO","BAJO",1,1,1,3,"BAJO","NO",null,"PÚBLICA","No tiene excepción de acceso",null,"Información Pública de conocimiento General","No Aplica","2023-10-30","No Aplica "]
[216,"Implementación de Acciones Humanitarias y Extrajudiciales de Búsqueda","Ficha de información básica disponible para la verificación de identificación de persona encontrada con vida - PEV","Documento en el cual se registran los datos e información de la PDD que peden ser útiles en el proceso de identificación.","2021-12-12",null,"Información","Español","Híbrido: Análogo - digital","2021-12-12","Documento PDF","Disponible a solicitud","No aplica","Archivos digitales","contiene la evidencia  de las acciones humanitarias y extrajudiciales de identificación de persona dada por desaparecida y que haya sido encontrada con vida. posee valores secundarios, pues son fuente primaria para investigaciones de tipo histórico y cultural que evidencia las condiciones sociales, políticas y culturales, que describen la información de los perpetradores de las violaciones a los derechos humanos e infracciones al DIH y sus modus operandi en el contexto del conflicto armado interno, el testimonios de víctimas y sus familiares y los modos de resistencia de la sociedad civil frente al conflicto armado, para estudios en antropología, sociología o ciencias políticas","Director Técnico de Unidad Especial Dirección Técnica de Prospección, Recuperación e Identificación","DIRECCIÓN TÉCNICA DE PROSPECCIÓN, RECUPERACIÓN E IDENTIFICACIÓN","NO","MEDIO",null,"MEDIO","MEDIO",2,2,2,6,"MEDIO","SI","Dato Privado","CLASIFICADA","El derecho de toda persona a la intimidad, bajo las limitaciones propias que impone la condición de servidor publico, en concordancia con lo estipulado por el artículo 24 de la Ley 1437 de 2011.",null,"Información exceptuada por daño de derechos a personas naturales o jurídicas.\n Articulo 18 Ley 1712 de 2014\nLos que involucren derechos a la privacidad e intimidad de las personas, incluidas en las hojas de vida, la historia laboral y los expedientes pensionales y demás registros de personal que obren en los archivos de las instituciones públicas o privadas, así como la historia clínica, salvo que sean solicitados por los propios interesados o por sus apoderados con facultad expresa para acceder a esa información.\n","Total","2022-12-13","Ilimitada, y no deberán aplicarse cuando la persona natural o jurídica ha consentido en la revelación de sus datos personales o privados o bien cuando es claro que la información fue entregada como parte de aquella información que debe estar bajo el régimen de publicidad aplicable"]
[217,"Implementación de Acciones Humanitarias y Extrajudiciales de Búsqueda","Comunicación oficial enviada para la programación de toma de muestra al INML","Documento mediante el cual se informa a programación establecida al INML para la toma de muestras","2021-12-12",null,"Información","Español","Híbrido: Análogo - digital","2021-12-12","Documento PDF","Disponible a solicitud","No aplica","Archivos digitales","contiene la evidencia  de las acciones humanitarias y extrajudiciales de identificación de persona dada por desaparecida y que haya sido encontrada con vida. posee valores secundarios, pues son fuente primaria para investigaciones de tipo histórico y cultural que evidencia las condiciones sociales, políticas y culturales, que describen la información de los perpetradores de las violaciones a los derechos humanos e infracciones al DIH y sus modus operandi en el contexto del conflicto armado interno, el testimonios de víctimas y sus familiares y los modos de resistencia de la sociedad civil frente al conflicto armado, para estudios en antropología, sociología o ciencias políticas","Director Técnico de Unidad Especial Dirección Técnica de Prospección, Recuperación e Identificación","DIRECCIÓN TÉCNICA DE PROSPECCIÓN, RECUPERACIÓN E IDENTIFICACIÓN","NO","BAJO",null,"BAJO","BAJO",1,1,1,3,"BAJO","NO",null,"PÚBLICA","No tiene excepción de acceso",null,"Información Pública de conocimiento General","No Aplica","2023-10-30","No Aplica "]
[218,"Implementación de Acciones Humanitarias y Extrajudiciales de Búsqueda","Registro decadactilar","Documento que contiene datos personales de la persona viva y las huellas dactilares de los dedos de ambas manos.","2021-12-12",null,"Información","Español","Híbrido: Análogo - digital","2021-12-12","Documento PDF","Disponible a solicitud","No aplica","Archivos digitales","contiene la evidencia  de las acciones humanitarias y extrajudiciales de identificación de persona dada por desaparecida y que haya sido encontrada con vida. posee valores secundarios, pues son fuente primaria para investigaciones de tipo histórico y cultural que evidencia las condiciones sociales, políticas y culturales, que describen la información de los perpetradores de las violaciones a los derechos humanos e infracciones al DIH y sus modus operandi en el contexto del conflicto armado interno, el testimonios de víctimas y sus familiares y los modos de resistencia de la sociedad civil frente al conflicto armado, para estudios en antropología, sociología o ciencias políticas","Director Técnico de Unidad Especial Dirección Técnica de Prospección, Recuperación e Identificación","DIRECCIÓN TÉCNICA DE PROSPECCIÓN, RECUPERACIÓN E IDENTIFICACIÓN","SI","ALTO","ALTO","ALTO","ALTO",3,3,3,9,"ALTO","SI","Dato Privado","RESERVADA","El debido proceso y la igualdad de las partes de los procesos judiciales",null,"Información exceptuada por daño a los intereses públicos. Articulo 19 Ley 1712 de 2014","Total","2022-12-13","No Mayor a 15 años"]
[219,"Implementación de Acciones Humanitarias y Extrajudiciales de Búsqueda","Comunicación oficial enviada solicitando cotejo dactiloscópico","Oficio mediante el cual se solicita formalmente a la entidad que le competa (INMLCF o RNEC), la realización de cotejo decadactilar o monodactilar entre las huellas tomadas a la persona encontrada con vida y las huellas dactilares registradas en la base de datos de la Registraduría Nacional del Estado Civil (RNEC).","2021-12-12",null,"Información","Español","Híbrido: Análogo - digital","2021-12-12","Documento PDF","Disponible a solicitud","No aplica","Archivos digitales","contiene la evidencia  de las acciones humanitarias y extrajudiciales de identificación de persona dada por desaparecida y que haya sido encontrada con vida. posee valores secundarios, pues son fuente primaria para investigaciones de tipo histórico y cultural que evidencia las condiciones sociales, políticas y culturales, que describen la información de los perpetradores de las violaciones a los derechos humanos e infracciones al DIH y sus modus operandi en el contexto del conflicto armado interno, el testimonios de víctimas y sus familiares y los modos de resistencia de la sociedad civil frente al conflicto armado, para estudios en antropología, sociología o ciencias políticas","Director Técnico de Unidad Especial Dirección Técnica de Prospección, Recuperación e Identificación","DIRECCIÓN TÉCNICA DE PROSPECCIÓN, RECUPERACIÓN E IDENTIFICACIÓN","NO","BAJO",null,"BAJO","BAJO",1,1,1,3,"BAJO","NO",null,"PÚBLICA","No tiene excepción de acceso",null,"Información Pública de conocimiento General","No Aplica","2023-10-30","No Aplica "]
[220,"Implementación de Acciones Humanitarias y Extrajudiciales de Búsqueda","Muestra biológica de la PEV","Documento que contiene muestra de material biológico (por ejemplo, sangre o células óseas) la cual se ha tomado de un individuo de quien se conoce plenamente su identidad y se puede utilizar como proveniente de manera exclusiva de esa persona. \nEsta muestra es utilizada en procesos de verificación de identidad de persona encontrada viva para ser comparada con las muestras de referencia de los familiares que buscan a una persona dada por desaparecida.","2021-12-12",null,"Información","Español","Análogo","2021-12-12","Documento PDF","Disponible a solicitud","No aplica","Archivo físico","contiene la evidencia  de las acciones humanitarias y extrajudiciales de identificación de persona dada por desaparecida y que haya sido encontrada con vida. posee valores secundarios, pues son fuente primaria para investigaciones de tipo histórico y cultural que evidencia las condiciones sociales, políticas y culturales, que describen la información de los perpetradores de las violaciones a los derechos humanos e infracciones al DIH y sus modus operandi en el contexto del conflicto armado interno, el testimonios de víctimas y sus familiares y los modos de resistencia de la sociedad civil frente al conflicto armado, para estudios en antropología, sociología o ciencias políticas","Director Técnico de Unidad Especial Dirección Técnica de Prospección, Recuperación e Identificación","DIRECCIÓN TÉCNICA DE PROSPECCIÓN, RECUPERACIÓN E IDENTIFICACIÓN","NO","ALTO",null,"ALTO","ALTO",3,3,3,9,"ALTO","SI","Dato Sensible","RESERVADA","El debido proceso y la igualdad de las partes de los procesos judiciales",null,"Información exceptuada por daño a los intereses públicos. Articulo 19 Ley 1712 de 2014","Total","2022-12-13","No Mayor a 15 años"]
[221,"Implementación de Acciones Humanitarias y Extrajudiciales de Búsqueda","Comunicación oficial enviada solicitando análisis, ingreso y cruce BPGD","Comunicación oficial de remisión solicitando el análisis, ingreso y cruce BPGD ","2021-12-12",null,"Información","Español","Híbrido: Análogo - digital","2021-12-12","Documento PDF","Disponible a solicitud","No aplica","Archivos digitales","contiene la evidencia  de las acciones humanitarias y extrajudiciales de identificación de persona dada por desaparecida y que haya sido encontrada con vida. posee valores secundarios, pues son fuente primaria para investigaciones de tipo histórico y cultural que evidencia las condiciones sociales, políticas y culturales, que describen la información de los perpetradores de las violaciones a los derechos humanos e infracciones al DIH y sus modus operandi en el contexto del conflicto armado interno, el testimonios de víctimas y sus familiares y los modos de resistencia de la sociedad civil frente al conflicto armado, para estudios en antropología, sociología o ciencias políticas","Director Técnico de Unidad Especial Dirección Técnica de Prospección, Recuperación e Identificación","DIRECCIÓN TÉCNICA DE PROSPECCIÓN, RECUPERACIÓN E IDENTIFICACIÓN","NO","BAJO",null,"BAJO","BAJO",1,1,1,3,"BAJO","NO",null,"PÚBLICA","No tiene excepción de acceso",null,"Información Pública de conocimiento General","No Aplica","2023-10-30","No Aplica "]
[222,"Implementación de Acciones Humanitarias y Extrajudiciales de Búsqueda","Exámen odontológico para verificación de identidad PEV","Documento que contiene el análisis y abordaje odontológico forense en la persona encontrada con vida.\n\nDocumento en el que se señala el exámen odontológico realizado a la persona encontrada con vida, anotando las características dentales que permitan ser comparadas en el proceso de verificación de identidad si aplica.","2021-12-12",null,"Información","Español","Híbrido: Análogo - digital","2021-12-12","Documento PDF","Disponible a solicitud","No aplica","Archivos digitales","contiene la evidencia  de las acciones humanitarias y extrajudiciales de identificación de persona dada por desaparecida y que haya sido encontrada con vida. posee valores secundarios, pues son fuente primaria para investigaciones de tipo histórico y cultural que evidencia las condiciones sociales, políticas y culturales, que describen la información de los perpetradores de las violaciones a los derechos humanos e infracciones al DIH y sus modus operandi en el contexto del conflicto armado interno, el testimonios de víctimas y sus familiares y los modos de resistencia de la sociedad civil frente al conflicto armado, para estudios en antropología, sociología o ciencias políticas","Director Técnico de Unidad Especial Dirección Técnica de Prospección, Recuperación e Identificación","DIRECCIÓN TÉCNICA DE PROSPECCIÓN, RECUPERACIÓN E IDENTIFICACIÓN","NO","MEDIO",null,"MEDIO","MEDIO",2,2,2,6,"MEDIO","SI","Dato Sensible","CLASIFICADA","El derecho de toda persona a la intimidad, bajo las limitaciones propias que impone la condición de servidor publico, en concordancia con lo estipulado por el artículo 24 de la Ley 1437 de 2011.",null,"Información exceptuada por daño de derechos a personas naturales o jurídicas.\n Articulo 18 Ley 1712 de 2014\nLos que involucren derechos a la privacidad e intimidad de las personas, incluidas en las hojas de vida, la historia laboral y los expedientes pensionales y demás registros de personal que obren en los archivos de las instituciones públicas o privadas, así como la historia clínica, salvo que sean solicitados por los propios interesados o por sus apoderados con facultad expresa para acceder a esa información.\n","Total","2022-12-13","Ilimitada, y no deberán aplicarse cuando la persona natural o jurídica ha consentido en la revelación de sus datos personales o privados o bien cuando es claro que la información fue entregada como parte de aquella información que debe estar bajo el régimen de publicidad aplicable"]
[223,"Implementación de Acciones Humanitarias y Extrajudiciales de Búsqueda","Informe técnico de cotejo odontológico","Documento de comparación que presenta resultados de forma sistemática y ordenada de dos registros del sistema estomatognático; que pueden ser ante mortem (AM) o post mortem (PM), dentro de los cuales se contemplan historias clínicas, registros fotográficos, radiográficos, tomografías, registros de mordida, modelos de estudio, aparatología, materiales de osteosíntesis. Que aportan información altamente individualizante que permiten establecer u orientar la identidad de un cuerpo o de una persona.","2021-12-12",null,"Información","Español","Híbrido: Análogo - digital","2021-12-12","Documento PDF","Disponible a solicitud","No aplica","Archivos digitales","contiene la evidencia  de las acciones humanitarias y extrajudiciales de identificación de persona dada por desaparecida y que haya sido encontrada con vida. posee valores secundarios, pues son fuente primaria para investigaciones de tipo histórico y cultural que evidencia las condiciones sociales, políticas y culturales, que describen la información de los perpetradores de las violaciones a los derechos humanos e infracciones al DIH y sus modus operandi en el contexto del conflicto armado interno, el testimonios de víctimas y sus familiares y los modos de resistencia de la sociedad civil frente al conflicto armado, para estudios en antropología, sociología o ciencias políticas","Director Técnico de Unidad Especial Dirección Técnica de Prospección, Recuperación e Identificación","DIRECCIÓN TÉCNICA DE PROSPECCIÓN, RECUPERACIÓN E IDENTIFICACIÓN","SI","MEDIO","MEDIO","MEDIO","MEDIO",2,2,2,6,"MEDIO","SI","Dato Sensible","CLASIFICADA","El derecho de toda persona a la intimidad, bajo las limitaciones propias que impone la condición de servidor publico, en concordancia con lo estipulado por el artículo 24 de la Ley 1437 de 2011.",null,"Información exceptuada por daño de derechos a personas naturales o jurídicas.\n Articulo 18 Ley 1712 de 2014\nLos que involucren derechos a la privacidad e intimidad de las personas, incluidas en las hojas de vida, la historia laboral y los expedientes pensionales y demás registros de personal que obren en los archivos de las instituciones públicas o privadas, así como la historia clínica, salvo que sean solicitados por los propios interesados o por sus apoderados con facultad expresa para acceder a esa información.\n","Total","2022-12-13","Ilimitada, y no deberán aplicarse cuando la persona natural o jurídica ha consentido en la revelación de sus datos personales o privados o bien cuando es claro que la información fue entregada como parte de aquella información que debe estar bajo el régimen de publicidad aplicable"]
[224,"Implementación de Acciones Humanitarias y Extrajudiciales de Búsqueda","Album fotográfico de abordaje odontológico","Conjunto de imágenes tomadas durante el abordaje odontologico forense","2021-12-12",null,"Información","Español","Híbrido: Análogo - digital","2021-12-12","Documento PDF","Disponible a solicitud","No aplica","Archivos digitales","contiene la evidencia  de las acciones humanitarias y extrajudiciales de identificación de persona dada por desaparecida y que haya sido encontrada con vida. posee valores secundarios, pues son fuente primaria para investigaciones de tipo histórico y cultural que evidencia las condiciones sociales, políticas y culturales, que describen la información de los perpetradores de las violaciones a los derechos humanos e infracciones al DIH y sus modus operandi en el contexto del conflicto armado interno, el testimonios de víctimas y sus familiares y los modos de resistencia de la sociedad civil frente al conflicto armado, para estudios en antropología, sociología o ciencias políticas","Director Técnico de Unidad Especial Dirección Técnica de Prospección, Recuperación e Identificación","DIRECCIÓN TÉCNICA DE PROSPECCIÓN, RECUPERACIÓN E IDENTIFICACIÓN","NO","MEDIO",null,"MEDIO","MEDIO",2,2,2,6,"MEDIO","SI","Dato Sensible","CLASIFICADA","El derecho de toda persona a la intimidad, bajo las limitaciones propias que impone la condición de servidor publico, en concordancia con lo estipulado por el artículo 24 de la Ley 1437 de 2011.",null,"Información exceptuada por daño de derechos a personas naturales o jurídicas.\n Articulo 18 Ley 1712 de 2014\nLos que involucren derechos a la privacidad e intimidad de las personas, incluidas en las hojas de vida, la historia laboral y los expedientes pensionales y demás registros de personal que obren en los archivos de las instituciones públicas o privadas, así como la historia clínica, salvo que sean solicitados por los propios interesados o por sus apoderados con facultad expresa para acceder a esa información.\n","Total","2022-12-13","Ilimitada, y no deberán aplicarse cuando la persona natural o jurídica ha consentido en la revelación de sus datos personales o privados o bien cuando es claro que la información fue entregada como parte de aquella información que debe estar bajo el régimen de publicidad aplicable"]
[225,"Implementación de Acciones Humanitarias y Extrajudiciales de Búsqueda","Informe técnico forense de verificación de identidad de persona encontrada con vida","Documento en el cual se consigna la información de la PDD y los hallazgos relevantes del abordaje de la persona encontrada con vida, la comparación o análisis de estos dos grupos de información y la conclusión de este análisis. ","2021-12-12",null,"Información","Español","Híbrido: Análogo - digital","2021-12-12","Documento PDF","Disponible a solicitud","No aplica","Archivos digitales","contiene la evidencia  de las acciones humanitarias y extrajudiciales de identificación de persona dada por desaparecida y que haya sido encontrada con vida. posee valores secundarios, pues son fuente primaria para investigaciones de tipo histórico y cultural que evidencia las condiciones sociales, políticas y culturales, que describen la información de los perpetradores de las violaciones a los derechos humanos e infracciones al DIH y sus modus operandi en el contexto del conflicto armado interno, el testimonios de víctimas y sus familiares y los modos de resistencia de la sociedad civil frente al conflicto armado, para estudios en antropología, sociología o ciencias políticas","Director Técnico de Unidad Especial Dirección Técnica de Prospección, Recuperación e Identificación","DIRECCIÓN TÉCNICA DE PROSPECCIÓN, RECUPERACIÓN E IDENTIFICACIÓN","NO","ALTO",null,"MEDIO","ALTO",3,2,3,8,"ALTO","SI","Dato Privado","RESERVADA","El debido proceso y la igualdad de las partes de los procesos judiciales",null,"Información exceptuada por daño a los intereses públicos. Articulo 19 Ley 1712 de 2014","Total","2022-12-13","No Mayor a 15 años"]
[226,"Implementación de Acciones Humanitarias y Extrajudiciales de Búsqueda","Informe técnico forense de abordaje médico a  persona encontrada con vida","Documento que registra los hallazgos y análisis de los mismos, producto del abordaje médico de la persona encontrada con vida.","2021-12-12",null,"Información","Español","Híbrido: Análogo - digital","2021-12-12","Documento PDF","Disponible a solicitud","No aplica","Archivos digitales","contiene la evidencia  de las acciones humanitarias y extrajudiciales de identificación de persona dada por desaparecida y que haya sido encontrada con vida. posee valores secundarios, pues son fuente primaria para investigaciones de tipo histórico y cultural que evidencia las condiciones sociales, políticas y culturales, que describen la información de los perpetradores de las violaciones a los derechos humanos e infracciones al DIH y sus modus operandi en el contexto del conflicto armado interno, el testimonios de víctimas y sus familiares y los modos de resistencia de la sociedad civil frente al conflicto armado, para estudios en antropología, sociología o ciencias políticas","Director Técnico de Unidad Especial Dirección Técnica de Prospección, Recuperación e Identificación","DIRECCIÓN TÉCNICA DE PROSPECCIÓN, RECUPERACIÓN E IDENTIFICACIÓN","NO","ALTO",null,"ALTO","ALTO",3,3,3,9,"ALTO","SI","Dato Privado","RESERVADA","El debido proceso y la igualdad de las partes de los procesos judiciales",null,"Información exceptuada por daño a los intereses públicos. Articulo 19 Ley 1712 de 2014","Total","2022-12-13","No Mayor a 15 años"]
[227,"Implementación de Acciones Humanitarias y Extrajudiciales de Búsqueda","Comunicación interna remisión del informe técnico forense ","Oficio mediante el cual se remite el informe de verificación de identidad a la DTPCVED y al ET asignado a la solicitud de busqueda asociada a la persona encontrada con vida.","2021-12-12",null,"Información","Español","Híbrido: Análogo - digital","2021-12-12","Documento PDF","Disponible a solicitud","No aplica","Archivos digitales","contiene la evidencia  de las acciones humanitarias y extrajudiciales de identificación de persona dada por desaparecida y que haya sido encontrada con vida. posee valores secundarios, pues son fuente primaria para investigaciones de tipo histórico y cultural que evidencia las condiciones sociales, políticas y culturales, que describen la información de los perpetradores de las violaciones a los derechos humanos e infracciones al DIH y sus modus operandi en el contexto del conflicto armado interno, el testimonios de víctimas y sus familiares y los modos de resistencia de la sociedad civil frente al conflicto armado, para estudios en antropología, sociología o ciencias políticas","Director Técnico de Unidad Especial Dirección Técnica de Prospección, Recuperación e Identificación","DIRECCIÓN TÉCNICA DE PROSPECCIÓN, RECUPERACIÓN E IDENTIFICACIÓN","NO","BAJO",null,"BAJO","BAJO",1,1,1,3,"BAJO","NO",null,"PÚBLICA","No tiene excepción de acceso",null,"Información Pública de conocimiento General","No Aplica","2023-10-30","No Aplica "]
[228,"Implementación de Acciones Humanitarias y Extrajudiciales de Búsqueda","Comunicación oficial enviada solicitud de análisis ante el INML","Oficio donde se menciona el examen técnico científico que se le debe realizar a la evidencia o elemento material probatorio.","2021-12-12",null,"Información","Español","Híbrido: Análogo - digital","2021-12-12","Documento PDF","Disponible a solicitud","No aplica","Archivos digitales","contiene la evidencia  de las acciones humanitarias y extrajudiciales de identificación de persona dada por desaparecida y que haya sido encontrada con vida. posee valores secundarios, pues son fuente primaria para investigaciones de tipo histórico y cultural que evidencia las condiciones sociales, políticas y culturales, que describen la información de los perpetradores de las violaciones a los derechos humanos e infracciones al DIH y sus modus operandi en el contexto del conflicto armado interno, el testimonios de víctimas y sus familiares y los modos de resistencia de la sociedad civil frente al conflicto armado, para estudios en antropología, sociología o ciencias políticas","Director Técnico de Unidad Especial Dirección Técnica de Prospección, Recuperación e Identificación","DIRECCIÓN TÉCNICA DE PROSPECCIÓN, RECUPERACIÓN E IDENTIFICACIÓN","NO","BAJO",null,"BAJO","BAJO",1,1,1,3,"BAJO","NO",null,"PÚBLICA","No tiene excepción de acceso",null,"Información Pública de conocimiento General","No Aplica","2023-10-30","No Aplica "]
[229,"Implementación de Acciones Humanitarias y Extrajudiciales de Búsqueda","Memorando de planeación  del procedimiento de prospección y recuperación","Comunicación oficial interna mediante la cual se informa la planeación acordada para el procedimiento de prospección  recuperación","2021-11-21",null,"Información","Español","Híbrido: Análogo - digital","2021-12-12","Documento PDF","Disponible a solicitud","No aplica","Archivos digitales","Serie documental que registra el desarrollo e interpretación de los resultados de un estudio, análisis o examen, realizado por un equipo interdisciplinario forense, producto de las diferentes acciones realizadas en la prospección, recuperación e identificación de los casos realizadas por la UBPD.  la serie es importante porque es fuente primaria para investigaciones de tipo histórico y cultural que evidencia las condiciones sociales, políticas y culturales, que describen la información de los perpetradores de las violaciones a los derechos humanos e infracciones al DIH y sus modus operandi en el contexto del conflicto armado interno, el testimonios de víctimas y sus familiares y los modos de resistencia de la sociedad civil frente al conflicto armado, para estudios en antropología, sociología o ciencias políticas. La serie se considera como archivos referidos a las graves y manifiestas violaciones a los Derechos Humanos, e infracciones al Derecho Internacional Humanitario, ocurridas con ocasión del conflicto armado interno. ","Director Técnico de Unidad Especial Dirección Técnica de Prospección, Recuperación e Identificación","DIRECCIÓN TÉCNICA DE PROSPECCIÓN, RECUPERACIÓN E IDENTIFICACIÓN","NO","BAJO",null,"BAJO","BAJO",1,1,1,3,"BAJO","NO",null,"PÚBLICA","No tiene excepción de acceso",null,"Información Pública de conocimiento General","No Aplica","2023-10-30","No Aplica "]
[230,"Implementación de Acciones Humanitarias y Extrajudiciales de Búsqueda","Memorando de plan operativo antropológico forense","Comunicación oficial interna mediante la cual se presenta el plan operativo antropológico forense","2021-11-21",null,"Información","Español","Híbrido: Análogo - digital","2021-12-12","Documento PDF","Disponible a solicitud","No aplica","Archivos digitales","Serie documental que registra el desarrollo e interpretación de los resultados de un estudio, análisis o examen, realizado por un equipo interdisciplinario forense, producto de las diferentes acciones realizadas en la prospección, recuperación e identificación de los casos realizadas por la UBPD.  la serie es importante porque es fuente primaria para investigaciones de tipo histórico y cultural que evidencia las condiciones sociales, políticas y culturales, que describen la información de los perpetradores de las violaciones a los derechos humanos e infracciones al DIH y sus modus operandi en el contexto del conflicto armado interno, el testimonios de víctimas y sus familiares y los modos de resistencia de la sociedad civil frente al conflicto armado, para estudios en antropología, sociología o ciencias políticas. La serie se considera como archivos referidos a las graves y manifiestas violaciones a los Derechos Humanos, e infracciones al Derecho Internacional Humanitario, ocurridas con ocasión del conflicto armado interno. ","Director Técnico de Unidad Especial Dirección Técnica de Prospección, Recuperación e Identificación","DIRECCIÓN TÉCNICA DE PROSPECCIÓN, RECUPERACIÓN E IDENTIFICACIÓN","NO","BAJO",null,"BAJO","BAJO",1,1,1,3,"BAJO","NO",null,"PÚBLICA","No tiene excepción de acceso",null,"Información Pública de conocimiento General","No Aplica","2023-10-30","No Aplica "]
[231,"Implementación de Acciones Humanitarias y Extrajudiciales de Búsqueda","Memorando de solicitud de acto administrativo de acceso a lugares","Documento mediante el cual el Director Tecnico solicita a la Dirección General o a la Subdirección General Técnica y Territorial la emisión del acto administrativo de acceso a lugares para realizar acciones humaniatarias de prospección y recuperación. ","2021-12-21",null,"Información","Español","Híbrido: Análogo - digital","2021-12-12","Documento PDF","Disponible a solicitud","No aplica","Archivos digitales","Serie documental que registra el desarrollo e interpretación de los resultados de un estudio, análisis o examen, realizado por un equipo interdisciplinario forense, producto de las diferentes acciones realizadas en la prospección, recuperación e identificación de los casos realizadas por la UBPD.  la serie es importante porque es fuente primaria para investigaciones de tipo histórico y cultural que evidencia las condiciones sociales, políticas y culturales, que describen la información de los perpetradores de las violaciones a los derechos humanos e infracciones al DIH y sus modus operandi en el contexto del conflicto armado interno, el testimonios de víctimas y sus familiares y los modos de resistencia de la sociedad civil frente al conflicto armado, para estudios en antropología, sociología o ciencias políticas. La serie se considera como archivos referidos a las graves y manifiestas violaciones a los Derechos Humanos, e infracciones al Derecho Internacional Humanitario, ocurridas con ocasión del conflicto armado interno. ","Director Técnico de Unidad Especial Dirección Técnica de Prospección, Recuperación e Identificación","DIRECCIÓN TÉCNICA DE PROSPECCIÓN, RECUPERACIÓN E IDENTIFICACIÓN","NO","BAJO",null,"BAJO","BAJO",1,1,1,3,"BAJO","NO",null,"PÚBLICA","No tiene excepción de acceso",null,"Información Pública de conocimiento General","No Aplica","2023-10-30","No Aplica "]
[232,"Implementación de Acciones Humanitarias y Extrajudiciales de Búsqueda","Memorandos de autorización de intervención humanitaria y extrajudicial dentro de medidas cautelares","Comunicaciones oficiales mediante las cuales se autoriza la intervención humanitaria y extrajuducial dentro de las medidas cautelares","2021-12-21",null,"Información","Español","Híbrido: Análogo - digital","2021-12-12","Documento PDF","Disponible a solicitud","No aplica","Archivos digitales","Serie documental que registra el desarrollo e interpretación de los resultados de un estudio, análisis o examen, realizado por un equipo interdisciplinario forense, producto de las diferentes acciones realizadas en la prospección, recuperación e identificación de los casos realizadas por la UBPD.  la serie es importante porque es fuente primaria para investigaciones de tipo histórico y cultural que evidencia las condiciones sociales, políticas y culturales, que describen la información de los perpetradores de las violaciones a los derechos humanos e infracciones al DIH y sus modus operandi en el contexto del conflicto armado interno, el testimonios de víctimas y sus familiares y los modos de resistencia de la sociedad civil frente al conflicto armado, para estudios en antropología, sociología o ciencias políticas. La serie se considera como archivos referidos a las graves y manifiestas violaciones a los Derechos Humanos, e infracciones al Derecho Internacional Humanitario, ocurridas con ocasión del conflicto armado interno. ","Director Técnico de Unidad Especial Dirección Técnica de Prospección, Recuperación e Identificación","DIRECCIÓN TÉCNICA DE PROSPECCIÓN, RECUPERACIÓN E IDENTIFICACIÓN","NO","BAJO",null,"BAJO","BAJO",1,1,1,3,"BAJO","NO",null,"PÚBLICA","No tiene excepción de acceso",null,"Información Pública de conocimiento General","No Aplica","2023-10-30","No Aplica "]
[233,"Implementación de Acciones Humanitarias y Extrajudiciales de Búsqueda","Comunicación oficial de coordinación de entrega de cuerpos recuperados al Instituto Nacional de Medicina Legal y Ciencias Forenses ","Comunicación oficial mediante la cual se efectua la coordinación con el INML para la entrega de cuerpos recuperados","2021-12-21",null,"Información","Español","Híbrido: Análogo - digital","2021-12-12","Documento PDF","Disponible a solicitud","No aplica","Archivos digitales","Serie documental que registra el desarrollo e interpretación de los resultados de un estudio, análisis o examen, realizado por un equipo interdisciplinario forense, producto de las diferentes acciones realizadas en la prospección, recuperación e identificación de los casos realizadas por la UBPD.  la serie es importante porque es fuente primaria para investigaciones de tipo histórico y cultural que evidencia las condiciones sociales, políticas y culturales, que describen la información de los perpetradores de las violaciones a los derechos humanos e infracciones al DIH y sus modus operandi en el contexto del conflicto armado interno, el testimonios de víctimas y sus familiares y los modos de resistencia de la sociedad civil frente al conflicto armado, para estudios en antropología, sociología o ciencias políticas. La serie se considera como archivos referidos a las graves y manifiestas violaciones a los Derechos Humanos, e infracciones al Derecho Internacional Humanitario, ocurridas con ocasión del conflicto armado interno. ","Director Técnico de Unidad Especial Dirección Técnica de Prospección, Recuperación e Identificación","DIRECCIÓN TÉCNICA DE PROSPECCIÓN, RECUPERACIÓN E IDENTIFICACIÓN","NO","BAJO",null,"BAJO","BAJO",1,1,1,3,"BAJO","NO",null,"PÚBLICA","No tiene excepción de acceso",null,"Información Pública de conocimiento General","No Aplica","2023-10-30","No Aplica "]
[234,"Implementación de Acciones Humanitarias y Extrajudiciales de Búsqueda","Solicitud de análisis al instituto Nacional de Medicina Legal ","Comunicación oficial por correo electrónico o contacto telefónico, o presencial si es necesaria, que presenta el estado del análisis del cuerpo,  en  lo  que  respecta  a: Determinación  del  número  mínimo  de  individuos; Evidencias  recuperadas  en  el  análisis  del  cadáver; Descripción  de  las  prendas  y  accesorios  de  uso personal; Características  individualizantes  relevantes; Muestras óseas extraídas y fecha de su envío al Laboratorio de  Genética  Forense; Laboratorio de genética al cual fueron remitidas las muestras  óseas y Otros  estudios  solicitados.","2021-11-21",null,"Información","Español","Híbrido: Análogo - digital","2021-12-12","Documento PDF","Disponible a solicitud","No aplica","Archivos digitales","Serie documental que registra el desarrollo e interpretación de los resultados de un estudio, análisis o examen, realizado por un equipo interdisciplinario forense, producto de las diferentes acciones realizadas en la prospección, recuperación e identificación de los casos realizadas por la UBPD.  la serie es importante porque es fuente primaria para investigaciones de tipo histórico y cultural que evidencia las condiciones sociales, políticas y culturales, que describen la información de los perpetradores de las violaciones a los derechos humanos e infracciones al DIH y sus modus operandi en el contexto del conflicto armado interno, el testimonios de víctimas y sus familiares y los modos de resistencia de la sociedad civil frente al conflicto armado, para estudios en antropología, sociología o ciencias políticas. La serie se considera como archivos referidos a las graves y manifiestas violaciones a los Derechos Humanos, e infracciones al Derecho Internacional Humanitario, ocurridas con ocasión del conflicto armado interno. ","Director Técnico de Unidad Especial Dirección Técnica de Prospección, Recuperación e Identificación","DIRECCIÓN TÉCNICA DE PROSPECCIÓN, RECUPERACIÓN E IDENTIFICACIÓN","NO","MEDIO",null,"MEDIO","MEDIO",2,2,2,6,"MEDIO","SI","Dato Sensible","CLASIFICADA","El derecho de toda persona a la intimidad, bajo las limitaciones propias que impone la condición de servidor publico, en concordancia con lo estipulado por el artículo 24 de la Ley 1437 de 2011.",null,"Información exceptuada por daño de derechos a personas naturales o jurídicas.\n Articulo 18 Ley 1712 de 2014\nLos que involucren derechos a la privacidad e intimidad de las personas, incluidas en las hojas de vida, la historia laboral y los expedientes pensionales y demás registros de personal que obren en los archivos de las instituciones públicas o privadas, así como la historia clínica, salvo que sean solicitados por los propios interesados o por sus apoderados con facultad expresa para acceder a esa información.\n","Total","2022-12-13","Ilimitada, y no deberán aplicarse cuando la persona natural o jurídica ha consentido en la revelación de sus datos personales o privados o bien cuando es claro que la información fue entregada como parte de aquella información que debe estar bajo el régimen de publicidad aplicable"]
[235,"Implementación de Acciones Humanitarias y Extrajudiciales de Búsqueda","Acto adminsitrativo que autoriza la intervención técnico forense de prospección y recuperación en campo","Documento mediante el cual la alta dirección emite una autorización la intervención técnico forense de prospección y recuperación en campo.","2021-12-12",null,"Información","Español","Híbrido: Análogo - digital","2021-12-12","Documento PDF","Disponible a solicitud","No aplica","Archivos digitales","Serie documental que registra el desarrollo e interpretación de los resultados de un estudio, análisis o examen, realizado por un equipo interdisciplinario forense, producto de las diferentes acciones realizadas en la prospección, recuperación e identificación de los casos realizadas por la UBPD.  la serie es importante porque es fuente primaria para investigaciones de tipo histórico y cultural que evidencia las condiciones sociales, políticas y culturales, que describen la información de los perpetradores de las violaciones a los derechos humanos e infracciones al DIH y sus modus operandi en el contexto del conflicto armado interno, el testimonios de víctimas y sus familiares y los modos de resistencia de la sociedad civil frente al conflicto armado, para estudios en antropología, sociología o ciencias políticas. La serie se considera como archivos referidos a las graves y manifiestas violaciones a los Derechos Humanos, e infracciones al Derecho Internacional Humanitario, ocurridas con ocasión del conflicto armado interno. ","Director Técnico de Unidad Especial Dirección Técnica de Prospección, Recuperación e Identificación","DIRECCIÓN TÉCNICA DE PROSPECCIÓN, RECUPERACIÓN E IDENTIFICACIÓN","NO","BAJO",null,"BAJO","BAJO",1,1,1,3,"BAJO","NO",null,"PÚBLICA","No tiene excepción de acceso",null,"Información Pública de conocimiento General","No Aplica","2023-10-30","No Aplica "]
[236,"Implementación de Acciones Humanitarias y Extrajudiciales de Búsqueda","Reporte integral de Prospección Arquológica","Registro detallado y sistemático de los hallazgos (en el cadáver y demás evidencia física), así como de las actividades realizadas, mediante medios escritos, fotográficos o por otros medios audiovisuales.","2021-12-12",null,"Información","Español","Híbrido: Análogo - digital","2021-12-12","Documento PDF","Disponible a solicitud","No aplica","Archivos digitales","Serie documental que registra el desarrollo e interpretación de los resultados de un estudio, análisis o examen, realizado por un equipo interdisciplinario forense, producto de las diferentes acciones realizadas en la prospección, recuperación e identificación de los casos realizadas por la UBPD.  la serie es importante porque es fuente primaria para investigaciones de tipo histórico y cultural que evidencia las condiciones sociales, políticas y culturales, que describen la información de los perpetradores de las violaciones a los derechos humanos e infracciones al DIH y sus modus operandi en el contexto del conflicto armado interno, el testimonios de víctimas y sus familiares y los modos de resistencia de la sociedad civil frente al conflicto armado, para estudios en antropología, sociología o ciencias políticas. La serie se considera como archivos referidos a las graves y manifiestas violaciones a los Derechos Humanos, e infracciones al Derecho Internacional Humanitario, ocurridas con ocasión del conflicto armado interno. ","Director Técnico de Unidad Especial Dirección Técnica de Prospección, Recuperación e Identificación","DIRECCIÓN TÉCNICA DE PROSPECCIÓN, RECUPERACIÓN E IDENTIFICACIÓN","NO","ALTO",null,"ALTO","ALTO",3,3,3,9,"ALTO","SI","Dato Sensible","RESERVADA","El debido proceso y la igualdad de las partes de los procesos judiciales",null,"Información exceptuada por daño a los intereses públicos. Articulo 19 Ley 1712 de 2014","Total","2022-12-13","No Mayor a 15 años"]
[237,"Implementación de Acciones Humanitarias y Extrajudiciales de Búsqueda","Informe de topografía ","Registros topográficos realizados por los diversos equipos utilizados de esta especialidad durante las acciones humanitarias de prospección y recuperación.","2021-12-12",null,"Información","Español","Híbrido: Análogo - digital","2021-12-12","Documento PDF","Disponible a solicitud","No aplica","Archivos digitales","Serie documental que registra el desarrollo e interpretación de los resultados de un estudio, análisis o examen, realizado por un equipo interdisciplinario forense, producto de las diferentes acciones realizadas en la prospección, recuperación e identificación de los casos realizadas por la UBPD.  la serie es importante porque es fuente primaria para investigaciones de tipo histórico y cultural que evidencia las condiciones sociales, políticas y culturales, que describen la información de los perpetradores de las violaciones a los derechos humanos e infracciones al DIH y sus modus operandi en el contexto del conflicto armado interno, el testimonios de víctimas y sus familiares y los modos de resistencia de la sociedad civil frente al conflicto armado, para estudios en antropología, sociología o ciencias políticas. La serie se considera como archivos referidos a las graves y manifiestas violaciones a los Derechos Humanos, e infracciones al Derecho Internacional Humanitario, ocurridas con ocasión del conflicto armado interno. ","Director Técnico de Unidad Especial Dirección Técnica de Prospección, Recuperación e Identificación","DIRECCIÓN TÉCNICA DE PROSPECCIÓN, RECUPERACIÓN E IDENTIFICACIÓN","NO","MEDIO",null,"ALTO","ALTO",2,3,3,8,"ALTO","SI","Dato Sensible","CLASIFICADA","El derecho de toda persona a la intimidad, bajo las limitaciones propias que impone la condición de servidor publico, en concordancia con lo estipulado por el artículo 24 de la Ley 1437 de 2011.",null,"Información exceptuada por daño de derechos a personas naturales o jurídicas.\n Articulo 18 Ley 1712 de 2014\nLos que involucren derechos a la privacidad e intimidad de las personas, incluidas en las hojas de vida, la historia laboral y los expedientes pensionales y demás registros de personal que obren en los archivos de las instituciones públicas o privadas, así como la historia clínica, salvo que sean solicitados por los propios interesados o por sus apoderados con facultad expresa para acceder a esa información.\n","Total","2022-12-13","Ilimitada, y no deberán aplicarse cuando la persona natural o jurídica ha consentido en la revelación de sus datos personales o privados o bien cuando es claro que la información fue entregada como parte de aquella información que debe estar bajo el régimen de publicidad aplicable"]
[238,"Implementación de Acciones Humanitarias y Extrajudiciales de Búsqueda","Bitacora de vuelo","Documento que contiene la información de localización, condiciones, parámetros e información del vuelo de la aeronave no tripulada","2021-12-12",null,"Información","Español","Híbrido: Análogo - digital","2021-12-12","Documento PDF","Disponible a solicitud","No aplica","Archivos digitales","Serie documental que registra el desarrollo e interpretación de los resultados de un estudio, análisis o examen, realizado por un equipo interdisciplinario forense, producto de las diferentes acciones realizadas en la prospección, recuperación e identificación de los casos realizadas por la UBPD.  la serie es importante porque es fuente primaria para investigaciones de tipo histórico y cultural que evidencia las condiciones sociales, políticas y culturales, que describen la información de los perpetradores de las violaciones a los derechos humanos e infracciones al DIH y sus modus operandi en el contexto del conflicto armado interno, el testimonios de víctimas y sus familiares y los modos de resistencia de la sociedad civil frente al conflicto armado, para estudios en antropología, sociología o ciencias políticas. La serie se considera como archivos referidos a las graves y manifiestas violaciones a los Derechos Humanos, e infracciones al Derecho Internacional Humanitario, ocurridas con ocasión del conflicto armado interno. ","Director Técnico de Unidad Especial Dirección Técnica de Prospección, Recuperación e Identificación","DIRECCIÓN TÉCNICA DE PROSPECCIÓN, RECUPERACIÓN E IDENTIFICACIÓN","NO","ALTO",null,"ALTO","ALTO",3,3,3,9,"ALTO","NO",null,"RESERVADA","El debido proceso y la igualdad de las partes de los procesos judiciales",null,"Información exceptuada por daño a los intereses públicos. Articulo 19 Ley 1712 de 2014","Total","2022-12-13","No Mayor a 15 años"]
[239,"Implementación de Acciones Humanitarias y Extrajudiciales de Búsqueda","Registro de adquisición de datos geofísicos.","Formato que sirve para registrar la información que permite obtener los parámetros adecuados para realizar posteriormente el levantamiento de información geofísica.","2021-12-12",null,"Información","Español","Híbrido: Análogo - digital","2021-12-12","Documento PDF","Disponible a solicitud","No aplica","Archivos digitales","Serie documental que registra el desarrollo e interpretación de los resultados de un estudio, análisis o examen, realizado por un equipo interdisciplinario forense, producto de las diferentes acciones realizadas en la prospección, recuperación e identificación de los casos realizadas por la UBPD.  la serie es importante porque es fuente primaria para investigaciones de tipo histórico y cultural que evidencia las condiciones sociales, políticas y culturales, que describen la información de los perpetradores de las violaciones a los derechos humanos e infracciones al DIH y sus modus operandi en el contexto del conflicto armado interno, el testimonios de víctimas y sus familiares y los modos de resistencia de la sociedad civil frente al conflicto armado, para estudios en antropología, sociología o ciencias políticas. La serie se considera como archivos referidos a las graves y manifiestas violaciones a los Derechos Humanos, e infracciones al Derecho Internacional Humanitario, ocurridas con ocasión del conflicto armado interno. ","Director Técnico de Unidad Especial Dirección Técnica de Prospección, Recuperación e Identificación","DIRECCIÓN TÉCNICA DE PROSPECCIÓN, RECUPERACIÓN E IDENTIFICACIÓN","NO","MEDIO",null,"MEDIO","BAJO",2,2,1,5,"MEDIO","NO",null,"CLASIFICADA","El derecho de toda persona a la intimidad, bajo las limitaciones propias que impone la condición de servidor publico, en concordancia con lo estipulado por el artículo 24 de la Ley 1437 de 2011.",null,"Información exceptuada por daño de derechos a personas naturales o jurídicas.\n Articulo 18 Ley 1712 de 2014\nLos que involucren derechos a la privacidad e intimidad de las personas, incluidas en las hojas de vida, la historia laboral y los expedientes pensionales y demás registros de personal que obren en los archivos de las instituciones públicas o privadas, así como la historia clínica, salvo que sean solicitados por los propios interesados o por sus apoderados con facultad expresa para acceder a esa información.\n","Total","2022-12-13","Ilimitada, y no deberán aplicarse cuando la persona natural o jurídica ha consentido en la revelación de sus datos personales o privados o bien cuando es claro que la información fue entregada como parte de aquella información que debe estar bajo el régimen de publicidad aplicable"]
[240,"Implementación de Acciones Humanitarias y Extrajudiciales de Búsqueda","Informe técnico forense de recuperación.","Documento que contiene información sobre las acciones humanitarias y extrajudiciales de prospección y recuperación de cuerpos de personas dadas por desaparecidas realizadas por la UBPD.","2021-12-12",null,"Información","Español","Híbrido: Análogo - digital","2021-12-12","Documento PDF","Disponible a solicitud","No aplica","Archivos digitales","Serie documental que registra el desarrollo e interpretación de los resultados de un estudio, análisis o examen, realizado por un equipo interdisciplinario forense, producto de las diferentes acciones realizadas en la prospección, recuperación e identificación de los casos realizadas por la UBPD.  la serie es importante porque es fuente primaria para investigaciones de tipo histórico y cultural que evidencia las condiciones sociales, políticas y culturales, que describen la información de los perpetradores de las violaciones a los derechos humanos e infracciones al DIH y sus modus operandi en el contexto del conflicto armado interno, el testimonios de víctimas y sus familiares y los modos de resistencia de la sociedad civil frente al conflicto armado, para estudios en antropología, sociología o ciencias políticas. La serie se considera como archivos referidos a las graves y manifiestas violaciones a los Derechos Humanos, e infracciones al Derecho Internacional Humanitario, ocurridas con ocasión del conflicto armado interno. ","Director Técnico de Unidad Especial Dirección Técnica de Prospección, Recuperación e Identificación","DIRECCIÓN TÉCNICA DE PROSPECCIÓN, RECUPERACIÓN E IDENTIFICACIÓN","NO","ALTO",null,"ALTO","ALTO",3,3,3,9,"ALTO","SI","Dato Sensible","RESERVADA","El debido proceso y la igualdad de las partes de los procesos judiciales",null,"Información exceptuada por daño a los intereses públicos. Articulo 19 Ley 1712 de 2014","Total","2022-12-13","No Mayor a 15 años"]
[241,"Implementación de Acciones Humanitarias y Extrajudiciales de Búsqueda","Acta de Acciones Humanitarias de Prospección y Recuperación en Cementerios","Documento que contiene información sobre las acciones humanitarias y extrajudiciales de prospección y recuperación de cuerpos de personas dadas por desaparecidas realizadas por la UBPD en cementerios y bóvedas.","2021-12-12",null,"Información","Español","Híbrido: Análogo - digital","2021-12-12","Documento PDF","Disponible a solicitud","No aplica","Archivos digitales","Serie documental que registra el desarrollo e interpretación de los resultados de un estudio, análisis o examen, realizado por un equipo interdisciplinario forense, producto de las diferentes acciones realizadas en la prospección, recuperación e identificación de los casos realizadas por la UBPD.  la serie es importante porque es fuente primaria para investigaciones de tipo histórico y cultural que evidencia las condiciones sociales, políticas y culturales, que describen la información de los perpetradores de las violaciones a los derechos humanos e infracciones al DIH y sus modus operandi en el contexto del conflicto armado interno, el testimonios de víctimas y sus familiares y los modos de resistencia de la sociedad civil frente al conflicto armado, para estudios en antropología, sociología o ciencias políticas. La serie se considera como archivos referidos a las graves y manifiestas violaciones a los Derechos Humanos, e infracciones al Derecho Internacional Humanitario, ocurridas con ocasión del conflicto armado interno. ","Director Técnico de Unidad Especial Dirección Técnica de Prospección, Recuperación e Identificación","DIRECCIÓN TÉCNICA DE PROSPECCIÓN, RECUPERACIÓN E IDENTIFICACIÓN","NO","ALTO",null,"MEDIO","MEDIO",3,2,2,7,"MEDIO","SI","Dato Privado","RESERVADA","El debido proceso y la igualdad de las partes de los procesos judiciales",null,"Información exceptuada por daño a los intereses públicos. Articulo 19 Ley 1712 de 2014","Total","2022-12-13","No Mayor a 15 años"]
[242,"Implementación de Acciones Humanitarias y Extrajudiciales de Búsqueda","Acta de Acciones Humanitarias de Prospección y Recuperación en Campo\nAbierto","Documento que contiene información sobre las acciones humanitarias y extrajudiciales de prospección y recuperación de cuerpos de personas dadas por desaparecidas realizadas por la UBPD en campo abierto.","2021-12-12",null,"Información","Español","Híbrido: Análogo - digital","2021-12-12","Documento PDF","Disponible a solicitud","No aplica","Archivos digitales","Serie documental que registra el desarrollo e interpretación de los resultados de un estudio, análisis o examen, realizado por un equipo interdisciplinario forense, producto de las diferentes acciones realizadas en la prospección, recuperación e identificación de los casos realizadas por la UBPD.  la serie es importante porque es fuente primaria para investigaciones de tipo histórico y cultural que evidencia las condiciones sociales, políticas y culturales, que describen la información de los perpetradores de las violaciones a los derechos humanos e infracciones al DIH y sus modus operandi en el contexto del conflicto armado interno, el testimonios de víctimas y sus familiares y los modos de resistencia de la sociedad civil frente al conflicto armado, para estudios en antropología, sociología o ciencias políticas. La serie se considera como archivos referidos a las graves y manifiestas violaciones a los Derechos Humanos, e infracciones al Derecho Internacional Humanitario, ocurridas con ocasión del conflicto armado interno. ","Director Técnico de Unidad Especial Dirección Técnica de Prospección, Recuperación e Identificación","DIRECCIÓN TÉCNICA DE PROSPECCIÓN, RECUPERACIÓN E IDENTIFICACIÓN","NO","MEDIO",null,"MEDIO","MEDIO",2,2,2,6,"MEDIO","NO",null,"CLASIFICADA","El derecho de toda persona a la intimidad, bajo las limitaciones propias que impone la condición de servidor publico, en concordancia con lo estipulado por el artículo 24 de la Ley 1437 de 2011.",null,"Información exceptuada por daño de derechos a personas naturales o jurídicas.\n Articulo 18 Ley 1712 de 2014\nLos que involucren derechos a la privacidad e intimidad de las personas, incluidas en las hojas de vida, la historia laboral y los expedientes pensionales y demás registros de personal que obren en los archivos de las instituciones públicas o privadas, así como la historia clínica, salvo que sean solicitados por los propios interesados o por sus apoderados con facultad expresa para acceder a esa información.\n","Total","2022-12-13","Ilimitada, y no deberán aplicarse cuando la persona natural o jurídica ha consentido en la revelación de sus datos personales o privados o bien cuando es claro que la información fue entregada como parte de aquella información que debe estar bajo el régimen de publicidad aplicable"]
[243,"Implementación de Acciones Humanitarias y Extrajudiciales de Búsqueda","Comunicación oficial de reprogramación o cancelación de la búsqueda en campo.","Documento mediante el cual se informa la reprogramación o cancelación de un evento de búsqueda en campo.","2021-12-12",null,"Información","Español","Híbrido: Análogo - digital","2021-12-12","Documento PDF","Disponible a solicitud","No aplica","Archivos digitales","Serie documental que registra el desarrollo e interpretación de los resultados de un estudio, análisis o examen, realizado por un equipo interdisciplinario forense, producto de las diferentes acciones realizadas en la prospección, recuperación e identificación de los casos realizadas por la UBPD.  la serie es importante porque es fuente primaria para investigaciones de tipo histórico y cultural que evidencia las condiciones sociales, políticas y culturales, que describen la información de los perpetradores de las violaciones a los derechos humanos e infracciones al DIH y sus modus operandi en el contexto del conflicto armado interno, el testimonios de víctimas y sus familiares y los modos de resistencia de la sociedad civil frente al conflicto armado, para estudios en antropología, sociología o ciencias políticas. La serie se considera como archivos referidos a las graves y manifiestas violaciones a los Derechos Humanos, e infracciones al Derecho Internacional Humanitario, ocurridas con ocasión del conflicto armado interno. ","Director Técnico de Unidad Especial Dirección Técnica de Prospección, Recuperación e Identificación","DIRECCIÓN TÉCNICA DE PROSPECCIÓN, RECUPERACIÓN E IDENTIFICACIÓN","NO","BAJO",null,"BAJO","BAJO",1,1,1,3,"BAJO","NO",null,"PÚBLICA","No tiene excepción de acceso",null,"Información Pública de conocimiento General","No Aplica","2023-10-30","No Aplica "]
[244,"Implementación de Acciones Humanitarias y Extrajudiciales de Búsqueda","Evaluación de pertinencia de análisis visual de fotografías aéreas e imágenes de satélite.","Documento de la evaluación de pertinencia es una etapa crítica en el análisis visual de fotografías aéreas e imágenes de satélite, ya que ayuda a garantizar que los datos sean precisos y confiables.","2021-12-12",null,"Información","Español","Híbrido: Análogo - digital","2021-12-12","Documento PDF","Disponible a solicitud","No aplica","Archivos digitales","Serie documental que registra el desarrollo e interpretación de los resultados de un estudio, análisis o examen, realizado por un equipo interdisciplinario forense, producto de las diferentes acciones realizadas en la prospección, recuperación e identificación de los casos realizadas por la UBPD.  la serie es importante porque es fuente primaria para investigaciones de tipo histórico y cultural que evidencia las condiciones sociales, políticas y culturales, que describen la información de los perpetradores de las violaciones a los derechos humanos e infracciones al DIH y sus modus operandi en el contexto del conflicto armado interno, el testimonios de víctimas y sus familiares y los modos de resistencia de la sociedad civil frente al conflicto armado, para estudios en antropología, sociología o ciencias políticas. La serie se considera como archivos referidos a las graves y manifiestas violaciones a los Derechos Humanos, e infracciones al Derecho Internacional Humanitario, ocurridas con ocasión del conflicto armado interno. ","Director Técnico de Unidad Especial Dirección Técnica de Prospección, Recuperación e Identificación","DIRECCIÓN TÉCNICA DE PROSPECCIÓN, RECUPERACIÓN E IDENTIFICACIÓN","NO","MEDIO",null,"MEDIO","MEDIO",2,2,2,6,"MEDIO","NO",null,"CLASIFICADA","El derecho de toda persona a la intimidad, bajo las limitaciones propias que impone la condición de servidor publico, en concordancia con lo estipulado por el artículo 24 de la Ley 1437 de 2011.",null,"Información exceptuada por daño de derechos a personas naturales o jurídicas.\n Articulo 18 Ley 1712 de 2014\nLos que involucren derechos a la privacidad e intimidad de las personas, incluidas en las hojas de vida, la historia laboral y los expedientes pensionales y demás registros de personal que obren en los archivos de las instituciones públicas o privadas, así como la historia clínica, salvo que sean solicitados por los propios interesados o por sus apoderados con facultad expresa para acceder a esa información.\n","Total","2022-12-13","Ilimitada, y no deberán aplicarse cuando la persona natural o jurídica ha consentido en la revelación de sus datos personales o privados o bien cuando es claro que la información fue entregada como parte de aquella información que debe estar bajo el régimen de publicidad aplicable"]
[245,"Implementación de Acciones Humanitarias y Extrajudiciales de Búsqueda","Análisis visual de fotografías aéreas e imágenes de satélite.","Formato mediante el cual se realiza el análisis de las fotografías aéreas (drones) e imágenes de satélite.","2021-12-12",null,"Información","Español","Híbrido: Análogo - digital","2021-12-12","Documento PDF","Disponible a solicitud","No aplica","Archivos digitales","Serie documental que registra el desarrollo e interpretación de los resultados de un estudio, análisis o examen, realizado por un equipo interdisciplinario forense, producto de las diferentes acciones realizadas en la prospección, recuperación e identificación de los casos realizadas por la UBPD.  la serie es importante porque es fuente primaria para investigaciones de tipo histórico y cultural que evidencia las condiciones sociales, políticas y culturales, que describen la información de los perpetradores de las violaciones a los derechos humanos e infracciones al DIH y sus modus operandi en el contexto del conflicto armado interno, el testimonios de víctimas y sus familiares y los modos de resistencia de la sociedad civil frente al conflicto armado, para estudios en antropología, sociología o ciencias políticas. La serie se considera como archivos referidos a las graves y manifiestas violaciones a los Derechos Humanos, e infracciones al Derecho Internacional Humanitario, ocurridas con ocasión del conflicto armado interno. ","Director Técnico de Unidad Especial Dirección Técnica de Prospección, Recuperación e Identificación","DIRECCIÓN TÉCNICA DE PROSPECCIÓN, RECUPERACIÓN E IDENTIFICACIÓN","NO","MEDIO",null,"MEDIO","MEDIO",2,2,2,6,"MEDIO","NO",null,"CLASIFICADA","El derecho de toda persona a la intimidad, bajo las limitaciones propias que impone la condición de servidor publico, en concordancia con lo estipulado por el artículo 24 de la Ley 1437 de 2011.",null,"Información exceptuada por daño de derechos a personas naturales o jurídicas.\n Articulo 18 Ley 1712 de 2014\nLos que involucren derechos a la privacidad e intimidad de las personas, incluidas en las hojas de vida, la historia laboral y los expedientes pensionales y demás registros de personal que obren en los archivos de las instituciones públicas o privadas, así como la historia clínica, salvo que sean solicitados por los propios interesados o por sus apoderados con facultad expresa para acceder a esa información.\n","Total","2022-12-13","Ilimitada, y no deberán aplicarse cuando la persona natural o jurídica ha consentido en la revelación de sus datos personales o privados o bien cuando es claro que la información fue entregada como parte de aquella información que debe estar bajo el régimen de publicidad aplicable"]
[246,"Implementación de Acciones Humanitarias y Extrajudiciales de Búsqueda","Plan operativo Antropológico Forense - POAF","Documento en el que se materializa la planeación para realizar el abordaje de uno o varios sitios de interés forense, ya sea con fines de prospección o recuperación de cadáveres.","2021-12-12",null,"Información","Español","Híbrido: Análogo - digital","2021-12-12","Documento PDF","Disponible a solicitud","No aplica","Archivos digitales","Serie documental que registra el desarrollo e interpretación de los resultados de un estudio, análisis o examen, realizado por un equipo interdisciplinario forense, producto de las diferentes acciones realizadas en la prospección, recuperación e identificación de los casos realizadas por la UBPD.  la serie es importante porque es fuente primaria para investigaciones de tipo histórico y cultural que evidencia las condiciones sociales, políticas y culturales, que describen la información de los perpetradores de las violaciones a los derechos humanos e infracciones al DIH y sus modus operandi en el contexto del conflicto armado interno, el testimonios de víctimas y sus familiares y los modos de resistencia de la sociedad civil frente al conflicto armado, para estudios en antropología, sociología o ciencias políticas. La serie se considera como archivos referidos a las graves y manifiestas violaciones a los Derechos Humanos, e infracciones al Derecho Internacional Humanitario, ocurridas con ocasión del conflicto armado interno. ","Director Técnico de Unidad Especial Dirección Técnica de Prospección, Recuperación e Identificación","DIRECCIÓN TÉCNICA DE PROSPECCIÓN, RECUPERACIÓN E IDENTIFICACIÓN","NO","ALTO",null,"ALTO","ALTO",3,3,3,9,"ALTO","SI","Dato Sensible","RESERVADA","El debido proceso y la igualdad de las partes de los procesos judiciales",null,"Información exceptuada por daño a los intereses públicos. Articulo 19 Ley 1712 de 2014","Total","2022-12-13","No Mayor a 15 años"]
[247,"Implementación de Acciones Humanitarias y Extrajudiciales de Búsqueda","Solicitud de información","Documento mediante el cual las personas naturales o jurídicas solicitan información sobre el desarrollo general de sus funciones o la gestión de la dependencia.","2021-12-12",null,"Información","Español","Híbrido: Análogo - digital","2021-12-12","Documento PDF","Disponible a solicitud","No aplica","Archivos digitales","La serie documental contiene aquellos documentos que en razón a las solicitudes de los ciudadanos no hacen parte de ninguna de las series expuestas en la clasificación documental pero que sin embargo amerita su conservación durante la vigencia administrativa como, evidencia de la ejecución y cumplimiento tanto de la normativa Nacional e institucional así como la política de servicio al ciudadano y sus respectivos lineamientos.","Director Técnico de Unidad Especial Dirección Técnica de Prospección, Recuperación e Identificación","DIRECCIÓN TÉCNICA DE PROSPECCIÓN, RECUPERACIÓN E IDENTIFICACIÓN","NO","MEDIO",null,"BAJO","BAJO",2,1,1,4,"MEDIO","SI","Dato Privado","CLASIFICADA","El derecho de toda persona a la intimidad, bajo las limitaciones propias que impone la condición de servidor publico, en concordancia con lo estipulado por el artículo 24 de la Ley 1437 de 2011.",null,"Información exceptuada por daño de derechos a personas naturales o jurídicas.\n Articulo 18 Ley 1712 de 2014\nLos que involucren derechos a la privacidad e intimidad de las personas, incluidas en las hojas de vida, la historia laboral y los expedientes pensionales y demás registros de personal que obren en los archivos de las instituciones públicas o privadas, así como la historia clínica, salvo que sean solicitados por los propios interesados o por sus apoderados con facultad expresa para acceder a esa información.\n","Total","2022-12-13","Ilimitada, y no deberán aplicarse cuando la persona natural o jurídica ha consentido en la revelación de sus datos personales o privados o bien cuando es claro que la información fue entregada como parte de aquella información que debe estar bajo el régimen de publicidad aplicable"]
[248,"Implementación de Acciones Humanitarias y Extrajudiciales de Búsqueda","Respuesta a la solicitud","Comunicación oficial mediante la cual se da respuesta a consultas o peticiones de personas naturales o jurídicas que solicitan información sobre el desarrollo de las funciones generales o gestión de la dependencia.","2021-12-12",null,"Información","Español","Híbrido: Análogo - digital","2021-12-12","Documento PDF","Disponible a solicitud","No aplica","Archivos digitales","La serie documental contiene aquellos documentos que en razón a las solicitudes de los ciudadanos no hacen parte de ninguna de las series expuestas en la clasificación documental pero que sin embargo amerita su conservación durante la vigencia administrativa como, evidencia de la ejecución y cumplimiento tanto de la normativa Nacional e institucional así como la política de servicio al ciudadano y sus respectivos lineamientos.","Director Técnico de Unidad Especial Dirección Técnica de Prospección, Recuperación e Identificación","DIRECCIÓN TÉCNICA DE PROSPECCIÓN, RECUPERACIÓN E IDENTIFICACIÓN","NO","MEDIO",null,"MEDIO","MEDIO",2,2,2,6,"MEDIO","SI","Dato Privado","CLASIFICADA","El derecho de toda persona a la intimidad, bajo las limitaciones propias que impone la condición de servidor publico, en concordancia con lo estipulado por el artículo 24 de la Ley 1437 de 2011.",null,"Información exceptuada por daño de derechos a personas naturales o jurídicas.\n Articulo 18 Ley 1712 de 2014\nLos que involucren derechos a la privacidad e intimidad de las personas, incluidas en las hojas de vida, la historia laboral y los expedientes pensionales y demás registros de personal que obren en los archivos de las instituciones públicas o privadas, así como la historia clínica, salvo que sean solicitados por los propios interesados o por sus apoderados con facultad expresa para acceder a esa información.\n","Total","2022-12-13","Ilimitada, y no deberán aplicarse cuando la persona natural o jurídica ha consentido en la revelación de sus datos personales o privados o bien cuando es claro que la información fue entregada como parte de aquella información que debe estar bajo el régimen de publicidad aplicable"]
[249,"Implementación de Acciones Humanitarias y Extrajudiciales de Búsqueda","Informes de gestión sobre la\nimplementación de acciones\nhumanitarias y extrajudiciales de\nbúsqueda ","Documento que presenta los avences en las actividades de relacionadas con  el proceso de implementación de las acciones humanitarias y extrajudiciales de busqueda.","2021-12-12",null,"Información","Español","Híbrido: Análogo - digital","2021-12-12","Documento PDF","Disponible a solicitud","No aplica","Archivos digitales","Serie documental  que contiene la evidencia de las actividades de búsqueda, localización, recuperación, identificación, y entrega digna de cuerpos esqueletizados que se realicen, respetando siempre el derecho a la privacidad de las víctimas, de las personas dadas por desaparecidas en el contexto y en razón del conflicto armado interno. Su contenido corresponde a archivos de derechos humanos","Director Técnico de Unidad Especial Dirección Técnica de Prospección, Recuperación e Identificación","DIRECCIÓN TÉCNICA DE PROSPECCIÓN, RECUPERACIÓN E IDENTIFICACIÓN","NO","BAJO",null,"BAJO","BAJO",1,1,1,3,"BAJO","NO",null,"PÚBLICA","No tiene excepción de acceso",null,"Información Pública de conocimiento General","No Aplica","2023-10-30","No Aplica "]
[250,"Implementación de Acciones Humanitarias y Extrajudiciales de Búsqueda","Informe técnico de \nfotografía","Documento que describe el proceso, progreso o resultados de una investigación científica o técnica o el estado de un problema de investigación científica o técnica. También puede incluir recomendaciones y conclusiones de la investigación.","2021-12-12",null,"Información","Español","Electrónico","2021-12-12","Documento de Texto","Publicada","Mensual","Archivos digitales","Serie documental que registra el desarrollo e interpretación de los resultados de un estudio, análisis o examen, realizado por un equipo interdisciplinario forense, producto de las diferentes acciones realizadas en la prospección, recuperación e identificación de los casos realizadas por la UBPD.  la serie es importante porque es fuente primaria para investigaciones de tipo histórico y cultural que evidencia las condiciones sociales, políticas y culturales, que describen la información de los perpetradores de las violaciones a los derechos humanos e infracciones al DIH y sus modus operandi en el contexto del conflicto armado interno, el testimonios de víctimas y sus familiares y los modos de resistencia de la sociedad civil frente al conflicto armado, para estudios en antropología, sociología o ciencias políticas. La serie se considera como archivos referidos a las graves y manifiestas violaciones a los Derechos Humanos, e infracciones al Derecho Internacional Humanitario, ocurridas con ocasión del conflicto armado interno. ","Director Técnico de Unidad Especial Dirección Técnica de Prospección, Recuperación e Identificación","DIRECCIÓN TÉCNICA DE PROSPECCIÓN, RECUPERACIÓN E IDENTIFICACIÓN","NO","MEDIO",null,"MEDIO","MEDIO",2,2,2,6,"MEDIO","SI","Dato Privado","CLASIFICADA","El derecho de toda persona a la vida, la salud o la seguridad",null,"Información exceptuada por daño de derechos a personas naturales o jurídicas. \nArticulo 18 Ley 1712 de 2014","Total","2022-12-13","Ilimitada, y no deberán aplicarse cuando la persona natural o jurídica ha consentido en la revelación de sus datos personales o privados o bien cuando es claro que la información fue entregada como parte de aquella información que debe estar bajo el régimen de publicidad aplicable"]
[251,"Implementación de Acciones Humanitarias y Extrajudiciales de Búsqueda","Ficha de datos de campo","Es un documento para registrar y organizar información fotográfica","2021-12-12",null,"Información","Español","Electrónico","2021-12-12","Documento de Texto","Publicada","Mensual","Archivos digitales","Serie documental que registra el desarrollo e interpretación de los resultados de un estudio, análisis o examen, realizado por un equipo interdisciplinario forense, producto de las diferentes acciones realizadas en la prospección, recuperación e identificación de los casos realizadas por la UBPD.  la serie es importante porque es fuente primaria para investigaciones de tipo histórico y cultural que evidencia las condiciones sociales, políticas y culturales, que describen la información de los perpetradores de las violaciones a los derechos humanos e infracciones al DIH y sus modus operandi en el contexto del conflicto armado interno, el testimonios de víctimas y sus familiares y los modos de resistencia de la sociedad civil frente al conflicto armado, para estudios en antropología, sociología o ciencias políticas. La serie se considera como archivos referidos a las graves y manifiestas violaciones a los Derechos Humanos, e infracciones al Derecho Internacional Humanitario, ocurridas con ocasión del conflicto armado interno. ","Director Técnico de Unidad Especial Dirección Técnica de Prospección, Recuperación e Identificación","DIRECCIÓN TÉCNICA DE PROSPECCIÓN, RECUPERACIÓN E IDENTIFICACIÓN","NO","MEDIO",null,"MEDIO","MEDIO",2,2,2,6,"MEDIO","NO",null,"CLASIFICADA","El derecho de toda persona a la vida, la salud o la seguridad",null,"Información exceptuada por daño de derechos a personas naturales o jurídicas. \nArticulo 18 Ley 1712 de 2014","Total","2022-12-13","Ilimitada, y no deberán aplicarse cuando la persona natural o jurídica ha consentido en la revelación de sus datos personales o privados o bien cuando es claro que la información fue entregada como parte de aquella información que debe estar bajo el régimen de publicidad aplicable"]
[252,"Implementación de Acciones Humanitarias y Extrajudiciales de Búsqueda","5 Testigos métricos y norte","Documento que registra escalas de referencia en el curso de una investigación científica forense, los objetos de interés son fotografiados o videograbados.  Las escalas de referencia son empleadas en el curso de una investigación científica forense, principalmente cuando los indicios y otros objetos de interés son fotografiados o videograbados. Su importancia radica en la necesidad de que al observar las imágenes de los indicios, sea posible dimensionarlos y estimar su tamaño. ","2021-12-12",null,"Información","Español","Electrónico","2021-12-12","Documento de Texto","Publicada","Mensual","Archivos digitales","Serie documental que registra el desarrollo e interpretación de los resultados de un estudio, análisis o examen, realizado por un equipo interdisciplinario forense, producto de las diferentes acciones realizadas en la prospección, recuperación e identificación de los casos realizadas por la UBPD.  la serie es importante porque es fuente primaria para investigaciones de tipo histórico y cultural que evidencia las condiciones sociales, políticas y culturales, que describen la información de los perpetradores de las violaciones a los derechos humanos e infracciones al DIH y sus modus operandi en el contexto del conflicto armado interno, el testimonios de víctimas y sus familiares y los modos de resistencia de la sociedad civil frente al conflicto armado, para estudios en antropología, sociología o ciencias políticas. La serie se considera como archivos referidos a las graves y manifiestas violaciones a los Derechos Humanos, e infracciones al Derecho Internacional Humanitario, ocurridas con ocasión del conflicto armado interno. ","Director Técnico de Unidad Especial Dirección Técnica de Prospección, Recuperación e Identificación","DIRECCIÓN TÉCNICA DE PROSPECCIÓN, RECUPERACIÓN E IDENTIFICACIÓN","NO","MEDIO",null,"MEDIO","MEDIO",2,2,2,6,"MEDIO","NO",null,"CLASIFICADA","El derecho de toda persona a la vida, la salud o la seguridad",null,"Información exceptuada por daño de derechos a personas naturales o jurídicas. \nArticulo 18 Ley 1712 de 2014","Total","2023-11-20","Ilimitada, y no deberán aplicarse cuando la persona natural o jurídica ha consentido en la revelación de sus datos personales o privados o bien cuando es claro que la información fue entregada como parte de aquella información que debe estar bajo el régimen de publicidad aplicable"]
[253,"Implementación de Acciones Humanitarias y Extrajudiciales de Búsqueda","1 COMPUTADOR APPLE IMAC CI5 5GB 512GB RETINA 5K 27 PULG MACOS ","Equipos de fotografía en los que se aloja información temporal ","2021-12-12",null,"Hardware / Infraestructura","Español","Digital","2021-12-12","Imagen","Disponible a solicitud","Mensual","Archivos digitales","Serie documental que registra el desarrollo e interpretación de los resultados de un estudio, análisis o examen, realizado por un equipo interdisciplinario forense, producto de las diferentes acciones realizadas en la prospección, recuperación e identificación de los casos realizadas por la UBPD.  la serie es importante porque es fuente primaria para investigaciones de tipo histórico y cultural que evidencia las condiciones sociales, políticas y culturales, que describen la información de los perpetradores de las violaciones a los derechos humanos e infracciones al DIH y sus modus operandi en el contexto del conflicto armado interno, el testimonios de víctimas y sus familiares y los modos de resistencia de la sociedad civil frente al conflicto armado, para estudios en antropología, sociología o ciencias políticas. La serie se considera como archivos referidos a las graves y manifiestas violaciones a los Derechos Humanos, e infracciones al Derecho Internacional Humanitario, ocurridas con ocasión del conflicto armado interno. ","Director Técnico de Unidad Especial Dirección Técnica de Prospección, Recuperación e Identificación","DIRECCIÓN TÉCNICA DE PROSPECCIÓN, RECUPERACIÓN E IDENTIFICACIÓN","NO","MEDIO",null,"MEDIO","MEDIO",2,2,2,6,"MEDIO","NO",null,"CLASIFICADA",null,null," ",null,"2023-10-30"," "]
[254,"Implementación de Acciones Humanitarias y Extrajudiciales de Búsqueda","Espacio en servidor UBPD","Equipos de fotografía en los que se aloja información temporal ","2021-12-12",null,"Hardware / Infraestructura","Español","Digital","2021-12-12","Imagen","Disponible a solicitud","Mensual","Archivos digitales","Serie documental que registra el desarrollo e interpretación de los resultados de un estudio, análisis o examen, realizado por un equipo interdisciplinario forense, producto de las diferentes acciones realizadas en la prospección, recuperación e identificación de los casos realizadas por la UBPD.  la serie es importante porque es fuente primaria para investigaciones de tipo histórico y cultural que evidencia las condiciones sociales, políticas y culturales, que describen la información de los perpetradores de las violaciones a los derechos humanos e infracciones al DIH y sus modus operandi en el contexto del conflicto armado interno, el testimonios de víctimas y sus familiares y los modos de resistencia de la sociedad civil frente al conflicto armado, para estudios en antropología, sociología o ciencias políticas. La serie se considera como archivos referidos a las graves y manifiestas violaciones a los Derechos Humanos, e infracciones al Derecho Internacional Humanitario, ocurridas con ocasión del conflicto armado interno. ","Director Técnico de Unidad Especial Dirección Técnica de Prospección, Recuperación e Identificación","DIRECCIÓN TÉCNICA DE PROSPECCIÓN, RECUPERACIÓN E IDENTIFICACIÓN","NO","MEDIO",null,"MEDIO","MEDIO",2,2,2,6,"MEDIO","NO",null,"CLASIFICADA",null,null," ",null,"2023-10-30"," "]
[255,"Implementación de Acciones Humanitarias y Extrajudiciales de Búsqueda","Carpeta google drive","Equipos de fotografía en los que se aloja información temporal ","2021-12-12",null,"Servicios","Español","Digital","2021-12-12","Imagen","Disponible a solicitud","Mensual","Archivos digitales","Serie documental que registra el desarrollo e interpretación de los resultados de un estudio, análisis o examen, realizado por un equipo interdisciplinario forense, producto de las diferentes acciones realizadas en la prospección, recuperación e identificación de los casos realizadas por la UBPD.  la serie es importante porque es fuente primaria para investigaciones de tipo histórico y cultural que evidencia las condiciones sociales, políticas y culturales, que describen la información de los perpetradores de las violaciones a los derechos humanos e infracciones al DIH y sus modus operandi en el contexto del conflicto armado interno, el testimonios de víctimas y sus familiares y los modos de resistencia de la sociedad civil frente al conflicto armado, para estudios en antropología, sociología o ciencias políticas. La serie se considera como archivos referidos a las graves y manifiestas violaciones a los Derechos Humanos, e infracciones al Derecho Internacional Humanitario, ocurridas con ocasión del conflicto armado interno. ","Director Técnico de Unidad Especial Dirección Técnica de Prospección, Recuperación e Identificación","DIRECCIÓN TÉCNICA DE PROSPECCIÓN, RECUPERACIÓN E IDENTIFICACIÓN","NO","MEDIO",null,"MEDIO","MEDIO",2,2,2,6,"MEDIO","NO",null,"CLASIFICADA",null,null," ",null,"2023-10-30"," "]
[256,"Implementación de Acciones Humanitarias y Extrajudiciales de Búsqueda","Adobe Creative Cloud "," Es un conjunto de aplicaciones y servicios de Adobe que incluye más de 20 aplicaciones creativas, como Photoshop, Illustrator, InDesign, Premiere Pro y Acrobat Pro 1. Creative Cloud también incluye servicios en la nube para almacenamiento y uso compartido de archivos, así como acceso a fuentes y recursos de alta calidad.","2021-12-12",null,"Software Aplicaciones Informáticas ","Español","Digital","2021-12-12","Imagen","Disponible a solicitud","Mensual","Archivos digitales","Serie documental que registra el desarrollo e interpretación de los resultados de un estudio, análisis o examen, realizado por un equipo interdisciplinario forense, producto de las diferentes acciones realizadas en la prospección, recuperación e identificación de los casos realizadas por la UBPD.  la serie es importante porque es fuente primaria para investigaciones de tipo histórico y cultural que evidencia las condiciones sociales, políticas y culturales, que describen la información de los perpetradores de las violaciones a los derechos humanos e infracciones al DIH y sus modus operandi en el contexto del conflicto armado interno, el testimonios de víctimas y sus familiares y los modos de resistencia de la sociedad civil frente al conflicto armado, para estudios en antropología, sociología o ciencias políticas. La serie se considera como archivos referidos a las graves y manifiestas violaciones a los Derechos Humanos, e infracciones al Derecho Internacional Humanitario, ocurridas con ocasión del conflicto armado interno. ","Director Técnico de Unidad Especial Dirección Técnica de Prospección, Recuperación e Identificación","DIRECCIÓN TÉCNICA DE PROSPECCIÓN, RECUPERACIÓN E IDENTIFICACIÓN","NO","MEDIO",null,"MEDIO","MEDIO",2,2,2,6,"MEDIO","NO",null,"CLASIFICADA",null,null," ",null,"2023-10-30"," "]
[257,"Implementación de Acciones Humanitarias y Extrajudiciales de Búsqueda","Tarjetas de Memoria SD","15 Tarjetas de Memoria SD pertenecientes a las cámaras fotagráficas","2021-12-13",null,"Soportes de Información","Español","Digital","2021-12-13","Imagen","Disponible a solicitud","Mensual","Archivos digitales","Serie documental que registra el desarrollo e interpretación de los resultados de un estudio, análisis o examen, realizado por un equipo interdisciplinario forense, producto de las diferentes acciones realizadas en la prospección, recuperación e identificación de los casos realizadas por la UBPD.  la serie es importante porque es fuente primaria para investigaciones de tipo histórico y cultural que evidencia las condiciones sociales, políticas y culturales, que describen la información de los perpetradores de las violaciones a los derechos humanos e infracciones al DIH y sus modus operandi en el contexto del conflicto armado interno, el testimonios de víctimas y sus familiares y los modos de resistencia de la sociedad civil frente al conflicto armado, para estudios en antropología, sociología o ciencias políticas. La serie se considera como archivos referidos a las graves y manifiestas violaciones a los Derechos Humanos, e infracciones al Derecho Internacional Humanitario, ocurridas con ocasión del conflicto armado interno. ","Director Técnico de Unidad Especial Dirección Técnica de Prospección, Recuperación e Identificación","DIRECCIÓN TÉCNICA DE PROSPECCIÓN, RECUPERACIÓN E IDENTIFICACIÓN","NO","MEDIO",null,"MEDIO","MEDIO",2,2,2,6,"MEDIO","NO",null,"CLASIFICADA",null,null," ",null,"2023-10-30"," "]
[258,"Implementación de Acciones Humanitarias y Extrajudiciales de Búsqueda","Discos Duros grupo de fotografía","5 Discos duros","2021-12-13",null,"Soportes de Información","Español","Digital","2021-12-13","Imagen","Disponible a solicitud","Mensual","Archivos digitales","Serie documental que registra el desarrollo e interpretación de los resultados de un estudio, análisis o examen, realizado por un equipo interdisciplinario forense, producto de las diferentes acciones realizadas en la prospección, recuperación e identificación de los casos realizadas por la UBPD.  la serie es importante porque es fuente primaria para investigaciones de tipo histórico y cultural que evidencia las condiciones sociales, políticas y culturales, que describen la información de los perpetradores de las violaciones a los derechos humanos e infracciones al DIH y sus modus operandi en el contexto del conflicto armado interno, el testimonios de víctimas y sus familiares y los modos de resistencia de la sociedad civil frente al conflicto armado, para estudios en antropología, sociología o ciencias políticas. La serie se considera como archivos referidos a las graves y manifiestas violaciones a los Derechos Humanos, e infracciones al Derecho Internacional Humanitario, ocurridas con ocasión del conflicto armado interno. ","Director Técnico de Unidad Especial Dirección Técnica de Prospección, Recuperación e Identificación","DIRECCIÓN TÉCNICA DE PROSPECCIÓN, RECUPERACIÓN E IDENTIFICACIÓN","NO","MEDIO",null,"MEDIO","MEDIO",2,2,2,6,"MEDIO","NO",null,"CLASIFICADA",null,null," ",null,"2023-10-30"," "]
[259,"Implementación de Acciones Humanitarias y Extrajudiciales de Búsqueda","Memorias USB grupo de fotografía","15 Memorias usb extraíbles \ncifradas para almacenar los registros fotograficos","2021-12-13",null,"Soportes de Información","Español","Digital","2021-12-13","Imagen","Disponible a solicitud","Mensual","Archivos digitales","Serie documental que registra el desarrollo e interpretación de los resultados de un estudio, análisis o examen, realizado por un equipo interdisciplinario forense, producto de las diferentes acciones realizadas en la prospección, recuperación e identificación de los casos realizadas por la UBPD.  la serie es importante porque es fuente primaria para investigaciones de tipo histórico y cultural que evidencia las condiciones sociales, políticas y culturales, que describen la información de los perpetradores de las violaciones a los derechos humanos e infracciones al DIH y sus modus operandi en el contexto del conflicto armado interno, el testimonios de víctimas y sus familiares y los modos de resistencia de la sociedad civil frente al conflicto armado, para estudios en antropología, sociología o ciencias políticas. La serie se considera como archivos referidos a las graves y manifiestas violaciones a los Derechos Humanos, e infracciones al Derecho Internacional Humanitario, ocurridas con ocasión del conflicto armado interno. ","Director Técnico de Unidad Especial Dirección Técnica de Prospección, Recuperación e Identificación","DIRECCIÓN TÉCNICA DE PROSPECCIÓN, RECUPERACIÓN E IDENTIFICACIÓN","NO","MEDIO",null,"MEDIO","MEDIO",2,2,2,6,"MEDIO","NO",null,"CLASIFICADA",null,null," ",null,"2023-10-30"," "]
[260,"Implementación de Acciones Humanitarias y Extrajudiciales de Búsqueda","Fotógrafos","Los fotografos son un activo de información porque es responsable de la creación y custodia de información visual, apoyo evidencial de las misiones humanitarias, como la documentación de eventos. La fotografía es importante para la documentación y el registro de información visual de todo la misión de la UBPD.\nSe cuenta con 5 fotografos de planta.","2023-09-13",null,"Personas",null,null,null,null,null,null,null,null,"Director Técnico de Unidad Especial Dirección Técnica de Prospección, Recuperación e Identificación","DIRECCIÓN TÉCNICA DE PROSPECCIÓN, RECUPERACIÓN E IDENTIFICACIÓN","NO","ALTO",null,"MEDIO","MEDIO",3,2,2,7,"MEDIO","NO",null,"RESERVADA",null,null," ",null,"2023-10-30"," "]
[261,"Implementación de Acciones Humanitarias y Extrajudiciales de Búsqueda","IAH-FT-050 V1 Reporte de Geofísica","Documento por el cual se reporta los hallazgos de geofísica","2021-12-12",null,"Información","Español","Electrónico","2021-12-12","Documento de Texto","Publicada","Mensual","Archivos digitales","Serie documental que registra el desarrollo e interpretación de los resultados de un estudio, análisis o examen, realizado por un equipo interdisciplinario forense, producto de las diferentes acciones realizadas en la prospección, recuperación e identificación de los casos realizadas por la UBPD.  la serie es importante porque es fuente primaria para investigaciones de tipo histórico y cultural que evidencia las condiciones sociales, políticas y culturales, que describen la información de los perpetradores de las violaciones a los derechos humanos e infracciones al DIH y sus modus operandi en el contexto del conflicto armado interno, el testimonios de víctimas y sus familiares y los modos de resistencia de la sociedad civil frente al conflicto armado, para estudios en antropología, sociología o ciencias políticas. La serie se considera como archivos referidos a las graves y manifiestas violaciones a los Derechos Humanos, e infracciones al Derecho Internacional Humanitario, ocurridas con ocasión del conflicto armado interno. ","Director Técnico de Unidad Especial Dirección Técnica de Prospección, Recuperación e Identificación","DIRECCIÓN TÉCNICA DE PROSPECCIÓN, RECUPERACIÓN E IDENTIFICACIÓN","NO","MEDIO",null,"MEDIO","MEDIO",2,2,2,6,"MEDIO","NO",null,"CLASIFICADA","El derecho de toda persona a la vida, la salud o la seguridad",null,"Información exceptuada por daño de derechos a personas naturales o jurídicas. \nArticulo 18 Ley 1712 de 2014","Total","2022-12-13","Ilimitada, y no deberán aplicarse cuando la persona natural o jurídica ha consentido en la revelación de sus datos personales o privados o bien cuando es claro que la información fue entregada como parte de aquella información que debe estar bajo el régimen de publicidad aplicable"]
[262,"Implementación de Acciones Humanitarias y Extrajudiciales de Búsqueda"," IAH-FT-049 V1 Registro de adquisición de datos geofísicos.","Documento por el cual registra los datos geofisicos recolectados en campo.","2021-12-12",null,"Información","Español","Electrónico","2021-12-12","Documento de Texto","Publicada","Mensual","Archivos digitales","Serie documental que registra el desarrollo e interpretación de los resultados de un estudio, análisis o examen, realizado por un equipo interdisciplinario forense, producto de las diferentes acciones realizadas en la prospección, recuperación e identificación de los casos realizadas por la UBPD.  la serie es importante porque es fuente primaria para investigaciones de tipo histórico y cultural que evidencia las condiciones sociales, políticas y culturales, que describen la información de los perpetradores de las violaciones a los derechos humanos e infracciones al DIH y sus modus operandi en el contexto del conflicto armado interno, el testimonios de víctimas y sus familiares y los modos de resistencia de la sociedad civil frente al conflicto armado, para estudios en antropología, sociología o ciencias políticas. La serie se considera como archivos referidos a las graves y manifiestas violaciones a los Derechos Humanos, e infracciones al Derecho Internacional Humanitario, ocurridas con ocasión del conflicto armado interno. ","Director Técnico de Unidad Especial Dirección Técnica de Prospección, Recuperación e Identificación","DIRECCIÓN TÉCNICA DE PROSPECCIÓN, RECUPERACIÓN E IDENTIFICACIÓN","NO","MEDIO",null,"MEDIO","MEDIO",2,2,2,6,"MEDIO","NO",null,"CLASIFICADA","El derecho de toda persona a la vida, la salud o la seguridad",null,"Información exceptuada por daño de derechos a personas naturales o jurídicas. \nArticulo 18 Ley 1712 de 2014","Total","2022-12-13","Ilimitada, y no deberán aplicarse cuando la persona natural o jurídica ha consentido en la revelación de sus datos personales o privados o bien cuando es claro que la información fue entregada como parte de aquella información que debe estar bajo el régimen de publicidad aplicable"]
[263,"Implementación de Acciones Humanitarias y Extrajudiciales de Búsqueda"," IAH-FT-059 V1 Registro de información diagnóstica para geofísica.","Documento en el cual se registra los diagnosticos geofisicos que surjan de los trabajos en campo.","2021-12-12",null,"Información","Español","Electrónico","2021-12-12","Documento de Texto","Publicada","Mensual","Archivos digitales","Serie documental que registra el desarrollo e interpretación de los resultados de un estudio, análisis o examen, realizado por un equipo interdisciplinario forense, producto de las diferentes acciones realizadas en la prospección, recuperación e identificación de los casos realizadas por la UBPD.  la serie es importante porque es fuente primaria para investigaciones de tipo histórico y cultural que evidencia las condiciones sociales, políticas y culturales, que describen la información de los perpetradores de las violaciones a los derechos humanos e infracciones al DIH y sus modus operandi en el contexto del conflicto armado interno, el testimonios de víctimas y sus familiares y los modos de resistencia de la sociedad civil frente al conflicto armado, para estudios en antropología, sociología o ciencias políticas. La serie se considera como archivos referidos a las graves y manifiestas violaciones a los Derechos Humanos, e infracciones al Derecho Internacional Humanitario, ocurridas con ocasión del conflicto armado interno. ","Director Técnico de Unidad Especial Dirección Técnica de Prospección, Recuperación e Identificación","DIRECCIÓN TÉCNICA DE PROSPECCIÓN, RECUPERACIÓN E IDENTIFICACIÓN","NO","MEDIO",null,"MEDIO","MEDIO",2,2,2,6,"MEDIO","NO",null,"CLASIFICADA","El derecho de toda persona a la vida, la salud o la seguridad",null,"Información exceptuada por daño de derechos a personas naturales o jurídicas. \nArticulo 18 Ley 1712 de 2014","Total","2022-12-13","Ilimitada, y no deberán aplicarse cuando la persona natural o jurídica ha consentido en la revelación de sus datos personales o privados o bien cuando es claro que la información fue entregada como parte de aquella información que debe estar bajo el régimen de publicidad aplicable"]
[264,"Implementación de Acciones Humanitarias y Extrajudiciales de Búsqueda"," IAH-FT-044 V1 Revisión de pares Reporte técnico geofísica.","Documento en el cual se reporta los pares de geofìsica, de información técnica","2021-12-12",null,"Información","Español","Electrónico","2021-12-12","Documento de Texto","Publicada","Mensual","Archivos digitales","Serie documental que registra el desarrollo e interpretación de los resultados de un estudio, análisis o examen, realizado por un equipo interdisciplinario forense, producto de las diferentes acciones realizadas en la prospección, recuperación e identificación de los casos realizadas por la UBPD.  la serie es importante porque es fuente primaria para investigaciones de tipo histórico y cultural que evidencia las condiciones sociales, políticas y culturales, que describen la información de los perpetradores de las violaciones a los derechos humanos e infracciones al DIH y sus modus operandi en el contexto del conflicto armado interno, el testimonios de víctimas y sus familiares y los modos de resistencia de la sociedad civil frente al conflicto armado, para estudios en antropología, sociología o ciencias políticas. La serie se considera como archivos referidos a las graves y manifiestas violaciones a los Derechos Humanos, e infracciones al Derecho Internacional Humanitario, ocurridas con ocasión del conflicto armado interno. ","Director Técnico de Unidad Especial Dirección Técnica de Prospección, Recuperación e Identificación","DIRECCIÓN TÉCNICA DE PROSPECCIÓN, RECUPERACIÓN E IDENTIFICACIÓN","NO","MEDIO",null,"MEDIO","MEDIO",2,2,2,6,"MEDIO","NO",null,"CLASIFICADA","El derecho de toda persona a la vida, la salud o la seguridad",null,"Información exceptuada por daño de derechos a personas naturales o jurídicas. \nArticulo 18 Ley 1712 de 2014","Total","2022-12-13","Ilimitada, y no deberán aplicarse cuando la persona natural o jurídica ha consentido en la revelación de sus datos personales o privados o bien cuando es claro que la información fue entregada como parte de aquella información que debe estar bajo el régimen de publicidad aplicable"]
[265,"Implementación de Acciones Humanitarias y Extrajudiciales de Búsqueda"," IAH-FT-048 V1 Concepto técnico del área de geofísica para la fase de prospección.","Documento en el cual se registra el concepto técnico del área de geofisica arrojado en la prospección","2021-12-12",null,"Información","Español","Electrónico","2021-12-12","Documento de Texto","Publicada","Mensual","Archivos digitales","Serie documental que registra el desarrollo e interpretación de los resultados de un estudio, análisis o examen, realizado por un equipo interdisciplinario forense, producto de las diferentes acciones realizadas en la prospección, recuperación e identificación de los casos realizadas por la UBPD.  la serie es importante porque es fuente primaria para investigaciones de tipo histórico y cultural que evidencia las condiciones sociales, políticas y culturales, que describen la información de los perpetradores de las violaciones a los derechos humanos e infracciones al DIH y sus modus operandi en el contexto del conflicto armado interno, el testimonios de víctimas y sus familiares y los modos de resistencia de la sociedad civil frente al conflicto armado, para estudios en antropología, sociología o ciencias políticas. La serie se considera como archivos referidos a las graves y manifiestas violaciones a los Derechos Humanos, e infracciones al Derecho Internacional Humanitario, ocurridas con ocasión del conflicto armado interno. ","Director Técnico de Unidad Especial Dirección Técnica de Prospección, Recuperación e Identificación","DIRECCIÓN TÉCNICA DE PROSPECCIÓN, RECUPERACIÓN E IDENTIFICACIÓN","NO","MEDIO",null,"MEDIO","MEDIO",2,2,2,6,"MEDIO","NO",null,"CLASIFICADA","El derecho de toda persona a la vida, la salud o la seguridad",null,"Información exceptuada por daño de derechos a personas naturales o jurídicas. \nArticulo 18 Ley 1712 de 2014","Total","2022-12-13","Ilimitada, y no deberán aplicarse cuando la persona natural o jurídica ha consentido en la revelación de sus datos personales o privados o bien cuando es claro que la información fue entregada como parte de aquella información que debe estar bajo el régimen de publicidad aplicable"]
[266,"Implementación de Acciones Humanitarias y Extrajudiciales de Búsqueda","1 Conductivímetro CMD MINIEXPLORER","Equipos de geofísica en los que se aloja información temporal. El Conductivímetro CMD MINIEXPLORER es un medidor de conductividad electromagnética que se utiliza en una variedad de aplicaciones geofísicas, como estudios medioambientales, arqueológicos, forenses.","2021-12-12",null,"Hardware / Infraestructura","Español","Digital","2021-12-12","Imagen","Disponible a solicitud","Mensual","Archivos digitales","Serie documental que registra el desarrollo e interpretación de los resultados de un estudio, análisis o examen, realizado por un equipo interdisciplinario forense, producto de las diferentes acciones realizadas en la prospección, recuperación e identificación de los casos realizadas por la UBPD.  la serie es importante porque es fuente primaria para investigaciones de tipo histórico y cultural que evidencia las condiciones sociales, políticas y culturales, que describen la información de los perpetradores de las violaciones a los derechos humanos e infracciones al DIH y sus modus operandi en el contexto del conflicto armado interno, el testimonios de víctimas y sus familiares y los modos de resistencia de la sociedad civil frente al conflicto armado, para estudios en antropología, sociología o ciencias políticas. La serie se considera como archivos referidos a las graves y manifiestas violaciones a los Derechos Humanos, e infracciones al Derecho Internacional Humanitario, ocurridas con ocasión del conflicto armado interno. ","Director Técnico de Unidad Especial Dirección Técnica de Prospección, Recuperación e Identificación","DIRECCIÓN TÉCNICA DE PROSPECCIÓN, RECUPERACIÓN E IDENTIFICACIÓN","NO","MEDIO",null,"MEDIO","MEDIO",2,2,2,6,"MEDIO","NO",null,"CLASIFICADA",null,null," ",null,"2023-10-30"," "]
[267,"Implementación de Acciones Humanitarias y Extrajudiciales de Búsqueda","1 Resistivímetro Terrameter LS 2","Equipos de geofísica en los que se aloja información temporal. Es un sistema de topografía de resistividad e IP que se utiliza en una amplia gama de aplicaciones geofísicas, como la prospección de aguas subterráneas, la exploración de minerales, el mapeo geológico y las investigaciones geotécnicas 1.","2021-12-12",null,"Hardware / Infraestructura","Español","Digital","2021-12-12","Imagen","Disponible a solicitud","Mensual","Archivos digitales","Serie documental que registra el desarrollo e interpretación de los resultados de un estudio, análisis o examen, realizado por un equipo interdisciplinario forense, producto de las diferentes acciones realizadas en la prospección, recuperación e identificación de los casos realizadas por la UBPD.  la serie es importante porque es fuente primaria para investigaciones de tipo histórico y cultural que evidencia las condiciones sociales, políticas y culturales, que describen la información de los perpetradores de las violaciones a los derechos humanos e infracciones al DIH y sus modus operandi en el contexto del conflicto armado interno, el testimonios de víctimas y sus familiares y los modos de resistencia de la sociedad civil frente al conflicto armado, para estudios en antropología, sociología o ciencias políticas. La serie se considera como archivos referidos a las graves y manifiestas violaciones a los Derechos Humanos, e infracciones al Derecho Internacional Humanitario, ocurridas con ocasión del conflicto armado interno. ","Director Técnico de Unidad Especial Dirección Técnica de Prospección, Recuperación e Identificación","DIRECCIÓN TÉCNICA DE PROSPECCIÓN, RECUPERACIÓN E IDENTIFICACIÓN","NO","MEDIO",null,"MEDIO","MEDIO",2,2,2,6,"MEDIO","NO",null,"CLASIFICADA",null,null," ",null,"2023-10-30"," "]
[268,"Implementación de Acciones Humanitarias y Extrajudiciales de Búsqueda","4 Georadar Opera Duo ","Equipos de geofísica en los que se aloja información temporal. El Georradar Opera Duo es un radar de penetración terrestre compacto y fácil de transportar que se utiliza en geofísica, exploración minera, mapeo de gasoductos, detección de municiones sin explotar, arqueología, mediciones en observatorio magnético, vulcanología y predicción de terremotos.","2021-12-12",null,"Hardware / Infraestructura","Español","Digital","2021-12-12","Imagen","Disponible a solicitud","Mensual","Archivos digitales","Serie documental que registra el desarrollo e interpretación de los resultados de un estudio, análisis o examen, realizado por un equipo interdisciplinario forense, producto de las diferentes acciones realizadas en la prospección, recuperación e identificación de los casos realizadas por la UBPD.  la serie es importante porque es fuente primaria para investigaciones de tipo histórico y cultural que evidencia las condiciones sociales, políticas y culturales, que describen la información de los perpetradores de las violaciones a los derechos humanos e infracciones al DIH y sus modus operandi en el contexto del conflicto armado interno, el testimonios de víctimas y sus familiares y los modos de resistencia de la sociedad civil frente al conflicto armado, para estudios en antropología, sociología o ciencias políticas. La serie se considera como archivos referidos a las graves y manifiestas violaciones a los Derechos Humanos, e infracciones al Derecho Internacional Humanitario, ocurridas con ocasión del conflicto armado interno. ","Director Técnico de Unidad Especial Dirección Técnica de Prospección, Recuperación e Identificación","DIRECCIÓN TÉCNICA DE PROSPECCIÓN, RECUPERACIÓN E IDENTIFICACIÓN","NO","MEDIO",null,"MEDIO","MEDIO",2,2,2,6,"MEDIO","NO",null,"CLASIFICADA",null,null," ",null,"2023-10-30"," "]
[269,"Implementación de Acciones Humanitarias y Extrajudiciales de Búsqueda","1 Gradiómetro GSM-19GW","Equipos de geofísica en los que se aloja información temporal. Es un magnetómetro de campo total / gradiómetro portátil de alta precisión que se utiliza en geofísica, exploración minera, mapeo de gasoductos, detección de municiones sin explotar, arqueología, mediciones en observatorio magnético, vulcanología y predicción de terremotos","2021-12-12",null,"Hardware / Infraestructura","Español","Digital","2021-12-12","Imagen","Disponible a solicitud","Mensual","Archivos digitales","Serie documental que registra el desarrollo e interpretación de los resultados de un estudio, análisis o examen, realizado por un equipo interdisciplinario forense, producto de las diferentes acciones realizadas en la prospección, recuperación e identificación de los casos realizadas por la UBPD.  la serie es importante porque es fuente primaria para investigaciones de tipo histórico y cultural que evidencia las condiciones sociales, políticas y culturales, que describen la información de los perpetradores de las violaciones a los derechos humanos e infracciones al DIH y sus modus operandi en el contexto del conflicto armado interno, el testimonios de víctimas y sus familiares y los modos de resistencia de la sociedad civil frente al conflicto armado, para estudios en antropología, sociología o ciencias políticas. La serie se considera como archivos referidos a las graves y manifiestas violaciones a los Derechos Humanos, e infracciones al Derecho Internacional Humanitario, ocurridas con ocasión del conflicto armado interno. ","Director Técnico de Unidad Especial Dirección Técnica de Prospección, Recuperación e Identificación","DIRECCIÓN TÉCNICA DE PROSPECCIÓN, RECUPERACIÓN E IDENTIFICACIÓN","NO","MEDIO",null,"MEDIO","MEDIO",2,2,2,6,"MEDIO","NO",null,"CLASIFICADA",null,null," ",null,"2023-10-30"," "]
[270,"Implementación de Acciones Humanitarias y Extrajudiciales de Búsqueda","Drive Institucional de Geofísica","Sevicio de Drive Google","2021-12-12",null,"Servicios","Ingles; Español","Electrónico","2021-12-12","Imagen","Disponible a solicitud","Mensual","Archivos digitales","Serie documental que registra el desarrollo e interpretación de los resultados de un estudio, análisis o examen, realizado por un equipo interdisciplinario forense, producto de las diferentes acciones realizadas en la prospección, recuperación e identificación de los casos realizadas por la UBPD.  la serie es importante porque es fuente primaria para investigaciones de tipo histórico y cultural que evidencia las condiciones sociales, políticas y culturales, que describen la información de los perpetradores de las violaciones a los derechos humanos e infracciones al DIH y sus modus operandi en el contexto del conflicto armado interno, el testimonios de víctimas y sus familiares y los modos de resistencia de la sociedad civil frente al conflicto armado, para estudios en antropología, sociología o ciencias políticas. La serie se considera como archivos referidos a las graves y manifiestas violaciones a los Derechos Humanos, e infracciones al Derecho Internacional Humanitario, ocurridas con ocasión del conflicto armado interno. ","Director Técnico de Unidad Especial Dirección Técnica de Prospección, Recuperación e Identificación","DIRECCIÓN TÉCNICA DE PROSPECCIÓN, RECUPERACIÓN E IDENTIFICACIÓN","NO","MEDIO",null,"MEDIO","MEDIO",2,2,2,6,"MEDIO","NO",null,"CLASIFICADA",null,null," ",null,"2023-10-30"," "]
[271,"Implementación de Acciones Humanitarias y Extrajudiciales de Búsqueda","Geofisicos. ","Perosonas \nEl personal de geofísica  es responsable de la creación y custodia de información relacionada con el estudio de la Tierra, en la investigación humanitariaen trabajos relacionados con búsqueda forense.\nSe cuenta con un estimado de 2 Gofisicos de planta.","2021-12-12",null,"Personas","Español","Análogo","2021-12-12",null,null,null,null,null,"Director Técnico de Unidad Especial Dirección Técnica de Prospección, Recuperación e Identificación","DIRECCIÓN TÉCNICA DE PROSPECCIÓN, RECUPERACIÓN E IDENTIFICACIÓN","NO","ALTO",null,"MEDIO","MEDIO",3,2,2,7,"MEDIO","NO",null,"RESERVADA",null,null," ",null,"2023-10-30"," "]
[272,"Implementación de Acciones Humanitarias y Extrajudiciales de Búsqueda"," IAH-FT-024 informe topografía V1 15-09-2020","Documento donde se encuentra plasmado los procedimientos de topografía de campo, oficina y los resultados obtenidos en las acciones humanitarias de prospección y recuperación, el cual incluye anexos como: salidas graficas (planos, mapas) e informes de postproceso.","2021-12-12",null,"Información","Español","Electrónico","2021-12-12","Documento de Texto","Publicada","Mensual","Archivos digitales","Serie documental que registra el desarrollo e interpretación de los resultados de un estudio, análisis o examen, realizado por un equipo interdisciplinario forense, producto de las diferentes acciones realizadas en la prospección, recuperación e identificación de los casos realizadas por la UBPD.  la serie es importante porque es fuente primaria para investigaciones de tipo histórico y cultural que evidencia las condiciones sociales, políticas y culturales, que describen la información de los perpetradores de las violaciones a los derechos humanos e infracciones al DIH y sus modus operandi en el contexto del conflicto armado interno, el testimonios de víctimas y sus familiares y los modos de resistencia de la sociedad civil frente al conflicto armado, para estudios en antropología, sociología o ciencias políticas. La serie se considera como archivos referidos a las graves y manifiestas violaciones a los Derechos Humanos, e infracciones al Derecho Internacional Humanitario, ocurridas con ocasión del conflicto armado interno. ","Director Técnico de Unidad Especial Dirección Técnica de Prospección, Recuperación e Identificación","DIRECCIÓN TÉCNICA DE PROSPECCIÓN, RECUPERACIÓN E IDENTIFICACIÓN","NO","MEDIO",null,"MEDIO","MEDIO",2,2,2,6,"MEDIO","NO",null,"CLASIFICADA","El derecho de toda persona a la vida, la salud o la seguridad",null,"Información exceptuada por daño de derechos a personas naturales o jurídicas. \nArticulo 18 Ley 1712 de 2014","Total","2023-09-01","Ilimitada, y no deberán aplicarse cuando la persona natural o jurídica ha consentido en la revelación de sus datos personales o privados o bien cuando es claro que la información fue entregada como parte de aquella información que debe estar bajo el régimen de publicidad aplicable"]
[273,"Implementación de Acciones Humanitarias y Extrajudiciales de Búsqueda"," IAH-FT-029 Bitácora de vuelo V1 28-10-2020","Documento que contiene la información de localización, condiciones, parámetros e información del vuelo de la aeronave no tripulada.","2021-12-12",null,"Información","Español","Electrónico","2021-12-12","Documento de Texto","Publicada","Mensual","Archivos digitales","Serie documental que registra el desarrollo e interpretación de los resultados de un estudio, análisis o examen, realizado por un equipo interdisciplinario forense, producto de las diferentes acciones realizadas en la prospección, recuperación e identificación de los casos realizadas por la UBPD.  la serie es importante porque es fuente primaria para investigaciones de tipo histórico y cultural que evidencia las condiciones sociales, políticas y culturales, que describen la información de los perpetradores de las violaciones a los derechos humanos e infracciones al DIH y sus modus operandi en el contexto del conflicto armado interno, el testimonios de víctimas y sus familiares y los modos de resistencia de la sociedad civil frente al conflicto armado, para estudios en antropología, sociología o ciencias políticas. La serie se considera como archivos referidos a las graves y manifiestas violaciones a los Derechos Humanos, e infracciones al Derecho Internacional Humanitario, ocurridas con ocasión del conflicto armado interno. ","Director Técnico de Unidad Especial Dirección Técnica de Prospección, Recuperación e Identificación","DIRECCIÓN TÉCNICA DE PROSPECCIÓN, RECUPERACIÓN E IDENTIFICACIÓN","NO","MEDIO",null,"MEDIO","MEDIO",2,2,2,6,"MEDIO","NO",null,"CLASIFICADA","El derecho de toda persona a la vida, la salud o la seguridad",null,"Información exceptuada por daño de derechos a personas naturales o jurídicas. \nArticulo 18 Ley 1712 de 2014","Total","2023-09-01","Ilimitada, y no deberán aplicarse cuando la persona natural o jurídica ha consentido en la revelación de sus datos personales o privados o bien cuando es claro que la información fue entregada como parte de aquella información que debe estar bajo el régimen de publicidad aplicable"]
[274,"Implementación de Acciones Humanitarias y Extrajudiciales de Búsqueda","IAH-FT-018 Bosquejo Topográfico V1 15-09-2020","Documento que contiene la representación gráfica general del área de interés forense y/o sitio de disposición, elaborado a mano alzada, sin escala, aunque conservando las proporciones, se obtiene directamente en campo y es complemento a los métodos de fijación.","2021-12-12",null,"Información","Español","Electrónico","2021-12-12","Documento de Texto","Publicada","Mensual","Archivos digitales","Serie documental que registra el desarrollo e interpretación de los resultados de un estudio, análisis o examen, realizado por un equipo interdisciplinario forense, producto de las diferentes acciones realizadas en la prospección, recuperación e identificación de los casos realizadas por la UBPD.  la serie es importante porque es fuente primaria para investigaciones de tipo histórico y cultural que evidencia las condiciones sociales, políticas y culturales, que describen la información de los perpetradores de las violaciones a los derechos humanos e infracciones al DIH y sus modus operandi en el contexto del conflicto armado interno, el testimonios de víctimas y sus familiares y los modos de resistencia de la sociedad civil frente al conflicto armado, para estudios en antropología, sociología o ciencias políticas. La serie se considera como archivos referidos a las graves y manifiestas violaciones a los Derechos Humanos, e infracciones al Derecho Internacional Humanitario, ocurridas con ocasión del conflicto armado interno. ","Director Técnico de Unidad Especial Dirección Técnica de Prospección, Recuperación e Identificación","DIRECCIÓN TÉCNICA DE PROSPECCIÓN, RECUPERACIÓN E IDENTIFICACIÓN","NO","MEDIO",null,"MEDIO","MEDIO",2,2,2,6,"MEDIO","NO",null,"CLASIFICADA","El derecho de toda persona a la vida, la salud o la seguridad",null,"Información exceptuada por daño de derechos a personas naturales o jurídicas. \nArticulo 18 Ley 1712 de 2014","Total","2023-09-01","Ilimitada, y no deberán aplicarse cuando la persona natural o jurídica ha consentido en la revelación de sus datos personales o privados o bien cuando es claro que la información fue entregada como parte de aquella información que debe estar bajo el régimen de publicidad aplicable"]
[275,"Implementación de Acciones Humanitarias y Extrajudiciales de Búsqueda","IAH-FT-025 sesión GNSS Estático V1 15-09-2020","Documento que contiene los parámetros establecidos para de medición de los puntos de control topográfico adquiridos con GNSS, en modo de levantamiento estático.","2021-12-12",null,"Información","Español","Electrónico","2021-12-12","Documento de Texto","Publicada","Mensual","Archivos digitales","Serie documental que registra el desarrollo e interpretación de los resultados de un estudio, análisis o examen, realizado por un equipo interdisciplinario forense, producto de las diferentes acciones realizadas en la prospección, recuperación e identificación de los casos realizadas por la UBPD.  la serie es importante porque es fuente primaria para investigaciones de tipo histórico y cultural que evidencia las condiciones sociales, políticas y culturales, que describen la información de los perpetradores de las violaciones a los derechos humanos e infracciones al DIH y sus modus operandi en el contexto del conflicto armado interno, el testimonios de víctimas y sus familiares y los modos de resistencia de la sociedad civil frente al conflicto armado, para estudios en antropología, sociología o ciencias políticas. La serie se considera como archivos referidos a las graves y manifiestas violaciones a los Derechos Humanos, e infracciones al Derecho Internacional Humanitario, ocurridas con ocasión del conflicto armado interno. ","Director Técnico de Unidad Especial Dirección Técnica de Prospección, Recuperación e Identificación","DIRECCIÓN TÉCNICA DE PROSPECCIÓN, RECUPERACIÓN E IDENTIFICACIÓN","NO","MEDIO",null,"MEDIO","MEDIO",2,2,2,6,"MEDIO","NO",null,"CLASIFICADA","El derecho de toda persona a la vida, la salud o la seguridad",null,"Información exceptuada por daño de derechos a personas naturales o jurídicas. \nArticulo 18 Ley 1712 de 2014","Total","2023-09-01","Ilimitada, y no deberán aplicarse cuando la persona natural o jurídica ha consentido en la revelación de sus datos personales o privados o bien cuando es claro que la información fue entregada como parte de aquella información que debe estar bajo el régimen de publicidad aplicable"]
[276,"Implementación de Acciones Humanitarias y Extrajudiciales de Búsqueda","Guía IAH-GU-001 Fijación Topográfica V1 15-09-2020","Documento que contiene la descripción de las actividades para la documentación topográfica referidas en las fases de búsqueda en campo de prospección y recuperación.","2021-12-12",null,"Información","Español","Electrónico","2021-12-12","Documento de Texto","Publicada","Mensual","Archivos digitales","Serie documental que registra el desarrollo e interpretación de los resultados de un estudio, análisis o examen, realizado por un equipo interdisciplinario forense, producto de las diferentes acciones realizadas en la prospección, recuperación e identificación de los casos realizadas por la UBPD.  la serie es importante porque es fuente primaria para investigaciones de tipo histórico y cultural que evidencia las condiciones sociales, políticas y culturales, que describen la información de los perpetradores de las violaciones a los derechos humanos e infracciones al DIH y sus modus operandi en el contexto del conflicto armado interno, el testimonios de víctimas y sus familiares y los modos de resistencia de la sociedad civil frente al conflicto armado, para estudios en antropología, sociología o ciencias políticas. La serie se considera como archivos referidos a las graves y manifiestas violaciones a los Derechos Humanos, e infracciones al Derecho Internacional Humanitario, ocurridas con ocasión del conflicto armado interno. ","Director Técnico de Unidad Especial Dirección Técnica de Prospección, Recuperación e Identificación","DIRECCIÓN TÉCNICA DE PROSPECCIÓN, RECUPERACIÓN E IDENTIFICACIÓN","NO","MEDIO",null,"MEDIO","MEDIO",2,2,2,6,"MEDIO","NO",null,"CLASIFICADA","El derecho de toda persona a la vida, la salud o la seguridad",null,"Información exceptuada por daño de derechos a personas naturales o jurídicas. \nArticulo 18 Ley 1712 de 2014","Total","2023-09-01","Ilimitada, y no deberán aplicarse cuando la persona natural o jurídica ha consentido en la revelación de sus datos personales o privados o bien cuando es claro que la información fue entregada como parte de aquella información que debe estar bajo el régimen de publicidad aplicable"]
[277,"Implementación de Acciones Humanitarias y Extrajudiciales de Búsqueda","Manual IAH-MN-001 V2 Captura de Datos Espaciales y Fijación Topográfica en la Fase de Prospección y Recuperación 06-07-2022","Documento que contiene la descripción de las actividades, métodos, equipos y parámetros técnicos para la captura de datos espaciales y fijación topográfica forense, en las fases de prospección y recuperación.","2021-12-12",null,"Información","Español","Electrónico","2021-12-12","Documento de Texto","Publicada","Mensual","Archivos digitales","Serie documental que registra el desarrollo e interpretación de los resultados de un estudio, análisis o examen, realizado por un equipo interdisciplinario forense, producto de las diferentes acciones realizadas en la prospección, recuperación e identificación de los casos realizadas por la UBPD.  la serie es importante porque es fuente primaria para investigaciones de tipo histórico y cultural que evidencia las condiciones sociales, políticas y culturales, que describen la información de los perpetradores de las violaciones a los derechos humanos e infracciones al DIH y sus modus operandi en el contexto del conflicto armado interno, el testimonios de víctimas y sus familiares y los modos de resistencia de la sociedad civil frente al conflicto armado, para estudios en antropología, sociología o ciencias políticas. La serie se considera como archivos referidos a las graves y manifiestas violaciones a los Derechos Humanos, e infracciones al Derecho Internacional Humanitario, ocurridas con ocasión del conflicto armado interno. ","Director Técnico de Unidad Especial Dirección Técnica de Prospección, Recuperación e Identificación","DIRECCIÓN TÉCNICA DE PROSPECCIÓN, RECUPERACIÓN E IDENTIFICACIÓN","NO","MEDIO",null,"MEDIO","MEDIO",2,2,2,6,"MEDIO","NO",null,"CLASIFICADA","El derecho de toda persona a la vida, la salud o la seguridad",null,"Información exceptuada por daño de derechos a personas naturales o jurídicas. \nArticulo 18 Ley 1712 de 2014","Total","2023-09-01","Ilimitada, y no deberán aplicarse cuando la persona natural o jurídica ha consentido en la revelación de sus datos personales o privados o bien cuando es claro que la información fue entregada como parte de aquella información que debe estar bajo el régimen de publicidad aplicable"]
[278,"Implementación de Acciones Humanitarias y Extrajudiciales de Búsqueda","2 GNSS Submétrico Trimble R10 y R12","Equipos de topografía en los que se aloja información temporal. Son receptores GNSS de alta precisión que se utilizan en topografía, cartografía, construcción, agricultura, minería y otros campos.","2021-12-12",null,"Hardware / Infraestructura","Español","Digital","2021-12-12","Imagen","Disponible a solicitud","Mensual","Archivos digitales","Serie documental que registra el desarrollo e interpretación de los resultados de un estudio, análisis o examen, realizado por un equipo interdisciplinario forense, producto de las diferentes acciones realizadas en la prospección, recuperación e identificación de los casos realizadas por la UBPD.  la serie es importante porque es fuente primaria para investigaciones de tipo histórico y cultural que evidencia las condiciones sociales, políticas y culturales, que describen la información de los perpetradores de las violaciones a los derechos humanos e infracciones al DIH y sus modus operandi en el contexto del conflicto armado interno, el testimonios de víctimas y sus familiares y los modos de resistencia de la sociedad civil frente al conflicto armado, para estudios en antropología, sociología o ciencias políticas. La serie se considera como archivos referidos a las graves y manifiestas violaciones a los Derechos Humanos, e infracciones al Derecho Internacional Humanitario, ocurridas con ocasión del conflicto armado interno. ","Director Técnico de Unidad Especial Dirección Técnica de Prospección, Recuperación e Identificación","DIRECCIÓN TÉCNICA DE PROSPECCIÓN, RECUPERACIÓN E IDENTIFICACIÓN","NO","MEDIO",null,"MEDIO","MEDIO",2,2,2,6,"MEDIO","NO",null,"CLASIFICADA",null,null," ",null,"2023-10-30"," "]
[279,"Implementación de Acciones Humanitarias y Extrajudiciales de Búsqueda","5 Estación total Trimble C5\n","Equipos de topografía en los que se aloja información temporal. La Estación total Trimble C5 es un dispositivo de medición topográfica mecánica que se utiliza para la medición de ángulos y distancias en proyectos de construcción, ingeniería y topografía.","2021-12-12",null,"Hardware / Infraestructura","Español","Digital","2021-12-12","Imagen","Disponible a solicitud","Mensual","Archivos digitales","Serie documental que registra el desarrollo e interpretación de los resultados de un estudio, análisis o examen, realizado por un equipo interdisciplinario forense, producto de las diferentes acciones realizadas en la prospección, recuperación e identificación de los casos realizadas por la UBPD.  la serie es importante porque es fuente primaria para investigaciones de tipo histórico y cultural que evidencia las condiciones sociales, políticas y culturales, que describen la información de los perpetradores de las violaciones a los derechos humanos e infracciones al DIH y sus modus operandi en el contexto del conflicto armado interno, el testimonios de víctimas y sus familiares y los modos de resistencia de la sociedad civil frente al conflicto armado, para estudios en antropología, sociología o ciencias políticas. La serie se considera como archivos referidos a las graves y manifiestas violaciones a los Derechos Humanos, e infracciones al Derecho Internacional Humanitario, ocurridas con ocasión del conflicto armado interno. ","Director Técnico de Unidad Especial Dirección Técnica de Prospección, Recuperación e Identificación","DIRECCIÓN TÉCNICA DE PROSPECCIÓN, RECUPERACIÓN E IDENTIFICACIÓN","NO","MEDIO",null,"MEDIO","MEDIO",2,2,2,6,"MEDIO","NO",null,"CLASIFICADA",null,null," ",null,"2023-10-30"," "]
[280,"Implementación de Acciones Humanitarias y Extrajudiciales de Búsqueda","6 Escáner láser terrestre Leica BLK 360.","Equipos de topografía en los que se aloja información temporal. Es un escáner láser de precisión compacto y ligero que se utiliza para capturar imágenes panorámicas a todo color y nubes de puntos de alta precisión.  ","2021-12-12",null,"Hardware / Infraestructura","Español","Digital","2021-12-12","Imagen","Disponible a solicitud","Mensual","Archivos digitales","Serie documental que registra el desarrollo e interpretación de los resultados de un estudio, análisis o examen, realizado por un equipo interdisciplinario forense, producto de las diferentes acciones realizadas en la prospección, recuperación e identificación de los casos realizadas por la UBPD.  la serie es importante porque es fuente primaria para investigaciones de tipo histórico y cultural que evidencia las condiciones sociales, políticas y culturales, que describen la información de los perpetradores de las violaciones a los derechos humanos e infracciones al DIH y sus modus operandi en el contexto del conflicto armado interno, el testimonios de víctimas y sus familiares y los modos de resistencia de la sociedad civil frente al conflicto armado, para estudios en antropología, sociología o ciencias políticas. La serie se considera como archivos referidos a las graves y manifiestas violaciones a los Derechos Humanos, e infracciones al Derecho Internacional Humanitario, ocurridas con ocasión del conflicto armado interno. ","Director Técnico de Unidad Especial Dirección Técnica de Prospección, Recuperación e Identificación","DIRECCIÓN TÉCNICA DE PROSPECCIÓN, RECUPERACIÓN E IDENTIFICACIÓN","NO","MEDIO",null,"MEDIO","MEDIO",2,2,2,6,"MEDIO","NO",null,"CLASIFICADA",null,null," ",null,"2023-10-30"," "]
[281,"Implementación de Acciones Humanitarias y Extrajudiciales de Búsqueda","6 Drone mavic 2 pro","Equipos de topografía en los que se aloja información temporal. Es un dron de consumo insignia de DJI, diseñado tanto para profesionales como para aficionados. El dron cuenta con una cámara Hasselblad con un sensor CMOS de 1 pulgada y 20 megapíxeles, lo que permite capturar imágenes y videos de alta calidad.","2021-12-12",null,"Hardware / Infraestructura","Español","Digital","2021-12-12","Imagen","Disponible a solicitud","Mensual","Archivos digitales","Serie documental que registra el desarrollo e interpretación de los resultados de un estudio, análisis o examen, realizado por un equipo interdisciplinario forense, producto de las diferentes acciones realizadas en la prospección, recuperación e identificación de los casos realizadas por la UBPD.  la serie es importante porque es fuente primaria para investigaciones de tipo histórico y cultural que evidencia las condiciones sociales, políticas y culturales, que describen la información de los perpetradores de las violaciones a los derechos humanos e infracciones al DIH y sus modus operandi en el contexto del conflicto armado interno, el testimonios de víctimas y sus familiares y los modos de resistencia de la sociedad civil frente al conflicto armado, para estudios en antropología, sociología o ciencias políticas. La serie se considera como archivos referidos a las graves y manifiestas violaciones a los Derechos Humanos, e infracciones al Derecho Internacional Humanitario, ocurridas con ocasión del conflicto armado interno. ","Director Técnico de Unidad Especial Dirección Técnica de Prospección, Recuperación e Identificación","DIRECCIÓN TÉCNICA DE PROSPECCIÓN, RECUPERACIÓN E IDENTIFICACIÓN","NO","MEDIO",null,"MEDIO","MEDIO",2,2,2,6,"MEDIO","NO",null,"CLASIFICADA",null,null," ",null,"2023-10-30"," "]
[282,"Implementación de Acciones Humanitarias y Extrajudiciales de Búsqueda","1 Navegador Garmin Map 66s","Equipos de topografía en los que se aloja información temporal. Es un dispositivo de mano multisatélite con sensores que se utiliza para la navegación y el seguimiento de rutas. El dispositivo cuenta con conexión a múltiples constelaciones (GPS/GLONASS/GALILEO) y dispone de sensores como altímetro, barómetro y brújula (ABC) para facilitar el seguimiento de la ruta.","2021-12-12",null,"Hardware / Infraestructura","Español","Digital","2021-12-12","Imagen","Disponible a solicitud","Mensual","Archivos digitales","Serie documental que registra el desarrollo e interpretación de los resultados de un estudio, análisis o examen, realizado por un equipo interdisciplinario forense, producto de las diferentes acciones realizadas en la prospección, recuperación e identificación de los casos realizadas por la UBPD.  la serie es importante porque es fuente primaria para investigaciones de tipo histórico y cultural que evidencia las condiciones sociales, políticas y culturales, que describen la información de los perpetradores de las violaciones a los derechos humanos e infracciones al DIH y sus modus operandi en el contexto del conflicto armado interno, el testimonios de víctimas y sus familiares y los modos de resistencia de la sociedad civil frente al conflicto armado, para estudios en antropología, sociología o ciencias políticas. La serie se considera como archivos referidos a las graves y manifiestas violaciones a los Derechos Humanos, e infracciones al Derecho Internacional Humanitario, ocurridas con ocasión del conflicto armado interno. ","Director Técnico de Unidad Especial Dirección Técnica de Prospección, Recuperación e Identificación","DIRECCIÓN TÉCNICA DE PROSPECCIÓN, RECUPERACIÓN E IDENTIFICACIÓN","NO","MEDIO",null,"MEDIO","MEDIO",2,2,2,6,"MEDIO","NO",null,"CLASIFICADA",null,null," ",null,"2023-10-30"," "]
[283,"Implementación de Acciones Humanitarias y Extrajudiciales de Búsqueda","5 Distanciómetros Leica S910","Equipos de topografía en los que se aloja información temporal. Es un dispositivo de medición láser que tiene un alcance máximo de 300 metros 12. El S910 incluye la mejor tecnología de telémetro láser de Leica Geosystems y puede medir la distancia entre varios puntos desde una única ubicación 1.","2021-12-12",null,"Hardware / Infraestructura","Español","Digital","2021-12-12","Imagen","Disponible a solicitud","Mensual","Archivos digitales","Serie documental que registra el desarrollo e interpretación de los resultados de un estudio, análisis o examen, realizado por un equipo interdisciplinario forense, producto de las diferentes acciones realizadas en la prospección, recuperación e identificación de los casos realizadas por la UBPD.  la serie es importante porque es fuente primaria para investigaciones de tipo histórico y cultural que evidencia las condiciones sociales, políticas y culturales, que describen la información de los perpetradores de las violaciones a los derechos humanos e infracciones al DIH y sus modus operandi en el contexto del conflicto armado interno, el testimonios de víctimas y sus familiares y los modos de resistencia de la sociedad civil frente al conflicto armado, para estudios en antropología, sociología o ciencias políticas. La serie se considera como archivos referidos a las graves y manifiestas violaciones a los Derechos Humanos, e infracciones al Derecho Internacional Humanitario, ocurridas con ocasión del conflicto armado interno. ","Director Técnico de Unidad Especial Dirección Técnica de Prospección, Recuperación e Identificación","DIRECCIÓN TÉCNICA DE PROSPECCIÓN, RECUPERACIÓN E IDENTIFICACIÓN","NO","MEDIO",null,"MEDIO","MEDIO",2,2,2,6,"MEDIO","NO",null,"CLASIFICADA",null,null," ",null,"2023-10-30"," "]
[284,"Implementación de Acciones Humanitarias y Extrajudiciales de Búsqueda","Estación de trabajo Dell G7","Equipos de topografía en los que se aloja información temporal ","2021-12-12",null,"Hardware / Infraestructura","Ingles; Español","Electrónico","2021-12-12","Imagen","Disponible a solicitud","Mensual","Archivos digitales","Serie documental que registra el desarrollo e interpretación de los resultados de un estudio, análisis o examen, realizado por un equipo interdisciplinario forense, producto de las diferentes acciones realizadas en la prospección, recuperación e identificación de los casos realizadas por la UBPD.  la serie es importante porque es fuente primaria para investigaciones de tipo histórico y cultural que evidencia las condiciones sociales, políticas y culturales, que describen la información de los perpetradores de las violaciones a los derechos humanos e infracciones al DIH y sus modus operandi en el contexto del conflicto armado interno, el testimonios de víctimas y sus familiares y los modos de resistencia de la sociedad civil frente al conflicto armado, para estudios en antropología, sociología o ciencias políticas. La serie se considera como archivos referidos a las graves y manifiestas violaciones a los Derechos Humanos, e infracciones al Derecho Internacional Humanitario, ocurridas con ocasión del conflicto armado interno. ","Director Técnico de Unidad Especial Dirección Técnica de Prospección, Recuperación e Identificación","DIRECCIÓN TÉCNICA DE PROSPECCIÓN, RECUPERACIÓN E IDENTIFICACIÓN","NO","MEDIO",null,"MEDIO","MEDIO",2,2,2,6,"MEDIO","NO",null,"CLASIFICADA",null,null," ",null,"2023-10-30"," "]
[285,"Implementación de Acciones Humanitarias y Extrajudiciales de Búsqueda","Drive Institucional de Topografia","Sevicio Drive Google","2021-12-12",null,"Servicios","Ingles; Español","Electrónico","2021-12-12","Imagen","Disponible a solicitud","Mensual","Archivos digitales","Serie documental que registra el desarrollo e interpretación de los resultados de un estudio, análisis o examen, realizado por un equipo interdisciplinario forense, producto de las diferentes acciones realizadas en la prospección, recuperación e identificación de los casos realizadas por la UBPD.  la serie es importante porque es fuente primaria para investigaciones de tipo histórico y cultural que evidencia las condiciones sociales, políticas y culturales, que describen la información de los perpetradores de las violaciones a los derechos humanos e infracciones al DIH y sus modus operandi en el contexto del conflicto armado interno, el testimonios de víctimas y sus familiares y los modos de resistencia de la sociedad civil frente al conflicto armado, para estudios en antropología, sociología o ciencias políticas. La serie se considera como archivos referidos a las graves y manifiestas violaciones a los Derechos Humanos, e infracciones al Derecho Internacional Humanitario, ocurridas con ocasión del conflicto armado interno. ","Director Técnico de Unidad Especial Dirección Técnica de Prospección, Recuperación e Identificación","DIRECCIÓN TÉCNICA DE PROSPECCIÓN, RECUPERACIÓN E IDENTIFICACIÓN","NO","MEDIO",null,"MEDIO","MEDIO",2,2,2,6,"MEDIO","NO",null,"CLASIFICADA",null,null," ",null,"2023-10-30"," "]
[286,"Implementación de Acciones Humanitarias y Extrajudiciales de Búsqueda","Topografos","Personas:  Los topógrafos se considera un activo de información porque su trabajo implica la recopilación, análisis y procesamiento de datos topográficos para obtener información sobre la superficie terrestre y su entorno en la buqueda de personas desaparecidas,  La topografía es una herramienta importante en la búsqueda de personas desaparecidas, ya que los topógrafos pueden ayudar a identificar áreas específicas para buscar y mapear el terreno para planificar y coordinar las operaciones de búsqueda.\nSe cuenta con 5 topografos de planta.","2023-10-30",null,"Personas",null,null,null,null,null,null,null,null,"Director Técnico de Unidad Especial Dirección Técnica de Prospección, Recuperación e Identificación","DIRECCIÓN TÉCNICA DE PROSPECCIÓN, RECUPERACIÓN E IDENTIFICACIÓN","NO","MEDIO",null,"MEDIO","MEDIO",2,2,2,6,"MEDIO","NO",null,"CLASIFICADA",null,null," ",null,"2023-10-30"," "]
[287,"Implementación de Acciones Humanitarias y Extrajudiciales de Búsqueda","ArcGis/ArcMap\n","Es una de las aplicaciones principales que se usan en ArcGIS Desktop. Es el lugar donde visualiza y explora los dataset SIG de su área de estudio, donde asigna símbolos y donde crea los diseños de mapa para imprimir o publicar.","2021-12-12",null,"Software Aplicaciones Informáticas ","Español","Digital","2021-12-12","Imagen","Disponible a solicitud","Mensual","Archivos digitales","Serie documental que registra el desarrollo e interpretación de los resultados de un estudio, análisis o examen, realizado por un equipo interdisciplinario forense, producto de las diferentes acciones realizadas en la prospección, recuperación e identificación de los casos realizadas por la UBPD.  la serie es importante porque es fuente primaria para investigaciones de tipo histórico y cultural que evidencia las condiciones sociales, políticas y culturales, que describen la información de los perpetradores de las violaciones a los derechos humanos e infracciones al DIH y sus modus operandi en el contexto del conflicto armado interno, el testimonios de víctimas y sus familiares y los modos de resistencia de la sociedad civil frente al conflicto armado, para estudios en antropología, sociología o ciencias políticas. La serie se considera como archivos referidos a las graves y manifiestas violaciones a los Derechos Humanos, e infracciones al Derecho Internacional Humanitario, ocurridas con ocasión del conflicto armado interno. ","Director Técnico de Unidad Especial Dirección Técnica de Prospección, Recuperación e Identificación","DIRECCIÓN TÉCNICA DE PROSPECCIÓN, RECUPERACIÓN E IDENTIFICACIÓN","NO","MEDIO",null,"MEDIO","MEDIO",2,2,2,6,"MEDIO","NO",null,"CLASIFICADA",null,null," ",null,"2023-10-30"," "]
[288,"Implementación de Acciones Humanitarias y Extrajudiciales de Búsqueda","AutoCad Civil 3D Autodesk ReCap Pro","Es un software de captura de la realidad y digitalización 3D para la creación de modelos inteligentes.","2021-12-12",null,"Software Aplicaciones Informáticas ","Español","Digital","2021-12-12","Imagen","Disponible a solicitud","Mensual","Archivos digitales","Serie documental que registra el desarrollo e interpretación de los resultados de un estudio, análisis o examen, realizado por un equipo interdisciplinario forense, producto de las diferentes acciones realizadas en la prospección, recuperación e identificación de los casos realizadas por la UBPD.  la serie es importante porque es fuente primaria para investigaciones de tipo histórico y cultural que evidencia las condiciones sociales, políticas y culturales, que describen la información de los perpetradores de las violaciones a los derechos humanos e infracciones al DIH y sus modus operandi en el contexto del conflicto armado interno, el testimonios de víctimas y sus familiares y los modos de resistencia de la sociedad civil frente al conflicto armado, para estudios en antropología, sociología o ciencias políticas. La serie se considera como archivos referidos a las graves y manifiestas violaciones a los Derechos Humanos, e infracciones al Derecho Internacional Humanitario, ocurridas con ocasión del conflicto armado interno. ","Director Técnico de Unidad Especial Dirección Técnica de Prospección, Recuperación e Identificación","DIRECCIÓN TÉCNICA DE PROSPECCIÓN, RECUPERACIÓN E IDENTIFICACIÓN","NO","MEDIO",null,"MEDIO","MEDIO",2,2,2,6,"MEDIO","NO",null,"CLASIFICADA",null,null," ",null,"2023-10-30"," "]
[289,"Implementación de Acciones Humanitarias y Extrajudiciales de Búsqueda","Software CAD","Es un software CAD para topografía “de principio a fin” que permite a los topógrafos obtener datos GNSS de alta exactitud, generar entregables CAD y optimizar la trazabilidad total de los datos a lo largo del ciclo de vida del proyecto.","2021-12-12",null,"Software Aplicaciones Informáticas ","Español","Digital","2021-12-12","Imagen","Disponible a solicitud","Mensual","Archivos digitales","Serie documental que registra el desarrollo e interpretación de los resultados de un estudio, análisis o examen, realizado por un equipo interdisciplinario forense, producto de las diferentes acciones realizadas en la prospección, recuperación e identificación de los casos realizadas por la UBPD.  la serie es importante porque es fuente primaria para investigaciones de tipo histórico y cultural que evidencia las condiciones sociales, políticas y culturales, que describen la información de los perpetradores de las violaciones a los derechos humanos e infracciones al DIH y sus modus operandi en el contexto del conflicto armado interno, el testimonios de víctimas y sus familiares y los modos de resistencia de la sociedad civil frente al conflicto armado, para estudios en antropología, sociología o ciencias políticas. La serie se considera como archivos referidos a las graves y manifiestas violaciones a los Derechos Humanos, e infracciones al Derecho Internacional Humanitario, ocurridas con ocasión del conflicto armado interno. ","Director Técnico de Unidad Especial Dirección Técnica de Prospección, Recuperación e Identificación","DIRECCIÓN TÉCNICA DE PROSPECCIÓN, RECUPERACIÓN E IDENTIFICACIÓN","NO","MEDIO",null,"MEDIO","MEDIO",2,2,2,6,"MEDIO","NO",null,"CLASIFICADA",null,null," ",null,"2023-10-30"," "]
[290,"Implementación de Acciones Humanitarias y Extrajudiciales de Búsqueda","Trimble Acces -Leica Cyclone REGISTER 360\n","Es un software de registro de nubes de puntos de escaneo láser 3D desarrollado por Leica Geosystems.","2021-12-12",null,"Software Aplicaciones Informáticas ","Español","Digital","2021-12-12","Imagen","Disponible a solicitud","Mensual","Archivos digitales","Serie documental que registra el desarrollo e interpretación de los resultados de un estudio, análisis o examen, realizado por un equipo interdisciplinario forense, producto de las diferentes acciones realizadas en la prospección, recuperación e identificación de los casos realizadas por la UBPD.  la serie es importante porque es fuente primaria para investigaciones de tipo histórico y cultural que evidencia las condiciones sociales, políticas y culturales, que describen la información de los perpetradores de las violaciones a los derechos humanos e infracciones al DIH y sus modus operandi en el contexto del conflicto armado interno, el testimonios de víctimas y sus familiares y los modos de resistencia de la sociedad civil frente al conflicto armado, para estudios en antropología, sociología o ciencias políticas. La serie se considera como archivos referidos a las graves y manifiestas violaciones a los Derechos Humanos, e infracciones al Derecho Internacional Humanitario, ocurridas con ocasión del conflicto armado interno. ","Director Técnico de Unidad Especial Dirección Técnica de Prospección, Recuperación e Identificación","DIRECCIÓN TÉCNICA DE PROSPECCIÓN, RECUPERACIÓN E IDENTIFICACIÓN","NO","MEDIO",null,"MEDIO","MEDIO",2,2,2,6,"MEDIO","NO",null,"CLASIFICADA",null,null," ",null,"2023-10-30"," "]
[291,"Implementación de Acciones Humanitarias y Extrajudiciales de Búsqueda","Leica Cyclone FIELD 360 \n","Es una aplicación móvil de alta calidad para la captura de datos 3D en el campo. La aplicación permite la captura, registro y examen de datos de escaneo e imagen automáticamente en el sitio.","2021-12-12",null,"Software Aplicaciones Informáticas ","Español","Digital","2021-12-12","Imagen","Disponible a solicitud","Mensual","Archivos digitales","Serie documental que registra el desarrollo e interpretación de los resultados de un estudio, análisis o examen, realizado por un equipo interdisciplinario forense, producto de las diferentes acciones realizadas en la prospección, recuperación e identificación de los casos realizadas por la UBPD.  la serie es importante porque es fuente primaria para investigaciones de tipo histórico y cultural que evidencia las condiciones sociales, políticas y culturales, que describen la información de los perpetradores de las violaciones a los derechos humanos e infracciones al DIH y sus modus operandi en el contexto del conflicto armado interno, el testimonios de víctimas y sus familiares y los modos de resistencia de la sociedad civil frente al conflicto armado, para estudios en antropología, sociología o ciencias políticas. La serie se considera como archivos referidos a las graves y manifiestas violaciones a los Derechos Humanos, e infracciones al Derecho Internacional Humanitario, ocurridas con ocasión del conflicto armado interno. ","Director Técnico de Unidad Especial Dirección Técnica de Prospección, Recuperación e Identificación","DIRECCIÓN TÉCNICA DE PROSPECCIÓN, RECUPERACIÓN E IDENTIFICACIÓN","NO","MEDIO",null,"MEDIO","MEDIO",2,2,2,6,"MEDIO","NO",null,"CLASIFICADA",null,null," ",null,"2023-10-30"," "]
[292,"Implementación de Acciones Humanitarias y Extrajudiciales de Búsqueda","Leica cyclone manager","Es un software de procesamiento y análisis de nubes de puntos desarrollado por Leica Geosystems","2021-12-12",null,"Software Aplicaciones Informáticas ","Español","Digital","2021-12-12","Imagen","Disponible a solicitud","Mensual","Archivos digitales","Serie documental que registra el desarrollo e interpretación de los resultados de un estudio, análisis o examen, realizado por un equipo interdisciplinario forense, producto de las diferentes acciones realizadas en la prospección, recuperación e identificación de los casos realizadas por la UBPD.  la serie es importante porque es fuente primaria para investigaciones de tipo histórico y cultural que evidencia las condiciones sociales, políticas y culturales, que describen la información de los perpetradores de las violaciones a los derechos humanos e infracciones al DIH y sus modus operandi en el contexto del conflicto armado interno, el testimonios de víctimas y sus familiares y los modos de resistencia de la sociedad civil frente al conflicto armado, para estudios en antropología, sociología o ciencias políticas. La serie se considera como archivos referidos a las graves y manifiestas violaciones a los Derechos Humanos, e infracciones al Derecho Internacional Humanitario, ocurridas con ocasión del conflicto armado interno. ","Director Técnico de Unidad Especial Dirección Técnica de Prospección, Recuperación e Identificación","DIRECCIÓN TÉCNICA DE PROSPECCIÓN, RECUPERACIÓN E IDENTIFICACIÓN","NO","MEDIO",null,"MEDIO","MEDIO",2,2,2,6,"MEDIO","NO",null,"CLASIFICADA",null,null," ",null,"2023-10-30"," "]
[293,"Implementación de Acciones Humanitarias y Extrajudiciales de Búsqueda","PIX4Dmapper","Es un software líder en fotogrametría para mapeo profesional con drones. ","2021-12-12",null,"Software Aplicaciones Informáticas ","Español","Digital","2021-12-12","Imagen","Disponible a solicitud","Mensual","Archivos digitales","Serie documental que registra el desarrollo e interpretación de los resultados de un estudio, análisis o examen, realizado por un equipo interdisciplinario forense, producto de las diferentes acciones realizadas en la prospección, recuperación e identificación de los casos realizadas por la UBPD.  la serie es importante porque es fuente primaria para investigaciones de tipo histórico y cultural que evidencia las condiciones sociales, políticas y culturales, que describen la información de los perpetradores de las violaciones a los derechos humanos e infracciones al DIH y sus modus operandi en el contexto del conflicto armado interno, el testimonios de víctimas y sus familiares y los modos de resistencia de la sociedad civil frente al conflicto armado, para estudios en antropología, sociología o ciencias políticas. La serie se considera como archivos referidos a las graves y manifiestas violaciones a los Derechos Humanos, e infracciones al Derecho Internacional Humanitario, ocurridas con ocasión del conflicto armado interno. ","Director Técnico de Unidad Especial Dirección Técnica de Prospección, Recuperación e Identificación","DIRECCIÓN TÉCNICA DE PROSPECCIÓN, RECUPERACIÓN E IDENTIFICACIÓN","NO","MEDIO",null,"MEDIO","MEDIO",2,2,2,6,"MEDIO","NO",null,"CLASIFICADA",null,null," ",null,"2023-10-30"," "]
[294,"Implementación de Acciones Humanitarias y Extrajudiciales de Búsqueda","Agisoft Metashape\n","Es un software de procesamiento fotogramétrico que se utiliza para generar datos espaciales en 3D a partir de imágenes digitales 1","2021-12-12",null,"Software Aplicaciones Informáticas ","Español","Digital","2021-12-12","Imagen","Disponible a solicitud","Mensual","Archivos digitales","Serie documental que registra el desarrollo e interpretación de los resultados de un estudio, análisis o examen, realizado por un equipo interdisciplinario forense, producto de las diferentes acciones realizadas en la prospección, recuperación e identificación de los casos realizadas por la UBPD.  la serie es importante porque es fuente primaria para investigaciones de tipo histórico y cultural que evidencia las condiciones sociales, políticas y culturales, que describen la información de los perpetradores de las violaciones a los derechos humanos e infracciones al DIH y sus modus operandi en el contexto del conflicto armado interno, el testimonios de víctimas y sus familiares y los modos de resistencia de la sociedad civil frente al conflicto armado, para estudios en antropología, sociología o ciencias políticas. La serie se considera como archivos referidos a las graves y manifiestas violaciones a los Derechos Humanos, e infracciones al Derecho Internacional Humanitario, ocurridas con ocasión del conflicto armado interno. ","Director Técnico de Unidad Especial Dirección Técnica de Prospección, Recuperación e Identificación","DIRECCIÓN TÉCNICA DE PROSPECCIÓN, RECUPERACIÓN E IDENTIFICACIÓN","NO","MEDIO",null,"MEDIO","MEDIO",2,2,2,6,"MEDIO","NO",null,"CLASIFICADA",null,null," ",null,"2023-10-30"," "]
[295,"Implementación de Acciones Humanitarias y Extrajudiciales de Búsqueda"," Garmin BaseCamp","Con BaseCamp se puede ver mapas topográficos y satelitales, planificar rutas","2021-12-12",null,"Software Aplicaciones Informáticas ","Español","Digital","2021-12-12","Imagen","Disponible a solicitud","Mensual","Archivos digitales","Serie documental que registra el desarrollo e interpretación de los resultados de un estudio, análisis o examen, realizado por un equipo interdisciplinario forense, producto de las diferentes acciones realizadas en la prospección, recuperación e identificación de los casos realizadas por la UBPD.  la serie es importante porque es fuente primaria para investigaciones de tipo histórico y cultural que evidencia las condiciones sociales, políticas y culturales, que describen la información de los perpetradores de las violaciones a los derechos humanos e infracciones al DIH y sus modus operandi en el contexto del conflicto armado interno, el testimonios de víctimas y sus familiares y los modos de resistencia de la sociedad civil frente al conflicto armado, para estudios en antropología, sociología o ciencias políticas. La serie se considera como archivos referidos a las graves y manifiestas violaciones a los Derechos Humanos, e infracciones al Derecho Internacional Humanitario, ocurridas con ocasión del conflicto armado interno. ","Director Técnico de Unidad Especial Dirección Técnica de Prospección, Recuperación e Identificación","DIRECCIÓN TÉCNICA DE PROSPECCIÓN, RECUPERACIÓN E IDENTIFICACIÓN","NO","MEDIO",null,"MEDIO","MEDIO",2,2,2,6,"MEDIO","NO",null,"CLASIFICADA",null,null," ",null,"2023-10-30"," "]
[296,"Implementación de Acciones Humanitarias y Extrajudiciales de Búsqueda","Discos Duros Grupo antropología","10 Discos de estado sólido","2021-12-12",null,"Soportes de Información","Español","Digital","2021-12-13","Imagen","Disponible a solicitud","Mensual","Archivos digitales","Serie documental que registra el desarrollo e interpretación de los resultados de un estudio, análisis o examen, realizado por un equipo interdisciplinario forense, producto de las diferentes acciones realizadas en la prospección, recuperación e identificación de los casos realizadas por la UBPD.  la serie es importante porque es fuente primaria para investigaciones de tipo histórico y cultural que evidencia las condiciones sociales, políticas y culturales, que describen la información de los perpetradores de las violaciones a los derechos humanos e infracciones al DIH y sus modus operandi en el contexto del conflicto armado interno, el testimonios de víctimas y sus familiares y los modos de resistencia de la sociedad civil frente al conflicto armado, para estudios en antropología, sociología o ciencias políticas. La serie se considera como archivos referidos a las graves y manifiestas violaciones a los Derechos Humanos, e infracciones al Derecho Internacional Humanitario, ocurridas con ocasión del conflicto armado interno. ","Director Técnico de Unidad Especial Dirección Técnica de Prospección, Recuperación e Identificación","DIRECCIÓN TÉCNICA DE PROSPECCIÓN, RECUPERACIÓN E IDENTIFICACIÓN","NO","MEDIO",null,"MEDIO","MEDIO",2,2,2,6,"MEDIO","NO",null,"CLASIFICADA",null,null," ",null,"2023-10-30"," "]
[297,"Implementación de Acciones Humanitarias y Extrajudiciales de Búsqueda","Memorias USB Grupo Topografía","15 Memorias USB extraibles para almacenar los registros topográficos","2021-12-12",null,"Soportes de Información","Español","Digital","2021-12-14","Imagen","Disponible a solicitud","Mensual","Archivos digitales","Serie documental que registra el desarrollo e interpretación de los resultados de un estudio, análisis o examen, realizado por un equipo interdisciplinario forense, producto de las diferentes acciones realizadas en la prospección, recuperación e identificación de los casos realizadas por la UBPD.  la serie es importante porque es fuente primaria para investigaciones de tipo histórico y cultural que evidencia las condiciones sociales, políticas y culturales, que describen la información de los perpetradores de las violaciones a los derechos humanos e infracciones al DIH y sus modus operandi en el contexto del conflicto armado interno, el testimonios de víctimas y sus familiares y los modos de resistencia de la sociedad civil frente al conflicto armado, para estudios en antropología, sociología o ciencias políticas. La serie se considera como archivos referidos a las graves y manifiestas violaciones a los Derechos Humanos, e infracciones al Derecho Internacional Humanitario, ocurridas con ocasión del conflicto armado interno. ","Director Técnico de Unidad Especial Dirección Técnica de Prospección, Recuperación e Identificación","DIRECCIÓN TÉCNICA DE PROSPECCIÓN, RECUPERACIÓN E IDENTIFICACIÓN","NO","MEDIO",null,"MEDIO","MEDIO",2,2,2,6,"MEDIO","NO",null,"CLASIFICADA",null,null," ",null,"2023-10-30"," "]
[298,"Implementación de Acciones Humanitarias y Extrajudiciales de Búsqueda","Memorías Micro SD Grupo antropología","15 Memoria micro SD","2021-12-12",null,"Soportes de Información","Español","Digital","2021-12-15","Imagen","Disponible a solicitud","Mensual","Archivos digitales","Serie documental que registra el desarrollo e interpretación de los resultados de un estudio, análisis o examen, realizado por un equipo interdisciplinario forense, producto de las diferentes acciones realizadas en la prospección, recuperación e identificación de los casos realizadas por la UBPD.  la serie es importante porque es fuente primaria para investigaciones de tipo histórico y cultural que evidencia las condiciones sociales, políticas y culturales, que describen la información de los perpetradores de las violaciones a los derechos humanos e infracciones al DIH y sus modus operandi en el contexto del conflicto armado interno, el testimonios de víctimas y sus familiares y los modos de resistencia de la sociedad civil frente al conflicto armado, para estudios en antropología, sociología o ciencias políticas. La serie se considera como archivos referidos a las graves y manifiestas violaciones a los Derechos Humanos, e infracciones al Derecho Internacional Humanitario, ocurridas con ocasión del conflicto armado interno. ","Director Técnico de Unidad Especial Dirección Técnica de Prospección, Recuperación e Identificación","DIRECCIÓN TÉCNICA DE PROSPECCIÓN, RECUPERACIÓN E IDENTIFICACIÓN","NO","MEDIO",null,"MEDIO","MEDIO",2,2,2,6,"MEDIO","NO",null,"CLASIFICADA",null,null," ",null,"2023-10-30"," "]
[299,"Implementación de Acciones Humanitarias y Extrajudiciales de Búsqueda","Antropológos","El personal de antropología es un activo de información en la búsqueda de personas desaparecidas debido a su experiencia en la antropología forense. La antropología forense es una rama de la antropología que se enfoca en la identificación de restos humanos y la reconstrucción de eventos relacionados con la muerte. Se cuenta con 7 antropologos de planta","2021-12-12",null,"Personas",null,null,null,null,null,null,null,null,"Director Técnico de Unidad Especial Dirección Técnica de Prospección, Recuperación e Identificación","DIRECCIÓN TÉCNICA DE PROSPECCIÓN, RECUPERACIÓN E IDENTIFICACIÓN","NO","ALTO",null,"MEDIO","MEDIO",3,2,2,7,"MEDIO","NO",null,"RESERVADA",null,null," ",null,"2023-10-30"," "]
[300,"Implementación de Acciones Humanitarias y Extrajudiciales de Búsqueda","Médicos  y odontologos Forense ","El personal médico forense pueden ser un activo valioso en la búsqueda de personas desaparecidas debido a su experiencia en la antropología forense y la medicina forense.\nSe cuenta con 8 especialistas en el área.","2021-12-12",null,"Personas",null,null,null,null,null,null,null,null,"Director Técnico de Unidad Especial Dirección Técnica de Prospección, Recuperación e Identificación","DIRECCIÓN TÉCNICA DE PROSPECCIÓN, RECUPERACIÓN E IDENTIFICACIÓN","NO","ALTO",null,"MEDIO","MEDIO",3,2,2,7,"MEDIO","NO",null,"RESERVADA",null,null," ",null,"2023-10-30"," "]
[301,"Implementación de Acciones Humanitarias y Extrajudiciales de Búsqueda","Criminalistas","Los criminalistas son profesionales que se encargan de investigar, examinar y analizar pruebas de la causa de la desaparición forzada, manejan información confidencial y son apoyo a todos los procesos de campo.\nSe cuenta con 8 criminalistas de planta.","2021-12-12",null,"Personas",null,null,null,null,null,null,null,null,"Director Técnico de Unidad Especial Dirección Técnica de Prospección, Recuperación e Identificación","DIRECCIÓN TÉCNICA DE PROSPECCIÓN, RECUPERACIÓN E IDENTIFICACIÓN","NO","ALTO",null,"MEDIO","MEDIO",3,2,2,7,"MEDIO","NO",null,"RESERVADA",null,null," ",null,"2023-10-30"," "]
[302,"Gestión Jurídica","Auto Avoca Conocimiento","Mediante auto de trámite el juzgado asume el conocimiento de la acción y verifica el cumplimiento de requisitos legales. Si el escrito de tutela cumple los requisitos de ley se admite y se da curso a la misma.","2021-12-20",null,"Información","Español","Electrónico","2019-03-12","Documento PDF","Disponible a solicitud","No aplica","Archivos digitales","Mecanismo de protección y garantía dispuesto en la Constitución para hacer efectivos los derechos fundamentales de los colombianos.","Jefe de Oficina Asesora de Unidad Especial Oficina Asesora Jurídica","OFICINA ASESORA JURÍDICA","NO","BAJO",null,"BAJO","BAJO",1,1,1,3,"BAJO","NO",null,"PÚBLICA","No tiene excepción de acceso",null,"Información Pública de conocimiento General","No Aplica","2023-10-30","No Aplica "]
[303,"Gestión Jurídica","Medida Provisional","Actuación procesal a través de la cual se solicita a la(el) juez que de manera provisional y hasta que se profiera sentencia, se dicte una medida de protección que busque evitar que la amenaza al derecho se convierta en violación o que se produzca un daño más gravoso con efectos negativos que haga ineficaz el fallo de tutela en caso de ser amparable el mismo.","2021-12-20",null,"Información","Español","Electrónico","2019-03-12","Documento PDF","Disponible a solicitud","No aplica","Archivos digitales","Mecanismo de protección y garantía dispuesto en la Constitución para hacer efectivos los derechos fundamentales de los colombianos.","Jefe de Oficina Asesora de Unidad Especial Oficina Asesora Jurídica","OFICINA ASESORA JURÍDICA","SI","MEDIO","MEDIO","MEDIO","MEDIO",2,2,2,6,"MEDIO","SI","Dato Sensible","CLASIFICADA","El derecho de toda persona a la intimidad, bajo las limitaciones propias que impone la condición de servidor publico, en concordancia con lo estipulado por el artículo 24 de la Ley 1437 de 2011.",null,"Información exceptuada por daño de derechos a personas naturales o jurídicas.\n Articulo 18 Ley 1712 de 2014\nLos que involucren derechos a la privacidad e intimidad de las personas, incluidas en las hojas de vida, la historia laboral y los expedientes pensionales y demás registros de personal que obren en los archivos de las instituciones públicas o privadas, así como la historia clínica, salvo que sean solicitados por los propios interesados o por sus apoderados con facultad expresa para acceder a esa información.\n","Total","2023-09-21","Ilimitada, y no deberán aplicarse cuando la persona natural o jurídica ha consentido en la revelación de sus datos personales o privados o bien cuando es claro que la información fue entregada como parte de aquella información que debe estar bajo el régimen de publicidad aplicable"]
[304,"Gestión Jurídica","Escrito de Tutela","Documento mediante el cual la(el) tutelante reclama la protección inmediata de sus derechos fundamentales.","2021-12-20",null,"Información","Español","Electrónico","2019-03-12","Documento PDF","Disponible a solicitud","No aplica","Archivos digitales","Mecanismo de protección y garantía dispuesto en la Constitución para hacer efectivos los derechos fundamentales de los colombianos.","Jefe de Oficina Asesora de Unidad Especial Oficina Asesora Jurídica","OFICINA ASESORA JURÍDICA","SI","MEDIO","MEDIO","MEDIO","MEDIO",2,2,2,6,"MEDIO","SI","Dato Sensible","CLASIFICADA","El derecho de toda persona a la intimidad, bajo las limitaciones propias que impone la condición de servidor publico, en concordancia con lo estipulado por el artículo 24 de la Ley 1437 de 2011.",null,"Información exceptuada por daño de derechos a personas naturales o jurídicas.\n Articulo 18 Ley 1712 de 2014\nLos que involucren derechos a la privacidad e intimidad de las personas, incluidas en las hojas de vida, la historia laboral y los expedientes pensionales y demás registros de personal que obren en los archivos de las instituciones públicas o privadas, así como la historia clínica, salvo que sean solicitados por los propios interesados o por sus apoderados con facultad expresa para acceder a esa información.\n","Total","2023-09-21","Ilimitada, y no deberán aplicarse cuando la persona natural o jurídica ha consentido en la revelación de sus datos personales o privados o bien cuando es claro que la información fue entregada como parte de aquella información que debe estar bajo el régimen de publicidad aplicable"]
[305,"Gestión Jurídica","Poder de Representación Judicial","Documento a través del cual se le confiere al(a) abogada(o) las facultades para representar a la UBPD, en el trámite de acción de tutela, o a un(a) servidor(a) de la entidad, en el trámite ante la Jep","2021-12-20",null,"Información","Español","Electrónico","2019-03-12","Documento PDF","Disponible a solicitud","No aplica","Archivos digitales","Contiene todos los documentos de la UBPD de las intervenciones presentadas ante las distintas salas y secciones de la JEP con el objeto de ejercer el derecho a la defensa de la UBPD.\n\nContiene todos los documentos asociados al expediente jurídico en procesos judiciales en la Jurisdicción Contenciosa Administrativa u Ordinaria en los que es parte la UBPD.","Jefe de Oficina Asesora de Unidad Especial Oficina Asesora Jurídica","OFICINA ASESORA JURÍDICA","SI","BAJO","BAJO","BAJO","BAJO",1,1,1,3,"BAJO","NO",null,"PÚBLICA","No tiene excepción de acceso",null,"Información Pública de conocimiento General","No Aplica","2023-10-30","No Aplica "]
[306,"Gestión Jurídica","Insumos para la contestación","Los insumos suministrados por la dependencia correspondiente de la UBPD, que permitan contestar de fondo los hechos contenidos en el escrito de tutela.","2021-12-20",null,"Información","Español","Electrónico","2019-03-12","Documento PDF","Disponible a solicitud","Por demanda","Archivos digitales","Mecanismo de protección y garantía dispuesto en la Constitución para hacer efectivos los derechos fundamentales de los colombianos.","Jefe de Oficina Asesora de Unidad Especial Oficina Asesora Jurídica","OFICINA ASESORA JURÍDICA","SI","MEDIO","MEDIO","MEDIO","MEDIO",2,2,2,6,"MEDIO","SI","Dato Sensible","CLASIFICADA","El derecho de toda persona a la intimidad, bajo las limitaciones propias que impone la condición de servidor publico, en concordancia con lo estipulado por el artículo 24 de la Ley 1437 de 2011.",null,"Información exceptuada por daño de derechos a personas naturales o jurídicas.\n Articulo 18 Ley 1712 de 2014\nLos que involucren derechos a la privacidad e intimidad de las personas, incluidas en las hojas de vida, la historia laboral y los expedientes pensionales y demás registros de personal que obren en los archivos de las instituciones públicas o privadas, así como la historia clínica, salvo que sean solicitados por los propios interesados o por sus apoderados con facultad expresa para acceder a esa información.\n","Total","2023-09-21","Ilimitada, y no deberán aplicarse cuando la persona natural o jurídica ha consentido en la revelación de sus datos personales o privados o bien cuando es claro que la información fue entregada como parte de aquella información que debe estar bajo el régimen de publicidad aplicable"]
[307,"Gestión Jurídica","Contestación de Tutela","Actuación procesal mediante la cual se pronuncia de fondo, la parte accionada frente a los hechos y pretensiones presentados en el escrito de tutela.","2021-12-20",null,"Información","Español","Electrónico","2019-03-12","Documento PDF","Disponible a solicitud","No aplica","Archivos digitales","Mecanismo de protección y garantía dispuesto en la Constitución para hacer efectivos los derechos fundamentales de los colombianos.","Jefe de Oficina Asesora de Unidad Especial Oficina Asesora Jurídica","OFICINA ASESORA JURÍDICA","SI","MEDIO","MEDIO","MEDIO","MEDIO",2,2,2,6,"MEDIO","SI","Dato Sensible","CLASIFICADA","El derecho de toda persona a la intimidad, bajo las limitaciones propias que impone la condición de servidor publico, en concordancia con lo estipulado por el artículo 24 de la Ley 1437 de 2011.",null,"Información exceptuada por daño de derechos a personas naturales o jurídicas.\n Articulo 18 Ley 1712 de 2014\nLos que involucren derechos a la privacidad e intimidad de las personas, incluidas en las hojas de vida, la historia laboral y los expedientes pensionales y demás registros de personal que obren en los archivos de las instituciones públicas o privadas, así como la historia clínica, salvo que sean solicitados por los propios interesados o por sus apoderados con facultad expresa para acceder a esa información.\n","Total","2023-09-21","Ilimitada, y no deberán aplicarse cuando la persona natural o jurídica ha consentido en la revelación de sus datos personales o privados o bien cuando es claro que la información fue entregada como parte de aquella información que debe estar bajo el régimen de publicidad aplicable"]
[308,"Gestión Jurídica","Fallo de Tutela","Decisión judicial mediante la cual el(la) juez de conocimiento resuelve respecto a si procede o no el amparo constitucional y dicta ordenes de conformidad.","2021-12-20",null,"Información","Español","Electrónico","2019-03-12","Documento PDF","Disponible a solicitud","No aplica","Archivos digitales","Mecanismo de protección y garantía dispuesto en la Constitución para hacer efectivos los derechos fundamentales de los colombianos.","Jefe de Oficina Asesora de Unidad Especial Oficina Asesora Jurídica","OFICINA ASESORA JURÍDICA","SI","MEDIO","MEDIO","MEDIO","MEDIO",2,2,2,6,"MEDIO","SI","Dato Sensible","CLASIFICADA","El derecho de toda persona a la intimidad, bajo las limitaciones propias que impone la condición de servidor publico, en concordancia con lo estipulado por el artículo 24 de la Ley 1437 de 2011.",null,"Información exceptuada por daño de derechos a personas naturales o jurídicas.\n Articulo 18 Ley 1712 de 2014\nLos que involucren derechos a la privacidad e intimidad de las personas, incluidas en las hojas de vida, la historia laboral y los expedientes pensionales y demás registros de personal que obren en los archivos de las instituciones públicas o privadas, así como la historia clínica, salvo que sean solicitados por los propios interesados o por sus apoderados con facultad expresa para acceder a esa información.\n","Total","2023-09-21","Ilimitada, y no deberán aplicarse cuando la persona natural o jurídica ha consentido en la revelación de sus datos personales o privados o bien cuando es claro que la información fue entregada como parte de aquella información que debe estar bajo el régimen de publicidad aplicable"]
[309,"Gestión Jurídica","Impugnación","Manifestación de la parte inconforme con la decisión emitida en el fallo y/o sentencia, para que la instancia superior revise la decisión adoptada.","2021-12-20",null,"Información","Español","Electrónico","2019-03-12","Documento PDF","Disponible a solicitud","No aplica","Archivos digitales","Mecanismo de protección y garantía dispuesto en la Constitución para hacer efectivos los derechos fundamentales de los colombianos.","Jefe de Oficina Asesora de Unidad Especial Oficina Asesora Jurídica","OFICINA ASESORA JURÍDICA","SI","MEDIO","MEDIO","MEDIO","MEDIO",2,2,2,6,"MEDIO","SI","Dato Sensible","CLASIFICADA","El derecho de toda persona a la intimidad, bajo las limitaciones propias que impone la condición de servidor publico, en concordancia con lo estipulado por el artículo 24 de la Ley 1437 de 2011.",null,"Información exceptuada por daño de derechos a personas naturales o jurídicas.\n Articulo 18 Ley 1712 de 2014\nLos que involucren derechos a la privacidad e intimidad de las personas, incluidas en las hojas de vida, la historia laboral y los expedientes pensionales y demás registros de personal que obren en los archivos de las instituciones públicas o privadas, así como la historia clínica, salvo que sean solicitados por los propios interesados o por sus apoderados con facultad expresa para acceder a esa información.\n","Total","2023-09-21","Ilimitada, y no deberán aplicarse cuando la persona natural o jurídica ha consentido en la revelación de sus datos personales o privados o bien cuando es claro que la información fue entregada como parte de aquella información que debe estar bajo el régimen de publicidad aplicable"]
[310,"Gestión Jurídica","Concesión la impugnacion del fallo de tutela","Decisión judicial a través de la cual el(la) juez de conocimiento concede la impugnación y la somete a reparto del superior jerárquico.","2021-12-20",null,"Información","Español","Electrónico","2019-03-12","Documento PDF","Disponible a solicitud","No aplica","Archivos digitales","Mecanismo de protección y garantía dispuesto en la Constitución para hacer efectivos los derechos fundamentales de los colombianos.","Jefe de Oficina Asesora de Unidad Especial Oficina Asesora Jurídica","OFICINA ASESORA JURÍDICA","SI","BAJO","BAJO","BAJO","BAJO",1,1,1,3,"BAJO","NO",null,"PÚBLICA","No tiene excepción de acceso",null,"Información Pública de conocimiento General","No Aplica","2023-10-30","No Aplica "]
[311,"Gestión Jurídica","Decisión de la Impugnación","Decisión judicial mediante la cual el superior jerárquico se pronuncia  sobre los argumentos expuestos por quien impugna.","2021-12-20",null,"Información","Español","Electrónico","2019-03-12","Documento PDF","Disponible a solicitud","No aplica","Archivos digitales","Mecanismo de protección y garantía dispuesto en la Constitución para hacer efectivos los derechos fundamentales de los colombianos.","Jefe de Oficina Asesora de Unidad Especial Oficina Asesora Jurídica","OFICINA ASESORA JURÍDICA","SI","MEDIO","MEDIO","MEDIO","MEDIO",2,2,2,6,"MEDIO","SI","Dato Sensible","CLASIFICADA","El derecho de toda persona a la intimidad, bajo las limitaciones propias que impone la condición de servidor publico, en concordancia con lo estipulado por el artículo 24 de la Ley 1437 de 2011.",null,"Información exceptuada por daño de derechos a personas naturales o jurídicas.\n Articulo 18 Ley 1712 de 2014\nLos que involucren derechos a la privacidad e intimidad de las personas, incluidas en las hojas de vida, la historia laboral y los expedientes pensionales y demás registros de personal que obren en los archivos de las instituciones públicas o privadas, así como la historia clínica, salvo que sean solicitados por los propios interesados o por sus apoderados con facultad expresa para acceder a esa información.\n","Total","2023-09-21","Ilimitada, y no deberán aplicarse cuando la persona natural o jurídica ha consentido en la revelación de sus datos personales o privados o bien cuando es claro que la información fue entregada como parte de aquella información que debe estar bajo el régimen de publicidad aplicable"]
[312,"Gestión Jurídica","Cumplimiento al Fallo de Tutela","Acción de cumplir con la orden dictada en el fallo de tutela cuando se ampara el derecho discutido, sin demora y atendiendo el término establecido en el fallo.","2021-12-20",null,"Información","Español","Electrónico","2019-03-12","Documento PDF","Disponible a solicitud","No aplica","Archivos digitales","Mecanismo de protección y garantía dispuesto en la Constitución para hacer efectivos los derechos fundamentales de los colombianos.","Jefe de Oficina Asesora de Unidad Especial Oficina Asesora Jurídica","OFICINA ASESORA JURÍDICA","SI","MEDIO","MEDIO","MEDIO","MEDIO",2,2,2,6,"MEDIO","SI","Dato Sensible","CLASIFICADA","El derecho de toda persona a la intimidad, bajo las limitaciones propias que impone la condición de servidor publico, en concordancia con lo estipulado por el artículo 24 de la Ley 1437 de 2011.",null,"Información exceptuada por daño de derechos a personas naturales o jurídicas.\n Articulo 18 Ley 1712 de 2014\nLos que involucren derechos a la privacidad e intimidad de las personas, incluidas en las hojas de vida, la historia laboral y los expedientes pensionales y demás registros de personal que obren en los archivos de las instituciones públicas o privadas, así como la historia clínica, salvo que sean solicitados por los propios interesados o por sus apoderados con facultad expresa para acceder a esa información.\n","Parcial","2023-09-21","Ilimitada, y no deberán aplicarse cuando la persona natural o jurídica ha consentido en la revelación de sus datos personales o privados o bien cuando es claro que la información fue entregada como parte de aquella información que debe estar bajo el régimen de publicidad aplicable"]
[313,"Gestión Jurídica","Matriz de Notificaciones","Base de datos en la cual se registra y lleva el control de las comunicaciones y notificaciones judiciales dirigidas a la UBPD y, que en caso de ser necesario se direccionan a entes externos para su respectivo trámite.","2021-12-20",null,"Información","Español","Electrónico","2019-05-15","Documento PDF; Hoja de calculo","Disponible a solicitud","Por demanda","Archivos digitales","Contiene las comunicaciones dirigidas a la entidad y por la entidad en cumplimiento de lo dispuesto en el artículo 197 de la ley 1437 de 2011, la información del correo electrónico es para uso exclusivo de las notificaciones judiciales o administrativas.","Jefe de Oficina Asesora de Unidad Especial Oficina Asesora Jurídica","OFICINA ASESORA JURÍDICA","SI","ALTO","MEDIO","MEDIO","MEDIO",3,2,2,7,"MEDIO","SI","Dato Sensible","RESERVADA","El debido proceso y la igualdad de las partes de los procesos judiciales",null,"Información exceptuada por daño a los intereses públicos. Articulo 19 Ley 1712 de 2014","Parcial","2023-09-21","No Mayor a 15 años"]
[314,"Gestión Jurídica","Comunicación oficial de convocatoria al comité","Comunicación oficial a través de la cual se cita a los miembros del Comité de Conciliación y se presenta el orden del día.","2021-12-20",null,"Información","Español","Electrónico","2019-03-29","Documento PDF","Disponible a solicitud","Por demanda","Archivos digitales","Contiene los documentos que son materia de estudio por Comité de Conciliación.","Jefe de Oficina Asesora de Unidad Especial Oficina Asesora Jurídica","OFICINA ASESORA JURÍDICA","NO","BAJO",null,"BAJO","BAJO",1,1,1,3,"BAJO","NO",null,"PÚBLICA","No tiene excepción de acceso",null,"Información Pública de conocimiento General","No Aplica","2023-10-30","No Aplica "]
[315,"Gestión Jurídica","Acta de Comité de Conciliación","Las actas del Comité de Conciliación contienen la verificación del quórum, aprobación del acta de la sesión o reunión anterior, los asuntos puestos a su consideración en la respectiva sesión con la síntesis de los aspectos relevantes del caso y la recomendación o decisión adoptada frente a cada uno de ellos.","2021-12-20",null,"Información","Español","Electrónico","2019-03-29","Documento PDF","Disponible a solicitud","No aplica","Archivos digitales","Contiene los documentos que son materia de estudio por Comité de Conciliación.","Jefe de Oficina Asesora de Unidad Especial Oficina Asesora Jurídica","OFICINA ASESORA JURÍDICA","NO","ALTO",null,"MEDIO","MEDIO",3,2,2,7,"MEDIO","SI","Dato Sensible","RESERVADA","El debido proceso y la igualdad de las partes de los procesos judiciales",null,"Información exceptuada por daño a los intereses públicos. Articulo 19 Ley 1712 de 2014","Parcial","2023-09-21","No Mayor a 15 años"]
[316,"Gestión Jurídica","Certificaciones ","Certificación expedida por la(el) Secretaria(o) Técnica(o) frente a las decisiones adoptadas por el Comité de Conciliación relacionadas con procesos judiciales o solicitudes de conciliación extrajudicial.","2021-12-20",null,"Información","Español","Electrónico","2019-03-29","Documento PDF","Disponible a solicitud","Por demanda","Archivos digitales","Contiene los documentos que son materia de estudio por Comité de Conciliación.","Jefe de Oficina Asesora de Unidad Especial Oficina Asesora Jurídica","OFICINA ASESORA JURÍDICA","NO","ALTO",null,"MEDIO","MEDIO",3,2,2,7,"MEDIO","SI","Dato Sensible","RESERVADA","El debido proceso y la igualdad de las partes de los procesos judiciales",null,"Información exceptuada por daño a los intereses públicos. Articulo 19 Ley 1712 de 2014","Parcial","2023-09-21","No Mayor a 15 años"]
[317,"Gestión Jurídica","Informe de Gestión del Comité de Conciliación","Contiene el resumen de los diferentes asuntos tratados en el Comité de Conciliación en el respectivo semestre, de conformidad con el numeral 3 del artículo 2.2.4.3.1.2.6 del Decreto 1069 de 2015, o las normas que lo modifiquen o sustituyen.","2021-12-20",null,"Información","Español","Electrónico","2019-03-29","Documento PDF","Disponible a solicitud","No aplica","Archivos digitales","Contiene los documentos asociados al estudio y formulación de la Política de Prevención de Daño Antijurídico de la entidad.","Jefe de Oficina Asesora de Unidad Especial Oficina Asesora Jurídica","OFICINA ASESORA JURÍDICA","NO","BAJO",null,"BAJO","BAJO",1,1,1,3,"BAJO","NO",null,"PÚBLICA","No tiene excepción de acceso",null,"Información Pública de conocimiento General","No Aplica","2023-10-30","No Aplica "]
[318,"Gestión Jurídica","Fichas de estudio, análisis, conciliaciones y procesos judiciales","Formato que diligencia la(el) abogada(o) de la UBPD encargado del asunto, en el cual resume los hechos y pretensiones que fundamentan la demanda o la solicitud de conciliación extrajudicial, con la respectiva recomendación frente al caso. ","2021-12-20",null,"Información","Español","Electrónico","2019-03-29","Documento PDF","Disponible a solicitud","No aplica","Archivos digitales","Contiene los documentos asociados al cumplimiento de la Política de Prevención de Daño Antijurídico.","Jefe de Oficina Asesora de Unidad Especial Oficina Asesora Jurídica","OFICINA ASESORA JURÍDICA","NO","ALTO",null,"MEDIO","MEDIO",3,2,2,7,"MEDIO","SI","Dato Sensible","RESERVADA","El debido proceso y la igualdad de las partes de los procesos judiciales",null,"Información exceptuada por daño a los intereses públicos. Articulo 19 Ley 1712 de 2014","Total","2023-09-21","No Mayor a 15 años"]
[319,"Gestión Jurídica","Matriz de Política de Prevención del Daño Antijurídico de la entidad","Matriz que contiene el análisis de los eventos generadores del daño antijurídico para la entidad.","2021-12-20",null,"Información","Español","Electrónico","2019-03-29","Documento PDF; Hoja de calculo","Disponible a solicitud","Por demanda","Archivos digitales","Contiene los documentos asociados al estudio y formulación de la Política de Prevención de Daño Antijurídico de la entidad.","Jefe de Oficina Asesora de Unidad Especial Oficina Asesora Jurídica","OFICINA ASESORA JURÍDICA","NO","BAJO",null,"BAJO","BAJO",1,1,1,3,"BAJO","NO",null,"PÚBLICA","No tiene excepción de acceso",null,"Información Pública de conocimiento General","No Aplica","2023-10-30","No Aplica "]
[320,"Gestión Jurídica","Comunicación de Aprobación de la Política de Prevención del Daño Antijurídico emitida por la ANDJE.","Comunicación emitida por la ANDJE que contiene la aprobación o no de la Política de Prevención del Daño Antijurídico.","2021-12-20",null,"Información","Español","Electrónico","2019-03-29","Documento PDF","Disponible a solicitud","Por demanda","Archivos digitales","Contiene los documentos asociados al cumplimiento de la Política de Prevención de Daño Antijurídico.","Jefe de Oficina Asesora de Unidad Especial Oficina Asesora Jurídica","OFICINA ASESORA JURÍDICA","NO","BAJO",null,"BAJO","BAJO",1,1,1,3,"BAJO","NO",null,"PÚBLICA","No tiene excepción de acceso",null,"Información Pública de conocimiento General","No Aplica","2023-10-30","No Aplica "]
[321,"Gestión Jurídica","Oficio JEP","Documento mediante el cual la(el) la JEP notifica a la UBPD de actuaciones relevantes en los trámites procesales que se esten adelantando en las distintas salas y secciones de la JEP que sean de interes de la Entidad.","2021-12-20",null,"Información","Español","Electrónico","2019-03-22","Documento PDF","Disponible a solicitud","No aplica","Archivos digitales","Contiene todos los documentos de la UBPD de las intervenciones presentadas ante las distintas salas y secciones de la JEP con el objeto de ejercer el derecho a la defensa de la UBPD.","Jefe de Oficina Asesora de Unidad Especial Oficina Asesora Jurídica","OFICINA ASESORA JURÍDICA","SI","BAJO","BAJO","BAJO","BAJO",1,1,1,3,"BAJO","NO",null,"PÚBLICA","No tiene excepción de acceso",null,"Información Pública de conocimiento General","No Aplica","2023-10-30","No Aplica "]
[322,"Gestión Jurídica","Providencia JEP","Providencia que contiene las decisiones o determinaciones de los magistrados de las distintas Salas y Secciones de la JEP","2021-12-20",null,"Información","Español","Electrónico","2019-03-22","Documento PDF","Publicada","No aplica","Archivos digitales","Contiene todos los documentos de la UBPD de las intervenciones presentadas ante las distintas salas y secciones de la JEP con el objeto de ejercer el derecho a la defensa de la UBPD.","Jefe de Oficina Asesora de Unidad Especial Oficina Asesora Jurídica","OFICINA ASESORA JURÍDICA","SI","ALTO","MEDIO","MEDIO","MEDIO",3,2,2,7,"MEDIO","SI","Dato Privado","RESERVADA","El debido proceso y la igualdad de las partes de los procesos judiciales",null,"Información exceptuada por daño a los intereses públicos. Articulo 19 Ley 1712 de 2014","Parcial","2023-09-21","No Mayor a 15 años"]
[323,"Gestión Jurídica","Traslado dependencia correspondiente","Comunicado mediante el cual la Oficina Asesora Jurídica de la UBPD pone en conocimiento de las distintas dependencias de la entidad, las providencias comunicadas o notificadas para que procedan con los trámites correspondientes","2021-12-20",null,"Información","Español","Electrónico","2019-03-22","Documento PDF","Disponible a solicitud","No aplica","Archivos digitales","Contiene todos los documentos de la UBPD de las intervenciones presentadas ante las distintas salas y secciones de la JEP con el objeto de ejercer el derecho a la defensa de la UBPD.","Jefe de Oficina Asesora de Unidad Especial Oficina Asesora Jurídica","OFICINA ASESORA JURÍDICA","NO","ALTO",null,"MEDIO","MEDIO",3,2,2,7,"MEDIO","SI","Dato Privado","RESERVADA","El debido proceso y la igualdad de las partes de los procesos judiciales",null,"Información exceptuada por daño a los intereses públicos. Articulo 19 Ley 1712 de 2014","Parcial","2023-09-21","No Mayor a 15 años"]
[324,"Gestión Jurídica","Pronunciamiento OAJ (recursos, solicitudes de aclaración)","Escrito mediante el cual la Oficina Asesora Jurídica, en el ejercicio del derecho a la defensa de la UBPD presenta recursos, aclaraciones e intervenciones ante las distintas Salas y Secciones de la JEP.","2021-12-20",null,"Información","Español","Electrónico","2019-03-22","Documento PDF","Disponible a solicitud","No aplica","Archivos digitales","Contiene todos los documentos de la UBPD de las intervenciones presentadas ante las distintas salas y secciones de la JEP con el objeto de ejercer el derecho a la defensa de la UBPD.","Jefe de Oficina Asesora de Unidad Especial Oficina Asesora Jurídica","OFICINA ASESORA JURÍDICA","NO","ALTO",null,"MEDIO","MEDIO",3,2,2,7,"MEDIO","SI","Dato Privado","RESERVADA","El debido proceso y la igualdad de las partes de los procesos judiciales",null,"Información exceptuada por daño a los intereses públicos. Articulo 19 Ley 1712 de 2014","Parcial","2023-09-21","No Mayor a 15 años"]
[325,"Gestión Jurídica","Providencia JEP resuelve solicitud UBPD","Providencia que contiene las decisiones o determinaciones tomadas por los magistrados de las distintas Salas y Secciones de la JEP, en relación con los recursos, aclaraciones y demas intervenciones que ejerza la Oficina Asesora Jurídica de la UBPD","2021-12-20",null,"Información","Español","Electrónico","2019-03-22","Documento PDF","No disponible, No publicada","No aplica","Portales web de terceros","Contiene todos los documentos de la UBPD de las intervenciones presentadas ante las distintas salas y secciones de la JEP con el objeto de ejercer el derecho a la defensa de la UBPD.","Jefe de Oficina Asesora de Unidad Especial Oficina Asesora Jurídica","OFICINA ASESORA JURÍDICA","SI","ALTO","MEDIO","MEDIO","MEDIO",3,2,2,7,"MEDIO","SI","Dato Privado","RESERVADA","El debido proceso y la igualdad de las partes de los procesos judiciales",null,"Información exceptuada por daño a los intereses públicos. Articulo 19 Ley 1712 de 2014","Parcial","2023-09-21","No Mayor a 15 años"]
[326,"Gestión Jurídica","Solicitud de proyección del Acto Administrativo","Solicitud a través de la cual se requiere la proyección de un acto administrativo necesario para el cumplimiento del mandato de la UBPD, que no esté a cargo de otra dependencia.","2021-12-20","2022-12-20","Información","Español","Electrónico","2018-12-29","Documento PDF","Disponible a solicitud","No aplica","Archivos digitales","Contiene los proyecto de los actos administrativos expedidos por la entidad orientados a cumplir con su mandato de carácter general y que su proyección no corresponde a otra dependencia.","Jefe de Oficina Asesora de Unidad Especial Oficina Asesora Jurídica","OFICINA ASESORA JURÍDICA","NO","BAJO",null,"BAJO","BAJO",1,1,1,3,"BAJO","NO",null,"PÚBLICA","No tiene excepción de acceso",null,"Información Pública de conocimiento General","No Aplica","2023-10-30","No Aplica "]
[327,"Gestión Jurídica","Proyecto de Acto Administrativo","Proyecto de acto administrativo de carácter general o particular necesario para el cumplimiento del mandato de la UBPD que no esté a cargo de otra dependencia, el cual se presenta para la aprobación y suscripción de quien corresponda.","2021-12-20","2022-12-20","Información","Español","Electrónico","2018-12-29","Documento PDF","Disponible a solicitud","No aplica","Archivos digitales","Contiene los proyecto de los actos administrativos expedidos por la entidad orientados a cumplir con su mandato de carácter general y que su proyección no corresponde a otra dependencia.","Jefe de Oficina Asesora de Unidad Especial Oficina Asesora Jurídica","OFICINA ASESORA JURÍDICA","NO","BAJO",null,"BAJO","BAJO",1,1,1,3,"BAJO","NO",null,"PÚBLICA","No tiene excepción de acceso",null,"Información Pública de conocimiento General","No Aplica","2023-10-30","No Aplica "]
[328,"Gestión Jurídica","Anexos de acto administrativo","Documentos que soportan el contenido del acto administrativo, cuya proyección no corresponda a otra dependencia.","2021-12-20","2022-12-20","Información","Español","Electrónico","2018-12-29","Documento PDF","Disponible a solicitud","No aplica","Archivos digitales","Contiene los proyecto de los actos administrativos expedidos por la entidad orientados a cumplir con su mandato de carácter general y que su proyección no corresponde a otra dependencia.","Jefe de Oficina Asesora de Unidad Especial Oficina Asesora Jurídica","OFICINA ASESORA JURÍDICA","NO","BAJO",null,"BAJO","BAJO",1,1,1,3,"BAJO","NO",null,"PÚBLICA","No tiene excepción de acceso",null,"Información Pública de conocimiento General","No Aplica","2023-10-30","No Aplica "]
[329,"Gestión Jurídica","Solicitud de proyección de la resolución que ordena la búsqueda.","Solicitud suscrita por la Subdirección General Técnica y Territorial, a través de la cual solicita la proyección de la resolución que ordena la búsqueda en los terminos del artículo 8.2. del Decreto Ley 589 de 2017.","2021-12-20","2022-12-20","Información","Español","Electrónico","2018-12-29","Documento PDF","Disponible a solicitud","No aplica","Archivos digitales","Contiene los proyectos de los actos administrativos expedidos por la entidad orientados a cumplir con su mandato desde la óptica misional (SIVJRNR ) y que su proyección no corresponde a otra dependencia.","Jefe de Oficina Asesora de Unidad Especial Oficina Asesora Jurídica","OFICINA ASESORA JURÍDICA","NO","MEDIO",null,"MEDIO","MEDIO",2,2,2,6,"MEDIO","SI","Dato Sensible","CLASIFICADA","El derecho de toda persona a la intimidad, bajo las limitaciones propias que impone la condición de servidor publico, en concordancia con lo estipulado por el artículo 24 de la Ley 1437 de 2011.",null,"Información exceptuada por daño de derechos a personas naturales o jurídicas.\n Articulo 18 Ley 1712 de 2014\nLos que involucren derechos a la privacidad e intimidad de las personas, incluidas en las hojas de vida, la historia laboral y los expedientes pensionales y demás registros de personal que obren en los archivos de las instituciones públicas o privadas, así como la historia clínica, salvo que sean solicitados por los propios interesados o por sus apoderados con facultad expresa para acceder a esa información.\n","Parcial","2023-09-21","Ilimitada, y no deberán aplicarse cuando la persona natural o jurídica ha consentido en la revelación de sus datos personales o privados o bien cuando es claro que la información fue entregada como parte de aquella información que debe estar bajo el régimen de publicidad aplicable"]
[330,"Gestión Jurídica","Proyecto de Resolución que ordena la búsqueda","Proyecto de acto administrativo para la aprobación y suscripción de la Directora General, siendo este indelegable, a través del cual se ordena la búsqueda en aquellos lugares en los que existe espectativa razonable de intimidad y no medie consentimiento expreso por parte del propietario, tenedor, o quien tenga interes por poderse ver afectado con el procedimiento, para lo cual se sigue el procedimiento especial contenido en el artículo 8.2. del Decreto Ley 589 de 2017.","2021-12-20","2022-12-20","Información","Español","Electrónico","2018-12-29","Documento PDF","Disponible a solicitud","No aplica","Archivos digitales","Contiene los proyectos de los actos administrativos expedidos por la entidad orientados a cumplir con su mandato desde la óptica misional (SIVJRNR ) y que su proyección no corresponde a otra dependencia.","Jefe de Oficina Asesora de Unidad Especial Oficina Asesora Jurídica","OFICINA ASESORA JURÍDICA","NO","MEDIO",null,"MEDIO","MEDIO",2,2,2,6,"MEDIO","SI","Dato Sensible","CLASIFICADA","El derecho de toda persona a la intimidad, bajo las limitaciones propias que impone la condición de servidor publico, en concordancia con lo estipulado por el artículo 24 de la Ley 1437 de 2011.",null,"Información exceptuada por daño de derechos a personas naturales o jurídicas.\n Articulo 18 Ley 1712 de 2014\nLos que involucren derechos a la privacidad e intimidad de las personas, incluidas en las hojas de vida, la historia laboral y los expedientes pensionales y demás registros de personal que obren en los archivos de las instituciones públicas o privadas, así como la historia clínica, salvo que sean solicitados por los propios interesados o por sus apoderados con facultad expresa para acceder a esa información.\n","Parcial","2023-09-21","Ilimitada, y no deberán aplicarse cuando la persona natural o jurídica ha consentido en la revelación de sus datos personales o privados o bien cuando es claro que la información fue entregada como parte de aquella información que debe estar bajo el régimen de publicidad aplicable"]
[331,"Gestión Jurídica","Anexos proyecto de resolución","Soportes documentales que justifican el contenido del proyecto de la resolución que ordena la búsqueda en los términos del artículo 8.2. del Decreto Ley 589 de 2017.","2021-12-20","2022-12-20","Información","Español","Electrónico","2018-12-29","Documento PDF","Disponible a solicitud","Por demanda","Archivos digitales","Contiene los proyectos de los actos administrativos expedidos por la entidad orientados a cumplir con su mandato desde la óptica misional (SIVJRNR ) y que su proyección no corresponde a otra dependencia.","Jefe de Oficina Asesora de Unidad Especial Oficina Asesora Jurídica","OFICINA ASESORA JURÍDICA","NO","MEDIO",null,"MEDIO","MEDIO",2,2,2,6,"MEDIO","SI","Dato Sensible","CLASIFICADA","El derecho de toda persona a la intimidad, bajo las limitaciones propias que impone la condición de servidor publico, en concordancia con lo estipulado por el artículo 24 de la Ley 1437 de 2011.",null,"Información exceptuada por daño de derechos a personas naturales o jurídicas.\n Articulo 18 Ley 1712 de 2014\nLos que involucren derechos a la privacidad e intimidad de las personas, incluidas en las hojas de vida, la historia laboral y los expedientes pensionales y demás registros de personal que obren en los archivos de las instituciones públicas o privadas, así como la historia clínica, salvo que sean solicitados por los propios interesados o por sus apoderados con facultad expresa para acceder a esa información.\n","Parcial","2023-09-21","Ilimitada, y no deberán aplicarse cuando la persona natural o jurídica ha consentido en la revelación de sus datos personales o privados o bien cuando es claro que la información fue entregada como parte de aquella información que debe estar bajo el régimen de publicidad aplicable"]
[332,"Gestión Jurídica","Conceptos Jurídicos General","Respuesta desde la dimensión jurídica a peticiones y consultas realizadas por servidoras(es) o dependencias de la UBPD, o por una entidad externa o un particular, cuyo contenido se encuentra calificado como información pública.","2021-12-20",null,"Información","Español","Electrónico","2018-12-26","Documento PDF","Publicada","No aplica","Archivos digitales","Orientación o recomendación jurídica respecto a un problema jurídico planteado que contiene información de carácter pública.","Jefe de Oficina Asesora de Unidad Especial Oficina Asesora Jurídica","OFICINA ASESORA JURÍDICA","NO","BAJO",null,"BAJO","BAJO",1,1,1,3,"BAJO","NO",null,"PÚBLICA","No tiene excepción de acceso",null,"Información Pública de conocimiento General","No Aplica","2023-10-30","No Aplica "]
[333,"Gestión Jurídica","Conceptos Jurídicos Clasificados","Respuesta desde la dimensión jurídica a peticiones y consultas realizadas por servidoras(es) o dependencias de la UBPD, o por una entidad externa o un particular, cuyo contenido se encuentra calificado como información pública clasificada y/o información pública reservada.","2021-12-20",null,"Información","Español","Electrónico","2018-12-26","Documento PDF","No disponible, No publicada","No aplica","Archivos digitales","Orientación o recomendación jurídica respecto a un problema jurídico planteado por las dependencias de la UBPD, el cual verse sobre contenido clasificado, de acuerdo con las disposiciones constitucionales y legales.","Jefe de Oficina Asesora de Unidad Especial Oficina Asesora Jurídica","OFICINA ASESORA JURÍDICA","NO","MEDIO",null,"MEDIO","MEDIO",2,2,2,6,"MEDIO","SI","Dato Sensible","CLASIFICADA","Los secretos comerciales, industriales y profesionales,  a excepción de lo estipulados en el articulo 77 de la Ley 1474 de 2011",null,"Información exceptuada por daño de derechos a personas naturales o jurídicas. \nArticulo 18 Ley 1712 de 2014","Total","2023-09-21","Ilimitada, y no deberán aplicarse cuando la persona natural o jurídica ha consentido en la revelación de sus datos personales o privados o bien cuando es claro que la información fue entregada como parte de aquella información que debe estar bajo el régimen de publicidad aplicable"]
[334,"Gestión Jurídica","Registro de trámite dado a las solicitudes de concepto jurídico","Base de datos en la cual se registra información relacionada con la radicación de la solicitud de concepto jurídico, la asignación al(la) servidor(a) para su trámite, radicación y envío del concepto solicitado.","2021-12-20",null,"Información","Español","Electrónico","2018-12-26","Documento PDF; Hoja de calculo","Disponible a solicitud","Por demanda","Archivos digitales","Contiene la consolidación de información de los conceptos jurídicos elaborados por la OAJ.","Jefe de Oficina Asesora de Unidad Especial Oficina Asesora Jurídica","OFICINA ASESORA JURÍDICA","NO","BAJO",null,"BAJO","BAJO",1,1,1,3,"BAJO","NO",null,"PÚBLICA","No tiene excepción de acceso",null,"Información Pública de conocimiento General","No Aplica","2023-10-30","No Aplica "]
[335,"Gestión Jurídica","Solicitud de concepto jurídico público","Consulta que versa sobre asuntos de carácter jurídico de los procesos misionales de la UBPD, cuyo contenido se encuentra calificado como información pública.","2021-12-20",null,"Información","Español","Electrónico","2018-12-26","Documento PDF","Publicada","No aplica","Archivos digitales","Solicitud de orientación o recomendación jurídica respecto a un problema jurídico planteado que contiene información de carácter pública.","Jefe de Oficina Asesora de Unidad Especial Oficina Asesora Jurídica","OFICINA ASESORA JURÍDICA","SI","BAJO","BAJO","BAJO","BAJO",1,1,1,3,"BAJO","NO",null,"PÚBLICA","No tiene excepción de acceso",null,"Información Pública de conocimiento General","No Aplica","2023-10-30","No Aplica "]
[336,"Gestión Jurídica","Solicitud de Concepto Jurídico Clasificado","Consulta que versa sobre asuntos de carácter jurídico de los procesos misionales de la UBPD, cuyo contenido se encuentra calificado como información pública clasificada y/o información pública reservada.","2021-12-20",null,"Información","Español","Electrónico","2018-12-26","Documento PDF","No disponible, No publicada","No aplica","Archivos digitales","Solicitud de orientación o recomendación jurídica respecto a un problema jurídico planteado, el cual verse sobre contenido clasificado, de acuerdo con las disposiciones constitucionales y legales.","Jefe de Oficina Asesora de Unidad Especial Oficina Asesora Jurídica","OFICINA ASESORA JURÍDICA","SI","MEDIO","MEDIO","MEDIO","MEDIO",2,2,2,6,"MEDIO","SI","Dato Sensible","CLASIFICADA","Los secretos comerciales, industriales y profesionales,  a excepción de lo estipulados en el articulo 77 de la Ley 1474 de 2011",null,"Información exceptuada por daño de derechos a personas naturales o jurídicas. \nArticulo 18 Ley 1712 de 2014","Total","2023-09-21","Ilimitada, y no deberán aplicarse cuando la persona natural o jurídica ha consentido en la revelación de sus datos personales o privados o bien cuando es claro que la información fue entregada como parte de aquella información que debe estar bajo el régimen de publicidad aplicable"]
[337,"Gestión Jurídica","Auto admisorio","Providencia que admite el escrito de demanda y señala los trámites procesales que se deben seguir.","2021-12-20",null,"Información","Español","Electrónico","2021-12-20","Documento PDF","Disponible a solicitud","No aplica","Archivos digitales","Contiene todos los documentos asociados al expediente jurídico en procesos judiciales en la Jurisdicción Contenciosa Administrativa u Ordinaria en los que es parte la UBPD.","Jefe de Oficina Asesora de Unidad Especial Oficina Asesora Jurídica","OFICINA ASESORA JURÍDICA","SI","BAJO","BAJO","BAJO","BAJO",1,1,1,3,"BAJO","NO",null,"PÚBLICA","No tiene excepción de acceso",null,"Información Pública de conocimiento General","No Aplica","2023-10-30","No Aplica "]
[338,"Gestión Jurídica","Notificación","Actuación procesal mediante la cual se pone en conocimiento de los sujetos procesales el contenido de las providencias que se produzcan dentro del proceso, y tiene como finalidad garantizar los derechos de defensa y de contradicción como nociones integrantes del concepto de debido proceso.","2021-12-20",null,"Información","Español","Electrónico","2021-12-20","Documento PDF","Disponible a solicitud","No aplica","Archivos digitales","Contiene todos los documentos asociados al expediente jurídico en procesos judiciales en la Jurisdicción Contenciosa Administrativa u Ordinaria en los que es parte la UBPD.","Jefe de Oficina Asesora de Unidad Especial Oficina Asesora Jurídica","OFICINA ASESORA JURÍDICA","SI","BAJO","BAJO","BAJO","BAJO",1,1,1,3,"BAJO","NO",null,"PÚBLICA","No tiene excepción de acceso",null,"Información Pública de conocimiento General","No Aplica","2023-10-30","No Aplica "]
[339,"Gestión Jurídica","Escrito de demanda","Escrito de postulación del demandante por el que se ejercita, ante el órgano jurisdiccional competente, el derecho que quiere hacer efectivo y se interponen frente al demandado sus pretensiones. El escrito debe reunir los requisitos del artículo 82 del Código General del Proceso.","2021-12-20",null,"Información","Español","Electrónico","2021-12-20","Documento PDF","Disponible a solicitud","No aplica","Archivos digitales","Contiene todos los documentos asociados al expediente jurídico en procesos judiciales en la Jurisdicción Contenciosa Administrativa u Ordinaria en los que es parte la UBPD.","Jefe de Oficina Asesora de Unidad Especial Oficina Asesora Jurídica","OFICINA ASESORA JURÍDICA","SI","ALTO","MEDIO","MEDIO","MEDIO",3,2,2,7,"MEDIO","SI","Dato Privado","RESERVADA","El debido proceso y la igualdad de las partes de los procesos judiciales",null,"Información exceptuada por daño a los intereses públicos. Articulo 19 Ley 1712 de 2014","Parcial","2023-09-21","No Mayor a 15 años"]
[340,"Gestión Jurídica","Anexos de la demanda","Documentos que soportan el escrito de demanda, tales como: el poder para iniciar el proceso, cuando se actue por medio de apoderado. La prueba de la existencia y representación de las partes y de la calidad en la que invervendrán en el proceso, en los términos del artículo 85 del Código General del Proceso. Las pruebas extraproesales y los documentos que se pretendas ser valer y se encuentre en poder del demandante. La prueba de pago del arancel judicial, cuando hubiere lugar y los demas que exija la Ley.","2021-12-20","2022-12-20","Información","Español","Electrónico","2021-12-20","Documento PDF","Disponible a solicitud","No aplica","Archivos digitales","Contiene todos los documentos asociados al expediente jurídico en procesos judiciales en la Jurisdicción Contenciosa Administrativa u Ordinaria en los que es parte la UBPD.","Jefe de Oficina Asesora de Unidad Especial Oficina Asesora Jurídica","OFICINA ASESORA JURÍDICA","SI","ALTO","MEDIO","MEDIO","MEDIO",3,2,2,7,"MEDIO","SI","Dato Privado","RESERVADA","El debido proceso y la igualdad de las partes de los procesos judiciales",null,"Información exceptuada por daño a los intereses públicos. Articulo 19 Ley 1712 de 2014","Parcial","2023-09-21","No Mayor a 15 años"]
[341,"Gestión Jurídica","Formulario de registro en el Sistema e-Kogui","Formato establecido por la ANDJE en el cual la(el) abogada(a) que tiene a su cargo la defensa de la UBPD, registra la información de georreferenciación del proceso, actuaciones procesales y las evidencias de las mismas.","2021-12-20",null,"Información","Español","Electrónico","2021-12-20","Documento PDF","Disponible a solicitud","No aplica","Archivos digitales","Contiene todos los documentos asociados al expediente jurídico en procesos judiciales en la Jurisdicción Contenciosa Administrativa u Ordinaria en los que es parte la UBPD.","Jefe de Oficina Asesora de Unidad Especial Oficina Asesora Jurídica","OFICINA ASESORA JURÍDICA","SI","ALTO","MEDIO","MEDIO","MEDIO",3,2,2,7,"MEDIO","SI","Dato Privado","RESERVADA","El debido proceso y la igualdad de las partes de los procesos judiciales",null,"Información exceptuada por daño a los intereses públicos. Articulo 19 Ley 1712 de 2014","Parcial","2023-09-21","No Mayor a 15 años"]
[342,"Gestión Jurídica","Escrito de Contestación de la Demanda","Actuación procesal mediante la cual la parte demandada se pronuncia frente a los hechos y pretensiones expuestos en el escrito de la demanda.","2021-12-20",null,"Información","Español","Electrónico","2019-09-12","Documento PDF","Disponible a solicitud","No aplica","Archivos digitales","Contiene todos los documentos asociados al expediente jurídico en procesos judiciales en la Jurisdicción Contenciosa Administrativa u Ordinaria en los que es parte la UBPD.","Jefe de Oficina Asesora de Unidad Especial Oficina Asesora Jurídica","OFICINA ASESORA JURÍDICA","SI","MEDIO","MEDIO","MEDIO","MEDIO",2,2,2,6,"MEDIO","SI","Dato Privado","CLASIFICADA","El derecho de toda persona a la intimidad, bajo las limitaciones propias que impone la condición de servidor publico, en concordancia con lo estipulado por el artículo 24 de la Ley 1437 de 2011.",null,"Información exceptuada por daño de derechos a personas naturales o jurídicas.\n Articulo 18 Ley 1712 de 2014\nLos que involucren derechos a la privacidad e intimidad de las personas, incluidas en las hojas de vida, la historia laboral y los expedientes pensionales y demás registros de personal que obren en los archivos de las instituciones públicas o privadas, así como la historia clínica, salvo que sean solicitados por los propios interesados o por sus apoderados con facultad expresa para acceder a esa información.\n","Parcial","2023-09-21","Ilimitada, y no deberán aplicarse cuando la persona natural o jurídica ha consentido en la revelación de sus datos personales o privados o bien cuando es claro que la información fue entregada como parte de aquella información que debe estar bajo el régimen de publicidad aplicable"]
[343,"Gestión Jurídica","Otras actuaciones","Conjunto de actuaciones realizadas en el desarrollo de un proceso, por las personas que en él intervienen como partes, terceros, testigos, peritos o por la propia autoridad judicial.","2021-12-20",null,"Información","Español","Electrónico","2019-09-12","Documento PDF","Disponible a solicitud","Por demanda","Archivos digitales","Contiene todos los documentos asociados al expediente jurídico en procesos judiciales en la Jurisdicción Contenciosa Administrativa u Ordinaria en los que es parte la UBPD.","Jefe de Oficina Asesora de Unidad Especial Oficina Asesora Jurídica","OFICINA ASESORA JURÍDICA","SI","ALTO","MEDIO","MEDIO","MEDIO",3,2,2,7,"MEDIO","SI","Dato Privado","RESERVADA","El debido proceso y la igualdad de las partes de los procesos judiciales",null,"Información exceptuada por daño a los intereses públicos. Articulo 19 Ley 1712 de 2014","Parcial","2023-09-21","No Mayor a 15 años"]
[344,"Gestión Jurídica","Pruebas ","Todo medio o instrumento con el cual se evidencia la veracidad de los hechos alegados en el escrito de demanda.","2021-12-20",null,"Información","Español","Electrónico","2019-09-12","Documento PDF","Disponible a solicitud","No aplica","Archivos digitales","Contiene todos los documentos asociados al expediente jurídico en procesos judiciales en la Jurisdicción Contenciosa Administrativa u Ordinaria en los que es parte la UBPD.","Jefe de Oficina Asesora de Unidad Especial Oficina Asesora Jurídica","OFICINA ASESORA JURÍDICA","SI","ALTO","MEDIO","MEDIO","MEDIO",3,2,2,7,"MEDIO","SI","Dato Privado","RESERVADA","El debido proceso y la igualdad de las partes de los procesos judiciales",null,"Información exceptuada por daño a los intereses públicos. Articulo 19 Ley 1712 de 2014","Parcial","2023-10-31","No Mayor a 15 años"]
[345,"Gestión Jurídica","Alegatos de Conclusión","Pronunciamiento emitido por las partes, bien sea de forma escrita u oral, en el cual argumentan los motivos por los cuales sus pretensiones deben ser falladas en su favor.","2021-12-20",null,"Información","Español","Electrónico","2021-12-20","Documento PDF","Disponible a solicitud","No aplica","Archivos digitales","Contiene todos los documentos asociados al expediente jurídico en procesos judiciales en la Jurisdicción Contenciosa Administrativa u Ordinaria en los que es parte la UBPD.","Jefe de Oficina Asesora de Unidad Especial Oficina Asesora Jurídica","OFICINA ASESORA JURÍDICA","SI","ALTO","MEDIO","MEDIO","MEDIO",3,2,2,7,"MEDIO","SI","Dato Privado","RESERVADA","El debido proceso y la igualdad de las partes de los procesos judiciales",null,"Información exceptuada por daño a los intereses públicos. Articulo 19 Ley 1712 de 2014","Parcial","2023-10-31","No Mayor a 15 años"]
[346,"Gestión Jurídica","Sentencia","Providencia mediante la cual la(el) juez motiva su decisión final sobre el caso bajo juicio, explicando los razonamientos constitucionales, legales, de equidad y doctrinarios estrictamente necesarios para fundamentar las conclusiones sobre el tema.","2021-12-20",null,"Información","Español","Electrónico","2018-05-29","Documento PDF","Disponible a solicitud","No aplica","Archivos digitales","Contiene todos los documentos asociados al expediente jurídico en procesos judiciales en la Jurisdicción Contenciosa Administrativa u Ordinaria en los que es parte la UBPD.","Jefe de Oficina Asesora de Unidad Especial Oficina Asesora Jurídica","OFICINA ASESORA JURÍDICA","SI","ALTO","MEDIO","MEDIO","MEDIO",3,2,2,7,"MEDIO","SI","Dato Privado","RESERVADA","El debido proceso y la igualdad de las partes de los procesos judiciales",null,"Información exceptuada por daño a los intereses públicos. Articulo 19 Ley 1712 de 2014","Parcial","2023-10-31","No Mayor a 15 años"]
[347,"Gestión Jurídica","Recursos","Medios de oposición contra las decisiones dictadas en el desarrollo del proceso. El Código General del Proceso establece que estos medios son la reposición, la apelación, la súplica, la casación, la queja y la revisión.","2021-12-20",null,"Información","Español","Electrónico","2021-12-20","Documento PDF","Disponible a solicitud","No aplica","Archivos digitales","Contiene todos los documentos asociados al expediente jurídico en procesos judiciales en la Jurisdicción Contenciosa Administrativa u Ordinaria en los que es parte la UBPD.","Jefe de Oficina Asesora de Unidad Especial Oficina Asesora Jurídica","OFICINA ASESORA JURÍDICA","SI","ALTO","MEDIO","MEDIO","MEDIO",3,2,2,7,"MEDIO","SI","Dato Privado","RESERVADA","El debido proceso y la igualdad de las partes de los procesos judiciales",null,"Información exceptuada por daño a los intereses públicos. Articulo 19 Ley 1712 de 2014","Parcial","2023-10-31","No Mayor a 15 años"]
[348,"Gestión Contractual","Solicitud de contratación","Documento dirigido a  la SG - Grupo de Gestión Contracual, mediante la cual las dependencias expresan la necesidad de la contratación a efectos de que se inicie el trámite correspondiente ","2018-07-06",null,"Información","Español","Análogo; Híbrido: Análogo - digital","2018-07-16","Documento PDF","Publicada","Por demanda","Archivos digitales","Manifiesta expresamente la necesidad a cubrir por parte de la dependencia ","Secretario General de Unidad Especial Secretaría General","Grupo Interno de Trabajo de Gestión contractual","NO","BAJO",null,"BAJO","MEDIO",1,1,2,4,"MEDIO","NO",null,"PÚBLICA","No tiene excepción de acceso",null,"Información Pública de conocimiento General","No Aplica","2023-10-30","No Aplica "]
[349,"Gestión Contractual","Solicitud de contratación prestación de servicios profesionales y de apoyo a la gestión (PSP). ","Documento dirigido a  la SG - Grupo de Gestión Contracual, mediante la cual las dependencias expresan la necesidad de la contratación a efectos de que se inicie el trámite correspondiente ","2018-07-06",null,"Información","Español","Análogo; Híbrido: Análogo - digital","2018-07-16","Documento PDF","Publicada","Por demanda","Archivos digitales","Manifiesta expresamente la necesidad a cubrir por parte de la dependencia ","Secretario General de Unidad Especial Secretaría General","Grupo Interno de Trabajo de Gestión contractual","NO","BAJO",null,"BAJO","MEDIO",1,1,2,4,"MEDIO","NO",null,"PÚBLICA","No tiene excepción de acceso",null,"Información Pública de conocimiento General","No Aplica","2023-10-30","No Aplica "]
[350,"Gestión Contractual","Estudios previos","Documento en el cual se establece la conveniencia y oportunidad de la contratación, determina las especificaciones técnicas, el valor del bien o servicio, el plazo de ejecucion, obligaciones de las partes y responsables del seguimiento.","2018-07-06",null,"Información","Español","Análogo; Híbrido: Análogo - digital","2018-07-16","Documento PDF","Publicada","Por demanda","Archivos digitales","Agrupación documental integrada por los documentos generados en el proceso de contratación con personas naturales o jurídicas con el objeto de realizar actividades relacionadas con la administración o funcionamiento de la UBPD.","Secretario General de Unidad Especial Secretaría General","Grupo Interno de Trabajo de Gestión contractual","NO","BAJO",null,"BAJO","MEDIO",1,1,2,4,"MEDIO","NO",null,"PÚBLICA","No tiene excepción de acceso",null,"Información Pública de conocimiento General","No Aplica","2023-10-30","No Aplica "]
[351,"Gestión Contractual","Matriz de Riesgos del Proceso de Contratación","Documento mediante el cual se exponen los riesgos que se derivan de las relaciones contractuales, se establece su probabilidad de ocurrencia, tratamiento y se asigna responsable","2018-07-06",null,"Información","Español","Análogo; Híbrido: Análogo - digital","2018-07-16","Documento PDF","Publicada","Por demanda","Archivos digitales","Agrupación documental integrada por los documentos generados en el proceso de contratación con personas naturales o jurídicas con el objeto de realizar actividades relacionadas con la administración o funcionamiento de la UBPD.","Secretario General de Unidad Especial Secretaría General","Grupo Interno de Trabajo de Gestión contractual","NO","BAJO",null,"BAJO","MEDIO",1,1,2,4,"MEDIO","NO",null,"PÚBLICA","No tiene excepción de acceso",null,"Información Pública de conocimiento General","No Aplica","2023-10-30","No Aplica "]
[352,"Gestión Contractual","Análisis del sector ","Documento que sirve para establecer el contexto del proceso de contratación, identificar algunos de los riesgos que se puedan presentar en el desarrollo del proceso, determinar los requisitos habilitantes y la forma de evaluar las ofertas. El objetivo de esta herramienta es permitir entender el mercado del bien o servicio que la entidad pretende adquirir, de tal manera que se tengan los elementos para diseñar el proceso de contratación con la información necesaria para alcanzar los objetivos de eficacia, eficiencia y economía.","2018-07-06",null,"Información","Español","Análogo; Híbrido: Análogo - digital","2018-07-16","Documento PDF","Publicada","Por demanda","Archivos digitales","Agrupación documental integrada por los documentos generados en el proceso de contratación con personas naturales o jurídicas con el objeto de realizar actividades relacionadas con la administración o funcionamiento de la UBPD.","Secretario General de Unidad Especial Secretaría General","Grupo Interno de Trabajo de Gestión contractual","NO","BAJO",null,"BAJO","BAJO",1,1,1,3,"BAJO","NO",null,"PÚBLICA","No tiene excepción de acceso",null,"Información Pública de conocimiento General","No Aplica","2023-10-30","No Aplica "]
[353,"Gestión Contractual","Certificado de Disponibilidad Presupuestal","Documento de gestión financiera y presupuestal, expedido por el jefe de presupuesto o quien haga sus veces con el cual se garantiza la existencia de apropiación presupuestal disponible y libre de afectación para la asunción de compromisos. Este documento afecta preliminarmente el presupuesto mientras se perfecciona el compromiso y se efectúa el correspondiente registro presupuestal.","2018-07-06",null,"Información","Español","Análogo; Híbrido: Análogo - digital","2018-07-16","Documento PDF","Publicada","Por demanda","Archivos digitales","Agrupación documental integrada por los documentos generados en el proceso de contratación con personas naturales o jurídicas con el objeto de realizar actividades relacionadas con la administración o funcionamiento de la UBPD.","Secretario General de Unidad Especial Secretaría General","Grupo Interno de Trabajo de Gestión contractual; Grupo Interno de Trabajo de GestiónFinanciera y Contable","NO","BAJO",null,"MEDIO","MEDIO",1,2,2,5,"MEDIO","NO",null,"PÚBLICA","No tiene excepción de acceso",null,"Información Pública de conocimiento General","No Aplica","2023-10-30","No Aplica "]
[354,"Gestión Contractual","Oferta de arrendamiento","Documento mediante el cual se realiza el ofrecimiento del arrendamiento de un inmueble por parte de  los propietarios y se describen los requisitos para el arriendo del inmueble, asi como las características del mismo. \nincluir planos del inmueble a arrendar firmados por ingeniero o arquitecto- adjuntar copia de la tarjeta profesional","2018-07-06",null,"Información","Español","Análogo; Híbrido: Análogo - digital","2018-07-16","Documento PDF","Publicada","Por demanda","Archivos digitales","Agrupación documental integrada por los documentos generados en el proceso de contratación con personas naturales o jurídicas con el objeto de realizar actividades relacionadas con la administración o funcionamiento de la UBPD.","Secretario General de Unidad Especial Secretaría General","Grupo Interno de Trabajo de Gestión contractual","SI","BAJO","BAJO","BAJO","BAJO",1,1,1,3,"BAJO","NO",null,"PÚBLICA","No tiene excepción de acceso",null,"Información Pública de conocimiento General","No Aplica","2023-10-30","No Aplica "]
[355,"Gestión Contractual","Autorización de vigencias futuras","Documento de gestión financiera y presupuestal, expedido por el Ministerio de Hacienda y Credito Publico con el cual se autoriza la apropiación presupuestal de recursos de vigencias siguientes para la asunción de compromisos. Este documento afecta preliminarmente el presupuesto mientras se perfecciona el compromiso y se efectúa el correspondiente registro presupuestal de la correspondiente vigencia.","2018-07-06",null,"Información","Español","Análogo; Híbrido: Análogo - digital","2018-07-16","Documento PDF","Publicada","Por demanda","Archivos digitales","Agrupación documental integrada por los documentos generados en el proceso de contratación con personas naturales o jurídicas con el objeto de realizar actividades relacionadas con la administración o funcionamiento de la UBPD.","Secretario General de Unidad Especial Secretaría General","Grupo Interno de Trabajo de Gestión contractual","NO","BAJO",null,"BAJO","BAJO",1,1,1,3,"BAJO","NO",null,"PÚBLICA","No tiene excepción de acceso",null,"Información Pública de conocimiento General","No Aplica","2023-10-30","No Aplica "]
[356,"Gestión Contractual","Certificado de Existencia de Representación Legal ","Documento mediante el cual se prueba la existencia de la entidad y quien ejerce la representación legal de la misma, así como demuestra algunos aspectos relevantes de una entidad  tales como la antigüedad, vigencia, su objeto social, su domicilio, monto del capital, facultades del representante legal para comprometer y obligar a la entidad.","2018-07-06",null,"Información","Español","Análogo; Híbrido: Análogo - digital","2018-07-16","Documento PDF","Publicada","Por demanda","Archivos digitales","Agrupación documental integrada por los documentos generados en el proceso de contratación con personas naturales o jurídicas con el objeto de realizar actividades relacionadas con la administración o funcionamiento de la UBPD.","Secretario General de Unidad Especial Secretaría General","Grupo Interno de Trabajo de Gestión contractual","SI","BAJO","BAJO","BAJO","BAJO",1,1,1,3,"BAJO","NO",null,"PÚBLICA","No tiene excepción de acceso",null,"Información Pública de conocimiento General","No Aplica","2023-10-30","No Aplica "]
[357,"Gestión Contractual","Copia acto Administrativo de nombramiento y acto de posesión del representante legal","Documento que identifica de manera precisa la vinculacion  legal y regalmentaria de una persona natural a la  administración publica ","2018-07-06",null,"Información","Español","Electrónico","2018-07-16","Documento PDF","Publicada","Por demanda","Archivos digitales","Agrupación documental integrada por los documentos generados en el proceso de contratación con personas naturales o jurídicas con el objeto de realizar actividades relacionadas con la administración o funcionamiento de la UBPD.","Secretario General de Unidad Especial Secretaría General","Grupo Interno de Trabajo de Gestión contractual","NO","BAJO",null,"BAJO","BAJO",1,1,1,3,"BAJO","NO",null,"PÚBLICA","No tiene excepción de acceso",null,"Información Pública de conocimiento General","No Aplica","2023-10-30","No Aplica "]
[358,"Gestión Contractual","Discriminación de gastos por actividades convenios de asociación","Detalle de la asignación de los recursos que se ejecutarán para el desarrollo de las actividades a realizar durante el convenio","2018-07-06",null,"Información","Español","Electrónico","2018-07-16","Documento PDF","Publicada","Por demanda","Archivos digitales","Agrupación documental integrada por los documentos generados en el proceso de contratación con personas naturales o jurídicas con el objeto de realizar actividades relacionadas con la administración o funcionamiento de la UBPD.","Secretario General de Unidad Especial Secretaría General","Grupo Interno de Trabajo de Gestión contractual","NO","BAJO",null,"BAJO","BAJO",1,1,1,3,"BAJO","NO",null,"PÚBLICA","No tiene excepción de acceso",null,"Información Pública de conocimiento General","No Aplica","2023-10-30","No Aplica "]
[359,"Gestión Contractual","Copia de la disposición jurídica que autoriza al representante legal para la suscripción de contratos y/o autorización para contratar, del órgano directivo al representante legal, cuando las facultades de este último se encuentren restringidas.","Documento que Contiene la facultad otorgada  por el organo estatutario de una empresa a una persona natural para la suscripcion del contrato ","2018-07-06",null,"Información","Español","Híbrido: Análogo - digital","2018-07-16","Documento PDF","Publicada","Por demanda","Archivos digitales","Agrupación documental integrada por los documentos generados en el proceso de contratación con personas naturales o jurídicas con el objeto de realizar actividades relacionadas con la administración o funcionamiento de la UBPD.","Secretario General de Unidad Especial Secretaría General","Grupo Interno de Trabajo de Gestión contractual","NO","BAJO",null,"MEDIO","BAJO",1,2,1,4,"MEDIO","NO",null,"PÚBLICA","No tiene excepción de acceso",null,"Información Pública de conocimiento General","No Aplica","2023-10-30","No Aplica "]
[360,"Gestión Contractual","Aviso de convocatoria","Documento por medio del cual una entidad estatal invita a  los interesados a participar en un proceso de selección","2018-07-06",null,"Información","Español","Digital","2018-07-16","Documento PDF","Publicada","Por demanda","Archivos digitales","Agrupación documental integrada por los documentos generados en el proceso de contratación con personas naturales o jurídicas con el objeto de realizar actividades relacionadas con la administración o funcionamiento de la UBPD.","Secretario General de Unidad Especial Secretaría General","Grupo Interno de Trabajo de Gestión contractual","SI","BAJO","BAJO","BAJO","BAJO",1,1,1,3,"BAJO","NO",null,"PÚBLICA","No tiene excepción de acceso",null,"Información Pública de conocimiento General","No Aplica","2023-10-30","No Aplica "]
[361,"Gestión Contractual","Documento de Identificación ","Documento mediante el cual se acredita  la existencia de una persona natural o jurídica","2018-07-06",null,"Información","Español","Digital","2018-07-16","Documento PDF","Publicada","Por demanda","Archivos digitales","Agrupación documental integrada por los documentos generados en el proceso de contratación con personas naturales o jurídicas con el objeto de realizar actividades relacionadas con la administración o funcionamiento de la UBPD.","Secretario General de Unidad Especial Secretaría General","Grupo Interno de Trabajo de Gestión contractual","SI","MEDIO","BAJO","BAJO","BAJO",2,1,1,4,"MEDIO","SI","Dato Privado","CLASIFICADA","El derecho de toda persona a la intimidad, bajo las limitaciones propias que impone la condición de servidor publico, en concordancia con lo estipulado por el artículo 24 de la Ley 1437 de 2011.",null,"Información exceptuada por daño de derechos a personas naturales o jurídicas.\n Articulo 18 Ley 1712 de 2014\nLos que involucren derechos a la privacidad e intimidad de las personas, incluidas en las hojas de vida, la historia laboral y los expedientes pensionales y demás registros de personal que obren en los archivos de las instituciones públicas o privadas, así como la historia clínica, salvo que sean solicitados por los propios interesados o por sus apoderados con facultad expresa para acceder a esa información.\n","Parcial","2023-09-25","Ilimitada, y no deberán aplicarse cuando la persona natural o jurídica ha consentido en la revelación de sus datos personales o privados o bien cuando es claro que la información fue entregada como parte de aquella información que debe estar bajo el régimen de publicidad aplicable"]
[362,"Gestión Contractual","Copia de certificaciones de experiencia de la entidad, relacionadas con el objeto del contrato","Documento mediente el cual se acredita la experiencia de una persona natural o jurídica ","2018-07-06",null,"Información","Español","Digital","2018-07-16","Documento PDF","Publicada","Por demanda","Archivos digitales","Agrupación documental integrada por los documentos generados en el proceso de contratación con personas naturales o jurídicas con el objeto de realizar actividades relacionadas con la administración o funcionamiento de la UBPD.","Secretario General de Unidad Especial Secretaría General","Grupo Interno de Trabajo de Gestión contractual","SI","BAJO","BAJO","BAJO","BAJO",1,1,1,3,"BAJO","NO",null,"PÚBLICA","No tiene excepción de acceso",null,"Información Pública de conocimiento General","No Aplica","2023-10-30","No Aplica "]
[363,"Gestión Contractual","Certificado de tradición y libertad ","Documento que registra el histórico de propietarios de los inmuebles con sus respectivos soportes jurídicos. Contiene todo el historial del inmueble, desde el momento en que se matriculó ante la Oficina de Registro de Instrumentos Públicos","2018-07-06",null,"Información","Español","Híbrido: Análogo - digital","2018-07-16","Documento PDF","Publicada","Por demanda","Archivos digitales","Agrupación documental integrada por los documentos generados en el proceso de contratación con personas naturales o jurídicas con el objeto de realizar actividades relacionadas con la administración o funcionamiento de la UBPD.","Secretario General de Unidad Especial Secretaría General","Grupo Interno de Trabajo de Gestión contractual","SI","BAJO","BAJO","MEDIO","MEDIO",1,2,2,5,"MEDIO","NO",null,"PÚBLICA","No tiene excepción de acceso",null,"Información Pública de conocimiento General","No Aplica","2023-10-30","No Aplica "]
[364,"Gestión Contractual","Acta de conformación de comité asesor y evaluador para el proceso","Documento donde se designa los profesionales que realizarán la verificación de los aspectos\njurídicos, financieros – económicos, técnicos y los factores de ponderación técnicos y económicos del\nproceso.","2018-07-06",null,"Información","Español","Híbrido: Análogo - digital","2018-07-16","Documento PDF","Publicada","Por demanda","Archivos digitales","Agrupación documental integrada por los documentos generados en el proceso de contratación con personas naturales o jurídicas con el objeto de realizar actividades relacionadas con la administración o funcionamiento de la UBPD.","Secretario General de Unidad Especial Secretaría General","Grupo Interno de Trabajo de Gestión contractual","NO","BAJO",null,"BAJO","BAJO",1,1,1,3,"BAJO","NO",null,"PÚBLICA","No tiene excepción de acceso",null,"Información Pública de conocimiento General","No Aplica","2023-10-30","No Aplica "]
[365,"Gestión Contractual","Copia ultima escritura pública.","Documento solemne en el que se hace constar un hecho o negocio jurídico ante un notario, .","2018-07-06",null,"Información","Español","Electrónico","2018-07-16","Documento PDF","Publicada","Por demanda","Archivos digitales","Agrupación documental integrada por los documentos generados en el proceso de contratación con personas naturales o jurídicas con el objeto de realizar actividades relacionadas con la administración o funcionamiento de la UBPD.","Secretario General de Unidad Especial Secretaría General","Grupo Interno de Trabajo de Gestión contractual","SI","BAJO","BAJO","MEDIO","BAJO",1,2,1,4,"MEDIO","NO",null,"PÚBLICA","No tiene excepción de acceso",null,"Información Pública de conocimiento General","No Aplica","2023-10-30","No Aplica "]
[366,"Gestión Contractual","Autorización de Suscripción de Contrato de Arrendamiento","Documento que autoriza a un teercero a suscribir un contrato de arrendamiento ","2018-07-06",null,"Información","Español","Electrónico","2018-07-16","Documento PDF","Publicada","Por demanda","Archivos digitales","Agrupación documental integrada por los documentos generados en el proceso de contratación con personas naturales o jurídicas con el objeto de realizar actividades relacionadas con la administración o funcionamiento de la UBPD.","Secretario General de Unidad Especial Secretaría General","Grupo Interno de Trabajo de Gestión contractual","SI","BAJO","BAJO","BAJO","BAJO",1,1,1,3,"BAJO","NO",null,"PÚBLICA","No tiene excepción de acceso",null,"Información Pública de conocimiento General","No Aplica","2023-10-30","No Aplica "]
[367,"Gestión Contractual","Conceptos de Uso de Suelo","Documento  por medio del cual el curador urbano o la Secretaría Distrital de Planeación (SDP), informa al interesado sobre el uso o usos permitidos en un predio o edificación, teniendo en cuenta las normas urbanísticas adoptadas para orientar y administrar el desarrollo físico espacial del territorio y la utilización del suelo, definida como el Plan de Ordenamiento Territorial (POT).","2018-07-06",null,"Información","Español","Electrónico","2018-07-16","Documento PDF","Publicada","Por demanda","Archivos digitales","Agrupación documental integrada por los documentos generados en el proceso de contratación con personas naturales o jurídicas con el objeto de realizar actividades relacionadas con la administración o funcionamiento de la UBPD.","Secretario General de Unidad Especial Secretaría General","Grupo Interno de Trabajo de Gestión contractual","SI","BAJO","BAJO","BAJO","BAJO",1,1,1,3,"BAJO","NO",null,"PÚBLICA","No tiene excepción de acceso",null,"Información Pública de conocimiento General","No Aplica","2023-10-30","No Aplica "]
[368,"Gestión Contractual","Copia comprobantes de pago de los Servicios Públicos de los últimos tres (3) Meses.","Documento en cual se soporta el pago de los servicios publicos de un inmueble ","2018-07-06",null,"Información","Español","Electrónico","2018-07-16","Documento PDF","Publicada","Por demanda","Archivos digitales","Agrupación documental integrada por los documentos generados en el proceso de contratación con personas naturales o jurídicas con el objeto de realizar actividades relacionadas con la administración o funcionamiento de la UBPD.","Secretario General de Unidad Especial Secretaría General","Grupo Interno de Trabajo de Gestión contractual","SI","BAJO","BAJO","BAJO","BAJO",1,1,1,3,"BAJO","NO",null,"PÚBLICA","No tiene excepción de acceso",null,"Información Pública de conocimiento General","No Aplica","2023-10-30","No Aplica "]
[369,"Gestión Contractual","Registro Único Tributario (Copia)","Documento de identificación ante la Dirección de Impuestos y Aduanas Nacionales (DIAN). ","2018-07-06",null,"Información","Español","Electrónico","2018-07-16","Documento PDF","Publicada","Por demanda","Archivos digitales","Agrupación documental integrada por los documentos generados en el proceso de contratación con personas naturales o jurídicas con el objeto de realizar actividades relacionadas con la administración o funcionamiento de la UBPD.","Secretario General de Unidad Especial Secretaría General","Grupo Interno de Trabajo de Gestión contractual","SI","BAJO","BAJO","BAJO","BAJO",1,1,1,3,"BAJO","NO",null,"PÚBLICA","No tiene excepción de acceso",null,"Información Pública de conocimiento General","No Aplica","2023-10-30","No Aplica "]
[370,"Gestión Contractual","Proyecto de pliego de condiciones","Documento mediante el cual se establece de manera preliminar las posibles reglas que regirán en el proceso de selección del contrato.","2018-07-06",null,"Información","Español","Electrónico","2018-07-16","Documento PDF","Publicada","Por demanda","Archivos digitales","Agrupación documental integrada por los documentos generados en el proceso de contratación con personas naturales o jurídicas con el objeto de realizar actividades relacionadas con la administración o funcionamiento de la UBPD.","Secretario General de Unidad Especial Secretaría General","Grupo Interno de Trabajo de Gestión contractual","NO","BAJO",null,"BAJO","BAJO",1,1,1,3,"BAJO","NO",null,"PÚBLICA","No tiene excepción de acceso",null,"Información Pública de conocimiento General","No Aplica","2023-10-30","No Aplica "]
[371,"Gestión Contractual","Observaciones al proyecto de pliegos ","Documento que contiene las solicitudes que realizan los posibles oferentes a los documentos del proceso de selección ","2018-07-06",null,"Información","Español","Electrónico","2018-07-16","Documento PDF","Publicada","Por demanda","Archivos digitales","Agrupación documental integrada por los documentos generados en el proceso de contratación con personas naturales o jurídicas con el objeto de realizar actividades relacionadas con la administración o funcionamiento de la UBPD.","Secretario General de Unidad Especial Secretaría General","Grupo Interno de Trabajo de Gestión contractual","NO","BAJO",null,"BAJO","BAJO",1,1,1,3,"BAJO","NO",null,"PÚBLICA","No tiene excepción de acceso",null,"Información Pública de conocimiento General","No Aplica","2023-10-30","No Aplica "]
[372,"Gestión Contractual","Respuesta a observaciones al proyecto de pliegos ","Documento en el cual se da respuesta a las solicitudes presentadas por los posibles oferentes a al proyecto de pliego","2018-07-06",null,"Información","Español","Electrónico","2018-07-16","Documento PDF","Publicada","Por demanda","Archivos digitales","Agrupación documental integrada por los documentos generados en el proceso de contratación con personas naturales o jurídicas con el objeto de realizar actividades relacionadas con la administración o funcionamiento de la UBPD.","Secretario General de Unidad Especial Secretaría General","Grupo Interno de Trabajo de Gestión contractual","NO","BAJO",null,"BAJO","BAJO",1,1,1,3,"BAJO","NO",null,"PÚBLICA","No tiene excepción de acceso",null,"Información Pública de conocimiento General","No Aplica","2023-10-30","No Aplica "]
[373,"Gestión Contractual","Certificado de paz y salvo de aportes parafiscales","Documento mediente el cual se acredita el cumplimiento de las obligaciones al Sistema de Seguidad Social Integral .","2018-07-06",null,"Información","Español","Electrónico","2018-07-16","Documento PDF","Publicada","Por demanda","Archivos digitales","Agrupación documental integrada por los documentos generados en el proceso de contratación con personas naturales o jurídicas con el objeto de realizar actividades relacionadas con la administración o funcionamiento de la UBPD.","Secretario General de Unidad Especial Secretaría General","Grupo Interno de Trabajo de Gestión contractual","SI","BAJO","BAJO","BAJO","BAJO",1,1,1,3,"BAJO","NO",null,"PÚBLICA","No tiene excepción de acceso",null,"Información Pública de conocimiento General","No Aplica","2023-10-30","No Aplica "]
[374,"Gestión Contractual","Certificado Boletín de Responsables Fiscales – CONTRALORÍA","Documento, expedido por la Contraloría General de República, en el que se certifica si la persona natural o jurídica está o no incluida en el Boletín de Responsables Fiscales","2018-07-06",null,"Información","Español","Electrónico","2018-07-16","Documento PDF","Publicada","Por demanda","Archivos digitales","Agrupación documental integrada por los documentos generados en el proceso de contratación con personas naturales o jurídicas con el objeto de realizar actividades relacionadas con la administración o funcionamiento de la UBPD.","Secretario General de Unidad Especial Secretaría General","Grupo Interno de Trabajo de Gestión contractual","SI","BAJO","BAJO","BAJO","BAJO",1,1,1,3,"BAJO","NO",null,"PÚBLICA","No tiene excepción de acceso",null,"Información Pública de conocimiento General","No Aplica","2023-10-30","No Aplica "]
[375,"Gestión Contractual","Antecedentes penales y requerimientos judiciales - POLICÍA NACIONAL","Documento en el cual se verifican los Antecedentes penales de una persona natural","2018-07-06",null,"Información","Español","Electrónico","2018-07-16","Documento PDF","Publicada","Por demanda","Archivos digitales","Agrupación documental integrada por los documentos generados en el proceso de contratación con personas naturales o jurídicas con el objeto de realizar actividades relacionadas con la administración o funcionamiento de la UBPD.","Secretario General de Unidad Especial Secretaría General","Grupo Interno de Trabajo de Gestión contractual","SI","BAJO","BAJO","BAJO","BAJO",1,1,1,3,"BAJO","NO",null,"PÚBLICA","No tiene excepción de acceso",null,"Información Pública de conocimiento General","No Aplica","2023-10-30","No Aplica "]
[376,"Gestión Contractual","Constancia Registro Nacional de Medidas Correctivas RNMC.","Documento que certifica la existencia o no de  infacciones al código de policía nacional y convivencia","2018-07-06",null,"Información","Español","Electrónico","2018-07-16","Documento PDF","Publicada","Por demanda","Archivos digitales","Agrupación documental integrada por los documentos generados en el proceso de contratación con personas naturales o jurídicas con el objeto de realizar actividades relacionadas con la administración o funcionamiento de la UBPD.","Secretario General de Unidad Especial Secretaría General","Grupo Interno de Trabajo de Gestión contractual","SI","BAJO","BAJO","BAJO","BAJO",1,1,1,3,"BAJO","NO",null,"PÚBLICA","No tiene excepción de acceso",null,"Información Pública de conocimiento General","No Aplica","2023-10-30","No Aplica "]
[377,"Gestión Contractual","Certificado de antecedentes disciplinarios – PROCURADURÍA.","Documento que permite consultar la existencia de sanciones  disciplinarias,de una persona natural o jurídica ","2018-07-06",null,"Información","Español","Electrónico","2018-07-16","Documento PDF","Publicada","Por demanda","Archivos digitales","Agrupación documental integrada por los documentos generados en el proceso de contratación con personas naturales o jurídicas con el objeto de realizar actividades relacionadas con la administración o funcionamiento de la UBPD.","Secretario General de Unidad Especial Secretaría General","Grupo Interno de Trabajo de Gestión contractual","SI","BAJO","BAJO","BAJO","BAJO",1,1,1,3,"BAJO","NO",null,"PÚBLICA","No tiene excepción de acceso",null,"Información Pública de conocimiento General","No Aplica","2023-10-30","No Aplica "]
[378,"Gestión Contractual","Certificación Bancaria","Documento que contiene información de la cuenta bancaria del contratista y/o empresa","2018-07-06",null,"Información","Español","Electrónico","2018-07-16","Documento PDF","Publicada","Por demanda","Archivos digitales","Agrupación documental integrada por los documentos generados en el proceso de contratación con personas naturales o jurídicas con el objeto de realizar actividades relacionadas con la administración o funcionamiento de la UBPD.","Secretario General de Unidad Especial Secretaría General","Grupo Interno de Trabajo de Gestión contractual","SI","MEDIO","MEDIO","MEDIO","BAJO",2,2,1,5,"MEDIO","SI","Dato Semiprivado","CLASIFICADA","El derecho de toda persona a la intimidad, bajo las limitaciones propias que impone la condición de servidor publico, en concordancia con lo estipulado por el artículo 24 de la Ley 1437 de 2011.",null,"Información exceptuada por daño de derechos a personas naturales o jurídicas.\n Articulo 18 Ley 1712 de 2014\nLos que involucren derechos a la privacidad e intimidad de las personas, incluidas en las hojas de vida, la historia laboral y los expedientes pensionales y demás registros de personal que obren en los archivos de las instituciones públicas o privadas, así como la historia clínica, salvo que sean solicitados por los propios interesados o por sus apoderados con facultad expresa para acceder a esa información.\n","Parcial","2023-09-25","Ilimitada, y no deberán aplicarse cuando la persona natural o jurídica ha consentido en la revelación de sus datos personales o privados o bien cuando es claro que la información fue entregada como parte de aquella información que debe estar bajo el régimen de publicidad aplicable"]
[379,"Gestión Contractual","Constancia que acredite la verificación de publicación de la declaración de bienes y rentas y registro de conflictos de interés ","Documento eléctronico registrado en el Sistema Información y Gestión del Empleo Público, administrado por el DAFP  que da cuenta sobre el diligenciamiento de una persona natural o juridica respecto de los bienes que posee y si esta incurso o no en conflicto de interes","2018-07-06",null,"Información","Español","Electrónico","2018-07-16","Documento PDF","Publicada","Por demanda","Archivos digitales","Agrupación documental integrada por los documentos generados en el proceso de contratación con personas naturales o jurídicas con el objeto de realizar actividades relacionadas con la administración o funcionamiento de la UBPD.","Secretario General de Unidad Especial Secretaría General","Grupo Interno de Trabajo de Gestión contractual","SI","BAJO","BAJO","BAJO","BAJO",1,1,1,3,"BAJO","NO",null,"PÚBLICA","No tiene excepción de acceso",null,"Información Pública de conocimiento General","No Aplica","2023-10-30","No Aplica "]
[380,"Gestión Contractual","Solicitudes de convocatoria limitada MIPYMES","Petición realizada por los interesados con el fin de limitar  un proceso de selección a  Pequeñas y Mediana empresas","2018-07-06",null,"Información","Español","Electrónico","2018-07-16","Documento PDF","Publicada","Por demanda","Archivos digitales","Agrupación documental integrada por los documentos generados en el proceso de contratación con personas naturales o jurídicas con el objeto de realizar actividades relacionadas con la administración o funcionamiento de la UBPD.","Secretario General de Unidad Especial Secretaría General","Grupo Interno de Trabajo de Gestión contractual","NO","BAJO",null,"BAJO","BAJO",1,1,1,3,"BAJO","NO",null,"PÚBLICA","No tiene excepción de acceso",null,"Información Pública de conocimiento General","No Aplica","2023-10-30","No Aplica "]
[381,"Gestión Contractual","Acto administrativo de justificación de la contratación directa","Documento que   sustenta las razones legales para suscribir un contrato, sin realizar un   proceso de seleccion abierto","2018-07-06",null,"Información","Español","Electrónico","2018-07-16","Documento PDF","Publicada","Por demanda","Archivos digitales","Agrupación documental integrada por los documentos generados en el proceso de contratación con personas naturales o jurídicas con el objeto de realizar actividades relacionadas con la administración o funcionamiento de la UBPD.","Secretario General de Unidad Especial Secretaría General","Grupo Interno de Trabajo de Gestión contractual","NO","BAJO",null,"BAJO","BAJO",1,1,1,3,"BAJO","NO",null,"PÚBLICA","No tiene excepción de acceso",null,"Información Pública de conocimiento General","No Aplica","2023-10-30","No Aplica "]
[382,"Gestión Contractual","Acto administrativo de apertura ","Documento  por medio del cual formalmente se da inicio a un proceso de contratación con el fin de adquirir un bien o servicio específico","2018-07-06",null,"Información","Español","Electrónico","2018-07-16","Documento PDF","Publicada","Por demanda","Archivos digitales","Agrupación documental integrada por los documentos generados en el proceso de contratación con personas naturales o jurídicas con el objeto de realizar actividades relacionadas con la administración o funcionamiento de la UBPD.","Secretario General de Unidad Especial Secretaría General","Grupo Interno de Trabajo de Gestión contractual","NO","BAJO",null,"BAJO","BAJO",1,1,1,3,"BAJO","NO",null,"PÚBLICA","No tiene excepción de acceso",null,"Información Pública de conocimiento General","No Aplica","2023-10-30","No Aplica "]
[383,"Gestión Contractual","Pliego de condiciones definitivo ","Documento por medio del cual se establece las reglas que rigen  el  proceso de selección. ","2018-07-06",null,"Información","Español","Electrónico","2018-07-16","Documento PDF","Publicada","Por demanda","Archivos digitales","Agrupación documental integrada por los documentos generados en el proceso de contratación con personas naturales o jurídicas con el objeto de realizar actividades relacionadas con la administración o funcionamiento de la UBPD.","Secretario General de Unidad Especial Secretaría General","Grupo Interno de Trabajo de Gestión contractual","NO","BAJO",null,"BAJO","BAJO",1,1,1,3,"BAJO","NO",null,"PÚBLICA","No tiene excepción de acceso",null,"Información Pública de conocimiento General","No Aplica","2023-10-30","No Aplica "]
[384,"Gestión Contractual","Acta de audiencia de tipificación, asignación y estimación de riesgos","Documento soporte que contiene información de la audiencia de tipificación, estimación y distribución de la asignación de riesgos., para los procesos de licitación publica","2018-07-06",null,"Información","Español","Híbrido: Análogo - digital","2018-07-16","Documento PDF","Publicada","Por demanda","Archivos digitales","Agrupación documental integrada por los documentos generados en el proceso de contratación con personas naturales o jurídicas con el objeto de realizar actividades relacionadas con la administración o funcionamiento de la UBPD.","Secretario General de Unidad Especial Secretaría General","Grupo Interno de Trabajo de Gestión contractual","NO","BAJO",null,"BAJO","BAJO",1,1,1,3,"BAJO","NO",null,"PÚBLICA","No tiene excepción de acceso",null,"Información Pública de conocimiento General","No Aplica","2023-10-30","No Aplica "]
[385,"Gestión Contractual","Manifestaciones de interés (SAMC)","Documento mediante el cual el proponente manifiesta su interes de participar en el proceso de selección abreviada de menor cuantia","2018-07-06",null,"Información","Español","Híbrido: Análogo - electrónico","2018-07-16","Documento PDF","Publicada","Por demanda","Archivos digitales","Agrupación documental integrada por los documentos generados en el proceso de contratación con personas naturales o jurídicas con el objeto de realizar actividades relacionadas con la administración o funcionamiento de la UBPD.","Secretario General de Unidad Especial Secretaría General","Grupo Interno de Trabajo de Gestión contractual","SI","BAJO","BAJO","BAJO","BAJO",1,1,1,3,"BAJO","NO",null,"PÚBLICA","No tiene excepción de acceso",null,"Información Pública de conocimiento General","No Aplica","2023-10-30","No Aplica "]
[386,"Gestión Contractual","Observaciones a pliego de condiciones definitivo","Documento mediante el cual se realizan solicitudes al pliego de condiciones definitivo  a efectos deser modificado o aclarado","2018-07-06",null,"Información","Español","Híbrido: Análogo - electrónico","2018-07-16","Documento PDF","Publicada","Por demanda","Archivos digitales","Agrupación documental integrada por los documentos generados en el proceso de contratación con personas naturales o jurídicas con el objeto de realizar actividades relacionadas con la administración o funcionamiento de la UBPD.","Secretario General de Unidad Especial Secretaría General","Grupo Interno de Trabajo de Gestión contractual","NO","BAJO",null,"BAJO","BAJO",1,1,1,3,"BAJO","NO",null,"PÚBLICA","No tiene excepción de acceso",null,"Información Pública de conocimiento General","No Aplica","2023-10-30","No Aplica "]
[387,"Gestión Contractual","Adendas","Documento por el cual se  modifica el  cronograma y/o el pliego de condiciones.","2018-07-06",null,"Información","Español","Híbrido: Análogo - electrónico","2018-07-16","Documento PDF","Publicada","Por demanda","Archivos digitales","Agrupación documental integrada por los documentos generados en el proceso de contratación con personas naturales o jurídicas con el objeto de realizar actividades relacionadas con la administración o funcionamiento de la UBPD.","Secretario General de Unidad Especial Secretaría General","Grupo Interno de Trabajo de Gestión contractual","NO","BAJO",null,"BAJO","BAJO",1,1,1,3,"BAJO","NO",null,"PÚBLICA","No tiene excepción de acceso",null,"Información Pública de conocimiento General","No Aplica","2023-10-30","No Aplica "]
[388,"Gestión Contractual","Lista de proponentes ","Docuemnto que relaciona la identificación y número de  oferentes que presentan propuesta en un proceso de selección","2018-07-06",null,"Información","Español","Híbrido: Análogo - electrónico","2018-07-16","Documento PDF","Publicada","Por demanda","Archivos digitales","Agrupación documental integrada por los documentos generados en el proceso de contratación con personas naturales o jurídicas con el objeto de realizar actividades relacionadas con la administración o funcionamiento de la UBPD.","Secretario General de Unidad Especial Secretaría General","Grupo Interno de Trabajo de Gestión contractual","NO","BAJO",null,"BAJO","BAJO",1,1,1,3,"BAJO","NO",null,"PÚBLICA","No tiene excepción de acceso",null,"Información Pública de conocimiento General","No Aplica","2023-10-30","No Aplica "]
[389,"Gestión Contractual","Propuestas /oferta de servicios","Documento mediante el cual se  realiza un ofrecimiento por una persona natural o juridica que participa en un proceso de seleccion .","2018-07-06",null,"Información","Español","Híbrido: Análogo - electrónico","2018-07-16","Documento PDF","Publicada","Por demanda","Archivos digitales","Agrupación documental integrada por los documentos generados en el proceso de contratación con personas naturales o jurídicas con el objeto de realizar actividades relacionadas con la administración o funcionamiento de la UBPD.","Secretario General de Unidad Especial Secretaría General","Grupo Interno de Trabajo de Gestión contractual","SI","BAJO","BAJO","BAJO","BAJO",1,1,1,3,"BAJO","NO",null,"PÚBLICA","No tiene excepción de acceso",null,"Información Pública de conocimiento General","No Aplica","2023-10-30","No Aplica "]
[390,"Gestión Contractual","Informe de evaluación preliminar","Documento en el cual  se hace constar el cumplimiento  o no de los requisitos tecnicos, juridicos y financieros solicitados en el curso del proceso de selección","2018-07-06",null,"Información","Español","Híbrido: Análogo - digital","2018-07-16","Documento PDF","Publicada","Por demanda","Archivos digitales","Agrupación documental integrada por los documentos generados en el proceso de contratación con personas naturales o jurídicas con el objeto de realizar actividades relacionadas con la administración o funcionamiento de la UBPD.","Secretario General de Unidad Especial Secretaría General","Grupo Interno de Trabajo de Gestión contractual","NO","BAJO",null,"BAJO","BAJO",1,1,1,3,"BAJO","NO",null,"PÚBLICA","No tiene excepción de acceso",null,"Información Pública de conocimiento General","No Aplica","2023-10-30","No Aplica "]
[391,"Gestión Contractual","Respuesta a observaciones al informe de evaluación preliminar","Documento  mediante el cual los participantes dentro de un proceso de seleccion responden, objetan o aclaran el informe de evaluacion .","2018-07-06",null,"Información","Español","Híbrido: Análogo - digital","2018-07-16","Audio","Publicada","Por demanda","Archivos digitales","Agrupación documental integrada por los documentos generados en el proceso de contratación con personas naturales o jurídicas con el objeto de realizar actividades relacionadas con la administración o funcionamiento de la UBPD.","Secretario General de Unidad Especial Secretaría General","Grupo Interno de Trabajo de Gestión contractual","NO","BAJO",null,"BAJO","BAJO",1,1,1,3,"BAJO","NO",null,"PÚBLICA","No tiene excepción de acceso",null,"Información Pública de conocimiento General","No Aplica","2023-10-30","No Aplica "]
[392,"Gestión Contractual","Subsanaciones y observaciones presentadas frente al informe de evaluación preliminar","documentos aportados por los oferentes durante el termino de traslado otorgado por la entidad  con el fin de cumplir con la totalidad de los requisitos  exigidos","2018-07-06",null,"Información","Español","Híbrido: Análogo - digital","2018-07-16","Documento PDF","Publicada","Por demanda","Archivos digitales","Agrupación documental integrada por los documentos generados en el proceso de contratación con personas naturales o jurídicas con el objeto de realizar actividades relacionadas con la administración o funcionamiento de la UBPD.","Secretario General de Unidad Especial Secretaría General","Grupo Interno de Trabajo de Gestión contractual","NO","BAJO",null,"BAJO","BAJO",1,1,1,3,"BAJO","NO",null,"PÚBLICA","No tiene excepción de acceso",null,"Información Pública de conocimiento General","No Aplica","2023-10-30","No Aplica "]
[393,"Gestión Contractual","Informe de evaluación definitivo","Documento definitivo  en el cual  se hace constar el cumplimiento  o no de los requisitos tecnicos, juridicos y financieros solicitados en el curso del proceso de selección","2018-07-06",null,"Información","Español","Electrónico","2018-07-16","Documento PDF","Publicada","Por demanda","Archivos digitales","Agrupación documental integrada por los documentos generados en el proceso de contratación con personas naturales o jurídicas con el objeto de realizar actividades relacionadas con la administración o funcionamiento de la UBPD.","Secretario General de Unidad Especial Secretaría General","Grupo Interno de Trabajo de Gestión contractual","NO","BAJO",null,"BAJO","BAJO",1,1,1,3,"BAJO","NO",null,"PÚBLICA","No tiene excepción de acceso",null,"Información Pública de conocimiento General","No Aplica","2023-10-30","No Aplica "]
[394,"Gestión Contractual","Acta de evento de subasta inversa presencial (físico) o reporte del resultado del evento de subasta inversa electrónica (SECOP II)","Documento  que contiene información de los lances efectuados  por los participantes a la subasta  y que determina cual de ellos ofertó el menor precio ","2018-07-06",null,"Información","Español","Híbrido: Análogo - digital","2018-07-16","Documento PDF","Publicada","Por demanda","Archivos digitales","Agrupación documental integrada por los documentos generados en el proceso de contratación con personas naturales o jurídicas con el objeto de realizar actividades relacionadas con la administración o funcionamiento de la UBPD.","Secretario General de Unidad Especial Secretaría General","Grupo Interno de Trabajo de Gestión contractual","SI","BAJO","BAJO","BAJO","BAJO",1,1,1,3,"BAJO","NO",null,"PÚBLICA","No tiene excepción de acceso",null,"Información Pública de conocimiento General","No Aplica","2023-10-30","No Aplica "]
[395,"Gestión Contractual","Acta de sorteo de desempate","Documento que contiene información  sobre el desarrollo del evento en el cual se realiza el sorteo para establecer el ganador del proceso de selección ","2018-07-06",null,"Información","Español","Híbrido: Análogo - digital","2018-07-16","Documento PDF","Publicada","Por demanda","Archivos digitales","Agrupación documental integrada por los documentos generados en el proceso de contratación con personas naturales o jurídicas con el objeto de realizar actividades relacionadas con la administración o funcionamiento de la UBPD.","Secretario General de Unidad Especial Secretaría General","Grupo Interno de Trabajo de Gestión contractual","NO","BAJO",null,"BAJO","BAJO",1,1,1,3,"BAJO","NO",null,"PÚBLICA","No tiene excepción de acceso",null,"Información Pública de conocimiento General","No Aplica","2023-10-30","No Aplica "]
[396,"Gestión Contractual","Acta de recomendación del comité evaluador","Documento en el cual el comite evaluador sugiere al ordenador del gasto con base en el informe defintivo a quien se debe adjudicar un proceso de seleccion ","2018-07-06",null,"Información","Español","Híbrido: Análogo - digital","2018-07-16","Documento PDF","Publicada","Por demanda","Archivos digitales","Agrupación documental integrada por los documentos generados en el proceso de contratación con personas naturales o jurídicas con el objeto de realizar actividades relacionadas con la administración o funcionamiento de la UBPD.","Secretario General de Unidad Especial Secretaría General","Grupo Interno de Trabajo de Gestión contractual","NO","BAJO",null,"BAJO","BAJO",1,1,1,3,"BAJO","NO",null,"PÚBLICA","No tiene excepción de acceso",null,"Información Pública de conocimiento General","No Aplica","2023-10-30","No Aplica "]
[397,"Gestión Contractual","Acta de audiencia de adjudicación o declaración desierta (LP)","Documento en el cual se hace constar el desarrollo  de la audiencia publica de adjudicacion o declaratoria de desierta ","2018-07-06",null,"Información","Español","Híbrido: Análogo - digital","2018-07-16","Documento PDF","Publicada","Por demanda","Archivos digitales","Agrupación documental integrada por los documentos generados en el proceso de contratación con personas naturales o jurídicas con el objeto de realizar actividades relacionadas con la administración o funcionamiento de la UBPD.","Secretario General de Unidad Especial Secretaría General","Grupo Interno de Trabajo de Gestión contractual","NO","BAJO",null,"BAJO","BAJO",1,1,1,3,"BAJO","NO",null,"PÚBLICA","No tiene excepción de acceso",null,"Información Pública de conocimiento General","No Aplica","2023-10-30","No Aplica "]
[398,"Gestión Contractual","Acto administrativo de adjudicación (El original estará en el expediente de datos administrativos y se publicaran en la plataforma de SECOP II)","Documento que contiene el sustento jurìdico  y tecnico para adjudicar un contrato a una persona natural o juridica","2018-07-06",null,"Información","Español","Híbrido: Análogo - digital","2018-07-16","Documento PDF","Publicada","Por demanda","Archivos digitales","Agrupación documental integrada por los documentos generados en el proceso de contratación con personas naturales o jurídicas con el objeto de realizar actividades relacionadas con la administración o funcionamiento de la UBPD.","Secretario General de Unidad Especial Secretaría General","Grupo Interno de Trabajo de Gestión contractual","NO","BAJO",null,"BAJO","BAJO",1,1,1,3,"BAJO","NO",null,"PÚBLICA","No tiene excepción de acceso",null,"Información Pública de conocimiento General","No Aplica","2023-10-30","No Aplica "]
[399,"Gestión Contractual","Propuesta de ESALES (Entidades  Sin Animo de Lucro)","Documentos que acreditan el caracter de una persona juridica sin animo de lucro ","2018-07-06",null,"Información","Español","Híbrido: Análogo - digital","2019-09-18","Documento PDF","Publicada","Por demanda","Archivos digitales","Agrupación documental integrada por los documentos generados en el proceso de contratación con personas naturales o jurídicas con el objeto de realizar actividades relacionadas con la administración o funcionamiento de la UBPD.","Secretario General de Unidad Especial Secretaría General","Grupo Interno de Trabajo de Gestión contractual","SI","BAJO","BAJO","MEDIO","MEDIO",1,2,2,5,"MEDIO","NO",null,"PÚBLICA","No tiene excepción de acceso",null,"Información Pública de conocimiento General","No Aplica","2023-10-30","No Aplica "]
[400,"Gestión Contractual","Certificación de insuficiencia o no existencia de personal en planta (PSP). ","Documento en el cual la Subdirección de Gestión Humana cerifica que no existe personal de planta o el mismo es insuficiente para realizar la actividad que se pretende contratar.","2018-07-06",null,"Información","Español","Híbrido: Análogo - digital","2018-07-16","Documento PDF","Publicada","Por demanda","Archivos digitales","Agrupación documental integrada por los documentos generados en el proceso de contratación con personas naturales o jurídicas con el objeto de realizar actividades relacionadas con la administración o funcionamiento de la UBPD.","Secretario General de Unidad Especial Secretaría General","Grupo Interno de Trabajo de Gestión contractual","NO","BAJO",null,"BAJO","BAJO",1,1,1,3,"BAJO","NO",null,"PÚBLICA","No tiene excepción de acceso",null,"Información Pública de conocimiento General","No Aplica","2023-10-30","No Aplica "]
[401,"Gestión Contractual","Autorización para objetos iguales   (PSP). ","Documento en el cual la ordenadora del gasto aprueba la suscripción de varios contratos con objeto igual conforme a la necesidad del àrea. ","2018-07-06",null,"Información","Español","Híbrido: Análogo - digital","2018-07-16","Documento PDF","Publicada","Por demanda","Archivos digitales","Agrupación documental integrada por los documentos generados en el proceso de contratación con personas naturales o jurídicas con el objeto de realizar actividades relacionadas con la administración o funcionamiento de la UBPD.","Secretario General de Unidad Especial Secretaría General","Grupo Interno de Trabajo de Gestión contractual","NO","BAJO",null,"BAJO","BAJO",1,1,1,3,"BAJO","NO",null,"PÚBLICA","No tiene excepción de acceso",null,"Información Pública de conocimiento General","No Aplica","2023-10-30","No Aplica "]
[402,"Gestión Contractual","Justificación para la contratación de personal altamente calificado. (PSP). ","Documento que contiene el sustento jurìdico y tecnico de la necesidad de contratación de una persona para la ejecucion de servicios altamente calificados (por su nivel de especialidad y/o complejidad","2018-07-06",null,"Información","Español","Híbrido: Análogo - digital","2018-07-16","Documento PDF","Publicada","Por demanda","Archivos digitales","Agrupación documental integrada por los documentos generados en el proceso de contratación con personas naturales o jurídicas con el objeto de realizar actividades relacionadas con la administración o funcionamiento de la UBPD.","Secretario General de Unidad Especial Secretaría General","Grupo Interno de Trabajo de Gestión contractual","NO","BAJO",null,"BAJO","BAJO",1,1,1,3,"BAJO","NO",null,"PÚBLICA","No tiene excepción de acceso",null,"Información Pública de conocimiento General","No Aplica","2023-10-30","No Aplica "]
[403,"Gestión Contractual","Formato Único de Hoja de Vida de la Función Pública (PSP). ","Documento técnico oficial  establecido por el Departamento Administrativo de la Función Pública el  el cual permite obtener de manera estandarizada los datos personales, academicos y de experiencia sobre el talento humano que presta sus servicios a las entidades y a los organismos del sector público","2018-07-06",null,"Información","Español","Híbrido: Análogo - digital","2018-07-16","Documento PDF","Publicada","Por demanda","Archivos digitales","Agrupación documental integrada por los documentos generados en el proceso de contratación con personas naturales o jurídicas con el objeto de realizar actividades relacionadas con la administración o funcionamiento de la UBPD.","Secretario General de Unidad Especial Secretaría General","Grupo Interno de Trabajo de Gestión contractual","SI","MEDIO","MEDIO","MEDIO","BAJO",2,2,1,5,"MEDIO","SI","Dato Semiprivado","CLASIFICADA","El derecho de toda persona a la intimidad, bajo las limitaciones propias que impone la condición de servidor publico, en concordancia con lo estipulado por el artículo 24 de la Ley 1437 de 2011.",null,"Información exceptuada por daño de derechos a personas naturales o jurídicas.\n Articulo 18 Ley 1712 de 2014\nLos que involucren derechos a la privacidad e intimidad de las personas, incluidas en las hojas de vida, la historia laboral y los expedientes pensionales y demás registros de personal que obren en los archivos de las instituciones públicas o privadas, así como la historia clínica, salvo que sean solicitados por los propios interesados o por sus apoderados con facultad expresa para acceder a esa información.\n","Parcial","2023-09-25","Ilimitada, y no deberán aplicarse cuando la persona natural o jurídica ha consentido en la revelación de sus datos personales o privados o bien cuando es claro que la información fue entregada como parte de aquella información que debe estar bajo el régimen de publicidad aplicable"]
[404,"Gestión Contractual","Autorización para la realización del estudio de confiabilidad y verificación de la residencia UBPD para persona nuevas (PSP). ","Documento mediante el cual   una persona natural interesada en vincularse a la entidad, autoriza a la UBPD  para la  verificacion de los soportes de su hoja de vida, formación academica y antecedentes.","2018-07-06","2021-08-26","Información","Español","Híbrido: Análogo - digital","2018-07-06","Documento PDF","Publicada","Por demanda","Archivos digitales","Agrupación documental integrada por los documentos generados en el proceso de contratación con personas naturales o jurídicas con el objeto de realizar actividades relacionadas con la administración o funcionamiento de la UBPD.","Secretario General de Unidad Especial Secretaría General","Grupo Interno de Trabajo de Gestión contractual","NO","BAJO",null,"BAJO","BAJO"," "," "," ",0,"BAJO","NO",null,"PÚBLICA","No tiene excepción de acceso",null,"Información Pública de conocimiento General","No Aplica","2023-10-23","No Aplica "]
[405,"Gestión Contractual","Correo de finalización del estudio de confiabilidad indicando favorabilidad o no  (PSP). ","Documento que contiene el aval o no  de la funcionaria de prevencion para la vinculacion del futuro contratista de la UBPD","2018-07-06",null,"Información","Español","Híbrido: Análogo - digital","2021-08-28","Documento PDF","Publicada","Por demanda","Archivos digitales","Agrupación documental integrada por los documentos generados en el proceso de contratación con personas naturales o jurídicas con el objeto de realizar actividades relacionadas con la administración o funcionamiento de la UBPD.","Secretario General de Unidad Especial Secretaría General","Grupo Interno de Trabajo de Gestión contractual","NO","MEDIO",null,"MEDIO","BAJO",2,2,1,5,"MEDIO","SI","Dato Sensible","CLASIFICADA","El derecho de toda persona a la intimidad, bajo las limitaciones propias que impone la condición de servidor publico, en concordancia con lo estipulado por el artículo 24 de la Ley 1437 de 2011.",null,"Información exceptuada por daño de derechos a personas naturales o jurídicas.\n Articulo 18 Ley 1712 de 2014\nLos que involucren derechos a la privacidad e intimidad de las personas, incluidas en las hojas de vida, la historia laboral y los expedientes pensionales y demás registros de personal que obren en los archivos de las instituciones públicas o privadas, así como la historia clínica, salvo que sean solicitados por los propios interesados o por sus apoderados con facultad expresa para acceder a esa información.\n","Total","2023-09-25","Ilimitada, y no deberán aplicarse cuando la persona natural o jurídica ha consentido en la revelación de sus datos personales o privados o bien cuando es claro que la información fue entregada como parte de aquella información que debe estar bajo el régimen de publicidad aplicable"]
[406,"Gestión Contractual","Certificaciones de formación académica (PSP).","Documentos que soportan la acreditacion de estudios formales o no formales del interesado en vincularse a la UBPD ","2018-07-06",null,"Información","Español","Híbrido: Análogo - digital","2018-07-16","Documento PDF","Publicada","Por demanda","Archivos digitales","Agrupación documental integrada por los documentos generados en el proceso de contratación con personas naturales o jurídicas con el objeto de realizar actividades relacionadas con la administración o funcionamiento de la UBPD.","Secretario General de Unidad Especial Secretaría General","Grupo Interno de Trabajo de Gestión contractual","SI","BAJO","BAJO","MEDIO","BAJO",1,2,1,4,"MEDIO","NO",null,"PÚBLICA","No tiene excepción de acceso",null,"Información Pública de conocimiento General","No Aplica","2023-10-30","No Aplica "]
[407,"Gestión Contractual","Soportes de experiencia (los cuales deben estar acorde con lo establecido en la hoja de vida del SIGEP (PSP).","Documentos que acreditan la experiencia adquirida por el futuro contratista ","2018-07-06",null,"Información","Español","Híbrido: Análogo - digital","2018-07-16","Documento PDF","Publicada","Por demanda","Archivos digitales","Agrupación documental integrada por los documentos generados en el proceso de contratación con personas naturales o jurídicas con el objeto de realizar actividades relacionadas con la administración o funcionamiento de la UBPD.","Secretario General de Unidad Especial Secretaría General","Grupo Interno de Trabajo de Gestión contractual","SI","BAJO","BAJO","MEDIO","BAJO",1,2,1,4,"MEDIO","NO",null,"PÚBLICA","No tiene excepción de acceso",null,"Información Pública de conocimiento General","No Aplica","2023-10-30","No Aplica "]
[408,"Gestión Contractual","Tarjeta o matrícula profesional (PSP).","Documento de carácter público que acredita la información profesional de una persona en un campo específico.","2018-07-06",null,"Información","Español","Híbrido: Análogo - digital","2018-07-16","Documento PDF","Publicada","Por demanda","Archivos digitales","Agrupación documental integrada por los documentos generados en el proceso de contratación con personas naturales o jurídicas con el objeto de realizar actividades relacionadas con la administración o funcionamiento de la UBPD.","Secretario General de Unidad Especial Secretaría General","Grupo Interno de Trabajo de Gestión contractual","SI","BAJO","BAJO","MEDIO","BAJO",1,2,1,4,"MEDIO","NO",null,"PÚBLICA","No tiene excepción de acceso",null,"Información Pública de conocimiento General","No Aplica","2023-10-30","No Aplica "]
[409,"Gestión Contractual","Certificado de antecedentes disciplinarios en el ejercicio de la profesión, expedidos por la autoridad competente. Ej: Consejo Superior de la Judicatura, Junta Central de Contadores, COPNIA, Consejo Nacional de Administración de Empresas, etc. (PSP).","Documento que certifica la validez de la tarjeta o matricula profesional y las faltas o sanciones impuestas al mismo","2018-07-06",null,"Información","Español","Híbrido: Análogo - digital","2018-07-16","Documento PDF","Publicada","Por demanda","Archivos digitales","Agrupación documental integrada por los documentos generados en el proceso de contratación con personas naturales o jurídicas con el objeto de realizar actividades relacionadas con la administración o funcionamiento de la UBPD.","Secretario General de Unidad Especial Secretaría General","Grupo Interno de Trabajo de Gestión contractual","SI","BAJO","BAJO","BAJO","BAJO",1,1,1,3,"BAJO","NO",null,"PÚBLICA","No tiene excepción de acceso",null,"Información Pública de conocimiento General","No Aplica","2023-10-30","No Aplica "]
[410,"Gestión Contractual","Copia del Certificado médico de salud ocupacional vigente con máximo de expedición de 3 años, que incluya: Perfil lipídico (HDL, LDL, colesterol, glicemia y triglicéridos), visiometría, audiometría y examen médico con énfasis osteomuscular. (PSP).","Documento mediante el cual se acredita la aptitud  física, mental  para ser vinculada una persona a traves de un contratos de prestacion de servicios ","2018-07-06",null,"Información","Español","Híbrido: Análogo - digital","2018-07-16","Documento PDF","Publicada","Por demanda","Archivos digitales","Agrupación documental integrada por los documentos generados en el proceso de contratación con personas naturales o jurídicas con el objeto de realizar actividades relacionadas con la administración o funcionamiento de la UBPD.","Secretario General de Unidad Especial Secretaría General","Grupo Interno de Trabajo de Gestión contractual","SI","MEDIO","BAJO","BAJO","BAJO",2,1,1,4,"MEDIO","SI","Dato Sensible","CLASIFICADA","El derecho de toda persona a la intimidad, bajo las limitaciones propias que impone la condición de servidor publico, en concordancia con lo estipulado por el artículo 24 de la Ley 1437 de 2011.",null,"Información exceptuada por daño de derechos a personas naturales o jurídicas.\n Articulo 18 Ley 1712 de 2014\nLos que involucren derechos a la privacidad e intimidad de las personas, incluidas en las hojas de vida, la historia laboral y los expedientes pensionales y demás registros de personal que obren en los archivos de las instituciones públicas o privadas, así como la historia clínica, salvo que sean solicitados por los propios interesados o por sus apoderados con facultad expresa para acceder a esa información.\n","Parcial","2023-09-25","Ilimitada, y no deberán aplicarse cuando la persona natural o jurídica ha consentido en la revelación de sus datos personales o privados o bien cuando es claro que la información fue entregada como parte de aquella información que debe estar bajo el régimen de publicidad aplicable"]
[411,"Gestión Contractual","Constancia de estar afiliado al Sistema Integral de Seguridad Social y fondo de Pensiones (PSP).","Documento en el cual se certificada la afiliacion al sistema de seguridad social y pensiones del futuro contratista que va a ingresar en la UBPD","2018-07-06",null,"Información","Español","Híbrido: Análogo - digital","2018-07-16","Documento PDF","Publicada","Por demanda","Archivos digitales","Agrupación documental integrada por los documentos generados en el proceso de contratación con personas naturales o jurídicas con el objeto de realizar actividades relacionadas con la administración o funcionamiento de la UBPD.","Secretario General de Unidad Especial Secretaría General","Grupo Interno de Trabajo de Gestión contractual","SI","BAJO","BAJO","BAJO","BAJO",1,1,1,3,"BAJO","NO",null,"PÚBLICA","No tiene excepción de acceso",null,"Información Pública de conocimiento General","No Aplica","2023-10-30","No Aplica "]
[412,"Gestión Contractual","Constancia que acredite la verificacion de la situacion militar en linea (PSP).","Registro electronico en el cual se verifica la situacion militar de una persona que pretenda vincularse a  la entidad a traves de un contrato de prestacion de servicios ","2018-07-06",null,"Información","Español","Híbrido: Análogo - digital","2018-07-16","Documento PDF","Publicada","Por demanda","Archivos digitales","Agrupación documental integrada por los documentos generados en el proceso de contratación con personas naturales o jurídicas con el objeto de realizar actividades relacionadas con la administración o funcionamiento de la UBPD.","Secretario General de Unidad Especial Secretaría General","Grupo Interno de Trabajo de Gestión contractual","SI","BAJO","BAJO","BAJO","BAJO",1,1,1,3,"BAJO","NO",null,"PÚBLICA","No tiene excepción de acceso",null,"Información Pública de conocimiento General","No Aplica","2023-10-30","No Aplica "]
[413,"Gestión Contractual","Certificación de Idoneidad y experiencia (PSP).","Documento que certifica el cumplimiento de los requisitos de idoneidad y experiencia del futuro contratista para asumir el rol, de acuerdo al perfil solicitado ","2018-07-06",null,"Información","Español","Híbrido: Análogo - digital","2018-07-16","Documento PDF","Publicada","Por demanda","Archivos digitales","Agrupación documental integrada por los documentos generados en el proceso de contratación con personas naturales o jurídicas con el objeto de realizar actividades relacionadas con la administración o funcionamiento de la UBPD.","Secretario General de Unidad Especial Secretaría General","Grupo Interno de Trabajo de Gestión contractual","NO","BAJO",null,"BAJO","BAJO",1,1,1,3,"BAJO","NO",null,"PÚBLICA","No tiene excepción de acceso",null,"Información Pública de conocimiento General","No Aplica","2023-10-30","No Aplica "]
[414,"Gestión Contractual","Contrato/ convenio","Documento que contiene un acuerdo voluntades por el cual una persona se obliga a entregar o a  ejecutar un bien o servicio y la otra se obliga a cancelar un precio ","2018-07-06",null,"Información","Español","Híbrido: Análogo - digital","2018-07-16","Documento PDF","Publicada","Por demanda","Archivos digitales","Agrupación documental integrada por los documentos generados en el proceso de contratación con personas naturales o jurídicas con el objeto de realizar actividades relacionadas con la administración o funcionamiento de la UBPD.","Secretario General de Unidad Especial Secretaría General","Grupo Interno de Trabajo de Gestión contractual","NO","BAJO",null,"BAJO","BAJO",1,1,1,3,"BAJO","NO",null,"PÚBLICA","No tiene excepción de acceso",null,"Información Pública de conocimiento General","No Aplica","2023-10-30","No Aplica "]
[415,"Gestión Contractual","Registro Presupuestal","Documento mediante el cual ese afecta en forma definitiva la apropiación, garantizando que  los recursos no sean desviados para ningún otro fin.","2018-07-06",null,"Información","Español","Híbrido: Análogo - digital","2018-07-16","Documento PDF","Publicada","Por demanda","Archivos digitales","Agrupación documental integrada por los documentos generados en el proceso de contratación con personas naturales o jurídicas con el objeto de realizar actividades relacionadas con la administración o funcionamiento de la UBPD.","Secretario General de Unidad Especial Secretaría General","Grupo Interno de Trabajo de Gestión contractual","NO","BAJO",null,"BAJO","BAJO",1,1,1,3,"BAJO","NO",null,"PÚBLICA","No tiene excepción de acceso",null,"Información Pública de conocimiento General","No Aplica","2023-10-30","No Aplica "]
[416,"Gestión Contractual","Compromiso de confidencialidad","Documento  mediante  el cual  una persona se compromete a guardar reserva frente a la informacion que conoza o que tenga acceso en funcion de su labor","2018-07-06",null,"Información","Español","Híbrido: Análogo - digital","2018-07-16","Documento PDF","Disponible a solicitud","Por demanda","Archivos digitales","Agrupación documental integrada por los documentos generados en el proceso de contratación con personas naturales o jurídicas con el objeto de realizar actividades relacionadas con la administración o funcionamiento de la UBPD.","Secretario General de Unidad Especial Secretaría General","Grupo Interno de Trabajo de Gestión contractual","NO","BAJO",null,"BAJO","BAJO",1,1,1,3,"BAJO","NO",null,"PÚBLICA","No tiene excepción de acceso",null,"Información Pública de conocimiento General","No Aplica","2023-10-30","No Aplica "]
[417,"Gestión Contractual","Reporte de afiliación ARL contratistas (PSP). ","Documento en el cual consta la afiliacion al Administradora de Riesgos Laborales ","2018-07-06",null,"Información","Español","Híbrido: Análogo - digital","2018-07-16","Documento PDF","Publicada","Por demanda","Archivos digitales","Agrupación documental integrada por los documentos generados en el proceso de contratación con personas naturales o jurídicas con el objeto de realizar actividades relacionadas con la administración o funcionamiento de la UBPD.","Secretario General de Unidad Especial Secretaría General","Grupo Interno de Trabajo de Gestión contractual","NO","BAJO",null,"BAJO","BAJO",1,1,1,3,"BAJO","NO",null,"PÚBLICA","No tiene excepción de acceso",null,"Información Pública de conocimiento General","No Aplica","2023-10-30","No Aplica "]
[418,"Gestión Contractual","Afiliación del contratista ante la aseguradora de riesgos profesionales –ARL (PSP). ","Documento que evidencia la afiliación a la ARL por parte del futuro contratista de prestación de servicios profesionales ","2018-07-06",null,"Información","Español","Híbrido: Análogo - digital","2018-07-16","Documento PDF","Publicada","Por demanda","Archivos digitales","Agrupación documental integrada por los documentos generados en el proceso de contratación con personas naturales o jurídicas con el objeto de realizar actividades relacionadas con la administración o funcionamiento de la UBPD.","Secretario General de Unidad Especial Secretaría General","Grupo Interno de Trabajo de Gestión contractual","SI","BAJO","BAJO","BAJO","BAJO",1,1,1,3,"BAJO","NO",null,"PÚBLICA","No tiene excepción de acceso",null,"Información Pública de conocimiento General","No Aplica","2023-10-30","No Aplica "]
[419,"Gestión Contractual","Garantía de cumplimiento establecida en el contrato","Documento que contiene la cobertura de algunos Riesgos identificados en el Proceso de Contratación con los amparos requeridos por la entidad","2018-07-06",null,"Información","Español","Híbrido: Análogo - digital","2018-07-16","Documento PDF","Publicada","Por demanda","Archivos digitales","Agrupación documental integrada por los documentos generados en el proceso de contratación con personas naturales o jurídicas con el objeto de realizar actividades relacionadas con la administración o funcionamiento de la UBPD.","Secretario General de Unidad Especial Secretaría General","Grupo Interno de Trabajo de Gestión contractual","SI","BAJO","BAJO","MEDIO","BAJO",1,2,1,4,"MEDIO","NO",null,"PÚBLICA","No tiene excepción de acceso",null,"Información Pública de conocimiento General","No Aplica","2023-10-30","No Aplica "]
[420,"Gestión Contractual","Comunicación y/o delegación de supervisión del contrato","Documento de designacion de un contratista o servisor publico  para realizar el seguimiento tecnico, administrativo y financiero de un  contrato ","2018-07-06",null,"Información","Español","Híbrido: Análogo - digital","2018-07-16","Documento PDF","Publicada","Por demanda","Archivos digitales","Agrupación documental integrada por los documentos generados en el proceso de contratación con personas naturales o jurídicas con el objeto de realizar actividades relacionadas con la administración o funcionamiento de la UBPD.","Secretario General de Unidad Especial Secretaría General","Grupo Interno de Trabajo de Gestión contractual","NO","BAJO",null,"BAJO","BAJO",1,1,1,3,"BAJO","NO",null,"PÚBLICA","No tiene excepción de acceso",null,"Información Pública de conocimiento General","No Aplica","2023-10-30","No Aplica "]
[421,"Gestión Contractual","Acta de entrega e inventario del inmueble","Documento en el cual se consignan los elementos con los cuales se entrega el inmueble arrendado.","2018-07-06",null,"Información","Español","Híbrido: Análogo - digital","2018-07-16","Documento PDF","Publicada","Por demanda","Archivos digitales","Agrupación documental integrada por los documentos generados en el proceso de contratación con personas naturales o jurídicas con el objeto de realizar actividades relacionadas con la administración o funcionamiento de la UBPD.","Secretario General de Unidad Especial Secretaría General","Grupo Interno de Trabajo de Gestión contractual","SI","BAJO","BAJO","BAJO","BAJO",1,1,1,3,"BAJO","NO",null,"PÚBLICA","No tiene excepción de acceso",null,"Información Pública de conocimiento General","No Aplica","2023-10-30","No Aplica "]
[422,"Gestión Contractual","Acta de inicio","Documento en el que consta el inicio el plazo de ejecucion de un contrato ","2018-07-06",null,"Información","Español","Híbrido: Análogo - digital","2018-07-16","Documento PDF","Publicada","Por demanda","Archivos digitales","Agrupación documental integrada por los documentos generados en el proceso de contratación con personas naturales o jurídicas con el objeto de realizar actividades relacionadas con la administración o funcionamiento de la UBPD.","Secretario General de Unidad Especial Secretaría General","Grupo Interno de Trabajo de Gestión contractual","NO","BAJO",null,"BAJO","BAJO",1,1,1,3,"BAJO","NO",null,"PÚBLICA","No tiene excepción de acceso",null,"Información Pública de conocimiento General","No Aplica","2023-10-30","No Aplica "]
[423,"Gestión Contractual","Informe periódico de supervisión","Documento en el cual se relaciona el nivel de ejecución y el cumplimiento de obligaciones del contrato.","2018-07-06",null,"Información","Español","Híbrido: Análogo - digital","2018-07-16","Documento PDF","Publicada","Por demanda","Archivos digitales","Agrupación documental integrada por los documentos generados en el proceso de contratación con personas naturales o jurídicas con el objeto de realizar actividades relacionadas con la administración o funcionamiento de la UBPD.","Secretario General de Unidad Especial Secretaría General","Grupo Interno de Trabajo de Gestión contractual","NO","BAJO",null,"BAJO","BAJO",1,1,1,3,"BAJO","NO",null,"PÚBLICA","No tiene excepción de acceso",null,"Información Pública de conocimiento General","No Aplica","2023-10-30","No Aplica "]
[424,"Gestión Contractual","Copia del Memorando dirigido a SAF para trámite de pago","Documento con el cual se radica los soportes para el tramite de pago o desmbolso por parte de los supervisores a los diferentes contratistas de la UBPD","2018-07-06",null,"Información","Español","Híbrido: Análogo - digital","2018-07-16","Documento PDF","Publicada","Por demanda","Archivos digitales","Agrupación documental integrada por los documentos generados en el proceso de contratación con personas naturales o jurídicas con el objeto de realizar actividades relacionadas con la administración o funcionamiento de la UBPD.","Secretario General de Unidad Especial Secretaría General","Grupo Interno de Trabajo de Gestión contractual","NO","BAJO",null,"BAJO","BAJO",1,1,1,3,"BAJO","NO",null,"PÚBLICA","No tiene excepción de acceso",null,"Información Pública de conocimiento General","No Aplica","2023-10-30","No Aplica "]
[425,"Gestión Contractual","Solicitudes de modificación, prorroga, suspensión o terminación anticipada y soportes que correspondan","Documento  mediante el cual se pide a la ordenadora del gasto un cambio en el contrato","2018-07-06",null,"Información","Español","Híbrido: Análogo - digital","2018-07-16","Documento PDF","Publicada","Por demanda","Archivos digitales","Agrupación documental integrada por los documentos generados en el proceso de contratación con personas naturales o jurídicas con el objeto de realizar actividades relacionadas con la administración o funcionamiento de la UBPD.","Secretario General de Unidad Especial Secretaría General","Grupo Interno de Trabajo de Gestión contractual","NO","BAJO",null,"BAJO","BAJO",1,1,1,3,"BAJO","NO",null,"PÚBLICA","No tiene excepción de acceso",null,"Información Pública de conocimiento General","No Aplica","2023-10-30","No Aplica "]
[426,"Gestión Contractual","Modificaciones, prorrogas, adiciones, suspensiones o terminaciones anticipadas del convenio","Documento  en el que consta cualquier modificacion al negocio jurìdico suscrito ","2018-07-06",null,"Información","Español","Híbrido: Análogo - digital","2018-07-16","Documento PDF","Publicada","Por demanda","Archivos digitales","Agrupación documental integrada por los documentos generados en el proceso de contratación con personas naturales o jurídicas con el objeto de realizar actividades relacionadas con la administración o funcionamiento de la UBPD.","Secretario General de Unidad Especial Secretaría General","Grupo Interno de Trabajo de Gestión contractual","NO","BAJO",null,"BAJO","BAJO",1,1,1,3,"BAJO","NO",null,"PÚBLICA","No tiene excepción de acceso",null,"Información Pública de conocimiento General","No Aplica","2023-10-30","No Aplica "]
[427,"Gestión Contractual","Reactivación del contrato/ convenio","Documento  en el que se registra el reinicio  de un contrato  que se encontraba suspendido.","2018-07-06",null,"Información","Español","Híbrido: Análogo - digital","2018-07-16","Documento PDF","Publicada","Por demanda","Archivos digitales","Agrupación documental integrada por los documentos generados en el proceso de contratación con personas naturales o jurídicas con el objeto de realizar actividades relacionadas con la administración o funcionamiento de la UBPD.","Secretario General de Unidad Especial Secretaría General","Grupo Interno de Trabajo de Gestión contractual","NO","BAJO",null,"BAJO","BAJO",1,1,1,3,"BAJO","NO",null,"PÚBLICA","No tiene excepción de acceso",null,"Información Pública de conocimiento General","No Aplica","2023-10-30","No Aplica "]
[428,"Gestión Contractual","Poliza modificada ","Documento  en el cual  se ajusta la  garantía de cumplimiento  en cuanto al valor y/o vigencia de los amparos , con ocasion de modificaciones realizadas al negocio jurídico","2018-07-06",null,"Información","Español","Híbrido: Análogo - digital","2018-07-06","Documento PDF","Publicada","Por demanda","Archivos digitales","Agrupación documental integrada por los documentos generados en el proceso de contratación con personas naturales o jurídicas con el objeto de realizar actividades relacionadas con la administración o funcionamiento de la UBPD.","Secretario General de Unidad Especial Secretaría General","Grupo Interno de Trabajo de Gestión contractual","SI","BAJO","BAJO","BAJO","BAJO",1,1,1,3,"BAJO","NO",null,"PÚBLICA","No tiene excepción de acceso",null,"Información Pública de conocimiento General","No Aplica","2023-10-30","No Aplica "]
[429,"Gestión Contractual","Informe final de supervisión","Documento en el cual se recoge la gestión  realizada por la supervision ya sea  por vencimiento del plazo contractualmente pactado, o por desvinculación y/o retiro de la UBPD","2018-07-06",null,"Información","Español","Híbrido: Análogo - digital","2018-07-16","Documento PDF","Publicada","Por demanda","Archivos digitales","Agrupación documental integrada por los documentos generados en el proceso de contratación con personas naturales o jurídicas con el objeto de realizar actividades relacionadas con la administración o funcionamiento de la UBPD.","Secretario General de Unidad Especial Secretaría General","Grupo Interno de Trabajo de Gestión contractual","NO","BAJO",null,"BAJO","BAJO",1,1,1,3,"BAJO","NO",null,"PÚBLICA","No tiene excepción de acceso",null,"Información Pública de conocimiento General","No Aplica","2023-10-30","No Aplica "]
[430,"Gestión Contractual","Acta de liquidación o Resolución de liquidación Unilateral","Documento mediante el cual se realiza el balance final de ejecución del contrato, convenio u orden de compra reconociendo saldos a favor del contratista o de la Unidad, estableciendo con ello el paz y salvo por todo concepto. \n","2018-07-06",null,"Información","Español","Híbrido: Análogo - digital","2018-07-16","Documento PDF","Publicada","Por demanda","Archivos digitales","Agrupación documental integrada por los documentos generados en el proceso de contratación con personas naturales o jurídicas con el objeto de realizar actividades relacionadas con la administración o funcionamiento de la UBPD.","Secretario General de Unidad Especial Secretaría General","Grupo Interno de Trabajo de Gestión contractual","NO","BAJO",null,"BAJO","BAJO",1,1,1,3,"BAJO","NO",null,"PÚBLICA","No tiene excepción de acceso",null,"Información Pública de conocimiento General","No Aplica","2023-10-30","No Aplica "]
[431,"Gestión Contractual","Acta de comité de contratación","Documento en el cual  hace constar las decisiones tomadas por el comite ","2018-06-27",null,"Información","Español","Híbrido: Análogo - digital","2018-07-07","Documento PDF","No disponible, No publicada","Por demanda","Archivos digitales","Contiene información de los participantes a la sesión del Comité, guardando como evidencia para la toma de decisiones. ","Secretario General de Unidad Especial Secretaría General","Grupo Interno De Trabajo De Gestión Contractual - Experto Tecnico","NO","MEDIO",null,"BAJO","BAJO",2,1,1,4,"MEDIO","NO","Dato Privado","CLASIFICADA","Los secretos comerciales, industriales y profesionales,  a excepción de lo estipulados en el articulo 77 de la Ley 1474 de 2011",null,"Información exceptuada por daño de derechos a personas naturales o jurídicas. \nArticulo 18 Ley 1712 de 2014","Parcial","2023-09-25","Ilimitada, y no deberán aplicarse cuando la persona natural o jurídica ha consentido en la revelación de sus datos personales o privados o bien cuando es claro que la información fue entregada como parte de aquella información que debe estar bajo el régimen de publicidad aplicable"]
[432,"Gestión Contractual","Presentación power point del comité de Contratación","Herramienta visual que sirve para transmitir un mensaje a los asistentes del comité de contratación con el objetivo de transmitir una idea y de esas ideas generar debate, sugerencia y final mente compromisos a los asistentes; si es el caso, de igual forma si se generan compromisos estos quedan consignados en las ayudas de memoria o acta.","2018-06-27",null,"Información","Español","Híbrido: Análogo - digital","2018-07-07","Documento PDF","No disponible, No publicada","Por demanda","Archivos digitales","Contiene información sobre los puntos a tratar en el marco del Comité, información relevante para presentar ante esta instancia que conlleve a la toma de decisiones. ","Secretario General de Unidad Especial Secretaría General","Grupo Interno de Trabajo de Gestión contractual","NO","MEDIO",null,"BAJO","BAJO",2,1,1,4,"MEDIO","NO",null,"CLASIFICADA","Los secretos comerciales, industriales y profesionales,  a excepción de lo estipulados en el articulo 77 de la Ley 1474 de 2011",null,"Información exceptuada por daño de derechos a personas naturales o jurídicas. \nArticulo 18 Ley 1712 de 2014","No Aplica","2023-09-25","Ilimitada, y no deberán aplicarse cuando la persona natural o jurídica ha consentido en la revelación de sus datos personales o privados o bien cuando es claro que la información fue entregada como parte de aquella información que debe estar bajo el régimen de publicidad aplicable"]
[433,"Gestión Contractual","Invitaciones al comité de contratación","Citación que se realiza mediante correo electrónico para que un contratista y/ servidor participe en un comite sobre un aspecto específico","2018-06-27",null,"Información","Español","Híbrido: Análogo - digital","2018-07-07","Documento PDF","No disponible, No publicada","Por demanda","Archivos digitales","Contiene información sobre los puntos a tratar en el marco del Comité, información relevante para presentar ante esta instancia que conlleve a la toma de decisiones. ","Secretario General de Unidad Especial Secretaría General","Grupo Interno de Trabajo de Gestión contractual","NO","MEDIO",null,"BAJO","BAJO",2,1,1,4,"MEDIO","NO",null,"CLASIFICADA","El derecho de toda persona a la intimidad, bajo las limitaciones propias que impone la condición de servidor publico, en concordancia con lo estipulado por el artículo 24 de la Ley 1437 de 2011.",null,"Información exceptuada por daño de derechos a personas naturales o jurídicas.\n Articulo 18 Ley 1712 de 2014\nLos que involucren derechos a la privacidad e intimidad de las personas, incluidas en las hojas de vida, la historia laboral y los expedientes pensionales y demás registros de personal que obren en los archivos de las instituciones públicas o privadas, así como la historia clínica, salvo que sean solicitados por los propios interesados o por sus apoderados con facultad expresa para acceder a esa información.\n","No Aplica","2023-09-25","Ilimitada, y no deberán aplicarse cuando la persona natural o jurídica ha consentido en la revelación de sus datos personales o privados o bien cuando es claro que la información fue entregada como parte de aquella información que debe estar bajo el régimen de publicidad aplicable"]
[434,"Gestión Contractual","Peticiones, quejas, reclamos, sugerencias y denuncias PQRSD","Documento que contiene la solicitud realizadas por una persona natural o jurídica de un tema de competencia de  la Secretaría General- Grupo Interno de Gestión Contractual","2019-07-22",null,"Información","Español","Híbrido: Análogo - digital","2019-08-01","Documento PDF","Disponible a solicitud","Por demanda","Sistemas de información","Agrupación documental integrada por las comunicaciones dirigidas a la UBPD en las que se realiza una petición, queja, reclamo, sugerencia o denuncia en relación con las funciones que cumple la Dirección General, la cual por su naturaleza debe ser analizada y tramitada en los términos dictados por la ley.","Secretario General de Unidad Especial Secretaría General","Grupo Interno de Trabajo de Gestión contractual","SI","MEDIO","MEDIO","MEDIO","MEDIO",2,2,2,6,"MEDIO","SI","Dato Sensible","CLASIFICADA","El derecho de toda persona a la vida, la salud o la seguridad",null,"Información exceptuada por daño de derechos a personas naturales o jurídicas. \nArticulo 18 Ley 1712 de 2014","Parcial","2023-09-25","Ilimitada, y no deberán aplicarse cuando la persona natural o jurídica ha consentido en la revelación de sus datos personales o privados o bien cuando es claro que la información fue entregada como parte de aquella información que debe estar bajo el régimen de publicidad aplicable"]
[435,"Gestión Contractual","Informe de Gestión por delegación de funciones","Documento  en el cual consta las actividades desarrolladas por el delegatario con ocasion de la delegacion de funciones ","2019-02-28",null,"Información","Español","Híbrido: Análogo - digital","2019-03-10","Documento PDF","Disponible a solicitud","Trimestral","Sistemas de información","No especificada","Secretario General de Unidad Especial Secretaría General","SECRETARÍA GENERAL","NO","BAJO",null,"BAJO","BAJO",1,1,1,3,"BAJO","NO",null,"PÚBLICA","No tiene excepción de acceso",null,"Información Pública de conocimiento General","No Aplica","2023-10-30","No Aplica "]
[436,"Gestión Contractual","Informe de ejecución Contractual ","Documento en el cual consta el avance de la actividad contractual en un periodo de tiempo  ","2019-04-03",null,"Información","Español","Híbrido: Análogo - digital","2019-04-13","Documento PDF","Disponible a solicitud","Trimestral","Archivos digitales","No especificada","Secretario General de Unidad Especial Secretaría General","SECRETARÍA;GENERAL;Grupo;Interno;de;Trabajo;de;Gestión;contractual","NO","BAJO",null,"BAJO","BAJO",1,1,1,3,"BAJO","NO",null,"PÚBLICA","No tiene excepción de acceso",null,"Información Pública de conocimiento General","No Aplica","2023-10-30","No Aplica "]
[437,"Gestión Contractual","Oferta","Documento mediante el cual se realiza el ofrecimiento de producto o servicio por parte del proponente  y se describen los requisitos para el proceso, asi como las características del mismo. ","2018-07-06",null,"Información","Español","Análogo; Híbrido: Análogo - digital","2018-07-16","Documento PDF","Publicada","Por demanda","Archivos digitales","Agrupación documental integrada por los documentos generados en el proceso de contratación con personas naturales o jurídicas con el objeto de realizar actividades relacionadas con la administración o funcionamiento de la UBPD.","Secretario General de Unidad Especial Secretaría General","Grupo Interno de Trabajo de Gestión contractual","SI","BAJO","MEDIO","BAJO","BAJO",2,1,1,4,"MEDIO","NO",null,"CLASIFICADA","Los secretos comerciales, industriales y profesionales,  a excepción de lo estipulados en el articulo 77 de la Ley 1474 de 2011",null,"Información exceptuada por daño de derechos a personas naturales o jurídicas. \nArticulo 18 Ley 1712 de 2014","Parcial","2023-09-25","Ilimitada, y no deberán aplicarse cuando la persona natural o jurídica ha consentido en la revelación de sus datos personales o privados o bien cuando es claro que la información fue entregada como parte de aquella información que debe estar bajo el régimen de publicidad aplicable"]
[438,"Gestión Contractual","Comunicación procedimiento administrativo sancionatorio","Documento mediante el cual se  informa  a la ordenadora del gasto por parte del supervisor del posible incumplimiento de un contrato a efectos de que se inicie el procedimiento correspondiente ","2018-07-06",null,"Información","Español","Híbrido: Análogo - digital","2018-07-06","Documento PDF","Disponible a solicitud","No aplica","Archivos digitales","Agrupación documental integrada por los documentos generados en el proceso de contratación con personas naturales o jurídicas con el objeto de realizar actividades relacionadas con la administración o funcionamiento de la UBPD.","Secretario General de Unidad Especial Secretaría General","Grupo Interno de Trabajo de Gestión contractual","NO","BAJO",null,"BAJO","BAJO",1,1,1,3,"BAJO","NO",null,"PÚBLICA","No tiene excepción de acceso",null,"Información Pública de conocimiento General","No Aplica","2023-10-30","No Aplica "]
[439,"Gestión Contractual","Actas de audiencia procedimiento administrativo sancionatorio","Documento en el que consta lo acaecido en el marco de una audiencia por posible incumplimiento de un contrato","2018-07-06",null,"Información","Español","Híbrido: Análogo - digital","2018-07-06","Documento PDF","Disponible a solicitud","No aplica","Archivos digitales","Agrupación documental integrada por los documentos generados en el proceso de contratación con personas naturales o jurídicas con el objeto de realizar actividades relacionadas con la administración o funcionamiento de la UBPD.","Secretario General de Unidad Especial Secretaría General","Grupo Interno de Trabajo de Gestión contractual","NO","MEDIO",null,"MEDIO","MEDIO",2,2,2,6,"MEDIO","SI","Dato Privado","CLASIFICADA","El derecho de toda persona a la intimidad, bajo las limitaciones propias que impone la condición de servidor publico, en concordancia con lo estipulado por el artículo 24 de la Ley 1437 de 2011.",null,"Información exceptuada por daño de derechos a personas naturales o jurídicas.\n Articulo 18 Ley 1712 de 2014\nLos que involucren derechos a la privacidad e intimidad de las personas, incluidas en las hojas de vida, la historia laboral y los expedientes pensionales y demás registros de personal que obren en los archivos de las instituciones públicas o privadas, así como la historia clínica, salvo que sean solicitados por los propios interesados o por sus apoderados con facultad expresa para acceder a esa información.\n","Parcial","2023-09-25","Ilimitada, y no deberán aplicarse cuando la persona natural o jurídica ha consentido en la revelación de sus datos personales o privados o bien cuando es claro que la información fue entregada como parte de aquella información que debe estar bajo el régimen de publicidad aplicable"]
[440,"Gestión Contractual","Resolucion declaratoria de desierta","Documento mediante el cual finaliza anormalmente un proceso de seleccion por no existir un adjudicatario","2018-07-06",null,"Información","Español","Digital","2018-07-16","Documento PDF","Publicada","Por demanda","Archivos digitales","Agrupación documental integrada por los documentos generados en el proceso deseleccion  cuando finaliza de  forma anormal","Secretario General de Unidad Especial Secretaría General","Grupo Interno de Trabajo de Gestión contractual","NO","BAJO",null,"BAJO","BAJO",1,1,1,3,"BAJO","NO",null,"PÚBLICA","No tiene excepción de acceso",null,"Información Pública de conocimiento General","No Aplica","2023-10-30","No Aplica "]
[441,"Gestión Contractual","Respuesta a la solicitud","Documento se atiende la solicitud  de informacion o documento presentada por un usuario externo","2018-07-06",null,"Información","Español","Digital","2018-07-16","Documento PDF","Disponible a solicitud","Por demanda","Archivos digitales","Agrupación documental integrada por los documentos generados para dar cumplimiento a una PQRS","Secretario General de Unidad Especial Secretaría General","Grupo  de Gestion Contractual","SI","BAJO","BAJO","BAJO","BAJO",1,1,1,3,"BAJO","NO",null,"PÚBLICA","No tiene excepción de acceso",null,"Información Pública de conocimiento General","No Aplica","2023-10-30","No Aplica "]
[442,"Gestión del Conocimiento ","Investigación sobre contexto de desaparición y búsqueda","Son los análisis realizados a través de investigaciones sobre el Contexto de desaparición y búsqueda para evidenciar las condiciones sociales, políticas y culturales, que describen la información de los perpetradores de las violaciones a los\nderechos humanos e infracciones al DIH y sus modus operandi en el contexto del conflicto armado interno, los testimonios de víctimas y sus familiares y los modos de resistencia de la sociedad civil frente al conflicto armado.","2019-01-01",null,"Información","Español","Electrónico","2019-01-01","Documento PDF","Publicada","No aplica","Intranet","Presenta el resultado de los análisis realizados a través de investigaciones sobre el contexto de desaparición y búsqueda.","Jefe de Oficina de Unidad Especial Oficina de Gestión del Conocimiento","OFICINA DE GESTIÓN DEL CONOCIMIENTO","SI","BAJO","BAJO","BAJO","BAJO",1,1,1,3,"BAJO","NO",null,"PÚBLICA","No tiene excepción de acceso",null,"Información Pública de conocimiento General","No Aplica","2023-10-30","No Aplica "]
[443,"Gestión del Conocimiento ","Informes de Caracterización","Es la identificación de los aspectos del relacionamiento interno y cultura organizacional entre áreas de la UBPD y los GITT a nivel nacional como aporte para la toma de decisiones directivas.  ","2019-01-01","2023-01-31","Información","Español","Electrónico","2019-01-01","Documento PDF","No disponible, No publicada","No aplica","Archivos digitales","Evidencian la identificación de los aspectos del relacionamiento interno entre los GITT, NC y áreas de la UBPD","Jefe de Oficina de Unidad Especial Oficina de Gestión del Conocimiento","OFICINA DE GESTIÓN DEL CONOCIMIENTO","NO","MEDIO",null,"BAJO","BAJO",2,1,1,4,"MEDIO","SI","Dato Sensible","CLASIFICADA","El derecho de toda persona a la intimidad, bajo las limitaciones propias que impone la condición de servidor publico, en concordancia con lo estipulado por el artículo 24 de la Ley 1437 de 2011.","Decreto 1393 de 2018, artículo 6, numeral 3.","Información exceptuada por daño de derechos a personas naturales o jurídicas.\n Articulo 18 Ley 1712 de 2014\nLos que involucren derechos a la privacidad e intimidad de las personas, incluidas en las hojas de vida, la historia laboral y los expedientes pensionales y demás registros de personal que obren en los archivos de las instituciones públicas o privadas, así como la historia clínica, salvo que sean solicitados por los propios interesados o por sus apoderados con facultad expresa para acceder a esa información.\n","Total","2023-09-21","Ilimitada, y no deberán aplicarse cuando la persona natural o jurídica ha consentido en la revelación de sus datos personales o privados o bien cuando es claro que la información fue entregada como parte de aquella información que debe estar bajo el régimen de publicidad aplicable"]
[444,"Gestión del Conocimiento ","Informes Grupos de Interés","Es la identificación de las necesidades, particularidades, expectativas de los actores sociales que se relacionan con la entidad, con el fin de evaluar la percepción que tienen frente a la labor de la UBPD, y con ello establecer estrategias que mejoren el relacionamiento y su precepción.  ","2020-05-07",null,"Información","Español","Electrónico","2020-05-07","Documento PDF","Publicada","No aplica","Intranet","Eidencia la identificación de las necesidades, particularidades, expectativas a fin de evaluar la percepción que tienen frente a la labor de la UBPD, y con ello establecer estrategias que mejoren el relacionamiento y su precepción\n ","Jefe de Oficina de Unidad Especial Oficina de Gestión del Conocimiento","OFICINA DE GESTIÓN DEL CONOCIMIENTO","SI","BAJO","BAJO","BAJO","BAJO",1,1,1,3,"BAJO","NO",null,"PÚBLICA","No tiene excepción de acceso",null,"Información Pública de conocimiento General","No Aplica","2023-10-30","No Aplica "]
[445,"Gestión del Conocimiento ","Informe de sistematización de información cualitativa y cuantitativa","Es el análisis de información que permite comprender el grado de conocimiento, apropiación, percepción, etc., de temas relevantes para\nlas actividades de la Unidad de Búsqueda.\n","2019-01-01",null,"Información","Español","Híbrido: Análogo - electrónico","2019-01-01","Documento PDF","Publicada","No aplica","Archivos digitales","Evidencia los análisis de información que permite comprender el grado de conocimiento, apropiación, percepción, etc., de temas relevantes para las actividades de la UBPD","Jefe de Oficina de Unidad Especial Oficina de Gestión del Conocimiento","OFICINA DE GESTIÓN DEL CONOCIMIENTO","NO","BAJO",null,"BAJO","BAJO",1,1,1,3,"BAJO","NO",null,"PÚBLICA","No tiene excepción de acceso",null,"Información Pública de conocimiento General","No Aplica","2023-10-30","No Aplica "]
[446,"Gestión del Conocimiento ","Informe de sistematización de aprendizajes","Documentación que reúne el proceso de reconstrucción histórica y reflexión de las experiencias de búsqueda analizadas en el marco de la sistematización de aprendizajes de la búsqueda que permite construir una memoria sobre cómo la Unidad ha desarrollado su proceso de búsqueda, y volver sobre los debates, retos y aprendizajes que ha tenido la búsqueda; para así fortalecer el proceso de toma de decisiones en la institución a partir de la evidencia.","2022-01-01",null,"Información","Español","Electrónico","2022-01-01","Documento PDF","Publicada","Anual","Intranet","Reflejan cómo se han venido desarrollando los procesos de búsqueda humanitaria y extrajudicial al interior de la institución, incluyendo las reflexiones, retos y aprendizajes que estos sucitan. Teniendo en cuenta que la forma en cómo desarrollamos la búsqueda es novedosa tanto en el país como en el mundo, en medio de un proceso de construcción de paz, estas sitematizaciones aportan a la historia y la cultura importantes reflexiones sobre el conflcito, la paz y la búsqueda; las cuales serán de valor tanto para el contexto colombiano, como para los lugares donde hayan procesos de conflicto armado, y acciones de paz y reparación. ","Jefe de Oficina de Unidad Especial Oficina de Gestión del Conocimiento","OFICINA DE GESTIÓN DEL CONOCIMIENTO","SI","BAJO","BAJO","MEDIO","MEDIO",1,2,2,5,"MEDIO","NO",null,"PÚBLICA","No tiene excepción de acceso",null,"Información Pública de conocimiento General","No Aplica","2023-10-30","No Aplica "]
[447,"Gestión del Conocimiento ","Entrevistas","Son el producto de un acción de diálogo entre el equipo de oficina y diferentes personas que han participado del proceso de búsqueda (ya sean trabajadorxs de la UBPD o externos), por lo que contienen narraciones, reflexiones, y debates sobre el proceso de búsqueda a partir de la experiencia de lxs entrevistadxs que permite reunir insumos principales actividades como la construcción de sistematización de aprendizajes y  memoria institucional, a partir de su análisis y contrastación de información entre ellas y  archivos secundarios. (Entrevistas para Informes de Caracterización, grupos de interés y sistematización de aprendizajes)","2019-01-01",null,"Información","Español","Electrónico","2019-01-01","Audio","No disponible, No publicada","Quincenal","Archivos digitales","Eidencia la identificación de las necesidades, particularidades, expectativas a fin de evaluar la percepción que tienen frente a la labor de la UBPD, y con ello establecer estrategias que mejoren el relacionamiento y su precepción\n ","Jefe de Oficina de Unidad Especial Oficina de Gestión del Conocimiento","OFICINA DE GESTIÓN DEL CONOCIMIENTO","SI","MEDIO","MEDIO","BAJO","BAJO",2,1,1,4,"MEDIO","SI","Dato Sensible","CLASIFICADA","El derecho de toda persona a la intimidad, bajo las limitaciones propias que impone la condición de servidor publico, en concordancia con lo estipulado por el artículo 24 de la Ley 1437 de 2011.","Decreto 589 de 2017 «Por el cual se organiza la Unidad de Búsqueda de Personas dadas por desaparecidas en el contexto y en razón del conflicto armado» Título III Acceso a la Información artículo 12 Acceso a información Reservada","Información exceptuada por daño de derechos a personas naturales o jurídicas.\n Articulo 18 Ley 1712 de 2014\nLos que involucren derechos a la privacidad e intimidad de las personas, incluidas en las hojas de vida, la historia laboral y los expedientes pensionales y demás registros de personal que obren en los archivos de las instituciones públicas o privadas, así como la historia clínica, salvo que sean solicitados por los propios interesados o por sus apoderados con facultad expresa para acceder a esa información.\n","Total","2020-04-28","Ilimitada, y no deberán aplicarse cuando la persona natural o jurídica ha consentido en la revelación de sus datos personales o privados o bien cuando es claro que la información fue entregada como parte de aquella información que debe estar bajo el régimen de publicidad aplicable"]
[448,"Gestión del Conocimiento ","Plan Institucional de Capacitaciones","Es la hoja de ruta que orienta los procesos de capacitación al interior de la UBPD, con el fin de promover el desarrollo integral de la misión de la entidad y el mejoramiento continuo de sus procesos. Incluye planeación, actas de reunión, listado de asistencia y bases de datos de las personas.\n \n","2023-06-16",null,"Información","Español","Híbrido: Análogo - electrónico","2023-06-16","Documento PDF","Disponible a solicitud","Anual","Portales web propios","Estos planes demuestran la gestión de los objetivos propuestos en la administración y el cumplimiento de los mismos. Una vez termine el tiempo de retención en el archivo central (contado a partir del último informe de seguimiento), se procederá a su conservación total, en su soporte nativo. Aplicar medio técnico, ya sea digitalización o microfilmación indicadas en la introducción, de acuerdo con la determinación que tome el comité y proceder con la transferencia secundaria según se indica en el procedimiento. Criterios de valoración según Decreto 1083 de 2015, Art. 2.2.22.3.14.","Jefe de Oficina de Unidad Especial Oficina de Gestión del Conocimiento","OFICINA DE GESTIÓN DEL CONOCIMIENTO","NO","BAJO",null,"BAJO","BAJO",1,1,1,3,"BAJO","NO",null,"PÚBLICA","No tiene excepción de acceso",null,"Información Pública de conocimiento General","No Aplica","2023-10-30","No Aplica "]
[449,"Gestión del Conocimiento ","Soportes del Plan de Capacitación","Documentos que soportan el desarrollo del Plan Institucional de Capacitación como lo son: formato que permite a las y los servidores solicitar las capacitaciones en temas específicos; cronograma sobre las capacitaciones que se desarrollarán en una determinada vigencia; acto administrativo con la información de las y los servidores que participan en actividades de capacitación;  informe de capacitaciones el cual recopila todas las actividades realizadas en el tema de capacitación. ","2023-06-16",null,"Información","Español","Híbrido: Análogo - electrónico","2023-06-16","Documento PDF","Disponible a solicitud","Anual","Archivos digitales","Estos planes demuestran la gestión de los objetivos propuestos en la administración y el cumplimiento de los mismos. Una vez termine el tiempo de retención en el archivo central (contado a partir del último informe de seguimiento), se procederá a su conservación total, en su soporte nativo. Aplicar medio técnico, ya sea digitalización o microfilmación indicadas en la introducción, de acuerdo con la determinación que tome el comité y proceder con la transferencia secundaria según se indica en el procedimiento. Criterios de valoración según Decreto 1083 de 2015, Art. 2.2.22.3.14.","Jefe de Oficina de Unidad Especial Oficina de Gestión del Conocimiento","OFICINA DE GESTIÓN DEL CONOCIMIENTO","NO","BAJO",null,"BAJO","BAJO",1,1,1,3,"BAJO","NO",null,"PÚBLICA","No tiene excepción de acceso",null,"Información Pública de conocimiento General","No Aplica","2023-10-30","No Aplica "]
[450,"Gestión del Conocimiento ","Convenio Universidades","Es una estrategia  para establecer y fortalecer relaciones e intercambios de conocimiento con universidades públicas, privadas y centros de pensamiento en el ámbito regional y nacional que contribuyan al posicionamiento y fortalecimiento de la UBPD.","2019-04-01",null,"Información","Español","Híbrido: Análogo - electrónico","2019-04-01","Documento PDF","Disponible a solicitud","Anual","Archivos digitales","Aunar esfuerzos académicos, técnicos, tecnológicos y recursos físicos y humanos interinstitucionales en actividades académicas de especial interés para las partes, prestándose en forma recíproca colaboración, acompañamiento, formación y apoyo en los objetivos y funciones, con miras al logro de sus fines y al aprovechamiento racional y óptimo de sus recursos en beneficio común, de la comunidad y la construcción de paz en el país","Jefe de Oficina de Unidad Especial Oficina de Gestión del Conocimiento","OFICINA DE GESTIÓN DEL CONOCIMIENTO","SI","BAJO","BAJO","BAJO","BAJO",1,1,1,3,"BAJO","NO",null,"PÚBLICA","No tiene excepción de acceso",null,"Información Pública de conocimiento General","No Aplica","2023-10-30","No Aplica "]
[451,"Gestión del Conocimiento ","Memoria Institucional","Es el registro de la construcción del proceso interno de búsqueda humanitaria y extrajudicial y el aprendizaje interno institucional. Documento que da cuenta de las principales actividades realizadas por la UBPD en cada año, se cuentan los retos que enfrentó la entidad y cómo los afrontó.","2018-11-11",null,"Información","Español","Electrónico","2018-11-11","Documento PDF","Publicada","Anual","Intranet","Registra la construcción del proceso interno de búsqueda humanitaria y extrajudicial y el aprendizaje interno institucional","Jefe de Oficina de Unidad Especial Oficina de Gestión del Conocimiento","OFICINA DE GESTIÓN DEL CONOCIMIENTO","NO","BAJO",null,"BAJO","BAJO",1,1,1,3,"BAJO","NO",null,"PÚBLICA","No tiene excepción de acceso",null,"Información Pública de conocimiento General","No Aplica","2023-10-30","No Aplica "]
[452,"Gestión del Conocimiento ","Informes de Gestión","Es una narrativa que da cuenta de los avances gestionados por el proceso en pro de los objetivos institucionales.","2019-01-01",null,"Información","Español","Electrónico","2019-01-01","Documento PDF","No disponible, No publicada","Anual","Archivos digitales","Narrativa que da cuenta de las actividades realizadas por la oficina  en pro de los objetivos de la entidad por vigencia","Jefe de Oficina de Unidad Especial Oficina de Gestión del Conocimiento","OFICINA DE GESTIÓN DEL CONOCIMIENTO","NO","BAJO",null,"BAJO","BAJO",1,1,1,3,"BAJO","NO",null,"PÚBLICA","No tiene excepción de acceso",null,"Información Pública de conocimiento General","No Aplica","2023-10-30","No Aplica "]
[453,"Gestión del Conocimiento ","Relatorias","Actas que  contienen elementos de información como participantes, fechas, objetivos o metodologías. Son reflexiones sobre discusiones sostenidas entre los participantes a la reuniones, así como sus conclusiones.","2019-01-01",null,"Información","Español","Híbrido: Análogo - electrónico","2019-01-01","Documento PDF","No disponible, No publicada","Mensual","Archivos digitales","Narrativa que da cuenta de las actividades realizadas por la oficina  en pro de los objetivos de la entidad por vigencia","Jefe de Oficina de Unidad Especial Oficina de Gestión del Conocimiento","OFICINA DE GESTIÓN DEL CONOCIMIENTO","NO","BAJO",null,"BAJO","BAJO",1,1,1,3,"BAJO","NO",null,"PÚBLICA","No tiene excepción de acceso",null,"Información Pública de conocimiento General","No Aplica","2023-10-30","No Aplica "]
[454,"Gestión del Conocimiento ","Inventario Bibliografico","Instumento que presenta los recursos disponibles dentro del centro de documentación Aluna","2019-11-01",null,"Bases de Datos","Español y otros","Híbrido: Análogo - digital","2019-11-01","Hoja de calculo","Publicada","Semestral","Intranet","Contienen las descripciones de las investigaciones, libros, revistas, cartillas, convenciones, videos, documentales, folletos, entre otras formas de almacenamiento y sistematización de información relacionada con la búsqueda de personas dadas por desaparecidas, por lo que se consolida como un instrumento importante para la recuperación de los mismos ","Jefe de Oficina de Unidad Especial Oficina de Gestión del Conocimiento","OFICINA DE GESTIÓN DEL CONOCIMIENTO","SI","BAJO","BAJO","BAJO","BAJO",1,1,1,3,"BAJO","NO",null,"PÚBLICA","No tiene excepción de acceso",null,"Información Pública de conocimiento General","No Aplica","2023-10-30","No Aplica "]
[455,"Gestión del Conocimiento ","Catálogos","Instrumento de consulta que describe de manera analítica los documemtos o recursos del centro documental Aluna que se encuentran disponibles para la consulta de los usuarios internos o externos.","2019-11-01",null,"Bases de Datos","Español y otros","Híbrido: Análogo - digital","2019-11-01","Hoja de calculo","Publicada","Semestral","Intranet","Contienen las descripciones de las investigaciones, libros, revistas, cartillas, convenciones, videos, documentales, folletos, entre otras formas de almacenamiento y sistematización de información relacionada con la búsqueda de personas dadas por desaparecidas, por lo que se consolida como un instrumento importante para la recuperación de los mismos ","Jefe de Oficina de Unidad Especial Oficina de Gestión del Conocimiento","OFICINA DE GESTIÓN DEL CONOCIMIENTO","NO","BAJO",null,"BAJO","BAJO",1,1,1,3,"BAJO","NO",null,"PÚBLICA","No tiene excepción de acceso",null,"Información Pública de conocimiento General","No Aplica","2023-10-30","No Aplica "]
[456,"Gestión del Conocimiento ","Solicitud de información","Documento de valor administrativo y legal que a solicitud de una persona natural o jurídica demuestra la gestión de la UBPD, frente a los aspectos de interés de la ciudadanía y de otras instituciones.","2018-11-10",null,"Información","Español","Híbrido: Análogo - electrónico","2018-11-10","Documento PDF","Disponible a solicitud","Por demanda","Archivos digitales","Demuestran la gestión de la UBPD,frente a los aspectos de interés de la ciudadanía y de otras instituciones.","Jefe de Oficina de Unidad Especial Oficina de Gestión del Conocimiento","OFICINA DE GESTIÓN DEL CONOCIMIENTO","SI","BAJO","BAJO","MEDIO","MEDIO",1,2,2,5,"MEDIO","NO",null,"PÚBLICA","No tiene excepción de acceso",null,"Información Pública de conocimiento General","No Aplica","2023-10-30","No Aplica "]
[457,"Gestión del Conocimiento ","Respuesta de solicitud","Documento de valor administrativo y legal que brinda respuesta a una persona natural o jurídica demuestra la gestión de la UBPD, frente a los aspectos de interés de la ciudadanía y de otras instituciones.","2018-11-10",null,"Información","Español","Híbrido: Análogo - electrónico","2018-11-10","Documento PDF","Disponible a solicitud","Por demanda","Archivos digitales","Demuestran la gestión de la UBPD,frente a los aspectos de interés de la ciudadanía y de otras instituciones.","Jefe de Oficina de Unidad Especial Oficina de Gestión del Conocimiento","OFICINA DE GESTIÓN DEL CONOCIMIENTO","SI","BAJO","BAJO","MEDIO","MEDIO",1,2,2,5,"MEDIO","NO",null,"PÚBLICA","No tiene excepción de acceso",null,"Información Pública de conocimiento General","No Aplica","2023-10-30","No Aplica "]
[458,"Gestión del Conocimiento ","Trabajadores\nJefe de oficina, Experto Técnico 4, Analista técnico 1 y analista técnico 2","Servidorxs y/o contratistas que trabajan en la oficina de gestión del conocimiento en pro de cumplir los objetivos de la entidad y que realizan actividades en especifico como lo son las capacitaciones, los convenios con universidades, la memoria institucional y sistematización de experiencias.","2018-09-01",null,"Personas",null,null,null,null,null,null,null,null,"Jefe de Oficina de Unidad Especial Oficina de Gestión del Conocimiento","OFICINA DE GESTIÓN DEL CONOCIMIENTO","NO","MEDIO",null,"MEDIO","MEDIO",2,2,2,6,"MEDIO","NO",null,"CLASIFICADA",null,null," ",null,"2023-10-30"," "]
[459,"Gestión del Conocimiento ","Sistema de Información documental para la búsqueda - SIDOBU, Sistema de información (gestionemos) ","Elementos que se usan para desarrollar las funciones dentro de la entidad","2018-09-01",null,"Software Aplicaciones Informáticas ",null,null,null,null,null,null,null,null,"Jefe de Oficina de Unidad Especial Oficina de Gestión del Conocimiento","OFICINA DE GESTIÓN DEL CONOCIMIENTO","NO","MEDIO",null,"MEDIO","MEDIO",2,2,2,6,"MEDIO","NO",null,"CLASIFICADA",null,null," ",null,"2023-10-30"," "]
[460,"Comunicación Estratégica y Pedagogía","Actas del comité para la Formulación y Seguimiento a la Implementación de la Política de Divulgación de Información Audiovisual de las Acciones Humanitarias de Búsqueda de la UBPD","Documento que reune el resumen de los principales puntos abordados durante la sesión de trabajo del Comité de Política Audiovisual, así como los acuerdos y tareas pactadas en dicho espacio.","2022-06-21",null,"Información","Español","Híbrido: Análogo - electrónico","2022-06-13","Documento PDF","Disponible a solicitud","Por demanda","Archivos digitales","Serie documental que evidencia de las decisiones tomadas para formular, adoptar y hacer seguimiento a la implementación de la política de divulgación de información audiovisual de las acciones humanitarias de búsqueda de la entidad","Jefe de Oficina Asesora de Unidad Especial Oficina Asesora de Comunicaciones de Pedagogía","Oficina Asesora De Comunicaciones Y Pedagogía - Analista Técnico","NO","BAJO",null,"BAJO","BAJO",1,1,1,3,"BAJO","NO",null,"PÚBLICA","No tiene excepción de acceso",null,"Información Pública de conocimiento General","No Aplica","2023-10-30","No Aplica "]
[461,"Comunicación Estratégica y Pedagogía","Solicitud de información Derechos de Petición","Documento mediante el cual las personas naturales o jurídicas solicitan información sobre el desarrollo general de las funciones del área o la gestión de la dependencia.","2020-05-17",null,"Información","Español","Análogo; Electrónico","2019-05-15","Papel; Documento PDF","Disponible a solicitud","Por demanda","Sistemas de información","Los derechos de petición demuestran la gestión de la UBPD, frente a los aspectos de interés de la ciudadania y de otras instituciones.","Jefe de Oficina Asesora de Unidad Especial Oficina Asesora de Comunicaciones de Pedagogía","Oficina Asesora De Comunicaciones Y Pedagogía - Jefe De Oficina Asesora De Unidad Especial; Oficina Asesora De Comunicaciones Y Pedagogía - Experto Técnico; Oficina Asesora De Comunicaciones Y Pedagogía - Técnico De Unidad Especial","SI","BAJO","BAJO","BAJO","BAJO",1,1,1,3,"BAJO","NO",null,"PÚBLICA","No tiene excepción de acceso",null,"Información Pública de conocimiento General","No Aplica","2023-10-30","No Aplica "]
[462,"Comunicación Estratégica y Pedagogía","Comunicados de prensa","Documento de noticias que da a conocer temas de interés general para los familiares víctimas de desaparición, organizaciones y sociedad civil.","2020-05-17","2022-12-06","Información","Español","Electrónico","2019-02-05","Documento PDF","Publicada","Por demanda","Portales web propios","Seie documental de valor histórico, cientifico, cultural e investigativo, evidencia de la formulación implementación y evaluación del plan estrategico de comunicaciones y pedagogía así como de los componentes fundamentales para el proceso de búsqueda y construcción de confianza con los familiares, que contribuye a la reparación de los familiares a través del reconocimiento y dignificación de sus experiencias de búsqueda, se aporta al fortalecimiento a los procesos organizativos, comunitarios y colectivos de los lugares donde se desarrollan los círculos y se recogen los saberes y experiencias que aportan al proceso de búsqueda.","Jefe de Oficina Asesora de Unidad Especial Oficina Asesora de Comunicaciones de Pedagogía","OFICINA ASESORA DE COMUNICACIONES Y PEDAGOGÍA; Oficina Asesora De Comunicaciones Y Pedagogía - Jefe De Oficina Asesora De Unidad Especial; Oficina Asesora De Comunicaciones Y Pedagogía - Analista Técnico; Oficina Asesora De Comunicaciones Y Pedagogía - Técnico De Unidad Especial","NO","BAJO",null,"BAJO","BAJO",1,1,1,3,"BAJO","NO",null,"PÚBLICA","No tiene excepción de acceso",null,"Información Pública de conocimiento General","No Aplica","2023-10-30","No Aplica "]
[463,"Comunicación Estratégica y Pedagogía","Estrategia de pedagogía","Documento que consolida la informacion que se genera a partir de la aplicación de estrategias definidas como circulo de saberes, desarrollos pedagógicos y espacios de pedagógia","2020-05-17","2022-06-12","Información","Español","Electrónico","2018-11-19","Documento PDF","Disponible a solicitud","Anual","Archivos digitales","Seie documental de valor histórico, cientifico, cultural e investigativo, evidencia de la fromulación implementación y evaluación del plan estrategico de comunicaciones y pedagogía así como de los componentes fundamentales para el proceso de búsqueda y construcción de confianza con los familiares, que contribuye a la reparación de los familiares a través del reconocimiento y dignificación de sus experiencias de búsqueda, se aporta al fortalecimiento a los procesos organizativos, comunitarios y colectivos de los lugares donde se desarrollan los círculos y se recogen los saberes y experiencias que aportan al proceso de búsqueda.","Jefe de Oficina Asesora de Unidad Especial Oficina Asesora de Comunicaciones de Pedagogía","Oficina Asesora De Comunicaciones Y Pedagogía - Jefe De Oficina Asesora De Unidad Especial; Oficina Asesora De Comunicaciones Y Pedagogía - Experto Técnico; Oficina Asesora De Comunicaciones Y Pedagogía - Contratista","NO","BAJO",null,"BAJO","BAJO",1,1,1,3,"BAJO","NO",null,"PÚBLICA","No tiene excepción de acceso",null,"Información Pública de conocimiento General","No Aplica","2023-10-30","No Aplica "]
[464,"Comunicación Estratégica y Pedagogía","Desarrollos pedagógicos","Son todas la herramientas y estrategias que se desarollan para aportar al cumplimiento de la misionalidad de la UBPD, construidos en conjunto con todas las dependencias de la Unidad para un público interno y externo.\nLos Desarrollos Pedagógicos buscan la comprensión y apropiación de mecanismos de búsqueda de personas dadas por desaparecidas, a través de lineamientos, contenidos, herramientas, estrategias pedagógicas y comunicativas, creación de productos que permitan a las víctimas,  a la sociedad en general y a los diferentes públicos propuestos, entender ¿qué es el mecanismo? ¿cómo acceder? ¿cómo participar? ¿cómo funciona?. \nAdemás dejar claridad del por qué y para qué  la existencia de una Unidad de Búsqueda humanitaria y extrajudicial.\nFinalmente aporta a las dependencias estratégicas y de apoyo en sus procesos pedagógicos.","2020-05-17","2022-06-12","Información","Español; Ingles; Otro","Análogo; Electrónico; Híbrido: Análogo - electrónico","2019-06-04","Papel; Audio; Documento PDF; Presentación; Imagen; Video; Documento de Texto","Disponible a solicitud","Por demanda","Archivos digitales","Seie documental de valor histórico, cientifico, cultural e investigativo, evidencia de la fromulación implementación y evaluación del plan estrategico de comunicaciones y pedagogía así como de los componentes fundamentales para el proceso de búsqueda y construcción de confianza con los familiares, que contribuye a la reparación de los familiares a través del reconocimiento y dignificación de sus experiencias de búsqueda, se aporta al fortalecimiento a los procesos organizativos, comunitarios y colectivos de los lugares donde se desarrollan los círculos y se recogen los saberes y experiencias que aportan al proceso de búsqueda.","Jefe de Oficina Asesora de Unidad Especial Oficina Asesora de Comunicaciones de Pedagogía","Oficina Asesora De Comunicaciones Y Pedagogía - Jefe De Oficina Asesora De Unidad Especial; Oficina Asesora De Comunicaciones Y Pedagogía - Experto Técnico; Oficina Asesora De Comunicaciones Y Pedagogía - Contratista","NO","BAJO",null,"BAJO","BAJO",1,1,1,3,"BAJO","NO",null,"PÚBLICA","No tiene excepción de acceso",null,"Información Pública de conocimiento General","No Aplica","2023-10-30","No Aplica "]
[465,"Comunicación Estratégica y Pedagogía","Estrategia de comunicaciones y pedagogía","Documento donde se formula, implementa y evalúa el plan estratégico de comunicaciones y pedagogía de la entidad.","2020-05-17","2022-06-12","Información","Español","Electrónico","2019-11-16","Documento PDF","Disponible a solicitud","Anual","Archivos digitales","Seie documental de valor histórico, cientifico, cultural e investigativo, evidencia de la fromulación implementación y evaluación del plan estrategico de comunicaciones y pedagogía así como de los componentes fundamentales para el proceso de búsqueda y construcción de confianza con los familiares, que contribuye a la reparación de los familiares a través del reconocimiento y dignificación de sus experiencias de búsqueda, se aporta al fortalecimiento a los procesos organizativos, comunitarios y colectivos de los lugares donde se desarrollan los círculos y se recogen los saberes y experiencias que aportan al proceso de búsqueda.","Jefe de Oficina Asesora de Unidad Especial Oficina Asesora de Comunicaciones de Pedagogía","OFICINA ASESORA DE COMUNICACIONES Y PEDAGOGÍA","NO","BAJO",null,"BAJO","BAJO",1,1,1,3,"BAJO","NO",null,"PÚBLICA","No tiene excepción de acceso",null,"Información Pública de conocimiento General","No Aplica","2023-10-30","No Aplica "]
[466,"Comunicación Estratégica y Pedagogía","Informes de espacios de pedagogía y apropiación social para la búsqueda","Documento de informe de la implementación de los espacios de pedagogía y apropiación social para la búsqueda","2020-05-17",null,"Información","Español","Electrónico","2018-11-16","Documento PDF","Disponible a solicitud","Semestral","Archivos digitales","Serie documental que evidencia el desarrollo de manera colectiva con todos los procesos, acciones, herramientas, metodologías y producciones (comunicativas y pedagogícas), que se emprenden y crean, con el fin de facilitar comprension del mecanismo, las formas de acceso y participación activa de víctimas, organizaciones y sociedad en general, en los procesos de búsqueda humanitaria y extrajudicial.","Jefe de Oficina Asesora de Unidad Especial Oficina Asesora de Comunicaciones de Pedagogía","Oficina Asesora De Comunicaciones Y Pedagogía - Jefe De Oficina Asesora De Unidad Especial; Oficina Asesora De Comunicaciones Y Pedagogía - Experto Técnico; Oficina Asesora De Comunicaciones Y Pedagogía - Contratista","NO","MEDIO",null,"MEDIO","MEDIO",2,2,2,6,"MEDIO","SI","Dato Sensible","CLASIFICADA","El derecho de toda persona a la vida, la salud o la seguridad",null,"Información exceptuada por daño de derechos a personas naturales o jurídicas. \nArticulo 18 Ley 1712 de 2014","Parcial","2022-10-10","Ilimitada, y no deberán aplicarse cuando la persona natural o jurídica ha consentido en la revelación de sus datos personales o privados o bien cuando es claro que la información fue entregada como parte de aquella información que debe estar bajo el régimen de publicidad aplicable"]
[467,"Comunicación Estratégica y Pedagogía","Listado de Asistencia","Documento donde se registran las personas que asisten a los espacios de pedagogía y apropiación social para la búsqueda.","2020-05-17",null,"Información","Español","Híbrido: Análogo - electrónico","2018-12-26","Papel; Hoja de calculo","No disponible, No publicada","Por demanda","Archivo físico","Serie documental que evidencia el desarrollo de manera colectiva con todos los procesos, acciones, herramientas, metodologías y producciones (comunicativas y pedagogícas), que se emprenden y crean, con el fin de facilitar comprension del mecanismo, las formas de acceso y participación activa de víctimas, organizaciones y sociedad en general, en los procesos de búsqueda humanitaria y extrajudicial.","Jefe de Oficina Asesora de Unidad Especial Oficina Asesora de Comunicaciones de Pedagogía","Oficina Asesora De Comunicaciones Y Pedagogía - Analista Técnico; Oficina Asesora De Comunicaciones Y Pedagogía - Experto Técnico; Oficina Asesora De Comunicaciones Y Pedagogía - Técnico De Unidad Especial; Oficina Asesora De Comunicaciones Y Pedagogía - Contratista","NO","MEDIO",null,"MEDIO","MEDIO",2,2,2,6,"MEDIO","SI","Dato Sensible","CLASIFICADA","El derecho de toda persona a la vida, la salud o la seguridad",null,"Información exceptuada por daño de derechos a personas naturales o jurídicas. \nArticulo 18 Ley 1712 de 2014","Parcial","2022-10-10","Ilimitada, y no deberán aplicarse cuando la persona natural o jurídica ha consentido en la revelación de sus datos personales o privados o bien cuando es claro que la información fue entregada como parte de aquella información que debe estar bajo el régimen de publicidad aplicable"]
[468,"Comunicación Estratégica y Pedagogía","Material fotográfico y audiovisual","Fotografías y grabaciones en bruto que se registran en el cubrimiento de una actividad o evento de la UBPD","2020-05-17",null,"Información","Español","Electrónico","2019-01-01","Imagen; Video","No disponible, No publicada","Por demanda","Archivos digitales","Serie documental que evidencia el desarrollo de manera colectiva con todos los procesos, acciones, herramientas, metodologías y producciones (comunicativas y pedagogícas), que se emprenden y crean, con el fin de facilitar comprension del mecanismo, las formas de acceso y participación activa de víctimas, organizaciones y sociedad en general, en los procesos de búsqueda humanitaria y extrajudicial.\n\nSeie documental de valor histórico, cientifico, cultural e investigativo, evidencia de la formulación implementación y evaluación del plan estrategico de comunicaciones y pedagogía así como de los componentes fundamentales para el proceso de búsqueda y construcción de confianza con los familiares, que contribuye a la reparación de los familiares a través del reconocimiento y dignificación de sus experiencias de búsqueda, se aporta al fortalecimiento a los procesos organizativos, comunitarios y colectivos de los lugares donde se desarrollan los círculos y se recogen los saberes y experiencias que aportan al proceso de búsqueda.","Jefe de Oficina Asesora de Unidad Especial Oficina Asesora de Comunicaciones de Pedagogía","Oficina Asesora De Comunicaciones Y Pedagogía - Jefe De Oficina Asesora De Unidad Especial; Oficina Asesora De Comunicaciones Y Pedagogía - Experto Técnico; Oficina Asesora De Comunicaciones Y Pedagogía - Analista Técnico; Oficina Asesora De Comunicaciones Y Pedagogía - Contratista","NO","MEDIO",null,"MEDIO","MEDIO",2,2,2,6,"MEDIO","SI","Dato Sensible","CLASIFICADA","El derecho de toda persona a la vida, la salud o la seguridad",null,"Información exceptuada por daño de derechos a personas naturales o jurídicas. \nArticulo 18 Ley 1712 de 2014","Parcial","2022-10-10","Ilimitada, y no deberán aplicarse cuando la persona natural o jurídica ha consentido en la revelación de sus datos personales o privados o bien cuando es claro que la información fue entregada como parte de aquella información que debe estar bajo el régimen de publicidad aplicable"]
[469,"Comunicación Estratégica y Pedagogía","Consentimientos aprobados de uso de imagen","Documentos de aprobación de uso de imagen por parte de las personas que participan o figuran en las diferentes piezas o productos de la UBPD\n(Fotográficos, radiofónicos, audiovisuales, gráficos, etc.)","2020-05-17",null,"Información","Español","Híbrido: Análogo - electrónico","2018-12-01","Papel","No disponible, No publicada","Por demanda","Archivo físico","Serie documental que evidencia el desarrollo de manera colectiva con todos los procesos, acciones, herramientas, metodologías y producciones (comunicativas y pedagogícas), que se emprenden y crean, con el fin de facilitar comprension del mecanismo, las formas de acceso y participación activa de víctimas, organizaciones y sociedad en general, en los procesos de búsqueda humanitaria y extrajudicial.\n\nSeie documental de valor histórico, cientifico, cultural e investigativo, evidencia de la formulación implementación y evaluación del plan estrategico de comunicaciones y pedagogía así como de los componentes fundamentales para el proceso de búsqueda y construcción de confianza con los familiares, que contribuye a la reparación de los familiares a través del reconocimiento y dignificación de sus experiencias de búsqueda, se aporta al fortalecimiento a los procesos organizativos, comunitarios y colectivos de los lugares donde se desarrollan los círculos y se recogen los saberes y experiencias que aportan al proceso de búsqueda.","Jefe de Oficina Asesora de Unidad Especial Oficina Asesora de Comunicaciones de Pedagogía","Oficina Asesora De Comunicaciones Y Pedagogía - Experto Técnico; Oficina Asesora De Comunicaciones Y Pedagogía - Contratista; Oficina Asesora De Comunicaciones Y Pedagogía - Técnico De Unidad Especial","NO","MEDIO",null,"MEDIO","MEDIO",2,2,2,6,"MEDIO","SI","Dato Sensible","CLASIFICADA","El derecho de toda persona a la vida, la salud o la seguridad",null,"Información exceptuada por daño de derechos a personas naturales o jurídicas. \nArticulo 18 Ley 1712 de 2014","Parcial","2022-10-10","Ilimitada, y no deberán aplicarse cuando la persona natural o jurídica ha consentido en la revelación de sus datos personales o privados o bien cuando es claro que la información fue entregada como parte de aquella información que debe estar bajo el régimen de publicidad aplicable"]
[470,"Comunicación Estratégica y Pedagogía","Matriz de monitoreo de medios","Matriz que contiene el listado de noticias publicadas en los diferentes medios frente a las temáticas y fuentes definidas previmiamente por la Oficina Asesora de Comunicaciones y Pedagogía, con las diferentes características de infomación de las noticias.","2020-05-17",null,"Bases de Datos","Español","Electrónico","2019-08-26","Hoja de calculo","No disponible, No publicada","Mensual","Archivos digitales","Serie documental de análisis y seguimiento a la forma como se ve reflejada la UBPD, asi como a las noticias o temas conyunturales que puedan afectar directa o indirectamente a la entidad. Esto con el fin de poder evaluar los mensajes que se envian desde la Oficina Asesora de Comunicaciones y Pedagogía y tomar decisiones antes situaciones de crisis.","Jefe de Oficina Asesora de Unidad Especial Oficina Asesora de Comunicaciones de Pedagogía","Oficina Asesora De Comunicaciones Y Pedagogía - Jefe De Oficina Asesora De Unidad Especial; Oficina Asesora De Comunicaciones Y Pedagogía - Experto Técnico; Oficina Asesora De Comunicaciones Y Pedagogía - Analista Técnico","NO","BAJO",null,"BAJO","BAJO",1,1,1,3,"BAJO","NO",null,"PÚBLICA","No tiene excepción de acceso",null,"Información Pública de conocimiento General","No Aplica","2023-10-30","No Aplica "]
[471,"Comunicación Estratégica y Pedagogía","Informe de Monitoreo de medios","Documento que reporta el progreso del impacto de las noticias publicadas en los diferentes medios frente a las temáticas y fuentes definidas previmiamente por la Oficina Asesora de Comunicaciones y Pedagogía, con las diferentes características de infomación de las noticias.","2020-05-17",null,"Información","Español","Electrónico","2019-08-26","Documento PDF; Presentación","No disponible, No publicada","Anual","Archivos digitales","Serie documental de análisis y seguimiento a la forma como se ve reflejada la UBPD, asi como a las noticias o temas conyunturales que puedan afectar directa o indirectamente a la entidad. Esto con el fin de poder evaluar los mensajes que se envian desde la Oficina Asesora de Comunicaciones y Pedagogía y tomar decisiones antes situaciones de crisis.","Jefe de Oficina Asesora de Unidad Especial Oficina Asesora de Comunicaciones de Pedagogía","Oficina Asesora De Comunicaciones Y Pedagogía - Jefe De Oficina Asesora De Unidad Especial; Oficina Asesora De Comunicaciones Y Pedagogía - Experto Técnico; Oficina Asesora De Comunicaciones Y Pedagogía - Analista Técnico","NO","BAJO",null,"BAJO","BAJO",1,1,1,3,"BAJO","NO",null,"PÚBLICA","No tiene excepción de acceso",null,"Información Pública de conocimiento General","No Aplica","2023-10-30","No Aplica "]
[472,"Comunicación Estratégica y Pedagogía","Plan de comunicaciones y pedagogía","Documento de trabajo anual que define las actividades que desarrollaran cada componente de la oficina, en pro del logro de los objetivos estratégicos","2020-05-17",null,"Información","Español","Electrónico","2018-01-11","Documento PDF","Disponible a solicitud","Anual","Archivos digitales","Seie documental de valor histórico, cientifico, cultural e investigativo, evidencia de la formulación implementación y evaluación del plan estrategico de comunicaciones y pedagogía así como de los componentes fundamentales para el proceso de búsqueda y construcción de confianza con los familiares, que contribuye a la reparación de los familiares a través del reconocimiento y dignificación de sus experiencias de búsqueda, se aporta al fortalecimiento a los procesos organizativos, comunitarios y colectivos de los lugares donde se desarrollan los círculos y se recogen los saberes y experiencias que aportan al proceso de búsqueda.","Jefe de Oficina Asesora de Unidad Especial Oficina Asesora de Comunicaciones de Pedagogía","Oficina Asesora De Comunicaciones Y Pedagogía - Jefe De Oficina Asesora De Unidad Especial; Oficina Asesora De Comunicaciones Y Pedagogía - Experto Técnico; Oficina Asesora De Comunicaciones Y Pedagogía - Analista Técnico; Oficina Asesora De Comunicaciones Y Pedagogía - Técnico De Unidad Especial","NO","BAJO",null,"BAJO","BAJO",1,1,1,3,"BAJO","NO",null,"PÚBLICA","No tiene excepción de acceso",null,"Información Pública de conocimiento General","No Aplica","2023-10-30","No Aplica "]
[473,"Comunicación Estratégica y Pedagogía","Agenda Metodológica","Protocolo de actividades concertados con los GITT para realizar en los encuentros , aquí se describen las actividades, roles, recursos y observaciones","2020-05-17","2023-04-20","Información","Español","Electrónico","2019-03-20","Documento PDF","No disponible, No publicada","Por demanda","Archivos digitales","Seie documental de valor histórico, cientifico, cultural e investigativo, evidencia de la formulación implementación y evaluación del plan estrategico de comunicaciones y pedagogía así como de los componentes fundamentales para el proceso de búsqueda y construcción de confianza con los familiares, que contribuye a la reparación de los familiares a través del reconocimiento y dignificación de sus experiencias de búsqueda, se aporta al fortalecimiento a los procesos organizativos, comunitarios y colectivos de los lugares donde se desarrollan los círculos y se recogen los saberes y experiencias que aportan al proceso de búsqueda.","Jefe de Oficina Asesora de Unidad Especial Oficina Asesora de Comunicaciones de Pedagogía","Oficina Asesora De Comunicaciones Y Pedagogía - Jefe De Oficina Asesora De Unidad Especial; Oficina Asesora De Comunicaciones Y Pedagogía - Experto Técnico; Oficina Asesora De Comunicaciones Y Pedagogía - Contratista","NO","MEDIO",null,"MEDIO","MEDIO",2,2,2,6,"MEDIO","SI","Dato Privado","CLASIFICADA","El derecho de toda persona a la intimidad, bajo las limitaciones propias que impone la condición de servidor publico, en concordancia con lo estipulado por el artículo 24 de la Ley 1437 de 2011.",null,"Información exceptuada por daño de derechos a personas naturales o jurídicas.\n Articulo 18 Ley 1712 de 2014\nLos que involucren derechos a la privacidad e intimidad de las personas, incluidas en las hojas de vida, la historia laboral y los expedientes pensionales y demás registros de personal que obren en los archivos de las instituciones públicas o privadas, así como la historia clínica, salvo que sean solicitados por los propios interesados o por sus apoderados con facultad expresa para acceder a esa información.\n","Parcial","2022-10-10","Ilimitada, y no deberán aplicarse cuando la persona natural o jurídica ha consentido en la revelación de sus datos personales o privados o bien cuando es claro que la información fue entregada como parte de aquella información que debe estar bajo el régimen de publicidad aplicable"]
[474,"Comunicación Estratégica y Pedagogía","Relatorias","Documento que describe lo sucedido en los encuentros, las observaciones de los participantes y los acuerdos acordados","2020-05-17","2023-04-20","Información","Español","Electrónico","2019-03-20","Documento PDF","No disponible, No publicada","Por demanda","Archivos digitales","Seie documental de valor histórico, cientifico, cultural e investigativo, evidencia de la formulación implementación y evaluación del plan estrategico de comunicaciones y pedagogía así como de los componentes fundamentales para el proceso de búsqueda y construcción de confianza con los familiares, que contribuye a la reparación de los familiares a través del reconocimiento y dignificación de sus experiencias de búsqueda, se aporta al fortalecimiento a los procesos organizativos, comunitarios y colectivos de los lugares donde se desarrollan los círculos y se recogen los saberes y experiencias que aportan al proceso de búsqueda.","Jefe de Oficina Asesora de Unidad Especial Oficina Asesora de Comunicaciones de Pedagogía","Oficina Asesora De Comunicaciones Y Pedagogía - Jefe De Oficina Asesora De Unidad Especial; Oficina Asesora De Comunicaciones Y Pedagogía - Experto Técnico; Oficina Asesora De Comunicaciones Y Pedagogía - Contratista","NO","MEDIO",null,"MEDIO","MEDIO",2,2,2,6,"MEDIO","SI","Dato Sensible","CLASIFICADA","Los secretos comerciales, industriales y profesionales,  a excepción de lo estipulados en el articulo 77 de la Ley 1474 de 2011",null,"Información exceptuada por daño de derechos a personas naturales o jurídicas. \nArticulo 18 Ley 1712 de 2014","Parcial","2022-10-10","Ilimitada, y no deberán aplicarse cuando la persona natural o jurídica ha consentido en la revelación de sus datos personales o privados o bien cuando es claro que la información fue entregada como parte de aquella información que debe estar bajo el régimen de publicidad aplicable"]
[475,"Comunicación Estratégica y Pedagogía","Consentimientos aprobados de uso de imagen","Documentos de aprobación de uso de imagen por parte de las personas que participan o figuran en las diferentes piezas o productos de la UBPD\n(Fotográficos, radiofónicos, audiovisuales, gráficos, etc.)","2020-05-17","2023-04-20","Información","Español","Híbrido: Análogo - electrónico","2018-12-01","Papel","No disponible, No publicada","Por demanda","Archivo físico","Seie documental de valor histórico, cientifico, cultural e investigativo, evidencia de la formulación implementación y evaluación del plan estrategico de comunicaciones y pedagogía así como de los componentes fundamentales para el proceso de búsqueda y construcción de confianza con los familiares, que contribuye a la reparación de los familiares a través del reconocimiento y dignificación de sus experiencias de búsqueda, se aporta al fortalecimiento a los procesos organizativos, comunitarios y colectivos de los lugares donde se desarrollan los círculos y se recogen los saberes y experiencias que aportan al proceso de búsqueda.","Jefe de Oficina Asesora de Unidad Especial Oficina Asesora de Comunicaciones de Pedagogía","Oficina Asesora De Comunicaciones Y Pedagogía - Jefe De Oficina Asesora De Unidad Especial; Oficina Asesora De Comunicaciones Y Pedagogía - Experto Técnico; Oficina Asesora De Comunicaciones Y Pedagogía - Contratista","NO","MEDIO",null,"MEDIO","MEDIO",2,2,2,6,"MEDIO","SI","Dato Sensible","CLASIFICADA","El derecho de toda persona a la vida, la salud o la seguridad",null,"Información exceptuada por daño de derechos a personas naturales o jurídicas. \nArticulo 18 Ley 1712 de 2014","Parcial","2022-10-10","Ilimitada, y no deberán aplicarse cuando la persona natural o jurídica ha consentido en la revelación de sus datos personales o privados o bien cuando es claro que la información fue entregada como parte de aquella información que debe estar bajo el régimen de publicidad aplicable"]
[476,"Comunicación Estratégica y Pedagogía","Informe de sistematización de información cualitativa y cuantitativa","Es el resultado del proceso de documentación de los saberes de los participantes","2020-05-17","2023-04-20","Información","Español","Electrónico","2019-03-20","Papel","No disponible, No publicada","Por demanda","Archivo físico","Seie documental de valor histórico, cientifico, cultural e investigativo, evidencia de la formulación implementación y evaluación del plan estrategico de comunicaciones y pedagogía así como de los componentes fundamentales para el proceso de búsqueda y construcción de confianza con los familiares, que contribuye a la reparación de los familiares a través del reconocimiento y dignificación de sus experiencias de búsqueda, se aporta al fortalecimiento a los procesos organizativos, comunitarios y colectivos de los lugares donde se desarrollan los círculos y se recogen los saberes y experiencias que aportan al proceso de búsqueda.","Jefe de Oficina Asesora de Unidad Especial Oficina Asesora de Comunicaciones de Pedagogía","Oficina Asesora De Comunicaciones Y Pedagogía - Jefe De Oficina Asesora De Unidad Especial; Oficina Asesora De Comunicaciones Y Pedagogía - Experto Técnico; Oficina Asesora De Comunicaciones Y Pedagogía - Contratista","NO","MEDIO",null,"MEDIO","MEDIO",2,2,2,6,"MEDIO","SI","Dato Sensible","CLASIFICADA","El derecho de toda persona a la vida, la salud o la seguridad",null,"Información exceptuada por daño de derechos a personas naturales o jurídicas. \nArticulo 18 Ley 1712 de 2014","Parcial","2022-10-10","Ilimitada, y no deberán aplicarse cuando la persona natural o jurídica ha consentido en la revelación de sus datos personales o privados o bien cuando es claro que la información fue entregada como parte de aquella información que debe estar bajo el régimen de publicidad aplicable"]
[477,"Comunicación Estratégica y Pedagogía","Material fotográfico y audiovisual","Fotografías y grabaciones en bruto que se registran en el cubrimiento de una actividad o evento de la UBPD","2020-05-17","2023-04-20","Información","Español","Electrónico","2019-01-01","Imagen; Video","No disponible, No publicada","Por demanda","Archivo físico","Seie documental de valor histórico, cientifico, cultural e investigativo, evidencia de la formulación implementación y evaluación del plan estrategico de comunicaciones y pedagogía así como de los componentes fundamentales para el proceso de búsqueda y construcción de confianza con los familiares, que contribuye a la reparación de los familiares a través del reconocimiento y dignificación de sus experiencias de búsqueda, se aporta al fortalecimiento a los procesos organizativos, comunitarios y colectivos de los lugares donde se desarrollan los círculos y se recogen los saberes y experiencias que aportan al proceso de búsqueda.","Jefe de Oficina Asesora de Unidad Especial Oficina Asesora de Comunicaciones de Pedagogía","Oficina Asesora De Comunicaciones Y Pedagogía - Jefe De Oficina Asesora De Unidad Especial; Oficina Asesora De Comunicaciones Y Pedagogía - Experto Técnico; Oficina Asesora De Comunicaciones Y Pedagogía - Contratista","NO","MEDIO",null,"MEDIO","MEDIO",2,2,2,6,"MEDIO","SI","Dato Sensible","CLASIFICADA","El derecho de toda persona a la vida, la salud o la seguridad",null,"Información exceptuada por daño de derechos a personas naturales o jurídicas. \nArticulo 18 Ley 1712 de 2014","Parcial","2022-10-10","Ilimitada, y no deberán aplicarse cuando la persona natural o jurídica ha consentido en la revelación de sus datos personales o privados o bien cuando es claro que la información fue entregada como parte de aquella información que debe estar bajo el régimen de publicidad aplicable"]
[478,"Comunicación Estratégica y Pedagogía","Listado de Asistencia","Documento donde se registran las personas que asisten a los encuentros de Circulos de saberes creativos.","2020-05-17","2023-04-20","Información","Español","Híbrido: Análogo - electrónico","2018-12-26","Papel; Hoja de calculo","No disponible, No publicada","Por demanda","Archivo físico","Seie documental de valor histórico, cientifico, cultural e investigativo, evidencia de la formulación implementación y evaluación del plan estrategico de comunicaciones y pedagogía así como de los componentes fundamentales para el proceso de búsqueda y construcción de confianza con los familiares, que contribuye a la reparación de los familiares a través del reconocimiento y dignificación de sus experiencias de búsqueda, se aporta al fortalecimiento a los procesos organizativos, comunitarios y colectivos de los lugares donde se desarrollan los círculos y se recogen los saberes y experiencias que aportan al proceso de búsqueda.","Jefe de Oficina Asesora de Unidad Especial Oficina Asesora de Comunicaciones de Pedagogía","Oficina Asesora De Comunicaciones Y Pedagogía - Jefe De Oficina Asesora De Unidad Especial; Oficina Asesora De Comunicaciones Y Pedagogía - Experto Técnico; Oficina Asesora De Comunicaciones Y Pedagogía - Contratista","NO","MEDIO",null,"MEDIO","MEDIO",2,2,2,6,"MEDIO","SI","Dato Sensible","CLASIFICADA","El derecho de toda persona a la vida, la salud o la seguridad",null,"Información exceptuada por daño de derechos a personas naturales o jurídicas. \nArticulo 18 Ley 1712 de 2014","Parcial","2022-10-10","Ilimitada, y no deberán aplicarse cuando la persona natural o jurídica ha consentido en la revelación de sus datos personales o privados o bien cuando es claro que la información fue entregada como parte de aquella información que debe estar bajo el régimen de publicidad aplicable"]
[479,"Comunicación Estratégica y Pedagogía","Pieza comunicacional gráfica digital","paquete de piezas gráficas digitales que se elaboran frente a una actividad, evento o noticia de la UBPD, piezas pedagógicas o informativas, ya sea a nivel interno o externo de la institución.","2020-05-17",null,"Información","Español","Electrónico","2019-01-01","Documento PDF; Presentación; Imagen; Video","Publicada","Por demanda","Portales web propios","Seie documental de valor histórico, cientifico, cultural e investigativo, evidencia de la formulación implementación y evaluación del plan estrategico de comunicaciones y pedagogía así como de los componentes fundamentales para el proceso de búsqueda y construcción de confianza con los familiares, que contribuye a la reparación de los familiares a través del reconocimiento y dignificación de sus experiencias de búsqueda, se aporta al fortalecimiento a los procesos organizativos, comunitarios y colectivos de los lugares donde se desarrollan los círculos y se recogen los saberes y experiencias que aportan al proceso de búsqueda.","Jefe de Oficina Asesora de Unidad Especial Oficina Asesora de Comunicaciones de Pedagogía","Oficina Asesora De Comunicaciones Y Pedagogía - Jefe De Oficina Asesora De Unidad Especial; Oficina Asesora De Comunicaciones Y Pedagogía - Experto Técnico; Oficina Asesora De Comunicaciones Y Pedagogía - Analista Técnico; Oficina Asesora De Comunicaciones Y Pedagogía - Contratista","NO","BAJO",null,"BAJO","BAJO",1,1,1,3,"BAJO","NO",null,"PÚBLICA","No tiene excepción de acceso",null,"Información Pública de conocimiento General","No Aplica","2023-10-30","No Aplica "]
[480,"Comunicación Estratégica y Pedagogía","Pieza comunicacional audiovisual y fotográfica","Piezas audiovisuales y fotográficas que se elaboran frente a una actividad, evento o nocitia de la UBPD, o como piezas pedagógicas o informativas, ya sea a nivel interno o externo de la institución","2020-05-17",null,"Información","Español","Electrónico","2019-01-01","Imagen; Video","Publicada","Por demanda","Portales web propios","Seie documental de valor histórico, cientifico, cultural e investigativo, evidencia de la formulación implementación y evaluación del plan estrategico de comunicaciones y pedagogía así como de los componentes fundamentales para el proceso de búsqueda y construcción de confianza con los familiares, que contribuye a la reparación de los familiares a través del reconocimiento y dignificación de sus experiencias de búsqueda, se aporta al fortalecimiento a los procesos organizativos, comunitarios y colectivos de los lugares donde se desarrollan los círculos y se recogen los saberes y experiencias que aportan al proceso de búsqueda.","Jefe de Oficina Asesora de Unidad Especial Oficina Asesora de Comunicaciones de Pedagogía","Oficina Asesora De Comunicaciones Y Pedagogía - Jefe De Oficina Asesora De Unidad Especial; Oficina Asesora De Comunicaciones Y Pedagogía - Experto Técnico; Oficina Asesora De Comunicaciones Y Pedagogía - Analista Técnico; Oficina Asesora De Comunicaciones Y Pedagogía - Contratista","NO","BAJO",null,"BAJO","BAJO",1,1,1,3,"BAJO","NO",null,"PÚBLICA","No tiene excepción de acceso",null,"Información Pública de conocimiento General","No Aplica","2023-10-30","No Aplica "]
[481,"Comunicación Estratégica y Pedagogía","Política Institucional de Comunicaciones","Documento que busca garantizar procesos de comunicación y pedagogía con los diferentes públicos de la Unidad de Búsqueda por medio del diseño y ejecución de estrategias comunicativas y pedagógicas, humanitarias, participativas, reparadoras y dignificantes que construyan escenarios de confianza y trabajo colaborativo entre la Unidad de Búsqueda, las personas que buscan y demás interados en su labor.","2021-10-12","2022-10-25","Información","Español","Electrónico","2019-01-01","Papel","No disponible, No publicada","No aplica","Archivos digitales",null,"Jefe de Oficina Asesora de Unidad Especial Oficina Asesora de Comunicaciones de Pedagogía","Oficina Asesora De Comunicaciones Y Pedagogía - Jefe De Oficina Asesora De Unidad Especial; Oficina Asesora De Comunicaciones Y Pedagogía - Analista Técnico; Oficina Asesora De Comunicaciones Y Pedagogía - Experto Técnico","NO","BAJO",null,"BAJO","BAJO",1,1,1,3,"BAJO","NO",null,"PÚBLICA","No tiene excepción de acceso",null,"Información Pública de conocimiento General","No Aplica","2023-10-30","No Aplica "]
[482,"Comunicación Estratégica y Pedagogía","Convocatoría comité","Documento mediante el cual se convoca a participar de la reunión para la fomulación y segumiento a la implementación de la politica de divulgación de información audiovisual de las acciones humanitarias de búsqueda de la UBPD","2022-06-21","2023-04-20","Información","Español","Electrónico","2022-06-13","Documento PDF","Disponible a solicitud","Por demanda","Archivos digitales","Serie documental que evidencia de las decisiones tomadas para formular, adoptar y hacer seguimiento a la implementación de la política de divulgación de información audiovisual de las acciones humanitarias de búsqueda de la entidad","Jefe de Oficina Asesora de Unidad Especial Oficina Asesora de Comunicaciones de Pedagogía","Oficina Asesora De Comunicaciones Y Pedagogía - Analista Técnico","NO","BAJO",null,"BAJO","BAJO",1,1,1,3,"BAJO","NO",null,"PÚBLICA","No tiene excepción de acceso",null,"Información Pública de conocimiento General","No Aplica","2023-10-30","No Aplica "]
[483,"Comunicación Estratégica y Pedagogía","Respuesta a los Derechos de Petición","Comunicación oficial mediante la cual se da respuesta a consultas o peticiones de personas naturales o jurídicas que solicitan información sobre el desarrollo de las funciones generales o gestión de la dependencia.","2020-05-17",null,"Información","Español","Análogo; Electrónico","2019-05-15","Papel; Documento PDF","Disponible a solicitud","Por demanda","Sistemas de información","Los derechos de petición demuestran la gestión de la UBPD, frente a los aspectos de interés de la ciudadania y de otras instituciones.","Jefe de Oficina Asesora de Unidad Especial Oficina Asesora de Comunicaciones de Pedagogía","Oficina Asesora De Comunicaciones Y Pedagogía - Jefe De Oficina Asesora De Unidad Especial; Oficina Asesora De Comunicaciones Y Pedagogía - Experto Técnico; Oficina Asesora De Comunicaciones Y Pedagogía - Analista Técnico; Oficina Asesora De Comunicaciones Y Pedagogía - Técnico De Unidad Especial","NO","MEDIO",null,"BAJO","BAJO",2,1,1,4,"MEDIO","SI","Dato Privado","CLASIFICADA","El derecho de toda persona a la intimidad, bajo las limitaciones propias que impone la condición de servidor publico, en concordancia con lo estipulado por el artículo 24 de la Ley 1437 de 2011.",null,"Información exceptuada por daño de derechos a personas naturales o jurídicas.\n Articulo 18 Ley 1712 de 2014\nLos que involucren derechos a la privacidad e intimidad de las personas, incluidas en las hojas de vida, la historia laboral y los expedientes pensionales y demás registros de personal que obren en los archivos de las instituciones públicas o privadas, así como la historia clínica, salvo que sean solicitados por los propios interesados o por sus apoderados con facultad expresa para acceder a esa información.\n","Parcial","2022-10-10","Ilimitada, y no deberán aplicarse cuando la persona natural o jurídica ha consentido en la revelación de sus datos personales o privados o bien cuando es claro que la información fue entregada como parte de aquella información que debe estar bajo el régimen de publicidad aplicable"]
[484,"Comunicación Estratégica y Pedagogía","Propuesta Narrativa","Son todos los formatos de los productos comunicativos y pedagogícos elegidos a partir de las habilidades e intereses de las personas que buscan.","2020-05-17",null,"Información","Español; Ingles; Otro","Análogo; Electrónico; Híbrido: Análogo - electrónico","2019-06-04","Papel; Audio; Documento PDF; Presentación; Imagen; Video; Documento de Texto","Disponible a solicitud","Por demanda","Archivos digitales","Seie documental de valor histórico, cientifico, cultural e investigativo, evidencia de la fromulación implementación y evaluación del plan estrategico de comunicaciones y pedagogía así como de los componentes fundamentales para el proceso de búsqueda y construcción de confianza con los familiares, que contribuye a la reparación de los familiares a través del reconocimiento y dignificación de sus experiencias de búsqueda, se aporta al fortalecimiento a los procesos organizativos, comunitarios y colectivos de los lugares donde se desarrollan los círculos y se recogen los saberes y experiencias que aportan al proceso de búsqueda.","Jefe de Oficina Asesora de Unidad Especial Oficina Asesora de Comunicaciones de Pedagogía","Oficina Asesora De Comunicaciones Y Pedagogía - Jefe De Oficina Asesora De Unidad Especial; Oficina Asesora De Comunicaciones Y Pedagogía - Experto Técnico; Oficina Asesora De Comunicaciones Y Pedagogía - Contratista","NO","MEDIO",null,"BAJO","BAJO",2,1,1,4,"MEDIO","NO",null,"CLASIFICADA","El derecho de toda persona a la intimidad, bajo las limitaciones propias que impone la condición de servidor publico, en concordancia con lo estipulado por el artículo 24 de la Ley 1437 de 2011.",null,"Información exceptuada por daño de derechos a personas naturales o jurídicas.\n Articulo 18 Ley 1712 de 2014\nLos que involucren derechos a la privacidad e intimidad de las personas, incluidas en las hojas de vida, la historia laboral y los expedientes pensionales y demás registros de personal que obren en los archivos de las instituciones públicas o privadas, así como la historia clínica, salvo que sean solicitados por los propios interesados o por sus apoderados con facultad expresa para acceder a esa información.\n","Parcial","2023-10-09","Ilimitada, y no deberán aplicarse cuando la persona natural o jurídica ha consentido en la revelación de sus datos personales o privados o bien cuando es claro que la información fue entregada como parte de aquella información que debe estar bajo el régimen de publicidad aplicable"]
[485,"Comunicación Estratégica y Pedagogía","Computadores Macbook","Computadores Macbook para producción de contenidos comunicativos y pedagogícos. ","2018-01-01",null,"Hardware / Infraestructura","Español","Electrónico","2018-01-10","Otro","Disponible a solicitud","Por demanda","Archivos digitales",null,"Jefe de Oficina Asesora de Unidad Especial Oficina Asesora de Comunicaciones de Pedagogía","Oficina Asesora De Comunicaciones Y Pedagogía - Analista Técnico","NO","BAJO",null,"BAJO","BAJO",1,1,1,3,"BAJO","NO",null,"PÚBLICA","No tiene excepción de acceso",null,"Información Pública de conocimiento General","No Aplica","2023-10-30","No Aplica "]
[486,"Comunicación Estratégica y Pedagogía","MICROSD","Micro SD para almacenamiento de infromación","2022-06-01",null,"Soportes de Información","Español","Digital","2018-01-10","Imagen","Disponible a solicitud","Por demanda","Archivos digitales",null,"Jefe de Oficina Asesora de Unidad Especial Oficina Asesora de Comunicaciones de Pedagogía","Oficina Asesora De Comunicaciones Y Pedagogía - Analista Técnico","NO","BAJO",null,"BAJO","BAJO",1,1,1,3,"BAJO","NO",null,"PÚBLICA","No tiene excepción de acceso",null,"Información Pública de conocimiento General","No Aplica","2023-10-30","No Aplica "]
[487,"Comunicación Estratégica y Pedagogía","Memorias extraíbles cifradas","Memorias para almacenar o mover información de nuestros equipos de computo. ","2023-01-10",null,"Soportes de Información",null,null,null,null,null,null,null,null,"Jefe de Oficina Asesora de Unidad Especial Oficina Asesora de Comunicaciones de Pedagogía","OFICINA ASESORA DE COMUNICACIONES Y PEDAGOGÍA","NO","MEDIO",null,"BAJO","BAJO",2,1,1,4,"MEDIO","NO",null,"CLASIFICADA",null,null," ",null,"2023-10-30"," "]
[488,"Comunicación Estratégica y Pedagogía","Disco duro  externo","Discos duros externos para almacenamiento de información ","2022-06-06",null,"Soportes de Información",null,null,null,null,null,null,null,null,"Jefe de Oficina Asesora de Unidad Especial Oficina Asesora de Comunicaciones de Pedagogía","OFICINA ASESORA DE COMUNICACIONES Y PEDAGOGÍA","NO","MEDIO",null,"MEDIO","MEDIO",2,2,2,6,"MEDIO","NO",null,"CLASIFICADA",null,null," ",null,"2023-10-30"," "]
[489,"Planificación de Acciones Humanitarias y Extrajudiciales de Búsqueda","Actas de reunión para la coordinación de acciones humanitarias y extrajudiciales de búsqueda con otras instancias que buscan","Documento dispositivo mediante el cual la entidad en la coordinación de acciones humanitarias y extrajudiciales de búsqueda con instituciones, organizaciones de la sociedad civil y organismos internacionales, identifica necesidades de información, estrategias y mecanismos que contribuyen al proceso de búsqueda de personas dadas por desaparecidas.","2020-12-12",null,"Información","Español","Híbrido: Análogo - digital","2019-07-05","Documento PDF; Documento de Texto","Disponible a solicitud","Por demanda","Archivos digitales","Serie documental mediante la cual la entidad en la coordinación de acciones humanitarias y extrajudiciales de búsqueda con instituciones, organizaciones de la sociedad civil y organismos internacionales, identifica necesidades de información, estrategias y mecanismos que contribuyen al proceso de búsqueda de personas dadas por desaparecidas. Sus tiempos de retención se establecen por el Acuerdo Final Para La Terminación Del Conflicto Y La Construcción De Una Paz Estable Y Duradera, Protocolo II adicional a los Convenios de Ginebra de 1949 relativo a la protección de las víctimas de los conflictos armados sin carácter internacional - 1977, Acto Legislativo 01 de 2017, Ley 1712 de 2014 al establecer su clasificación de información dentro de la matriz de activos de información e índice de información clasificada y reservada., Acuerdo 03 de 2015 AGN y Acuerdo 004 de 2015- Archivos de Derechos Humanos","Director Técnico de Unidad Especial Dirección Técnica de Información, Planeación de Localización Para la Búsqueda ","SUBDIRECCIÓN DE GESTIÓN DE INFORMACIÓN PARA LA BÚSQUEDA ","NO","MEDIO",null,"ALTO","BAJO",2,3,1,6,"MEDIO","NO",null,"CLASIFICADA","El derecho de toda persona a la intimidad, bajo las limitaciones propias que impone la condición de servidor publico, en concordancia con lo estipulado por el artículo 24 de la Ley 1437 de 2011.",null,"Información exceptuada por daño de derechos a personas naturales o jurídicas.\n Articulo 18 Ley 1712 de 2014\nLos que involucren derechos a la privacidad e intimidad de las personas, incluidas en las hojas de vida, la historia laboral y los expedientes pensionales y demás registros de personal que obren en los archivos de las instituciones públicas o privadas, así como la historia clínica, salvo que sean solicitados por los propios interesados o por sus apoderados con facultad expresa para acceder a esa información.\n","Total","2022-10-14","Ilimitada, y no deberán aplicarse cuando la persona natural o jurídica ha consentido en la revelación de sus datos personales o privados o bien cuando es claro que la información fue entregada como parte de aquella información que debe estar bajo el régimen de publicidad aplicable"]
[490,"Planificación de Acciones Humanitarias y Extrajudiciales de Búsqueda","Invitación a Reunión","Documento mediante el cual se convoca a participar de la reunión para la coordinación de acciones humanitarias y extrajudiciales de búsqueda.","2020-12-12",null,"Información","Español","Electrónico","2019-07-05","HTML","Disponible a solicitud","Por demanda","Archivos digitales","Serie documental mediante la cual la entidad en la coordinación de acciones humanitarias y extrajudiciales de búsqueda con instituciones, organizaciones de la sociedad civil y organismos internacionales, identifica necesidades de información, estrategias y mecanismos que contribuyen al proceso de búsqueda de personas dadas por desaparecidas. Sus tiempos de retención se establecen por el Acuerdo Final Para La Terminación Del Conflicto Y La Construcción De Una Paz Estable Y Duradera, Protocolo II adicional a los Convenios de Ginebra de 1949 relativo a la protección de las víctimas de los conflictos armados sin carácter internacional - 1977, Acto Legislativo 01 de 2017, Ley 1712 de 2014 al establecer su clasificación de información dentro de la matriz de activos de información e índice de información clasificada y reservada., Acuerdo 03 de 2015 AGN y Acuerdo 004 de 2015- Archivos de Derechos Humanos","Director Técnico de Unidad Especial Dirección Técnica de Información, Planeación de Localización Para la Búsqueda ","SUBDIRECCIÓN DE GESTIÓN DE INFORMACIÓN PARA LA BÚSQUEDA ","NO","BAJO",null,"BAJO","BAJO",1,1,1,3,"BAJO","NO",null,"PÚBLICA","No tiene excepción de acceso",null,"Información Pública de conocimiento General","No Aplica","2023-10-30","No Aplica "]
[491,"Planificación de Acciones Humanitarias y Extrajudiciales de Búsqueda","Registro de asistencia","Documento mediante el cual se identifican los participantes a la reunión para la coordinación de acciones humanitarias y extrajudiciales de búsqueda con otras instancias, el documento contiene los nombres, cargos, teléfonos y firmas de los participantes a la reunión.","2020-12-12",null,"Información","Español","Híbrido: Análogo - electrónico","2019-07-05","Documento PDF; Documento de Texto","Disponible a solicitud","Por demanda","Archivos digitales","Serie documental mediante la cual la entidad en la coordinación de acciones humanitarias y extrajudiciales de búsqueda con instituciones, organizaciones de la sociedad civil y organismos internacionales, identifica necesidades de información, estrategias y mecanismos que contribuyen al proceso de búsqueda de personas dadas por desaparecidas. Sus tiempos de retención se establecen por el Acuerdo Final Para La Terminación Del Conflicto Y La Construcción De Una Paz Estable Y Duradera, Protocolo II adicional a los Convenios de Ginebra de 1949 relativo a la protección de las víctimas de los conflictos armados sin carácter internacional - 1977, Acto Legislativo 01 de 2017, Ley 1712 de 2014 al establecer su clasificación de información dentro de la matriz de activos de información e índice de información clasificada y reservada., Acuerdo 03 de 2015 AGN y Acuerdo 004 de 2015- Archivos de Derechos Humanos","Director Técnico de Unidad Especial Dirección Técnica de Información, Planeación de Localización Para la Búsqueda ","SUBDIRECCIÓN DE GESTIÓN DE INFORMACIÓN PARA LA BÚSQUEDA ","NO","MEDIO",null,"MEDIO","MEDIO",2,2,2,6,"MEDIO","SI","Dato Privado","CLASIFICADA","El derecho de toda persona a la intimidad, bajo las limitaciones propias que impone la condición de servidor publico, en concordancia con lo estipulado por el artículo 24 de la Ley 1437 de 2011.",null,"Información exceptuada por daño de derechos a personas naturales o jurídicas.\n Articulo 18 Ley 1712 de 2014\nLos que involucren derechos a la privacidad e intimidad de las personas, incluidas en las hojas de vida, la historia laboral y los expedientes pensionales y demás registros de personal que obren en los archivos de las instituciones públicas o privadas, así como la historia clínica, salvo que sean solicitados por los propios interesados o por sus apoderados con facultad expresa para acceder a esa información.\n","Total","2022-10-14","Ilimitada, y no deberán aplicarse cuando la persona natural o jurídica ha consentido en la revelación de sus datos personales o privados o bien cuando es claro que la información fue entregada como parte de aquella información que debe estar bajo el régimen de publicidad aplicable"]
[492,"Planificación de Acciones Humanitarias y Extrajudiciales de Búsqueda","Solicitudes de información","Documento mediante el cual las personas naturales o jurídicas solicitan información sobre el desarrollo general de sus funciones o la gestión de la dependencia.","2020-12-12",null,"Información","Español","Híbrido: Análogo - digital; Electrónico","2019-12-12","Documento PDF; HTML","Disponible a solicitud","No aplica","Archivos digitales","La serie documental contiene aquellos documentos que en razón a las solicitudes de los ciudadanos no hacen parte de ninguna de las series expuestas en la clasificación documental pero que sin embargo amerita su conservación durante la vigencia administrativa como, evidencia de la ejecución y cumplimiento tanto de la normativa Nacional e institucional así como la política de servicio al ciudadano y sus respectivos lineamientos.","Director Técnico de Unidad Especial Dirección Técnica de Información, Planeación de Localización Para la Búsqueda ","SUBDIRECCIÓN DE GESTIÓN DE INFORMACIÓN PARA LA BÚSQUEDA ","SI","BAJO","BAJO","ALTO","MEDIO",1,3,2,6,"MEDIO","NO",null,"PÚBLICA","No tiene excepción de acceso",null,"Información Pública de conocimiento General","No Aplica","2023-10-30","No Aplica "]
[493,"Planificación de Acciones Humanitarias y Extrajudiciales de Búsqueda","Comunicación oficial mediante la cual se emite respuesta a consultas o peticiones","Comunicación oficial mediante la cual se da respuesta a consultas o peticiones de personas naturales o jurídicas que solicitan información sobre el desarrollo de las funciones generales o gestión de la dependencia.","2020-12-12",null,"Información","Español","Híbrido: Análogo - digital; Electrónico","2019-12-12","Documento PDF; HTML","Disponible a solicitud","No aplica","Archivos digitales","La serie documental contiene aquellos documentos que en razón a las solicitudes de los ciudadanos no hacen parte de ninguna de las series expuestas en la clasificación documental pero que sin embargo amerita su conservación durante la vigencia administrativa como, evidencia de la ejecución y cumplimiento tanto de la normativa Nacional e institucional así como la política de servicio al ciudadano y sus respectivos lineamientos.","Director Técnico de Unidad Especial Dirección Técnica de Información, Planeación de Localización Para la Búsqueda ","SUBDIRECCIÓN DE GESTIÓN DE INFORMACIÓN PARA LA BÚSQUEDA ","NO","BAJO",null,"BAJO","BAJO",1,1,1,3,"BAJO","NO",null,"PÚBLICA","No tiene excepción de acceso",null,"Información Pública de conocimiento General","No Aplica","2023-10-30","No Aplica "]
[494,"Planificación de Acciones Humanitarias y Extrajudiciales de Búsqueda","Registos del Catálogo de Fuentes de Información","Documento mediante el cual se describe el contenido informativo de los documentos de archivo (fuente de información primaria) y bibliográfico (fuente de información secundaria) con el fin de facilitar la recuperación de información que pueda contribuir a la búsqueda de personas dadas por desaparecidas en el contexto y en razón del conflicto armado.","2019-12-12",null,"Información","Español","Electrónico","2020-02-19","Hoja de calculo","Disponible a solicitud","Por demanda","Archivos digitales","Serie documental  mediante el cual se describe el contenido informativo de los documentos de archivo (fuente de información primaria) y bibliográfico (fuente de información secundaria) con el fin de facilitar la recuperación de información que pueda contribuir a la búsqueda de personas dadas por desaparecidas en el contexto y en razón del conflicto armado. Sus tiempos de retención se establecen por el Acuerdo Final Para La Terminación Del Conflicto Y La Construcción De Una Paz Estable Y Duradera, Protocolo II adicional a los Convenios de Ginebra de 1949 relativo a la protección de las víctimas de los conflictos armados sin carácter internacional - 1977, Acto Legislativo 01 de 2017, Ley 1712 de 2014 al establecer su clasificación de información dentro de la matriz de activos de información e índice de información clasificada y reservada, Acuerdo 03 de 2015 AGN y Acuerdo 004 de 2015. esta categoria de información se considera Archivos de Derechos Humanos","Director Técnico de Unidad Especial Dirección Técnica de Información, Planeación de Localización Para la Búsqueda ","SUBDIRECCIÓN DE GESTIÓN DE INFORMACIÓN PARA LA BÚSQUEDA ","NO","MEDIO",null,"ALTO","BAJO",2,3,1,6,"MEDIO","SI","Dato Sensible","CLASIFICADA","El derecho de toda persona a la vida, la salud o la seguridad",null,"Información exceptuada por daño de derechos a personas naturales o jurídicas. \nArticulo 18 Ley 1712 de 2014","Total","2022-12-10","Ilimitada, y no deberán aplicarse cuando la persona natural o jurídica ha consentido en la revelación de sus datos personales o privados o bien cuando es claro que la información fue entregada como parte de aquella información que debe estar bajo el régimen de publicidad aplicable"]
[495,"Planificación de Acciones Humanitarias y Extrajudiciales de Búsqueda","Solicitudes para la implementación de acciones humanitarias y extrajudiciales de búsqueda.","Comunicación oficial mediante la cual se solicita, por vía presencial, telefónica o virtual, la implementación de acciones humanitarias y extrajudiciales de búsqueda por parte de la UBPD.","2020-12-12",null,"Información","Español","Híbrido: Análogo - digital; Electrónico","2018-12-21","Documento PDF; HTML; Documento de Texto","Disponible a solicitud","No aplica","Archivos digitales","La serie documental constituye la  evidencia de  las labores que han adelantado las diferentes instancias con competencia en la búsqueda de personas dadas por desaparecidas y/o en el acompañamiento a personas que buscan a sus seres queridos, y de los resultados obtenidos. Del mismo modo, se vinculan los soportes derivados de las consultas de las diversas fuentes, así como la ruta de trabajo investigativa que vincula una solicitud de búsqueda a un plan de búsqueda, de intervención o de localización- Archivo de derechos humanos","Director Técnico de Unidad Especial Dirección Técnica de Información, Planeación de Localización Para la Búsqueda ","SUBDIRECCIÓN DE GESTIÓN DE INFORMACIÓN PARA LA BÚSQUEDA ","SI","ALTO","ALTO","ALTO","ALTO",3,3,3,9,"ALTO","SI","Dato Semiprivado","RESERVADA","Los derechos de la infancia y la adolescencia",null,"Información exceptuada por daño a los intereses públicos. Articulo 19 Ley 1712 de 2014","Total","2022-12-10","No Mayor a 15 años"]
[496,"Planificación de Acciones Humanitarias y Extrajudiciales de Búsqueda","Registro de Solicitudes de Búsqueda","Contiene la información recolectada, recibida y validada que contribuye a la búsqueda de personas dadas por desaparecidas. El registro contiene el total de personas desaparecidas y personas que buscan conocidas y validadas por la unidad, los hechos de desaparición, las relaciones entre las personas, las formas de ingreso y el seguimiento realizado por la Dirección de Participación. Contiene adicionalmente los datos de fuentes secundarias que coinciden con las personas conocidas por la unidad.","2019-12-12",null,"Información","Español","Electrónico","2019-03-19","Hoja de calculo; Otro","Disponible a solicitud","Por demanda","Sistemas de información","La serie documental constituye la  evidencia de  las labores que han adelantado las diferentes instancias con competencia en la búsqueda de personas dadas por desaparecidas y/o en el acompañamiento a personas que buscan a sus seres queridos, y de los resultados obtenidos. Del mismo modo, se vinculan los soportes derivados de las consultas de las diversas fuentes, así como la ruta de trabajo investigativa que vincula una solicitud de búsqueda a un plan de búsqueda, de intervención o de localización- Archivo de derechos humanos","Director Técnico de Unidad Especial Dirección Técnica de Información, Planeación de Localización Para la Búsqueda ","SUBDIRECCIÓN DE GESTIÓN DE INFORMACIÓN PARA LA BÚSQUEDA ","NO","ALTO",null,"ALTO","ALTO",3,3,3,9,"ALTO","SI","Dato Sensible","RESERVADA","Los derechos de la infancia y la adolescencia",null,"Información exceptuada por daño a los intereses públicos. Articulo 19 Ley 1712 de 2014","Total","2022-12-10","No Mayor a 15 años"]
[497,"Planificación de Acciones Humanitarias y Extrajudiciales de Búsqueda","Comunicaciones oficiales de solicitud de información","Comunicación oficial mediante la cual la UBPD solicita información relacionada con las personas dadas por desaparecidas en el contexto y en razón del conflicto armado colombiano.","2020-12-12",null,"Información","Español","Híbrido: Análogo - digital; Electrónico","2018-12-12","Documento de Texto; Documento PDF; HTML; Otro","Disponible a solicitud","Por demanda","Archivos digitales","La serie documental constituye la  evidencia de  las labores que han adelantado las diferentes instancias con competencia en la búsqueda de personas dadas por desaparecidas y/o en el acompañamiento a personas que buscan a sus seres queridos, y de los resultados obtenidos. Del mismo modo, se vinculan los soportes derivados de las consultas de las diversas fuentes, así como la ruta de trabajo investigativa que vincula una solicitud de búsqueda a un plan de búsqueda, de intervención o de localización- Archivo de derechos humanos","Director Técnico de Unidad Especial Dirección Técnica de Información, Planeación de Localización Para la Búsqueda ","SUBDIRECCIÓN DE GESTIÓN DE INFORMACIÓN PARA LA BÚSQUEDA ","NO","MEDIO",null,"ALTO","ALTO",2,3,3,8,"ALTO","SI","Dato Sensible","CLASIFICADA","El derecho de toda persona a la intimidad, bajo las limitaciones propias que impone la condición de servidor publico, en concordancia con lo estipulado por el artículo 24 de la Ley 1437 de 2011.",null,"Información exceptuada por daño de derechos a personas naturales o jurídicas.\n Articulo 18 Ley 1712 de 2014\nLos que involucren derechos a la privacidad e intimidad de las personas, incluidas en las hojas de vida, la historia laboral y los expedientes pensionales y demás registros de personal que obren en los archivos de las instituciones públicas o privadas, así como la historia clínica, salvo que sean solicitados por los propios interesados o por sus apoderados con facultad expresa para acceder a esa información.\n","Parcial","2022-12-10","Ilimitada, y no deberán aplicarse cuando la persona natural o jurídica ha consentido en la revelación de sus datos personales o privados o bien cuando es claro que la información fue entregada como parte de aquella información que debe estar bajo el régimen de publicidad aplicable"]
[498,"Planificación de Acciones Humanitarias y Extrajudiciales de Búsqueda","Comunicaciones oficiales de remisión de información ","Comunicación oficial mediante la cual las entidades u organizaciones remiten por competencia información o soportes documentales relacionados con las personas dadas por desaparecidas.","2018-12-12",null,"Información","Español","Híbrido: Análogo - digital; Electrónico","2018-12-12","Documento de Texto; Documento PDF; HTML","Disponible a solicitud","Por demanda","Archivo físico","La serie documental constituye la  evidencia de  las labores que han adelantado las diferentes instancias con competencia en la búsqueda de personas dadas por desaparecidas y/o en el acompañamiento a personas que buscan a sus seres queridos, y de los resultados obtenidos. Del mismo modo, se vinculan los soportes derivados de las consultas de las diversas fuentes, así como la ruta de trabajo investigativa que vincula una solicitud de búsqueda a un plan de búsqueda, de intervención o de localización- Archivo de derechos humanos","Director Técnico de Unidad Especial Dirección Técnica de Información, Planeación de Localización Para la Búsqueda ","SUBDIRECCIÓN DE GESTIÓN DE INFORMACIÓN PARA LA BÚSQUEDA ","SI","ALTO","ALTO","ALTO","ALTO",3,3,3,9,"ALTO","SI","Dato Sensible","RESERVADA","Los derechos de la infancia y la adolescencia",null,"Información exceptuada por daño a los intereses públicos. Articulo 19 Ley 1712 de 2014","Total","2022-12-10","No Mayor a 15 años"]
[499,"Planificación de Acciones Humanitarias y Extrajudiciales de Búsqueda","Registros fotográficos","Documento gráfico que presenta información sobre los lugares y las personas dadas por desaparecidas en el contexto y en razón conflicto armado.","2021-12-12",null,"Información","Español","Híbrido: Análogo - digital; Electrónico","2018-12-12","Documento PDF; Imagen","Disponible a solicitud","No aplica","Archivo físico","La serie documental constituye la  evidencia de  las labores que han adelantado las diferentes instancias con competencia en la búsqueda de personas dadas por desaparecidas y/o en el acompañamiento a personas que buscan a sus seres queridos, y de los resultados obtenidos. Del mismo modo, se vinculan los soportes derivados de las consultas de las diversas fuentes, así como la ruta de trabajo investigativa que vincula una solicitud de búsqueda a un plan de búsqueda, de intervención o de localización- Archivo de derechos humanos","Director Técnico de Unidad Especial Dirección Técnica de Información, Planeación de Localización Para la Búsqueda ","SUBDIRECCIÓN DE GESTIÓN DE INFORMACIÓN PARA LA BÚSQUEDA ","NO","MEDIO",null,"ALTO","ALTO",2,3,3,8,"ALTO","NO",null,"CLASIFICADA","El derecho de toda persona a la intimidad, bajo las limitaciones propias que impone la condición de servidor publico, en concordancia con lo estipulado por el artículo 24 de la Ley 1437 de 2011.",null,"Información exceptuada por daño de derechos a personas naturales o jurídicas.\n Articulo 18 Ley 1712 de 2014\nLos que involucren derechos a la privacidad e intimidad de las personas, incluidas en las hojas de vida, la historia laboral y los expedientes pensionales y demás registros de personal que obren en los archivos de las instituciones públicas o privadas, así como la historia clínica, salvo que sean solicitados por los propios interesados o por sus apoderados con facultad expresa para acceder a esa información.\n","Total","2022-12-10","Ilimitada, y no deberán aplicarse cuando la persona natural o jurídica ha consentido en la revelación de sus datos personales o privados o bien cuando es claro que la información fue entregada como parte de aquella información que debe estar bajo el régimen de publicidad aplicable"]
[500,"Planificación de Acciones Humanitarias y Extrajudiciales de Búsqueda","Registros de noticias de prensa","Documentos de carácter informativo que dan cuenta de hechos, lugares o personas relacionadas con la desaparición o personas dadas por desaparecidas.","2021-12-12",null,"Información","Español","Híbrido: Análogo - digital; Electrónico","2018-12-12","Imagen; Documento PDF","Disponible a solicitud","No aplica","Archivos digitales","La serie documental constituye la  evidencia de  las labores que han adelantado las diferentes instancias con competencia en la búsqueda de personas dadas por desaparecidas y/o en el acompañamiento a personas que buscan a sus seres queridos, y de los resultados obtenidos. Del mismo modo, se vinculan los soportes derivados de las consultas de las diversas fuentes, así como la ruta de trabajo investigativa que vincula una solicitud de búsqueda a un plan de búsqueda, de intervención o de localización- Archivo de derechos humanos","Director Técnico de Unidad Especial Dirección Técnica de Información, Planeación de Localización Para la Búsqueda ","SUBDIRECCIÓN DE GESTIÓN DE INFORMACIÓN PARA LA BÚSQUEDA ","SI","MEDIO","MEDIO","MEDIO","BAJO",2,2,1,5,"MEDIO","NO",null,"CLASIFICADA","El derecho de toda persona a la intimidad, bajo las limitaciones propias que impone la condición de servidor publico, en concordancia con lo estipulado por el artículo 24 de la Ley 1437 de 2011.",null,"Información exceptuada por daño de derechos a personas naturales o jurídicas.\n Articulo 18 Ley 1712 de 2014\nLos que involucren derechos a la privacidad e intimidad de las personas, incluidas en las hojas de vida, la historia laboral y los expedientes pensionales y demás registros de personal que obren en los archivos de las instituciones públicas o privadas, así como la historia clínica, salvo que sean solicitados por los propios interesados o por sus apoderados con facultad expresa para acceder a esa información.\n","Total","2022-12-10","Ilimitada, y no deberán aplicarse cuando la persona natural o jurídica ha consentido en la revelación de sus datos personales o privados o bien cuando es claro que la información fue entregada como parte de aquella información que debe estar bajo el régimen de publicidad aplicable"]
[501,"Planificación de Acciones Humanitarias y Extrajudiciales de Búsqueda","Registros audiovisuales","Documentos que contienen información audiovisual o sonora que contribuye al proceso de búsqueda de personas dadas por desaparecidas.","2021-12-12",null,"Información","Español","Electrónico; Análogo","2021-12-12","Video","Disponible a solicitud","No aplica","Archivos digitales","La serie documental constituye la  evidencia de  las labores que han adelantado las diferentes instancias con competencia en la búsqueda de personas dadas por desaparecidas y/o en el acompañamiento a personas que buscan a sus seres queridos, y de los resultados obtenidos. Del mismo modo, se vinculan los soportes derivados de las consultas de las diversas fuentes, así como la ruta de trabajo investigativa que vincula una solicitud de búsqueda a un plan de búsqueda, de intervención o de localización- Archivo de derechos humanos","Director Técnico de Unidad Especial Dirección Técnica de Información, Planeación de Localización Para la Búsqueda ","SUBDIRECCIÓN DE GESTIÓN DE INFORMACIÓN PARA LA BÚSQUEDA ","NO","MEDIO",null,"ALTO","ALTO",2,3,3,8,"ALTO","SI","Dato Sensible","CLASIFICADA","El derecho de toda persona a la intimidad, bajo las limitaciones propias que impone la condición de servidor publico, en concordancia con lo estipulado por el artículo 24 de la Ley 1437 de 2011.",null,"Información exceptuada por daño de derechos a personas naturales o jurídicas.\n Articulo 18 Ley 1712 de 2014\nLos que involucren derechos a la privacidad e intimidad de las personas, incluidas en las hojas de vida, la historia laboral y los expedientes pensionales y demás registros de personal que obren en los archivos de las instituciones públicas o privadas, así como la historia clínica, salvo que sean solicitados por los propios interesados o por sus apoderados con facultad expresa para acceder a esa información.\n","Total","2022-12-10","Ilimitada, y no deberán aplicarse cuando la persona natural o jurídica ha consentido en la revelación de sus datos personales o privados o bien cuando es claro que la información fue entregada como parte de aquella información que debe estar bajo el régimen de publicidad aplicable"]
[502,"Planificación de Acciones Humanitarias y Extrajudiciales de Búsqueda","Registros cartográficos","Documento que presenta, total o parcialmente una extensión geográfica a través de mapas, planos, croquis y/o dibujos relacionados con lugares asociados a hechos de desaparición.","2021-12-12",null,"Información","Español","Híbrido: Análogo - digital; Electrónico","2019-12-12","Documento PDF; Otro","Disponible a solicitud","Por demanda","Archivos digitales","La serie documental constituye la  evidencia de  las labores que han adelantado las diferentes instancias con competencia en la búsqueda de personas dadas por desaparecidas y/o en el acompañamiento a personas que buscan a sus seres queridos, y de los resultados obtenidos. Del mismo modo, se vinculan los soportes derivados de las consultas de las diversas fuentes, así como la ruta de trabajo investigativa que vincula una solicitud de búsqueda a un plan de búsqueda, de intervención o de localización- Archivo de derechos humanos","Director Técnico de Unidad Especial Dirección Técnica de Información, Planeación de Localización Para la Búsqueda ","SUBDIRECCIÓN DE GESTIÓN DE INFORMACIÓN PARA LA BÚSQUEDA ","NO","MEDIO",null,"MEDIO","MEDIO",2,2,2,6,"MEDIO","NO",null,"CLASIFICADA","El derecho de toda persona a la intimidad, bajo las limitaciones propias que impone la condición de servidor publico, en concordancia con lo estipulado por el artículo 24 de la Ley 1437 de 2011.",null,"Información exceptuada por daño de derechos a personas naturales o jurídicas.\n Articulo 18 Ley 1712 de 2014\nLos que involucren derechos a la privacidad e intimidad de las personas, incluidas en las hojas de vida, la historia laboral y los expedientes pensionales y demás registros de personal que obren en los archivos de las instituciones públicas o privadas, así como la historia clínica, salvo que sean solicitados por los propios interesados o por sus apoderados con facultad expresa para acceder a esa información.\n","Total","2022-12-10","Ilimitada, y no deberán aplicarse cuando la persona natural o jurídica ha consentido en la revelación de sus datos personales o privados o bien cuando es claro que la información fue entregada como parte de aquella información que debe estar bajo el régimen de publicidad aplicable"]
[503,"Planificación de Acciones Humanitarias y Extrajudiciales de Búsqueda","Informe del Establecimiento del Estado del Proceso de Búsqueda","Documento que contiene información basada en la consulta de fuentes institucionales, labores adelantadas y resultados obtenidos por parte de diferentes instancias con competencia en la búsqueda de personas dadas por desaparecidas y/o en el acompañamiento a personas que buscan a sus seres queridos.","2021-12-12",null,"Información","Español","Electrónico","2019-06-01","Documento de Texto","Disponible a solicitud","Por demanda","Archivos digitales","La serie documental constituye la  evidencia de  las labores que han adelantado las diferentes instancias con competencia en la búsqueda de personas dadas por desaparecidas y/o en el acompañamiento a personas que buscan a sus seres queridos, y de los resultados obtenidos. Del mismo modo, se vinculan los soportes derivados de las consultas de las diversas fuentes, así como la ruta de trabajo investigativa que vincula una solicitud de búsqueda a un plan de búsqueda, de intervención o de localización- Archivo de derechos humanos","Director Técnico de Unidad Especial Dirección Técnica de Información, Planeación de Localización Para la Búsqueda ","SUBDIRECCIÓN DE GESTIÓN DE INFORMACIÓN PARA LA BÚSQUEDA ","NO","MEDIO",null,"ALTO","ALTO",2,3,3,8,"ALTO","SI","Dato Sensible","CLASIFICADA","El derecho de toda persona a la intimidad, bajo las limitaciones propias que impone la condición de servidor publico, en concordancia con lo estipulado por el artículo 24 de la Ley 1437 de 2011.",null,"Información exceptuada por daño de derechos a personas naturales o jurídicas.\n Articulo 18 Ley 1712 de 2014\nLos que involucren derechos a la privacidad e intimidad de las personas, incluidas en las hojas de vida, la historia laboral y los expedientes pensionales y demás registros de personal que obren en los archivos de las instituciones públicas o privadas, así como la historia clínica, salvo que sean solicitados por los propios interesados o por sus apoderados con facultad expresa para acceder a esa información.\n","Total","2022-10-13","Ilimitada, y no deberán aplicarse cuando la persona natural o jurídica ha consentido en la revelación de sus datos personales o privados o bien cuando es claro que la información fue entregada como parte de aquella información que debe estar bajo el régimen de publicidad aplicable"]
[504,"Planificación de Acciones Humanitarias y Extrajudiciales de Búsqueda","Expedientes recolectados","Conjunto de documentos recolectados en el marco de convenios interinstitucionales que contribuyen a la construcción del Universo de personas dadas por desaparecidas y del Plan Nacional y Plan Nacional de Búsqueda.","2020-12-12",null,"Información","Español","Análogo; Híbrido: Análogo - digital; Electrónico","2018-12-12","Documento PDF; Presentación; Documento de Texto; Hoja de calculo; Imagen; Video; Audio; Otro","Disponible a solicitud","Por demanda","Archivos digitales","La serie documental constituye la  evidencia de  las labores que han adelantado las diferentes instancias con competencia en la búsqueda de personas dadas por desaparecidas y/o en el acompañamiento a personas que buscan a sus seres queridos, y de los resultados obtenidos. Del mismo modo, se vinculan los soportes derivados de las consultas de las diversas fuentes, así como la ruta de trabajo investigativa que vincula una solicitud de búsqueda a un plan de búsqueda, de intervención o de localización- Archivo de derechos humanos","Director Técnico de Unidad Especial Dirección Técnica de Información, Planeación de Localización Para la Búsqueda ","SUBDIRECCIÓN DE GESTIÓN DE INFORMACIÓN PARA LA BÚSQUEDA ","SI","MEDIO","ALTO","ALTO","MEDIO",3,3,2,8,"ALTO","SI","Dato Sensible","RESERVADA","Los derechos de la infancia y la adolescencia",null,"Información exceptuada por daño a los intereses públicos. Articulo 19 Ley 1712 de 2014","Total","2022-10-13","No Mayor a 15 años"]
[505,"Planificación de Acciones Humanitarias y Extrajudiciales de Búsqueda","Expedientes recolectados","Conjunto de documentos recolectados en el marco de convenios interinstitucionales que contribuyen a la construcción del Universo de personas dadas por desaparecidas y del Plan Nacional y Plan Nacional de Búsqueda.","2020-12-12",null,"Información","Español","Análogo; Híbrido: Análogo - digital; Electrónico","2018-12-12","Documento PDF; Presentación; Documento de Texto; Hoja de calculo; Imagen; Video; Audio; Otro","Disponible a solicitud","Por demanda","Archivos digitales","Serie documental  mediante el cual se describe el contenido informativo de los documentos de archivo (fuente de información primaria) y bibliográfico (fuente de información secundaria) con el fin de facilitar la recuperación de información que pueda contribuir a la búsqueda de personas dadas por desaparecidas en el contexto y en razón del conflicto armado. Sus tiempos de retención se establecen por el Acuerdo Final Para La Terminación Del Conflicto Y La Construcción De Una Paz Estable Y Duradera, Protocolo II adicional a los Convenios de Ginebra de 1949 relativo a la protección de las víctimas de los conflictos armados sin carácter internacional - 1977, Acto Legislativo 01 de 2017, Ley 1712 de 2014 al establecer su clasificación de información dentro de la matriz de activos de información e índice de información clasificada y reservada, Acuerdo 03 de 2015 AGN y Acuerdo 004 de 2015. esta categoria de información se considera Archivos de Derechos Humanos","Director Técnico de Unidad Especial Dirección Técnica de Información, Planeación de Localización Para la Búsqueda ","SUBDIRECCIÓN DE GESTIÓN DE INFORMACIÓN PARA LA BÚSQUEDA ","SI","MEDIO","ALTO","ALTO","MEDIO",3,3,2,8,"ALTO","SI","Dato Sensible","RESERVADA","Los derechos de la infancia y la adolescencia",null,"Información exceptuada por daño a los intereses públicos. Articulo 19 Ley 1712 de 2014","Total","2022-12-13","No Mayor a 15 años"]
[506,"Planificación de Acciones Humanitarias y Extrajudiciales de Búsqueda","Expedientes recolectados","Conjunto de documentos recolectados en el marco de convenios interinstitucionales que contribuyen a la construcción del Universo de personas dadas por desaparecidas y del Plan Nacional y Plan Nacional de Búsqueda.","2020-12-12",null,"Información","Español","Análogo; Híbrido: Análogo - digital; Electrónico","2018-12-12","Documento PDF; Presentación; Documento de Texto; Hoja de calculo; Imagen; Video; Audio; Otro","Disponible a solicitud","Por demanda","Archivos digitales","Serie documental evidencia las labores que han adelantado las diferentes instancias con competencia en la búsqueda de personas dadas por desaparecidas y/o en el acompañamiento a personas que buscan a sus seres queridos, y de los resultados obtenidos. Contiene documentos soportes derivados de las consultas de las diversas fuentes, así como la ruta de trabajo investigativa que vincula una solicitud de búsqueda a un plan de búsqueda, de intervención o de localización. Sus tiempos de retención se establecen por el Acuerdo Final Para La Terminación Del Conflicto Y La Construcción De Una Paz Estable Y Duradera, Protocolo II adicional a los Convenios de Ginebra de 1949 relativo a la protección de las víctimas de los conflictos armados sin carácter internacional - 1977, Acto Legislativo 01 de 2017, Ley 1712 de 2014 al establecer su clasificación de información dentro de la matriz de activos de información e índice de información clasificada y reservada, Acuerdo 03 de 2015 AGN y Acuerdo 004 de 2015.","Director Técnico de Unidad Especial Dirección Técnica de Información, Planeación de Localización Para la Búsqueda ","SUBDIRECCIÓN DE GESTIÓN DE INFORMACIÓN PARA LA BÚSQUEDA ","SI","MEDIO","ALTO","ALTO","MEDIO",3,3,2,8,"ALTO","SI","Dato Sensible","RESERVADA","Los derechos de la infancia y la adolescencia",null,"Información exceptuada por daño a los intereses públicos. Articulo 19 Ley 1712 de 2014","Total","2022-12-13","No Mayor a 15 años"]
[507,"Planificación de Acciones Humanitarias y Extrajudiciales de Búsqueda","Convocatoria de encuentro","Comunicación oficial mediante la cual se convoca al aportante para realizar encuentro en el que se llevará a cabo la recolección de información que contribuye a la búsqueda.","2021-12-12",null,"Información","Español","Análogo; Híbrido: Análogo - digital; Electrónico","2018-11-01","Documento de Texto; Documento PDF; HTML","No disponible, No publicada","No aplica","Archivos digitales","Serie documental que contiene información de identidad y contacto de las personas y organizaciones que aportan información para la búsqueda de personas dadas por desaparecidas en el contexto y en razón del conflicto armado. Sus tiempos de retención se establecen por el Acuerdo Final Para La Terminación Del Conflicto Y La Construcción De Una Paz Estable Y Duradera, Protocolo II adicional a los Convenios de Ginebra de 1949 relativo a la protección de las víctimas de los conflictos armados sin carácter internacional - 1977, Acto Legislativo 01 de 2017, Ley 1712 de 2014 al establecer su clasificación de información dentro de la matriz de activos de información e índice de información clasificada y reservada y Decreto 1393 de 2018, Acuerdo 03 de 2015 AGN y Acuerdo 004 de 2015. La categoria hace parte de los Archivos de Derechos Humanos","Director Técnico de Unidad Especial Dirección Técnica de Información, Planeación de Localización Para la Búsqueda ","SUBDIRECCIÓN DE GESTIÓN DE INFORMACIÓN PARA LA BÚSQUEDA ","NO","MEDIO",null,"MEDIO","BAJO",2,2,1,5,"MEDIO","NO",null,"CLASIFICADA","El derecho de toda persona a la intimidad, bajo las limitaciones propias que impone la condición de servidor publico, en concordancia con lo estipulado por el artículo 24 de la Ley 1437 de 2011.",null,"Información exceptuada por daño de derechos a personas naturales o jurídicas.\n Articulo 18 Ley 1712 de 2014\nLos que involucren derechos a la privacidad e intimidad de las personas, incluidas en las hojas de vida, la historia laboral y los expedientes pensionales y demás registros de personal que obren en los archivos de las instituciones públicas o privadas, así como la historia clínica, salvo que sean solicitados por los propios interesados o por sus apoderados con facultad expresa para acceder a esa información.\n","Total","2023-10-13","Ilimitada, y no deberán aplicarse cuando la persona natural o jurídica ha consentido en la revelación de sus datos personales o privados o bien cuando es claro que la información fue entregada como parte de aquella información que debe estar bajo el régimen de publicidad aplicable"]
[508,"Planificación de Acciones Humanitarias y Extrajudiciales de Búsqueda","Acuerdo de confidencialidad","Documento mediante el cual se establece un compromiso de confidencialidad de información suministrada por los aportantes y la referida con el relacionamiento con la UBPD.","2021-12-12",null,"Información","Español","Híbrido: Análogo - digital","2019-12-12","Documento PDF","No disponible, No publicada","No aplica","Archivos digitales","Serie documental que contiene información de identidad y contacto de las personas y organizaciones que aportan información para la búsqueda de personas dadas por desaparecidas en el contexto y en razón del conflicto armado. Sus tiempos de retención se establecen por el Acuerdo Final Para La Terminación Del Conflicto Y La Construcción De Una Paz Estable Y Duradera, Protocolo II adicional a los Convenios de Ginebra de 1949 relativo a la protección de las víctimas de los conflictos armados sin carácter internacional - 1977, Acto Legislativo 01 de 2017, Ley 1712 de 2014 al establecer su clasificación de información dentro de la matriz de activos de información e índice de información clasificada y reservada y Decreto 1393 de 2018, Acuerdo 03 de 2015 AGN y Acuerdo 004 de 2015. La categoria hace parte de los Archivos de Derechos Humanos","Director Técnico de Unidad Especial Dirección Técnica de Información, Planeación de Localización Para la Búsqueda ","SUBDIRECCIÓN DE GESTIÓN DE INFORMACIÓN PARA LA BÚSQUEDA ","NO","MEDIO",null,"BAJO","BAJO",2,1,1,4,"MEDIO","SI","Dato Semiprivado","CLASIFICADA","El derecho de toda persona a la intimidad, bajo las limitaciones propias que impone la condición de servidor publico, en concordancia con lo estipulado por el artículo 24 de la Ley 1437 de 2011.",null,"Información exceptuada por daño de derechos a personas naturales o jurídicas.\n Articulo 18 Ley 1712 de 2014\nLos que involucren derechos a la privacidad e intimidad de las personas, incluidas en las hojas de vida, la historia laboral y los expedientes pensionales y demás registros de personal que obren en los archivos de las instituciones públicas o privadas, así como la historia clínica, salvo que sean solicitados por los propios interesados o por sus apoderados con facultad expresa para acceder a esa información.\n","Parcial","2022-10-13","Ilimitada, y no deberán aplicarse cuando la persona natural o jurídica ha consentido en la revelación de sus datos personales o privados o bien cuando es claro que la información fue entregada como parte de aquella información que debe estar bajo el régimen de publicidad aplicable"]
[509,"Planificación de Acciones Humanitarias y Extrajudiciales de Búsqueda","Consentimiento informado de aportantes de información","Documento mediante el cual se autoriza el uso de la información suministrada por los aportantes para los procesos misionales de la UBPD.","2021-12-12",null,"Información","Español","Híbrido: Análogo - digital","2019-12-12","Documento PDF","No disponible, No publicada","No aplica","Archivos digitales","Serie documental que contiene información de identidad y contacto de las personas y organizaciones que aportan información para la búsqueda de personas dadas por desaparecidas en el contexto y en razón del conflicto armado. Sus tiempos de retención se establecen por el Acuerdo Final Para La Terminación Del Conflicto Y La Construcción De Una Paz Estable Y Duradera, Protocolo II adicional a los Convenios de Ginebra de 1949 relativo a la protección de las víctimas de los conflictos armados sin carácter internacional - 1977, Acto Legislativo 01 de 2017, Ley 1712 de 2014 al establecer su clasificación de información dentro de la matriz de activos de información e índice de información clasificada y reservada y Decreto 1393 de 2018, Acuerdo 03 de 2015 AGN y Acuerdo 004 de 2015. La categoria hace parte de los Archivos de Derechos Humanos","Director Técnico de Unidad Especial Dirección Técnica de Información, Planeación de Localización Para la Búsqueda ","SUBDIRECCIÓN DE GESTIÓN DE INFORMACIÓN PARA LA BÚSQUEDA ","NO","MEDIO",null,"BAJO","BAJO",2,1,1,4,"MEDIO","SI","Dato Semiprivado","CLASIFICADA","El derecho de toda persona a la intimidad, bajo las limitaciones propias que impone la condición de servidor publico, en concordancia con lo estipulado por el artículo 24 de la Ley 1437 de 2011.",null,"Información exceptuada por daño de derechos a personas naturales o jurídicas.\n Articulo 18 Ley 1712 de 2014\nLos que involucren derechos a la privacidad e intimidad de las personas, incluidas en las hojas de vida, la historia laboral y los expedientes pensionales y demás registros de personal que obren en los archivos de las instituciones públicas o privadas, así como la historia clínica, salvo que sean solicitados por los propios interesados o por sus apoderados con facultad expresa para acceder a esa información.\n","Total","2022-10-13","Ilimitada, y no deberán aplicarse cuando la persona natural o jurídica ha consentido en la revelación de sus datos personales o privados o bien cuando es claro que la información fue entregada como parte de aquella información que debe estar bajo el régimen de publicidad aplicable"]
[510,"Planificación de Acciones Humanitarias y Extrajudiciales de Búsqueda","\nSoportes documentales de aportantes\n","Documentos proporcionados por los aportantes de información que contribuyen a la búsqueda de personas dadas por desaparecidas en contexto y en razón del conflicto armado.","2021-12-12",null,"Información","Español","Análogo; Híbrido: Análogo - digital; Electrónico","2019-12-12","Documento;de;Texto; Imagen; Video; Audio","No disponible, No publicada","No aplica","Archivos digitales","Serie documental que contiene información de identidad y contacto de las personas y organizaciones que aportan información para la búsqueda de personas dadas por desaparecidas en el contexto y en razón del conflicto armado. Sus tiempos de retención se establecen por el Acuerdo Final Para La Terminación Del Conflicto Y La Construcción De Una Paz Estable Y Duradera, Protocolo II adicional a los Convenios de Ginebra de 1949 relativo a la protección de las víctimas de los conflictos armados sin carácter internacional - 1977, Acto Legislativo 01 de 2017, Ley 1712 de 2014 al establecer su clasificación de información dentro de la matriz de activos de información e índice de información clasificada y reservada y Decreto 1393 de 2018, Acuerdo 03 de 2015 AGN y Acuerdo 004 de 2015. La categoria hace parte de los Archivos de Derechos Humanos","Director Técnico de Unidad Especial Dirección Técnica de Información, Planeación de Localización Para la Búsqueda ","SUBDIRECCIÓN DE GESTIÓN DE INFORMACIÓN PARA LA BÚSQUEDA ","SI","MEDIO","ALTO","ALTO","ALTO",3,3,3,9,"ALTO","SI","Dato Sensible","RESERVADA","La seguridad publica",null,"Información exceptuada por daño a los intereses públicos. Articulo 19 Ley 1712 de 2014","Total","2022-10-13","No Mayor a 15 años"]
[511,"Planificación de Acciones Humanitarias y Extrajudiciales de Búsqueda","Entrevistas realizadas a los aportantes","Documento que sustenta el desarrollo de la recolección de información que el aportante entrega y que puede ser grabada previa autorización o acuerdo de confidencialidad.","2021-12-12",null,"Información","Español","Electrónico","2019-01-01","Audio; Documento de Texto; Documento PDF","No disponible, No publicada","No aplica","Archivos digitales","Serie documental que contiene información de identidad y contacto de las personas y organizaciones que aportan información para la búsqueda de personas dadas por desaparecidas en el contexto y en razón del conflicto armado. Sus tiempos de retención se establecen por el Acuerdo Final Para La Terminación Del Conflicto Y La Construcción De Una Paz Estable Y Duradera, Protocolo II adicional a los Convenios de Ginebra de 1949 relativo a la protección de las víctimas de los conflictos armados sin carácter internacional - 1977, Acto Legislativo 01 de 2017, Ley 1712 de 2014 al establecer su clasificación de información dentro de la matriz de activos de información e índice de información clasificada y reservada y Decreto 1393 de 2018, Acuerdo 03 de 2015 AGN y Acuerdo 004 de 2015. La categoria hace parte de los Archivos de Derechos Humanos","Director Técnico de Unidad Especial Dirección Técnica de Información, Planeación de Localización Para la Búsqueda ","SUBDIRECCIÓN DE GESTIÓN DE INFORMACIÓN PARA LA BÚSQUEDA ","NO","ALTO",null,"ALTO","ALTO",3,3,3,9,"ALTO","SI","Dato Sensible","RESERVADA","La seguridad publica",null,"Información exceptuada por daño a los intereses públicos. Articulo 19 Ley 1712 de 2014","Total","2022-10-14","No Mayor a 15 años"]
[512,"Planificación de Acciones Humanitarias y Extrajudiciales de Búsqueda","Acta de Reunión con aportantes de información","Documento mediante el cual se da cuenta de los encuentros con los aportantes de información para la búsqueda de personas dadas por desaparecidas y de la información recolectada.","2021-12-12",null,"Información","Español","Electrónico","2020-12-12","Documento PDF","No disponible, No publicada","Por demanda","Archivos digitales","Serie documental que contiene información de identidad y contacto de las personas y organizaciones que aportan información para la búsqueda de personas dadas por desaparecidas en el contexto y en razón del conflicto armado. Sus tiempos de retención se establecen por el Acuerdo Final Para La Terminación Del Conflicto Y La Construcción De Una Paz Estable Y Duradera, Protocolo II adicional a los Convenios de Ginebra de 1949 relativo a la protección de las víctimas de los conflictos armados sin carácter internacional - 1977, Acto Legislativo 01 de 2017, Ley 1712 de 2014 al establecer su clasificación de información dentro de la matriz de activos de información e índice de información clasificada y reservada y Decreto 1393 de 2018, Acuerdo 03 de 2015 AGN y Acuerdo 004 de 2015. La categoria hace parte de los Archivos de Derechos Humanos","Director Técnico de Unidad Especial Dirección Técnica de Información, Planeación de Localización Para la Búsqueda ","SUBDIRECCIÓN DE GESTIÓN DE INFORMACIÓN PARA LA BÚSQUEDA ","NO","MEDIO",null,"MEDIO","MEDIO",2,2,2,6,"MEDIO","SI","Dato Sensible","CLASIFICADA","El derecho de toda persona a la intimidad, bajo las limitaciones propias que impone la condición de servidor publico, en concordancia con lo estipulado por el artículo 24 de la Ley 1437 de 2011.",null,"Información exceptuada por daño de derechos a personas naturales o jurídicas.\n Articulo 18 Ley 1712 de 2014\nLos que involucren derechos a la privacidad e intimidad de las personas, incluidas en las hojas de vida, la historia laboral y los expedientes pensionales y demás registros de personal que obren en los archivos de las instituciones públicas o privadas, así como la historia clínica, salvo que sean solicitados por los propios interesados o por sus apoderados con facultad expresa para acceder a esa información.\n","Parcial","2022-10-25","Ilimitada, y no deberán aplicarse cuando la persona natural o jurídica ha consentido en la revelación de sus datos personales o privados o bien cuando es claro que la información fue entregada como parte de aquella información que debe estar bajo el régimen de publicidad aplicable"]
[513,"Planificación de Acciones Humanitarias y Extrajudiciales de Búsqueda","Oficio de acreditación","Documento mediante el cual la UBPD certifica la comparecencia y contribución de información para el cumplimiento de la misión de la UBPD por parte de quienes buscan tratamiento especial de justicia.","2021-12-12",null,"Información","Español","Híbrido: Análogo - digital; Electrónico","2019-08-31","Documento PDF; HTML","No disponible, No publicada","Por demanda","Archivos digitales","Serie documental que contiene información de identidad y contacto de las personas y organizaciones que aportan información para la búsqueda de personas dadas por desaparecidas en el contexto y en razón del conflicto armado. Sus tiempos de retención se establecen por el Acuerdo Final Para La Terminación Del Conflicto Y La Construcción De Una Paz Estable Y Duradera, Protocolo II adicional a los Convenios de Ginebra de 1949 relativo a la protección de las víctimas de los conflictos armados sin carácter internacional - 1977, Acto Legislativo 01 de 2017, Ley 1712 de 2014 al establecer su clasificación de información dentro de la matriz de activos de información e índice de información clasificada y reservada y Decreto 1393 de 2018, Acuerdo 03 de 2015 AGN y Acuerdo 004 de 2015. La categoria hace parte de los Archivos de Derechos Humanos","Director Técnico de Unidad Especial Dirección Técnica de Información, Planeación de Localización Para la Búsqueda ","SUBDIRECCIÓN DE GESTIÓN DE INFORMACIÓN PARA LA BÚSQUEDA ","NO","MEDIO",null,"MEDIO","MEDIO",2,2,2,6,"MEDIO","SI","Dato Semiprivado","CLASIFICADA","El derecho de toda persona a la intimidad, bajo las limitaciones propias que impone la condición de servidor publico, en concordancia con lo estipulado por el artículo 24 de la Ley 1437 de 2011.",null,"Información exceptuada por daño de derechos a personas naturales o jurídicas.\n Articulo 18 Ley 1712 de 2014\nLos que involucren derechos a la privacidad e intimidad de las personas, incluidas en las hojas de vida, la historia laboral y los expedientes pensionales y demás registros de personal que obren en los archivos de las instituciones públicas o privadas, así como la historia clínica, salvo que sean solicitados por los propios interesados o por sus apoderados con facultad expresa para acceder a esa información.\n","Parcial","2022-10-14","Ilimitada, y no deberán aplicarse cuando la persona natural o jurídica ha consentido en la revelación de sus datos personales o privados o bien cuando es claro que la información fue entregada como parte de aquella información que debe estar bajo el régimen de publicidad aplicable"]
[514,"Planificación de Acciones Humanitarias y Extrajudiciales de Búsqueda","Matriz registro del aportante","Documento mediante el cual se realiza el registro del aportante de información y se asigna codificación para garantizar la clasificación y reserva de la información así como la administración de los datos personales garantizando la confidencialidad de los datos del aportante.","2021-12-12",null,"Información","Español","Electrónico","2019-01-01","Hoja de calculo","No disponible, No publicada","Mensual","Archivos digitales","Serie documental que contiene información de identidad y contacto de las personas y organizaciones que aportan información para la búsqueda de personas dadas por desaparecidas en el contexto y en razón del conflicto armado. Sus tiempos de retención se establecen por el Acuerdo Final Para La Terminación Del Conflicto Y La Construcción De Una Paz Estable Y Duradera, Protocolo II adicional a los Convenios de Ginebra de 1949 relativo a la protección de las víctimas de los conflictos armados sin carácter internacional - 1977, Acto Legislativo 01 de 2017, Ley 1712 de 2014 al establecer su clasificación de información dentro de la matriz de activos de información e índice de información clasificada y reservada y Decreto 1393 de 2018, Acuerdo 03 de 2015 AGN y Acuerdo 004 de 2015. La categoria hace parte de los Archivos de Derechos Humanos","Director Técnico de Unidad Especial Dirección Técnica de Información, Planeación de Localización Para la Búsqueda ","SUBDIRECCIÓN DE GESTIÓN DE INFORMACIÓN PARA LA BÚSQUEDA ","NO","MEDIO",null,"ALTO","ALTO",2,3,3,8,"ALTO","SI","Dato Semiprivado","CLASIFICADA","El derecho de toda persona a la intimidad, bajo las limitaciones propias que impone la condición de servidor publico, en concordancia con lo estipulado por el artículo 24 de la Ley 1437 de 2011.",null,"Información exceptuada por daño de derechos a personas naturales o jurídicas.\n Articulo 18 Ley 1712 de 2014\nLos que involucren derechos a la privacidad e intimidad de las personas, incluidas en las hojas de vida, la historia laboral y los expedientes pensionales y demás registros de personal que obren en los archivos de las instituciones públicas o privadas, así como la historia clínica, salvo que sean solicitados por los propios interesados o por sus apoderados con facultad expresa para acceder a esa información.\n","Total","2022-10-13","Ilimitada, y no deberán aplicarse cuando la persona natural o jurídica ha consentido en la revelación de sus datos personales o privados o bien cuando es claro que la información fue entregada como parte de aquella información que debe estar bajo el régimen de publicidad aplicable"]
[515,"Planificación de Acciones Humanitarias y Extrajudiciales de Búsqueda","Comunicación oficial de remisión de resolución y sus soportes","Comunicación oficial mediante la cual la Jurisdicción Especial para la Paz - JEP- remite resoluciones de régimen de condicionalidad que impone la obligación al compareciente JEP de aportar la información que contribuya a la búsqueda en los casos relacionados con personas dadas por desaparecidas.","2021-12-12",null,"Información","Español","Híbrido: Análogo - digital; Electrónico","2021-12-12","Documento PDF; HTML","No disponible, No publicada","No aplica","Archivos digitales","Serie documental que contiene información de identidad y contacto de las personas y organizaciones que aportan información para la búsqueda de personas dadas por desaparecidas en el contexto y en razón del conflicto armado. Sus tiempos de retención se establecen por el Acuerdo Final Para La Terminación Del Conflicto Y La Construcción De Una Paz Estable Y Duradera, Protocolo II adicional a los Convenios de Ginebra de 1949 relativo a la protección de las víctimas de los conflictos armados sin carácter internacional - 1977, Acto Legislativo 01 de 2017, Ley 1712 de 2014 al establecer su clasificación de información dentro de la matriz de activos de información e índice de información clasificada y reservada y Decreto 1393 de 2018, Acuerdo 03 de 2015 AGN y Acuerdo 004 de 2015. La categoria hace parte de los Archivos de Derechos Humanos","Director Técnico de Unidad Especial Dirección Técnica de Información, Planeación de Localización Para la Búsqueda ","SUBDIRECCIÓN DE GESTIÓN DE INFORMACIÓN PARA LA BÚSQUEDA ","SI","MEDIO","MEDIO","ALTO","MEDIO",2,3,2,7,"MEDIO","SI","Dato Privado","CLASIFICADA","El derecho de toda persona a la intimidad, bajo las limitaciones propias que impone la condición de servidor publico, en concordancia con lo estipulado por el artículo 24 de la Ley 1437 de 2011.",null,"Información exceptuada por daño de derechos a personas naturales o jurídicas.\n Articulo 18 Ley 1712 de 2014\nLos que involucren derechos a la privacidad e intimidad de las personas, incluidas en las hojas de vida, la historia laboral y los expedientes pensionales y demás registros de personal que obren en los archivos de las instituciones públicas o privadas, así como la historia clínica, salvo que sean solicitados por los propios interesados o por sus apoderados con facultad expresa para acceder a esa información.\n","Total","2022-10-14","Ilimitada, y no deberán aplicarse cuando la persona natural o jurídica ha consentido en la revelación de sus datos personales o privados o bien cuando es claro que la información fue entregada como parte de aquella información que debe estar bajo el régimen de publicidad aplicable"]
[516,"Planificación de Acciones Humanitarias y Extrajudiciales de Búsqueda","Matriz de registro de resoluciones emitidas por Jurisdicción Especial para la Paz - JEP","Documento mediante el cual se realiza el registro de datos básicos de los comparecientes de la Jurisdicción Especial de Paz - JEP e información de personas dadas por dadas por desaparecidas.","2020-12-12",null,"Información","Español","Electrónico","2019-05-05","Hoja de calculo","No disponible, No publicada","Por demanda","Archivos digitales","Serie documental que contiene información de identidad y contacto de las personas y organizaciones que aportan información para la búsqueda de personas dadas por desaparecidas en el contexto y en razón del conflicto armado. Sus tiempos de retención se establecen por el Acuerdo Final Para La Terminación Del Conflicto Y La Construcción De Una Paz Estable Y Duradera, Protocolo II adicional a los Convenios de Ginebra de 1949 relativo a la protección de las víctimas de los conflictos armados sin carácter internacional - 1977, Acto Legislativo 01 de 2017, Ley 1712 de 2014 al establecer su clasificación de información dentro de la matriz de activos de información e índice de información clasificada y reservada y Decreto 1393 de 2018, Acuerdo 03 de 2015 AGN y Acuerdo 004 de 2015. La categoria hace parte de los Archivos de Derechos Humanos","Director Técnico de Unidad Especial Dirección Técnica de Información, Planeación de Localización Para la Búsqueda ","SUBDIRECCIÓN DE GESTIÓN DE INFORMACIÓN PARA LA BÚSQUEDA ","NO","MEDIO",null,"MEDIO","MEDIO",2,2,2,6,"MEDIO","SI","Dato Semiprivado","CLASIFICADA","El derecho de toda persona a la intimidad, bajo las limitaciones propias que impone la condición de servidor publico, en concordancia con lo estipulado por el artículo 24 de la Ley 1437 de 2011.",null,"Información exceptuada por daño de derechos a personas naturales o jurídicas.\n Articulo 18 Ley 1712 de 2014\nLos que involucren derechos a la privacidad e intimidad de las personas, incluidas en las hojas de vida, la historia laboral y los expedientes pensionales y demás registros de personal que obren en los archivos de las instituciones públicas o privadas, así como la historia clínica, salvo que sean solicitados por los propios interesados o por sus apoderados con facultad expresa para acceder a esa información.\n","Total","2022-10-14","Ilimitada, y no deberán aplicarse cuando la persona natural o jurídica ha consentido en la revelación de sus datos personales o privados o bien cuando es claro que la información fue entregada como parte de aquella información que debe estar bajo el régimen de publicidad aplicable"]
[517,"Planificación de Acciones Humanitarias y Extrajudiciales de Búsqueda","Registro Nacional de Fosas, Cementerios Ilegales y Sepulturas","Documento mediante el cual se recolecta, organiza y procesa la información sobre fosas, cementerios ilegales y sepulturas a nivel nacional.","2019-12-12",null,"Información","Español","Electrónico","2020-12-12","No aplica","Disponible a solicitud","Por demanda","Sistemas de información","Serie documental mediante la cual se recolecta, organiza y procesa la información sobre fosas, cementerios ilegales y sepulturas a nivel nacional. Sus tiempos de retención se establecen por el Decreto 1393 de 2018. Art. 11. Numeral 3,  Acuerdo Final Para La Terminación Del Conflicto Y La Construcción De Una Paz Estable Y Duradera, Protocolo II adicional a los Convenios de Ginebra de 1949 relativo a la protección de las víctimas de los conflictos armados sin carácter internacional - 1977, Acto Legislativo 01 de 2017, Ley 1712 de 2014 al establecer su clasificación de información dentro de la matriz de activos de información e índice de información clasificada y reservada y Acuerdo 004 de 2015","Director Técnico de Unidad Especial Dirección Técnica de Información, Planeación de Localización Para la Búsqueda ","SUBDIRECCIÓN DE GESTIÓN DE INFORMACIÓN PARA LA BÚSQUEDA ","NO","ALTO",null,"ALTO","ALTO",3,3,3,9,"ALTO","NO",null,"RESERVADA","La seguridad publica",null,"Información exceptuada por daño a los intereses públicos. Articulo 19 Ley 1712 de 2014","Total","2022-10-14","No Mayor a 15 años"]
[518,"Planificación de Acciones Humanitarias y Extrajudiciales de Búsqueda","Diseño metodológico de la investigación ","Instrumento de diseño, organización y\nprogramación de las actividades investigativas, que comprende la concertación entre los expertos técnicos de las direcciones misionales y los equipos territoriales. Esto debe estar condensado en un documento que contenga la delimitación de la unidad de análisis conforme a los criterios establecidos en la guía metodológica (incluida de delimitación espacio temporal), la identificación de requerimientos de información y el mapeo de fuentes, el diseño de herramientas de recolección y análisis de información, las estrategias de gestión para acceso a fuentes, la identificación de necesidades de aplicación de enfoques diferenciales y el cronograma de actividades.","2022-09-27",null,"Información","Español","Electrónico","2021-12-12","Documento de Texto; Documento PDF","Disponible a solicitud","Por demanda","Archivos digitales","Serie documental que contiene documentos sobre el proceso sistemático, organizado, empírico y reflexivo que, bajo un enfoque interdisciplinario y extrajudicial, comprende un conjunto de procedimientos técnicos y metodológicos estructurados con la finalidad humanitaria de encontrar o establecer la suerte y el paradero de las personas dadas por desaparecidas, como medida de verdad y reparación en el marco de un escenario de justicia transicional.  Archivos de Derechos Humanos","Director Técnico de Unidad Especial Dirección Técnica de Información, Planeación de Localización Para la Búsqueda ","SUBDIRECCIÓN DE GESTIÓN DE INFORMACIÓN PARA LA BÚSQUEDA ","NO","MEDIO",null,"ALTO","BAJO",2,3,1,6,"MEDIO","NO",null,"CLASIFICADA","Los secretos comerciales, industriales y profesionales,  a excepción de lo estipulados en el articulo 77 de la Ley 1474 de 2011",null,"Información exceptuada por daño de derechos a personas naturales o jurídicas. \nArticulo 18 Ley 1712 de 2014","Parcial","2022-10-14","Ilimitada, y no deberán aplicarse cuando la persona natural o jurídica ha consentido en la revelación de sus datos personales o privados o bien cuando es claro que la información fue entregada como parte de aquella información que debe estar bajo el régimen de publicidad aplicable"]
[519,"Planificación de Acciones Humanitarias y Extrajudiciales de Búsqueda","Acta de reunión de mesa técnica interdisciplinaria de investigación humanitaria y\nextrajudicial para la búsqueda,","Documento dispositivo mediante el cual se análizan y perfeccionan las estrategias interdisciplinarias de investigación humanitaria y\nextrajudicial para la búsqueda, así como asignar responsabilidades\nespecíficas y se definen los mecanismos para garantizar el derecho de participación de las\npersonas que buscan en la estrategia de investigación humanitaria, sin\ncontradecir la obligación de confidencialidad respecto a las distintas fuentes ni\nla naturaleza extrajudicial del proceso.","2022-09-27",null,"Información","Español","Híbrido: Análogo - digital; Electrónico","2021-12-12","Documento PDF","Disponible a solicitud","No aplica","Archivo físico","Serie documental que contiene documentos sobre el proceso sistemático, organizado, empírico y reflexivo que, bajo un enfoque interdisciplinario y extrajudicial, comprende un conjunto de procedimientos técnicos y metodológicos estructurados con la finalidad humanitaria de encontrar o establecer la suerte y el paradero de las personas dadas por desaparecidas, como medida de verdad y reparación en el marco de un escenario de justicia transicional.  Archivos de Derechos Humanos","Director Técnico de Unidad Especial Dirección Técnica de Información, Planeación de Localización Para la Búsqueda ","SUBDIRECCIÓN DE GESTIÓN DE INFORMACIÓN PARA LA BÚSQUEDA ","NO","MEDIO",null,"MEDIO","BAJO",2,2,1,5,"MEDIO","NO",null,"CLASIFICADA","Los secretos comerciales, industriales y profesionales,  a excepción de lo estipulados en el articulo 77 de la Ley 1474 de 2011",null,"Información exceptuada por daño de derechos a personas naturales o jurídicas. \nArticulo 18 Ley 1712 de 2014","No Aplica","2023-11-20","Ilimitada, y no deberán aplicarse cuando la persona natural o jurídica ha consentido en la revelación de sus datos personales o privados o bien cuando es claro que la información fue entregada como parte de aquella información que debe estar bajo el régimen de publicidad aplicable"]
[520,"Planificación de Acciones Humanitarias y Extrajudiciales de Búsqueda","Comunicación formal con\nla valoración sobre la\nplaneación integral de la\nestrategia de investigación\npor correo electrónico","Comunicación oficial interna mediante la cual se presenta la planeación integral de la estrategia de investigación a la\nSubdirección de Análisis y a la Dirección de Información para convalidación.","2022-09-27",null,"Información","Español","Híbrido: Análogo - digital","2022-04-26","Documento PDF; HTML","Disponible a solicitud","No aplica","Archivos digitales","Serie documental que contiene documentos sobre el proceso sistemático, organizado, empírico y reflexivo que, bajo un enfoque interdisciplinario y extrajudicial, comprende un conjunto de procedimientos técnicos y metodológicos estructurados con la finalidad humanitaria de encontrar o establecer la suerte y el paradero de las personas dadas por desaparecidas, como medida de verdad y reparación en el marco de un escenario de justicia transicional.  Archivos de Derechos Humanos","Director Técnico de Unidad Especial Dirección Técnica de Información, Planeación de Localización Para la Búsqueda ","SUBDIRECCIÓN DE GESTIÓN DE INFORMACIÓN PARA LA BÚSQUEDA ","NO","BAJO",null,"MEDIO","BAJO",1,2,1,4,"MEDIO","NO",null,"PÚBLICA","No tiene excepción de acceso",null,"Información Pública de conocimiento General","No Aplica","2023-10-30","No Aplica "]
[521,"Planificación de Acciones Humanitarias y Extrajudiciales de Búsqueda","Actas de la mesa técnica","Documento mediante el cual se realiza una revisión en conjunto de la información disponible sobre la identidad y localización de las PDD, se reciben orientaciones técnicas de los referentes de la DTPRI en relación a su experticia y establecer responsables de las acciones a seguir que se definan.","2022-09-27",null,"Información","Español","Híbrido: Análogo - digital","2022-04-26","Documento PDF","Disponible a solicitud","Por demanda","Archivos digitales","Serie documental que contiene documentos sobre el proceso sistemático, organizado, empírico y reflexivo que, bajo un enfoque interdisciplinario y extrajudicial, comprende un conjunto de procedimientos técnicos y metodológicos estructurados con la finalidad humanitaria de encontrar o establecer la suerte y el paradero de las personas dadas por desaparecidas, como medida de verdad y reparación en el marco de un escenario de justicia transicional.  Archivos de Derechos Humanos","Director Técnico de Unidad Especial Dirección Técnica de Información, Planeación de Localización Para la Búsqueda ","SUBDIRECCIÓN DE GESTIÓN DE INFORMACIÓN PARA LA BÚSQUEDA ","NO","MEDIO",null,"MEDIO","BAJO",2,2,1,5,"MEDIO","NO",null,"CLASIFICADA","Los secretos comerciales, industriales y profesionales,  a excepción de lo estipulados en el articulo 77 de la Ley 1474 de 2011",null,"Información exceptuada por daño de derechos a personas naturales o jurídicas. \nArticulo 18 Ley 1712 de 2014","No Aplica","2022-10-14","Ilimitada, y no deberán aplicarse cuando la persona natural o jurídica ha consentido en la revelación de sus datos personales o privados o bien cuando es claro que la información fue entregada como parte de aquella información que debe estar bajo el régimen de publicidad aplicable"]
[522,"Planificación de Acciones Humanitarias y Extrajudiciales de Búsqueda","Cartografias sociales","Documento técnico que permite recolectar información social y comunitaria dentro de un marco espacial para obtener un conocimiento general sobre un territorio desde la perspectiva del enfoque de territorio, las experiencias culturales e interpersonales.","2022-09-27",null,"Información","Español","Análogo; Digital; Electrónico","2022-09-27","Documento PDF","Disponible a solicitud","Por demanda","Archivos digitales","Serie documental que contiene documentos sobre el proceso sistemático, organizado, empírico y reflexivo que, bajo un enfoque interdisciplinario y extrajudicial, comprende un conjunto de procedimientos técnicos y metodológicos estructurados con la finalidad humanitaria de encontrar o establecer la suerte y el paradero de las personas dadas por desaparecidas, como medida de verdad y reparación en el marco de un escenario de justicia transicional.  Archivos de Derechos Humanos","Director Técnico de Unidad Especial Dirección Técnica de Información, Planeación de Localización Para la Búsqueda ","SUBDIRECCIÓN DE GESTIÓN DE INFORMACIÓN PARA LA BÚSQUEDA ","NO","MEDIO",null,"ALTO","ALTO",2,3,3,8,"ALTO","NO",null,"CLASIFICADA","Los secretos comerciales, industriales y profesionales,  a excepción de lo estipulados en el articulo 77 de la Ley 1474 de 2011",null,"Información exceptuada por daño de derechos a personas naturales o jurídicas. \nArticulo 18 Ley 1712 de 2014","No Aplica","2022-10-14","Ilimitada, y no deberán aplicarse cuando la persona natural o jurídica ha consentido en la revelación de sus datos personales o privados o bien cuando es claro que la información fue entregada como parte de aquella información que debe estar bajo el régimen de publicidad aplicable"]
[523,"Planificación de Acciones Humanitarias y Extrajudiciales de Búsqueda","Cartografías del conflicto","Documento técnico que permite identificar la información alusiva a los hechos relacionados con el conflicto armado en Colombia ","2022-09-27",null,"Información","Español","Análogo; Digital; Electrónico","2022-09-27","Documento PDF","Disponible a solicitud","Por demanda","Archivos digitales","Serie documental que contiene documentos sobre el proceso sistemático, organizado, empírico y reflexivo que, bajo un enfoque interdisciplinario y extrajudicial, comprende un conjunto de procedimientos técnicos y metodológicos estructurados con la finalidad humanitaria de encontrar o establecer la suerte y el paradero de las personas dadas por desaparecidas, como medida de verdad y reparación en el marco de un escenario de justicia transicional.  Archivos de Derechos Humanos","Director Técnico de Unidad Especial Dirección Técnica de Información, Planeación de Localización Para la Búsqueda ","SUBDIRECCIÓN DE GESTIÓN DE INFORMACIÓN PARA LA BÚSQUEDA ","NO","MEDIO",null,"ALTO","ALTO",2,3,3,8,"ALTO","SI","Dato Sensible","CLASIFICADA","El derecho de toda persona a la intimidad, bajo las limitaciones propias que impone la condición de servidor publico, en concordancia con lo estipulado por el artículo 24 de la Ley 1437 de 2011.",null,"Información exceptuada por daño de derechos a personas naturales o jurídicas.\n Articulo 18 Ley 1712 de 2014\nLos que involucren derechos a la privacidad e intimidad de las personas, incluidas en las hojas de vida, la historia laboral y los expedientes pensionales y demás registros de personal que obren en los archivos de las instituciones públicas o privadas, así como la historia clínica, salvo que sean solicitados por los propios interesados o por sus apoderados con facultad expresa para acceder a esa información.\n","Total","2022-10-14","Ilimitada, y no deberán aplicarse cuando la persona natural o jurídica ha consentido en la revelación de sus datos personales o privados o bien cuando es claro que la información fue entregada como parte de aquella información que debe estar bajo el régimen de publicidad aplicable"]
[524,"Planificación de Acciones Humanitarias y Extrajudiciales de Búsqueda","Cartografias de la Desaparición","Documento técnico que permite identificar trayectos de la desparición en Colombia.","2022-09-27",null,"Información","Español","Análogo; Digital; Electrónico","2022-09-27","Documento PDF","Disponible a solicitud","Por demanda","Archivos digitales","Serie documental que contiene documentos sobre el proceso sistemático, organizado, empírico y reflexivo que, bajo un enfoque interdisciplinario y extrajudicial, comprende un conjunto de procedimientos técnicos y metodológicos estructurados con la finalidad humanitaria de encontrar o establecer la suerte y el paradero de las personas dadas por desaparecidas, como medida de verdad y reparación en el marco de un escenario de justicia transicional.  Archivos de Derechos Humanos","Director Técnico de Unidad Especial Dirección Técnica de Información, Planeación de Localización Para la Búsqueda ","SUBDIRECCIÓN DE GESTIÓN DE INFORMACIÓN PARA LA BÚSQUEDA ","NO","MEDIO",null,"ALTO","MEDIO",2,3,2,7,"MEDIO","NO",null,"CLASIFICADA","El derecho de toda persona a la intimidad, bajo las limitaciones propias que impone la condición de servidor publico, en concordancia con lo estipulado por el artículo 24 de la Ley 1437 de 2011.",null,"Información exceptuada por daño de derechos a personas naturales o jurídicas.\n Articulo 18 Ley 1712 de 2014\nLos que involucren derechos a la privacidad e intimidad de las personas, incluidas en las hojas de vida, la historia laboral y los expedientes pensionales y demás registros de personal que obren en los archivos de las instituciones públicas o privadas, así como la historia clínica, salvo que sean solicitados por los propios interesados o por sus apoderados con facultad expresa para acceder a esa información.\n","Total","2022-10-14","Ilimitada, y no deberán aplicarse cuando la persona natural o jurídica ha consentido en la revelación de sus datos personales o privados o bien cuando es claro que la información fue entregada como parte de aquella información que debe estar bajo el régimen de publicidad aplicable"]
[525,"Planificación de Acciones Humanitarias y Extrajudiciales de Búsqueda","Cartografías de presuntos lugares de interes forense","Documento técnico que permite identificar lugares de la desparición en Colombia de intéres forense.","2022-09-27",null,"Información","Español","Análogo; Digital; Electrónico","2022-09-27","Documento PDF","Disponible a solicitud","Por demanda","Archivos digitales","Serie documental que contiene documentos sobre el proceso sistemático, organizado, empírico y reflexivo que, bajo un enfoque interdisciplinario y extrajudicial, comprende un conjunto de procedimientos técnicos y metodológicos estructurados con la finalidad humanitaria de encontrar o establecer la suerte y el paradero de las personas dadas por desaparecidas, como medida de verdad y reparación en el marco de un escenario de justicia transicional.  Archivos de Derechos Humanos","Director Técnico de Unidad Especial Dirección Técnica de Información, Planeación de Localización Para la Búsqueda ","SUBDIRECCIÓN DE GESTIÓN DE INFORMACIÓN PARA LA BÚSQUEDA ","NO","MEDIO",null,"ALTO","ALTO",2,3,3,8,"ALTO","NO",null,"CLASIFICADA","Los secretos comerciales, industriales y profesionales,  a excepción de lo estipulados en el articulo 77 de la Ley 1474 de 2011",null,"Información exceptuada por daño de derechos a personas naturales o jurídicas. \nArticulo 18 Ley 1712 de 2014","Total","2022-10-14","Ilimitada, y no deberán aplicarse cuando la persona natural o jurídica ha consentido en la revelación de sus datos personales o privados o bien cuando es claro que la información fue entregada como parte de aquella información que debe estar bajo el régimen de publicidad aplicable"]
[526,"Planificación de Acciones Humanitarias y Extrajudiciales de Búsqueda","Entrevistas","Documento que sustenta el desarrollo de la recolección de información que el aportante entrega y que puede ser grabada previa autorización o acuerdo de confidencialidad.","2021-02-12",null,"Información","Español","Análogo; Digital; Electrónico","2022-09-27","Documento PDF; Video; Documento de Texto; Audio","Disponible a solicitud","Por demanda","Archivos digitales","Serie documental que contiene documentos sobre el proceso sistemático, organizado, empírico y reflexivo que, bajo un enfoque interdisciplinario y extrajudicial, comprende un conjunto de procedimientos técnicos y metodológicos estructurados con la finalidad humanitaria de encontrar o establecer la suerte y el paradero de las personas dadas por desaparecidas, como medida de verdad y reparación en el marco de un escenario de justicia transicional.  Archivos de Derechos Humanos","Director Técnico de Unidad Especial Dirección Técnica de Información, Planeación de Localización Para la Búsqueda ","SUBDIRECCIÓN DE GESTIÓN DE INFORMACIÓN PARA LA BÚSQUEDA ","NO","MEDIO",null,"ALTO","ALTO",2,3,3,8,"ALTO","SI","Dato Sensible","CLASIFICADA","El derecho de toda persona a la intimidad, bajo las limitaciones propias que impone la condición de servidor publico, en concordancia con lo estipulado por el artículo 24 de la Ley 1437 de 2011.",null,"Información exceptuada por daño de derechos a personas naturales o jurídicas.\n Articulo 18 Ley 1712 de 2014\nLos que involucren derechos a la privacidad e intimidad de las personas, incluidas en las hojas de vida, la historia laboral y los expedientes pensionales y demás registros de personal que obren en los archivos de las instituciones públicas o privadas, así como la historia clínica, salvo que sean solicitados por los propios interesados o por sus apoderados con facultad expresa para acceder a esa información.\n","Total","2022-10-14","Ilimitada, y no deberán aplicarse cuando la persona natural o jurídica ha consentido en la revelación de sus datos personales o privados o bien cuando es claro que la información fue entregada como parte de aquella información que debe estar bajo el régimen de publicidad aplicable"]
[527,"Planificación de Acciones Humanitarias y Extrajudiciales de Búsqueda","Dialogos de recolección de información","Documento que recopila la información suministrada por las PQB sobre la PDD,\ncircunstancias de desaparición, suerte y localización presunta, acciones de búsqueda emprendidas, afectaciones\nrelacionadas","2021-12-12",null,"Información","Español","Análogo; Digital; Electrónico","2022-09-27","Documento PDF; Video; Documento de Texto; Audio","Disponible a solicitud","Por demanda","Archivos digitales","Serie documental que contiene documentos sobre el proceso sistemático, organizado, empírico y reflexivo que, bajo un enfoque interdisciplinario y extrajudicial, comprende un conjunto de procedimientos técnicos y metodológicos estructurados con la finalidad humanitaria de encontrar o establecer la suerte y el paradero de las personas dadas por desaparecidas, como medida de verdad y reparación en el marco de un escenario de justicia transicional.  Archivos de Derechos Humanos","Director Técnico de Unidad Especial Dirección Técnica de Información, Planeación de Localización Para la Búsqueda ","SUBDIRECCIÓN DE GESTIÓN DE INFORMACIÓN PARA LA BÚSQUEDA ","NO","MEDIO",null,"ALTO","ALTO",2,3,3,8,"ALTO","SI","Dato Sensible","CLASIFICADA","El derecho de toda persona a la intimidad, bajo las limitaciones propias que impone la condición de servidor publico, en concordancia con lo estipulado por el artículo 24 de la Ley 1437 de 2011.",null,"Información exceptuada por daño de derechos a personas naturales o jurídicas.\n Articulo 18 Ley 1712 de 2014\nLos que involucren derechos a la privacidad e intimidad de las personas, incluidas en las hojas de vida, la historia laboral y los expedientes pensionales y demás registros de personal que obren en los archivos de las instituciones públicas o privadas, así como la historia clínica, salvo que sean solicitados por los propios interesados o por sus apoderados con facultad expresa para acceder a esa información.\n","Total","2022-10-14","Ilimitada, y no deberán aplicarse cuando la persona natural o jurídica ha consentido en la revelación de sus datos personales o privados o bien cuando es claro que la información fue entregada como parte de aquella información que debe estar bajo el régimen de publicidad aplicable"]
[528,"Planificación de Acciones Humanitarias y Extrajudiciales de Búsqueda","Informe narrativo sobre\nhipótesis y hallazgos del\ncaso","Documento que contiene la formulación de la hipotesis para contrastación y corroboración,\nmediante métodos forenses.","2021-06-12",null,"Información","Español","Electrónico","2021-06-12","Documento de Texto; Documento PDF","Disponible a solicitud","No aplica","Archivos digitales","Serie documental que contiene documentos sobre el proceso sistemático, organizado, empírico y reflexivo que, bajo un enfoque interdisciplinario y extrajudicial, comprende un conjunto de procedimientos técnicos y metodológicos estructurados con la finalidad humanitaria de encontrar o establecer la suerte y el paradero de las personas dadas por desaparecidas, como medida de verdad y reparación en el marco de un escenario de justicia transicional.  Archivos de Derechos Humanos","Director Técnico de Unidad Especial Dirección Técnica de Información, Planeación de Localización Para la Búsqueda ","SUBDIRECCIÓN DE GESTIÓN DE INFORMACIÓN PARA LA BÚSQUEDA ","NO","MEDIO",null,"ALTO","MEDIO",2,3,2,7,"MEDIO","NO",null,"CLASIFICADA","Los secretos comerciales, industriales y profesionales,  a excepción de lo estipulados en el articulo 77 de la Ley 1474 de 2011",null,"Información exceptuada por daño de derechos a personas naturales o jurídicas. \nArticulo 18 Ley 1712 de 2014","Total","2022-10-14","Ilimitada, y no deberán aplicarse cuando la persona natural o jurídica ha consentido en la revelación de sus datos personales o privados o bien cuando es claro que la información fue entregada como parte de aquella información que debe estar bajo el régimen de publicidad aplicable"]
[529,"Planificación de Acciones Humanitarias y Extrajudiciales de Búsqueda","Tabla de datos","Documento mediante el cual se presentan datos organizados para facilitar el análisis de la investigación  ","2022-10-10",null,"Información","Español","Electrónico","2022-10-10","Hoja de calculo","Disponible a solicitud","Por demanda","Archivos digitales","Serie documental que contiene documentos sobre el proceso sistemático, organizado, empírico y reflexivo que, bajo un enfoque interdisciplinario y extrajudicial, comprende un conjunto de procedimientos técnicos y metodológicos estructurados con la finalidad humanitaria de encontrar o establecer la suerte y el paradero de las personas dadas por desaparecidas, como medida de verdad y reparación en el marco de un escenario de justicia transicional.  Archivos de Derechos Humanos","Director Técnico de Unidad Especial Dirección Técnica de Información, Planeación de Localización Para la Búsqueda ","SUBDIRECCIÓN DE GESTIÓN DE INFORMACIÓN PARA LA BÚSQUEDA ","NO","MEDIO",null,"ALTO","BAJO",2,3,1,6,"MEDIO","SI","Dato Sensible","CLASIFICADA","El derecho de toda persona a la intimidad, bajo las limitaciones propias que impone la condición de servidor publico, en concordancia con lo estipulado por el artículo 24 de la Ley 1437 de 2011.",null,"Información exceptuada por daño de derechos a personas naturales o jurídicas.\n Articulo 18 Ley 1712 de 2014\nLos que involucren derechos a la privacidad e intimidad de las personas, incluidas en las hojas de vida, la historia laboral y los expedientes pensionales y demás registros de personal que obren en los archivos de las instituciones públicas o privadas, así como la historia clínica, salvo que sean solicitados por los propios interesados o por sus apoderados con facultad expresa para acceder a esa información.\n","Total","2022-10-14","Ilimitada, y no deberán aplicarse cuando la persona natural o jurídica ha consentido en la revelación de sus datos personales o privados o bien cuando es claro que la información fue entregada como parte de aquella información que debe estar bajo el régimen de publicidad aplicable"]
[530,"Planificación de Acciones Humanitarias y Extrajudiciales de Búsqueda","Linea de tiempo","Documento narrativo cronologico en el que se describen los hechos del conflicto armardo y la desaparicion forzada","2022-10-10",null,"Información","Español","Electrónico","2022-10-10","Hoja de calculo","Disponible a solicitud","Por demanda","Archivos digitales","Serie documental que contiene documentos sobre el proceso sistemático, organizado, empírico y reflexivo que, bajo un enfoque interdisciplinario y extrajudicial, comprende un conjunto de procedimientos técnicos y metodológicos estructurados con la finalidad humanitaria de encontrar o establecer la suerte y el paradero de las personas dadas por desaparecidas, como medida de verdad y reparación en el marco de un escenario de justicia transicional.  Archivos de Derechos Humanos","Director Técnico de Unidad Especial Dirección Técnica de Información, Planeación de Localización Para la Búsqueda ","SUBDIRECCIÓN DE GESTIÓN DE INFORMACIÓN PARA LA BÚSQUEDA ","NO","MEDIO",null,"ALTO","MEDIO",2,3,2,7,"MEDIO","NO",null,"CLASIFICADA","Los secretos comerciales, industriales y profesionales,  a excepción de lo estipulados en el articulo 77 de la Ley 1474 de 2011",null,"Información exceptuada por daño de derechos a personas naturales o jurídicas. \nArticulo 18 Ley 1712 de 2014","Total","2022-10-14","Ilimitada, y no deberán aplicarse cuando la persona natural o jurídica ha consentido en la revelación de sus datos personales o privados o bien cuando es claro que la información fue entregada como parte de aquella información que debe estar bajo el régimen de publicidad aplicable"]
[531,"Planificación de Acciones Humanitarias y Extrajudiciales de Búsqueda","Plan Nacional de Busqueda","Herramienta que marca la ruta estratégica para el abordaje integral de la búsqueda de personas dadas por desaparecidas en contexto y razón del conflicto armado en Colombia. Esta, establece los aspectos en los que la UBPD enfocará esfuerzos para contribuir y agilizar el proceso de búsqueda de las PDD.","2019-12-12",null,"Información","Español","Análogo; Electrónico","2020-05-05","Documento PDF","Publicada","Por demanda","Archivos digitales","Serie documental  evidencia el marco de acción general, estratégico e integral dentro del cual se abordará la búsqueda humanitaria y extrajudicial de las personas dadas por desaparecidas en el contexto y en razón del conflicto armado. Archivos de Derechos Humanos","Director Técnico de Unidad Especial Dirección Técnica de Información, Planeación de Localización Para la Búsqueda ","SUBDIRECCIÓN DE GESTIÓN DE INFORMACIÓN PARA LA BÚSQUEDA ","NO","BAJO",null,"MEDIO","BAJO",1,2,1,4,"MEDIO","NO",null,"PÚBLICA","No tiene excepción de acceso",null,"Información Pública de conocimiento General","No Aplica","2023-10-30","No Aplica "]
[532,"Planificación de Acciones Humanitarias y Extrajudiciales de Búsqueda","Plan Regional de Búsqueda","Documento misional mediante el cual se establecen las acciones necesarias para la búsqueda a nivel regional de personas dadas por desaparecidas en contexto y en razón del conflicto armado. el documento incluye la planeación de la búsqueda, los lugares presunta ubicación de las personas, cuerpos o cuerpos esqueletizados de las personas.","2019-12-12",null,"Información","Español","Electrónico","2022-05-20","Documento PDF","Publicada","Por demanda","Archivos digitales","Serie documental que contiene la ruta y las acciones realizadas para recolectar y analizar información sobre los planes regionales de búsqueda agrupados por una región determinada. Así mismo, contiene las investigaciones humanitarias asociadas a cada plan regional con la información que permita establecer hipótesis sobre lo acaecido y el paradero de las personas dadas por desaparecidas.","Director Técnico de Unidad Especial Dirección Técnica de Información, Planeación de Localización Para la Búsqueda ","SUBDIRECCIÓN DE GESTIÓN DE INFORMACIÓN PARA LA BÚSQUEDA ","NO","BAJO",null,"BAJO","BAJO",1,1,1,3,"BAJO","NO",null,"PÚBLICA","No tiene excepción de acceso",null,"Información Pública de conocimiento General","No Aplica","2023-10-30","No Aplica "]
[533,"Planificación de Acciones Humanitarias y Extrajudiciales de Búsqueda","Anexos","Documento mediante el cual se soporta la presentación de la reunión y se entregan diferentes documentos con base en la agenda propuesta.","2020-12-12","2022-10-10","Información","Español","Electrónico; Análogo; Digital","2020-12-12","Documento de Texto; Documento PDF; Hoja de calculo; Imagen","Disponible a solicitud","Por demanda","Archivos digitales","En las cuales se relacionan las acciones adelantadas con los diferentes grupos para generar confianza y credibilidad con los distintos actores relevantes en los territorios, con el fin de apoyar, explorar y fortalecer la coordinación interinstitucional (oficial y de sociedad civil)","Director Técnico de Unidad Especial Dirección Técnica de Información, Planeación de Localización Para la Búsqueda ","SUBDIRECCIÓN DE GESTIÓN DE INFORMACIÓN PARA LA BÚSQUEDA ","NO","MEDIO",null,"MEDIO","MEDIO",2,2,2,6,"MEDIO","SI","Dato Privado","CLASIFICADA","Los secretos comerciales, industriales y profesionales,  a excepción de lo estipulados en el articulo 77 de la Ley 1474 de 2011",null,"Información exceptuada por daño de derechos a personas naturales o jurídicas. \nArticulo 18 Ley 1712 de 2014","Parcial","2022-10-14","Ilimitada, y no deberán aplicarse cuando la persona natural o jurídica ha consentido en la revelación de sus datos personales o privados o bien cuando es claro que la información fue entregada como parte de aquella información que debe estar bajo el régimen de publicidad aplicable"]
[534,"Planificación de Acciones Humanitarias y Extrajudiciales de Búsqueda","Comunicación oficial de remisión de información de cementerios ilegales, fosas y sepulturas","Comunicación oficial mediante la cual se remite información a la unidad sobre posibles lugares de inhumación o disposición de cuerpos.","2021-12-12",null,"Información","Español","Híbrido: Análogo - digital; Electrónico","2019-12-12","Documento PDF; HTML","Disponible a solicitud","Por demanda","Archivos digitales","Serie documental que contiene la ruta y las acciones realizadas para recolectar y analizar información sobre los planes regionales de búsqueda agrupados por una región determinada. Así mismo, contiene las investigaciones humanitarias asociadas a cada plan regional con la información que permita establecer hipótesis sobre lo acaecido y el paradero de las personas dadas por desaparecidas.","Director Técnico de Unidad Especial Dirección Técnica de Información, Planeación de Localización Para la Búsqueda ","SUBDIRECCIÓN DE GESTIÓN DE INFORMACIÓN PARA LA BÚSQUEDA ; Subdirección De Gestión De Información Para La Búsqueda  - Subdirector De Unidad Especial","SI","MEDIO","MEDIO","ALTO","ALTO",2,3,3,8,"ALTO","NO",null,"CLASIFICADA","Los secretos comerciales, industriales y profesionales,  a excepción de lo estipulados en el articulo 77 de la Ley 1474 de 2011",null,"Información exceptuada por daño de derechos a personas naturales o jurídicas. \nArticulo 18 Ley 1712 de 2014","Total","2022-10-14","Ilimitada, y no deberán aplicarse cuando la persona natural o jurídica ha consentido en la revelación de sus datos personales o privados o bien cuando es claro que la información fue entregada como parte de aquella información que debe estar bajo el régimen de publicidad aplicable"]
[535,"Planificación de Acciones Humanitarias y Extrajudiciales de Búsqueda","Presentaciones del Plan Regional de Búsqueda","Documento que presenta la información general de un plan regional de búsqueda","2021-12-12","2022-10-10","Información","Español","Electrónico","2021-12-12","Documento PDF; Presentación","Publicada","Por demanda","Archivos digitales","Serie documental que contiene la ruta y las acciones realizadas para recolectar y analizar información sobre los planes regionales de búsqueda agrupados por una región determinada. Así mismo, contiene las investigaciones humanitarias asociadas a cada plan regional con la información que permita establecer hipótesis sobre lo acaecido y el paradero de las personas dadas por desaparecidas.","Director Técnico de Unidad Especial Dirección Técnica de Información, Planeación de Localización Para la Búsqueda ","SUBDIRECCIÓN DE GESTIÓN DE INFORMACIÓN PARA LA BÚSQUEDA ","NO","BAJO",null,"BAJO","BAJO",1,1,1,3,"BAJO","NO",null,"PÚBLICA","No tiene excepción de acceso",null,"Información Pública de conocimiento General","No Aplica","2023-10-30","No Aplica "]
[536,"Planificación de Acciones Humanitarias y Extrajudiciales de Búsqueda","Comunicaciones Oficiales de solicitud de información sobre cementerios","Comunicaciones enviadas a los diferentes organismos e instituciones para solicitar información relacionada con los procesos de búsqueda de PDD","2021-12-12",null,"Información","Español","Híbrido: Análogo - digital; Electrónico","2019-12-12","Documento PDF; HTML","Disponible a solicitud","No aplica","Archivos digitales","Serie documental mediante la cual se recolecta, organiza y procesa la información sobre fosas, cementerios ilegales y sepulturas a nivel nacional. Sus tiempos de retención se establecen por el Decreto 1393 de 2018. Art. 11. Numeral 3,  Acuerdo Final Para La Terminación Del Conflicto Y La Construcción De Una Paz Estable Y Duradera, Protocolo II adicional a los Convenios de Ginebra de 1949 relativo a la protección de las víctimas de los conflictos armados sin carácter internacional - 1977, Acto Legislativo 01 de 2017, Ley 1712 de 2014 al establecer su clasificación de información dentro de la matriz de activos de información e índice de información clasificada y reservada y Acuerdo 004 de 2015","Director Técnico de Unidad Especial Dirección Técnica de Información, Planeación de Localización Para la Búsqueda ","SUBDIRECCIÓN DE GESTIÓN DE INFORMACIÓN PARA LA BÚSQUEDA ","NO","MEDIO",null,"ALTO","MEDIO",2,3,2,7,"MEDIO","NO",null,"CLASIFICADA","Los secretos comerciales, industriales y profesionales,  a excepción de lo estipulados en el articulo 77 de la Ley 1474 de 2011",null,"Información exceptuada por daño de derechos a personas naturales o jurídicas. \nArticulo 18 Ley 1712 de 2014","Parcial","2022-10-14","Ilimitada, y no deberán aplicarse cuando la persona natural o jurídica ha consentido en la revelación de sus datos personales o privados o bien cuando es claro que la información fue entregada como parte de aquella información que debe estar bajo el régimen de publicidad aplicable"]
[537,"Planificación de Acciones Humanitarias y Extrajudiciales de Búsqueda","Actas de visitas a cementerios","Documento mediante el cual se registra la visita realizada a los lugares de disposición de cuerpos y la información obtenida durante estas visitas. ","2021-12-12",null,"Información","Español","Híbrido: Análogo - digital; Electrónico","2019-12-12","Documento PDF; HTML","Disponible a solicitud","No aplica","Archivos digitales","Serie documental mediante la cual se recolecta, organiza y procesa la información sobre fosas, cementerios ilegales y sepulturas a nivel nacional. Sus tiempos de retención se establecen por el Decreto 1393 de 2018. Art. 11. Numeral 3,  Acuerdo Final Para La Terminación Del Conflicto Y La Construcción De Una Paz Estable Y Duradera, Protocolo II adicional a los Convenios de Ginebra de 1949 relativo a la protección de las víctimas de los conflictos armados sin carácter internacional - 1977, Acto Legislativo 01 de 2017, Ley 1712 de 2014 al establecer su clasificación de información dentro de la matriz de activos de información e índice de información clasificada y reservada y Acuerdo 004 de 2015","Director Técnico de Unidad Especial Dirección Técnica de Información, Planeación de Localización Para la Búsqueda ","SUBDIRECCIÓN DE GESTIÓN DE INFORMACIÓN PARA LA BÚSQUEDA ","NO","MEDIO",null,"ALTO","BAJO",2,3,1,6,"MEDIO","NO",null,"CLASIFICADA","Los secretos comerciales, industriales y profesionales,  a excepción de lo estipulados en el articulo 77 de la Ley 1474 de 2011",null,"Información exceptuada por daño de derechos a personas naturales o jurídicas. \nArticulo 18 Ley 1712 de 2014","Parcial","2022-10-14","Ilimitada, y no deberán aplicarse cuando la persona natural o jurídica ha consentido en la revelación de sus datos personales o privados o bien cuando es claro que la información fue entregada como parte de aquella información que debe estar bajo el régimen de publicidad aplicable"]
[538,"Planificación de Acciones Humanitarias y Extrajudiciales de Búsqueda","Registro fotográfico de visitas a cementerios","Documento mediante el cual se registra a traves de material fotográfico la visita realizada a los lugares de disposición de cuerpos y la información obtenida durante estas visitas. ","2021-12-12",null,"Información","Español","Híbrido: Análogo - digital; Electrónico","2019-12-12","Documento PDF; HTML","Disponible a solicitud","No aplica","Archivos digitales","Serie documental mediante la cual se recolecta, organiza y procesa la información sobre fosas, cementerios ilegales y sepulturas a nivel nacional. Sus tiempos de retención se establecen por el Decreto 1393 de 2018. Art. 11. Numeral 3,  Acuerdo Final Para La Terminación Del Conflicto Y La Construcción De Una Paz Estable Y Duradera, Protocolo II adicional a los Convenios de Ginebra de 1949 relativo a la protección de las víctimas de los conflictos armados sin carácter internacional - 1977, Acto Legislativo 01 de 2017, Ley 1712 de 2014 al establecer su clasificación de información dentro de la matriz de activos de información e índice de información clasificada y reservada y Acuerdo 004 de 2015","Director Técnico de Unidad Especial Dirección Técnica de Información, Planeación de Localización Para la Búsqueda ","SUBDIRECCIÓN DE GESTIÓN DE INFORMACIÓN PARA LA BÚSQUEDA ","NO","MEDIO",null,"ALTO","ALTO",2,3,3,8,"ALTO","NO",null,"CLASIFICADA","Los secretos comerciales, industriales y profesionales,  a excepción de lo estipulados en el articulo 77 de la Ley 1474 de 2011",null,"Información exceptuada por daño de derechos a personas naturales o jurídicas. \nArticulo 18 Ley 1712 de 2014","Total","2022-10-14","Ilimitada, y no deberán aplicarse cuando la persona natural o jurídica ha consentido en la revelación de sus datos personales o privados o bien cuando es claro que la información fue entregada como parte de aquella información que debe estar bajo el régimen de publicidad aplicable"]
[539,"Planificación de Acciones Humanitarias y Extrajudiciales de Búsqueda","Bitácora de seguimiento a las acciones realizadas respecto a cada caso","Documento mediante el cual se realiza el seguimiento a las acciones de recolección de información necesarias para el proceso de búsqueda.","2021-12-12","2022-10-10","Información","Español","Electrónico","2021-12-12","Otro","Disponible a solicitud","Por demanda","Archivos digitales",null,"Director Técnico de Unidad Especial Dirección Técnica de Información, Planeación de Localización Para la Búsqueda ","SUBDIRECCIÓN DE GESTIÓN DE INFORMACIÓN PARA LA BÚSQUEDA ","NO","MEDIO",null,"MEDIO","MEDIO",2,2,2,6,"MEDIO","NO",null,"CLASIFICADA","Los secretos comerciales, industriales y profesionales,  a excepción de lo estipulados en el articulo 77 de la Ley 1474 de 2011",null,"Información exceptuada por daño de derechos a personas naturales o jurídicas. \nArticulo 18 Ley 1712 de 2014","Parcial","2022-10-14","Ilimitada, y no deberán aplicarse cuando la persona natural o jurídica ha consentido en la revelación de sus datos personales o privados o bien cuando es claro que la información fue entregada como parte de aquella información que debe estar bajo el régimen de publicidad aplicable"]
[540,"Planificación de Acciones Humanitarias y Extrajudiciales de Búsqueda","Registro de Solicitudes de Búsqueda","Aplicación que contiene la información recolectada, recibida y validada que contribuye a la búsqueda de personas dadas por desaparecidas. El registro contiene el total de personas desaparecidas y personas que buscan conocidas y validadas por la unidad, los hechos de desaparición, las relaciones entre las personas, las formas de ingreso y el seguimiento realizado por la Dirección de Participación. Contiene adicionalmente los datos de fuentes secundarias que coinciden con las personas conocidas por la unidad.","2019-12-12",null,"Software Aplicaciones Informáticas ","Español","Electrónico",null,"Otro","Disponible a solicitud","Diario","Sistemas de información","La serie documental constituye la  evidencia de  las labores que han adelantado las diferentes instancias con competencia en la búsqueda de personas dadas por desaparecidas y/o en el acompañamiento a personas que buscan a sus seres queridos, y de los resultados obtenidos. Del mismo modo, se vinculan los soportes derivados de las consultas de las diversas fuentes, así como la ruta de trabajo investigativa que vincula una solicitud de búsqueda a un plan de búsqueda, de intervención o de localización- Archivo de derechos humanos","Director Técnico de Unidad Especial Dirección Técnica de Información, Planeación de Localización Para la Búsqueda ","SUBDIRECCIÓN DE GESTIÓN DE INFORMACIÓN PARA LA BÚSQUEDA ; Subdirección De Gestión De Información Para La Búsqueda  - Subdirector De Unidad Especial","NO","ALTO",null,"ALTO","ALTO",3,3,3,9,"ALTO","NO",null,"RESERVADA",null,null," ",null,"2023-10-30"," "]
[541,"Planificación de Acciones Humanitarias y Extrajudiciales de Búsqueda","Universo de personas dadas por desaparecidas","Es un conjunto estructurado de\ndatos acopiados, almacenados y administrados por la UBPD, en el que serán registradas el mayor\nnúmero de personas dadas por desaparecidas, cuya suerte y paradero fueron desconocidos por sus\nseres queridos, y cuya desaparición ocurrió en razón y en el marco del conflicto armado,\nindependientemente de que esta fuese producto de la comisión de algún delito.","2019-12-12",null,"Información","Español","Electrónico","2021-06-01","Otro","Disponible a solicitud","No aplica","Bases de Datos","Serie documental de valor administrativo, de actividades y misional, evidencia las labores que han adelantado las diferentes instancias con competencia en la búsqueda de personas dadas por desaparecidas y/o en el acompañamiento a personas que buscan a sus seres queridos, y de los resultados obtenidos. Contiene documentos soportes derivados de las consultas de las diversas fuentes, así como la ruta de trabajo investigativa que vincula una solicitud de búsqueda a un plan de búsqueda, de intervención o de localización. Sus tiempos de retención se establecen por el Acuerdo Final Para La Terminación Del Conflicto Y La Construcción De Una Paz Estable Y Duradera, Protocolo II adicional a los Convenios de Ginebra de 1949 relativo a la protección de las víctimas de los conflictos armados sin carácter internacional - 1977, Acto Legislativo 01 de 2017, Ley 1712 de 2014 al establecer su clasificación de información dentro de la matriz de activos de información e índice de información clasificada y reservada, Acuerdo 03 de 2015 AGN y Acuerdo 004 de 2015.","Director Técnico de Unidad Especial Dirección Técnica de Información, Planeación de Localización Para la Búsqueda ","SUBDIRECCIÓN DE GESTIÓN DE INFORMACIÓN PARA LA BÚSQUEDA ","SI","ALTO","ALTO","ALTO","ALTO",3,3,3,9,"ALTO","SI","Dato Sensible","RESERVADA","Los derechos de la infancia y la adolescencia",null,"Información exceptuada por daño a los intereses públicos. Articulo 19 Ley 1712 de 2014","Parcial","2023-10-30","No Mayor a 15 años"]
[542,"Planificación de Acciones Humanitarias y Extrajudiciales de Búsqueda","CELULARES DE LOS GITT","Conjunto de herramientas tecnologicas que permiten la comunicación con los ciudadnos y las victimas que requieren los servicios de la unidad","2023-10-31",null,"Hardware / Infraestructura",null,null,null,null,null,null,null,null,"Director Técnico de Unidad Especial Dirección Técnica de Información, Planeación de Localización Para la Búsqueda ","SUBDIRECCIÓN DE GESTIÓN DE INFORMACIÓN PARA LA BÚSQUEDA ","NO","MEDIO",null,"MEDIO","MEDIO",2,2,2,6,"MEDIO","NO",null,"CLASIFICADA",null,null," ",null,"2023-10-30"," "]
[543,"Planificación de Acciones Humanitarias y Extrajudiciales de Búsqueda","PROFESIONALES DEL AREA","Conjunto de servidores públicos que desarrollan los procesos misionales de la dependencia: ingenieros, trabajadoras sociales, politologos, económistas, historiadores y archivistas","2023-10-31",null,"Personas",null,null,null,null,null,null,null,null,"Director Técnico de Unidad Especial Dirección Técnica de Información, Planeación de Localización Para la Búsqueda ","SUBDIRECCIÓN DE GESTIÓN DE INFORMACIÓN PARA LA BÚSQUEDA ","NO","ALTO",null,"MEDIO","MEDIO",3,2,2,7,"MEDIO","NO",null,"RESERVADA",null,null," ",null,"2023-10-30"," "]
[544,"Planificación de Acciones Humanitarias y Extrajudiciales de Búsqueda","DRONES","3 drones: 2 dañados 1 bueno","2023-10-31",null,"Hardware / Infraestructura",null,null,null,null,null,null,null,null,"Director Técnico de Unidad Especial Dirección Técnica de Información, Planeación de Localización Para la Búsqueda ","SUBDIRECCIÓN DE GESTIÓN DE INFORMACIÓN PARA LA BÚSQUEDA ","NO","MEDIO",null,"MEDIO","MEDIO",2,2,2,6,"MEDIO","NO",null,"CLASIFICADA",null,null," ",null,"2023-10-30"," "]
[545,"Planificación de Acciones Humanitarias y Extrajudiciales de Búsqueda","CAMARAS","4 camaras","2023-10-31",null,"Hardware / Infraestructura",null,null,null,null,null,null,null,null,"Director Técnico de Unidad Especial Dirección Técnica de Información, Planeación de Localización Para la Búsqueda ","SUBDIRECCIÓN DE GESTIÓN DE INFORMACIÓN PARA LA BÚSQUEDA ","NO","MEDIO",null,"MEDIO","MEDIO",2,2,2,6,"MEDIO","NO",null,"CLASIFICADA",null,null," ",null,"2023-10-30"," "]
[546,"Planificación de Acciones Humanitarias y Extrajudiciales de Búsqueda","GPS","5 GPS","2023-10-31",null,"Hardware / Infraestructura",null,null,null,null,null,null,null,null,"Director Técnico de Unidad Especial Dirección Técnica de Información, Planeación de Localización Para la Búsqueda ","SUBDIRECCIÓN DE GESTIÓN DE INFORMACIÓN PARA LA BÚSQUEDA ","NO","ALTO",null,"ALTO","ALTO",3,3,3,9,"ALTO","NO",null,"RESERVADA",null,null," ",null,"2023-10-30"," "]
[547,"Planificación de Acciones Humanitarias y Extrajudiciales de Búsqueda","ARCGIS","Es una de las aplicaciones principales que se usan en ArcGIS Desktop. Es el lugar donde visualiza y explora los dataset SIG de su área de estudio, donde asigna símbolos y donde crea los diseños de mapa para imprimir o publicar.","2023-10-31",null,"Software Aplicaciones Informáticas ",null,null,null,null,null,null,null,null,"Director Técnico de Unidad Especial Dirección Técnica de Información, Planeación de Localización Para la Búsqueda ","SUBDIRECCIÓN DE GESTIÓN DE INFORMACIÓN PARA LA BÚSQUEDA ","NO","ALTO",null,"MEDIO","BAJO",3,2,1,6,"MEDIO","NO",null,"RESERVADA",null,null," ",null,"2023-10-30"," "]
[548,"Planificación de Acciones Humanitarias y Extrajudiciales de Búsqueda","STATA","Es un software de Estadística completo e integrado que provee todo lo que necesita para el Análisis de Datos, Gestión de Datos y Gráficos","2023-10-31",null,"Software Aplicaciones Informáticas ",null,null,null,null,null,null,null,null,"Director Técnico de Unidad Especial Dirección Técnica de Información, Planeación de Localización Para la Búsqueda ","SUBDIRECCIÓN DE GESTIÓN DE INFORMACIÓN PARA LA BÚSQUEDA ","NO","ALTO",null,"MEDIO","BAJO",3,2,1,6,"MEDIO","NO",null,"RESERVADA",null,null," ",null,"2023-10-30"," "]
[549,"Planificación de Acciones Humanitarias y Extrajudiciales de Búsqueda","NVIVO","Es un programa para análisis de información cualitativa que integra las principales herramientas para trabajo con documentos textuales, multimediales, datos de encuesta y datos bibliográficos con el fin de hacer más efectivo el trabajo de los investigadores permitiéndoles administrar y analizar su información","2023-10-31",null,"Software Aplicaciones Informáticas ",null,null,null,null,null,null,null,null,"Director Técnico de Unidad Especial Dirección Técnica de Información, Planeación de Localización Para la Búsqueda ","SUBDIRECCIÓN DE GESTIÓN DE INFORMACIÓN PARA LA BÚSQUEDA ","NO","MEDIO",null,"MEDIO","MEDIO",2,2,2,6,"MEDIO","NO",null,"CLASIFICADA",null,null," ",null,"2023-10-30"," "]
[550,"Planificación de Acciones Humanitarias y Extrajudiciales de Búsqueda","POWERBI","Herramienta  de análisis empresarial basado en la nube, que permite unir diferentes fuentes de datos, analizarlos y presentar un análisis de estos a través de informes y paneles","2023-10-31",null,"Software Aplicaciones Informáticas ",null,null,null,null,null,null,null,null,"Director Técnico de Unidad Especial Dirección Técnica de Información, Planeación de Localización Para la Búsqueda ","SUBDIRECCIÓN DE GESTIÓN DE INFORMACIÓN PARA LA BÚSQUEDA ","NO","BAJO",null,"BAJO","BAJO",1,1,1,3,"BAJO","NO",null,"PÚBLICA","No tiene excepción de acceso",null,"Información Pública de conocimiento General","No Aplica","2023-10-30","No Aplica "]
[551,"Planificación de Acciones Humanitarias y Extrajudiciales de Búsqueda","ENTERPRISE ARCHITECT","Herramienta  gráfica multi-usuario diseñada para ayudar  a construir sistemas robustos y fáciles de mantener","2023-10-31",null,"Software Aplicaciones Informáticas ",null,null,null,null,null,null,null,null,"Director Técnico de Unidad Especial Dirección Técnica de Información, Planeación de Localización Para la Búsqueda ","SUBDIRECCIÓN DE GESTIÓN DE INFORMACIÓN PARA LA BÚSQUEDA ","NO","BAJO",null,"BAJO","BAJO",1,1,1,3,"BAJO","NO",null,"PÚBLICA","No tiene excepción de acceso",null,"Información Pública de conocimiento General","No Aplica","2023-10-30","No Aplica "]
[552,"Planificación de Acciones Humanitarias y Extrajudiciales de Búsqueda","SQL SERVER","Sistema de bases de datos","2023-10-31",null,"Software Aplicaciones Informáticas ",null,null,null,null,null,null,null,null,"Director Técnico de Unidad Especial Dirección Técnica de Información, Planeación de Localización Para la Búsqueda ","SUBDIRECCIÓN DE GESTIÓN DE INFORMACIÓN PARA LA BÚSQUEDA ","NO","ALTO",null,"ALTO","ALTO",3,3,3,9,"ALTO","NO",null,"RESERVADA",null,null," ",null,"2023-10-30"," "]
[553,"Planificación de Acciones Humanitarias y Extrajudiciales de Búsqueda","Sistema de información (gestionemos) ","Sistema de gestión de comisiones y seguimiento al pago de contratistas","2023-10-31",null,"Software Aplicaciones Informáticas ",null,null,null,null,null,null,null,null,"Director Técnico de Unidad Especial Dirección Técnica de Información, Planeación de Localización Para la Búsqueda ","SUBDIRECCIÓN DE GESTIÓN DE INFORMACIÓN PARA LA BÚSQUEDA ","NO","MEDIO",null,"MEDIO","MEDIO",2,2,2,6,"MEDIO","NO",null,"CLASIFICADA",null,null," ",null,"2023-10-30"," "]
[554,"Planificación de Acciones Humanitarias y Extrajudiciales de Búsqueda","Sistema de Información documental para la búsqueda - SIDOBU","Sistema de gestión de documentos electronicos de archivos","2023-10-31",null,"Software Aplicaciones Informáticas ",null,null,null,null,null,null,null,null,"Director Técnico de Unidad Especial Dirección Técnica de Información, Planeación de Localización Para la Búsqueda ","SUBDIRECCIÓN DE GESTIÓN DE INFORMACIÓN PARA LA BÚSQUEDA ","NO","MEDIO",null,"MEDIO","MEDIO",2,2,2,6,"MEDIO","NO",null,"CLASIFICADA",null,null," ",null,"2023-10-30"," "]
[555,"Planificación de Acciones Humanitarias y Extrajudiciales de Búsqueda","PIX4D","Es un softwarede fotogrametría para mapeo profesional con drones. ","2023-10-31",null,"Software Aplicaciones Informáticas ",null,null,null,null,null,null,null,null,"Director Técnico de Unidad Especial Dirección Técnica de Información, Planeación de Localización Para la Búsqueda ","SUBDIRECCIÓN DE GESTIÓN DE INFORMACIÓN PARA LA BÚSQUEDA ","NO","ALTO",null,"MEDIO","MEDIO",3,2,2,7,"MEDIO","NO",null,"RESERVADA",null,null," ",null,"2023-10-30"," "]
[556,"Planificación de Acciones Humanitarias y Extrajudiciales de Búsqueda","Agisoft Metashape\n","Es un software de procesamiento fotogramétrico que se utiliza para generar datos espaciales en 3D a partir de imágenes digitales 1","2023-10-31",null,"Software Aplicaciones Informáticas ",null,null,null,null,null,null,null,null,"Director Técnico de Unidad Especial Dirección Técnica de Información, Planeación de Localización Para la Búsqueda ","SUBDIRECCIÓN DE GESTIÓN DE INFORMACIÓN PARA LA BÚSQUEDA ","NO","MEDIO",null,"MEDIO","MEDIO",2,2,2,6,"MEDIO","NO",null,"CLASIFICADA",null,null," ",null,"2023-10-30"," "]
[557,"Planificación de Acciones Humanitarias y Extrajudiciales de Búsqueda","Garmin BaseCamp","Con BaseCamp se puede ver mapas topográficos y satelitales, planificar rutas","2023-10-31",null,"Software Aplicaciones Informáticas ",null,null,null,null,null,null,null,null,"Director Técnico de Unidad Especial Dirección Técnica de Información, Planeación de Localización Para la Búsqueda ","SUBDIRECCIÓN DE GESTIÓN DE INFORMACIÓN PARA LA BÚSQUEDA ","NO","MEDIO",null,"MEDIO","MEDIO",2,2,2,6,"MEDIO","NO",null,"CLASIFICADA",null,null," ",null,"2023-10-30"," "]
[558,"Planificación de Acciones Humanitarias y Extrajudiciales de Búsqueda","DRIVE","Es un repositorio de almacenamiento de información en la nube","2023-10-31",null,"Servicios",null,null,null,null,null,null,null,null,"Director Técnico de Unidad Especial Dirección Técnica de Información, Planeación de Localización Para la Búsqueda ","SUBDIRECCIÓN DE GESTIÓN DE INFORMACIÓN PARA LA BÚSQUEDA ","NO","ALTO",null,"ALTO","ALTO",3,3,3,9,"ALTO","NO",null,"RESERVADA",null,null," ",null,"2023-10-30"," "]
[559,"Planificación de Acciones Humanitarias y Extrajudiciales de Búsqueda","MOVA","Aplicativo que permite la consulta de bases de datos de la Registraduria ","2023-10-31",null,"Software Aplicaciones Informáticas ",null,null,null,null,null,null,null,null,"Director Técnico de Unidad Especial Dirección Técnica de Información, Planeación de Localización Para la Búsqueda ","SUBDIRECCIÓN DE GESTIÓN DE INFORMACIÓN PARA LA BÚSQUEDA ","NO","MEDIO",null,"MEDIO","MEDIO",2,2,2,6,"MEDIO","NO",null,"CLASIFICADA",null,null," ",null,"2023-10-30"," "]
[560,"Participación de Acciones Humanitarias y Extrajudiciales","Instrumento de Registro Cualitativo del Proceso de Participación / Registro de proceso de Participación en el Sistema de Información vigente","En este instrumento se registra el proceso de participación de las personas que buscan, el cual está constituido por diferentes diálogos y acciones de asesoría, orientación y fortalecimiento. Adicionalmente, describe las metodologías implementadas, permite apoyar y hacer seguimiento de los procesos de participación que están realizando los equipos territoriales y el equipo nacional y contar con insumos cualitativos para evaluar la metodología de participación de la Unidad de Búsqueda de personas dadas por desaparecidas en el contexto y en razón del conflicto armado y su relación con el propósito de contribuir a aliviar el sufrimiento.","2020-10-29","2022-07-30","Información","Español","Digital; Electrónico","2020-10-29","Documento PDF; Otro","Disponible a solicitud","Por demanda","Archivos digitales","La serie documental constituye la  evidencia de  las labores que han adelantado las diferentes instancias con competencia en la búsqueda de personas dadas por desaparecidas y/o en el acompañamiento a personas que buscan a sus seres queridos, y de los resultados obtenidos. Del mismo modo, se vinculan los soportes derivados de las consultas de las diversas fuentes, así como la ruta de trabajo investigativa que vincula una solicitud de búsqueda a un plan de búsqueda, de intervención o de localización- Archivo de derechos humanos","Director Técnico de Unidad Especial Dirección Técnica de Participación, Contacto con las Víctimas de Enfoques Diferenciales","Subdirección De Gestión De Información Para La Búsqueda  - Experto Técnico","NO","MEDIO",null,"MEDIO","MEDIO",2,2,2,6,"MEDIO","SI","Dato Sensible","CLASIFICADA","El derecho de toda persona a la vida, la salud o la seguridad",null,"Información exceptuada por daño de derechos a personas naturales o jurídicas. \nArticulo 18 Ley 1712 de 2014","Parcial","2022-11-02","Ilimitada, y no deberán aplicarse cuando la persona natural o jurídica ha consentido en la revelación de sus datos personales o privados o bien cuando es claro que la información fue entregada como parte de aquella información que debe estar bajo el régimen de publicidad aplicable"]
[561,"Participación de Acciones Humanitarias y Extrajudiciales","Genograma","Documento que da cuenta de la información básica de una familia, que tiene como fin, identificar a sus miembros y aspectos significativos de las relaciones, roles y liderazgos familiares en relación al proceso de búsqueda.","2020-10-29","2022-09-22","Información","Español","Digital; Electrónico","2020-10-29","Documento PDF","Publicada","No aplica","Archivos digitales","La serie documental constituye la  evidencia de  las labores que han adelantado las diferentes instancias con competencia en la búsqueda de personas dadas por desaparecidas y/o en el acompañamiento a personas que buscan a sus seres queridos, y de los resultados obtenidos. Del mismo modo, se vinculan los soportes derivados de las consultas de las diversas fuentes, así como la ruta de trabajo investigativa que vincula una solicitud de búsqueda a un plan de búsqueda, de intervención o de localización- Archivo de derechos humanos","Director Técnico de Unidad Especial Dirección Técnica de Participación, Contacto con las Víctimas de Enfoques Diferenciales","Dirección Técnica De Participación, Contacto Con Las Víctimas Y Enfoques Diferenciales - Director Técnico De Unidad Especial","NO","MEDIO",null,"MEDIO","MEDIO",2,2,2,6,"MEDIO","NO",null,"CLASIFICADA","El derecho de toda persona a la vida, la salud o la seguridad",null,"Información exceptuada por daño de derechos a personas naturales o jurídicas. \nArticulo 18 Ley 1712 de 2014","No Aplica","2022-09-22","Ilimitada, y no deberán aplicarse cuando la persona natural o jurídica ha consentido en la revelación de sus datos personales o privados o bien cuando es claro que la información fue entregada como parte de aquella información que debe estar bajo el régimen de publicidad aplicable"]
[562,"Participación de Acciones Humanitarias y Extrajudiciales","Lineamientos para la Participación en los Procesos de Búsqueda en la UBPD","Documento que brinda orientaciones técnicas y conceptuales sobre el proceso de participación con las personas, familiares, campesinos, pueblos indígenas, comunidades negras, afrocolombianas, raizales, palenqueras, pueblos Rrom, colectivos y organizaciones que buscan personas dadas por desaparecidas, que faciliten la sincronía y el reconocimiento de sus prácticas en la búsqueda, a través de diálogos de asesoría, orientación y acciones de fortalecimiento que garanticen su participación en las acciones técnicas y científicas del proceso de búsqueda adelantado por la UBPD, desde su carácter humanitario y extrajudicial, con el fin de aliviar el sufrimiento de las personas que buscan.","2020-10-29","2022-09-22","Información","Español","Digital; Electrónico","2020-10-29","Documento PDF","Publicada","No aplica","Archivos digitales",null,"Director Técnico de Unidad Especial Dirección Técnica de Participación, Contacto con las Víctimas de Enfoques Diferenciales","Dirección Técnica De Participación, Contacto Con Las Víctimas Y Enfoques Diferenciales - Director Técnico De Unidad Especial","NO","MEDIO",null,"MEDIO","MEDIO",2,2,2,6,"MEDIO","NO",null,"CLASIFICADA","El derecho de toda persona a la vida, la salud o la seguridad",null,"Información exceptuada por daño de derechos a personas naturales o jurídicas. \nArticulo 18 Ley 1712 de 2014","No Aplica","2022-09-23","Ilimitada, y no deberán aplicarse cuando la persona natural o jurídica ha consentido en la revelación de sus datos personales o privados o bien cuando es claro que la información fue entregada como parte de aquella información que debe estar bajo el régimen de publicidad aplicable"]
[563,"Participación de Acciones Humanitarias y Extrajudiciales","Lineamientos del Enfoque de Género para las Mujeres y las Niñas  en el Proceso de Busqueda de Personas Dadas por Desaparecidas ","Documento que brinda orientaciones a las servidoras y servidores de la Unidad de Búsqueda de personas dadas por desaparecidas -UBPD- para materializar los principios y garantizar los derechos a la igualdad y no discriminación de las mujeres y niñas dadas por desaparecidas y de aquellas que participan en los procesos de búsqueda por medio del reconocimiento y la transformación de las relaciones de poder basadas en el género que limitan el ejercicio de su ciudadanía, imponen brechas de género y las impactan.","2020-10-29","2022-09-22","Información","Español","Digital; Electrónico","2020-10-29","Documento PDF","Publicada","No aplica","Archivos digitales",null,"Director Técnico de Unidad Especial Dirección Técnica de Participación, Contacto con las Víctimas de Enfoques Diferenciales","Dirección Técnica De Participación, Contacto Con Las Víctimas Y Enfoques Diferenciales - Director Técnico De Unidad Especial","NO","MEDIO",null,"MEDIO","MEDIO",2,2,2,6,"MEDIO","NO",null,"CLASIFICADA","El derecho de toda persona a la vida, la salud o la seguridad",null,"Información exceptuada por daño de derechos a personas naturales o jurídicas. \nArticulo 18 Ley 1712 de 2014","No Aplica","2022-09-24","Ilimitada, y no deberán aplicarse cuando la persona natural o jurídica ha consentido en la revelación de sus datos personales o privados o bien cuando es claro que la información fue entregada como parte de aquella información que debe estar bajo el régimen de publicidad aplicable"]
[564,"Comunicación Estratégica y Pedagogía","Lineamientos del Enfoque de Género para las personas LGBTI en el Proceso de Búsqueda de Personas Dadas por Desaparecidas -Enfoque LGBTI- \"Recuperando y dignificando Identidades\"","Documento que brinda recomendaciones y orientaciones para la incorporación del Enfoque de Género para Personas LGBT al proceso de búsqueda, para materializar los principios y garantizar los derechos a la igualdad y no discriminación de personas LGBT dadas por desaparecidas, aquellas que participan en los procesos de búsqueda y quienes les buscan, por medio del reconocimiento y la transformación de las relaciones de poder basadas en el género que limitan el ejercicio de su ciudadanía, imponen brechas de género y les impactan desproporcionadamente en el contexto del conflicto armado.","2020-10-29","2022-09-22","Información","Español","Digital; Electrónico","2020-10-29","Documento PDF","Publicada","No aplica","Archivos digitales",null,"Jefe de Oficina Asesora de Unidad Especial Oficina Asesora de Comunicaciones de Pedagogía","Dirección Técnica De Participación, Contacto Con Las Víctimas Y Enfoques Diferenciales - Director Técnico De Unidad Especial","NO","MEDIO",null,"MEDIO","MEDIO",2,2,2,6,"MEDIO","NO",null,"CLASIFICADA","El derecho de toda persona a la vida, la salud o la seguridad",null,"Información exceptuada por daño de derechos a personas naturales o jurídicas. \nArticulo 18 Ley 1712 de 2014","No Aplica","2022-09-25","Ilimitada, y no deberán aplicarse cuando la persona natural o jurídica ha consentido en la revelación de sus datos personales o privados o bien cuando es claro que la información fue entregada como parte de aquella información que debe estar bajo el régimen de publicidad aplicable"]
[565,"Participación de Acciones Humanitarias y Extrajudiciales","Lineamientos Técnicos Enfoque étnico para personas Negras, Afrocolombianas, Raizales y Palenqueras","Documento que brinda orientaciones a las servidoras y servidores de la UBPD para garantizar la búsqueda de personas dadas por desaparecidas del pueblo negro, afrocolombiano, raizal y palenquero, así como su participación en el proceso de búsqueda, respetando los principios de igualdad, no discriminación, autonomía y libre determinación de los pueblos para ejercer el derecho a la participación.","2020-10-29","2022-09-22","Información","Español","Digital; Electrónico","2020-10-29","Documento PDF","Publicada","No aplica","Archivos digitales",null,"Director Técnico de Unidad Especial Dirección Técnica de Participación, Contacto con las Víctimas de Enfoques Diferenciales","Dirección Técnica De Participación, Contacto Con Las Víctimas Y Enfoques Diferenciales - Director Técnico De Unidad Especial","NO","MEDIO",null,"MEDIO","MEDIO",2,2,2,6,"MEDIO","NO",null,"CLASIFICADA","El derecho de toda persona a la vida, la salud o la seguridad",null,"Información exceptuada por daño de derechos a personas naturales o jurídicas. \nArticulo 18 Ley 1712 de 2014","No Aplica","2022-09-26","Ilimitada, y no deberán aplicarse cuando la persona natural o jurídica ha consentido en la revelación de sus datos personales o privados o bien cuando es claro que la información fue entregada como parte de aquella información que debe estar bajo el régimen de publicidad aplicable"]
[566,"Participación de Acciones Humanitarias y Extrajudiciales","Protocolo de Relacionamiento y Coordinación entre la UBPD y los Pueblos Indígenas de Colombia.","Documento que recoge el Protocolo de Relacionamiento y coordinación entre la UBPD y los Pueblos Indígenas, así como los avances en su implementación, estableciendo elementos esenciales para el enfoque étnico indígena, la perspectiva territorial que atiende a las necesidades particulares de cada pueblo, región, comunidad o resguardo y la garantía para la participación de autoridades espirituales en el proceso de búsqueda a partir de la cosmovisión de cada pueblo para cada momento del proceso.","2020-10-29","2022-09-22","Información","Español y otros","Digital; Electrónico","2020-10-29","Documento PDF","Publicada","No aplica","Archivos digitales",null,"Director Técnico de Unidad Especial Dirección Técnica de Participación, Contacto con las Víctimas de Enfoques Diferenciales","Dirección Técnica De Participación, Contacto Con Las Víctimas Y Enfoques Diferenciales - Director Técnico De Unidad Especial","NO","MEDIO",null,"MEDIO","MEDIO",2,2,2,6,"MEDIO","NO",null,"CLASIFICADA","El derecho de toda persona a la vida, la salud o la seguridad",null,"Información exceptuada por daño de derechos a personas naturales o jurídicas. \nArticulo 18 Ley 1712 de 2014","No Aplica","2022-09-27","Ilimitada, y no deberán aplicarse cuando la persona natural o jurídica ha consentido en la revelación de sus datos personales o privados o bien cuando es claro que la información fue entregada como parte de aquella información que debe estar bajo el régimen de publicidad aplicable"]
[567,"Participación de Acciones Humanitarias y Extrajudiciales","Lineamientos del Enfoque Diferencial de Niñez, adolescencia y Juventud para el proceso de búsqueda de personas dadas por desaparecidas en el contexto y en razón del conflicto armado.","Documento que incorpora los principios para garantizar los derechos a la igualdad y no discriminación de niños, niñas, adolescentes y jóvenes dados por desaparecidos en el marco y contexto del conflicto armado, así como de aquellos que participan en los procesos de búsqueda por medio del reconocimiento y la transformación de las relaciones de poder que, en razón de la edad, han configurado y legitimado obstáculos para el reconocimiento y ejercicio de su ciudadanía plena.","2020-10-29","2022-09-22","Información","Español","Digital; Electrónico","2020-10-29","Documento PDF","Publicada","No aplica","Archivos digitales",null,"Director Técnico de Unidad Especial Dirección Técnica de Participación, Contacto con las Víctimas de Enfoques Diferenciales","Dirección Técnica De Participación, Contacto Con Las Víctimas Y Enfoques Diferenciales - Director Técnico De Unidad Especial","NO","MEDIO",null,"MEDIO","MEDIO",2,2,2,6,"MEDIO","NO",null,"CLASIFICADA","El derecho de toda persona a la vida, la salud o la seguridad",null,"Información exceptuada por daño de derechos a personas naturales o jurídicas. \nArticulo 18 Ley 1712 de 2014","No Aplica","2022-09-28","Ilimitada, y no deberán aplicarse cuando la persona natural o jurídica ha consentido en la revelación de sus datos personales o privados o bien cuando es claro que la información fue entregada como parte de aquella información que debe estar bajo el régimen de publicidad aplicable"]
[568,"Participación de Acciones Humanitarias y Extrajudiciales","Lineamientos técnicos para la Participación de las Personas Mayores en los Procesos de Búsqueda de sus seres queridos dados por desaparecidos","Documento con directrices y elementos que orientan el trabajo de los servidores de la UBPD para fortalecer la participación de las personas mayores en el proceso de búsqueda de sus seres queridos dados por desaparecidos en el contexto y en razón del conflicto armado colombiano, de manera que se promuevan sus derechos a la igualdad, la no discriminación y la libre participación.","2020-10-29","2022-09-22","Información","Español","Digital; Electrónico","2020-10-29","Documento PDF","Publicada","No aplica","Archivos digitales",null,"Director Técnico de Unidad Especial Dirección Técnica de Participación, Contacto con las Víctimas de Enfoques Diferenciales","Dirección Técnica De Participación, Contacto Con Las Víctimas Y Enfoques Diferenciales - Director Técnico De Unidad Especial","NO","MEDIO",null,"MEDIO","MEDIO",2,2,2,6,"MEDIO","NO",null,"CLASIFICADA","El derecho de toda persona a la vida, la salud o la seguridad",null,"Información exceptuada por daño de derechos a personas naturales o jurídicas. \nArticulo 18 Ley 1712 de 2014","No Aplica","2022-09-29","Ilimitada, y no deberán aplicarse cuando la persona natural o jurídica ha consentido en la revelación de sus datos personales o privados o bien cuando es claro que la información fue entregada como parte de aquella información que debe estar bajo el régimen de publicidad aplicable"]
[569,"Participación de Acciones Humanitarias y Extrajudiciales","Lineamientos De Participación De Los Familiares De Personas Dadas Por Desaparecidas En El Marco Del Conflicto Armado Interno Durante El Proceso De Entrega E Inhumación Digna De Cuerpos Con Carácter Humanitario y Extrajudicial","Documento que tiene como fin facilitar el proceso de construcción y desarrollo del acto o ceremonia de entrega de cuerpos que se debe adelantar con los familiares de las personas desaparecidas, de tal forma que dicho proceso sea dignificante, humanitario, y en alguna manera, reparador para los familiares, en cuanto a la entrega e inhumación del ser querido puedan contribuir a aliviar su sufrimiento.","2020-10-29","2022-09-22","Información","Español","Digital; Electrónico","2020-10-29","Documento PDF","Publicada","No aplica","Archivos digitales",null,"Director Técnico de Unidad Especial Dirección Técnica de Participación, Contacto con las Víctimas de Enfoques Diferenciales","Dirección Técnica De Participación, Contacto Con Las Víctimas Y Enfoques Diferenciales - Director Técnico De Unidad Especial","NO","MEDIO",null,"MEDIO","MEDIO",2,2,2,6,"MEDIO","NO",null,"CLASIFICADA","El derecho de toda persona a la vida, la salud o la seguridad",null,"Información exceptuada por daño de derechos a personas naturales o jurídicas. \nArticulo 18 Ley 1712 de 2014","No Aplica","2022-09-30","Ilimitada, y no deberán aplicarse cuando la persona natural o jurídica ha consentido en la revelación de sus datos personales o privados o bien cuando es claro que la información fue entregada como parte de aquella información que debe estar bajo el régimen de publicidad aplicable"]
[570,"Participación de Acciones Humanitarias y Extrajudiciales","Lineamientos para la Participación de las Personas que buscan y las Personas dadas por Desaparecidas encontradas con vida, durante el Proceso de Reencuentros desde Una Perspectiva Humanitaria y Extrajudicial","Documento que brinda orientaciones para realizar el proceso de reencuentro entre personas desaparecidas halladas vivas con sus familiares, allegados, comunidad, pueblos étnicos o colectivos, asesorando, orientando y fortaleciendo su participación desde los enfoques diferenciales, de género (mujeres y LGBT) y psicosocial, en el marco del carácter humanitario y extrajudicial de la UBPD.","2020-10-29","2022-09-22","Información","Español","Digital; Electrónico","2020-10-29","Documento PDF","Publicada","No aplica","Archivos digitales",null,"Director Técnico de Unidad Especial Dirección Técnica de Participación, Contacto con las Víctimas de Enfoques Diferenciales","Dirección Técnica De Participación, Contacto Con Las Víctimas Y Enfoques Diferenciales - Director Técnico De Unidad Especial","NO","MEDIO",null,"MEDIO","MEDIO",2,2,2,6,"MEDIO","NO",null,"CLASIFICADA","El derecho de toda persona a la vida, la salud o la seguridad",null,"Información exceptuada por daño de derechos a personas naturales o jurídicas. \nArticulo 18 Ley 1712 de 2014","No Aplica","2022-10-01","Ilimitada, y no deberán aplicarse cuando la persona natural o jurídica ha consentido en la revelación de sus datos personales o privados o bien cuando es claro que la información fue entregada como parte de aquella información que debe estar bajo el régimen de publicidad aplicable"]
[571,"Participación de Acciones Humanitarias y Extrajudiciales","Informe Final Fase de Reencuentro dirigido a Personas que Buscan y Personas Desaparecidas Encontradas con Vida","Documento mediante el cual se recoge la experiencia significativa de las personas que buscan y la persona encontrada viva, el cual será elaborado teniendo en cuenta las particularidades de cada una de ellas (persona encontrada con vida y personas que buscan). Considerando que la preparacion del reencuentro se lleva a cabo con las personas que buscan y la persona encontrada con vida, este puede constituirse en la entrega de fotografías, videos, cartas, entre otros.","2020-10-29",null,"Información","Español","Digital; Electrónico","2020-10-29","Documento PDF","Disponible a solicitud","No aplica","Archivos digitales","La serie documental constituye la evidencia de las labores que han adelantado las diferentes instancias con competencia en la búsqueda de personas dadas por desaparecidas y/o en el acompañamiento a personas que buscan a sus seres queridos, y de los resultados obtenidos. Del mismo modo, se vinculan los soportes derivados de las consultas de las diversas fuentes, así como la ruta de trabajo investigativa que vincula una solicitud de búsqueda a un plan de búsqueda, de intervención o de localización- Archivo de derechos humanos","Director Técnico de Unidad Especial Dirección Técnica de Participación, Contacto con las Víctimas de Enfoques Diferenciales","Subdirección De Gestión De Información Para La Búsqueda  - Experto Técnico","NO","MEDIO",null,"MEDIO","MEDIO",2,2,2,6,"MEDIO","SI","Dato Sensible","CLASIFICADA","El derecho de toda persona a la vida, la salud o la seguridad",null,"Información exceptuada por daño de derechos a personas naturales o jurídicas. \nArticulo 18 Ley 1712 de 2014","Parcial","2022-11-02","Ilimitada, y no deberán aplicarse cuando la persona natural o jurídica ha consentido en la revelación de sus datos personales o privados o bien cuando es claro que la información fue entregada como parte de aquella información que debe estar bajo el régimen de publicidad aplicable"]
[572,"Participación de Acciones Humanitarias y Extrajudiciales","Informe Gestión Interna Fase Reencuentro","Documento que recoge la agenda y los acuerdos definidos con las personas que buscan y la persona encontrada con vida, a su vez, presenta el procedimiento adelantado y los recursos solicitados para la realización del reencuentro.","2020-10-29",null,"Información","Español","Digital; Electrónico","2020-10-29","Documento PDF","Disponible a solicitud","No aplica","Archivos digitales","La serie documental constituye la evidencia de las labores que han adelantado las diferentes instancias con competencia en la búsqueda de personas dadas por desaparecidas y/o en el acompañamiento a personas que buscan a sus seres queridos, y de los resultados obtenidos. Del mismo modo, se vinculan los soportes derivados de las consultas de las diversas fuentes, así como la ruta de trabajo investigativa que vincula una solicitud de búsqueda a un plan de búsqueda, de intervención o de localización- Archivo de derechos humanos","Director Técnico de Unidad Especial Dirección Técnica de Participación, Contacto con las Víctimas de Enfoques Diferenciales","Subdirección De Gestión De Información Para La Búsqueda  - Experto Técnico","NO","MEDIO",null,"MEDIO","MEDIO",2,2,2,6,"MEDIO","SI","Dato Sensible","CLASIFICADA","El derecho de toda persona a la vida, la salud o la seguridad",null,"Información exceptuada por daño de derechos a personas naturales o jurídicas. \nArticulo 18 Ley 1712 de 2014","Parcial","2022-11-02","Ilimitada, y no deberán aplicarse cuando la persona natural o jurídica ha consentido en la revelación de sus datos personales o privados o bien cuando es claro que la información fue entregada como parte de aquella información que debe estar bajo el régimen de publicidad aplicable"]
[573,"Participación de Acciones Humanitarias y Extrajudiciales","Informe proceso Entrega Digna","Documento por el cual se recoge la experiencia significativa del proceso de construcción y desarrollo del acto o ceremonia de entrega de cuerpos que se debe adelantar con las personas que buscan, de tal forma que dicho proceso sea dignificante, humanitario y reparador para los familiares. Considerando que la entrega digna, constituye un acto solemne y su preparación se lleva a cabo con las personas que buscan, este puede constituirse en la entrega de fotografías, videos, cartas, entre otros.","2020-10-29",null,"Información","Español","Digital; Electrónico","2020-10-29","Documento PDF","Disponible a solicitud","No aplica","Archivos digitales","La serie documental constituye la evidencia de las labores que han adelantado las diferentes instancias con competencia en la búsqueda de personas dadas por desaparecidas y/o en el acompañamiento a personas que buscan a sus seres queridos, y de los resultados obtenidos. Del mismo modo, se vinculan los soportes derivados de las consultas de las diversas fuentes, así como la ruta de trabajo investigativa que vincula una solicitud de búsqueda a un plan de búsqueda, de intervención o de localización- Archivo de derechos humanos","Director Técnico de Unidad Especial Dirección Técnica de Participación, Contacto con las Víctimas de Enfoques Diferenciales","Subdirección De Gestión De Información Para La Búsqueda  - Experto Técnico","NO","MEDIO",null,"MEDIO","MEDIO",2,2,2,6,"MEDIO","SI","Dato Sensible","CLASIFICADA","El derecho de toda persona a la intimidad, bajo las limitaciones propias que impone la condición de servidor publico, en concordancia con lo estipulado por el artículo 24 de la Ley 1437 de 2011.",null,"Información exceptuada por daño de derechos a personas naturales o jurídicas.\n Articulo 18 Ley 1712 de 2014\nLos que involucren derechos a la privacidad e intimidad de las personas, incluidas en las hojas de vida, la historia laboral y los expedientes pensionales y demás registros de personal que obren en los archivos de las instituciones públicas o privadas, así como la historia clínica, salvo que sean solicitados por los propios interesados o por sus apoderados con facultad expresa para acceder a esa información.\n","Parcial","2022-11-02","Ilimitada, y no deberán aplicarse cuando la persona natural o jurídica ha consentido en la revelación de sus datos personales o privados o bien cuando es claro que la información fue entregada como parte de aquella información que debe estar bajo el régimen de publicidad aplicable"]
[574,"Participación de Acciones Humanitarias y Extrajudiciales","Informe de Gestión interna Entrega e Inhumación Dignas","Documento que recoge la agenda y los acuerdos definidos con las personas que buscan para la entrega del cuerpo, a su vez, presenta el procedimiento adelantado y los recursos solicitados para la realización de la misma.","2020-10-29",null,"Información","Español","Digital; Electrónico","2020-10-29","Documento PDF","Disponible a solicitud","No aplica","Archivos digitales","La serie documental constituye la evidencia de las labores que han adelantado las diferentes instancias con competencia en la búsqueda de personas dadas por desaparecidas y/o en el acompañamiento a personas que buscan a sus seres queridos, y de los resultados obtenidos. Del mismo modo, se vinculan los soportes derivados de las consultas de las diversas fuentes, así como la ruta de trabajo investigativa que vincula una solicitud de búsqueda a un plan de búsqueda, de intervención o de localización- Archivo de derechos humanos","Director Técnico de Unidad Especial Dirección Técnica de Participación, Contacto con las Víctimas de Enfoques Diferenciales","Subdirección De Gestión De Información Para La Búsqueda  - Experto Técnico","NO","MEDIO",null,"MEDIO","MEDIO",2,2,2,6,"MEDIO","SI","Dato Sensible","CLASIFICADA","El derecho de toda persona a la vida, la salud o la seguridad",null,"Información exceptuada por daño de derechos a personas naturales o jurídicas. \nArticulo 18 Ley 1712 de 2014","Parcial","2022-11-02","Ilimitada, y no deberán aplicarse cuando la persona natural o jurídica ha consentido en la revelación de sus datos personales o privados o bien cuando es claro que la información fue entregada como parte de aquella información que debe estar bajo el régimen de publicidad aplicable"]
[575,"Participación de Acciones Humanitarias y Extrajudiciales","Ruta de Coordinación y Relacionamiento entre la Unidad de Busqueda de Personas Dadas por Desaparecidas en el Contexto y en Razón del Conflicto Armado -UBPD- y el Pueblo Rrom","Documento que recoge la Ruta en la que se proponen mecanismos para que la Unidad de Búsqueda de Personas dadas por Desaparecidas en el contexto y en razón del conflicto armado -UBPD coordine con el Pueblo Rrom y sus representantes, el proceso de búsqueda humanitaria y extrajudicial.","2020-10-29","2022-09-22","Información","Español y otros","Digital; Electrónico","2020-10-29","Documento PDF","Publicada","No aplica","Archivos digitales",null,"Director Técnico de Unidad Especial Dirección Técnica de Participación, Contacto con las Víctimas de Enfoques Diferenciales","Dirección Técnica De Participación, Contacto Con Las Víctimas Y Enfoques Diferenciales - Director Técnico De Unidad Especial","NO","MEDIO",null,"MEDIO","MEDIO",2,2,2,6,"MEDIO","NO",null,"CLASIFICADA","El derecho de toda persona a la vida, la salud o la seguridad",null,"Información exceptuada por daño de derechos a personas naturales o jurídicas. \nArticulo 18 Ley 1712 de 2014","No Aplica","2022-09-22","Ilimitada, y no deberán aplicarse cuando la persona natural o jurídica ha consentido en la revelación de sus datos personales o privados o bien cuando es claro que la información fue entregada como parte de aquella información que debe estar bajo el régimen de publicidad aplicable"]
[576,"Direccionamiento y Planeación Estratégica","Informes de Gestión","Documento de la Direccion Técnica de Participación, Contacto con las Victimas y Enfoques Diferenciales que contiene una descripción cualitativa y cuantitativa de los avances periodicos en el cumplimiento de metas y actividades definidas en los indicadores institucionales y en elplan de acción","2022-08-23",null,"Información","Español","Electrónico","2022-08-23","Documento PDF","Publicada","Trimestral","Portales web propios","Serie documental de valor administrativo y de actividades, la cual se consolida en los informes de Gestion de la Oficina Asesora de Planeación art. 132, Ley 1474 de 2011, Artículo 30 de la Ley 734 de 2002","Jefe de Oficina Asesora de Unidad Especial Oficina Asesora de Planeación","Dirección Técnica De Participación, Contacto Con Las Víctimas Y Enfoques Diferenciales - Director Técnico De Unidad Especial","NO","BAJO",null,"MEDIO","MEDIO",1,2,2,5,"MEDIO","NO",null,"PÚBLICA","No tiene excepción de acceso",null,"Información Pública de conocimiento General","No Aplica","2023-10-30","No Aplica "]
[577,"Participación de Acciones Humanitarias y Extrajudiciales","Actas de Relacionamiento para la coordinación y Articulación con Actores claves para la Búsqueda","Documento construido a partir de los temas abordados en las reuniones o sesiones de trabajo entre la UBPD y las organizaciones, colectivos, movimientos, plataformas y comunidades o con otros actores relevantes para la búsqueda","2022-08-23",null,"Información","Español","Digital","2022-08-23","Documento PDF","Disponible a solicitud","No aplica","Archivos digitales","En las cuales se relacionan las acciones adelantadas con los diferentes grupos para generar confianza y credibilidad con los distintos actores relevantes en los territorios, con el fin de apoyar, explorar y fortalecer la coordinación interinstitucional (oficial y de sociedad civil)","Director Técnico de Unidad Especial Dirección Técnica de Participación, Contacto con las Víctimas de Enfoques Diferenciales","Grupo Interno de Trabajo de Asuntos Etnicos","NO","MEDIO",null,"MEDIO","BAJO",2,2,1,5,"MEDIO","SI","Dato Sensible","CLASIFICADA","El derecho de toda persona a la vida, la salud o la seguridad",null,"Información exceptuada por daño de derechos a personas naturales o jurídicas. \nArticulo 18 Ley 1712 de 2014","Parcial","2022-11-02","Ilimitada, y no deberán aplicarse cuando la persona natural o jurídica ha consentido en la revelación de sus datos personales o privados o bien cuando es claro que la información fue entregada como parte de aquella información que debe estar bajo el régimen de publicidad aplicable"]
[578,"Participación de Acciones Humanitarias y Extrajudiciales","Listado de asistencia","Documento que presenta el listado de participantes en las reuniones de relacionamiemto para la articulación con actores claves para la busqueda","2022-08-23",null,"Información","Español","Digital","2023-08-23","Documento PDF","Disponible a solicitud","No aplica","Archivos digitales","En las cuales se relacionan las acciones adelantadas con los diferentes grupos para generar confianza y credibilidad con los distintos actores relevantes en los territorios, con el fin de apoyar, explorar y fortalecer la coordinación interinstitucional (oficial y de sociedad civil)","Director Técnico de Unidad Especial Dirección Técnica de Participación, Contacto con las Víctimas de Enfoques Diferenciales","Grupo Interno de Trabajo de Asuntos Etnicos","NO","MEDIO",null,"MEDIO","BAJO",2,2,1,5,"MEDIO","SI","Dato Sensible","CLASIFICADA","El derecho de toda persona a la vida, la salud o la seguridad",null,"Información exceptuada por daño de derechos a personas naturales o jurídicas. \nArticulo 18 Ley 1712 de 2014","Parcial","2022-11-02","Ilimitada, y no deberán aplicarse cuando la persona natural o jurídica ha consentido en la revelación de sus datos personales o privados o bien cuando es claro que la información fue entregada como parte de aquella información que debe estar bajo el régimen de publicidad aplicable"]
[579,"Participación de Acciones Humanitarias y Extrajudiciales","Solicitud de información","Documento mediante el cual las personas naturales o jurídicas solicitan información sobre el desarrollo general de sus funciones o la gestión de la dependencia. (Dirección Técnica de Participación, Contacto con las Víctimas y Enfoques Diferenciales)","2020-12-12",null,"Información","Español","Híbrido: Análogo - electrónico","2019-12-12","Documento PDF","Disponible a solicitud","No aplica","Archivos digitales","La serie documental contiene aquellos documentos que en razón a las solicitudes de los ciudadanos no hacen parte de ninguna de las series expuestas en la clasificación documental pero que sin embargo amerita su conservación durante la vigencia administrativa como, evidencia de la ejecución y cumplimiento tanto de la normativa Nacional e institucional así como la política de servicio al ciudadano y sus respectivos lineamientos.","Director Técnico de Unidad Especial Dirección Técnica de Participación, Contacto con las Víctimas de Enfoques Diferenciales","Dirección Técnica De Participación, Contacto Con Las Víctimas Y Enfoques Diferenciales - Director Técnico De Unidad Especial","SI","MEDIO","MEDIO","MEDIO","MEDIO",2,2,2,6,"MEDIO","SI","Dato Público","CLASIFICADA","El derecho de toda persona a la intimidad, bajo las limitaciones propias que impone la condición de servidor publico, en concordancia con lo estipulado por el artículo 24 de la Ley 1437 de 2011.",null,"Información exceptuada por daño de derechos a personas naturales o jurídicas.\n Articulo 18 Ley 1712 de 2014\nLos que involucren derechos a la privacidad e intimidad de las personas, incluidas en las hojas de vida, la historia laboral y los expedientes pensionales y demás registros de personal que obren en los archivos de las instituciones públicas o privadas, así como la historia clínica, salvo que sean solicitados por los propios interesados o por sus apoderados con facultad expresa para acceder a esa información.\n","Parcial","2022-11-02","Ilimitada, y no deberán aplicarse cuando la persona natural o jurídica ha consentido en la revelación de sus datos personales o privados o bien cuando es claro que la información fue entregada como parte de aquella información que debe estar bajo el régimen de publicidad aplicable"]
[580,"Participación de Acciones Humanitarias y Extrajudiciales","Respuesta a la solicitud","Comunicación oficial mediante la cual se da respuesta a consultas o peticiones de personas naturales o jurídicas que solicitan información sobre el desarrollo de las funciones generales o gestión de la dependencia (Dirección Técnica de Participación, Contacto con las Víctimas y Enfoques Diferenciales).","2020-12-12",null,"Información","Español","Híbrido: Análogo - electrónico","2019-12-12","Documento PDF","Disponible a solicitud","No aplica","Archivos digitales","La serie documental contiene aquellos documentos que en razón a las solicitudes de los ciudadanos no hacen parte de ninguna de las series expuestas en la clasificación documental pero que sin embargo amerita su conservación durante la vigencia administrativa como, evidencia de la ejecución y cumplimiento tanto de la normativa Nacional e institucional así como la política de servicio al ciudadano y sus respectivos lineamientos.","Director Técnico de Unidad Especial Dirección Técnica de Participación, Contacto con las Víctimas de Enfoques Diferenciales","Dirección Técnica De Participación, Contacto Con Las Víctimas Y Enfoques Diferenciales - Director Técnico De Unidad Especial","SI","MEDIO","MEDIO","MEDIO","MEDIO",2,2,2,6,"MEDIO","SI","Dato Público","CLASIFICADA","El derecho de toda persona a la intimidad, bajo las limitaciones propias que impone la condición de servidor publico, en concordancia con lo estipulado por el artículo 24 de la Ley 1437 de 2011.",null,"Información exceptuada por daño de derechos a personas naturales o jurídicas.\n Articulo 18 Ley 1712 de 2014\nLos que involucren derechos a la privacidad e intimidad de las personas, incluidas en las hojas de vida, la historia laboral y los expedientes pensionales y demás registros de personal que obren en los archivos de las instituciones públicas o privadas, así como la historia clínica, salvo que sean solicitados por los propios interesados o por sus apoderados con facultad expresa para acceder a esa información.\n","Parcial","2022-11-02","Ilimitada, y no deberán aplicarse cuando la persona natural o jurídica ha consentido en la revelación de sus datos personales o privados o bien cuando es claro que la información fue entregada como parte de aquella información que debe estar bajo el régimen de publicidad aplicable"]
[581,"Participación de Acciones Humanitarias y Extrajudiciales","Documento descriptivo de las metodologías de búsqueda implementadas para garantizar la participación de personas que buscan y pueblos y comunidades étnicas. ","Son documentos descriptivo de las metodologías de búsqueda implementadas para garantizar la participación de personas que buscan y pueblos y comunidades étnicas.  presentados como productos en el marco de los convenios de Asociación suscritos entre las Organizaciones. Colectivos, Movimientos y Plataformas con la UBPD, que aportan a la Investigación Humanitaria y Extrajudicial","2023-09-06",null,"Información","Español","Híbrido: Análogo - electrónico","2019-12-12","Documento PDF","Disponible a solicitud","No aplica","Archivos digitales","La serie documental constituye la  evidencia de  las labores que han adelantado las diferentes instancias con competencia en la búsqueda de personas dadas por desaparecidas y/o en el acompañamiento a personas que buscan a sus seres queridos, y de los resultados obtenidos. Del mismo modo, se vinculan los soportes derivados de las consultas de las diversas fuentes, así como la ruta de trabajo investigativa que vincula una solicitud de búsqueda a un plan de búsqueda, de intervención o de localización- Archivo de derechos humanos","Director Técnico de Unidad Especial Dirección Técnica de Participación, Contacto con las Víctimas de Enfoques Diferenciales","Dirección Técnica De Participación, Contacto Con Las Víctimas Y Enfoques Diferenciales - Director Técnico De Unidad Especial","SI","MEDIO","MEDIO","MEDIO","MEDIO",2,2,2,6,"MEDIO","SI","Dato Sensible","CLASIFICADA","El derecho de toda persona a la vida, la salud o la seguridad",null,"Información exceptuada por daño de derechos a personas naturales o jurídicas. \nArticulo 18 Ley 1712 de 2014","Parcial","2023-09-06","Ilimitada, y no deberán aplicarse cuando la persona natural o jurídica ha consentido en la revelación de sus datos personales o privados o bien cuando es claro que la información fue entregada como parte de aquella información que debe estar bajo el régimen de publicidad aplicable"]
[582,"Participación de Acciones Humanitarias y Extrajudiciales","Documentos de análisis de contexto del conflicto armado en Colombia -  contexto de circunstancias de desaparición","Son documentos  de análisis de contexto del conflicto armado en Colombia -  contexto de circunstancias de desaparición, presentados como productos en el marco de los convenios de Asociación suscritos entre las Organizaciones. Colectivos, Movimientos y Plataformas con la UBPD, que aportan a la Investigación Humanitaria y Extrajudicial","2023-09-06",null,"Información","Español","Híbrido: Análogo - electrónico","2019-12-12","Documento PDF","Disponible a solicitud","No aplica","Archivos digitales","La serie documental constituye la  evidencia de  las labores que han adelantado las diferentes instancias con competencia en la búsqueda de personas dadas por desaparecidas y/o en el acompañamiento a personas que buscan a sus seres queridos, y de los resultados obtenidos. Del mismo modo, se vinculan los soportes derivados de las consultas de las diversas fuentes, así como la ruta de trabajo investigativa que vincula una solicitud de búsqueda a un plan de búsqueda, de intervención o de localización- Archivo de derechos humanos","Director Técnico de Unidad Especial Dirección Técnica de Participación, Contacto con las Víctimas de Enfoques Diferenciales","Dirección Técnica De Participación, Contacto Con Las Víctimas Y Enfoques Diferenciales - Director Técnico De Unidad Especial","SI","MEDIO","MEDIO","MEDIO","MEDIO",2,2,2,6,"MEDIO","SI","Dato Sensible","CLASIFICADA","El derecho de toda persona a la vida, la salud o la seguridad",null,"Información exceptuada por daño de derechos a personas naturales o jurídicas. \nArticulo 18 Ley 1712 de 2014","Parcial","2023-09-06","Ilimitada, y no deberán aplicarse cuando la persona natural o jurídica ha consentido en la revelación de sus datos personales o privados o bien cuando es claro que la información fue entregada como parte de aquella información que debe estar bajo el régimen de publicidad aplicable"]
[583,"Participación de Acciones Humanitarias y Extrajudiciales","Casos documentados estandarizado con los parámetros del sistema UBPD / Caracterización personas que buscan y personas dadas por desaparecidas","Son  casos documentados estandarizados con los parámetros del sistema UBPD / Caracterización personas que buscan y personas dadas por desaparecidas, presentados como productos en el marco de los convenios de Asociación suscritos entre las Organizaciones. Colectivos, Movimientos y Plataformas con la UBPD, que aportan a la Investigación Humanitaria y Extrajudicial","2023-09-06",null,"Información","Español","Híbrido: Análogo - electrónico","2019-12-12","Documento PDF","Disponible a solicitud","No aplica","Archivos digitales","La serie documental constituye la  evidencia de  las labores que han adelantado las diferentes instancias con competencia en la búsqueda de personas dadas por desaparecidas y/o en el acompañamiento a personas que buscan a sus seres queridos, y de los resultados obtenidos. Del mismo modo, se vinculan los soportes derivados de las consultas de las diversas fuentes, así como la ruta de trabajo investigativa que vincula una solicitud de búsqueda a un plan de búsqueda, de intervención o de localización- Archivo de derechos humanos","Director Técnico de Unidad Especial Dirección Técnica de Participación, Contacto con las Víctimas de Enfoques Diferenciales","Dirección Técnica De Participación, Contacto Con Las Víctimas Y Enfoques Diferenciales - Director Técnico De Unidad Especial","SI","MEDIO","MEDIO","MEDIO","MEDIO",2,2,2,6,"MEDIO","SI","Dato Sensible","CLASIFICADA","El derecho de toda persona a la vida, la salud o la seguridad",null,"Información exceptuada por daño de derechos a personas naturales o jurídicas. \nArticulo 18 Ley 1712 de 2014","Parcial","2023-09-06","Ilimitada, y no deberán aplicarse cuando la persona natural o jurídica ha consentido en la revelación de sus datos personales o privados o bien cuando es claro que la información fue entregada como parte de aquella información que debe estar bajo el régimen de publicidad aplicable"]
[584,"Participación de Acciones Humanitarias y Extrajudiciales","Metodologías de investigación participativa para los PRB que no parte de las Solicitud de Búsqueda - El enfoque de mayor subregistro de desapariciones- sino de metodologías  de trabajo comunitario que permitan desarrollar la búsqueda desde este Enfoque con participación de personas LGBTI.","Son documentos con metodologías de investigación participativa para los PRB que no parte de las Solicitud de Búsqueda - El enfoque de mayor subregistro de desapariciones- sino de metodologías  de trabajo comunitario que permitan desarrollar la búsqueda desde este Enfoque con participación de personas LGBTI presentados como productos en el marco de los convenios de Asociación suscritos entre las Organizaciones. Colectivos, Movimientos y Plataformas con la UBPD, que aportan a la Investigación Humanitaria y Extrajudicial","2023-09-06",null,"Información","Español","Híbrido: Análogo - electrónico","2019-12-12","Documento PDF","Disponible a solicitud","No aplica","Archivos digitales","La serie documental constituye la  evidencia de  las labores que han adelantado las diferentes instancias con competencia en la búsqueda de personas dadas por desaparecidas y/o en el acompañamiento a personas que buscan a sus seres queridos, y de los resultados obtenidos. Del mismo modo, se vinculan los soportes derivados de las consultas de las diversas fuentes, así como la ruta de trabajo investigativa que vincula una solicitud de búsqueda a un plan de búsqueda, de intervención o de localización- Archivo de derechos humanos","Director Técnico de Unidad Especial Dirección Técnica de Participación, Contacto con las Víctimas de Enfoques Diferenciales","Dirección Técnica De Participación, Contacto Con Las Víctimas Y Enfoques Diferenciales - Director Técnico De Unidad Especial","SI","MEDIO","MEDIO","MEDIO","MEDIO",2,2,2,6,"MEDIO","SI","Dato Sensible","CLASIFICADA","El derecho de toda persona a la vida, la salud o la seguridad",null,"Información exceptuada por daño de derechos a personas naturales o jurídicas. \nArticulo 18 Ley 1712 de 2014","Parcial","2023-09-06","Ilimitada, y no deberán aplicarse cuando la persona natural o jurídica ha consentido en la revelación de sus datos personales o privados o bien cuando es claro que la información fue entregada como parte de aquella información que debe estar bajo el régimen de publicidad aplicable"]
[585,"Participación de Acciones Humanitarias y Extrajudiciales","Caracterización de cementerios / ubicación de sitios de disposición de personas dadas por desaparecidas - sitios de interes forense","Son documentos con caracterización de cementerios / ubicación de sitios de disposición de personas dadas por desaparecidas - sitios de interes forense presentados como productos en el marco de los convenios de Asociación suscritos entre las Organizaciones. Colectivos, Movimientos y Plataformas con la UBPD, que aportan a la Investigación Humanitaria y Extrajudicial","2023-09-06",null,"Información","Español","Híbrido: Análogo - electrónico","2019-12-12","Documento PDF","Disponible a solicitud","No aplica","Archivos digitales","La serie documental constituye la  evidencia de  las labores que han adelantado las diferentes instancias con competencia en la búsqueda de personas dadas por desaparecidas y/o en el acompañamiento a personas que buscan a sus seres queridos, y de los resultados obtenidos. Del mismo modo, se vinculan los soportes derivados de las consultas de las diversas fuentes, así como la ruta de trabajo investigativa que vincula una solicitud de búsqueda a un plan de búsqueda, de intervención o de localización- Archivo de derechos humanos","Director Técnico de Unidad Especial Dirección Técnica de Participación, Contacto con las Víctimas de Enfoques Diferenciales","Dirección Técnica De Participación, Contacto Con Las Víctimas Y Enfoques Diferenciales - Director Técnico De Unidad Especial","SI","MEDIO","MEDIO","MEDIO","MEDIO",2,2,2,6,"MEDIO","SI","Dato Sensible","CLASIFICADA","El derecho de toda persona a la vida, la salud o la seguridad",null,"Información exceptuada por daño de derechos a personas naturales o jurídicas. \nArticulo 18 Ley 1712 de 2014","Parcial","2023-09-06","Ilimitada, y no deberán aplicarse cuando la persona natural o jurídica ha consentido en la revelación de sus datos personales o privados o bien cuando es claro que la información fue entregada como parte de aquella información que debe estar bajo el régimen de publicidad aplicable"]
[586,"Participación de Acciones Humanitarias y Extrajudiciales","Informes con los resultados de las acciones implementadas en el marco de los planes de trabajo de los convenios ","Son documentos con informes con los resultados de las acciones implementadas en el marco de los planes de trabajo de los convenios,  presentados como productos en el marco de los convenios de Asociación suscritos entre las Organizaciones. Colectivos, Movimientos y Plataformas con la UBPD, que aportan a la Investigación Humanitaria y Extrajudicial","2023-09-06",null,"Información","Español","Híbrido: Análogo - electrónico","2019-12-12","Documento PDF","Disponible a solicitud","No aplica","Archivos digitales","La serie documental constituye la  evidencia de  las labores que han adelantado las diferentes instancias con competencia en la búsqueda de personas dadas por desaparecidas y/o en el acompañamiento a personas que buscan a sus seres queridos, y de los resultados obtenidos. Del mismo modo, se vinculan los soportes derivados de las consultas de las diversas fuentes, así como la ruta de trabajo investigativa que vincula una solicitud de búsqueda a un plan de búsqueda, de intervención o de localización- Archivo de derechos humanos","Director Técnico de Unidad Especial Dirección Técnica de Participación, Contacto con las Víctimas de Enfoques Diferenciales","Dirección Técnica De Participación, Contacto Con Las Víctimas Y Enfoques Diferenciales - Director Técnico De Unidad Especial","SI","MEDIO","MEDIO","MEDIO","MEDIO",2,2,2,6,"MEDIO","SI","Dato Sensible","CLASIFICADA","El derecho de toda persona a la vida, la salud o la seguridad",null,"Información exceptuada por daño de derechos a personas naturales o jurídicas. \nArticulo 18 Ley 1712 de 2014","Parcial","2023-09-06","Ilimitada, y no deberán aplicarse cuando la persona natural o jurídica ha consentido en la revelación de sus datos personales o privados o bien cuando es claro que la información fue entregada como parte de aquella información que debe estar bajo el régimen de publicidad aplicable"]
[587,"Participación de Acciones Humanitarias y Extrajudiciales","Sistema de Información documental para la búsqueda - SIDOBU","Corresponde a las comunicaciones que se emiten desde el aplicativo dando respuesta a solicitudes de externos, derechos de petición y a solicitudes internas.","2023-09-06",null,"Software Aplicaciones Informáticas ",null,null,null,null,null,null,null,null,"Director Técnico de Unidad Especial Dirección Técnica de Participación, Contacto con las Víctimas de Enfoques Diferenciales","Dirección Técnica De Participación, Contacto Con Las Víctimas Y Enfoques Diferenciales - Director Técnico De Unidad Especial","SI","MEDIO","MEDIO","MEDIO","MEDIO",2,2,2,6,"MEDIO","NO",null,"CLASIFICADA",null,null," ",null,"2023-10-30"," "]
[588,"Participación de Acciones Humanitarias y Extrajudiciales","Acta de acción humanitaria de entrega e inhumación digna","Documento que soporta la implementación de la acción humanitaria de entrega digan con las personas que buscan ","2023-09-06",null,"Información","Español","Híbrido: Análogo - digital","2019-12-12","Documento PDF","Disponible a solicitud","No aplica","Archivos digitales",null,"Director Técnico de Unidad Especial Dirección Técnica de Participación, Contacto con las Víctimas de Enfoques Diferenciales","Dirección Técnica De Participación, Contacto Con Las Víctimas Y Enfoques Diferenciales - Director Técnico De Unidad Especial","SI","MEDIO","MEDIO","MEDIO","MEDIO",2,2,2,6,"MEDIO","SI","Dato Sensible","CLASIFICADA","El derecho de toda persona a la vida, la salud o la seguridad",null,"Información exceptuada por daño de derechos a personas naturales o jurídicas. \nArticulo 18 Ley 1712 de 2014","Parcial","2023-09-06","Ilimitada, y no deberán aplicarse cuando la persona natural o jurídica ha consentido en la revelación de sus datos personales o privados o bien cuando es claro que la información fue entregada como parte de aquella información que debe estar bajo el régimen de publicidad aplicable"]
[589,"Gestión de TIC","Registro Consolidado de \nnecesidades de \nservicios tecnológicos","Información registrada en el formato que permite Identificar, analizar, priorizar, validar y consolidar las necesidades en materia de tecnologías de información y las comunicaciones","2020-10-30",null,"Información","Español","Electrónico","2021-05-21","Documento PDF","No disponible, No publicada","Por demanda","Archivos digitales","los planes de gestiónde servicios TI garantizan la  Identificación de Necesidades Tecnológicas","Jefe de Oficina de Unidad Especial Oficina de Tecnologías de la Información de las Comunicaciones","OFICINA DE TECNOLOGÍAS DE LA INFORMACIÓN Y LAS COMUNICACIONES","NO","BAJO",null,"BAJO","BAJO",1,1,1,3,"BAJO","NO",null,"PÚBLICA","No tiene excepción de acceso",null,"Información Pública de conocimiento General","No Aplica","2023-10-30","No Aplica "]
[590,"Gestión de TIC","Requerimiento de \nInfraestructura","Documento que soporta la solicitud o asignación de elementos tecnológicos.","2019-12-02",null,"Información","Español","Electrónico","2021-09-19","Documento PDF","No disponible, No publicada","Por demanda","Archivos digitales","los planes de gestiónde servicios TI garantizan la  Identificación de Necesidades Tecnológicas","Jefe de Oficina de Unidad Especial Oficina de Tecnologías de la Información de las Comunicaciones","OFICINA DE TECNOLOGÍAS DE LA INFORMACIÓN Y LAS COMUNICACIONES","NO","BAJO",null,"BAJO","BAJO",1,1,1,3,"BAJO","NO",null,"PÚBLICA","No tiene excepción de acceso",null,"Información Pública de conocimiento General","No Aplica","2023-10-30","No Aplica "]
[591,"Gestión de TIC","Solicitud de cambios RFC","Documento de detalles de solicitud y gestión de cambios","2019-12-02",null,"Información","Español","Electrónico","2020-11-26","Documento PDF","No disponible, No publicada","Por demanda","Archivos digitales","los planes de gestiónde servicios TI garantizan la  Identificación de Necesidades Tecnológicas","Jefe de Oficina de Unidad Especial Oficina de Tecnologías de la Información de las Comunicaciones","OFICINA DE TECNOLOGÍAS DE LA INFORMACIÓN Y LAS COMUNICACIONES","NO","BAJO",null,"BAJO","BAJO",1,1,1,3,"BAJO","NO",null,"PÚBLICA","No tiene excepción de acceso",null,"Información Pública de conocimiento General","No Aplica","2023-10-30","No Aplica "]
[592,"Gestión de TIC","Registro de Préstamo de Equipos","Documento que soporta la entrega o asignación de elementos tecnológicos.","2019-12-02",null,"Información","Español","Electrónico","2019-09-19","Documento PDF","No disponible, No publicada","Por demanda","Archivos digitales","los planes de gestiónde servicios TI garantizan la  Identificación de Necesidades Tecnológicas","Jefe de Oficina de Unidad Especial Oficina de Tecnologías de la Información de las Comunicaciones","OFICINA DE TECNOLOGÍAS DE LA INFORMACIÓN Y LAS COMUNICACIONES","NO","BAJO",null,"BAJO","BAJO",1,1,1,3,"BAJO","NO",null,"PÚBLICA","No tiene excepción de acceso",null,"Información Pública de conocimiento General","No Aplica","2023-10-30","No Aplica "]
[593,"Gestión de TIC","Solicitud de información","Documento mediante el cual las personas naturales o jurídicas solicitan información sobre el desarrollo general de sus funciones o la gestión de la dependencia.","2019-12-02",null,"Información","Español","Electrónico","2020-04-01","Documento PDF","No disponible, No publicada","Por demanda","Archivos digitales","Los derechos de petición demuestran la gestión de la UBPD, frente a los aspectos de interés de la  ciudadanía y de otras instituciones.","Jefe de Oficina de Unidad Especial Oficina de Tecnologías de la Información de las Comunicaciones","OFICINA DE TECNOLOGÍAS DE LA INFORMACIÓN Y LAS COMUNICACIONES","SI","BAJO","BAJO","BAJO","BAJO",1,1,1,3,"BAJO","NO",null,"PÚBLICA","No tiene excepción de acceso",null,"Información Pública de conocimiento General","No Aplica","2023-10-30","No Aplica "]
[594,"Gestión de TIC","Respuesta a la solicitud","Comunicación oficial mediante la cual se da respuesta a consultas o peticiones de personas naturales o jurídicas que solicitan información sobre el desarrollo de las funciones generales o gestión de la dependencia.","2019-12-02",null,"Información","Español","Electrónico","2020-04-01","Documento PDF","No disponible, No publicada","Por demanda","Archivos digitales","Los derechos de petición demuestran la gestión de la UBPD, frente a los aspectos de interés de la  ciudadanía y de otras instituciones.","Jefe de Oficina de Unidad Especial Oficina de Tecnologías de la Información de las Comunicaciones","OFICINA DE TECNOLOGÍAS DE LA INFORMACIÓN Y LAS COMUNICACIONES","NO","BAJO",null,"BAJO","BAJO",1,1,1,3,"BAJO","NO",null,"PÚBLICA","No tiene excepción de acceso",null,"Información Pública de conocimiento General","No Aplica","2023-10-30","No Aplica "]
[595,"Gestión de TIC","Plan de Recuperación de Desastres","Documento comprende las actividades concernientes a prevenir y asegurar que la plataforma tecnológica que soporta los procesos misionales y de apoyo sea reanudada después de un desastre, para que la UBPD pueda continuar su operación.","2022-06-24",null,"Información","Español","Electrónico","2021-12-30","Documento PDF","No disponible, No publicada","Anual","Archivos digitales","La subserie documental presenta la definición con precisión cómo la UBPD recuperará o continuará la operación de servicios de TI, aplicaciones, sistemas o componentes","Jefe de Oficina de Unidad Especial Oficina de Tecnologías de la Información de las Comunicaciones","OFICINA DE TECNOLOGÍAS DE LA INFORMACIÓN Y LAS COMUNICACIONES","NO","MEDIO",null,"MEDIO","ALTO",2,2,3,7,"MEDIO","SI","Dato Semiprivado","CLASIFICADA","Los secretos comerciales, industriales y profesionales,  a excepción de lo estipulados en el articulo 77 de la Ley 1474 de 2011",null,"Información exceptuada por daño de derechos a personas naturales o jurídicas. \nArticulo 18 Ley 1712 de 2014","Total","2023-11-20","Ilimitada, y no deberán aplicarse cuando la persona natural o jurídica ha consentido en la revelación de sus datos personales o privados o bien cuando es claro que la información fue entregada como parte de aquella información que debe estar bajo el régimen de publicidad aplicable"]
[596,"Gestión de TIC","Actas de Reunión","Documento dispositivo que presenta las decisiones tomadas, los acuerdos pactados y los asuntos tratado por parte del equipo en lo que corresponde a su competencia","2019-12-02",null,"Información","Español","Electrónico; Híbrido: Análogo - digital","2019-09-17","Documento PDF","No disponible, No publicada","Por demanda","Archivos digitales","La subserie documental presenta la definición con precisión cómo la UBPD recuperará o continuará la operación de servicios de TI, aplicaciones, sistemas o componentes\n\nDel mismo modo, los planes  garantizan y potencian la base tecnológica y de comunicaciones que permiten la transformación y la estrategia de la UBPD y, además, ofrece posibilidades investigativas de tipo histórico sobre la evaluación tanto orgánica como de los procesos de la entidad","Jefe de Oficina de Unidad Especial Oficina de Tecnologías de la Información de las Comunicaciones","OFICINA DE TECNOLOGÍAS DE LA INFORMACIÓN Y LAS COMUNICACIONES","NO","MEDIO",null,"BAJO","MEDIO",2,1,2,5,"MEDIO","NO",null,"CLASIFICADA","El derecho de toda persona a la intimidad, bajo las limitaciones propias que impone la condición de servidor publico, en concordancia con lo estipulado por el artículo 24 de la Ley 1437 de 2011.",null,"Información exceptuada por daño de derechos a personas naturales o jurídicas.\n Articulo 18 Ley 1712 de 2014\nLos que involucren derechos a la privacidad e intimidad de las personas, incluidas en las hojas de vida, la historia laboral y los expedientes pensionales y demás registros de personal que obren en los archivos de las instituciones públicas o privadas, así como la historia clínica, salvo que sean solicitados por los propios interesados o por sus apoderados con facultad expresa para acceder a esa información.\n","Total","2023-11-20","Ilimitada, y no deberán aplicarse cuando la persona natural o jurídica ha consentido en la revelación de sus datos personales o privados o bien cuando es claro que la información fue entregada como parte de aquella información que debe estar bajo el régimen de publicidad aplicable"]
[597,"Gestión de TIC","Plan de seguridad digital","Documento que identifica las actividades para garantizar la seguridad digital","2022-06-24",null,"Información","Español","Electrónico","2022-03-25","Documento PDF","No disponible, No publicada","Semestral","Archivos digitales","los planes  garantizan y potencian la base tecnológica y de comunicaciones que permiten la transformación y la estrategia de la UBPD y, además, ofrece posibilidades investigativas de tipo histórico sobre la evaluación tanto orgánica como de los procesos de la entidad","Jefe de Oficina de Unidad Especial Oficina de Tecnologías de la Información de las Comunicaciones","OFICINA DE TECNOLOGÍAS DE LA INFORMACIÓN Y LAS COMUNICACIONES","NO","MEDIO",null,"BAJO","BAJO",2,1,1,4,"MEDIO","NO",null,"CLASIFICADA","Los secretos comerciales, industriales y profesionales,  a excepción de lo estipulados en el articulo 77 de la Ley 1474 de 2011",null,"Información exceptuada por daño de derechos a personas naturales o jurídicas. \nArticulo 18 Ley 1712 de 2014","Total","2023-11-20","Ilimitada, y no deberán aplicarse cuando la persona natural o jurídica ha consentido en la revelación de sus datos personales o privados o bien cuando es claro que la información fue entregada como parte de aquella información que debe estar bajo el régimen de publicidad aplicable"]
[598,"Gestión de TIC","Guías","Documento que detalla las actividades para la gestión de las heramientas y procedimientos en la OTIC","2022-06-24",null,"Información","Español","Electrónico","2020-08-18","Documento PDF","No disponible, No publicada","Por demanda","Archivos digitales","los planes  garantizan y potencian la base tecnológica y de comunicaciones que permiten la transformación y la estrategia de la UBPD y, además, ofrece posibilidades investigativas de tipo histórico sobre la evaluación tanto orgánica como de los procesos de la entidad","Jefe de Oficina de Unidad Especial Oficina de Tecnologías de la Información de las Comunicaciones","OFICINA DE TECNOLOGÍAS DE LA INFORMACIÓN Y LAS COMUNICACIONES","NO","MEDIO",null,"BAJO","BAJO",2,1,1,4,"MEDIO","NO",null,"CLASIFICADA","Los secretos comerciales, industriales y profesionales,  a excepción de lo estipulados en el articulo 77 de la Ley 1474 de 2011",null,"Información exceptuada por daño de derechos a personas naturales o jurídicas. \nArticulo 18 Ley 1712 de 2014","No Aplica","2023-11-20","Ilimitada, y no deberán aplicarse cuando la persona natural o jurídica ha consentido en la revelación de sus datos personales o privados o bien cuando es claro que la información fue entregada como parte de aquella información que debe estar bajo el régimen de publicidad aplicable"]
[599,"Gestión de TIC","Informes de Seguridad digital","Reportes de los monitoreos realizados con las herramientas de ciberseguridad, con el fin de identificar amenazas y vulnerabilidades que puedan afectar la seguridad digital","2022-06-24",null,"Información","Español","Electrónico","2019-09-19","Documento PDF","No disponible, No publicada","Por demanda","Archivos digitales","los planes  garantizan y potencian la base tecnológica y de comunicaciones que permiten la transformación y la estrategia de la UBPD y, además, ofrece posibilidades investigativas de tipo histórico sobre la evaluación tanto orgánica como de los procesos de la entidad","Jefe de Oficina de Unidad Especial Oficina de Tecnologías de la Información de las Comunicaciones","OFICINA DE TECNOLOGÍAS DE LA INFORMACIÓN Y LAS COMUNICACIONES","NO","MEDIO",null,"BAJO","MEDIO",2,1,2,5,"MEDIO","NO",null,"CLASIFICADA","Los secretos comerciales, industriales y profesionales,  a excepción de lo estipulados en el articulo 77 de la Ley 1474 de 2011",null,"Información exceptuada por daño de derechos a personas naturales o jurídicas. \nArticulo 18 Ley 1712 de 2014","Parcial","2023-11-20","Ilimitada, y no deberán aplicarse cuando la persona natural o jurídica ha consentido en la revelación de sus datos personales o privados o bien cuando es claro que la información fue entregada como parte de aquella información que debe estar bajo el régimen de publicidad aplicable"]
[600,"Gestión de TIC","Plan estratégico de tecnología de la \ninformación y las comunicaciones y \nplanes o proyectos subsidiarios","Es el artefacto que se  utiliza para expresar la Estrategia de TI","2019-12-02",null,"Información","Español","Electrónico","2019-09-19","Documento PDF","Publicada","Anual","Archivos digitales","Estos planes garantizan y potendan la base tecnológica y de comunicaciones que permiten la transformación y la estrategia de la UBPD y. además, ofrece posibilidades investigativas de tipo histórico sobre la evaluación tanto orgánica como de los procesos de la entidad. ","Jefe de Oficina de Unidad Especial Oficina de Tecnologías de la Información de las Comunicaciones","OFICINA DE TECNOLOGÍAS DE LA INFORMACIÓN Y LAS COMUNICACIONES","NO","BAJO",null,"BAJO","BAJO",1,1,1,3,"BAJO","NO",null,"PÚBLICA","No tiene excepción de acceso",null,"Información Pública de conocimiento General","No Aplica","2023-10-30","No Aplica "]
[601,"Gestión de TIC","Informes de seguimiento al PETI","Documento que permite identificar el nivel de cumplimiento del PETI","2019-12-02",null,"Información","Español","Electrónico","2020-04-15","Documento PDF","No disponible, No publicada","Semestral","Archivos digitales","Estos planes garantizan y potendan la base tecnológica y de comunicaciones que permiten la transformación y la estrategia de la UBPD y. además, ofrece posibilidades investigativas de tipo histórico sobre la evaluación tanto orgánica como de los procesos de la entidad. ","Jefe de Oficina de Unidad Especial Oficina de Tecnologías de la Información de las Comunicaciones","OFICINA DE TECNOLOGÍAS DE LA INFORMACIÓN Y LAS COMUNICACIONES","NO","MEDIO",null,"BAJO","MEDIO",2,1,2,5,"MEDIO","NO",null,"CLASIFICADA","Los secretos comerciales, industriales y profesionales,  a excepción de lo estipulados en el articulo 77 de la Ley 1474 de 2011",null,"Información exceptuada por daño de derechos a personas naturales o jurídicas. \nArticulo 18 Ley 1712 de 2014","No Aplica","2023-11-20","Ilimitada, y no deberán aplicarse cuando la persona natural o jurídica ha consentido en la revelación de sus datos personales o privados o bien cuando es claro que la información fue entregada como parte de aquella información que debe estar bajo el régimen de publicidad aplicable"]
[602,"Gestión de TIC","Quejas","Documento mediante el cual un ciudadano o un usuario protesta, censura o expresa su inconformidad con relación a una conducta que considera irregular de uno o varios servidores públicos en el desarrollo de sus funciones.","2019-12-02",null,"Información","Español","Híbrido: Análogo - digital; Híbrido: Análogo - electrónico","2020-04-01","Documento PDF","No disponible, No publicada","Por demanda","Archivos digitales","Contiene las comunicaciones dirigidas a la entidad mediante la cual se realiza una petición o queja o reclamo o sugerencia o denuncia en relación con las funciones que cumple la entidad, la cual por su naturaleza debe ser analizada y tramitada en los términos dictados por la ley, relacionadas con tecnologías de la información y las comunicaciones.","Jefe de Oficina de Unidad Especial Oficina de Tecnologías de la Información de las Comunicaciones","OFICINA DE TECNOLOGÍAS DE LA INFORMACIÓN Y LAS COMUNICACIONES","NO","BAJO",null,"BAJO","BAJO",1,1,1,3,"BAJO","NO",null,"PÚBLICA","No tiene excepción de acceso",null,"Información Pública de conocimiento General","No Aplica","2023-10-30","No Aplica "]
[603,"Gestión de TIC","Reclamos","Documento mediante el cual un usuario o un ciudadano exige o demanda una solución sobre la prestación indebida de un servicio.","2019-12-02",null,"Información","Español","Híbrido: Análogo - digital; Híbrido: Análogo - electrónico","2020-04-01","Documento PDF","No disponible, No publicada","Por demanda","Archivos digitales","Contiene las comunicaciones dirigidas a la entidad mediante la cual se realiza una petición o queja o reclamo o sugerencia o denuncia en relación con las funciones que cumple la entidad, la cual por su naturaleza debe ser analizada y tramitada en los términos dictados por la ley, relacionadas con tecnologías de la información y las comunicaciones.","Jefe de Oficina de Unidad Especial Oficina de Tecnologías de la Información de las Comunicaciones","OFICINA DE TECNOLOGÍAS DE LA INFORMACIÓN Y LAS COMUNICACIONES","NO","BAJO",null,"BAJO","BAJO",1,1,1,3,"BAJO","NO",null,"PÚBLICA","No tiene excepción de acceso",null,"Información Pública de conocimiento General","No Aplica","2023-10-30","No Aplica "]
[604,"Gestión de TIC","Seguimiento presupuestal","Documentos de apoyo o de trabajo para las adquisiciones definidas en los PAA por cada una de las vigencias a la OTIC.","2019-12-02",null,"Información","Español","Digital; Electrónico","2020-04-15","Presentación","No disponible, No publicada","Mensual","Archivos digitales","Establecer, en coordinación con las dependencias competentes, las necesidades y presupuesto para realizar los procesos de adquisición que garanticen los servicios tecnológicos de la UBPD.","Jefe de Oficina de Unidad Especial Oficina de Tecnologías de la Información de las Comunicaciones","SUBDIRECCIÓN ADMINISTRATIVA Y FINANCIERA","NO","BAJO",null,"BAJO","BAJO",1,1,1,3,"BAJO","NO",null,"PÚBLICA","No tiene excepción de acceso",null,"Información Pública de conocimiento General","No Aplica","2023-10-30","No Aplica "]
[605,"Gestión de TIC","Seguimiento de la Consultoría Especializada","Documentos de ejecución de proyectos para la construcción de componentes de software mediante consultoría o fábrica de software  de la UBPD.","2020-02-01",null,"Información","Español","Digital","2022-06-24","Documento de Texto","No disponible, No publicada","Anual","Archivos digitales",null,"Jefe de Oficina de Unidad Especial Oficina de Tecnologías de la Información de las Comunicaciones","OFICINA DE TECNOLOGÍAS DE LA INFORMACIÓN Y LAS COMUNICACIONES","NO","BAJO",null,"MEDIO","MEDIO",1,2,2,5,"MEDIO","NO",null,"PÚBLICA","No tiene excepción de acceso",null,"Información Pública de conocimiento General","No Aplica","2023-10-30","No Aplica "]
[606,"Gestión de TIC","Políticas de protección y seguridad digital","Documento estratégico que contiene los lineamientos generales en materia de seguridad informática y seguridad de las comunicaciones.","2020-02-01","2022-09-09","Información","Español","Digital","2021-01-19","Documento PDF","No disponible, No publicada","Anual","Archivos digitales","Documentos que muestran las políticas y lineamientos establecidos en seguridad de la información y digital","Jefe de Oficina de Unidad Especial Oficina de Tecnologías de la Información de las Comunicaciones","Oficina De Tecnologías De La Información Y Las Comunicaciones - Analista Técnico","NO","BAJO",null,"MEDIO","BAJO",1,2,1,4,"MEDIO","NO",null,"PÚBLICA","No tiene excepción de acceso",null,"Información Pública de conocimiento General","No Aplica","2023-10-30","No Aplica "]
[607,"Gestión de TIC","Planes de contingencia","Documento estratégico que contiene los lineamientos a seguir en caso de que ocurra un evento catastrófico y contiene información sobre la recuperación tecnológica en caso de desastres.","2020-02-01",null,"Información","Español","Digital","2022-02-01","Documento PDF","No disponible, No publicada","Anual","Archivos digitales","Contiene información sobre la recuperación tecnológica en caso de desastres.","Jefe de Oficina de Unidad Especial Oficina de Tecnologías de la Información de las Comunicaciones","DIRECCIÓN GENERAL","NO","BAJO",null,"BAJO","BAJO",1,1,1,3,"BAJO","NO",null,"PÚBLICA","No tiene excepción de acceso",null,"Información Pública de conocimiento General","No Aplica","2023-10-30","No Aplica "]
[608,"Gestión de TIC","Copias de seguridad","Copias de los archivos de drive y correo de los servidores y contratistas retirados.","2020-02-01",null,"Información","Español","Electrónico","2020-04-01","Otro","No disponible, No publicada","Por demanda","Archivos digitales","Respaldo de Información de los documentos de drive y correo de los servidores públicos contratistas retirados.","Jefe de Oficina de Unidad Especial Oficina de Tecnologías de la Información de las Comunicaciones","Usuarios Internos ","NO","ALTO",null,"BAJO","BAJO",3,1,1,5,"MEDIO","SI","Dato Sensible","RESERVADA","Se exceptúan también los documentos que contengan las opiniones o puntos de vista que formen parte del proceso deliberativo de los servidores públicos",null,"Información exceptuada por daño a los intereses públicos. Articulo 19 Ley 1712 de 2014","Parcial","2022-10-10","No Mayor a 15 años"]
[609,"Gestión de TIC","Actas de instalación de software","Códigos y claves utilizados para activar las licencias de software de la UBPD.","2020-02-01",null,"Información","Español","Híbrido: Análogo - digital","2020-02-01","Documento PDF","No disponible, No publicada","Por demanda","Archivos digitales","Contiene las actas donde se registra el software instalado","Jefe de Oficina de Unidad Especial Oficina de Tecnologías de la Información de las Comunicaciones","Oficina De Tecnologías De La Información Y Las Comunicaciones - Contratista","NO","BAJO",null,"MEDIO","BAJO",1,2,1,4,"MEDIO","NO",null,"PÚBLICA","No tiene excepción de acceso",null,"Información Pública de conocimiento General","No Aplica","2023-10-30","No Aplica "]
[610,"Gestión de TIC","Códigos de licencias de software","Documento que soporta la instalación de herramientas de software en los equipos de computo.","2020-02-01",null,"Información","Español - Ingles","Híbrido: Análogo - digital","2020-02-01","Documento PDF","No disponible, No publicada","Por demanda","Archivos digitales","Licencias adquiridas por la UBPD.","Jefe de Oficina de Unidad Especial Oficina de Tecnologías de la Información de las Comunicaciones","OFICINA DE TECNOLOGÍAS DE LA INFORMACIÓN Y LAS COMUNICACIONES","NO","MEDIO",null,"MEDIO","MEDIO",2,2,2,6,"MEDIO","NO",null,"CLASIFICADA","Los secretos comerciales, industriales y profesionales,  a excepción de lo estipulados en el articulo 77 de la Ley 1474 de 2011",null,"Información exceptuada por daño de derechos a personas naturales o jurídicas. \nArticulo 18 Ley 1712 de 2014","Parcial","2023-11-20","Ilimitada, y no deberán aplicarse cuando la persona natural o jurídica ha consentido en la revelación de sus datos personales o privados o bien cuando es claro que la información fue entregada como parte de aquella información que debe estar bajo el régimen de publicidad aplicable"]
[611,"Gestión de TIC","Carpeta compartida Oficina TIC","Contiene Planes de Acción,  Proyectos, Contratos,  Documentos de trabajo de la OTIC","2020-02-01",null,"Servicios","Español","Digital; Electrónico","2022-06-24","Otro","No disponible, No publicada","Por demanda","Archivos digitales","Contiene Planes de Acción,  Proyectos, Contratos,  Documentos de trabajo de la OTIC","Jefe de Oficina de Unidad Especial Oficina de Tecnologías de la Información de las Comunicaciones","OFICINA DE TECNOLOGÍAS DE LA INFORMACIÓN Y LAS COMUNICACIONES","NO","MEDIO",null,"MEDIO","MEDIO",2,2,2,6,"MEDIO","NO",null,"CLASIFICADA","Los secretos comerciales, industriales y profesionales,  a excepción de lo estipulados en el articulo 77 de la Ley 1474 de 2011",null,"Información exceptuada por daño de derechos a personas naturales o jurídicas.\n Articulo 18 Ley 1712 de 2014","Parcial","2022-10-10","Ilimitada, y no deberán aplicarse cuando la persona natural o jurídica ha consentido en la revelación de sus datos personales o privados o bien cuando es claro que la información fue entregada como parte de aquella información que debe estar bajo el régimen de publicidad aplicable"]
[612,"Gestión de TIC","Carpeta compartida Uso y Apropiación de Herramientas TI","Contiene la planificación y material de ayuda para el entrenamiento en las herramientas de TI, implementadas en la UBPD","2020-02-01",null,"Servicios","Español","Digital; Electrónico","2022-06-24","Otro","No disponible, No publicada","Por demanda","Archivos digitales","Contiene la planificación y material de ayuda para el entrenamiento en las herramientas de TI, implementadas en la UBPD como base de conocimiento para los servidores, servidoras y contratistas de la Entidad.","Jefe de Oficina de Unidad Especial Oficina de Tecnologías de la Información de las Comunicaciones","OFICINA DE TECNOLOGÍAS DE LA INFORMACIÓN Y LAS COMUNICACIONES","SI","BAJO","BAJO","BAJO","BAJO",1,1,1,3,"BAJO","NO",null,"PÚBLICA","No tiene excepción de acceso",null,"Información Pública de conocimiento General","No Aplica","2023-10-30","No Aplica "]
[613,"Gestión de TIC","Mapa de Riesgos de Gestión OTIC","Riesgos de Gestión de la OTIC","2020-02-01",null,"Información","Español","Electrónico","2022-06-24","Hoja de calculo","No disponible, No publicada","Semestral","Archivos digitales","Matriz de los riesgos de gestión identificados para el proceso de Gestión de Tecnologías de la Información y de las Comunicaciones","Jefe de Oficina de Unidad Especial Oficina de Tecnologías de la Información de las Comunicaciones","OFICINA DE TECNOLOGÍAS DE LA INFORMACIÓN Y LAS COMUNICACIONES","NO","BAJO",null,"MEDIO","BAJO",1,2,1,4,"MEDIO","NO",null,"PÚBLICA","No tiene excepción de acceso",null,"Información Pública de conocimiento General","No Aplica","2023-10-30","No Aplica "]
[614,"Gestión de TIC","Conceptos de Seguridad Digital","Conceptos referentes a Seguridad Digital por requerimiento de los procesos o a discreción del Arquitecto de Seguridad Digital","2020-02-01",null,"Información","Español","Electrónico","2022-06-24","Documento PDF","No disponible, No publicada","Por demanda","Archivos digitales","Documento que contiene los conceptos emitidos desde Seguridad Digital de acuerdo a requerimientos de los diferentes procesos de la UBPD.","Jefe de Oficina de Unidad Especial Oficina de Tecnologías de la Información de las Comunicaciones","OFICINA DE TECNOLOGÍAS DE LA INFORMACIÓN Y LAS COMUNICACIONES","SI","BAJO","BAJO","MEDIO","BAJO",1,2,1,4,"MEDIO","NO",null,"PÚBLICA","No tiene excepción de acceso",null,"Información Pública de conocimiento General","No Aplica","2023-10-30","No Aplica "]
[615,"Gestión de TIC","Eventos","Documento que contiene la descripción de las actividades realizadas para gestionar los eventos de seguridad reportados.","2020-02-01",null,"Información","Español","Electrónico","2022-06-24","Documento PDF","No disponible, No publicada","Por demanda","Archivos digitales","Información de la gestión realizada en la atención de los eventos de Seguridad Digital que se presentan en la UBPD.","Jefe de Oficina de Unidad Especial Oficina de Tecnologías de la Información de las Comunicaciones","OFICINA DE TECNOLOGÍAS DE LA INFORMACIÓN Y LAS COMUNICACIONES","SI","MEDIO","MEDIO","MEDIO","MEDIO",2,2,2,6,"MEDIO","SI","Dato Semiprivado","CLASIFICADA","Los secretos comerciales, industriales y profesionales,  a excepción de lo estipulados en el articulo 77 de la Ley 1474 de 2011",null,"Información exceptuada por daño de derechos a personas naturales o jurídicas. \nArticulo 18 Ley 1712 de 2014","No Aplica","2022-06-24","Ilimitada, y no deberán aplicarse cuando la persona natural o jurídica ha consentido en la revelación de sus datos personales o privados o bien cuando es claro que la información fue entregada como parte de aquella información que debe estar bajo el régimen de publicidad aplicable"]
[616,"Gestión de TIC","Incidentes","Documento que contiene la descripción de las actividades realizadas en la gestión (contención, erradicación, recuperación) de los incidentes de seguridad que se materialicen en la UBPD","2020-02-01",null,"Información","Español","Electrónico","2022-06-24","Documento PDF","No disponible, No publicada","Por demanda","Archivos digitales","Información de la gestión realizada en la identificación, valoración, contención y erradicación de los  de Seguridad Digital que se presentan en la UBPD.","Jefe de Oficina de Unidad Especial Oficina de Tecnologías de la Información de las Comunicaciones","OFICINA DE TECNOLOGÍAS DE LA INFORMACIÓN Y LAS COMUNICACIONES","SI","MEDIO","MEDIO","MEDIO","MEDIO",2,2,2,6,"MEDIO","SI","Dato Semiprivado","CLASIFICADA","Los secretos comerciales, industriales y profesionales,  a excepción de lo estipulados en el articulo 77 de la Ley 1474 de 2011",null,"Información exceptuada por daño de derechos a personas naturales o jurídicas. \nArticulo 18 Ley 1712 de 2014","No Aplica","2022-06-24","Ilimitada, y no deberán aplicarse cuando la persona natural o jurídica ha consentido en la revelación de sus datos personales o privados o bien cuando es claro que la información fue entregada como parte de aquella información que debe estar bajo el régimen de publicidad aplicable"]
[617,"Gestión de TIC","Planes de Remediación de vulnerabilidades","Plan de actividades y seguimiento a la ejecución de las mismas","2020-02-01",null,"Información","Español","Electrónico","2022-06-24","Documento PDF","No disponible, No publicada","Por demanda","Archivos digitales","Contiene la información de las actividades a ejecutar para remediar las vulnerabilidades encontradas en los ejerciciós de análisis realizados por la OTIC","Jefe de Oficina de Unidad Especial Oficina de Tecnologías de la Información de las Comunicaciones","OFICINA DE TECNOLOGÍAS DE LA INFORMACIÓN Y LAS COMUNICACIONES","SI","MEDIO","MEDIO","MEDIO","MEDIO",2,2,2,6,"MEDIO","NO",null,"CLASIFICADA","El derecho de toda persona a la vida, la salud o la seguridad",null,"Información exceptuada por daño de derechos a personas naturales o jurídicas. \nArticulo 18 Ley 1712 de 2014","Parcial","2022-06-24","Ilimitada, y no deberán aplicarse cuando la persona natural o jurídica ha consentido en la revelación de sus datos personales o privados o bien cuando es claro que la información fue entregada como parte de aquella información que debe estar bajo el régimen de publicidad aplicable"]
[618,"Gestión de TIC","Diagnóstico de Seguridad de la Información","Documento en donde se registra el Autodiagnostico o Diagnósticos de  Seguridad  de la información para evaluar el estado del sistema","2020-02-01",null,"Información","Español","Electrónico","2020-02-01","Hoja de calculo","No disponible, No publicada","Por demanda","Archivos digitales","Contiene información de los controles implementados en la UBPD","Jefe de Oficina de Unidad Especial Oficina de Tecnologías de la Información de las Comunicaciones","OFICINA DE TECNOLOGÍAS DE LA INFORMACIÓN Y LAS COMUNICACIONES","NO","BAJO",null,"MEDIO","BAJO",1,2,1,4,"MEDIO","NO",null,"PÚBLICA","No tiene excepción de acceso",null,"Información Pública de conocimiento General","No Aplica","2023-10-30","No Aplica "]
[619,"Gestión de TIC","Indicadores Seguridad De la Información","Hoja de vida de los indicadores que miden la gestión de la Seguridad de la información y seguridad digital","2020-02-01",null,"Información","Español","Electrónico","2020-06-24","Documento PDF","No disponible, No publicada","Por demanda","Archivos digitales","Indicadores internos de medición de la gestión realizada a nivel de Seguridad de la Información y Digital","Jefe de Oficina de Unidad Especial Oficina de Tecnologías de la Información de las Comunicaciones","OFICINA DE TECNOLOGÍAS DE LA INFORMACIÓN Y LAS COMUNICACIONES","NO","BAJO",null,"BAJO","BAJO",1,1,1,3,"BAJO","NO",null,"PÚBLICA","No tiene excepción de acceso",null,"Información Pública de conocimiento General","No Aplica","2023-10-30","No Aplica "]
[620,"Gestión de TIC","Planes de Tratamiento de Riesgos","Documento donde se establecen las actividades o controles a implementar para disminuir los niveles de riesgo residual de seguridad de la información ","2020-02-01",null,"Información","Español","Electrónico","2022-06-24","Documento PDF","No disponible, No publicada","Por demanda","Archivos digitales","Actividades a ejecutar para mitigar o remediar los riesgos de Seguridad Digital Identificados","Jefe de Oficina de Unidad Especial Oficina de Tecnologías de la Información de las Comunicaciones","OFICINA DE TECNOLOGÍAS DE LA INFORMACIÓN Y LAS COMUNICACIONES","NO","BAJO",null,"BAJO","BAJO",1,1,1,3,"BAJO","NO",null,"PÚBLICA","No tiene excepción de acceso",null,"Información Pública de conocimiento General","No Aplica","2023-10-30","No Aplica "]
[621,"Gestión de TIC","Manuales de Operación de OTIC","Manuales de Operación de OTIC","2020-02-01",null,"Información","Español","Electrónico","2022-06-24","Documento PDF","No disponible, No publicada","Por demanda","Archivos digitales","Manuales de Operación de OTIC","Jefe de Oficina de Unidad Especial Oficina de Tecnologías de la Información de las Comunicaciones","OFICINA DE TECNOLOGÍAS DE LA INFORMACIÓN Y LAS COMUNICACIONES","NO","BAJO",null,"BAJO","BAJO",1,1,1,3,"BAJO","NO",null,"PÚBLICA","No tiene excepción de acceso",null,"Información Pública de conocimiento General","No Aplica","2023-10-30","No Aplica "]
[622,"Gestión de TIC","Gestion de proyectos informacion generada por planview","Información que reside en el Software para manejar proyectos, programas y portafolio de proyectos. Así como las trazas de seguimientos de los flujos de formulación del banco de proyectos y formulación en detalle de cada uno por vigencia.","2020-02-01",null,"Información","Español","Electrónico","2022-06-24","Documento PDF","No disponible, No publicada","Por demanda","Archivos digitales","Información de los proyectos que permiten hacer seguimiento a cada una de las actividades desde el inicio hasta la terminación de su ejecución y a la ejecución del presupuesto asignado en el PAA. Asi como los proyectos en el banco de proyectos.","Jefe de Oficina de Unidad Especial Oficina de Tecnologías de la Información de las Comunicaciones","OFICINA DE TECNOLOGÍAS DE LA INFORMACIÓN Y LAS COMUNICACIONES","NO","BAJO",null,"BAJO","BAJO",1,1,1,3,"BAJO","NO",null,"PÚBLICA","No tiene excepción de acceso",null,"Información Pública de conocimiento General","No Aplica","2023-10-30","No Aplica "]
[623,"Gestión de TIC","Gsuite","Un paquete integrado de aplicaciones de colaboración y productividad seguras y basadas en la nube.","2021-12-12",null,"Software Aplicaciones Informáticas ","Español",null,null,null,null,null,null,null,"Jefe de Oficina de Unidad Especial Oficina de Tecnologías de la Información de las Comunicaciones","OFICINA DE TECNOLOGÍAS DE LA INFORMACIÓN Y LAS COMUNICACIONES","SI","ALTO","MEDIO","MEDIO","ALTO",3,2,3,8,"ALTO","NO",null,"RESERVADA",null,null," ",null,"2023-10-30"," "]
[624,"Gestión de TIC","PlanView","Software para manejar proyectos, programas y portafolio de proyectos.","2021-12-12",null,"Software Aplicaciones Informáticas ",null,null,null,null,null,null,null,null,"Jefe de Oficina de Unidad Especial Oficina de Tecnologías de la Información de las Comunicaciones","OFICINA DE TECNOLOGÍAS DE LA INFORMACIÓN Y LAS COMUNICACIONES","SI","BAJO","MEDIO","MEDIO","MEDIO",2,2,2,6,"MEDIO","NO",null,"CLASIFICADA",null,null," ",null,"2023-10-30"," "]
[625,"Gestión de TIC","Aranda","Herramienta para registro de solicitudes a la mesa de ayuda.","2021-12-12",null,"Software Aplicaciones Informáticas ",null,null,null,null,null,null,null,null,"Jefe de Oficina de Unidad Especial Oficina de Tecnologías de la Información de las Comunicaciones","OFICINA DE TECNOLOGÍAS DE LA INFORMACIÓN Y LAS COMUNICACIONES","SI","MEDIO","MEDIO","BAJO","MEDIO",2,1,2,5,"MEDIO","NO",null,"CLASIFICADA",null,null," ",null,"2023-10-30"," "]
[626,"Gestión de TIC","Directorio Activo","Servicio de administración de usuarios, grupos y gestión de políticas aplicables a los equipos asociados a este.","2021-12-12",null,"Software Aplicaciones Informáticas ",null,null,null,null,null,null,null,null,"Jefe de Oficina de Unidad Especial Oficina de Tecnologías de la Información de las Comunicaciones","OFICINA DE TECNOLOGÍAS DE LA INFORMACIÓN Y LAS COMUNICACIONES","NO","BAJO",null,"BAJO","ALTO",1,1,3,5,"MEDIO","NO",null,"PÚBLICA","No tiene excepción de acceso",null,"Información Pública de conocimiento General","No Aplica","2023-10-30","No Aplica "]
[627,"Gestión de TIC","Código fuente en repositorio GIT","Código fuente del diseño del modelo de base de datos, y scripts de creación de objetos y el código fuente de formularios y aplicaciones para captura de información de personas dadas por desaparecidas.","2021-12-12",null,"Software Aplicaciones Informáticas ",null,null,null,null,null,null,null,null,"Jefe de Oficina de Unidad Especial Oficina de Tecnologías de la Información de las Comunicaciones","OFICINA DE TECNOLOGÍAS DE LA INFORMACIÓN Y LAS COMUNICACIONES","SI","BAJO","BAJO","BAJO","BAJO",1,1,1,3,"BAJO","NO",null,"PÚBLICA","No tiene excepción de acceso",null,"Información Pública de conocimiento General","No Aplica","2023-10-30","No Aplica "]
[628,"Gestión de TIC","ARCGIS","Software que permite recopilar, organizar, administrar, analizar, compartir y distribuir información geográfica.","2021-12-12",null,"Software Aplicaciones Informáticas ",null,null,null,null,null,null,null,null,"Jefe de Oficina de Unidad Especial Oficina de Tecnologías de la Información de las Comunicaciones","OFICINA DE TECNOLOGÍAS DE LA INFORMACIÓN Y LAS COMUNICACIONES","NO","BAJO",null,"BAJO","MEDIO",1,1,2,4,"MEDIO","NO",null,"PÚBLICA","No tiene excepción de acceso",null,"Información Pública de conocimiento General","No Aplica","2023-10-30","No Aplica "]
[629,"Gestión de TIC","Adobe","Suit de herramienta de software para diseño de contenido multimedia, pdf, pagina web entre otros.","2021-12-12",null,"Software Aplicaciones Informáticas ",null,null,null,null,null,null,null,null,"Jefe de Oficina de Unidad Especial Oficina de Tecnologías de la Información de las Comunicaciones","OFICINA DE TECNOLOGÍAS DE LA INFORMACIÓN Y LAS COMUNICACIONES","SI","BAJO","BAJO","BAJO","BAJO",1,1,1,3,"BAJO","NO",null,"PÚBLICA","No tiene excepción de acceso",null,"Información Pública de conocimiento General","No Aplica","2023-10-30","No Aplica "]
[630,"Gestión de TIC","Autodesk","Suit de herramienta de software para generación de planos, nube de puntos y proyectos de ingeniería.","2021-12-12",null,"Software Aplicaciones Informáticas ",null,null,null,null,null,null,null,null,"Jefe de Oficina de Unidad Especial Oficina de Tecnologías de la Información de las Comunicaciones","OFICINA DE TECNOLOGÍAS DE LA INFORMACIÓN Y LAS COMUNICACIONES","SI","MEDIO","BAJO","BAJO","BAJO",2,1,1,4,"MEDIO","NO",null,"CLASIFICADA",null,null," ",null,"2023-10-30"," "]
[631,"Gestión de TIC","Stata","Herramienta de software de análisis cuantitativo.","2021-12-12",null,"Software Aplicaciones Informáticas ",null,null,null,null,null,null,null,null,"Jefe de Oficina de Unidad Especial Oficina de Tecnologías de la Información de las Comunicaciones","OFICINA DE TECNOLOGÍAS DE LA INFORMACIÓN Y LAS COMUNICACIONES","SI","MEDIO","MEDIO","BAJO","BAJO",2,1,1,4,"MEDIO","NO",null,"CLASIFICADA",null,null," ",null,"2023-10-30"," "]
[632,"Gestión de TIC","Nvivo","Herramienta de software de análisis cualitativo.","2021-12-12",null,"Software Aplicaciones Informáticas ",null,null,null,null,null,null,null,null,"Jefe de Oficina de Unidad Especial Oficina de Tecnologías de la Información de las Comunicaciones","OFICINA DE TECNOLOGÍAS DE LA INFORMACIÓN Y LAS COMUNICACIONES","SI","MEDIO","MEDIO","BAJO","BAJO",2,1,1,4,"MEDIO","NO",null,"CLASIFICADA",null,null," ",null,"2023-10-30"," "]
[633,"Gestión de TIC","PIX4D","Herramienta de software de fotogrametría de imágenes de drones.","2021-12-12",null,"Software Aplicaciones Informáticas ",null,null,null,null,null,null,null,null,"Jefe de Oficina de Unidad Especial Oficina de Tecnologías de la Información de las Comunicaciones","OFICINA DE TECNOLOGÍAS DE LA INFORMACIÓN Y LAS COMUNICACIONES","SI","MEDIO","MEDIO","BAJO","BAJO",2,1,1,4,"MEDIO","NO",null,"CLASIFICADA",null,null," ",null,"2023-10-30"," "]
[634,"Gestión de TIC","LeanKit","Software para manejar proyectos, programas y portafolio de proyectos.","2021-12-12",null,"Software Aplicaciones Informáticas ",null,null,null,null,null,null,null,null,"Jefe de Oficina de Unidad Especial Oficina de Tecnologías de la Información de las Comunicaciones","OFICINA DE TECNOLOGÍAS DE LA INFORMACIÓN Y LAS COMUNICACIONES","SI","BAJO","MEDIO","MEDIO","BAJO",2,2,1,5,"MEDIO","NO",null,"CLASIFICADA",null,null," ",null,"2023-10-30"," "]
[635,"Gestión de TIC","Project Place","Software para manejar proyectos, programas y portafolio de proyectos.","2021-12-12",null,"Software Aplicaciones Informáticas ",null,null,null,null,null,null,null,null,"Jefe de Oficina de Unidad Especial Oficina de Tecnologías de la Información de las Comunicaciones","OFICINA DE TECNOLOGÍAS DE LA INFORMACIÓN Y LAS COMUNICACIONES","SI","BAJO","MEDIO","MEDIO","BAJO",2,2,1,5,"MEDIO","NO",null,"CLASIFICADA",null,null," ",null,"2023-10-30"," "]
[636,"Gestión de TIC","DLP - END POINT PROTECTOR","Herramienta de ciberseguridad de Prevención de Perdida de Datos","2021-12-12",null,"Software Aplicaciones Informáticas ",null,null,null,null,null,null,null,null,"Jefe de Oficina de Unidad Especial Oficina de Tecnologías de la Información de las Comunicaciones","OFICINA DE TECNOLOGÍAS DE LA INFORMACIÓN Y LAS COMUNICACIONES","SI","ALTO","ALTO","MEDIO","BAJO",3,2,1,6,"MEDIO","NO",null,"RESERVADA",null,null," ",null,"2023-10-30"," "]
[637,"Gestión de TIC","Trellix Cifrado","Herramienta de ciberseguridad para cifrado de archivos, discos y dispositivos de almacenamiento externo, antes McAfee End Point Protector","2021-12-12",null,"Software Aplicaciones Informáticas ",null,null,null,null,null,null,null,null,"Jefe de Oficina de Unidad Especial Oficina de Tecnologías de la Información de las Comunicaciones","OFICINA DE TECNOLOGÍAS DE LA INFORMACIÓN Y LAS COMUNICACIONES","SI","BAJO","BAJO","MEDIO","BAJO",1,2,1,4,"MEDIO","NO",null,"PÚBLICA","No tiene excepción de acceso",null,"Información Pública de conocimiento General","No Aplica","2023-10-30","No Aplica "]
[638,"Gestión de TIC","MDM Control de IPads","Herramienta de ciberseguridad para gestión de controles de seguridad en Ipads","2021-12-12",null,"Software Aplicaciones Informáticas ",null,null,null,null,null,null,null,null,"Jefe de Oficina de Unidad Especial Oficina de Tecnologías de la Información de las Comunicaciones","OFICINA DE TECNOLOGÍAS DE LA INFORMACIÓN Y LAS COMUNICACIONES","SI","MEDIO","MEDIO","MEDIO","BAJO",2,2,1,5,"MEDIO","NO",null,"CLASIFICADA",null,null," ",null,"2023-10-30"," "]
[639,"Gestión de TIC","Herramienta de Seguridad Blancco - Borrado Seguro","Herramienta de ciberseguridad para borrado seguro de información","2021-12-12",null,"Software Aplicaciones Informáticas ",null,null,null,null,null,null,null,null,"Jefe de Oficina de Unidad Especial Oficina de Tecnologías de la Información de las Comunicaciones","OFICINA DE TECNOLOGÍAS DE LA INFORMACIÓN Y LAS COMUNICACIONES","SI","BAJO","BAJO","MEDIO","BAJO",1,2,1,4,"MEDIO","NO",null,"PÚBLICA","No tiene excepción de acceso",null,"Información Pública de conocimiento General","No Aplica","2023-10-30","No Aplica "]
[640,"Gestión de TIC","Isolution","Herramienta de gestión del SSI","2021-12-12",null,"Software Aplicaciones Informáticas ",null,null,null,null,null,null,null,null,"Jefe de Oficina de Unidad Especial Oficina de Tecnologías de la Información de las Comunicaciones","OFICINA DE TECNOLOGÍAS DE LA INFORMACIÓN Y LAS COMUNICACIONES","SI","MEDIO","MEDIO","BAJO","BAJO",2,1,1,4,"MEDIO","NO",null,"CLASIFICADA",null,null," ",null,"2023-10-30"," "]
[641,"Gestión de TIC","Servidores Virtuales","Directorio Activo\nWSUS\nDHCP\nNDDPRINT","2021-12-12",null,"Software Aplicaciones Informáticas ",null,null,null,null,null,null,null,null,"Jefe de Oficina de Unidad Especial Oficina de Tecnologías de la Información de las Comunicaciones","OFICINA DE TECNOLOGÍAS DE LA INFORMACIÓN Y LAS COMUNICACIONES","NO","MEDIO",null,"MEDIO","ALTO",2,2,3,7,"MEDIO","NO",null,"CLASIFICADA",null,null," ",null,"2023-10-30"," "]
[642,"Gestión de TIC","PDF Element","Herramenta para el manejo de documentos en formato PDF","2021-12-12",null,"Software Aplicaciones Informáticas ",null,null,null,null,null,null,null,null,"Jefe de Oficina de Unidad Especial Oficina de Tecnologías de la Información de las Comunicaciones","OFICINA DE TECNOLOGÍAS DE LA INFORMACIÓN Y LAS COMUNICACIONES","NO","BAJO",null,"BAJO","BAJO",1,1,1,3,"BAJO","NO",null,"PÚBLICA","No tiene excepción de acceso",null,"Información Pública de conocimiento General","No Aplica","2023-10-30","No Aplica "]
[643,"Gestión de TIC","Formularios de registro de solicitudes de Busqueda","Herramienta para la captura y almacenamiento de información de los registros de solicitudes de búsqueda","2021-12-12",null,"Software Aplicaciones Informáticas ",null,null,null,null,null,null,null,null,"Jefe de Oficina de Unidad Especial Oficina de Tecnologías de la Información de las Comunicaciones","OFICINA DE TECNOLOGÍAS DE LA INFORMACIÓN Y LAS COMUNICACIONES","NO","MEDIO",null,"MEDIO","ALTO",2,2,3,7,"MEDIO","NO",null,"CLASIFICADA",null,null," ",null,"2023-10-30"," "]
[644,"Gestión de TIC","Plataformas tecnológicas opensource utilizadas para el desarrollo de software en la UBPD","Programas y aplicativos utilizados para desarrollos internos en la organización, los cuales son:\nKobo Toolbox - Conjunto de herramientas para la recopilación de datos Knime - Plataforma de minería de datos que permite el desarrollo de modelos en un entorno visual.\nElasticsearch - Servidor de búsqueda Metabase - Generador de informes Apache kafka - Plataforma distribudia que permite publicar, almacenar y procesar flujos de registros Apache Camel - Framework Java enfocado en hacer la integración de software más fácil y accesible Django - Framework de desarrollo escrito en lenguaje python React - Biblioteca de javascript diseñada para crear interfaces de usuario UiPath Community - Framework para automatización de tareas","2021-12-12",null,"Software Aplicaciones Informáticas ",null,null,null,null,null,null,null,null,"Jefe de Oficina de Unidad Especial Oficina de Tecnologías de la Información de las Comunicaciones","OFICINA DE TECNOLOGÍAS DE LA INFORMACIÓN Y LAS COMUNICACIONES","SI","MEDIO","MEDIO","MEDIO","ALTO",2,2,3,7,"MEDIO","NO",null,"CLASIFICADA",null,null," ",null,"2023-10-30"," "]
[645,"Gestión de TIC","Azure DevOps","Plataforma para la planeación, administración e implementación de aplicaciones.","2021-12-12",null,"Software Aplicaciones Informáticas ",null,null,null,null,null,null,null,null,"Jefe de Oficina de Unidad Especial Oficina de Tecnologías de la Información de las Comunicaciones","OFICINA DE TECNOLOGÍAS DE LA INFORMACIÓN Y LAS COMUNICACIONES","NO","MEDIO",null,"MEDIO","MEDIO",2,2,2,6,"MEDIO","NO",null,"CLASIFICADA",null,null," ",null,"2023-10-30"," "]
[646,"Gestión de TIC","Intranet","Pagína interna de la UBPD para compartir información, contenido, herramientas o servicios a los servidorxs y contratistas.","2021-12-12",null,"Software Aplicaciones Informáticas ",null,null,null,null,null,null,null,null,"Jefe de Oficina de Unidad Especial Oficina de Tecnologías de la Información de las Comunicaciones","OFICINA DE TECNOLOGÍAS DE LA INFORMACIÓN Y LAS COMUNICACIONES","NO","BAJO",null,"MEDIO","BAJO",1,2,1,4,"MEDIO","NO",null,"PÚBLICA","No tiene excepción de acceso",null,"Información Pública de conocimiento General","No Aplica","2023-10-30","No Aplica "]
[647,"Gestión de TIC","Página Web","Página externa con información de la UBPD de interes público","2021-12-12",null,"Software Aplicaciones Informáticas ",null,null,null,null,null,null,null,null,"Jefe de Oficina de Unidad Especial Oficina de Tecnologías de la Información de las Comunicaciones","OFICINA DE TECNOLOGÍAS DE LA INFORMACIÓN Y LAS COMUNICACIONES","NO","BAJO",null,"ALTO","MEDIO",1,3,2,6,"MEDIO","NO",null,"PÚBLICA","No tiene excepción de acceso",null,"Información Pública de conocimiento General","No Aplica","2023-10-30","No Aplica "]
[648,"Gestión de TIC","Busquemos","Sistema de Información Misional de la UBPD","2021-12-12",null,"Software Aplicaciones Informáticas ",null,null,null,null,null,null,null,null,"Jefe de Oficina de Unidad Especial Oficina de Tecnologías de la Información de las Comunicaciones","OFICINA DE TECNOLOGÍAS DE LA INFORMACIÓN Y LAS COMUNICACIONES","NO","MEDIO",null,"ALTO","ALTO",2,3,3,8,"ALTO","NO",null,"CLASIFICADA",null,null," ",null,"2023-10-30"," "]
[649,"Gestión de TIC","EDR","Solución antivirus para los equipos de computo, dispositivos móviles y servidores","2021-12-12",null,"Software Aplicaciones Informáticas ",null,null,null,null,null,null,null,null,"Jefe de Oficina de Unidad Especial Oficina de Tecnologías de la Información de las Comunicaciones","OFICINA DE TECNOLOGÍAS DE LA INFORMACIÓN Y LAS COMUNICACIONES","NO","BAJO",null,"BAJO","MEDIO",1,1,2,4,"MEDIO","NO",null,"PÚBLICA","No tiene excepción de acceso",null,"Información Pública de conocimiento General","No Aplica","2023-10-30","No Aplica "]
[650,"Gestión de TIC","Canales de Internet y Datos de la UBPD","Servicio de red de comunicaciones usado para consultar, descargar o transferir información.","2021-12-12",null,"Hardware / Infraestructura",null,null,null,null,null,null,null,null,"Jefe de Oficina de Unidad Especial Oficina de Tecnologías de la Información de las Comunicaciones","OFICINA DE TECNOLOGÍAS DE LA INFORMACIÓN Y LAS COMUNICACIONES","SI","MEDIO","MEDIO","MEDIO","ALTO",2,2,3,7,"MEDIO","NO",null,"CLASIFICADA",null,null," ",null,"2023-10-30"," "]
[651,"Gestión de TIC","Firewall","Dispositivo de seguridad usado para monitorear y gestionar el tráfico de red entrante y saliente permitiéndolo o bloqueándolo de acuerdo a un conjunto de reglas definidas.","2021-12-12",null,"Hardware / Infraestructura",null,null,null,null,null,null,null,null,"Jefe de Oficina de Unidad Especial Oficina de Tecnologías de la Información de las Comunicaciones","OFICINA DE TECNOLOGÍAS DE LA INFORMACIÓN Y LAS COMUNICACIONES","SI","BAJO","BAJO","MEDIO","ALTO",1,2,3,6,"MEDIO","NO",null,"PÚBLICA","No tiene excepción de acceso",null,"Información Pública de conocimiento General","No Aplica","2023-10-30","No Aplica "]
[652,"Gestión de TIC","Servidores Físicos","Territorial - Gestión interna de usuarios","2021-12-12",null,"Hardware / Infraestructura",null,null,null,null,null,null,null,null,"Jefe de Oficina de Unidad Especial Oficina de Tecnologías de la Información de las Comunicaciones","OFICINA DE TECNOLOGÍAS DE LA INFORMACIÓN Y LAS COMUNICACIONES","NO","MEDIO",null,"ALTO","ALTO",2,3,3,8,"ALTO","NO",null,"CLASIFICADA",null,null," ",null,"2023-10-30"," "]
[653,"Gestión de TIC","Dispositivos de Video Conferencia","Equipos usados para la realización de video conferencias","2021-12-12",null,"Hardware / Infraestructura",null,null,null,null,null,null,null,null,"Jefe de Oficina de Unidad Especial Oficina de Tecnologías de la Información de las Comunicaciones","OFICINA DE TECNOLOGÍAS DE LA INFORMACIÓN Y LAS COMUNICACIONES","NO","BAJO",null,"BAJO","MEDIO",1,1,2,4,"MEDIO","NO",null,"PÚBLICA","No tiene excepción de acceso",null,"Información Pública de conocimiento General","No Aplica","2023-10-30","No Aplica "]
[654,"Gestión de TIC","Dispositivos de almacenamiento externos seguros","Discos Duros cifrados\nMemorias USB cifradas","2021-12-12",null,"Hardware / Infraestructura",null,null,null,null,null,null,null,null,"Jefe de Oficina de Unidad Especial Oficina de Tecnologías de la Información de las Comunicaciones","OFICINA DE TECNOLOGÍAS DE LA INFORMACIÓN Y LAS COMUNICACIONES","NO","MEDIO",null,"ALTO","MEDIO",{"$f":"IF(OR($S661=\"ALTO\",$S661=\"SIN CLASIFICAR\",$T661=\"ALTO\",$T661=\"SIN CLASIFICAR\"), 3,       IF(OR($S661=\"MEDIO\",$T661=\"MEDIO\"),   2,         IF(OR($S661=\"BAJO\",$T661=\"BAJO\"),  1,     \" \")))","v":2},{"$f":"IF($U661=\"ALTO\",3,IF($U661=\"MEDIO\",2,IF($U661=\"BAJO\",1,IF($U661=\"SIN CLASIFICAR\",3,\" \"))))","v":3},{"$f":"IF($V661=\"ALTO\",3,IF($V661=\"MEDIO\",2,IF($V661=\"BAJO\",1,IF($V661=\"SIN CLASIFICAR\",3,\" \"))))","v":2},{"$f":"SUM(Table54[[#This Row],[automáticamente se procede a calificar el activo]:[Column6]])","v":7},{"$f":"IF(AND($S661=\"\",$U661=\"\",$V661=\"\", $T661=\"\"), \"\",   IF($Z661<=3,  \"BAJO\",       IF(AND(OR($S661=\"ALTO\",$S661=\"SIN CLASIFICAR\",$T661=\"ALTO\",$T661=\"SIN CLASIFICAR\"),$U661=\"ALTO\",$Z661=7),  \"ALTO\",       IF(AND(OR($T661=\"ALTO\",$S661=\"ALTO\"),$V661=\"ALTO\",$Z661=7),  \"ALTO\",     IF(AND($U661=\"ALTO\",$V661=\"ALTO\",$Z661=7),    \"ALTO\",     IF($Z661>=8,\"ALTO\",\"MEDIO\"))))))","v":"MEDIO"},"NO","Dato Semiprivado",{"$f":"IF(AND($S89=\"\",$T89=\"\"),\"\",     IF($W89=3,  \"RESERVADA\",          IF($W89=2,\"CLASIFICADA\",\"PÚBLICA\")))","v":"CLASIFICADA"},"El derecho de toda persona a la intimidad, bajo las limitaciones propias que impone la condición de servidor publico, en concordancia con lo estipulado por el artículo 24 de la Ley 1437 de 2011.",null,"Información exceptuada por daño de derechos a personas naturales o jurídicas.\n Articulo 18 Ley 1712 de 2014\nLos que involucren derechos a la privacidad e intimidad de las personas, incluidas en las hojas de vida, la historia laboral y los expedientes pensionales y demás registros de personal que obren en los archivos de las instituciones públicas o privadas, así como la historia clínica, salvo que sean solicitados por los propios interesados o por sus apoderados con facultad expresa para acceder a esa información.\n","Parcial","2023-11-20","Ilimitada, y no deberán aplicarse cuando la persona natural o jurídica ha consentido en la revelación de sus datos personales o privados o bien cuando es claro que la información fue entregada como parte de aquella información que debe estar bajo el régimen de publicidad aplicable"]
[655,"Gestión de TIC","Equipos de comunicación","Equipos de Comunicaciones y conmutación\nSwitch Core\nSwitches de Piso\nRouters Territoriales","2021-12-12",null,"Hardware / Infraestructura",null,null,null,null,null,null,null,null,"Jefe de Oficina de Unidad Especial Oficina de Tecnologías de la Información de las Comunicaciones","OFICINA DE TECNOLOGÍAS DE LA INFORMACIÓN Y LAS COMUNICACIONES","NO","MEDIO",null,"MEDIO","ALTO",2,2,3,7,"MEDIO","NO",null,"CLASIFICADA",null,null," ",null,"2023-10-30"," "]
[656,"Gestión de TIC","Equipos de computo","Equipos de computo asignados a los servidores, servidoras y contratistas para la ejecución de sus actividades","2021-12-12",null,"Hardware / Infraestructura",null,null,null,null,null,null,null,null,"Jefe de Oficina de Unidad Especial Oficina de Tecnologías de la Información de las Comunicaciones","OFICINA DE TECNOLOGÍAS DE LA INFORMACIÓN Y LAS COMUNICACIONES","NO","MEDIO",null,"MEDIO","MEDIO",2,2,2,6,"MEDIO","NO",null,"CLASIFICADA",null,null," ",null,"2023-10-30"," "]
[657,"Gestión de TIC","Plotter","Equipo utilizado para impresiones de gran formato","2021-12-12",null,"Hardware / Infraestructura",null,null,null,null,null,null,null,null,"Jefe de Oficina de Unidad Especial Oficina de Tecnologías de la Información de las Comunicaciones","OFICINA DE TECNOLOGÍAS DE LA INFORMACIÓN Y LAS COMUNICACIONES","NO","MEDIO",null,"BAJO","MEDIO",2,1,2,5,"MEDIO","NO",null,"CLASIFICADA",null,null," ",null,"2023-10-30"," "]
[658,"Gestión de TIC","SISTEMA DE ALMACENAMIENTO","NAS - Dispositivo de almacenamiento en red","2021-12-12",null,"Hardware / Infraestructura",null,null,null,null,null,null,null,null,"Jefe de Oficina de Unidad Especial Oficina de Tecnologías de la Información de las Comunicaciones","OFICINA DE TECNOLOGÍAS DE LA INFORMACIÓN Y LAS COMUNICACIONES","NO","BAJO",null,"BAJO","MEDIO",1,1,2,4,"MEDIO","NO",null,"PÚBLICA","No tiene excepción de acceso",null,"Información Pública de conocimiento General","No Aplica","2023-10-30","No Aplica "]
[659,"Gestión de TIC","Memoria Cifrada","Memorias cifradas con acceso por contraseña que protegen la información almacenada","2021-12-12",null,"Hardware / Infraestructura",null,null,null,null,null,null,null,null,"Jefe de Oficina de Unidad Especial Oficina de Tecnologías de la Información de las Comunicaciones","OFICINA DE TECNOLOGÍAS DE LA INFORMACIÓN Y LAS COMUNICACIONES",null,"MEDIO",null,"ALTO","BAJO",2,3,1,6,"MEDIO","NO",null,"CLASIFICADA",null,null," ",null,"2023-10-30"," "]
[660,"Gestión de TIC","Servicio Impresión","Servicio que monitorea y controla la impresión de los colaboradores de la entidad.","2021-12-12",null,"Servicios",null,null,null,null,null,null,null,null,"Jefe de Oficina de Unidad Especial Oficina de Tecnologías de la Información de las Comunicaciones","OFICINA DE TECNOLOGÍAS DE LA INFORMACIÓN Y LAS COMUNICACIONES","SI","MEDIO","MEDIO","BAJO","BAJO",2,1,1,4,"MEDIO","NO",null,"CLASIFICADA",null,null," ",null,"2023-10-30"," "]
[661,"Gestión de TIC","Servicio de DA en Servidores Sedes territoriales","Servicio de DA en Servidores territoriales para la replicación de DA y servicio de impresión en sedes territoriales.","2021-12-12",null,"Servicios",null,null,null,null,null,null,null,null,"Jefe de Oficina de Unidad Especial Oficina de Tecnologías de la Información de las Comunicaciones","OFICINA DE TECNOLOGÍAS DE LA INFORMACIÓN Y LAS COMUNICACIONES","SI","BAJO","MEDIO","MEDIO","ALTO",2,2,3,7,"MEDIO","NO",null,"CLASIFICADA",null,null," ",null,"2023-10-30"," "]
[662,"Gestión de TIC","Telefonía IP","Servicio que permite la comunicación a través de telefónica IP a los funcionarios de la UBPD.","2021-12-12",null,"Servicios",null,null,null,null,null,null,null,null,"Jefe de Oficina de Unidad Especial Oficina de Tecnologías de la Información de las Comunicaciones","OFICINA DE TECNOLOGÍAS DE LA INFORMACIÓN Y LAS COMUNICACIONES","SI","BAJO","BAJO","BAJO","BAJO",1,1,1,3,"BAJO","NO",null,"PÚBLICA","No tiene excepción de acceso",null,"Información Pública de conocimiento General","No Aplica","2023-10-30","No Aplica "]
[663,"Gestión de TIC","vLex Sw Jurídico","Suscripción a herramienta que consolida normas globales y nacionales en el ámbito jurídico","2021-12-12",null,"Servicios",null,null,null,null,null,null,null,null,"Jefe de Oficina de Unidad Especial Oficina de Tecnologías de la Información de las Comunicaciones","OFICINA DE TECNOLOGÍAS DE LA INFORMACIÓN Y LAS COMUNICACIONES","SI","BAJO","BAJO","BAJO","BAJO"," "," "," ",0,"BAJO","NO",null,"PÚBLICA","No tiene excepción de acceso",null,"Información Pública de conocimiento General","No Aplica","2023-10-30","No Aplica "]
[664,"Gestión de TIC","Mesa de Servicio","Servicio de soporte técnico de la infraestructura tecnologica de la UBPD","2021-12-12",null,"Servicios",null,null,null,null,null,null,null,null,"Jefe de Oficina de Unidad Especial Oficina de Tecnologías de la Información de las Comunicaciones","OFICINA DE TECNOLOGÍAS DE LA INFORMACIÓN Y LAS COMUNICACIONES","NO","MEDIO",null,"MEDIO","ALTO",2,2,3,7,"MEDIO","NO",null,"CLASIFICADA",null,null," ",null,"2023-10-30"," "]
[665,"Gestión de TIC","NOC","Servicio de monitoreo y analisis de eventos de red, servidores, equipos de comunicación, firewall, entre otros, con el fin de garantizar la disponibilidad de los mismos.","2021-12-12",null,"Servicios",null,null,null,null,null,null,null,null,"Jefe de Oficina de Unidad Especial Oficina de Tecnologías de la Información de las Comunicaciones","OFICINA DE TECNOLOGÍAS DE LA INFORMACIÓN Y LAS COMUNICACIONES","NO","BAJO",null,"MEDIO","ALTO",1,2,3,6,"MEDIO","NO",null,"PÚBLICA","No tiene excepción de acceso",null,"Información Pública de conocimiento General","No Aplica","2023-10-30","No Aplica "]
[666,"Gestión de TIC","Web Application Firewall","Dispositivo de seguridad usado para monitorear y gestionar el tráfico de red entrante y peticiones hacia las aplicaciones web de la UBPD","2022-12-12",null,"Hardware / Infraestructura",null,null,null,null,null,null,null,null,"Jefe de Oficina de Unidad Especial Oficina de Tecnologías de la Información de las Comunicaciones","OFICINA DE TECNOLOGÍAS DE LA INFORMACIÓN Y LAS COMUNICACIONES","NO","BAJO",null,"MEDIO","ALTO",1,2,3,6,"MEDIO","NO",null,"PÚBLICA","No tiene excepción de acceso",null,"Información Pública de conocimiento General","No Aplica","2023-10-30","No Aplica "]
[667,"Gestión de TIC","Herramientas de diseño de software","Herramientas usadas en el diseño de la arquitectura de software y el prototipado de interfaces gráficas.  Enterprise Architect:  Herramienta y repositorio de modelado y diseño de sofware a través del estándar UML.  Balsamiq: herramienta cloud de prototipado de interfaces gráficas ","2019-12-26",null,"Software Aplicaciones Informáticas ",null,null,null,null,null,null,null,null,"Jefe de Oficina de Unidad Especial Oficina de Tecnologías de la Información de las Comunicaciones","OFICINA DE TECNOLOGÍAS DE LA INFORMACIÓN Y LAS COMUNICACIONES","NO","MEDIO",null,"MEDIO","MEDIO",2,2,2,6,"MEDIO","NO",null,"CLASIFICADA",null,null," ",null,"2023-10-30"," "]
[668,"Gestión de TIC","Portal de datos de la UBPD","Herramienta de software desarrollada para la presenación de información pública de la UBPD, tal como Universo de Personas dadas por desaparecidas,  Registro Nacional de Fosas Cementerios Ilegales y sepulturas y Registro de Solicitues de Búsqueda.","2021-12-31",null,"Software Aplicaciones Informáticas ",null,null,null,null,null,null,null,null,"Jefe de Oficina de Unidad Especial Oficina de Tecnologías de la Información de las Comunicaciones","OFICINA DE TECNOLOGÍAS DE LA INFORMACIÓN Y LAS COMUNICACIONES","NO","BAJO",null,"MEDIO","MEDIO",1,2,2,5,"MEDIO","NO",null,"PÚBLICA","No tiene excepción de acceso",null,"Información Pública de conocimiento General","No Aplica","2023-10-30","No Aplica "]
[669,"Gestión de TIC","Herramientas de visualización de datos","Plataformas usadas para la presentación de datos tanto para uso interno como externo de la entidad.  Entre estas herramientas se encuentra Metabase, PowerBI y plataformas basadas en Dash.","2020-12-31",null,"Software Aplicaciones Informáticas ",null,null,null,null,null,null,null,null,"Jefe de Oficina de Unidad Especial Oficina de Tecnologías de la Información de las Comunicaciones","OFICINA DE TECNOLOGÍAS DE LA INFORMACIÓN Y LAS COMUNICACIONES","NO","MEDIO",null,"ALTO","ALTO",2,3,3,8,"ALTO","NO",null,"CLASIFICADA",null,null," ",null,"2023-10-30"," "]
[670,"Gestión de TIC","Plan","Plan detallado de las estrategias y acciones encaminadas a garantizar el Uso y Apropiación en Seguruad de la información en la entidad mediante contenidos distribuidos alrededor del año.","2023-04-26",null,"Información","Español","Digital; Electrónico","2023-04-26","Documento de Texto","Publicada","Por demanda","Archivos digitales","Contiene, calendarios, responsables, contenidos para su aplicación.","Jefe de Oficina de Unidad Especial Oficina de Tecnologías de la Información de las Comunicaciones","OFICINA DE TECNOLOGÍAS DE LA INFORMACIÓN Y LAS COMUNICACIONES","NO","BAJO",null,"BAJO","MEDIO",1,1,2,4,"MEDIO","NO",null,"PÚBLICA","No tiene excepción de acceso",null,"Información Pública de conocimiento General","No Aplica","2023-10-30","No Aplica "]
[671,"Gestión Documental","Comunicaciones oficiales enviadas","Documento de las Comunicaciones enviadas en desarrollo de las funciones asignadas legalmente, el cual se registra las actividades desarrolladas por las diferentes áreas de la UBPD.","2019-07-01",null,"Información","Español","Híbrido: Análogo - digital","2019-07-01","Documento PDF","No disponible, No publicada","Anual","Archivos digitales","Conforman un registro consecutivo del número de radicación de las comunicaciones oficiales enviadas administrado por el Grupo Interno de Gestión Documental.","Subdirector de Unidad Especial Subdirección Administrativa y Financiera","Grupo Interno de Trabajo de Gestión Documental","NO","BAJO",null,"BAJO","BAJO",1,1,1,3,"BAJO","NO",null,"PÚBLICA","No tiene excepción de acceso",null,"Información Pública de conocimiento General","No Aplica","2023-10-30","No Aplica "]
[672,"Gestión Documental","Acta de cierre anual de consecutivo de comunicaciones oficiales enviadas","Documento en el cual se registra el cierre de la vigencia y las novedades presentadas con las radicaciones de las comunicaciones oficiales.","2019-07-01",null,"Información","Español","Híbrido: Análogo - digital","2019-07-01","Documento PDF","No disponible, No publicada","Anual","Archivos digitales","Conforman un registro consecutivo del número de radicación de las comunicaciones oficiales enviadas administrado por el Grupo Interno de Gestión Documental.","Subdirector de Unidad Especial Subdirección Administrativa y Financiera","Grupo Interno de Trabajo de Gestión Documental","NO","BAJO",null,"BAJO","BAJO",1,1,1,3,"BAJO","NO",null,"PÚBLICA","No tiene excepción de acceso",null,"Información Pública de conocimiento General","No Aplica","2023-10-30","No Aplica "]
[673,"Gestión Documental","Copia de comunicaciones oficiales recibidas","Agrupación documental integrada por la copia de las comunicaciones oficiales recibidas de otras entidades y/o ciudadanía en general que se administran en la unidad de correspondencia de la entidad.","2022-09-07",null,"Información","Español","Híbrido: Análogo - digital","2022-09-07","Documento PDF","No disponible, No publicada","Anual","Archivos digitales","Conforman un registro consecutivo del número de radicación de las comunicaciones oficiales recibidas administrado por el Grupo Interno de Gestión Documental.","Subdirector de Unidad Especial Subdirección Administrativa y Financiera","Grupo Interno de Trabajo de Gestión Documental","SI","MEDIO","BAJO","BAJO","BAJO",2,1,1,4,"MEDIO","SI","Dato Privado","CLASIFICADA","El derecho de toda persona a la intimidad, bajo las limitaciones propias que impone la condición de servidor publico, en concordancia con lo estipulado por el artículo 24 de la Ley 1437 de 2011.",null,"Información exceptuada por daño de derechos a personas naturales o jurídicas.\n Articulo 18 Ley 1712 de 2014\nLos que involucren derechos a la privacidad e intimidad de las personas, incluidas en las hojas de vida, la historia laboral y los expedientes pensionales y demás registros de personal que obren en los archivos de las instituciones públicas o privadas, así como la historia clínica, salvo que sean solicitados por los propios interesados o por sus apoderados con facultad expresa para acceder a esa información.\n","Total","2023-10-09","Ilimitada, y no deberán aplicarse cuando la persona natural o jurídica ha consentido en la revelación de sus datos personales o privados o bien cuando es claro que la información fue entregada como parte de aquella información que debe estar bajo el régimen de publicidad aplicable"]
[674,"Gestión Documental","Actas cierre anual de consecutivo de comunicaciones oficiales recibidas","Documento en el cual se registra el cierre de la vigencia y las novedades presentadas con las radicaciones de las comunicaciones oficiales.","2022-09-07",null,"Información","Español","Híbrido: Análogo - digital","2022-09-07","Documento PDF","No disponible, No publicada","Anual","Archivos digitales","Conforman un registro consecutivo del número de radicación de las comunicaciones oficiales recibidas administrado por el Grupo Interno de Gestión Documental.","Subdirector de Unidad Especial Subdirección Administrativa y Financiera","Grupo Interno de Trabajo de Gestión Documental","NO","BAJO",null,"BAJO","BAJO",1,1,1,3,"BAJO","NO",null,"PÚBLICA","No tiene excepción de acceso",null,"Información Pública de conocimiento General","No Aplica","2023-10-30","No Aplica "]
[675,"Gestión Documental","Listado de números radicados anulados de comunicaciones recibidas","Documento que contiene el listado de los números consecutivos radicados recibidos anulados durante la vigencia ","2019-07-01",null,"Información","Español","Híbrido: Análogo - digital","2019-07-01","Documento PDF","No disponible, No publicada","Anual","Archivos digitales","Conforman un registro consecutivo del número de radicación de las comunicaciones oficiales recibidas administrado por el Grupo Interno de Gestión Documental.","Subdirector de Unidad Especial Subdirección Administrativa y Financiera","Grupo Interno de Trabajo de Gestión Documental","NO","BAJO",null,"BAJO","BAJO",1,1,1,3,"BAJO","NO",null,"PÚBLICA","No tiene excepción de acceso",null,"Información Pública de conocimiento General","No Aplica","2023-10-30","No Aplica "]
[676,"Gestión Documental","Solicitud de información","Documento que contiene la solicitud realizadas por una persona natural o juridica de un tema de competencia de la UBPD","2019-10-08",null,"Información","Español","Híbrido: Análogo - digital","2019-10-08","Documento PDF","Disponible a solicitud","Diario","Sistemas de información","Agrupación documental integrada por las comunicaciones dirigidas a la UBPD en las que se realiza una petición, queja, reclamo, sugerencia o denuncia en relación con las funciones que cumple la Dirección General, la cual por su naturaleza debe ser analizada y tramitada en los términos dictados por la ley.","Subdirector de Unidad Especial Subdirección Administrativa y Financiera","Grupo Interno de Trabajo de Gestión Documental","SI","MEDIO","MEDIO","MEDIO","MEDIO",2,2,2,6,"MEDIO","SI","Dato Privado","CLASIFICADA","El derecho de toda persona a la intimidad, bajo las limitaciones propias que impone la condición de servidor publico, en concordancia con lo estipulado por el artículo 24 de la Ley 1437 de 2011.",null,"Información exceptuada por daño de derechos a personas naturales o jurídicas.\n Articulo 18 Ley 1712 de 2014\nLos que involucren derechos a la privacidad e intimidad de las personas, incluidas en las hojas de vida, la historia laboral y los expedientes pensionales y demás registros de personal que obren en los archivos de las instituciones públicas o privadas, así como la historia clínica, salvo que sean solicitados por los propios interesados o por sus apoderados con facultad expresa para acceder a esa información.\n","Total","2023-10-09","Ilimitada, y no deberán aplicarse cuando la persona natural o jurídica ha consentido en la revelación de sus datos personales o privados o bien cuando es claro que la información fue entregada como parte de aquella información que debe estar bajo el régimen de publicidad aplicable"]
[677,"Gestión Documental","Respuesta a peticiones","Contiene el documento la respuesta dada por la entidad sobre la solicitud","2019-10-08",null,"Información","Español","Híbrido: Análogo - digital","2019-10-08","Documento PDF","Disponible a solicitud","Diario","Sistemas de información","Agrupación documental integrada por las comunicaciones dirigidas a la UBPD en las que se realiza una petición, queja, reclamo, sugerencia o denuncia en relación con las funciones que cumple la Dirección General, la cual por su naturaleza debe ser analizada y tramitada en los términos dictados por la ley.","Subdirector de Unidad Especial Subdirección Administrativa y Financiera","Grupo Interno de Trabajo de Gestión Documental","SI","MEDIO","MEDIO","MEDIO","MEDIO",2,2,2,6,"MEDIO","SI","Dato Privado","CLASIFICADA","El derecho de toda persona a la intimidad, bajo las limitaciones propias que impone la condición de servidor publico, en concordancia con lo estipulado por el artículo 24 de la Ley 1437 de 2011.",null,"Información exceptuada por daño de derechos a personas naturales o jurídicas.\n Articulo 18 Ley 1712 de 2014\nLos que involucren derechos a la privacidad e intimidad de las personas, incluidas en las hojas de vida, la historia laboral y los expedientes pensionales y demás registros de personal que obren en los archivos de las instituciones públicas o privadas, así como la historia clínica, salvo que sean solicitados por los propios interesados o por sus apoderados con facultad expresa para acceder a esa información.\n","Total","2023-10-09","Ilimitada, y no deberán aplicarse cuando la persona natural o jurídica ha consentido en la revelación de sus datos personales o privados o bien cuando es claro que la información fue entregada como parte de aquella información que debe estar bajo el régimen de publicidad aplicable"]
[678,"Gestión Documental","Banco Terminológico","Documento que permite la normalización de las series, subseries y tipos documentales a través de lenguajes controlados y estructuras terminológicas","2021-03-31",null,"Información","Español","Digital","2021-03-31","Hoja de calculo","Disponible a solicitud","Por demanda","Archivos digitales","Agrupación documental que contiene la normalización de las series, subseries y tipos documentales a través de lenguajes controlados y estructuras terminológicas","Subdirector de Unidad Especial Subdirección Administrativa y Financiera","Grupo Interno de Trabajo de Gestión Documental","NO","BAJO",null,"BAJO","BAJO",1,1,1,3,"BAJO","NO",null,"PÚBLICA","No tiene excepción de acceso",null,"Información Pública de conocimiento General","No Aplica","2023-10-30","No Aplica "]
[679,"Gestión Documental","Cuadro de clasificación documental","Documento que permite clasificar y describir los archivos en la conformación de las agrupaciones documentales. Se trata de un sistema que organiza la información y que permite situar sus documentos en sus relaciones para constituir expedientes","2022-09-07",null,"Información","Español","Digital","2022-09-07","Hoja de calculo","Publicada","Por demanda","Archivos digitales","La agrupación documental contiene una clasificación permite clasificar y describir los archivos en la conformación de las agrupaciones documentales. Se trata de un sistema que organiza intelectualmente la información y que permite situar sus documentos en sus relaciones para constituir expedientes.","Subdirector de Unidad Especial Subdirección Administrativa y Financiera","Grupo Interno de Trabajo de Gestión Documental","NO","BAJO",null,"BAJO","BAJO",1,1,1,3,"BAJO","NO",null,"PÚBLICA","No tiene excepción de acceso",null,"Información Pública de conocimiento General","No Aplica","2023-10-30","No Aplica "]
[680,"Gestión Documental","Inventario documental","Instrumento de recuperación de información que describe de manera exacta y precisa las series o asuntos del Archivo Central del fondo documental de la UBPD","2022-09-07",null,"Información","Español","Digital","2022-09-07","Hoja de calculo","Disponible a solicitud","Por demanda","Archivos digitales","La agrupación documental contiene la descripción de la información contenida en el fondo documental, con el fin de garantizar de forma precisa la recuperación y el acceso a la información y su consulta.","Subdirector de Unidad Especial Subdirección Administrativa y Financiera","Grupo Interno de Trabajo de Gestión Documental","NO","BAJO",null,"BAJO","BAJO",1,1,1,3,"BAJO","NO",null,"PÚBLICA","No tiene excepción de acceso",null,"Información Pública de conocimiento General","No Aplica","2023-10-30","No Aplica "]
[681,"Gestión Documental","Plan Institucional de Archivos - PINAR","El Plan institucional de Archivos es un instrumento archivístico que permite agrupar la planeación, seguimiento e implementación de aspectos relevantes de los procesos de gestión documental y administración de archivos en cumplimiento de las normas y directrices determinadas por el Archivo General de la Nación","2021-04-30",null,"Información","Español","Digital","2021-04-30","Documento PDF","Publicada","Por demanda","Archivos digitales","La agrupación documental PINAR es un instrumento archivístico el cual permite agrupar la planeación, seguimiento e implementación de aspectos relevantes de los procesos de gestión documental y administración de archivos en cumplimiento de las normas y directrices determinadas por el Archivo General de la Nación","Subdirector de Unidad Especial Subdirección Administrativa y Financiera","Grupo Interno de Trabajo de Gestión Documental","NO","BAJO",null,"BAJO","BAJO",1,1,1,3,"BAJO","NO",null,"PÚBLICA","No tiene excepción de acceso",null,"Información Pública de conocimiento General","No Aplica","2023-10-30","No Aplica "]
[682,"Gestión Documental","Programas de gestión documental – PGD","Este Documento establece los componentes de la Gestión Documental, desde la planeación, producción, gestión, trámite, organización, transferencias y disposición final de los documentos generados por cada una de las dependencias que conforman la Unidad. ","2021-04-30",null,"Información","Español","Digital","2021-04-30","Documento PDF","Publicada","Por demanda","Portales web propios","La agrupación documental PGD es un instrumento archivístico el cual permite establecer los componentes de la Gestión Documental, desde la planeación, producción, gestión, trámite, organización, transferencias y disposición final de los documentos generados por cada una de las dependencias que conforman la Unidad. Además, optimiza la trazabilidad de la información producida en las diferentes etapas del ciclo vital del documento independientemente del medio de registro y almacenamiento, atendiendo la necesidad de mejora continua del proceso de gestión documental.","Subdirector de Unidad Especial Subdirección Administrativa y Financiera","Grupo Interno de Trabajo de Gestión Documental","NO","BAJO",null,"BAJO","BAJO",1,1,1,3,"BAJO","NO",null,"PÚBLICA","No tiene excepción de acceso",null,"Información Pública de conocimiento General","No Aplica","2023-10-30","No Aplica "]
[683,"Gestión Documental","Acto administrativo de aprobación del Programa de Gestión Documental PGD","Documento que contiene la Aprobacion institucional del Programa de Gestión Documental de la UBPD","2021-04-30",null,"Información","Español","Digital","2021-04-30","Documento PDF","Publicada","Por demanda","Portales web propios","La agrupación documental PGD es un instrumento archivístico el cual permite establecer los componentes de la Gestión Documental, desde la planeación, producción, gestión, trámite, organización, transferencias y disposición final de los documentos generados por cada una de las dependencias que conforman la Unidad. Además, optimiza la trazabilidad de la información producida en las diferentes etapas del ciclo vital del documento independientemente del medio de registro y almacenamiento, atendiendo la necesidad de mejora continua del proceso de gestión documental.","Subdirector de Unidad Especial Subdirección Administrativa y Financiera","Grupo Interno de Trabajo de Gestión Documental","NO","BAJO",null,"BAJO","BAJO",1,1,1,3,"BAJO","NO",null,"PÚBLICA","No tiene excepción de acceso",null,"Información Pública de conocimiento General","No Aplica","2023-10-30","No Aplica "]
[684,"Gestión Documental","Tabla de control de acceso","Documento qu contiene identificación de las restricciones y permisos sobre los documentos por partes de los usuarios","2022-09-07",null,"Información","Español","Digital","2022-09-07","Hoja de calculo","Publicada","Por demanda","Portales web propios",null,"Subdirector de Unidad Especial Subdirección Administrativa y Financiera","Grupo Interno de Trabajo de Gestión Documental","NO","BAJO",null,"BAJO","BAJO",1,1,1,3,"BAJO","NO",null,"PÚBLICA","No tiene excepción de acceso",null,"Información Pública de conocimiento General","No Aplica","2023-10-30","No Aplica "]
[685,"Gestión Documental","Memoria descriptiva","Documento que indica cuáles fueron los criterios tales como brindar información como mínimo sobre los siguientes aspectos:\nconformación de la estructura orgánica vigente; método de codificación del Cuadro\nde Clasificación Documental – CCD o de las Tablas de Retención Documental –\nTRD; indicaciones sobre diligenciamiento y lectura del formato de Tablas de\nRetención Documental – TRD; criterios generales con los que se determinaron los\ntiempos de retención y disposición final de series y subseries; indicaciones sobre\ncómo se harán los procesos de eliminación y reproducción por otros medios\ntecnológicos de series y subseries generales que la entidad estableció para determinar los tiempos de retención y la disposición final de series y subseries documentales registradas en las Tablas de Retención Documental - TRD.","2022-07-09",null,"Información","Español","Digital","2022-07-09","Documento PDF","Disponible a solicitud","Por demanda","Archivos digitales","La agrupación documental se define como el listado de series, con sus correspondientes tipos Documentales, a las cuales se asigna el tiempo de permanencia en cada etapa del ciclo vital de los documentos, es decir se considera como el Instrumento que permite establecer cuáles son los documentos de la UBPD, su necesidad e importancia en términos de tiempo de conservación y preservación y que debe hacerse con ellos una vez finalice su vigencia o utilidad.","Subdirector de Unidad Especial Subdirección Administrativa y Financiera","Grupo Interno de Trabajo de Gestión Documental","NO","BAJO",null,"BAJO","BAJO",1,1,1,3,"BAJO","NO",null,"PÚBLICA","No tiene excepción de acceso",null,"Información Pública de conocimiento General","No Aplica","2023-10-30","No Aplica "]
[686,"Gestión Documental","Tablas de retención documental","Listado de series, con sus correspondientes tipos Documentales, a las cuales se asigna el tiempo de permanencia en cada etapa del ciclo vital de los documentos, es decir se considera como el Instrumento que permite establecer cuáles son los documentos de la UBPD, su necesidad e importancia en términos de tiempo de conservación y preservación y que debe hacerse con ellos una vez finalice su vigencia o utilidad.","2022-07-09",null,"Información","Español","Digital","2022-07-09","Documento PDF","Publicada","Por demanda","Portales web propios","La agrupación documental se define como el listado de series, con sus correspondientes tipos Documentales, a las cuales se asigna el tiempo de permanencia en cada etapa del ciclo vital de los documentos, es decir se considera como el Instrumento que permite establecer cuáles son los documentos de la UBPD, su necesidad e importancia en términos de tiempo de conservación y preservación y que debe hacerse con ellos una vez finalice su vigencia o utilidad.","Subdirector de Unidad Especial Subdirección Administrativa y Financiera","Grupo Interno de Trabajo de Gestión Documental","NO","BAJO",null,"BAJO","BAJO",1,1,1,3,"BAJO","NO",null,"PÚBLICA","No tiene excepción de acceso",null,"Información Pública de conocimiento General","No Aplica","2023-10-30","No Aplica "]
[687,"Gestión Documental","Acto administrativo de aprobación de las TRD","Documento interno mediante el cual el comité de gestión de la entidad aprueba las Tablas de Retención Documental ","2022-04-06",null,"Información","Español","Digital","2022-04-06","Documento PDF","Disponible a solicitud","No aplica","Archivos digitales","La agrupación documental se define como el listado de series, con sus correspondientes tipos Documentales, a las cuales se asigna el tiempo de permanencia en cada etapa del ciclo vital de los documentos, es decir se considera como el Instrumento que permite establecer cuáles son los documentos de la UBPD, su necesidad e importancia en términos de tiempo de conservación y preservación y que debe hacerse con ellos una vez finalice su vigencia o utilidad.","Subdirector de Unidad Especial Subdirección Administrativa y Financiera","Grupo Interno de Trabajo de Gestión Documental","NO","BAJO",null,"BAJO","BAJO",1,1,1,3,"BAJO","NO",null,"PÚBLICA","No tiene excepción de acceso",null,"Información Pública de conocimiento General","No Aplica","2023-10-30","No Aplica "]
[688,"Gestión Documental","Comunicaciones oficiales – solicitud de convalidación","Comunicación Oficial con la que se remite las tablas de retencion documental al AGN para proceso de convalidación","2022-12-16",null,"Información","Español","Híbrido: Análogo - digital","2022-12-16","Documento PDF","Disponible a solicitud","No aplica","Archivos digitales","La agrupación documental se define como el listado de series, con sus correspondientes tipos Documentales, a las cuales se asigna el tiempo de permanencia en cada etapa del ciclo vital de los documentos, es decir se considera como el Instrumento que permite establecer cuáles son los documentos de la UBPD, su necesidad e importancia en términos de tiempo de conservación y preservación y que debe hacerse con ellos una vez finalice su vigencia o utilidad.","Subdirector de Unidad Especial Subdirección Administrativa y Financiera","Grupo Interno de Trabajo de Gestión Documental","SI","BAJO","BAJO","BAJO","BAJO",1,1,1,3,"BAJO","NO",null,"PÚBLICA","No tiene excepción de acceso",null,"Información Pública de conocimiento General","No Aplica","2023-10-30","No Aplica "]
[689,"Gestión Documental","Conceptos Técnicos","Documento que Contiene la Evaluacion Tecnica de las Tablas de Retencion Documental que realiza el Archivo General de la Nacion.","2022-09-02",null,"Información","Español","Híbrido: Análogo - digital","2022-09-02","Documento PDF","Disponible a solicitud","Por demanda","Archivos digitales","La agrupación documental se define como el listado de series, con sus correspondientes tipos Documentales, a las cuales se asigna el tiempo de permanencia en cada etapa del ciclo vital de los documentos, es decir se considera como el Instrumento que permite establecer cuáles son los documentos de la UBPD, su necesidad e importancia en términos de tiempo de conservación y preservación y que debe hacerse con ellos una vez finalice su vigencia o utilidad.","Subdirector de Unidad Especial Subdirección Administrativa y Financiera","Grupo Interno de Trabajo de Gestión Documental","SI","BAJO","BAJO","BAJO","BAJO",1,1,1,3,"BAJO","NO",null,"PÚBLICA","No tiene excepción de acceso",null,"Información Pública de conocimiento General","No Aplica","2023-10-30","No Aplica "]
[690,"Gestión Documental","Actas de mesa de trabajo","Documento que registra las reuniones efectuadas en el proceso de levantamiento de información para la elaboración de las Tablas de Retención Documental","2020-07-17",null,"Información","Español","Híbrido: Análogo - digital","2020-07-17","Documento PDF","Disponible a solicitud","No aplica","Archivos digitales","La agrupación documental se define como el listado de series, con sus correspondientes tipos Documentales, a las cuales se asigna el tiempo de permanencia en cada etapa del ciclo vital de los documentos, es decir se considera como el Instrumento que permite establecer cuáles son los documentos de la UBPD, su necesidad e importancia en términos de tiempo de conservación y preservación y que debe hacerse con ellos una vez finalice su vigencia o utilidad.","Subdirector de Unidad Especial Subdirección Administrativa y Financiera","Grupo Interno de Trabajo de Gestión Documental","NO","BAJO",null,"BAJO","BAJO",1,1,1,3,"BAJO","NO",null,"PÚBLICA","No tiene excepción de acceso",null,"Información Pública de conocimiento General","No Aplica","2023-10-30","No Aplica "]
[691,"Gestión Documental","Actas de precomité evaluador de documentos","Documento que registra las reuniones efectuadas con el precomité evaluador de documentos del Archivo General de la Nación en el proceso de convalidación de las Tablas de Retención Documental","2022-06-16",null,"Información","Español","Híbrido: Análogo - digital","2022-06-16","Documento PDF","Disponible a solicitud","No aplica","Archivos digitales","La agrupación documental se define como el listado de series, con sus correspondientes tipos Documentales, a las cuales se asigna el tiempo de permanencia en cada etapa del ciclo vital de los documentos, es decir se considera como el Instrumento que permite establecer cuáles son los documentos de la UBPD, su necesidad e importancia en términos de tiempo de conservación y preservación y que debe hacerse con ellos una vez finalice su vigencia o utilidad.","Subdirector de Unidad Especial Subdirección Administrativa y Financiera","Grupo Interno de Trabajo de Gestión Documental","NO","BAJO",null,"BAJO","BAJO",1,1,1,3,"BAJO","NO",null,"PÚBLICA","No tiene excepción de acceso",null,"Información Pública de conocimiento General","No Aplica","2023-10-30","No Aplica "]
[692,"Gestión Documental","Acta Comité Evaluador de documentos.","Documento que registra las reuniones efectuadas con el Comité Evaluador de Documentos del Archivo General de la Nación en el proceso de convalidación de las Tablas de Retención Documental","2022-08-04",null,"Información","Español","Híbrido: Análogo - digital","2022-08-04","Documento PDF","Disponible a solicitud","No aplica","Archivos digitales","La agrupación documental se define como el listado de series, con sus correspondientes tipos Documentales, a las cuales se asigna el tiempo de permanencia en cada etapa del ciclo vital de los documentos, es decir se considera como el Instrumento que permite establecer cuáles son los documentos de la UBPD, su necesidad e importancia en términos de tiempo de conservación y preservación y que debe hacerse con ellos una vez finalice su vigencia o utilidad.","Subdirector de Unidad Especial Subdirección Administrativa y Financiera","Grupo Interno de Trabajo de Gestión Documental","NO","BAJO",null,"BAJO","BAJO",1,1,1,3,"BAJO","NO",null,"PÚBLICA","No tiene excepción de acceso",null,"Información Pública de conocimiento General","No Aplica","2023-10-30","No Aplica "]
[693,"Gestión Documental","Comunicación oficial de respuesta a concepto técnico del AGN","Comunicación oficial mediante la cual  se remiten ajustes de las tablas de retencion documental conforme al concepto técnico emitido por el Archivo General de la Nación en el proceso de convalidación","2022-03-29",null,"Información","Español","Híbrido: Análogo - digital","2022-03-29","Documento PDF","Disponible a solicitud","No aplica","Archivos digitales","La agrupación documental se define como el listado de series, con sus correspondientes tipos Documentales, a las cuales se asigna el tiempo de permanencia en cada etapa del ciclo vital de los documentos, es decir se considera como el Instrumento que permite establecer cuáles son los documentos de la UBPD, su necesidad e importancia en términos de tiempo de conservación y preservación y que debe hacerse con ellos una vez finalice su vigencia o utilidad.","Subdirector de Unidad Especial Subdirección Administrativa y Financiera","Grupo Interno de Trabajo de Gestión Documental","SI","BAJO","BAJO","BAJO","BAJO",1,1,1,3,"BAJO","NO",null,"PÚBLICA","No tiene excepción de acceso",null,"Información Pública de conocimiento General","No Aplica","2023-10-30","No Aplica "]
[694,"Gestión Documental","Certificación de convalidación de TRD","Documento mediante el cual el Archivo General de la Nación certifica la convalidación de las Tablas de Retención Documental de la entidad","2022-09-07",null,"Información","Español","Híbrido: Análogo - digital","2022-09-07","Documento PDF","Disponible a solicitud","No aplica","Archivos digitales","La agrupación documental se define como el listado de series, con sus correspondientes tipos Documentales, a las cuales se asigna el tiempo de permanencia en cada etapa del ciclo vital de los documentos, es decir se considera como el Instrumento que permite establecer cuáles son los documentos de la UBPD, su necesidad e importancia en términos de tiempo de conservación y preservación y que debe hacerse con ellos una vez finalice su vigencia o utilidad.","Subdirector de Unidad Especial Subdirección Administrativa y Financiera","Grupo Interno de Trabajo de Gestión Documental","NO","BAJO",null,"BAJO","BAJO",1,1,1,3,"BAJO","NO",null,"PÚBLICA","No tiene excepción de acceso",null,"Información Pública de conocimiento General","No Aplica","2023-10-30","No Aplica "]
[695,"Gestión Documental","Registro de publicación","Documento que registra la solicitud de publicación de las Tablas de Retención Documental en la página web de la entidad","2022-09-07",null,"Información","Español","Híbrido: Análogo - digital","2022-09-07","Documento PDF","Disponible a solicitud","No aplica","Archivos digitales","La agrupación documental se define como el listado de series, con sus correspondientes tipos Documentales, a las cuales se asigna el tiempo de permanencia en cada etapa del ciclo vital de los documentos, es decir se considera como el Instrumento que permite establecer cuáles son los documentos de la UBPD, su necesidad e importancia en términos de tiempo de conservación y preservación y que debe hacerse con ellos una vez finalice su vigencia o utilidad.","Subdirector de Unidad Especial Subdirección Administrativa y Financiera","Grupo Interno de Trabajo de Gestión Documental","NO","BAJO",null,"BAJO","BAJO",1,1,1,3,"BAJO","NO",null,"PÚBLICA","No tiene excepción de acceso",null,"Información Pública de conocimiento General","No Aplica","2023-10-30","No Aplica "]
[696,"Gestión Documental","Certificado de inscripción en el Registro Único de Series Documentales","Documento mediante el cual el Archivo General de la Nación certifica la inscripción de las Tablas de Retención Documental en el Registro Único de Series Documentales","2022-09-07",null,"Información","Español","Híbrido: Análogo - digital","2022-09-07","Documento PDF","Disponible a solicitud","No aplica","Archivos digitales","La agrupación documental se define como el listado de series, con sus correspondientes tipos Documentales, a las cuales se asigna el tiempo de permanencia en cada etapa del ciclo vital de los documentos, es decir se considera como el Instrumento que permite establecer cuáles son los documentos de la UBPD, su necesidad e importancia en términos de tiempo de conservación y preservación y que debe hacerse con ellos una vez finalice su vigencia o utilidad.","Subdirector de Unidad Especial Subdirección Administrativa y Financiera","Grupo Interno de Trabajo de Gestión Documental","NO","BAJO",null,"BAJO","BAJO",1,1,1,3,"BAJO","NO",null,"PÚBLICA","No tiene excepción de acceso",null,"Información Pública de conocimiento General","No Aplica","2023-10-30","No Aplica "]
[697,"Gestión Documental","Planillas de control de comunicaciones oficiales entregadas a las dependencias","Documento en el que se evidencia la entrega de las comunicaciones oficiales a las diferentes depedencias de la UBPD","2019-02-07",null,"Información","Español","Híbrido: Análogo - digital","2019-02-07","Documento PDF","Disponible a solicitud","Diario","Archivo físico","La agrupación documental contiene los documentos correspondientes a las planillas donde se registra la entrega de las comunicaciones oficiales internas, recibidas y enviadas.","Subdirector de Unidad Especial Subdirección Administrativa y Financiera","Grupo Interno de Trabajo de Gestión Documental","NO","BAJO",null,"BAJO","BAJO",1,1,1,3,"BAJO","NO",null,"PÚBLICA","No tiene excepción de acceso",null,"Información Pública de conocimiento General","No Aplica","2023-10-30","No Aplica "]
[698,"Gestión Documental","Planillas de control de comunicaciones enviadas","Documento en el que se evidencia la entrega de las comunicaciones oficiales enviadas en la UBPD.","2019-02-07",null,"Información","Español","Híbrido: Análogo - digital","2019-02-07","Documento PDF","Disponible a solicitud","Diario","Archivo físico","La agrupación documental contiene los documentos correspondientes a las planillas donde se registra la entrega de las comunicaciones oficiales internas, recibidas y enviadas.","Subdirector de Unidad Especial Subdirección Administrativa y Financiera","Grupo Interno de Trabajo de Gestión Documental","NO","BAJO",null,"BAJO","BAJO",1,1,1,3,"BAJO","NO",null,"PÚBLICA","No tiene excepción de acceso",null,"Información Pública de conocimiento General","No Aplica","2023-10-30","No Aplica "]
[699,"Gestión Documental","Plan de Conservación","Documento que contiene el conjunto de acciones a corto, mediano y largo plazo que tienen como fin implementar los programas, procesos y procedimientos, tendientes a mantener las características físicas y funcionales de los documentos de archivo conservando sus características de autenticidad, integridad, inalterabilidad, originalidad, fiabilidad y disponibilidad a través de tiempo.","2021-12-28",null,"Información","Español","Híbrido: Análogo - digital","2021-12-28","Documento PDF","Publicada","Otro","Portales web propios","La agrupación documental tiene como finalidad, garantizar la conservación y preservación de cualquier tipo de información, independientemente del medio o tecnología con la cual se haya elaborado, manteniendo atributos tales como unidad, integridad autenticidad, inalterabilidad, originalidad, fiabilidad, accesibilidad, de toda la documentación de una entidad desde el momento de la producción, durante su período de vigencia, hasta su disposición final, de acuerdo con la valoración documental.","Subdirector de Unidad Especial Subdirección Administrativa y Financiera","Grupo Interno de Trabajo de Gestión Documental","NO","BAJO",null,"BAJO","BAJO",1,1,1,3,"BAJO","NO",null,"PÚBLICA","No tiene excepción de acceso",null,"Información Pública de conocimiento General","No Aplica","2023-10-30","No Aplica "]
[700,"Gestión Documental","Acto administrativo de aprobación del Plan de Preservación Documental","Documento que contiene la Aprobación institucional del Plan de Conservación","2023-05-30",null,"Información","Español","Híbrido: Análogo - digital","2023-05-30","Documento PDF","Publicada","No aplica","Portales web propios","La agrupación documental tiene como finalidad, garantizar la conservación y preservación de cualquier tipo de información, independientemente del medio o tecnología con la cual se haya elaborado, manteniendo atributos tales como unidad, integridad autenticidad, inalterabilidad, originalidad, fiabilidad, accesibilidad, de toda la documentación de una entidad desde el momento de la producción, durante su período de vigencia, hasta su disposición final, de acuerdo con la valoración documental.","Subdirector de Unidad Especial Subdirección Administrativa y Financiera","Grupo Interno de Trabajo de Gestión Documental","NO","BAJO",null,"BAJO","BAJO",1,1,1,3,"BAJO","NO",null,"PÚBLICA","No tiene excepción de acceso",null,"Información Pública de conocimiento General","No Aplica","2023-10-30","No Aplica "]
[701,"Gestión Documental","Plan de Preservación Digital a Largo Plazo","Documento que contiene el conjunto de acciones a corto, mediano y largo plazo que tienen como fin implementar los programas, estrategias, procesos y procedimientos, tendientes a asegurar la preservación a largo plazo de los documentos electrónicos de archivo, manteniendo sus características de autenticidad, integridad, confidencialidad, inalterabilidad, fiabilidad, interpretación, comprensión y disponibilidad a través del tiempo.","2021-12-28",null,"Información","Español","Digital","2021-12-28","Documento PDF","Publicada","Otro","Portales web propios","La agrupación documental tiene como finalidad, garantizar la conservación y preservación de cualquier tipo de información, independientemente del medio o tecnología con la cual se haya elaborado, manteniendo atributos tales como unidad, integridad autenticidad, inalterabilidad, originalidad, fiabilidad, accesibilidad, de toda la documentación de una entidad desde el momento de la producción, durante su período de vigencia, hasta su disposición final, de acuerdo con la valoración documental.","Subdirector de Unidad Especial Subdirección Administrativa y Financiera","Grupo Interno de Trabajo de Gestión Documental","NO","BAJO",null,"BAJO","BAJO",1,1,1,3,"BAJO","NO",null,"PÚBLICA","No tiene excepción de acceso",null,"Información Pública de conocimiento General","No Aplica","2023-10-30","No Aplica "]
[702,"Gestión Documental","Acto administrativo de aprobación del Plan de Preservación Digital a largo Plazo","Documento que contiene la Aprobacion institucional del Plan de Preservación","2023-05-30",null,"Información","Español","Análogo","2023-05-30","Documento PDF","Disponible a solicitud","No aplica","Portales web propios","La agrupación documental tiene como finalidad, garantizar la conservación y preservación de cualquier tipo de información, independientemente del medio o tecnología con la cual se haya elaborado, manteniendo atributos tales como unidad, integridad autenticidad, inalterabilidad, originalidad, fiabilidad, accesibilidad, de toda la documentación de una entidad desde el momento de la producción, durante su período de vigencia, hasta su disposición final, de acuerdo con la valoración documental.","Subdirector de Unidad Especial Subdirección Administrativa y Financiera","Grupo Interno de Trabajo de Gestión Documental","NO","BAJO",null,"BAJO","BAJO",1,1,1,3,"BAJO","NO",null,"PÚBLICA","No tiene excepción de acceso",null,"Información Pública de conocimiento General","No Aplica","2023-10-30","No Aplica "]
[703,"Gestión Documental","Cronograma de transferencias documentales primarias","Documento que contiene las fechas de transferencias y el responsable de esta actividad en cada dependencia productora desde el archivo de gestión al archivo central ,según los tiempos de retención establecidos en las Tablas de Retención.","2022-09-07",null,"Información","Español","Digital","2022-09-07","Documento PDF","Disponible a solicitud","Anual","Archivos digitales","La agrupación documental contiene el acuerdo de entrega de documentos históricos, entre una entidad productora y un archivo histórico, con el fin de establecer los requisitos técnicos, administrativos y legales, que aseguren las condiciones de la transferencia documental secundaria para su ingreso al patrimonio documental del país. ","Subdirector de Unidad Especial Subdirección Administrativa y Financiera","Grupo Interno de Trabajo de Gestión Documental","NO","BAJO",null,"BAJO","BAJO",1,1,1,3,"BAJO","NO",null,"PÚBLICA","No tiene excepción de acceso",null,"Información Pública de conocimiento General","No Aplica","2023-10-30","No Aplica "]
[704,"Gestión Documental","Comunicaciones oficiales","Son todas aquellas recibidas o producidas en desarrollo de las funciones asignadas legalmente a una entidad, independientemente del medio utilizado.","2022-09-07",null,"Información","Español","Híbrido: Análogo - digital","2022-09-07","Documento PDF","Disponible a solicitud","No aplica","Sistemas de información","La agrupación documental contiene el acuerdo de entrega de documentos históricos, entre una entidad productora y un archivo histórico, con el fin de establecer los requisitos técnicos, administrativos y legales, que aseguren las condiciones de la transferencia documental secundaria para su ingreso al patrimonio documental del país. ","Subdirector de Unidad Especial Subdirección Administrativa y Financiera","Grupo Interno de Trabajo de Gestión Documental","NO","BAJO",null,"BAJO","BAJO",1,1,1,3,"BAJO","NO",null,"PÚBLICA","No tiene excepción de acceso",null,"Información Pública de conocimiento General","No Aplica","2023-10-30","No Aplica "]
[705,"Gestión Documental","Acta de transferencia primaria","Documento mediante el cual se registran los datos de las unidades documentales, dependencias , fechas y responsables de efectuar una transferencia documental desde los archivos de gestión de las áreas productoras, al archivo central de la entidad","2022-09-07",null,"Información","Español","Análogo","2022-09-07","Documento PDF","Disponible a solicitud","No aplica","Archivos digitales","La agrupación documental contiene el acuerdo de entrega de documentos históricos, entre una entidad productora y un archivo histórico, con el fin de establecer los requisitos técnicos, administrativos y legales, que aseguren las condiciones de la transferencia documental secundaria para su ingreso al patrimonio documental del país. ","Subdirector de Unidad Especial Subdirección Administrativa y Financiera","Grupo Interno de Trabajo de Gestión Documental","NO","BAJO",null,"BAJO","BAJO",1,1,1,3,"BAJO","NO",null,"PÚBLICA","No tiene excepción de acceso",null,"Información Pública de conocimiento General","No Aplica","2023-10-30","No Aplica "]
[706,"Gestión Documental","Inventario documental de transferencias","Instrumento de recuperación de información que describe de manera exacta y precisa las series o asuntos del fondo documental de la UBPD","2022-09-07",null,"Información","Español","Híbrido: Análogo - digital","2022-09-07","Hoja de calculo","Disponible a solicitud","No aplica","Archivos digitales","La agrupación documental contiene el acuerdo de entrega de documentos históricos, entre una entidad productora y un archivo histórico, con el fin de establecer los requisitos técnicos, administrativos y legales, que aseguren las condiciones de la transferencia documental secundaria para su ingreso al patrimonio documental del país. ","Subdirector de Unidad Especial Subdirección Administrativa y Financiera","Grupo Interno de Trabajo de Gestión Documental","NO","BAJO",null,"BAJO","BAJO",1,1,1,3,"BAJO","NO",null,"PÚBLICA","No tiene excepción de acceso",null,"Información Pública de conocimiento General","No Aplica","2023-10-30","No Aplica "]
[707,"Gestión Documental","Archivistas","Profesionales técnicos, profesionales tecnólogos y profesionales universitarios que hayan recibido título de formación en programas archivísticos en Instituciones de Educación Superior, cuyo título corresponda a los niveles señalados en la Ley 30 de 1992 o en las disposiciones legales vigentes en materia de educación superior.","2022-09-07",null,"Personas","Español",null,"2019-05-20",null,null,null,null,"No aplica","Subdirector de Unidad Especial Subdirección Administrativa y Financiera","Grupo Interno de Trabajo de Gestión Documental",null,"MEDIO",null,"MEDIO","MEDIO",2,2,2,6,"MEDIO","NO",null,"CLASIFICADA",null,null," ",null,"2023-11-20"," "]
[708,"Gestión Documental","SIDOBU","Es un Sistema de Gestión de Documentos Electrónicos de Archivo SGDEA, que contiene las funcionalidades necesarias para la gestión de documentos electrónicos de archivo desde la planificación, manejo y organización de la documentación producida, recibida y/o recolectada, desde su origen hasta su disposición final. Este sistema de información, permite la aplicación de los procesos de la gestión documental tales como: producción, gestión y trámite, organización, transferencia, disposición, preservación a largo plazo y valoración.","2022-09-07",null,"Software Aplicaciones Informáticas ","Español","Digital","2022-03-01",null,null,null,null,"No aplica","Subdirector de Unidad Especial Subdirección Administrativa y Financiera","Grupo Interno de Trabajo de Gestión Documental","SI","ALTO","MEDIO","MEDIO","MEDIO",3,2,2,7,"MEDIO","NO",null,"RESERVADA",null,null," ",null,"2023-10-30"," "]
[709,"Direccionamiento y Planeación Estratégica","Convocatoria ","Documento que contiene la información de las citaciones a participar en los  comités de Gestión ","2019-04-02","2023-05-05","Información","Español","Híbrido: Análogo - electrónico","2022-04-02","HTML","Disponible a solicitud","Por demanda","Archivos digitales","Serie documental que evidencia el ejercicio funcional del estudio y definición del modelo de gestión, y las políticas de gestión y desempeño institucional que se adopten en la entidad atendiendo a su misión ","Jefe de Oficina Asesora de Unidad Especial Oficina Asesora de Planeación","OFICINA ASESORA DE PLANEACIÓN; Oficina Asesora De Planeación - Jefe De Oficina Asesora De Unidad Especial","NO","MEDIO",null,"MEDIO","MEDIO",2,2,2,6,"MEDIO","NO",null,"CLASIFICADA","El derecho de toda persona a la intimidad, bajo las limitaciones propias que impone la condición de servidor publico, en concordancia con lo estipulado por el artículo 24 de la Ley 1437 de 2011.",null,"Información exceptuada por daño de derechos a personas naturales o jurídicas.\n Articulo 18 Ley 1712 de 2014\nLos que involucren derechos a la privacidad e intimidad de las personas, incluidas en las hojas de vida, la historia laboral y los expedientes pensionales y demás registros de personal que obren en los archivos de las instituciones públicas o privadas, así como la historia clínica, salvo que sean solicitados por los propios interesados o por sus apoderados con facultad expresa para acceder a esa información.\n","Parcial","2020-04-28","Ilimitada, y no deberán aplicarse cuando la persona natural o jurídica ha consentido en la revelación de sus datos personales o privados o bien cuando es claro que la información fue entregada como parte de aquella información que debe estar bajo el régimen de publicidad aplicable"]
[710,"Direccionamiento y Planeación Estratégica","Agenda del comité de gestión","Documento que contiene la información de los puntos a tratar en los comités de Gestión y anexos relacionados","2019-04-02","2023-05-05","Información","Español","Híbrido: Análogo - electrónico","2022-04-02","HTML","Disponible a solicitud","Por demanda","Archivos digitales","Serie documental que evidencia el ejercicio funcional del estudio y definición del modelo de gestión, y las políticas de gestión y desempeño institucional que se adopten en la entidad atendiendo a su misión ","Jefe de Oficina Asesora de Unidad Especial Oficina Asesora de Planeación","OFICINA ASESORA DE PLANEACIÓN; Oficina Asesora De Planeación - Jefe De Oficina Asesora De Unidad Especial","NO","MEDIO",null,"MEDIO","MEDIO",2,2,2,6,"MEDIO","SI","Dato Privado","CLASIFICADA","El derecho de toda persona a la intimidad, bajo las limitaciones propias que impone la condición de servidor publico, en concordancia con lo estipulado por el artículo 24 de la Ley 1437 de 2011.",null,"Información exceptuada por daño de derechos a personas naturales o jurídicas.\n Articulo 18 Ley 1712 de 2014\nLos que involucren derechos a la privacidad e intimidad de las personas, incluidas en las hojas de vida, la historia laboral y los expedientes pensionales y demás registros de personal que obren en los archivos de las instituciones públicas o privadas, así como la historia clínica, salvo que sean solicitados por los propios interesados o por sus apoderados con facultad expresa para acceder a esa información.\n","Parcial","2020-04-28","Ilimitada, y no deberán aplicarse cuando la persona natural o jurídica ha consentido en la revelación de sus datos personales o privados o bien cuando es claro que la información fue entregada como parte de aquella información que debe estar bajo el régimen de publicidad aplicable"]
[711,"Direccionamiento y Planeación Estratégica","Aprobación del acta del comité","Comunicación oficial emitida mediante correo electrónico mediante la cual se remite a los miembros del comité la propuesta del acta, para revisión y aprobación.","2019-04-02","2023-05-05","Información","Español","Electrónico","2022-04-02","Papel","Disponible a solicitud","Por demanda","Archivos digitales","Serie documental que evidencia el ejercicio funcional del estudio y definición del modelo de gestión, y las políticas de gestión y desempeño institucional que se adopten en la entidad atendiendo a su misión ","Jefe de Oficina Asesora de Unidad Especial Oficina Asesora de Planeación","OFICINA ASESORA DE PLANEACIÓN; Oficina Asesora De Planeación - Jefe De Oficina Asesora De Unidad Especial","NO","MEDIO",null,"MEDIO","MEDIO",2,2,2,6,"MEDIO","SI","Dato Privado","CLASIFICADA","El derecho de toda persona a la intimidad, bajo las limitaciones propias que impone la condición de servidor publico, en concordancia con lo estipulado por el artículo 24 de la Ley 1437 de 2011.",null,"Información exceptuada por daño de derechos a personas naturales o jurídicas.\n Articulo 18 Ley 1712 de 2014\nLos que involucren derechos a la privacidad e intimidad de las personas, incluidas en las hojas de vida, la historia laboral y los expedientes pensionales y demás registros de personal que obren en los archivos de las instituciones públicas o privadas, así como la historia clínica, salvo que sean solicitados por los propios interesados o por sus apoderados con facultad expresa para acceder a esa información.\n","Parcial","2020-04-28","Ilimitada, y no deberán aplicarse cuando la persona natural o jurídica ha consentido en la revelación de sus datos personales o privados o bien cuando es claro que la información fue entregada como parte de aquella información que debe estar bajo el régimen de publicidad aplicable"]
[712,"Direccionamiento y Planeación Estratégica","Acta preliminar del comité de gestión","Documento que contiene propuesta del acta del comité de gestión","2019-04-02","2023-05-05","Información","Español","Electrónico","2022-04-02","HTML","Disponible a solicitud","Por demanda","Archivos digitales","Serie documental que evidencia el ejercicio funcional del estudio y definición del modelo de gestión, y las políticas de gestión y desempeño institucional que se adopten en la entidad atendiendo a su misión ","Jefe de Oficina Asesora de Unidad Especial Oficina Asesora de Planeación","OFICINA ASESORA DE PLANEACIÓN; Oficina Asesora De Planeación - Jefe De Oficina Asesora De Unidad Especial","NO","MEDIO",null,"MEDIO","MEDIO",2,2,2,6,"MEDIO","SI","Dato Privado","CLASIFICADA","El derecho de toda persona a la intimidad, bajo las limitaciones propias que impone la condición de servidor publico, en concordancia con lo estipulado por el artículo 24 de la Ley 1437 de 2011.",null,"Información exceptuada por daño de derechos a personas naturales o jurídicas.\n Articulo 18 Ley 1712 de 2014\nLos que involucren derechos a la privacidad e intimidad de las personas, incluidas en las hojas de vida, la historia laboral y los expedientes pensionales y demás registros de personal que obren en los archivos de las instituciones públicas o privadas, así como la historia clínica, salvo que sean solicitados por los propios interesados o por sus apoderados con facultad expresa para acceder a esa información.\n","Parcial","2020-04-28","Ilimitada, y no deberán aplicarse cuando la persona natural o jurídica ha consentido en la revelación de sus datos personales o privados o bien cuando es claro que la información fue entregada como parte de aquella información que debe estar bajo el régimen de publicidad aplicable"]
[713,"Direccionamiento y Planeación Estratégica","Actas comité de gestión","Documento que contiene información relacionada con el comité de gestión e incluye datos como fecha, asunto, hora,  convocante, asistentes, objetivo, agenda, relación de lo documentos integrales, desarrollo, compromisos generados y firma de la Dirección General y jefe de la OAP.","2019-04-02","2023-05-05","Información","Español","Híbrido: Análogo - electrónico","2022-04-02","Documento PDF","Disponible a solicitud","Por demanda","Archivos digitales","Serie documental que evidencia el ejercicio funcional del estudio y definición del modelo de gestión, y las políticas de gestión y desempeño institucional que se adopten en la entidad atendiendo a su misión ","Jefe de Oficina Asesora de Unidad Especial Oficina Asesora de Planeación","OFICINA ASESORA DE PLANEACIÓN; Oficina Asesora De Planeación - Jefe De Oficina Asesora De Unidad Especial","NO","MEDIO",null,"MEDIO","MEDIO",2,2,2,6,"MEDIO","SI","Dato Privado","CLASIFICADA","El derecho de toda persona a la intimidad, bajo las limitaciones propias que impone la condición de servidor publico, en concordancia con lo estipulado por el artículo 24 de la Ley 1437 de 2011.",null,"Información exceptuada por daño de derechos a personas naturales o jurídicas.\n Articulo 18 Ley 1712 de 2014\nLos que involucren derechos a la privacidad e intimidad de las personas, incluidas en las hojas de vida, la historia laboral y los expedientes pensionales y demás registros de personal que obren en los archivos de las instituciones públicas o privadas, así como la historia clínica, salvo que sean solicitados por los propios interesados o por sus apoderados con facultad expresa para acceder a esa información.\n","Parcial","2020-04-28","Ilimitada, y no deberán aplicarse cuando la persona natural o jurídica ha consentido en la revelación de sus datos personales o privados o bien cuando es claro que la información fue entregada como parte de aquella información que debe estar bajo el régimen de publicidad aplicable"]
[714,"Direccionamiento y Planeación Estratégica","Lista de asistencia","Documento que contiene datos personales de los asistentes al comité de gestión ","2019-04-02","2023-05-05","Información","Español","Híbrido: Análogo - electrónico","2022-04-02","Documento PDF","Disponible a solicitud","Por demanda","Archivos digitales","Serie documental que evidencia el ejercicio funcional del estudio y definición del modelo de gestión, y las políticas de gestión y desempeño institucional que se adopten en la entidad atendiendo a su misión ","Jefe de Oficina Asesora de Unidad Especial Oficina Asesora de Planeación","OFICINA ASESORA DE PLANEACIÓN; Oficina Asesora De Planeación - Jefe De Oficina Asesora De Unidad Especial","NO","MEDIO",null,"MEDIO","MEDIO",2,2,2,6,"MEDIO","SI","Dato Privado","CLASIFICADA","El derecho de toda persona a la intimidad, bajo las limitaciones propias que impone la condición de servidor publico, en concordancia con lo estipulado por el artículo 24 de la Ley 1437 de 2011.",null,"Información exceptuada por daño de derechos a personas naturales o jurídicas.\n Articulo 18 Ley 1712 de 2014\nLos que involucren derechos a la privacidad e intimidad de las personas, incluidas en las hojas de vida, la historia laboral y los expedientes pensionales y demás registros de personal que obren en los archivos de las instituciones públicas o privadas, así como la historia clínica, salvo que sean solicitados por los propios interesados o por sus apoderados con facultad expresa para acceder a esa información.\n","Parcial","2020-04-28","Ilimitada, y no deberán aplicarse cuando la persona natural o jurídica ha consentido en la revelación de sus datos personales o privados o bien cuando es claro que la información fue entregada como parte de aquella información que debe estar bajo el régimen de publicidad aplicable"]
[715,"Direccionamiento y Planeación Estratégica","Memorando solicitud de firma Dirección General","Comunicación oficial interna mediante la cual se solicita revisión, aprobación y firma del acta a la Dirección General  e incluye firma del Jefe de la OAP","2019-04-02","2023-05-05","Información","Español","Híbrido: Análogo - electrónico","2022-04-02","Documento PDF","Disponible a solicitud","Por demanda","Archivos digitales","Serie documental que evidencia el ejercicio funcional del estudio y definición del modelo de gestión, y las políticas de gestión y desempeño institucional que se adopten en la entidad atendiendo a su misión ","Jefe de Oficina Asesora de Unidad Especial Oficina Asesora de Planeación","OFICINA ASESORA DE PLANEACIÓN; Oficina Asesora De Planeación - Jefe De Oficina Asesora De Unidad Especial","NO","MEDIO",null,"MEDIO","MEDIO",2,2,2,6,"MEDIO","SI","Dato Privado","CLASIFICADA","El derecho de toda persona a la intimidad, bajo las limitaciones propias que impone la condición de servidor publico, en concordancia con lo estipulado por el artículo 24 de la Ley 1437 de 2011.",null,"Información exceptuada por daño de derechos a personas naturales o jurídicas.\n Articulo 18 Ley 1712 de 2014\nLos que involucren derechos a la privacidad e intimidad de las personas, incluidas en las hojas de vida, la historia laboral y los expedientes pensionales y demás registros de personal que obren en los archivos de las instituciones públicas o privadas, así como la historia clínica, salvo que sean solicitados por los propios interesados o por sus apoderados con facultad expresa para acceder a esa información.\n","Total","2020-04-28","Ilimitada, y no deberán aplicarse cuando la persona natural o jurídica ha consentido en la revelación de sus datos personales o privados o bien cuando es claro que la información fue entregada como parte de aquella información que debe estar bajo el régimen de publicidad aplicable"]
[716,"Direccionamiento y Planeación Estratégica","Informe de necesidades presupuestales","Documento que contiene información sobre las necesidades de presupuesto requeridas por las necesidades de las dependencias de la UBPD ","2018-08-02",null,"Información","Español","Electrónico","2018-04-30","Hoja de calculo","Disponible a solicitud","Anual","Archivos digitales","Serie documental evidencia sumarial de información exclusiva que posee la importancia colectiva y registra acontecimientos coyunturales en la UBPD. Ley 962 de 2005 art. 28","Jefe de Oficina Asesora de Unidad Especial Oficina Asesora de Planeación","Oficina Asesora De Planeación - Experto Técnico","SI","BAJO","BAJO","MEDIO","ALTO",1,2,3,6,"MEDIO","NO",null,"PÚBLICA","No tiene excepción de acceso",null,"Información Pública de conocimiento General","No Aplica","2023-10-30","No Aplica "]
[717,"Direccionamiento y Planeación Estratégica","Solicitud de necesidades de recursos","Documento que contiene información relacionada con los recursos requeridos para el cumplimiento de las actividades relacionadas en el Plan de Acción Institucional para la siguiente vigencia.","2018-08-02",null,"Información","Español","Electrónico","2018-04-30","Documento PDF","Disponible a solicitud","Anual","Archivos digitales","Serie documental evidencia sumarial de información exclusiva que posee la importancia colectiva y registra acontecimientos coyunturales en la UBPD. Ley 962 de 2005 art. 28","Jefe de Oficina Asesora de Unidad Especial Oficina Asesora de Planeación","Oficina Asesora De Planeación - Experto Técnico","SI","BAJO","BAJO","MEDIO","ALTO",1,2,3,6,"MEDIO","NO",null,"PÚBLICA","No tiene excepción de acceso",null,"Información Pública de conocimiento General","No Aplica","2023-10-30","No Aplica "]
[718,"Direccionamiento y Planeación Estratégica","Comunicaciones del envío del anteproyecto de presupuesto","Documento que contiene la información relacionada con los memorandos y oficios de envío del anteproyecto de presupuesto.","2018-08-02",null,"Información","Español","Electrónico","2018-04-30","Documento PDF","Disponible a solicitud","Anual","Archivos digitales","Serie documental evidencia sumarial de información exclusiva que posee la importancia colectiva y registra acontecimientos coyunturales en la UBPD. Ley 962 de 2005 art. 28","Jefe de Oficina Asesora de Unidad Especial Oficina Asesora de Planeación","Oficina Asesora De Planeación - Experto Técnico","SI","BAJO","BAJO","MEDIO","ALTO",1,2,3,6,"MEDIO","NO",null,"PÚBLICA","No tiene excepción de acceso",null,"Información Pública de conocimiento General","No Aplica","2023-10-30","No Aplica "]
[719,"Direccionamiento y Planeación Estratégica","Anteproyecto de Presupuesto","Documento que contiene la información, la programación presupuestal, de la cual se hace seguimiento a la ejecución presupuestal de los planes, programas y proyectos de la UBPD. ","2018-08-02",null,"Información","Español","Electrónico","2018-04-30","Documento PDF; Hoja de calculo","Disponible a solicitud","Anual","Archivos digitales","Serie documental evidencia sumarial de información exclusiva que posee la importancia colectiva y registra acontecimientos coyunturales en la UBPD. Ley 962 de 2005 art. 28","Jefe de Oficina Asesora de Unidad Especial Oficina Asesora de Planeación","Oficina Asesora De Planeación - Experto Técnico","SI","BAJO","BAJO","MEDIO","ALTO",1,2,3,6,"MEDIO","NO",null,"PÚBLICA","No tiene excepción de acceso",null,"Información Pública de conocimiento General","No Aplica","2023-10-30","No Aplica "]
[720,"Direccionamiento y Planeación Estratégica","Registro de gastos de inversiòn","Documento que contiene la información base para diligenciar los capitulos correspondientes al anteproyecto en la Plataforma del DNP en SUIFP","2018-08-02",null,"Información","Español","Electrónico","2018-04-30","Hoja de calculo","Disponible a solicitud","Anual","Archivos digitales","Serie documental evidencia sumarial de información exclusiva que posee la importancia colectiva y registra acontecimientos coyunturales en la UBPD. Ley 962 de 2005 art. 28","Jefe de Oficina Asesora de Unidad Especial Oficina Asesora de Planeación","Oficina Asesora De Planeación - Experto Técnico","SI","BAJO","BAJO","MEDIO","ALTO",1,2,3,6,"MEDIO","NO",null,"PÚBLICA","No tiene excepción de acceso",null,"Información Pública de conocimiento General","No Aplica","2023-10-30","No Aplica "]
[721,"Direccionamiento y Planeación Estratégica","Propuesta de anteproyecto de Presupuesto","Documento que contiene la información relacionada con los memorandos y oficios de envío del anteproyecto de presupuesto.","2018-08-02",null,"Información","Español","Electrónico","2018-04-30","Documento PDF; Hoja de calculo","Disponible a solicitud","Anual","Archivos digitales","Serie documental evidencia sumarial de información exclusiva que posee la importancia colectiva y registra acontecimientos coyunturales en la UBPD. Ley 962 de 2005 art. 28","Jefe de Oficina Asesora de Unidad Especial Oficina Asesora de Planeación","Oficina Asesora De Planeación - Experto Técnico","NO","BAJO",null,"MEDIO","ALTO",1,2,3,6,"MEDIO","NO",null,"PÚBLICA","No tiene excepción de acceso",null,"Información Pública de conocimiento General","No Aplica","2020-04-28","No Aplica "]
[722,"Direccionamiento y Planeación Estratégica","Distribución de cuota","Documento que contiene la propuesta de distribución de recursos de inversión en cada una de las dependencias de la UBPD de acuerdo con la cuota indicativa asignada por el DNP.","2018-08-02",null,"Información","Español","Electrónico","2018-04-30","Hoja de calculo; Documento PDF","Disponible a solicitud","Anual","Archivos digitales","Serie documental evidencia sumarial de información exclusiva que posee la importancia colectiva y registra acontecimientos coyunturales en la UBPD. Ley 962 de 2005 art. 28","Jefe de Oficina Asesora de Unidad Especial Oficina Asesora de Planeación","Oficina Asesora De Planeación - Experto Técnico","NO","BAJO",null,"MEDIO","ALTO",1,2,3,6,"MEDIO","NO",null,"PÚBLICA","No tiene excepción de acceso",null,"Información Pública de conocimiento General","No Aplica","2023-10-30","No Aplica "]
[723,"Direccionamiento y Planeación Estratégica","Solicitud de información","Documento que contiene una solicitud de información sobre  y datos personales del remitente.","2018-08-02",null,"Información","Español","Electrónico","2018-08-02","Documento PDF","Disponible a solicitud","Por demanda","Archivos digitales","Serie documental que demuestra la gestión de la UBPD, frente a los aspectos de interés de la ciudadanìa y de otras Instituciones","Jefe de Oficina Asesora de Unidad Especial Oficina Asesora de Planeación","OFICINA ASESORA DE PLANEACIÓN","SI","BAJO","BAJO","MEDIO","ALTO",1,2,3,6,"MEDIO","SI","Dato Sensible","PÚBLICA","No tiene excepción de acceso",null,"Información Pública de conocimiento General","No Aplica","2022-09-21","No Aplica"]
[724,"Direccionamiento y Planeación Estratégica","Respuesta a la solicitud","Información documentada en respuesta a solicitudes internas y externas","2018-08-02",null,"Información","Español","Electrónico","2018-08-02","Documento PDF","Disponible a solicitud","Por demanda","Archivos digitales","Serie documental que demuestra la gestión de la UBPD, frente a los aspectos de interés de la ciudadanìa y de otras Instituciones","Jefe de Oficina Asesora de Unidad Especial Oficina Asesora de Planeación","OFICINA ASESORA DE PLANEACIÓN","NO","BAJO",null,"MEDIO","ALTO",1,2,3,6,"MEDIO","SI","Dato Sensible","PÚBLICA","No tiene excepción de acceso",null,"Información Pública de conocimiento General","No Aplica","2022-09-21","No Aplica"]
[725,"Direccionamiento y Planeación Estratégica","Comunicaciones oficiales de solicitud y respuesta","Comunicaciòn oficial que remite informes de ejecuciòn presupuestal de recursos de inversión que se requiera segùn el tipo de solicitud","2018-08-02",null,"Información","Español","Electrónico","2018-04-30","Hoja de calculo","Disponible a solicitud","Mensual","Archivos digitales","Serie documental que evidencia la ejecución presupuestal y la información exclusiva de los recursos de la UBPD: Ley 962 de 2005 art. 28","Jefe de Oficina Asesora de Unidad Especial Oficina Asesora de Planeación","Oficina Asesora De Planeación - Experto Técnico","NO","BAJO",null,"MEDIO","ALTO",1,2,3,6,"MEDIO","NO",null,"PÚBLICA","No tiene excepción de acceso",null,"Información Pública de conocimiento General","No Aplica","2023-10-30","No Aplica "]
[726,"Direccionamiento y Planeación Estratégica","Informe de ejecución presupuestal","Informes periodicos de la inversión presupuestal de los recursos de inversión","2018-04-30",null,"Información","Español","Electrónico","2018-04-30","Hoja de calculo","Disponible a solicitud","Mensual","Archivos digitales","Serie documental que evidencia la ejecución presupuestal y la información exclusiva de los recursos de la UBPD: Ley 962 de 2005 art. 28","Jefe de Oficina Asesora de Unidad Especial Oficina Asesora de Planeación","Oficina Asesora De Planeación - Experto Técnico","NO","BAJO",null,"MEDIO","ALTO",1,2,3,6,"MEDIO","NO",null,"PÚBLICA","No tiene excepción de acceso",null,"Información Pública de conocimiento General","No Aplica","2023-10-30","No Aplica "]
[727,"Direccionamiento y Planeación Estratégica","Informe de gestión ","Documento que contiene Ia descripción de la  gestión realizada en la vigencia fiscal.","2018-08-02",null,"Información","Español","Electrónico","2018-08-02","Documento PDF","Publicada","Anual","Portales web propios","Serie documental que evidencia el seguimiento, evaluación y control de las operaciones d ela UBPD.","Jefe de Oficina Asesora de Unidad Especial Oficina Asesora de Planeación","OFICINA ASESORA DE PLANEACIÓN","NO","BAJO",null,"MEDIO","MEDIO",1,2,2,5,"MEDIO","NO",null,"PÚBLICA","No tiene excepción de acceso",null,"Información Pública de conocimiento General","No Aplica","2023-10-30","No Aplica "]
[728,"Direccionamiento y Planeación Estratégica","Mapa de proceso"," Es  información documentada por medio de un diagrama de valor que representa, a manera de inventario gráfico, los procesos de la Entidad en forma interrelacionada. El mapa de procesos recoge la interrelación de todos los procesos. Identificación gráfica de los procesos de la Entidad","2018-06-22",null,"Información","Español","Digital; Electrónico","2018-09-07","Documento PDF; Papel; Hoja de calculo; Documento de Texto; Presentación","Publicada","Por demanda","Archivos digitales","Serie documental que condensa los documentos que hacen parte del Sistema Integrado de Gestión y que contienen el historial de sus versiones durante la evolución de la entidad","Jefe de Oficina Asesora de Unidad Especial Oficina Asesora de Planeación","OFICINA ASESORA DE PLANEACIÓN","NO","BAJO",null,"MEDIO","ALTO",1,2,3,6,"MEDIO","NO",null,"PÚBLICA","No tiene excepción de acceso",null,"Información Pública de conocimiento General","No Aplica","2023-10-30","No Aplica "]
[729,"Direccionamiento y Planeación Estratégica","Caracterización de procesos","Información documentada donde se describe la estructura de cada proceso con sus entradas , salidas e interacción con los demás  procesos dentro del Sistema Integrado de Gestión","2018-06-22",null,"Información","Español","Digital; Electrónico","2018-09-07","Documento PDF; Papel; Hoja de calculo; Documento de Texto; Presentación","Publicada","Por demanda","Archivos digitales","Serie documental que condensa los documentos que hacen parte del Sistema Integrado de Gestión y que contienen el historial de sus versiones durante la evolución de la entidad","Jefe de Oficina Asesora de Unidad Especial Oficina Asesora de Planeación","OFICINA ASESORA DE PLANEACIÓN","NO","BAJO",null,"MEDIO","ALTO",1,2,3,6,"MEDIO","NO",null,"PÚBLICA","No tiene excepción de acceso",null,"Información Pública de conocimiento General","No Aplica","2023-10-30","No Aplica "]
[730,"Direccionamiento y Planeación Estratégica","Procedimientos","\nInformación documentada donde se especifica la forma de llevar a cabo una actividad o la operación dentro de un proceso del Sistema Integrado de Gestión\n","2018-06-22",null,"Información","Español","Digital; Electrónico","2018-09-07","Documento PDF; Papel; Hoja de calculo; Documento de Texto; Presentación","Publicada","Por demanda","Archivos digitales","Serie documental que condensa los documentos que hacen parte del Sistema Integrado de Gestión y que contienen el historial de sus versiones durante la evolución de la entidad","Jefe de Oficina Asesora de Unidad Especial Oficina Asesora de Planeación","OFICINA ASESORA DE PLANEACIÓN","NO","BAJO",null,"MEDIO","ALTO",1,2,3,6,"MEDIO","NO",null,"PÚBLICA","No tiene excepción de acceso",null,"Información Pública de conocimiento General","No Aplica","2023-10-30","No Aplica "]
[731,"Direccionamiento y Planeación Estratégica","Protocolos","\nInformación documentada a través de la cual se establece cómo se debe actuar en ciertos procedimientos u operación. De este modo, se recopila conductas, acciones y técnicas que se consideran adecuadas ante ciertas situaciones dentro del Sistema Integrado de Gestión","2018-06-22",null,"Información","Español","Digital; Electrónico","2018-09-07","Documento PDF; Papel; Hoja de calculo; Documento de Texto; Presentación","Publicada","Por demanda","Archivos digitales","Serie documental que condensa los documentos que hacen parte del Sistema Integrado de Gestión y que contienen el historial de sus versiones durante la evolución de la entidad","Jefe de Oficina Asesora de Unidad Especial Oficina Asesora de Planeación","OFICINA ASESORA DE PLANEACIÓN","NO","BAJO",null,"MEDIO","ALTO",1,2,3,6,"MEDIO","NO",null,"PÚBLICA","No tiene excepción de acceso",null,"Información Pública de conocimiento General","No Aplica","2023-10-30","No Aplica "]
[732,"Direccionamiento y Planeación Estratégica","Políticas","\nInformación documentada que debe ser elaborada y redactada por la alta dirección y en el cual se debe\ndescribir lo que la Misión de la Entidad está tratando de lograr, así como su compromiso para conseguirlo dentro del Sistema integrado de gestión","2018-06-22",null,"Información","Español","Digital; Electrónico","2018-09-07","Documento PDF; Papel; Hoja de calculo; Documento de Texto; Presentación","Publicada","Por demanda","Archivos digitales","Serie documental que condensa los documentos que hacen parte del Sistema Integrado de Gestión y que contienen el historial de sus versiones durante la evolución de la entidad","Jefe de Oficina Asesora de Unidad Especial Oficina Asesora de Planeación","OFICINA ASESORA DE PLANEACIÓN","NO","BAJO",null,"MEDIO","ALTO",1,2,3,6,"MEDIO","NO",null,"PÚBLICA","No tiene excepción de acceso",null,"Información Pública de conocimiento General","No Aplica","2023-10-30","No Aplica "]
[733,"Direccionamiento y Planeación Estratégica","Manuales","Información documentada en la cual se recogen los aspectos básicos, y esenciales de una materia. Así, los manuales nos permiten comprender mejor el funcionamiento de algo, o acceder, de manera ordenada y concisa, al conocimiento en algún tema o materia dentro de los procesos del Sistema integrado de gestión","2018-06-22",null,"Información","Español","Digital; Electrónico","2018-09-07","Documento PDF; Papel; Hoja de calculo; Documento de Texto; Presentación","Publicada","Por demanda","Archivos digitales","Serie documental que condensa los documentos que hacen parte del Sistema Integrado de Gestión y que contienen el historial de sus versiones durante la evolución de la entidad","Jefe de Oficina Asesora de Unidad Especial Oficina Asesora de Planeación","OFICINA ASESORA DE PLANEACIÓN","NO","BAJO",null,"MEDIO","ALTO",1,2,3,6,"MEDIO","NO",null,"PÚBLICA","No tiene excepción de acceso",null,"Información Pública de conocimiento General","No Aplica","2023-10-30","No Aplica "]
[734,"Direccionamiento y Planeación Estratégica","Instructivos","Información documentada que contiene las instrucciones detalladas a realizar por una persona para ejecutar una operación o actividad especifica dentro del Sistema Integrado de Gestión","2018-06-22",null,"Información","Español","Digital; Electrónico","2018-09-07","Documento PDF; Papel; Hoja de calculo; Documento de Texto; Presentación","Publicada","Por demanda","Archivos digitales","Serie documental que condensa los documentos que hacen parte del Sistema Integrado de Gestión y que contienen el historial de sus versiones durante la evolución de la entidad","Jefe de Oficina Asesora de Unidad Especial Oficina Asesora de Planeación","OFICINA ASESORA DE PLANEACIÓN","NO","BAJO",null,"MEDIO","ALTO",1,2,3,6,"MEDIO","NO",null,"PÚBLICA","No tiene excepción de acceso",null,"Información Pública de conocimiento General","No Aplica","2023-10-30","No Aplica "]
[735,"Direccionamiento y Planeación Estratégica","Guías","Información documentada que que establece recomendaciones u orientaciones sobre un tema especifico dentro del Sistema Integrado de Gestión","2018-06-22",null,"Información","Español","Digital; Electrónico","2018-09-07","Documento PDF; Papel; Hoja de calculo; Documento de Texto; Presentación","Publicada","Por demanda","Archivos digitales","Serie documental que condensa los documentos que hacen parte del Sistema Integrado de Gestión y que contienen el historial de sus versiones durante la evolución de la entidad","Jefe de Oficina Asesora de Unidad Especial Oficina Asesora de Planeación","OFICINA ASESORA DE PLANEACIÓN","NO","BAJO",null,"MEDIO","ALTO",1,2,3,6,"MEDIO","NO",null,"PÚBLICA","No tiene excepción de acceso",null,"Información Pública de conocimiento General","No Aplica","2023-10-30","No Aplica "]
[736,"Direccionamiento y Planeación Estratégica","Formatos","Información documentada empleada para el registro de información que da evidencia de la ejecución de una actividad dentro del Sistema Integrado de gestión.","2018-06-22",null,"Información","Español","Digital; Electrónico","2018-09-07","Documento PDF; Papel; Hoja de calculo; Documento de Texto; Presentación","Publicada","Por demanda","Archivos digitales","Serie documental que condensa los documentos que hacen parte del Sistema Integrado de Gestión y que contienen el historial de sus versiones durante la evolución de la entidad","Jefe de Oficina Asesora de Unidad Especial Oficina Asesora de Planeación","OFICINA ASESORA DE PLANEACIÓN","NO","BAJO",null,"MEDIO","ALTO",1,2,3,6,"MEDIO","NO",null,"PÚBLICA","No tiene excepción de acceso",null,"Información Pública de conocimiento General","No Aplica","2023-10-30","No Aplica "]
[737,"Direccionamiento y Planeación Estratégica","Solicitud de implementación al plan anticorrupción","Documento que contiene información relacionada con la solicitud, anual  a las dependencias de la construcción y/o actualización del PAAC, como estrategia fundamental de la Entidad en su lucha contra  la corrupciòn, fomento de la participación y la transparencia. Acorde con lo establecido en la ley de Transparencia.","2018-08-02",null,"Información","Español","electrónico; Electrónico; Análogo","2018-08-02","Documento de Texto","Disponible a solicitud","Anual","Archivos digitales","Serie documental que  registra las acciones que emprende la entidad para combatir la corrupción y actuar de forma transparente para la ciudadanía.","Jefe de Oficina Asesora de Unidad Especial Oficina Asesora de Planeación","OFICINA ASESORA DE PLANEACIÓN","NO","BAJO",null,"MEDIO","ALTO",1,2,3,6,"MEDIO","NO",null,"PÚBLICA","No tiene excepción de acceso",null,"Información Pública de conocimiento General","No Aplica","2023-10-30","No Aplica "]
[738,"Direccionamiento y Planeación Estratégica","Respuesta de aprobación","Documento que contiene información relacionada con la solicitud, anual  a las dependencias de la construcción y/o actualización del PAAC, como estrategia fundamental de la Entidad en su lucha contra  la corrupciòn, fomento de la participación y la transparencia. Acorde con lo establecido en la ley de Transparencia.","2018-08-02",null,"Información","Español","Electrónico; Híbrido: Análogo - digital","2018-08-02","Documento de Texto","Disponible a solicitud","Anual","Archivos digitales","Serie documental que  registra las acciones que emprende la entidad para combatir la corrupción y actuar de forma transparente para la ciudadanía.","Jefe de Oficina Asesora de Unidad Especial Oficina Asesora de Planeación","Oficina Asesora De Planeación - Jefe De Oficina Asesora De Unidad Especial","NO","BAJO",null,"MEDIO","ALTO",1,2,3,6,"MEDIO","NO",null,"PÚBLICA","No tiene excepción de acceso",null,"Información Pública de conocimiento General","No Aplica","2020-04-28","No Aplica "]
[739,"Direccionamiento y Planeación Estratégica","Informe de seguimiento","Como resultado del monitoreo trimestral, este activo contiene las observaciones de avance realizadas desde la OAP en pro del cumplimiento de las actividades proyectadas en el Plan ","2018-08-02",null,"Información","Español","Electrónico; Análogo","2018-08-02","Documento PDF","Disponible a solicitud","Cuatrimestral","Archivos digitales","Serie documental que  registra las acciones que emprende la entidad para combatir la corrupción y actuar de forma transparente para la ciudadanía.","Jefe de Oficina Asesora de Unidad Especial Oficina Asesora de Planeación","OFICINA ASESORA DE PLANEACIÓN","NO","BAJO",null,"MEDIO","MEDIO",1,2,2,5,"MEDIO","NO",null,"PÚBLICA","No tiene excepción de acceso",null,"Información Pública de conocimiento General","No Aplica","2023-10-30","No Aplica "]
[740,"Direccionamiento y Planeación Estratégica","Correo para la publicación final en la web.","Solicitud a la OACP para publicar en la página web el informe de seguimiento periodico del PAAC en los plazos establecidos por la Ley.","2018-08-02",null,"Información","Español","Electrónico","2018-08-02","Documento PDF","Disponible a solicitud","Anual","Archivos digitales","Serie documental que  registra las acciones que emprende la entidad para combatir la corrupción y actuar de forma transparente para la ciudadanía.","Jefe de Oficina Asesora de Unidad Especial Oficina Asesora de Planeación","OFICINA ASESORA DE PLANEACIÓN","NO","BAJO",null,"MEDIO","MEDIO",1,2,2,5,"MEDIO","NO",null,"PÚBLICA","No tiene excepción de acceso",null,"Información Pública de conocimiento General","No Aplica","2023-10-30","No Aplica "]
[741,"Direccionamiento y Planeación Estratégica","Plan anticorrupción y atención al Ciudadano","Documento que contiene la información correspondiente al\nmonitoreo, soportes de ejecución de actividades  y controles a los riesgos de corrupción asociados.","2018-08-02",null,"Información","Español","Electrónico","2018-08-02","Hoja de calculo","Publicada","Cuatrimestral","Portales web propios","Serie documental que  registra las acciones que emprende la entidad para combatir la corrupción y actuar de forma transparente para la ciudadanía.","Jefe de Oficina Asesora de Unidad Especial Oficina Asesora de Planeación","OFICINA ASESORA DE PLANEACIÓN","NO","BAJO",null,"MEDIO","MEDIO",1,2,2,5,"MEDIO","NO",null,"PÚBLICA","No tiene excepción de acceso",null,"Información Pública de conocimiento General","No Aplica","2023-10-30","No Aplica "]
[742,"Direccionamiento y Planeación Estratégica","Mapas de riesgos de la corrupción","Documento que contiene la información de la identificación de riesgos de corrupción en la matriz relacionada con el plantemiento y seguimiento a los controles establecidos anualmente.","2018-08-02",null,"Información","Español","Electrónico","2018-08-02","Hoja de calculo","Publicada","Por demanda","Portales web propios","Serie documental que  registra las acciones que emprende la entidad para combatir la corrupción y actuar de forma transparente para la ciudadanía.","Jefe de Oficina Asesora de Unidad Especial Oficina Asesora de Planeación","OFICINA ASESORA DE PLANEACIÓN","NO","BAJO",null,"MEDIO","MEDIO",1,2,2,5,"MEDIO","NO",null,"PÚBLICA","No tiene excepción de acceso",null,"Información Pública de conocimiento General","No Aplica","2023-10-30","No Aplica "]
[743,"Direccionamiento y Planeación Estratégica","Lista de asistencia de aprobación final.","Documento que contiene información de los asistentes al comité en el que se presenta y aprueba el PAAC","2018-08-02",null,"Información","Español","Electrónico; Análogo","2018-08-02","Documento PDF","Disponible a solicitud","Por demanda","Archivos digitales","Serie documental que  registra las acciones que emprende la entidad para combatir la corrupción y actuar de forma transparente para la ciudadanía.","Jefe de Oficina Asesora de Unidad Especial Oficina Asesora de Planeación","OFICINA ASESORA DE PLANEACIÓN","NO","BAJO",null,"MEDIO","MEDIO",1,2,2,5,"MEDIO","NO",null,"PÚBLICA","No tiene excepción de acceso",null,"Información Pública de conocimiento General","No Aplica","2023-10-30","No Aplica "]
[744,"Direccionamiento y Planeación Estratégica","Plan de Acción ","Documento que contiene información sobre los indicadores, metas y  actividades que se gestionarán  anualmente para dar cumplimiento a los objetivos estratégicos y estrategias Institucionales.","2018-08-02",null,"Información","Español","Electrónico","2018-08-02","Hoja de calculo","Publicada","Por demanda","Portales web propios","Serie documental que da cuenta de la gestión de la UBPD frente a los objetivos propuestos","Jefe de Oficina Asesora de Unidad Especial Oficina Asesora de Planeación","OFICINA ASESORA DE PLANEACIÓN","NO","BAJO",null,"MEDIO","MEDIO",1,2,2,5,"MEDIO","NO",null,"PÚBLICA","No tiene excepción de acceso",null,"Información Pública de conocimiento General","No Aplica","2023-10-30","No Aplica "]
[745,"Direccionamiento y Planeación Estratégica","Memorando de solicitud de reporte periódico","Documento que contiene la solicitud a las dependencias del reporte de avance trimestral  de las actividades programadas.","2018-08-02",null,"Información","Español","Electrónico","2018-08-02","Hoja de calculo","Publicada","Trimestral","Archivos digitales","Serie documental que da cuenta de la gestión de la UBPD frente a los objetivos propuestos","Jefe de Oficina Asesora de Unidad Especial Oficina Asesora de Planeación","OFICINA ASESORA DE PLANEACIÓN","NO","BAJO",null,"MEDIO","MEDIO",1,2,2,5,"MEDIO","NO",null,"PÚBLICA","No tiene excepción de acceso",null,"Información Pública de conocimiento General","No Aplica","2023-10-30","No Aplica "]
[746,"Direccionamiento y Planeación Estratégica","Informe trimestral de seguimiento al plan","Documento que contiene el reporte trimestral por parte de  las dependencias con el avance de las actividades programadas.","2018-08-02",null,"Información","Español","Electrónico","2018-08-02","Hoja de calculo","Publicada","Trimestral","Portales web propios","Serie documental que da cuenta de la gestión de la UBPD frente a los objetivos propuestos","Jefe de Oficina Asesora de Unidad Especial Oficina Asesora de Planeación","OFICINA ASESORA DE PLANEACIÓN","SI","BAJO","MEDIO","MEDIO","MEDIO",2,2,2,6,"MEDIO","SI","Dato Privado","CLASIFICADA","El derecho de toda persona a la intimidad, bajo las limitaciones propias que impone la condición de servidor publico, en concordancia con lo estipulado por el artículo 24 de la Ley 1437 de 2011.",null,"Información exceptuada por daño de derechos a personas naturales o jurídicas.\n Articulo 18 Ley 1712 de 2014\nLos que involucren derechos a la privacidad e intimidad de las personas, incluidas en las hojas de vida, la historia laboral y los expedientes pensionales y demás registros de personal que obren en los archivos de las instituciones públicas o privadas, así como la historia clínica, salvo que sean solicitados por los propios interesados o por sus apoderados con facultad expresa para acceder a esa información.\n","Parcial","2020-04-28","Ilimitada, y no deberán aplicarse cuando la persona natural o jurídica ha consentido en la revelación de sus datos personales o privados o bien cuando es claro que la información fue entregada como parte de aquella información que debe estar bajo el régimen de publicidad aplicable"]
[747,"Direccionamiento y Planeación Estratégica","Lista de asistencia","Contiene el registro de participantes en las reuniones de construcción y aprobación del plan","2018-08-02",null,"Información","Español","Electrónico","2018-08-02","Hoja de calculo","Publicada","Por demanda","Archivos digitales","Serie documental que da cuenta de la gestión de la UBPD frente a los objetivos propuestos","Jefe de Oficina Asesora de Unidad Especial Oficina Asesora de Planeación","OFICINA ASESORA DE PLANEACIÓN","NO","BAJO",null,"MEDIO","MEDIO",1,2,2,5,"MEDIO","SI","Dato Privado","PÚBLICA","No tiene excepción de acceso",null,"Información Pública de conocimiento General","No Aplica","2022-09-21","No Aplica"]
[748,"Direccionamiento y Planeación Estratégica","Plan de Mejoramiento\n","Documentos que contiene las acciones correctivas y de mejora para los procesos de la Entidad.","2018-08-02",null,"Bases de Datos","Español","Electrónico","2021-11-01","Hoja de calculo; Documento PDF","Disponible a solicitud","Por demanda","Archivos digitales","Evidencia las actividades ejecutadas PARA LA MEJORA DE LOS PROCESOS  frente a los objetivos propuestos y el cumplimiento de los mismos.","Jefe de Oficina Asesora de Unidad Especial Oficina Asesora de Planeación","OFICINA ASESORA DE PLANEACIÓN","NO","BAJO",null,"MEDIO","MEDIO",1,2,2,5,"MEDIO","NO",null,"PÚBLICA","No tiene excepción de acceso",null,"Información Pública de conocimiento General","No Aplica","2023-10-30","No Aplica "]
[749,"Direccionamiento y Planeación Estratégica","Plan MECI (Formulación del Plan de acción MECI para cada vigencia) ","Documento que contiene información relacionada con las alternativas de mejora planteadas a los  componentes; actividades de control , evaluación de los riesgos, Ambiente de control, información y comunicaciones, actividades de monitoreo ","2018-08-02",null,"Bases de Datos","Español","Electrónico","2018-08-02","Hoja de calculo","Publicada","Por demanda","Archivos digitales","Serie documental que  condensan los documentos que hacen parte del Plan MECI, relacionados con todos los procesos de la Entidad, ya que contiene el historial de sus versiones durante la evolución de la Entidad","Jefe de Oficina Asesora de Unidad Especial Oficina Asesora de Planeación","OFICINA ASESORA DE PLANEACIÓN","NO","BAJO",null,"MEDIO","MEDIO",1,2,2,5,"MEDIO","NO",null,"PÚBLICA","No tiene excepción de acceso",null,"Información Pública de conocimiento General","No Aplica","2023-10-30","No Aplica "]
[750,"Direccionamiento y Planeación Estratégica","Matriz de Riesgos de Gestión","Documento que contiene información de los riesgos de Gestión de la UBPD, las actividades establecidas  para disminuir la probabilidad de su materialización y monitoreo de los mismos.","2018-08-02",null,"Bases de Datos","Español","Electrónico","2019-07-01","Documento PDF; Hoja de calculo","Publicada","Anual","Archivos digitales","Serie documental que  condensan los documentos que hacen parte del Plan MECI, relacionados con todos los procesos de la Entidad, ya que contiene el historial de sus versiones durante la evolución de la Entidad","Jefe de Oficina Asesora de Unidad Especial Oficina Asesora de Planeación","Oficina;Asesora;De;Planeación;-;Analista;Técnico; OFICINA ASESORA DE PLANEACIÓN","NO","BAJO",null,"MEDIO","ALTO",1,2,3,6,"MEDIO","NO",null,"PÚBLICA","No tiene excepción de acceso",null,"Información Pública de conocimiento General","No Aplica","2023-10-30","No Aplica "]
[751,"Direccionamiento y Planeación Estratégica","Invitaciones a convocatoria","Contiene la INVITACION a participar del proceso de construcciòn y/o actualización del PEI","2018-08-02",null,"Información","Español","Electrónico","2018-08-02","Documento PDF","Publicada","Por demanda","Archivos digitales","Evidencia las actividades ejecutadas por la Entidad frente a los objetivos propuestos y el cumplimiento de los mismos.","Jefe de Oficina Asesora de Unidad Especial Oficina Asesora de Planeación","OFICINA ASESORA DE PLANEACIÓN","NO","BAJO",null,"MEDIO","ALTO",1,2,3,6,"MEDIO","SI","Dato Privado","PÚBLICA","No tiene excepción de acceso",null,"Información Pública de conocimiento General","No Aplica","2022-09-21","No Aplica"]
[752,"Direccionamiento y Planeación Estratégica","Contexto estratégicos Institucionales","Contiene la identificación y análisis de factores internos y externos que pueden impactar los objetivos Institucionales","2018-08-02",null,"Información","Español","Electrónico","2018-08-02","Documento PDF","Publicada","Por demanda","Archivos digitales","Evidencia las actividades ejecutadas por la Entidad frente a los objetivos propuestos y el cumplimiento de los mismos.","Jefe de Oficina Asesora de Unidad Especial Oficina Asesora de Planeación","OFICINA ASESORA DE PLANEACIÓN","SI","BAJO","BAJO","MEDIO","ALTO",1,2,3,6,"MEDIO","NO","Dato Semiprivado","PÚBLICA","No tiene excepción de acceso",null,"Información Pública de conocimiento General","No Aplica","2023-10-30","No Aplica "]
[753,"Direccionamiento y Planeación Estratégica","Metodología","Contiene los lineamientos para desarrollar conjuntamente el Plan estratégico de manera participativa.","2018-08-02",null,"Información","Español","Electrónico","2018-08-02","Documento PDF","Publicada","Por demanda","Archivos digitales","Evidencia las actividades ejecutadas por la Entidad frente a los objetivos propuestos y el cumplimiento de los mismos.","Jefe de Oficina Asesora de Unidad Especial Oficina Asesora de Planeación","OFICINA ASESORA DE PLANEACIÓN","NO","BAJO",null,"MEDIO","ALTO",1,2,3,6,"MEDIO","NO",null,"PÚBLICA","No tiene excepción de acceso",null,"Información Pública de conocimiento General","No Aplica","2023-10-30","No Aplica "]
[754,"Direccionamiento y Planeación Estratégica","Lista de asistencia","IDEM LISTA ANTERIOR","2018-08-02",null,"Información","Español","Electrónico","2018-08-02","Documento PDF","Publicada","Por demanda","Archivos digitales","Evidencia las actividades ejecutadas por la Entidad frente a los objetivos propuestos y el cumplimiento de los mismos.","Jefe de Oficina Asesora de Unidad Especial Oficina Asesora de Planeación","OFICINA ASESORA DE PLANEACIÓN","NO","BAJO",null,"MEDIO","ALTO",1,2,3,6,"MEDIO","SI","Dato Privado","PÚBLICA","No tiene excepción de acceso",null,"Información Pública de conocimiento General","No Aplica","2022-09-21","No Aplica"]
[755,"Direccionamiento y Planeación Estratégica","Plan Estratégico Institucional","Contiene información sobre los objetivos estratégicos y estrategias que orientaran la gestión institucional a mediano plazo.","2018-08-02",null,"Información","Español","Electrónico","2018-08-02","Documento PDF","Publicada","Por demanda","Portales web propios","Evidencia las actividades ejecutadas por la Entidad frente a los objetivos propuestos y el cumplimiento de los mismos.","Jefe de Oficina Asesora de Unidad Especial Oficina Asesora de Planeación","OFICINA ASESORA DE PLANEACIÓN","NO","BAJO",null,"MEDIO","MEDIO",1,2,2,5,"MEDIO","NO",null,"PÚBLICA","No tiene excepción de acceso",null,"Información Pública de conocimiento General","No Aplica","2023-10-30","No Aplica "]
[756,"Direccionamiento y Planeación Estratégica","Registro de publicación en la web","Contiene soportes para la publicación en la página web de la Entidad","2018-08-02",null,"Información","Español","Electrónico","2018-08-02","Documento PDF","Publicada","Por demanda","Archivos digitales","Evidencia las actividades ejecutadas por la Entidad frente a los objetivos propuestos y el cumplimiento de los mismos.","Jefe de Oficina Asesora de Unidad Especial Oficina Asesora de Planeación","OFICINA ASESORA DE PLANEACIÓN","NO","BAJO",null,"MEDIO","MEDIO",1,2,2,5,"MEDIO","NO",null,"PÚBLICA","No tiene excepción de acceso",null,"Información Pública de conocimiento General","No Aplica","2023-10-30","No Aplica "]
[757,"Direccionamiento y Planeación Estratégica","Justificación del proyecto de inversión\n\n","Contiene información de los ajustes a los elementos de la cadena de valor del proyecto de inversión","2018-08-02",null,"Información","Español","Electrónico","2018-04-30","Documento PDF; Hoja de calculo","Disponible a solicitud","Anual","Archivos digitales","Evidencia sumarial de información exclusiva que posee la importancia colectiva y registra acontecimientos coyunturales en la UBPD. Ley 962 de 2005 art. 28","Jefe de Oficina Asesora de Unidad Especial Oficina Asesora de Planeación","OFICINA ASESORA DE PLANEACIÓN","SI","BAJO","BAJO","MEDIO","ALTO",1,2,3,6,"MEDIO","NO",null,"PÚBLICA","No tiene excepción de acceso",null,"Información Pública de conocimiento General","No Aplica","2023-10-30","No Aplica "]
[758,"Direccionamiento y Planeación Estratégica","Certificación 15%","Documento que contienen la aprobación del concepto favorable del proyecto de inversión","2018-04-30","2022-12-01","Bases de Datos","Español","Electrónico","2018-04-30","Hoja de calculo; Documento PDF","Disponible a solicitud","Por demanda","Archivos digitales","Evidencia la elaboración de los proyectos de unversión y de la determinación de su viabilidad técnica. Circular Externa 003 de 2015 del AGN","Jefe de Oficina Asesora de Unidad Especial Oficina Asesora de Planeación","OFICINA ASESORA DE PLANEACIÓN","NO","BAJO",null,"MEDIO","MEDIO",1,2,2,5,"MEDIO","NO",null,"PÚBLICA","No tiene excepción de acceso",null,"Información Pública de conocimiento General","No Aplica","2020-04-28","No Aplica "]
[759,"Direccionamiento y Planeación Estratégica","Concepto favorable","Contiene información de la elaboración de los proyectos de inversión y de la determinación de su viabilidad técnica.","2018-04-30","2022-12-01","Bases de Datos","Español","Electrónico","2018-04-30","Hoja de calculo; Documento PDF","Disponible a solicitud","Por demanda","Archivos digitales","Evidencia la elaboración de los proyectos de unversión y de la determinación de su viabilidad técnica. Circular Externa 003 de 2015 del AGN","Jefe de Oficina Asesora de Unidad Especial Oficina Asesora de Planeación","OFICINA ASESORA DE PLANEACIÓN","NO","BAJO",null,"MEDIO","MEDIO",1,2,2,5,"MEDIO","NO",null,"PÚBLICA","No tiene excepción de acceso",null,"Información Pública de conocimiento General","No Aplica","2020-04-28","No Aplica "]
[760,"Direccionamiento y Planeación Estratégica","Cronograma de actividades","Contiene informes mensuales de la ejecución presupuestal de los proyectos de inversión y los avances fìsicos y financieros de lo tres proyectos de inversión","2018-04-30","2022-12-01","Bases de Datos","Español","Electrónico","2018-04-30","Hoja de calculo; Documento PDF","Disponible a solicitud","Por demanda","Archivos digitales","Evidencia la elaboración de los proyectos de unversión y de la determinación de su viabilidad técnica. Circular Externa 003 de 2015 del AGN","Jefe de Oficina Asesora de Unidad Especial Oficina Asesora de Planeación","OFICINA ASESORA DE PLANEACIÓN","NO","BAJO",null,"MEDIO","MEDIO",1,2,2,5,"MEDIO","NO",null,"PÚBLICA","No tiene excepción de acceso",null,"Información Pública de conocimiento General","No Aplica","2020-04-28","No Aplica "]
[761,"Direccionamiento y Planeación Estratégica","Vigencias futuras","Contiene información de tramites presupuestales que requiran vigencia futura para dar continuidad a contratos estratégicos que requieran pasar la vigencia fiscal actual. Ya que contiene diferentes soportes requeridos por el DNP para tramitar dicha solicitud.","2018-04-30",null,"Bases de Datos","Español","Electrónico","2018-04-30","Hoja de calculo; Documento PDF","Disponible a solicitud","Por demanda","Archivos digitales","Evidencia la elaboración de los proyectos de unversión y de la determinación de su viabilidad técnica. Circular Externa 003 de 2015 del AGN","Jefe de Oficina Asesora de Unidad Especial Oficina Asesora de Planeación","OFICINA ASESORA DE PLANEACIÓN","SI","BAJO","BAJO","MEDIO","ALTO",1,2,3,6,"MEDIO","NO",null,"PÚBLICA","No tiene excepción de acceso",null,"Información Pública de conocimiento General","No Aplica","2023-10-30","No Aplica "]
[762,"Direccionamiento y Planeación Estratégica","Aprobación del proyecto de inversión\n\n"," Contiene la justificación técnica y económica de la solicitud de recursos del Presupuesto General de la Nación (PGN) por parte de la UBPD","2018-04-30",null,"Bases de Datos","Español","Electrónico","2018-04-30","Hoja de calculo; Documento PDF","Disponible a solicitud","Por demanda","Archivos digitales","Evidencia la elaboración de los proyectos de unversión y de la determinación de su viabilidad técnica. Circular Externa 003 de 2015 del AGN","Jefe de Oficina Asesora de Unidad Especial Oficina Asesora de Planeación","OFICINA ASESORA DE PLANEACIÓN","SI","BAJO","BAJO","MEDIO","ALTO",1,2,3,6,"MEDIO","NO",null,"PÚBLICA","No tiene excepción de acceso",null,"Información Pública de conocimiento General","No Aplica","2023-10-30","No Aplica "]
[763,"Direccionamiento y Planeación Estratégica","Informe de seguimiento a proyectos de inversión","Contiene informes mensuales de la ejecución presupuestal de los proyectos de inversión y los avances fìsicos y financieros de lo tres proyectos de inversión","2018-04-30",null,"Bases de Datos","Español","Electrónico","2018-04-30","Hoja de calculo; Documento PDF","Disponible a solicitud","Por demanda","Archivos digitales","Evidencia la elaboración de los proyectos de unversión y de la determinación de su viabilidad técnica. Circular Externa 003 de 2015 del AGN","Jefe de Oficina Asesora de Unidad Especial Oficina Asesora de Planeación","OFICINA ASESORA DE PLANEACIÓN","NO","BAJO","BAJO","MEDIO","ALTO",1,2,3,6,"MEDIO","NO",null,"PÚBLICA","No tiene excepción de acceso",null,"Información Pública de conocimiento General","No Aplica","2023-10-30","No Aplica "]
[764,"Direccionamiento y Planeación Estratégica","Plan MECI (Seguimiento semestral) ","Documento que contiene información relacionada con las alternativas de mejora planteadas a los  componentes; actividades de control , evaluación de los riesgos, Ambiente de control, información y comunicaciones, actividades de monitoreo ","2018-08-02",null,"Bases de Datos","Español","Electrónico","2018-08-02","Hoja de calculo","Publicada","Por demanda","Archivos digitales","Serie documental que  condensan los documentos que hacen parte del Plan MECI, relacionados con todos los procesos de la Entidad, ya que contiene el historial de sus versiones durante la evolución de la Entidad","Jefe de Oficina Asesora de Unidad Especial Oficina Asesora de Planeación","OFICINA ASESORA DE PLANEACIÓN","NO","BAJO",null,"MEDIO","MEDIO",1,2,2,5,"MEDIO","NO",null,"PÚBLICA","No tiene excepción de acceso",null,"Información Pública de conocimiento General","No Aplica","2023-10-30","No Aplica "]
[765,"Gestión Financiera","Convocatoria a Comité","Documento mediante el cual, el secretario técnico del Comité convoca a los integrantes a las sesiones ordinarias o extraordinarias.","2021-06-25",null,"Información","Español","Electrónico","2019-12-11","Documento PDF; Documento de Texto","Disponible a solicitud","Semestral","Archivos digitales","Este documento es importante porque a traves de el, se deja el registro de las convocatoria realizada a los miembros del Comité de Sostenibilidad Contable de la UBPD.","Subdirector de Unidad Especial Subdirección Administrativa y Financiera","Grupo Interno de Trabajo de GestiónFinanciera y Contable","NO","BAJO",null,"BAJO","BAJO",1,1,1,3,"BAJO","NO",null,"PÚBLICA","No tiene excepción de acceso",null,"Información Pública de conocimiento General","No Aplica","2022-11-01","No Aplica"]
[766,"Gestión Financiera","Acta de Comité","Documento que contiene las decisiones, los compromisos y los avances de los temas abordados en el Comité de Sostenibilidad Contable e incluye listado de asistencia y anexos.","2021-06-25",null,"Información","Español","Electrónico","2019-12-11","Documento PDF","Disponible a solicitud","Semestral","Archivos digitales","la importancia de este documento radica en que en el se consignan las decisiones, compromisos y avances de los temas abordados en las sesiones del Comité de Sostenibilidad Contable de la UBPD.","Subdirector de Unidad Especial Subdirección Administrativa y Financiera","Grupo Interno de Trabajo de GestiónFinanciera y Contable","NO","BAJO",null,"BAJO","BAJO",1,1,1,3,"BAJO","NO",null,"PÚBLICA","No tiene excepción de acceso",null,"Información Pública de conocimiento General","No Aplica","2022-11-01","No Aplica"]
[767,"Gestión Financiera","Acta de liquidación contrato o convenio","Documento soporte que permite realizar la reducción de Registro Presupuestal del contrato o convenio","2021-06-25","2022-01-01","Información","Español","Electrónico","2021-06-25","Documento PDF","Disponible a solicitud","Por demanda","Archivos digitales",null,"Subdirector de Unidad Especial Subdirección Administrativa y Financiera","Grupo Interno de Trabajo de GestiónFinanciera y Contable","NO","BAJO",null,"MEDIO","MEDIO",1,2,2,5,"MEDIO","NO",null,"PÚBLICA","No tiene excepción de acceso",null,"Información Pública de conocimiento General","No Aplica","2022-11-01","No Aplica"]
[768,"Gestión Financiera","Acto administrativo de autorización liberación del gasto","Documento soporte que permite realizarla liberación de recursos en el Registro Presupuestal.  ","2021-06-25","2022-01-01","Información","Español","Electrónico","2021-06-26","Documento PDF","Disponible a solicitud","Por demanda","Archivos digitales",null,"Subdirector de Unidad Especial Subdirección Administrativa y Financiera","Grupo Interno de Trabajo de GestiónFinanciera y Contable","NO","BAJO",null,"BAJO","BAJO",1,1,1,3,"BAJO","NO",null,"PÚBLICA","No tiene excepción de acceso",null,"Información Pública de conocimiento General","No Aplica","2022-11-01","No Aplica"]
[769,"Gestión Financiera","Solicitud de cancelación reserva presupuestal","Documento soporte que permite realizarla cancelación de una reserva presupuestal.  ","2021-06-25","2022-01-01","Información","Español","Electrónico","2021-06-25","Documento PDF","Disponible a solicitud","Por demanda","Archivos digitales",null,"Subdirector de Unidad Especial Subdirección Administrativa y Financiera","Grupo Interno de Trabajo de GestiónFinanciera y Contable","NO","BAJO",null,"MEDIO","BAJO",1,2,1,4,"MEDIO","NO",null,"PÚBLICA","No tiene excepción de acceso",null,"Información Pública de conocimiento General","No Aplica","2022-11-01","No Aplica"]
[770,"Gestión Financiera","Acta de cancelación de la Reserva Documental","Documento firmado por el ordenador del gasto el cual permite cancelar las reservas que no fueron ejecutadas para proceder a liberar los recursos no ejecutados y respaldados a través de la reservas presupuestales.","2021-06-25","2022-01-01","Información","Español","Electrónico","2021-06-25","Documento PDF","Disponible a solicitud","Por demanda","Archivos digitales",null,"Subdirector de Unidad Especial Subdirección Administrativa y Financiera","Grupo Interno de Trabajo de GestiónFinanciera y Contable","NO","BAJO",null,"BAJO","BAJO",1,1,1,3,"BAJO","NO",null,"PÚBLICA","No tiene excepción de acceso",null,"Información Pública de conocimiento General","No Aplica","2022-11-01","No Aplica"]
[771,"Gestión Financiera","Solicitud de Certificado de Disponibilidad Presupuestal.","Documento soporte que permite iniciar la afectación de las apropiaciones presupuestales para la posterior expedición del Certificado de Disponibilidad Presupuestal.","2021-06-25",null,"Información","Español","Electrónico","2021-06-25","Documento PDF","Disponible a solicitud","Por demanda","Archivos digitales","La serie es importante para la entidad ya que  estos certificados afectan los saldos disponibles de la apropiaciones asignadas a la entidad y permiten el perfeccionamiento presupuestal de los actos administrativos.","Subdirector de Unidad Especial Subdirección Administrativa y Financiera","Grupo Interno de Trabajo de GestiónFinanciera y Contable","NO","BAJO",null,"BAJO","BAJO",1,1,1,3,"BAJO","NO",null,"PÚBLICA","No tiene excepción de acceso",null,"Información Pública de conocimiento General","No Aplica","2022-11-01","No Aplica"]
[772,"Gestión Contractual","Estudio Previos","Documentos que contiene la elaboración previa de estudios y análisis antes de iniciar un procedimiento de selección, en la etapa pre contractual.","2021-06-25","2022-01-01","Información","Español","Electrónico","2021-06-25","Documento PDF","Disponible a solicitud","Por demanda","Archivos digitales",null,"Secretario General de Unidad Especial Secretaría General","Grupo Interno de Trabajo de GestiónFinanciera y Contable","NO","MEDIO",null,"BAJO","BAJO",2,1,1,4,"MEDIO","NO",null,"CLASIFICADA","Los secretos comerciales, industriales y profesionales,  a excepción de lo estipulados en el articulo 77 de la Ley 1474 de 2011",null,"Información exceptuada por daño de derechos a personas naturales o jurídicas.\n Articulo 18 Ley 1712 de 2014","Parcial","2022-11-01","Ilimitada, y no deberán aplicarse cuando la persona natural o jurídica ha consentido en la revelación de sus datos personales o privados o bien cuando es claro que la información fue entregada como parte de aquella información que debe estar bajo el régimen de publicidad aplicable"]
[773,"Gestión Financiera","Certificado de Disponibilidad Presupuestal.","Documento que se expide a través del Sistema Integrado de  Información Financiera -SIIF, el cual asegura la disponibilidad de recursos libres de afectación presupuestal para la asunción de gastos.","2021-06-25",null,"Información","Español","Electrónico","2021-06-25","Documento PDF","Disponible a solicitud","Por demanda","Archivos digitales","La serie es importante para la entidad ya que  estos certificados afectan los saldos disponibles de la apropiaciones asignadas a la entidad y permiten el perfeccionamiento presupuestal de los actos administrativos.","Subdirector de Unidad Especial Subdirección Administrativa y Financiera","Grupo Interno de Trabajo de GestiónFinanciera y Contable","NO","BAJO",null,"BAJO","MEDIO",1,1,2,4,"MEDIO","NO",null,"PÚBLICA","No tiene excepción de acceso",null,"Información Pública de conocimiento General","No Aplica","2022-11-01","No Aplica"]
[774,"Gestión Financiera","Expedición de CDP","Documento que se expide a través del sistema integrado de  información financiero-SIIF que asegura la disponibilidad de recursos libres de afectación para la asunción de gastos.","2021-06-25","2022-01-01","Información","Español","Electrónico","2021-06-25","Documento PDF","Disponible a solicitud","Por demanda","Sistemas de información",null,"Subdirector de Unidad Especial Subdirección Administrativa y Financiera","Grupo Interno de Trabajo de GestiónFinanciera y Contable","NO","BAJO",null,"BAJO","BAJO",1,1,1,3,"BAJO","NO",null,"PÚBLICA","No tiene excepción de acceso",null,"Información Pública de conocimiento General","No Aplica","2022-11-01","No Aplica"]
[775,"Gestión Financiera","Reducción de CDP","Documento que se expide a través del Sistema Integrado de  Información Financiera -SIIF, el cual recoge las solicitudes de las dependencias de la entidad para la reducción de saldos del mismo.","2021-06-25",null,"Información","Español","Electrónico","2021-06-25","Documento PDF","Disponible a solicitud","Por demanda","Sistemas de información","La serie es importante para la entidad ya que  estos certificados afectan los saldos disponibles de la apropiaciones asignadas a la entidad y permiten el perfeccionamiento presupuestal de los actos administrativos.","Subdirector de Unidad Especial Subdirección Administrativa y Financiera","Grupo Interno de Trabajo de GestiónFinanciera y Contable","NO","BAJO",null,"BAJO","MEDIO",1,1,2,4,"MEDIO","NO",null,"PÚBLICA","No tiene excepción de acceso",null,"Información Pública de conocimiento General","No Aplica","2022-11-01","No Aplica"]
[776,"Gestión Financiera","Anulación de CDP","Documento que se expide a través del sistema integrado de  información financiero-SIIF que asegura la disponibilidad de recursos libres de afectación para la asunción de gastos.","2021-06-25","2022-01-01","Información","Español","Electrónico","2021-06-25","Documento PDF","Disponible a solicitud","Por demanda","Sistemas de información",null,"Subdirector de Unidad Especial Subdirección Administrativa y Financiera","Grupo Interno de Trabajo de GestiónFinanciera y Contable","NO","BAJO",null,"MEDIO","MEDIO",1,2,2,5,"MEDIO","NO",null,"PÚBLICA","No tiene excepción de acceso",null,"Información Pública de conocimiento General","No Aplica","2022-11-01","No Aplica"]
[777,"Gestión Financiera","Liberación de CDP","Documento que se expide a través del sistema integrado de  información financiero-SIIF que asegura la disponibilidad de recursos libres de afectación para la asunción de gastos.","2021-06-25","2022-01-01","Información","Español","Electrónico","2021-06-25","Documento PDF","Disponible a solicitud","Por demanda","Sistemas de información",null,"Subdirector de Unidad Especial Subdirección Administrativa y Financiera","Grupo Interno de Trabajo de GestiónFinanciera y Contable","NO","BAJO",null,"MEDIO","BAJO",1,2,1,4,"MEDIO","NO",null,"PÚBLICA","No tiene excepción de acceso",null,"Información Pública de conocimiento General","No Aplica","2022-11-01","No Aplica"]
[778,"Gestión Financiera","Registro Presupuestal del Compromiso","Documento expedido a través del Sistema Integrado de Información Financiera - SIIF, el cual afecta de manera definitiva el presupuesto de la entidad, perfecciona los actos administrativos y asegura que los recursos contenidos en él no serán destinados para otro fin.","2021-06-25",null,"Información","Español","Electrónico","2021-06-25","Documento PDF","Disponible a solicitud","Por demanda","Sistemas de información","La serie es importante para la entidad ya que  estos certificados afectan los saldos disponibles de la apropiaciones asignadas a la entidad y permiten el perfeccionamiento presupuestal de los actos administrativos.","Subdirector de Unidad Especial Subdirección Administrativa y Financiera","Grupo Interno de Trabajo de GestiónFinanciera y Contable","NO","BAJO",null,"BAJO","MEDIO",1,1,2,4,"MEDIO","NO",null,"PÚBLICA","No tiene excepción de acceso",null,"Información Pública de conocimiento General","No Aplica","2022-11-01","No Aplica"]
[779,"Gestión Financiera","Acto administrativo","Es la manifestación de la voluntad de la administración, para suscribir contratos o convenios o expedir los diferentes actos administrativos para la adquisición de bienes y servicios que aseguren el normal funcionamiento y cumplimiento misional de la Unidad.","2021-06-25","2022-01-01","Información","Español","Electrónico","2021-06-25","Documento PDF","Disponible a solicitud","Por demanda","Archivos digitales",null,"Subdirector de Unidad Especial Subdirección Administrativa y Financiera","Grupo Interno de Trabajo de GestiónFinanciera y Contable","NO","BAJO",null,"MEDIO","BAJO",1,2,1,4,"MEDIO","NO",null,"PÚBLICA","No tiene excepción de acceso",null,"Información Pública de conocimiento General","No Aplica","2022-11-01","No Aplica"]
[780,"Gestión Financiera","Certificado de registro presupuestal","Documento mediante la cual se perfecciona el compromiso y se afecta en forma definitiva la apropiación, garantizando que ésta no será desviada a ningún otro fin.","2021-06-25","2022-01-01","Información","Español","Electrónico","2021-06-25","Documento PDF","Disponible a solicitud","Por demanda","Sistemas de información",null,"Subdirector de Unidad Especial Subdirección Administrativa y Financiera","Grupo Interno de Trabajo de GestiónFinanciera y Contable","NO","BAJO",null,"MEDIO","BAJO",1,2,1,4,"MEDIO","NO",null,"PÚBLICA","No tiene excepción de acceso",null,"Información Pública de conocimiento General","No Aplica","2022-11-01","No Aplica"]
[781,"Gestión Financiera","Soporte de creación terceros","Documento generado por  medio de sistema integrado de  información financiero-SIIF.que permite  evidenciar que el tercero fue creado.","2021-06-25","2022-01-01","Información","Español","Electrónico",null,"Documento PDF","Disponible a solicitud","Por demanda","Archivos digitales",null,"Subdirector de Unidad Especial Subdirección Administrativa y Financiera","Grupo Interno de Trabajo de GestiónFinanciera y Contable","NO","BAJO",null,"MEDIO","BAJO",1,2,1,4,"MEDIO","NO",null,"PÚBLICA","No tiene excepción de acceso",null,"Información Pública de conocimiento General","No Aplica","2022-11-01","No Aplica"]
[782,"Gestión Financiera","Adición de registro presupuestal","Documento mediante la cual se perfecciona el compromiso y se afecta en forma definitiva la apropiación, garantizando que ésta no será desviada a ningún otro fin.","2021-06-25","2022-01-01","Información","Español","Electrónico","2021-06-25","Documento PDF","Disponible a solicitud","Por demanda","Sistemas de información",null,"Subdirector de Unidad Especial Subdirección Administrativa y Financiera","Grupo Interno de Trabajo de GestiónFinanciera y Contable","NO","BAJO",null,"MEDIO","BAJO",1,2,1,4,"MEDIO","NO",null,"PÚBLICA","No tiene excepción de acceso",null,"Información Pública de conocimiento General","No Aplica","2022-11-01","No Aplica"]
[783,"Gestión Financiera","Reducción de registro presupuestal","Documento mediante la cual se perfecciona el compromiso y se afecta en forma definitiva la apropiación, garantizando que ésta no será desviada a ningún otro fin.","2021-06-25","2022-01-01","Información","Español","Electrónico","2021-06-25","Documento PDF","Disponible a solicitud","Por demanda","Sistemas de información",null,"Subdirector de Unidad Especial Subdirección Administrativa y Financiera","Grupo Interno de Trabajo de GestiónFinanciera y Contable","NO","BAJO",null,"MEDIO","BAJO",1,2,1,4,"MEDIO","NO",null,"PÚBLICA","No tiene excepción de acceso",null,"Información Pública de conocimiento General","No Aplica","2022-11-01","No Aplica"]
[784,"Gestión Financiera","Liberación de registro presupuestal","Documento mediante la cual se perfecciona el compromiso y se afecta en forma definitiva la apropiación, garantizando que ésta no será desviada a ningún otro fin.","2021-06-25","2022-01-01","Información","Español","Electrónico","2021-06-25","Documento PDF","Disponible a solicitud","Por demanda","Sistemas de información",null,"Subdirector de Unidad Especial Subdirección Administrativa y Financiera","Grupo Interno de Trabajo de GestiónFinanciera y Contable","NO","BAJO",null,"MEDIO","BAJO",1,2,1,4,"MEDIO","NO",null,"PÚBLICA","No tiene excepción de acceso",null,"Información Pública de conocimiento General","No Aplica","2022-11-01","No Aplica"]
[785,"Gestión de Talento Humano","Solicitud de comisión",null,"2021-06-25","2022-01-01","Información","Español","Electrónico","2021-06-25","Documento PDF","Disponible a solicitud","Por demanda","Archivos digitales",null,"Subdirector de Unidad Especial Subdirección de Gestión Humana","Grupo Interno de Trabajo de GestiónFinanciera y Contable","NO","BAJO",null,"BAJO","BAJO",1,1,1,3,"BAJO","NO",null,"PÚBLICA","No tiene excepción de acceso",null,"Información Pública de conocimiento General","No Aplica","2022-11-01","No Aplica"]
[786,"Gestión Financiera","Certificado de disponibilidad presupuestal",null,"2021-06-25","2022-01-01","Información","Español","Electrónico","2021-06-25","Documento PDF","Disponible a solicitud","Por demanda","Archivos digitales",null,"Subdirector de Unidad Especial Subdirección Administrativa y Financiera","Grupo Interno de Trabajo de GestiónFinanciera y Contable","NO","BAJO",null,"BAJO","BAJO",1,1,1,3,"BAJO","NO",null,"PÚBLICA","No tiene excepción de acceso",null,"Información Pública de conocimiento General","No Aplica","2022-11-01","No Aplica"]
[787,"Gestión Financiera","Tiquete de viáticos",null,"2021-06-25","2022-01-01","Información","Español","Electrónico","2021-06-25","Documento PDF; HTML","Disponible a solicitud","Por demanda","Archivos digitales",null,"Subdirector de Unidad Especial Subdirección Administrativa y Financiera","Grupo Interno de Trabajo de GestiónFinanciera y Contable","NO","BAJO",null,"BAJO","MEDIO",1,1,2,4,"MEDIO","NO",null,"PÚBLICA","No tiene excepción de acceso",null,"Información Pública de conocimiento General","No Aplica","2022-11-01","No Aplica"]
[788,"Gestión Financiera","Formato de legalización de comisión",null,"2021-06-25","2022-01-01","Información","Español","Electrónico","2021-06-25","Documento PDF","Disponible a solicitud","Por demanda","Archivos digitales",null,"Subdirector de Unidad Especial Subdirección Administrativa y Financiera","Grupo Interno de Trabajo de GestiónFinanciera y Contable","NO","BAJO",null,"BAJO","BAJO",1,1,1,3,"BAJO","NO",null,"PÚBLICA","No tiene excepción de acceso",null,"Información Pública de conocimiento General","No Aplica","2022-11-01","No Aplica"]
[789,"Gestión de Talento Humano","Resolución","Acto administrativo","2021-06-25","2022-01-01","Información","Español","Electrónico","2021-06-25","Documento PDF","Disponible a solicitud","Por demanda","Archivos digitales",null,"Subdirector de Unidad Especial Subdirección de Gestión Humana","Grupo Interno de Trabajo de GestiónFinanciera y Contable","NO","BAJO",null,"BAJO","BAJO",1,1,1,3,"BAJO","NO",null,"PÚBLICA","No tiene excepción de acceso",null,"Información Pública de conocimiento General","No Aplica","2022-11-01","No Aplica"]
[790,"Gestión Administrativa","Comprobante de solicitud de reembolso o cierre presupuestal de una caja menor","Documento soporte generado por aplicativo SIIF, mediante el cual el cuentadante hace la solicitud de reembolso o cierre presupuestal de una caja menor la Grupo de Gestión Financiera y Contable.","2021-06-25",null,"Información","Español","Electrónico","2021-06-25","Documento PDF","Disponible a solicitud","Por demanda","Sistemas de información","Documento soporte generado por aplicativo SIIF, mediante el cual el cuentadante hace la solicitud de reembolso o cierre presupuestal de una caja menor la Grupo de Gestión Financiera y Contable.","Subdirector de Unidad Especial Subdirección Administrativa y Financiera","Grupo Interno de Trabajo de GestiónFinanciera y Contable","NO","BAJO",null,"BAJO","MEDIO",1,1,2,4,"MEDIO","NO",null,"PÚBLICA","No tiene excepción de acceso",null,"Información Pública de conocimiento General","No Aplica","2022-11-01","No Aplica"]
[791,"Gestión Financiera","Comprobante de legalización - SIIF Nación","Documento soporte generado por aplicativo SIIF, mediante el cual se realiza la legalización de los gastos de la caja menor solicitados por el cuentadante mediante el comprobante de solicitud de reembolso o cierre presupuestal de una caja menor","2021-06-25",null,"Información","Español","Electrónico","2021-06-25","Documento PDF","Disponible a solicitud","Por demanda","Sistemas de información","Documento soporte generado por aplicativo SIIF, mediante el cual se realiza la legalización de los gastos de la caja menor solicitados por el cuentadante mediante el comprobante de solicitud de reembolso o cierre presupuestal de una caja menor","Subdirector de Unidad Especial Subdirección Administrativa y Financiera","Grupo Interno de Trabajo de GestiónFinanciera y Contable","NO","BAJO",null,"BAJO","MEDIO",1,1,2,4,"MEDIO","NO",null,"PÚBLICA","No tiene excepción de acceso",null,"Información Pública de conocimiento General","No Aplica","2022-11-01","No Aplica"]
[792,"Gestión Financiera","Entrada a almacén","Documento que soporta el ingreso de bienes a la UBPD, a través del software dispuesto para tal fin a cargo del Grupo de Gestión Logística e Inventarios, con sus respectivos anexos. ","2021-06-25","2022-01-01","Información","Español","Electrónico","2021-06-25","Documento PDF","Disponible a solicitud","Por demanda","Archivos digitales",null,"Subdirector de Unidad Especial Subdirección Administrativa y Financiera","Grupo Interno de Trabajo de GestiónFinanciera y Contable","NO","BAJO",null,"MEDIO","BAJO",1,2,1,4,"MEDIO","NO",null,"PÚBLICA","No tiene excepción de acceso",null,"Información Pública de conocimiento General","No Aplica","2022-11-01","No Aplica"]
[793,"Gestión Financiera","Informe de inventario de bienes","Documento que contiene la relación de los activos por ubicación y placa de la UBPD registrados en el software dispuesto para tal fin a cargo del Grupo de Gestión Logística e Inventarios.","2021-06-25","2022-01-01","Información","Español","Electrónico","2021-06-25","Documento PDF","Disponible a solicitud","Por demanda","Archivos digitales",null,"Subdirector de Unidad Especial Subdirección Administrativa y Financiera","Grupo Interno de Trabajo de GestiónFinanciera y Contable","NO","BAJO",null,"BAJO","BAJO",1,1,1,3,"BAJO","NO",null,"PÚBLICA","No tiene excepción de acceso",null,"Información Pública de conocimiento General","No Aplica","2022-11-01","No Aplica"]
[794,"Gestión Financiera","Boletín de almacén","Documento con los consolidados de los movimientos mensuales de almacén de la UBPD reflejados en el reporte del balance de comprobación del software dispuesto para tal fin a cargo del Grupo de Gestión Logística e Inventarios.","2021-06-25","2022-01-01","Información","Español","Electrónico","2021-06-25","Documento PDF","Disponible a solicitud","Por demanda","Archivos digitales",null,"Subdirector de Unidad Especial Subdirección Administrativa y Financiera","Grupo Interno de Trabajo de GestiónFinanciera y Contable","NO","BAJO",null,"BAJO","BAJO",1,1,1,3,"BAJO","NO",null,"PÚBLICA","No tiene excepción de acceso",null,"Información Pública de conocimiento General","No Aplica","2022-11-01","No Aplica"]
[795,"Gestión Financiera","Salida de almacén","Documento que soporta la ubicación y entrega de los bienes, incluyendo los de  consumo de la UBPD, en el software dispuesto para tal fin a cargo del Grupo de Gestión Logística e Inventarios.","2021-06-25","2022-01-01","Información","Español","Electrónico","2021-06-25","Documento PDF","Disponible a solicitud","Por demanda","Archivos digitales",null,"Subdirector de Unidad Especial Subdirección Administrativa y Financiera","Grupo Interno de Trabajo de GestiónFinanciera y Contable","NO","BAJO",null,"MEDIO","BAJO",1,2,1,4,"MEDIO","NO",null,"PÚBLICA","No tiene excepción de acceso",null,"Información Pública de conocimiento General","No Aplica","2022-11-01","No Aplica"]
[796,"Gestión Financiera","Baja de bienes","Documento que soporta la baja de bienes propiedad de la UBPD","2021-06-25","2022-01-01","Información","Español","Electrónico","2021-06-25","Documento PDF","Disponible a solicitud","Por demanda","Archivos digitales",null,"Subdirector de Unidad Especial Subdirección Administrativa y Financiera","Grupo Interno de Trabajo de GestiónFinanciera y Contable","NO","BAJO",null,"BAJO","BAJO",1,1,1,3,"BAJO","NO",null,"PÚBLICA","No tiene excepción de acceso",null,"Información Pública de conocimiento General","No Aplica","2022-11-01","No Aplica"]
[797,"Gestión Financiera","Depreciación y amortización","Documento de soporta la depreciación y amortización de los bienes de la UBPD, en el software dispuesto para tal fin a cargo del Grupo de Gestión Logística e Inventarios.","2021-06-25","2022-01-01","Información","Español","Electrónico","2021-06-25","Documento PDF","Disponible a solicitud","Por demanda","Archivos digitales",null,"Subdirector de Unidad Especial Subdirección Administrativa y Financiera","Grupo Interno de Trabajo de GestiónFinanciera y Contable","NO","BAJO",null,"BAJO","BAJO",1,1,1,3,"BAJO","NO",null,"PÚBLICA","No tiene excepción de acceso",null,"Información Pública de conocimiento General","No Aplica","2022-11-01","No Aplica"]
[798,"Gestión Financiera","Extracto bancario","Documento soporte que expide una entidad financiera, donde se reflejan los saldos y movimientos de una cuenta bancaria en un periodo determinado.","2021-06-25",null,"Información","Español","Electrónico","2021-06-25","Documento PDF","Disponible a solicitud","Por demanda","Archivos digitales","La información contiene insumo importante para la elaboración de los estados financieros, que permitan reflejar la realidad económica de la UBPD.","Subdirector de Unidad Especial Subdirección Administrativa y Financiera","Grupo Interno de Trabajo de GestiónFinanciera y Contable","NO","BAJO",null,"BAJO","MEDIO",1,1,2,4,"MEDIO","NO",null,"PÚBLICA","No tiene excepción de acceso",null,"Información Pública de conocimiento General","No Aplica","2022-11-01","No Aplica"]
[799,"Gestión Financiera","Libro auxiliar de bancos (SIIF)","Reporte de los movimientos registrados en el SIIF Nación de la cuenta contable bancos de los movimientos diarios.","2021-06-25",null,"Información","Español","Electrónico","2021-06-25","Documento PDF; Hoja de calculo","Disponible a solicitud","Por demanda","Archivos digitales","La información contiene insumo importante para la elaboración de los estados financieros, que permitan reflejar la realidad económica de la UBPD.","Subdirector de Unidad Especial Subdirección Administrativa y Financiera","Grupo Interno de Trabajo de GestiónFinanciera y Contable","NO","BAJO",null,"BAJO","MEDIO",1,1,2,4,"MEDIO","NO",null,"PÚBLICA","No tiene excepción de acceso",null,"Información Pública de conocimiento General","No Aplica","2022-11-01","No Aplica"]
[800,"Gestión Financiera","Comunicaciones oficiales","Documentos mediante los cuales se intercambia información y se hacen solicitudes a las dependencias generadoras de información.","2021-06-25",null,"Información","Español","Electrónico","2021-06-25","Documento PDF","Disponible a solicitud","Por demanda","Archivos digitales","La información contiene insumo importante para la elaboración de los estados financieros, que permitan reflejar la realidad económica de la UBPD.","Subdirector de Unidad Especial Subdirección Administrativa y Financiera","Grupo Interno de Trabajo de GestiónFinanciera y Contable","NO","BAJO",null,"BAJO","MEDIO",1,1,2,4,"MEDIO","NO",null,"PÚBLICA","No tiene excepción de acceso",null,"Información Pública de conocimiento General","No Aplica","2022-11-01","No Aplica"]
[801,"Gestión Financiera","Conciliación","Documento que contiene la conciliación entre los saldos del balance y los saldos de los extractos de las cuentas bancarias","2021-06-25",null,"Información","Español","Electrónico","2021-06-25","Documento PDF","Disponible a solicitud","Por demanda","Archivos digitales","La información contiene insumo importante para la elaboración de los estados financieros, que permitan reflejar la realidad económica de la UBPD.","Subdirector de Unidad Especial Subdirección Administrativa y Financiera","Grupo Interno de Trabajo de GestiónFinanciera y Contable","NO","BAJO",null,"BAJO","MEDIO",1,1,2,4,"MEDIO","NO",null,"PÚBLICA","No tiene excepción de acceso",null,"Información Pública de conocimiento General","No Aplica","2022-11-01","No Aplica"]
[802,"Gestión Financiera","Relación de cuentas por pagar","Documento con el reporte generado por el SIIF Nación el cual contiene el detalle de las obligaciones, cuyos bienes y servicios fueron recibidos a satisfacción al 31 de diciembre de cada año y que no fueron pagadas dentro de la misma vigencia, en éste se  identifica el beneficiario del pago, el valor a pagar, el acto administrativo, entre otros.","2021-06-25","2022-01-01","Información","Español","Electrónico","2021-06-25","Documento PDF; Hoja de calculo","Disponible a solicitud","Por demanda","Sistemas de información",null,"Subdirector de Unidad Especial Subdirección Administrativa y Financiera","Grupo Interno de Trabajo de GestiónFinanciera y Contable","NO","BAJO",null,"MEDIO","BAJO",1,2,1,4,"MEDIO","NO",null,"PÚBLICA","No tiene excepción de acceso",null,"Información Pública de conocimiento General","No Aplica","2022-11-01","No Aplica"]
[803,"Gestión Financiera","Libros auxiliares de Cuentas por Pagar (SIIF)","Documento que contiene la Información registrada contablemente, la cual se ve reflejada en los estados financieros de la Entidad.","2021-06-25","2022-01-01","Información","Español","Electrónico","2021-06-25","Documento PDF","Disponible a solicitud","Por demanda","Sistemas de información",null,"Subdirector de Unidad Especial Subdirección Administrativa y Financiera","Grupo Interno de Trabajo de GestiónFinanciera y Contable","NO","BAJO",null,"MEDIO","MEDIO",1,2,2,5,"MEDIO","NO",null,"PÚBLICA","No tiene excepción de acceso",null,"Información Pública de conocimiento General","No Aplica","2022-11-01","No Aplica"]
[804,"Gestión Financiera","Ejecución presupuestal a 31 de diciembre de cada año","Reporte generado del SIIF Nación, en el cual se evidencia la constitución de las cuentas por pagar dentro de los términos establecidos por la ley","2021-06-25","2022-01-01","Información","Español","Electrónico","2021-06-25","Documento PDF; Hoja de calculo","Disponible a solicitud","Por demanda","Sistemas de información",null,"Subdirector de Unidad Especial Subdirección Administrativa y Financiera","Grupo Interno de Trabajo de GestiónFinanciera y Contable","NO","BAJO",null,"MEDIO","MEDIO",1,2,2,5,"MEDIO","NO",null,"PÚBLICA","No tiene excepción de acceso",null,"Información Pública de conocimiento General","No Aplica","2022-11-01","No Aplica"]
[805,"Gestión Financiera","Comunicación a las entidades","Documento mediante la cual  se intercambia información y se hacen solicitudes a diferentes entidades","2021-06-25",null,"Información","Español","Electrónico","2021-06-25","Documento PDF","Disponible a solicitud","Por demanda","Archivos digitales","La información contiene insumo importante para la elaboración de los estados financieros, que permitan reflejar la realidad económica de la UBPD.","Subdirector de Unidad Especial Subdirección Administrativa y Financiera","Grupo Interno de Trabajo de GestiónFinanciera y Contable","NO","BAJO",null,"BAJO","BAJO",1,1,1,3,"BAJO","NO",null,"PÚBLICA","No tiene excepción de acceso",null,"Información Pública de conocimiento General","No Aplica","2022-11-01","No Aplica"]
[806,"Gestión Financiera","Conciliación de Cuentas por Pagar","Conciliación del informe de las cuentas por pagar generado del aplicativo SIIF Nación versus los saldos contables de las cuentas por pagar y la ejecución presupuestal.","2021-06-25","2022-01-01","Información","Español","Electrónico","2021-06-25","Documento PDF; Hoja de calculo","Disponible a solicitud","Por demanda","Sistemas de información",null,"Subdirector de Unidad Especial Subdirección Administrativa y Financiera","Grupo Interno de Trabajo de GestiónFinanciera y Contable","NO","BAJO",null,"MEDIO","BAJO",1,2,1,4,"MEDIO","NO",null,"PÚBLICA","No tiene excepción de acceso",null,"Información Pública de conocimiento General","No Aplica","2022-11-01","No Aplica"]
[807,"Gestión Financiera","Reportes contables de las cuentas","El reporte contable de la cuenta contiene el NIT, el nombre, el valor del saldo inicial, los movimientos débito, crédito y el saldo final para cada uno de los terceros registrados en la cuenta contable.","2021-06-25","2022-01-01","Información","Español","Electrónico","2021-06-25","Documento PDF","Disponible a solicitud","Por demanda","Archivos digitales",null,"Subdirector de Unidad Especial Subdirección Administrativa y Financiera","Grupo Interno de Trabajo de GestiónFinanciera y Contable","NO","BAJO",null,"MEDIO","MEDIO",1,2,2,5,"MEDIO","NO",null,"PÚBLICA","No tiene excepción de acceso",null,"Información Pública de conocimiento General","No Aplica","2022-11-01","No Aplica"]
[808,"Gestión Financiera","Listado de deducciones","Documento que contiene la relación de las retenciones practicadas a los contratistas, proveedores y servidores de la UBPD.","2021-06-25","2022-01-01","Información","Español","Electrónico","2021-06-25","Documento PDF","Disponible a solicitud","Por demanda","Archivos digitales",null,"Subdirector de Unidad Especial Subdirección Administrativa y Financiera","Grupo Interno de Trabajo de GestiónFinanciera y Contable","NO","BAJO",null,"MEDIO","MEDIO",1,2,2,5,"MEDIO","NO",null,"PÚBLICA","No tiene excepción de acceso",null,"Información Pública de conocimiento General","No Aplica","2022-11-01","No Aplica"]
[809,"Gestión Financiera","Comunicaciones oficiales","Documento con comunicación remitida a los diferentes entes territoriales, Distrital y Gubernamentales, mediante la cual se remiten las declaraciones tributarias presentadas, junto con su soporte de pago","2021-06-25","2022-01-01","Información","Español","Electrónico","2021-06-25","Documento PDF","Disponible a solicitud","Por demanda","Archivos digitales",null,"Subdirector de Unidad Especial Subdirección Administrativa y Financiera","Grupo Interno de Trabajo de GestiónFinanciera y Contable","NO","BAJO",null,"BAJO","BAJO",1,1,1,3,"BAJO","NO",null,"PÚBLICA","No tiene excepción de acceso",null,"Información Pública de conocimiento General","No Aplica","2022-11-01","No Aplica"]
[810,"Gestión Financiera","Conciliación Declaraciones Tributarias","Conciliación mediante la cual se compara el listado de deducciones, la solicitud para pago de impuestos, las declaraciones tributarias y el auxiliar contable de las cuentas de impuestos.","2021-06-25","2022-01-01","Información","Español","Electrónico","2021-06-25","Documento PDF; Hoja de calculo","Disponible a solicitud","Por demanda","Archivos digitales",null,"Subdirector de Unidad Especial Subdirección Administrativa y Financiera","Grupo Interno de Trabajo de GestiónFinanciera y Contable","NO","BAJO",null,"MEDIO","MEDIO",1,2,2,5,"MEDIO","NO",null,"PÚBLICA","No tiene excepción de acceso",null,"Información Pública de conocimiento General","No Aplica","2022-11-01","No Aplica"]
[811,"Gestión Financiera","Reportes contables de la cuenta reciproca con otras entidades","Es un reporte provisional de operaciones reciprocas del SIIF a nivel de tercero por cuenta contable de acuerdo a las reglas de eliminación expedidas por la CGN.","2021-06-25","2022-01-01","Información","Español","Electrónico","2021-06-25","Documento PDF","Disponible a solicitud","Por demanda","Sistemas de información",null,"Subdirector de Unidad Especial Subdirección Administrativa y Financiera","Grupo Interno de Trabajo de GestiónFinanciera y Contable","NO","BAJO",null,"BAJO","BAJO",1,1,1,3,"BAJO","NO",null,"PÚBLICA","No tiene excepción de acceso",null,"Información Pública de conocimiento General","No Aplica","2022-11-01","No Aplica"]
[812,"Gestión Financiera","Comunicaciones oficiales","Documentos mediante los cuales se intercambia información y comunicados con otras entidades.","2021-06-25","2022-01-01","Información","Español","Electrónico","2021-06-25","Documento PDF","Disponible a solicitud","Por demanda","Archivos digitales",null,"Subdirector de Unidad Especial Subdirección Administrativa y Financiera","Grupo Interno de Trabajo de GestiónFinanciera y Contable","NO","BAJO",null,"MEDIO","BAJO",1,2,1,4,"MEDIO","NO",null,"PÚBLICA","No tiene excepción de acceso",null,"Información Pública de conocimiento General","No Aplica","2022-11-01","No Aplica"]
[813,"Gestión Financiera","Conciliación Cuentas Reciprocas","Documento que contiene la conciliación de las operaciones reciprocas (transacciones económicas) de la UBPD con otras entidades estatales.","2021-06-25",null,"Información","Español","Electrónico","2021-06-25","Documento PDF; Hoja de calculo","Disponible a solicitud","Por demanda","Archivos digitales","La información contiene insumo importante para la elaboración de los estados financieros, que permitan reflejar la realidad económica de la UBPD","Subdirector de Unidad Especial Subdirección Administrativa y Financiera","Grupo Interno de Trabajo de GestiónFinanciera y Contable","NO","BAJO",null,"BAJO","MEDIO",1,1,2,4,"MEDIO","NO",null,"PÚBLICA","No tiene excepción de acceso",null,"Información Pública de conocimiento General","No Aplica","2022-11-01","No Aplica"]
[814,"Gestión Financiera","Conciliación Cuentas Reciprocas","Documento que contiene la conciliación de las operaciones reciprocas (transacciones económicas) de otras entidades estatales que la envían a la UBPD.","2021-06-25","2022-01-01","Información","Español","Electrónico","2021-06-25","Documento PDF; Hoja de calculo","Disponible a solicitud","Por demanda","Archivos digitales",null,"Subdirector de Unidad Especial Subdirección Administrativa y Financiera","Grupo Interno de Trabajo de GestiónFinanciera y Contable","NO","BAJO",null,"MEDIO","MEDIO",1,2,2,5,"MEDIO","NO",null,"PÚBLICA","No tiene excepción de acceso",null,"Información Pública de conocimiento General","No Aplica","2022-11-01","No Aplica"]
[815,"Gestión Financiera","Reportes contables del (Aplicativo de manejo de bienes e inventarios)","Documento del software de almacén que refleja los movimientos del ingreso, asignación y estado de los bienes.","2021-06-25","2022-01-01","Información","Español","Electrónico","2021-06-25","Documento PDF","Disponible a solicitud","Por demanda","Sistemas de información",null,"Subdirector de Unidad Especial Subdirección Administrativa y Financiera","Grupo Interno de Trabajo de GestiónFinanciera y Contable","NO","BAJO",null,"MEDIO","MEDIO",1,2,2,5,"MEDIO","NO",null,"PÚBLICA","No tiene excepción de acceso",null,"Información Pública de conocimiento General","No Aplica","2022-11-01","No Aplica"]
[816,"Gestión Financiera","Balance y auxiliares de las cuentas de Propiedad, Planta y Equipo e Intangibles del SIIF Nación","Documento con el reporte del saldo y los movimientos de Propiedad, Planta y Equipo e Intangibles registrados en el SIIF Nación","2021-06-25","2022-01-01","Información","Español","Electrónico","2021-06-26","Documento PDF","Disponible a solicitud","Por demanda","Sistemas de información",null,"Subdirector de Unidad Especial Subdirección Administrativa y Financiera","Grupo Interno de Trabajo de GestiónFinanciera y Contable","NO","MEDIO",null,"MEDIO","MEDIO",2,2,2,6,"MEDIO","NO",null,"CLASIFICADA","Los secretos comerciales, industriales y profesionales,  a excepción de lo estipulados en el articulo 77 de la Ley 1474 de 2011",null,"Información exceptuada por daño de derechos a personas naturales o jurídicas.\n Articulo 18 Ley 1712 de 2014","Parcial","2022-11-01","Ilimitada, y no deberán aplicarse cuando la persona natural o jurídica ha consentido en la revelación de sus datos personales o privados o bien cuando es claro que la información fue entregada como parte de aquella información que debe estar bajo el régimen de publicidad aplicable"]
[817,"Gestión Financiera","Soportes documentales de movimientos de la cuenta de activos (copias Actos administrativos de transferencias y/o bajas,\nnotas de almacén, entradas y salidas almacén, etc.)","Documento del software de almacén que refleja los movimientos del ingreso, asignación y estado de los bienes con sus respectivos soportes.","2021-06-25","2022-01-01","Información","Español","Electrónico","2021-06-25","Documento PDF","Disponible a solicitud","Por demanda","Sistemas de información",null,"Subdirector de Unidad Especial Subdirección Administrativa y Financiera","Grupo Interno de Trabajo de GestiónFinanciera y Contable","NO","BAJO",null,"MEDIO","MEDIO",1,2,2,5,"MEDIO","NO",null,"PÚBLICA","No tiene excepción de acceso",null,"Información Pública de conocimiento General","No Aplica","2022-11-01","No Aplica"]
[818,"Gestión Financiera","Comunicaciones oficiales y soportes documentales","Documentos mediante los cuales se intercambia información y se hacen solicitudes a las dependencias generadoras de información.","2021-06-25","2022-01-01","Información","Español","Electrónico","2021-06-25","Documento PDF","Disponible a solicitud","Por demanda","Archivos digitales",null,"Subdirector de Unidad Especial Subdirección Administrativa y Financiera","Grupo Interno de Trabajo de GestiónFinanciera y Contable","NO","BAJO",null,"BAJO","BAJO",1,1,1,3,"BAJO","NO",null,"PÚBLICA","No tiene excepción de acceso",null,"Información Pública de conocimiento General","No Aplica","2022-11-01","No Aplica"]
[819,"Gestión Financiera","Conciliación de Propiedad, Planta y Equipo e Intangibles","Documento que contiene la conciliación de la propiedad, planta y equipo e intangibles de la UBPD registrados en el software dispuesto para tal fin y administrado por el Grupo de Gestión Logística e Inventarios, comparados con los saldos de balance del SIIF Nación.","2021-06-25","2022-01-01","Información","Español","Electrónico","2021-06-25","Documento PDF; Hoja de calculo","Disponible a solicitud","Por demanda","Archivos digitales",null,"Subdirector de Unidad Especial Subdirección Administrativa y Financiera","Grupo Interno de Trabajo de GestiónFinanciera y Contable","NO","BAJO",null,"MEDIO","MEDIO",1,2,2,5,"MEDIO","NO",null,"PÚBLICA","No tiene excepción de acceso",null,"Información Pública de conocimiento General","No Aplica","2022-11-01","No Aplica"]
[820,"Gestión Financiera","Orden de Pago","Documento que valida  el pago de las obligaciones  de la Entidad por parte del Ministerio de Hacienda y Crédito Público a través del SIIF Nación.","2021-06-25",null,"Información","Español","Electrónico","2021-06-25","Documento PDF","Disponible a solicitud","Por demanda","Archivos digitales","La Cuenta Fiscal de Pagos es el conjunto de los documentos para pago, correspondientes a la situación financiera del sector público tanto en un momento determinado como a lo largo de un período de tiempo.","Subdirector de Unidad Especial Subdirección Administrativa y Financiera","Grupo Interno de Trabajo de GestiónFinanciera y Contable","NO","MEDIO",null,"BAJO","MEDIO",2,1,2,5,"MEDIO","NO",null,"CLASIFICADA","Los secretos comerciales, industriales y profesionales,  a excepción de lo estipulados en el articulo 77 de la Ley 1474 de 2011",null,"Información exceptuada por daño de derechos a personas naturales o jurídicas.\n Articulo 18 Ley 1712 de 2014","Parcial","2022-11-01","Ilimitada, y no deberán aplicarse cuando la persona natural o jurídica ha consentido en la revelación de sus datos personales o privados o bien cuando es claro que la información fue entregada como parte de aquella información que debe estar bajo el régimen de publicidad aplicable"]
[821,"Gestión Financiera","Certificado de ingresos y retenciones","Documento que describe la información general del proveedor, contratista, funcionarios y empresa prestadora de servicio público, la información del contrato, resolución y factura de servicio público, las deducciones a que haya lugar de acuerdo con la normatividad vigente y valor neto a pagar; documento que trae el VoBo de Subdirector Administrativo y Financiero y la firma del Ordenador del Gasto. ","2021-06-25",null,"Información","Español","Electrónico","2021-06-25","Documento PDF","Disponible a solicitud","Por demanda","Archivos digitales","La Cuenta Fiscal de Pagos es el conjunto de los documentos para pago, correspondientes a la situación financiera del sector público tanto en un momento determinado como a lo largo de un período de tiempo.","Subdirector de Unidad Especial Subdirección Administrativa y Financiera","Grupo Interno de Trabajo de GestiónFinanciera y Contable","NO","MEDIO",null,"MEDIO","BAJO",2,2,1,5,"MEDIO","NO",null,"CLASIFICADA","Los secretos comerciales, industriales y profesionales,  a excepción de lo estipulados en el articulo 77 de la Ley 1474 de 2011",null,"Información exceptuada por daño de derechos a personas naturales o jurídicas.\n Articulo 18 Ley 1712 de 2014","Parcial","2022-11-01","Ilimitada, y no deberán aplicarse cuando la persona natural o jurídica ha consentido en la revelación de sus datos personales o privados o bien cuando es claro que la información fue entregada como parte de aquella información que debe estar bajo el régimen de publicidad aplicable"]
[822,"Gestión Financiera","Registro de obligación presupuestal","Registro contable de obligaciones por pagar a terceros","2021-06-25","2022-01-01","Información","Español","Electrónico","2021-06-25","Documento PDF","Disponible a solicitud","Por demanda","Archivos digitales",null,"Subdirector de Unidad Especial Subdirección Administrativa y Financiera","Grupo Interno de Trabajo de GestiónFinanciera y Contable","NO","BAJO",null,"MEDIO","BAJO",1,2,1,4,"MEDIO","NO",null,"PÚBLICA","No tiene excepción de acceso",null,"Información Pública de conocimiento General","No Aplica","2022-11-01","No Aplica"]
[823,"Gestión Financiera","Certificación de cumplimiento y recibo a satisfacción","Documento que firma el supervisor del contrato y donde certifica que el contratista cumplió a cabalidad con las obligaciones pactadas en el contrato y/o convenio y sus anexos, que la entrega de los bienes y/o servicios contratados se realizó en los tiempos señalados y que los mismos se recibieron a entera satisfacción por cuanto cumplieron con las especificaciones técnicas definidas por la Unidad.","2021-06-25",null,"Información","Español","Electrónico","2021-06-25","Documento PDF","Disponible a solicitud","Por demanda","Archivos digitales","La Cuenta Fiscal de Pagos es el conjunto de los documentos para pago, correspondientes a la situación financiera del sector público tanto en un momento determinado como a lo largo de un período de tiempo.","Subdirector de Unidad Especial Subdirección Administrativa y Financiera","Grupo Interno de Trabajo de GestiónFinanciera y Contable","NO","MEDIO",null,"MEDIO","BAJO",2,2,1,5,"MEDIO","NO",null,"CLASIFICADA","Los secretos comerciales, industriales y profesionales,  a excepción de lo estipulados en el articulo 77 de la Ley 1474 de 2011",null,"Información exceptuada por daño de derechos a personas naturales o jurídicas.\n Articulo 18 Ley 1712 de 2014","Parcial","2022-11-01","Ilimitada, y no deberán aplicarse cuando la persona natural o jurídica ha consentido en la revelación de sus datos personales o privados o bien cuando es claro que la información fue entregada como parte de aquella información que debe estar bajo el régimen de publicidad aplicable"]
[824,"Gestión Financiera","Certificación de autorización de pago para contratos adquisición de bienes y servicios.","Documento donde el supervisor registra la información del contratista y/o proveedor, información general del contrato, información para pago/desembolso, información bancaria y certificación del supervisor(es).","2021-06-25",null,"Información","Español","Electrónico","2021-06-25","Documento PDF","Disponible a solicitud","Por demanda","Archivos digitales","La Cuenta Fiscal de Pagos es el conjunto de los documentos para pago, correspondientes a la situación financiera del sector público tanto en un momento determinado como a lo largo de un período de tiempo.","Subdirector de Unidad Especial Subdirección Administrativa y Financiera","Grupo Interno de Trabajo de GestiónFinanciera y Contable","NO","MEDIO",null,"MEDIO","BAJO",2,2,1,5,"MEDIO","NO",null,"CLASIFICADA","Los secretos comerciales, industriales y profesionales,  a excepción de lo estipulados en el articulo 77 de la Ley 1474 de 2011",null,"Información exceptuada por daño de derechos a personas naturales o jurídicas.\n Articulo 18 Ley 1712 de 2014","Parcial","2022-11-01","Ilimitada, y no deberán aplicarse cuando la persona natural o jurídica ha consentido en la revelación de sus datos personales o privados o bien cuando es claro que la información fue entregada como parte de aquella información que debe estar bajo el régimen de publicidad aplicable"]
[825,"Gestión Financiera","Certificación de autorización de pago para contratos de prestación de servicios profesionales y de apoyo a la gestión","Documento que contiene la información del contratista, información general del contrato, modificación del contrato, información para pago, datos bancarios y certificación del contratista, el cual es firmado por el supervisor(es) del contrato y el contratista.","2021-06-25",null,"Información","Español","Electrónico","2021-06-25","Documento PDF","Disponible a solicitud","Por demanda","Archivos digitales","La Cuenta Fiscal de Pagos es el conjunto de los documentos para pago, correspondientes a la situación financiera del sector público tanto en un momento determinado como a lo largo de un período de tiempo.","Subdirector de Unidad Especial Subdirección Administrativa y Financiera","Grupo Interno de Trabajo de GestiónFinanciera y Contable","NO","MEDIO",null,"MEDIO","BAJO",2,2,1,5,"MEDIO","NO",null,"CLASIFICADA","Los secretos comerciales, industriales y profesionales,  a excepción de lo estipulados en el articulo 77 de la Ley 1474 de 2011",null,"Información exceptuada por daño de derechos a personas naturales o jurídicas.\n Articulo 18 Ley 1712 de 2014","Parcial","2022-11-01","Ilimitada, y no deberán aplicarse cuando la persona natural o jurídica ha consentido en la revelación de sus datos personales o privados o bien cuando es claro que la información fue entregada como parte de aquella información que debe estar bajo el régimen de publicidad aplicable"]
[826,"Gestión Financiera","Declaracion Juramentada","Documento que contiene información General del contratista y donde certifica bajo gravedad de juramento, que se realiza pago de aportes obligatorios al Sistema General de Seguridad Social corresponden a los ingresos provenientes del contrato suscrito con la Unidad, y beneficios tributarios (deduciones que se restaran) establecidos en el Art. 387 y Art 126-1 y 126-4","2021-06-25",null,"Información","Español","Electrónico","2021-06-25","Documento PDF","Disponible a solicitud","Por demanda","Archivos digitales","La Cuenta Fiscal de Pagos es el conjunto de los documentos para pago, correspondientes a la situación financiera del sector público tanto en un momento determinado como a lo largo de un período de tiempo.","Subdirector de Unidad Especial Subdirección Administrativa y Financiera","Grupo Interno de Trabajo de GestiónFinanciera y Contable","NO","MEDIO",null,"MEDIO","BAJO",2,2,1,5,"MEDIO","NO",null,"CLASIFICADA","Los secretos comerciales, industriales y profesionales,  a excepción de lo estipulados en el articulo 77 de la Ley 1474 de 2011",null,"Información exceptuada por daño de derechos a personas naturales o jurídicas.\n Articulo 18 Ley 1712 de 2014","Parcial","2022-11-01","Ilimitada, y no deberán aplicarse cuando la persona natural o jurídica ha consentido en la revelación de sus datos personales o privados o bien cuando es claro que la información fue entregada como parte de aquella información que debe estar bajo el régimen de publicidad aplicable"]
[827,"Gestión Financiera","Documento Soporte En Adquisiones Efectauadas A No Obligados  A facturar","Documento que contiene la informacion General del Contratista, adional a esto  el No.consecutivo autorizado por la Dian para los no obligados a facturar. ","2021-06-25",null,"Información","Español","Electrónico","2021-06-25","Documento PDF","Disponible a solicitud","Por demanda","Archivos digitales","La Cuenta Fiscal de Pagos es el conjunto de los documentos para pago, correspondientes a la situación financiera del sector público tanto en un momento determinado como a lo largo de un período de tiempo.","Subdirector de Unidad Especial Subdirección Administrativa y Financiera","Grupo Interno de Trabajo de GestiónFinanciera y Contable","NO","MEDIO",null,"MEDIO","BAJO",2,2,1,5,"MEDIO","NO",null,"CLASIFICADA","Los secretos comerciales, industriales y profesionales,  a excepción de lo estipulados en el articulo 77 de la Ley 1474 de 2011",null,"Información exceptuada por daño de derechos a personas naturales o jurídicas.\n Articulo 18 Ley 1712 de 2014","Parcial","2022-11-01","Ilimitada, y no deberán aplicarse cuando la persona natural o jurídica ha consentido en la revelación de sus datos personales o privados o bien cuando es claro que la información fue entregada como parte de aquella información que debe estar bajo el régimen de publicidad aplicable"]
[828,"Gestión Financiera","Informe de actividades y certificación del supervisor contratos de prestación de servicios y de apoyo a la gestión","El Informe de actividades y certificación del supervisor contratos de prestación de servicios y de apoyo a la gestión, documento que contiene información general del contratista y del contrato, descripción de las obligaciones y actividades durante el respectivo periodo, detalle de las actividades, productos y otros anexos, observaciones o información adicional y certificación del supervisor del contrato, el cual es firmado por el supervisor(es) del contrato y el contratista.","2021-06-25","2022-01-01","Información","Español","Electrónico","2021-06-25","Documento PDF","Disponible a solicitud","Por demanda","Archivos digitales",null,"Subdirector de Unidad Especial Subdirección Administrativa y Financiera","Grupo Interno de Trabajo de GestiónFinanciera y Contable","NO","BAJO",null,"MEDIO","BAJO",1,2,1,4,"MEDIO","NO",null,"PÚBLICA","No tiene excepción de acceso",null,"Información Pública de conocimiento General","No Aplica","2022-11-01","No Aplica"]
[829,"Gestión Financiera","Conciliación de las incapacidades pendientes de pago por las EPS y ARL","Documento que contiene la conciliación de las cuentas por cobrar por concepto de incapacidades y licencias a las EPS y ARL entre el Grupo de Gestión Humana y el Grupo de Gestión Financiera y Contable.","2021-06-25","2022-01-01","Información","Español","Electrónico","2021-06-25","Documento PDF; Hoja de calculo","Disponible a solicitud","Por demanda","Archivos digitales",null,"Subdirector de Unidad Especial Subdirección Administrativa y Financiera","Grupo Interno de Trabajo de GestiónFinanciera y Contable","NO","BAJO",null,"MEDIO","BAJO",1,2,1,4,"MEDIO","NO",null,"PÚBLICA","No tiene excepción de acceso",null,"Información Pública de conocimiento General","No Aplica","2022-11-01","No Aplica"]
[830,"Gestión Financiera","Conciliación de descuentos de nómina por concepto de aportes a fondos pensionales y seguridad social en salud","Documento que contiene la conciliación de los descuentos efectuados a los servidores por concepto de aportes a fondos pensionales y seguridad social en salud entre el Grupo de Gestión Humana y el Grupo de Gestión Financiera y Contable.","2021-06-25","2022-01-01","Información","Español","Electrónico",null,"Documento PDF; Hoja de calculo","Disponible a solicitud","Por demanda","Archivos digitales",null,"Subdirector de Unidad Especial Subdirección Administrativa y Financiera","Grupo Interno de Trabajo de GestiónFinanciera y Contable","NO","BAJO",null,"MEDIO","BAJO",1,2,1,4,"MEDIO","NO",null,"PÚBLICA","No tiene excepción de acceso",null,"Información Pública de conocimiento General","No Aplica","2022-11-01","No Aplica"]
[831,"Gestión Financiera","Conciliación de beneficios a empleados","Documento que contiene la conciliación de las retribuciones que adeuda la UBPD a los servidores entre el Grupo de Gestión Humana y el Grupo de Gestión Financiera y Contable.","2021-06-25","2022-01-01","Información","Español","Electrónico",null,"Documento PDF; Hoja de calculo","Disponible a solicitud","Por demanda","Archivos digitales",null,"Subdirector de Unidad Especial Subdirección Administrativa y Financiera","Grupo Interno de Trabajo de GestiónFinanciera y Contable","NO","BAJO",null,"MEDIO","BAJO",1,2,1,4,"MEDIO","NO",null,"PÚBLICA","No tiene excepción de acceso",null,"Información Pública de conocimiento General","No Aplica","2022-11-01","No Aplica"]
[832,"Gestión Financiera","Exogena","Documento que contiene el reporte de los movimientos de las retenciones practicadas por la recepción de bienes y servicios registrados en el SIIF Nación.","2021-06-25","2022-01-01","Información","Español","Electrónico","2021-06-25","Documento PDF; Hoja de calculo","Disponible a solicitud","Por demanda","Archivos digitales",null,"Subdirector de Unidad Especial Subdirección Administrativa y Financiera","Grupo Interno de Trabajo de GestiónFinanciera y Contable","NO","BAJO",null,"MEDIO","BAJO",1,2,1,4,"MEDIO","NO",null,"PÚBLICA","No tiene excepción de acceso",null,"Información Pública de conocimiento General","No Aplica","2022-11-01","No Aplica"]
[833,"Gestión Financiera","Declaraciónes Trubutarias\n\n","Documento elaborado y presentado a la DIAN, Secretarías de Hacienda distritales,  gobernaciones  y municipios que refleja las retenciones aplicadas por bienes y servicios recibidos.\nPrevio a la presentacion y pago de impuestos, se elabora una preliquidacion por parte de Central de Cuentas, donde se anexan   los impuestos  y estampillas practicados de acuerdo a la normatividad vigente.","2021-06-25",null,"Información","Español","Electrónico","2021-06-25","Documento PDF","Disponible a solicitud","Por demanda","Archivos digitales","Esta serie es importante porque contiene información sobre las retenciones practicadas a los contribuyentes por bienes y servicios recibidos. ","Subdirector de Unidad Especial Subdirección Administrativa y Financiera","Grupo Interno de Trabajo de GestiónFinanciera y Contable","NO","BAJO",null,"BAJO","MEDIO",1,1,2,4,"MEDIO","NO",null,"PÚBLICA","No tiene excepción de acceso",null,"Información Pública de conocimiento General","No Aplica","2022-11-01","No Aplica"]
[834,"Gestión Financiera","Pagos","Documento mediante el cual se evidencia el pago realizado de la declaración tributaria","2021-06-25",null,"Información","Español","Electrónico","2021-06-25","Documento PDF","Disponible a solicitud","Por demanda","Archivos digitales","Es importante, dado que se constituye en la evidencia del cumplimiento en el pago de las diferentes declaraciones tributarias","Subdirector de Unidad Especial Subdirección Administrativa y Financiera","Grupo Interno de Trabajo de GestiónFinanciera y Contable","NO","BAJO",null,"BAJO","MEDIO",1,1,2,4,"MEDIO","NO",null,"PÚBLICA","No tiene excepción de acceso",null,"Información Pública de conocimiento General","No Aplica","2022-11-01","No Aplica"]
[835,"Gestión Financiera","Comunicación a las entidades","Documento mediante el cual se intercambia información y comunicados con otras entidades.","2021-06-25","2022-01-01","Información","Español","Electrónico","2021-06-25","Documento PDF","Disponible a solicitud","Por demanda","Archivos digitales",null,"Subdirector de Unidad Especial Subdirección Administrativa y Financiera","Grupo Interno de Trabajo de GestiónFinanciera y Contable","NO","BAJO",null,"BAJO","BAJO",1,1,1,3,"BAJO","NO",null,"PÚBLICA","No tiene excepción de acceso",null,"Información Pública de conocimiento General","No Aplica","2022-11-01","No Aplica"]
[836,"Gestión Financiera","Acto administrativo desagregación","Resolución mediante la cual se desagrega el presupuesto asignado a la UBPD, para dar inicio a la ejecución de los recursos en la correspondiente vigencia fiscal.","2021-06-25","2022-01-01","Información","Español","Electrónico","2021-06-25","Documento PDF","Disponible a solicitud","Por demanda","Archivos digitales",null,"Subdirector de Unidad Especial Subdirección Administrativa y Financiera","Grupo Interno de Trabajo de GestiónFinanciera y Contable","NO","BAJO",null,"BAJO","MEDIO",1,1,2,4,"MEDIO","NO",null,"PÚBLICA","No tiene excepción de acceso",null,"Información Pública de conocimiento General","No Aplica","2022-11-01","No Aplica"]
[837,"Gestión Financiera","Comunicaciones","Documento que contiene una respuesta, solicitud o requerimiento","2021-06-25","2022-01-01","Información","Español","Electrónico","2021-06-25","Documento PDF","Disponible a solicitud","Por demanda","Archivos digitales",null,"Subdirector de Unidad Especial Subdirección Administrativa y Financiera","Grupo Interno de Trabajo de GestiónFinanciera y Contable","NO","BAJO",null,"MEDIO","BAJO",1,2,1,4,"MEDIO","NO",null,"PÚBLICA","No tiene excepción de acceso",null,"Información Pública de conocimiento General","No Aplica","2022-11-01","No Aplica"]
[838,"Gestión Financiera","Estado de situación financiera","Documento que constituye una representación estructurada de los bienes, derechos y obligaciones de la UBPD al final de un mes específico.","2021-06-25",null,"Información","Español","Electrónico","2021-06-25","Documento PDF","Disponible a solicitud","Por demanda","Archivos digitales","Los estados financieros reflejan la situación financiera, económica y social de la Entidad, para la toma de decisiones estratégicas a nivel directivo.","Subdirector de Unidad Especial Subdirección Administrativa y Financiera","Grupo Interno de Trabajo de GestiónFinanciera y Contable","NO","BAJO",null,"BAJO","MEDIO",1,1,2,4,"MEDIO","NO",null,"PÚBLICA","No tiene excepción de acceso",null,"Información Pública de conocimiento General","No Aplica","2022-11-01","No Aplica"]
[839,"Gestión Financiera","Estado de resultados","Constituye una representación del desempeño financiero que ha tenido la UBPD durante un periodo determinado","2021-06-25",null,"Información","Español","Electrónico","2021-06-25","Documento PDF","Disponible a solicitud","Por demanda","Archivos digitales","Los estados financieros reflejan la situación financiera, económica y social de la Entidad, para la toma de decisiones estratégicas a nivel directivo.","Subdirector de Unidad Especial Subdirección Administrativa y Financiera","Grupo Interno de Trabajo de GestiónFinanciera y Contable","NO","BAJO",null,"BAJO","MEDIO",1,1,2,4,"MEDIO","NO",null,"PÚBLICA","No tiene excepción de acceso",null,"Información Pública de conocimiento General","No Aplica","2022-11-01","No Aplica"]
[840,"Gestión Financiera","Estado de cambios en el patrimonio","Es un estado financiero comparativo que permite evidenciar los cambios que ha sufrido cada uno de los componentes del patrimonio de la UBPD en un año a otro, o de un periodo a otro.","2021-06-25",null,"Información","Español","Electrónico","2021-06-25","Documento PDF","Disponible a solicitud","Por demanda","Archivos digitales","Los estados financieros reflejan la situación financiera, económica y social de la Entidad, para la toma de decisiones estratégicas a nivel directivo.","Subdirector de Unidad Especial Subdirección Administrativa y Financiera","Grupo Interno de Trabajo de GestiónFinanciera y Contable","NO","BAJO",null,"BAJO","MEDIO",1,1,2,4,"MEDIO","NO",null,"PÚBLICA","No tiene excepción de acceso",null,"Información Pública de conocimiento General","No Aplica","2022-11-01","No Aplica"]
[841,"Gestión Financiera","Estados de flujo de efectivo","Documento que  las entradas y salidas de efectivo y sus equivalentes de la UBPD durante un período determinado, clasificándolas en actividades de operación, inversión y financiación.","2021-06-25",null,"Información","Español","Electrónico","2021-06-25","Documento PDF","Disponible a solicitud","Por demanda","Archivos digitales","Los estados financieros reflejan la situación financiera, económica y social de la Entidad, para la toma de decisiones estratégicas a nivel directivo.","Subdirector de Unidad Especial Subdirección Administrativa y Financiera","Grupo Interno de Trabajo de GestiónFinanciera y Contable","NO","BAJO",null,"BAJO","MEDIO",1,1,2,4,"MEDIO","NO",null,"PÚBLICA","No tiene excepción de acceso",null,"Información Pública de conocimiento General","No Aplica","2022-11-01","No Aplica"]
[842,"Gestión Financiera","Notas a los estados financieros","Documento en el que se representan aclaraciones o explicaciones de hechos o situaciones económicas o no que se presentan en el movimiento de las cuentas, las mismas deben leerse conjuntamente a los Estados Financieros para una correcta interpretación de los mismos.","2021-06-25",null,"Información","Español","Electrónico","2021-06-25","Documento PDF","Disponible a solicitud","Por demanda","Archivos digitales","Los estados financieros reflejan la situación financiera, económica y social de la Entidad, para la toma de decisiones estratégicas a nivel directivo.","Subdirector de Unidad Especial Subdirección Administrativa y Financiera","Grupo Interno de Trabajo de GestiónFinanciera y Contable","NO","BAJO",null,"BAJO","MEDIO",1,1,2,4,"MEDIO","NO",null,"PÚBLICA","No tiene excepción de acceso",null,"Información Pública de conocimiento General","No Aplica","2022-11-01","No Aplica"]
[843,"Gestión Financiera","Certificación de la información contable","Documento en el que se declara que se han verificado previamente las afirmaciones contenidas en ellos, conforme al reglamento, y que las mismas se han tomado fielmente de los libros.","2021-06-25",null,"Información","Español","Electrónico","2021-06-25","Documento PDF","Disponible a solicitud","Por demanda","Archivos digitales","Los estados financieros reflejan la situación financiera, económica y social de la Entidad, para la toma de decisiones estratégicas a nivel directivo.","Subdirector de Unidad Especial Subdirección Administrativa y Financiera","Grupo Interno de Trabajo de GestiónFinanciera y Contable","NO","BAJO",null,"BAJO","MEDIO",1,1,2,4,"MEDIO","NO",null,"PÚBLICA","No tiene excepción de acceso",null,"Información Pública de conocimiento General","No Aplica","2022-11-01","No Aplica"]
[844,"Gestión Financiera","Libro mayor de saldos y movimientos","Es un libro contable generado del SIIF Nación en el que se reflejan, todas las cuentas del balance y los movimientos de la entidad","2021-06-25",null,"Información","Español","Electrónico","2021-06-25","Documento PDF; Hoja de calculo","Disponible a solicitud","Por demanda","Archivos digitales","La serie documentalda cuenta de la situación financiera, los resultados de las operaciones, los cambios en el patrimonio y en la situación financiera, así como los flujos de efectivo de la UBPD. ","Subdirector de Unidad Especial Subdirección Administrativa y Financiera","Grupo Interno de Trabajo de GestiónFinanciera y Contable","NO","BAJO",null,"BAJO","MEDIO",1,1,2,4,"MEDIO","NO",null,"PÚBLICA","No tiene excepción de acceso",null,"Información Pública de conocimiento General","No Aplica","2022-11-01","No Aplica"]
[845,"Gestión Financiera","Acta de publicación de estados financieros","Documento mediante el cual se certifica que los estados financieros fueron publicados conforme a la normatividad vigente.","2021-06-25",null,"Información","Español","Electrónico","2021-06-25","Documento PDF","Publicada","Por demanda","Archivos digitales","Los estados financieros reflejan la situación financiera, económica y social de la Entidad, para la toma de decisiones estratégicas a nivel directivo.","Subdirector de Unidad Especial Subdirección Administrativa y Financiera","Grupo Interno de Trabajo de GestiónFinanciera y Contable","NO","BAJO",null,"BAJO","MEDIO",1,1,2,4,"MEDIO","NO",null,"PÚBLICA","No tiene excepción de acceso",null,"Información Pública de conocimiento General","No Aplica","2022-11-01","No Aplica"]
[846,"Gestión Financiera","Solicitud de información","Documento con Solicitud proveniente de los Organismos de control que vigilan a las Entidades Públicas.","2021-06-25",null,"Información","Español","Electrónico","2021-06-25","Documento PDF","Disponible a solicitud","Por demanda","Archivos digitales","Estos informes son importantes para la entidad,  ya  que contienen información relacionada con la ejecución presupuestal, la gestión contable y reportes solicitados por las entidades de control,  permitiendo la oportuna toma de las decisiones y cumplimiento de las obligaciones establecidas en la ley.","Subdirector de Unidad Especial Subdirección Administrativa y Financiera","Grupo Interno de Trabajo de GestiónFinanciera y Contable","NO","BAJO",null,"BAJO","MEDIO",1,1,2,4,"MEDIO","NO",null,"PÚBLICA","No tiene excepción de acceso",null,"Información Pública de conocimiento General","No Aplica","2022-11-01","No Aplica"]
[847,"Gestión Financiera","Informe de balances contables","Documento que contiene el Estados financieros con notas.","2021-06-25","2022-01-01","Información","Español","Electrónico","2021-06-25","Documento PDF; Hoja de calculo","Disponible a solicitud","Por demanda","Archivos digitales",null,"Subdirector de Unidad Especial Subdirección Administrativa y Financiera","Grupo Interno de Trabajo de GestiónFinanciera y Contable","NO","BAJO",null,"MEDIO","MEDIO",1,2,2,5,"MEDIO","NO",null,"PÚBLICA","No tiene excepción de acceso",null,"Información Pública de conocimiento General","No Aplica","2022-11-01","No Aplica"]
[848,"Gestión Financiera","Catálogo de cuentas y operaciones reciprocas","Documento que forma parte de la Contabilidad y que contiene una lista analítica ordenada y sistemática de las cuentas que la integran.\nOperación recíproca es la transacción financiera realizada entre diferentes entes públicos por conceptos que pueden estar asociados con activos, pasivos, patrimonio, ingresos, gastos o costos, cualquiera sea el nivel y sector al que pertenezcan.\n","2021-06-25","2022-01-01","Información","Español","Electrónico","2021-06-25","Documento PDF","Disponible a solicitud","Por demanda","Archivos digitales",null,"Subdirector de Unidad Especial Subdirección Administrativa y Financiera","Grupo Interno de Trabajo de GestiónFinanciera y Contable","NO","BAJO",null,"MEDIO","MEDIO",1,2,2,5,"MEDIO","NO",null,"PÚBLICA","No tiene excepción de acceso",null,"Información Pública de conocimiento General","No Aplica","2022-11-01","No Aplica"]
[849,"Gestión Financiera","Certificación de estados financieros","Documento en el cual se declara que se han verificado previamente las afirmaciones contenidas en ellos, conforme al reglamento, y que las mismas se han tomado fielmente de los libros.","2021-06-25","2022-01-01","Información","Español","Electrónico","2021-06-25","Documento PDF","Disponible a solicitud","Por demanda","Archivos digitales",null,"Subdirector de Unidad Especial Subdirección Administrativa y Financiera","Grupo Interno de Trabajo de GestiónFinanciera y Contable","NO","BAJO",null,"MEDIO","MEDIO",1,2,2,5,"MEDIO","NO",null,"PÚBLICA","No tiene excepción de acceso",null,"Información Pública de conocimiento General","No Aplica","2022-11-01","No Aplica"]
[850,"Gestión Financiera","Informe de estado de actividad financiera, económica y social","Documento que constituye una representación estructurada de los bienes, derechos y obligaciones de la UBPD al final de un mes específico.","2021-06-25","2022-01-01","Información","Español","Electrónico","2021-06-21","Documento PDF; Hoja de calculo","Disponible a solicitud","Por demanda","Archivos digitales",null,"Subdirector de Unidad Especial Subdirección Administrativa y Financiera","Grupo Interno de Trabajo de GestiónFinanciera y Contable","NO","BAJO",null,"MEDIO","MEDIO",1,2,2,5,"MEDIO","NO",null,"PÚBLICA","No tiene excepción de acceso",null,"Información Pública de conocimiento General","No Aplica","2022-11-01","No Aplica"]
[851,"Gestión Financiera","Informe de estado de cambio en el patrimonio","Documento que Contiene estado financiero comparativo que permite evidenciar los cambios que ha sufrido cada uno de los componentes del patrimonio de la Entidad en un año a otro, o de un periodo a otro.","2021-06-25","2022-01-01","Información","Español","Electrónico","2021-06-21","Documento PDF; Hoja de calculo","Disponible a solicitud","Por demanda","Archivos digitales",null,"Subdirector de Unidad Especial Subdirección Administrativa y Financiera","Grupo Interno de Trabajo de GestiónFinanciera y Contable","NO","BAJO",null,"MEDIO","BAJO",1,2,1,4,"MEDIO","NO",null,"PÚBLICA","No tiene excepción de acceso",null,"Información Pública de conocimiento General","No Aplica","2022-11-01","No Aplica"]
[852,"Gestión Financiera","Boletín deudores morosos - BDME","Es la relación de las personas naturales y jurídicas que tienen contraídas obligaciones con el Estado  y que cumplen los requisitos establecidos en la ley.","2021-06-25","2022-01-01","Información","Español","Electrónico","2021-06-21","Documento PDF; HTML","Disponible a solicitud","Por demanda","Archivos digitales",null,"Subdirector de Unidad Especial Subdirección Administrativa y Financiera","Grupo Interno de Trabajo de GestiónFinanciera y Contable","NO","BAJO",null,"MEDIO","BAJO",1,2,1,4,"MEDIO","NO",null,"PÚBLICA","No tiene excepción de acceso",null,"Información Pública de conocimiento General","No Aplica","2022-11-01","No Aplica"]
[853,"Gestión Financiera","Certificado de transmisión consolidador de Hacienda e Informacion Pública - CHIP","Documento que contiene el reporte de información a la CGN respecto a saldos y movimientos, operaciones reciprocas, y variaciones trimestrales significativas, Covid 19 mediante la plataforma CHIP.","2021-06-25",null,"Información","Español","Electrónico","2021-06-21","Documento PDF","Disponible a solicitud","Por demanda","Archivos digitales","Estos informes son importantes para la entidad,  ya  que contienen información relacionada con la ejecución presupuestal, la gestión contable y reportes solicitados por las entidades de control,  permitiendo la oportuna toma de las decisiones y cumplimiento de las obligaciones establecidas en la ley.","Subdirector de Unidad Especial Subdirección Administrativa y Financiera","Grupo Interno de Trabajo de GestiónFinanciera y Contable","NO","BAJO",null,"BAJO","MEDIO",1,1,2,4,"MEDIO","NO",null,"PÚBLICA","No tiene excepción de acceso",null,"Información Pública de conocimiento General","No Aplica","2022-11-01","No Aplica"]
[854,"Gestión Financiera","Conceptos contables","Documento con solicitudes elevadas a la CGN sobre asuntos de índole contable para la toma de decisiones y las respuestas a esas solicitudes de conceptos","2021-06-25",null,"Información","Español","Electrónico","2021-06-21","Documento PDF","Disponible a solicitud","Por demanda","Archivos digitales","La información contiene conceptos de índole contrable importante para la toma de desiciones","Subdirector de Unidad Especial Subdirección Administrativa y Financiera","Grupo Interno de Trabajo de GestiónFinanciera y Contable","NO","BAJO",null,"BAJO","MEDIO",1,1,2,4,"MEDIO","NO",null,"PÚBLICA","No tiene excepción de acceso",null,"Información Pública de conocimiento General","No Aplica","2022-11-01","No Aplica"]
[855,"Gestión Financiera","Informe","Documentos generados a través del SIIF, los cuales reportan el comportamiento de los diferentes instrumentos presupuestales que afectan a las apropiaciones asignadas a la UBPD,  como lo son:  el  Certificado de Disponibilidad Presupuestal, los  Registros Presupuestales de los compromisos, las Obligaciones y  los Pagos.","2021-06-25",null,"Información","Español","Electrónico","2021-06-21","Documento PDF; Hoja de calculo","Disponible a solicitud","Por demanda","Archivos digitales",null,"Subdirector de Unidad Especial Subdirección Administrativa y Financiera","Grupo Interno de Trabajo de GestiónFinanciera y Contable","NO","BAJO",null,"BAJO","MEDIO",1,1,2,4,"MEDIO","NO",null,"PÚBLICA","No tiene excepción de acceso",null,"Información Pública de conocimiento General","No Aplica","2022-11-01","No Aplica"]
[856,"Gestión Financiera","Actas de constitucion de Reservas presupuestales","Documento con los Registros Presupuestales de los Compromisos cuyos saldos no fueron ejecutados al finalizar la vigencia fiscal, dado que no se recibieron efectivamente los bienes y servicios pactados.","2021-06-25",null,"Información","Español","Electrónico","2021-06-21","Documento PDF","Disponible a solicitud","Por demanda","Archivos digitales","Estos informes son importantes para la entidad,  ya  que contienen información relacionada con la ejecución presupuestal, la gestión contable y reportes solicitados por las entidades de control,  permitiendo la oportuna toma de las decisiones y cumplimiento de las obligaciones establecidas en la ley.","Subdirector de Unidad Especial Subdirección Administrativa y Financiera","Grupo Interno de Trabajo de GestiónFinanciera y Contable","NO","BAJO",null,"BAJO","MEDIO",1,1,2,4,"MEDIO","NO",null,"PÚBLICA","No tiene excepción de acceso",null,"Información Pública de conocimiento General","No Aplica","2022-11-01","No Aplica"]
[857,"Gestión Financiera","Acta de constitución de cuentas por pagar","Documento donde se relacionan las obligaciones con saldo por pagar al finalizar la vigencia fiscal, debido a la efectiva recepción de bienes y servicios. ","2021-06-25",null,"Información","Español","Electrónico","2021-06-21","Documento PDF","Disponible a solicitud","Por demanda","Archivos digitales","Estos informes son importantes para la entidad,  ya  que contienen información relacionada con la ejecución presupuestal, la gestión contable y reportes solicitados por las entidades de control,  permitiendo la oportuna toma de las decisiones y cumplimiento de las obligaciones establecidas en la ley.","Subdirector de Unidad Especial Subdirección Administrativa y Financiera","Grupo Interno de Trabajo de GestiónFinanciera y Contable","NO","BAJO",null,"BAJO","MEDIO",1,1,2,4,"MEDIO","NO",null,"PÚBLICA","No tiene excepción de acceso",null,"Información Pública de conocimiento General","No Aplica","2022-11-01","No Aplica"]
[858,"Gestión Financiera","Informes de ejecución presupuestal","Documentos generados a través del SIIF, los cuales reportan el comportamiento de los diferentes instrumentos presupuestales que afectan a las apropiaciones asignadas a la UBPD,  como lo son:  el  Certificado de Disponibilidad Presupuestal, los  Registros Presupuestales de los compromisos, las Obligaciones y  los Pagos.","2021-06-25",null,"Información","Español","Electrónico","2021-06-21","Documento PDF; Hoja de calculo","Disponible a solicitud","Por demanda","Archivos digitales","Estos informes son importantes para la entidad,  ya  que contienen información relacionada con la ejecución presupuestal, la gestión contable y reportes solicitados por las entidades de control,  permitiendo la oportuna toma de las decisiones y cumplimiento de las obligaciones establecidas en la ley.","Subdirector de Unidad Especial Subdirección Administrativa y Financiera","Grupo Interno de Trabajo de GestiónFinanciera y Contable","NO","BAJO",null,"BAJO","MEDIO",1,1,2,4,"MEDIO","NO",null,"PÚBLICA","No tiene excepción de acceso",null,"Información Pública de conocimiento General","No Aplica","2022-11-01","No Aplica"]
[859,"Gestión Financiera","Informes de conciliación contable","Es un proceso contable que se realiza a las cuentas que lo requieran que conforman el balance de la entidad, con la finalidad que la conciliación garantice la integridad de la información contable.","2021-06-25","2022-01-01","Información","Español","Electrónico","2021-06-21","Documento PDF; Hoja de calculo","Disponible a solicitud","Por demanda","Archivos digitales",null,"Subdirector de Unidad Especial Subdirección Administrativa y Financiera","Grupo Interno de Trabajo de GestiónFinanciera y Contable","NO","BAJO",null,"MEDIO","MEDIO",1,2,2,5,"MEDIO","NO",null,"PÚBLICA","No tiene excepción de acceso",null,"Información Pública de conocimiento General","No Aplica","2022-11-01","No Aplica"]
[860,"Gestión Financiera","Amortización","Es la pérdida del valor de los activos o pasivos con el paso del tiempo.","2021-06-25","2022-01-01","Información","Español","Electrónico","2021-06-21","Documento PDF","Disponible a solicitud","Por demanda","Archivos digitales",null,"Subdirector de Unidad Especial Subdirección Administrativa y Financiera","Grupo Interno de Trabajo de GestiónFinanciera y Contable","NO","BAJO",null,"MEDIO","BAJO",1,2,1,4,"MEDIO","NO",null,"PÚBLICA","No tiene excepción de acceso",null,"Información Pública de conocimiento General","No Aplica","2022-11-01","No Aplica"]
[861,"Gestión Financiera","Balance general","Documento que contiene un informe financiero contable que refleja la situación económica y financiera de una empresa en un momento determinado","2021-06-25","2022-01-01","Información","Español","Electrónico","2021-06-21","Documento PDF; Hoja de calculo","Disponible a solicitud","Por demanda","Archivos digitales",null,"Subdirector de Unidad Especial Subdirección Administrativa y Financiera","Grupo Interno de Trabajo de GestiónFinanciera y Contable","NO","BAJO",null,"MEDIO","MEDIO",1,2,2,5,"MEDIO","NO",null,"PÚBLICA","No tiene excepción de acceso",null,"Información Pública de conocimiento General","No Aplica","2022-11-01","No Aplica"]
[862,"Gestión Financiera","Notas a los estados financieros","Documento que revela hechos económicos que no son recurrentes, que surgen durante el correspondiente mes y que tienen un efecto material en la estructura financiera de la entidad, presentando así información adicional relevante","2021-06-25","2022-01-01","Información","Español","Electrónico","2021-06-21","Documento PDF","Disponible a solicitud","Por demanda","Archivos digitales",null,"Subdirector de Unidad Especial Subdirección Administrativa y Financiera","Grupo Interno de Trabajo de GestiónFinanciera y Contable","NO","BAJO",null,"MEDIO","MEDIO",1,2,2,5,"MEDIO","NO",null,"PÚBLICA","No tiene excepción de acceso",null,"Información Pública de conocimiento General","No Aplica","2022-11-01","No Aplica"]
[863,"Gestión Financiera","Relación de procesos a favor y en contra","Documento emitido por la Oficina Asesora Jurídica que contiene la relación de procesos judiciales y extrajudiciales donde participa la Entidad, como demandante o demandado.","2021-06-25","2022-01-01","Información","Español","Electrónico","2021-06-21","Documento PDF; Hoja de calculo","Disponible a solicitud","Por demanda","Sistemas de información",null,"Subdirector de Unidad Especial Subdirección Administrativa y Financiera","Grupo Interno de Trabajo de GestiónFinanciera y Contable","NO","MEDIO",null,"MEDIO","MEDIO",2,2,2,6,"MEDIO","NO",null,"CLASIFICADA","Los secretos comerciales, industriales y profesionales,  a excepción de lo estipulados en el articulo 77 de la Ley 1474 de 2011",null,"Información exceptuada por daño de derechos a personas naturales o jurídicas.\n Articulo 18 Ley 1712 de 2014","Parcial","2022-11-01","Ilimitada, y no deberán aplicarse cuando la persona natural o jurídica ha consentido en la revelación de sus datos personales o privados o bien cuando es claro que la información fue entregada como parte de aquella información que debe estar bajo el régimen de publicidad aplicable"]
[864,"Gestión Financiera","Información exógena","Documento con conjunto de datos sobre las operaciones realizadas con terceros, que la entidad deberá presentar ante la Dian, entidades territoriales y el distrito de manera mensual o anual.","2021-06-25","2022-01-01","Información","Español","Electrónico","2021-06-21","Documento PDF","Disponible a solicitud","Por demanda","Archivos digitales",null,"Subdirector de Unidad Especial Subdirección Administrativa y Financiera","Grupo Interno de Trabajo de GestiónFinanciera y Contable","NO","BAJO",null,"MEDIO","MEDIO",1,2,2,5,"MEDIO","NO",null,"PÚBLICA","No tiene excepción de acceso",null,"Información Pública de conocimiento General","No Aplica","2022-11-01","No Aplica"]
[865,"Gestión Financiera","Conceptos contaduría","Documentos contentivos de las respuestas a los conceptos solicitados a la CGN.","2021-06-25","2022-01-01","Información","Español","Electrónico","2021-06-21","Documento PDF","Disponible a solicitud","Por demanda","Archivos digitales",null,"Subdirector de Unidad Especial Subdirección Administrativa y Financiera","Grupo Interno de Trabajo de GestiónFinanciera y Contable","NO","BAJO",null,"BAJO","BAJO",1,1,1,3,"BAJO","NO",null,"PÚBLICA","No tiene excepción de acceso",null,"Información Pública de conocimiento General","No Aplica","2022-11-01","No Aplica"]
[866,"Gestión Financiera","Informe","Documentos generados a través del SIIF, los cuales contienen la información relevante a CDP, RP, Obligaciones y Pagos.","2021-06-25","2022-01-01","Información","Español","Electrónico","2021-06-21","Hoja de calculo; Documento PDF","Disponible a solicitud","Por demanda","Archivos digitales",null,"Subdirector de Unidad Especial Subdirección Administrativa y Financiera","Grupo Interno de Trabajo de GestiónFinanciera y Contable","NO","BAJO",null,"BAJO","BAJO",1,1,1,3,"BAJO","NO",null,"PÚBLICA","No tiene excepción de acceso",null,"Información Pública de conocimiento General","No Aplica","2022-11-01","No Aplica"]
[867,"Gestión Financiera","Reporte SIIF Nación","Documentos generados a través del SIIF, los cuales contienen la información relevante a CDP, RP, Obligaciones y Pagos.","2021-06-25","2022-01-01","Información","Español","Electrónico","2021-06-21","Documento PDF; Hoja de calculo","Disponible a solicitud","Por demanda","Archivos digitales",null,"Subdirector de Unidad Especial Subdirección Administrativa y Financiera","Grupo Interno de Trabajo de GestiónFinanciera y Contable","NO","BAJO",null,"MEDIO","BAJO",1,2,1,4,"MEDIO","NO",null,"PÚBLICA","No tiene excepción de acceso",null,"Información Pública de conocimiento General","No Aplica","2022-11-01","No Aplica"]
[868,"Gestión Financiera","Reporte auxiliar contable por Posición de Catálogo Institucional – PCI","Documento que contiene el reporte del SIIF Nación con las operaciones que afectan el movimiento débito o crédito de una o varias cuentas o subcuentas, con el fin de mostrar correctamente sus saldos a una fecha determinada.","2021-06-25",null,"Información","Español","Electrónico","2021-06-21","Documento PDF; Hoja de calculo","Disponible a solicitud","Por demanda","Archivos digitales","Los libros de contabilidad contienen los registros contables indispensables para el control detallado de las transacciones y operaciones, que reflejan la situación financiera de la Entidad.","Subdirector de Unidad Especial Subdirección Administrativa y Financiera","Grupo Interno de Trabajo de GestiónFinanciera y Contable","NO","BAJO",null,"BAJO","MEDIO",1,1,2,4,"MEDIO","NO",null,"PÚBLICA","No tiene excepción de acceso",null,"Información Pública de conocimiento General","No Aplica","2022-11-01","No Aplica"]
[869,"Gestión Financiera","Reportes de saldos y movimientos contables","Documento que contiene reporte del SIIF Nación que refleja todas las cuentas del balance, su saldo y movimiento de un periodo determinado.","2021-06-25",null,"Información","Español","Electrónico","2021-06-21","Documento PDF; Hoja de calculo","Disponible a solicitud","Por demanda","Archivos digitales","Los libros de contabilidad contienen los registros contables indispensables para el control detallado de las transacciones y operaciones, que reflejan la situación financiera de la Entidad.","Subdirector de Unidad Especial Subdirección Administrativa y Financiera","Grupo Interno de Trabajo de GestiónFinanciera y Contable","NO","BAJO",null,"BAJO","MEDIO",1,1,2,4,"MEDIO","NO",null,"PÚBLICA","No tiene excepción de acceso",null,"Información Pública de conocimiento General","No Aplica","2022-11-01","No Aplica"]
[870,"Gestión Financiera","Acta de apertura de libro principal","Documento mediante el cual se da apertura a los libros principales de la UBPD, estos son, el libro diario y el libro mayor,  son generados y guardado virtualmente. No obstante, la fuente de información principal es el SIIF Nación.","2021-06-25","2022-01-01","Información","Español","Electrónico","2021-06-21","Documento PDF","Disponible a solicitud","Por demanda","Archivos digitales",null,"Subdirector de Unidad Especial Subdirección Administrativa y Financiera","Grupo Interno de Trabajo de GestiónFinanciera y Contable","NO","BAJO",null,"MEDIO","MEDIO",1,2,2,5,"MEDIO","NO",null,"PÚBLICA","No tiene excepción de acceso",null,"Información Pública de conocimiento General","No Aplica","2022-11-01","No Aplica"]
[871,"Gestión Financiera","Libro Diario","Documento con el reporte del SIIF que refleja registra cronológicamente los movimientos de cada una de las cuentas afectadas. En este libro se identifica la fecha a la cual corresponde el movimiento de la cuenta, el código, la denominación de la cuenta y el movimiento diario débito y crédito de la partida contable. Los movimientos débitos y créditos de las cuentas del libro diario deben ser producto de las afectaciones contables realizadas por medio de los comprobantes de contabilidad.","2021-06-25",null,"Información","Español","Electrónico","2021-06-21","Documento PDF; Hoja de calculo","Disponible a solicitud","Por demanda","Archivos digitales","Los libros de contabilidad contienen los registros contables indispensables para el control detallado de las transacciones y operaciones, que reflejan la situación financiera de la Entidad.","Subdirector de Unidad Especial Subdirección Administrativa y Financiera","Grupo Interno de Trabajo de GestiónFinanciera y Contable","NO","BAJO",null,"BAJO","MEDIO",1,1,2,4,"MEDIO","NO",null,"PÚBLICA","No tiene excepción de acceso",null,"Información Pública de conocimiento General","No Aplica","2022-11-01","No Aplica"]
[872,"Gestión Financiera","Acta de apertura de libro principal","Documento mediante el cual se da apertura a los libros principales de la UBPD, estos son, el libro diario y el libro mayor,  son generados y guardado virtualmente. No obstante, la fuente de información principal es el SIIF Nación.","2021-06-25","2022-01-01","Información","Español","Electrónico","2021-06-21","Documento PDF","Disponible a solicitud","Por demanda","Archivos digitales",null,"Subdirector de Unidad Especial Subdirección Administrativa y Financiera","Grupo Interno de Trabajo de GestiónFinanciera y Contable","NO","BAJO",null,"MEDIO","MEDIO",1,2,2,5,"MEDIO","NO",null,"PÚBLICA","No tiene excepción de acceso",null,"Información Pública de conocimiento General","No Aplica","2022-11-01","No Aplica"]
[873,"Gestión Financiera","Libro Mayor","Documento con el reporte del SIIF que resume por mes el saldo inicial, el movimiento y el saldo final de las cuentas. En este libro se identifica: el mes al cual corresponden los saldos iniciales, el movimiento débito y crédito y el saldo final de la cuenta. Las cuentas se deben presentar de acuerdo con la secuencia establecida en la estructura del catálogo general de cuentas y los movimientos mensuales débitos y créditos, cada una de estas deben corresponder con las cifras registradas en el libro diario.","2021-06-25","2022-01-01","Información","Español","Electrónico","2021-06-21","Documento PDF; Hoja de calculo","Disponible a solicitud","Por demanda","Archivos digitales",null,"Subdirector de Unidad Especial Subdirección Administrativa y Financiera","Grupo Interno de Trabajo de GestiónFinanciera y Contable","NO","MEDIO",null,"MEDIO","MEDIO",2,2,2,6,"MEDIO","NO",null,"CLASIFICADA","Los secretos comerciales, industriales y profesionales,  a excepción de lo estipulados en el articulo 77 de la Ley 1474 de 2011",null,"Información exceptuada por daño de derechos a personas naturales o jurídicas.\n Articulo 18 Ley 1712 de 2014","Parcial","2022-11-01","Ilimitada, y no deberán aplicarse cuando la persona natural o jurídica ha consentido en la revelación de sus datos personales o privados o bien cuando es claro que la información fue entregada como parte de aquella información que debe estar bajo el régimen de publicidad aplicable"]
[874,"Gestión Financiera","Modificación al pac","Documento que contiene el registro de las modificaciones al PAC , con el fin de garantizar los recursos para el pago de las obligaciones.","2021-06-25",null,"Información","Español","Electrónico","2021-06-21","Documento PDF; Hoja de calculo","Disponible a solicitud","Por demanda","Archivos digitales","Consolida las necesidades de modificaciones de PAC por parte de las dependencias de la UBPD, con el fin de contar con la disponibilidad de recursos  para realizar el pago de las obligaciones.","Subdirector de Unidad Especial Subdirección Administrativa y Financiera","Grupo Interno de Trabajo de GestiónFinanciera y Contable","NO","BAJO",null,"BAJO","MEDIO",1,1,2,4,"MEDIO","NO",null,"PÚBLICA","No tiene excepción de acceso",null,"Información Pública de conocimiento General","No Aplica","2022-11-01","No Aplica"]
[875,"Gestión Financiera","Programación de giros","Realizar la programación de giros a realizar por cada una de las áreas de la UBPD ","2021-06-25","2022-01-01","Información","Español","Electrónico","2021-06-21","Documento PDF; Hoja de calculo","Disponible a solicitud","Por demanda","Archivos digitales",null,"Subdirector de Unidad Especial Subdirección Administrativa y Financiera","Grupo Interno de Trabajo de GestiónFinanciera y Contable","NO","BAJO",null,"BAJO","BAJO",1,1,1,3,"BAJO","NO",null,"PÚBLICA","No tiene excepción de acceso",null,"Información Pública de conocimiento General","No Aplica","2022-11-01","No Aplica"]
[876,"Gestión Financiera","Programación mensual de PAC para el año siguiente","Documento que contiene el formato único de distribución de PAC del MHCP, en el cual  se relaciona la programación de PAC mensualmente para la vigencia siguiente.","2021-06-25","2022-01-01","Información","Español","Electrónico","2021-06-21","Documento PDF; Hoja de calculo","Disponible a solicitud","Por demanda","Archivos digitales",null,"Subdirector de Unidad Especial Subdirección Administrativa y Financiera","Grupo Interno de Trabajo de GestiónFinanciera y Contable","NO","BAJO",null,"BAJO","BAJO",1,1,1,3,"BAJO","NO",null,"PÚBLICA","No tiene excepción de acceso",null,"Información Pública de conocimiento General","No Aplica","2022-11-01","No Aplica"]
[877,"Gestión Financiera","Proyección inicial del PAC","Documento que contiene el formato único de distribución de PAC del MHCP, en el cual  se relaciona la programación de PAC mensualmente para la vigencia siguiente.","2021-06-25",null,"Información","Español","Electrónico","2021-01-25","Documento PDF; Hoja de calculo","Disponible a solicitud","Por demanda","Archivos digitales","Consolida las necesidades de modificaciones de PAC por parte de las dependencias de la UBPD, con el fin de contar con la disponibilidad de recursos  para realizar el pago de las obligaciones.","Subdirector de Unidad Especial Subdirección Administrativa y Financiera","Grupo Interno de Trabajo de GestiónFinanciera y Contable","NO","BAJO",null,"BAJO","MEDIO",1,1,2,4,"MEDIO","NO",null,"PÚBLICA","No tiene excepción de acceso",null,"Información Pública de conocimiento General","No Aplica","2022-11-01","No Aplica"]
[878,"Gestión Financiera","Solicitudes de PAC mensual","Documento que consolida las necesidades de  recursos financieros de las dependencias por cada objeto de gasto ","2021-06-25",null,"Información","Español","Electrónico","2021-01-25","Documento PDF; Hoja de calculo","Disponible a solicitud","Por demanda","Archivos digitales","Consolida las necesidades de modificaciones de PAC por parte de las dependencias de la UBPD, con el fin de contar con la disponibilidad de recursos  para realizar el pago de las obligaciones.","Subdirector de Unidad Especial Subdirección Administrativa y Financiera","Grupo Interno de Trabajo de GestiónFinanciera y Contable","NO","BAJO",null,"BAJO","MEDIO",1,1,2,4,"MEDIO","NO",null,"PÚBLICA","No tiene excepción de acceso",null,"Información Pública de conocimiento General","No Aplica","2022-11-01","No Aplica"]
[879,"Gestión Financiera","Reportes de PAC","Documento que contiene los reportes generados del Sistema Integrado de Información Financiera SIIF NACIÓN ","2021-06-25",null,"Información","Español","Electrónico","2021-01-25","Documento PDF; Hoja de calculo","Disponible a solicitud","Por demanda","Archivos digitales","Consolida las necesidades de modificaciones de PAC por parte de las dependencias de la UBPD, con el fin de contar con la disponibilidad de recursos  para realizar el pago de las obligaciones.","Subdirector de Unidad Especial Subdirección Administrativa y Financiera","Grupo Interno de Trabajo de GestiónFinanciera y Contable","NO","BAJO",null,"BAJO","MEDIO",1,1,2,4,"MEDIO","NO",null,"PÚBLICA","No tiene excepción de acceso",null,"Información Pública de conocimiento General","No Aplica","2022-11-01","No Aplica"]
[880,"Gestión Financiera","Informe de ejecución de PAC","Documento mediante la cual se compara la ejecución del PAC programado y el PAC ejecutado","2021-06-25",null,"Información","Español","Electrónico","2021-01-25","Documento PDF; Hoja de calculo","Disponible a solicitud","Por demanda","Archivos digitales","Consolida las necesidades de modificaciones de PAC por parte de las dependencias de la UBPD, con el fin de contar con la disponibilidad de recursos  para realizar el pago de las obligaciones.","Subdirector de Unidad Especial Subdirección Administrativa y Financiera","Grupo Interno de Trabajo de GestiónFinanciera y Contable","NO","BAJO",null,"BAJO","MEDIO",1,1,2,4,"MEDIO","NO",null,"PÚBLICA","No tiene excepción de acceso",null,"Información Pública de conocimiento General","No Aplica","2022-11-01","No Aplica"]
[881,"Gestión Financiera","Solicitud vigencia futura","Documento elaborado por las diferentes dependencias de la Unidad en donde justifica la razón de los no pagos de obligaciones asumidas por la entidad en vigencias anteriores.","2021-06-25",null,"Información","Español","Electrónico","2021-06-25","Documento PDF","Disponible a solicitud","Por demanda","Archivos digitales","Esta serie es importantes porque permite a la entidad identificar las obligaciones que no se cancelaron con oportunidad.","Subdirector de Unidad Especial Subdirección Administrativa y Financiera","Grupo Interno de Trabajo de GestiónFinanciera y Contable","NO","BAJO",null,"BAJO","MEDIO",1,1,2,4,"MEDIO","NO",null,"PÚBLICA","No tiene excepción de acceso",null,"Información Pública de conocimiento General","No Aplica","2022-11-01","No Aplica"]
[882,"Gestión Financiera","Copia certificado de disponibilidad presupuestal","Documento que se expide a través del sistema integrado de  información financiero-SIIF que asegura la disponibilidad de recursos libres de afectación para la asunción de gastos.","2021-06-25","2022-01-01","Información","Español","Electrónico","2021-06-25","Documento PDF","Disponible a solicitud","Por demanda","Archivos digitales",null,"Subdirector de Unidad Especial Subdirección Administrativa y Financiera","Grupo Interno de Trabajo de GestiónFinanciera y Contable","NO","BAJO",null,"BAJO","BAJO",1,1,1,3,"BAJO","NO",null,"PÚBLICA","No tiene excepción de acceso",null,"Información Pública de conocimiento General","No Aplica","2022-11-01","No Aplica"]
[883,"Gestión Financiera","Solicitud del autorización vigencia expirada a través del SIIF",null,"2021-06-25","2022-01-01","Información","Español","Electrónico","2021-06-25","Documento PDF","Disponible a solicitud","Por demanda","Archivos digitales",null,"Subdirector de Unidad Especial Subdirección Administrativa y Financiera","Grupo Interno de Trabajo de GestiónFinanciera y Contable","NO","BAJO",null,"BAJO","BAJO",1,1,1,3,"BAJO","NO",null,"PÚBLICA","No tiene excepción de acceso",null,"Información Pública de conocimiento General","No Aplica","2022-11-01","No Aplica"]
[884,"Gestión Financiera","Justificación técnica y económica","Documento generado por las diferentes dependencias de la entidad en donde justifican técnica y económicamente la necesidades de comprometer recursos correspondientes a la vigencias subsiguientes a la del perfeccionamiento del contrato o convenio.","2021-06-25",null,"Información","Español","Electrónico","2021-06-25","Documento PDF","Disponible a solicitud","Por demanda","Archivos digitales","La importancia de esta serie radica en la posibilidad de comprometer recursos en las vigencias fiscales subsiguientes a las de la suscripción de los acuerdos de voluntades permitiendo optimizar los recursos y minimizando el desgaste en procesos contractuales.","Subdirector de Unidad Especial Subdirección Administrativa y Financiera","Grupo Interno de Trabajo de GestiónFinanciera y Contable","NO","BAJO",null,"BAJO","MEDIO",1,1,2,4,"MEDIO","NO",null,"PÚBLICA","No tiene excepción de acceso",null,"Información Pública de conocimiento General","No Aplica","2022-11-01","No Aplica"]
[885,"Gestión Financiera","Certificado de Disponibilidad Presupuestal","Documento que se expide a través del sistema integrado de  información financiero-SIIF que asegura la disponibilidad de recursos libres de afectación para la asunción de gastos.","2021-06-25","2022-01-01","Información","Español","Electrónico","2021-06-25","Documento PDF","Disponible a solicitud","Por demanda","Archivos digitales",null,"Subdirector de Unidad Especial Subdirección Administrativa y Financiera","Grupo Interno de Trabajo de GestiónFinanciera y Contable","NO","BAJO",null,"MEDIO","MEDIO",1,2,2,5,"MEDIO","NO",null,"PÚBLICA","No tiene excepción de acceso",null,"Información Pública de conocimiento General","No Aplica","2022-11-01","No Aplica"]
[886,"Gestión Financiera","Comunicación oficial Solicitud del cupo de vigencia futura a través del SIIF","Documento que es expedido a través a  del Sistema Integrado de  Información Financiera -SIIF,  para solicitar ante la Dirección General del Presupuesto Público Nacional la aprobación de cupo vigencias futuras.","2021-06-25",null,"Información","Español","Electrónico","2021-06-25","Documento PDF","Disponible a solicitud","Por demanda","Archivos digitales","La importancia de esta serie radica en la posibilidad de comprometer recursos en las vigencias fiscales subsiguientes a las de la suscripción de los acuerdos de voluntades permitiendo optimizar los recursos y minimizando el desgaste en procesos contractuales.","Subdirector de Unidad Especial Subdirección Administrativa y Financiera","Grupo Interno de Trabajo de GestiónFinanciera y Contable","NO","BAJO",null,"BAJO","MEDIO",1,1,2,4,"MEDIO","NO",null,"PÚBLICA","No tiene excepción de acceso",null,"Información Pública de conocimiento General","No Aplica","2022-11-01","No Aplica"]
[887,"Gestión Financiera","Soporte de pago ","Documento mediante el cual se evidencia el pago realizado de la declaración tributaria","2021-06-25","2022-01-01","Información","Español","Electrónico","2021-06-25","Documento PDF","Disponible a solicitud","Por demanda","Archivos digitales",null,"Subdirector de Unidad Especial Subdirección Administrativa y Financiera","Grupo Interno de Trabajo de GestiónFinanciera y Contable","NO","BAJO",null,"BAJO","BAJO",1,1,1,3,"BAJO","NO",null,"PÚBLICA","No tiene excepción de acceso",null,"Información Pública de conocimiento General","No Aplica","2022-11-01","No Aplica"]
[888,"Gestión Financiera","Seguimiento","Documento mediante la cual se compara la ejecución del PAC programado y el PAC ejecutado","2021-06-25","2022-01-01","Información","Español","Electrónico","2021-06-25","Documento PDF; Hoja de calculo","Disponible a solicitud","Por demanda","Archivos digitales",null,"Subdirector de Unidad Especial Subdirección Administrativa y Financiera","Grupo Interno de Trabajo de GestiónFinanciera y Contable","NO","BAJO",null,"BAJO","BAJO",1,1,1,3,"BAJO","NO",null,"PÚBLICA","No tiene excepción de acceso",null,"Información Pública de conocimiento General","No Aplica","2022-11-01","No Aplica"]
[889,"Gestión Financiera","Solicitud y justificación técnica y económica","Documento elaborado por las diferentes dependencias de la Unidad en donde justifica la razón de los no pagos de obligaciones asumidas por la entidad en vigencias anteriores.","2021-06-25","2022-01-01","Información","Español","Electrónico","2021-06-25","Documento PDF; Hoja de calculo","Disponible a solicitud","Por demanda","Archivos digitales",null,"Subdirector de Unidad Especial Subdirección Administrativa y Financiera","Grupo Interno de Trabajo de GestiónFinanciera y Contable","NO","BAJO",null,"BAJO","BAJO",1,1,1,3,"BAJO","NO",null,"PÚBLICA","No tiene excepción de acceso",null,"Información Pública de conocimiento General","No Aplica","2022-11-01","No Aplica"]
[890,"Gestión Financiera","Comprobante de pago - liquidación de impuestos y retenciones","Documento que  describe la información general del proveedor, contratista, funcionarios y empresa prestadora de servicio público, la información del contrato, resolución y factura de servicio público, las deducciones a que haya lugar de acuerdo con la normatividad vigente y valor neto a pagar; documento que trae el VoBo de Subdirector Administrativo y Financiero y la firma del Ordenador del Gasto. ","2021-06-25","2022-01-01","Información","Español","Electrónico","2021-06-25","Documento PDF; Hoja de calculo","Disponible a solicitud","Por demanda","Archivos digitales",null,"Subdirector de Unidad Especial Subdirección Administrativa y Financiera","Grupo Interno de Trabajo de GestiónFinanciera y Contable","NO","MEDIO",null,"MEDIO","MEDIO",2,2,2,6,"MEDIO","SI","Dato Público","CLASIFICADA","Los secretos comerciales, industriales y profesionales,  a excepción de lo estipulados en el articulo 77 de la Ley 1474 de 2011",null,"Información exceptuada por daño de derechos a personas naturales o jurídicas.\n Articulo 18 Ley 1712 de 2014","Parcial","2022-11-01","Ilimitada, y no deberán aplicarse cuando la persona natural o jurídica ha consentido en la revelación de sus datos personales o privados o bien cuando es claro que la información fue entregada como parte de aquella información que debe estar bajo el régimen de publicidad aplicable"]
[891,"Gestión Financiera","Detalle Movimiento Contable ","Documento que contiene el reporte de los movimientos tanto débitos como créditos de las operaciones registradas durante un periodo,  el cual es uno de los insumos para realizar la conciliación bancaria.","2021-06-25",null,"Información","Español","Electrónico","2021-06-25","Documento PDF; Hoja de calculo","Disponible a solicitud","Por demanda","Archivos digitales","La información contiene insumo importante para la elaboración de los estados financieros, que permitan reflejar la realidad económica de la UBPD.","Subdirector de Unidad Especial Subdirección Administrativa y Financiera","Grupo Interno de Trabajo de GestiónFinanciera y Contable","NO","BAJO",null,"BAJO","MEDIO",1,1,2,4,"MEDIO","NO",null,"PÚBLICA","No tiene excepción de acceso",null,"Información Pública de conocimiento General","No Aplica","2022-11-01","No Aplica"]
[892,"Gestión Financiera","Reporte de Información Exógena","Documento que contiene en forma detallada la información correspondiente a las retenciones practicadas por la entidad a un tercero, durante un periodo determinado.","2021-06-25",null,"Información","Español","Electrónico","2021-06-25","Documento PDF; Hoja de calculo","Disponible a solicitud","Por demanda","Archivos digitales","Esta serie es importante porque contiene información sobre las retenciones practicadas a los contribuyentes por bienes y servicios recibidos. ","Subdirector de Unidad Especial Subdirección Administrativa y Financiera","Grupo Interno de Trabajo de GestiónFinanciera y Contable","NO","BAJO",null,"BAJO","MEDIO",1,1,2,4,"MEDIO","NO",null,"PÚBLICA","No tiene excepción de acceso",null,"Información Pública de conocimiento General","No Aplica","2022-11-01","No Aplica"]
[893,"Gestión Financiera","Devoluciones de Impuestos","Documento que contiene en forma detallada la información correspondiente para proceder con la devolución de los impuestos a que hubiere lugar, ya sea por mayores valores retenidos o por no aplicación de tarifas.","2021-06-25",null,"Información","Español","Electrónico","2021-06-25","Documento PDF; Hoja de calculo","Disponible a solicitud","Por demanda","Archivos digitales","Esta serie es importante porque contiene información sobre las retenciones practicadas a los contribuyentes por bienes y servicios recibidos. ","Subdirector de Unidad Especial Subdirección Administrativa y Financiera","Grupo Interno de Trabajo de GestiónFinanciera y Contable","NO","BAJO",null,"BAJO","MEDIO",1,1,2,4,"MEDIO","NO",null,"PÚBLICA","No tiene excepción de acceso",null,"Información Pública de conocimiento General","No Aplica","2022-11-01","No Aplica"]
[894,"Gestión Financiera","Informes a Entes de Control","Documento que contiene respuestas a los requerimientos, PQRSD, o informes solicitados por entes de control o entidades externas en el marco de seguimientos y solicitudes de información","2021-06-25",null,"Información","Español","Electrónico","2021-06-25","Documento PDF; Hoja de calculo","Disponible a solicitud","Por demanda","Archivos digitales","Estos informes son importantes para la entidad,  ya  que contienen información relacionada con la ejecución presupuestal, la gestión contable y reportes solicitados por las entidades de control,  permitiendo la oportuna toma de las decisiones y cumplimiento de las obligaciones establecidas en la ley","Subdirector de Unidad Especial Subdirección Administrativa y Financiera","Grupo Interno de Trabajo de GestiónFinanciera y Contable","NO","BAJO",null,"BAJO","MEDIO",1,1,2,4,"MEDIO","NO",null,"PÚBLICA","No tiene excepción de acceso",null,"Información Pública de conocimiento General","No Aplica","2022-11-01","No Aplica"]
[895,"Gestión Financiera","Reporte Auxiliar Detallado","Documento que contiene el reporte de los movimientos tanto débitos como créditos de las operaciones registradas durante un periodo por tercero, concepto, valores y saldos.","2021-06-25",null,"Información","Español","Electrónico","2021-06-25","Documento PDF; Hoja de calculo","Disponible a solicitud","Por demanda","Archivos digitales","La información contiene insumo importante para la elaboración de los estados financieros, que permitan reflejar la realidad económica de la UBPD.","Subdirector de Unidad Especial Subdirección Administrativa y Financiera","Grupo Interno de Trabajo de GestiónFinanciera y Contable","NO","BAJO",null,"BAJO","MEDIO",1,1,2,4,"MEDIO","NO",null,"PÚBLICA","No tiene excepción de acceso",null,"Información Pública de conocimiento General","No Aplica","2022-11-01","No Aplica"]
[896,"Gestión Financiera","Comunicación Oficial Autorización DNP - Proyectos de Inversión"," Documento oficial emitido por el Departamento Nacional de Planeación - DNP  en el que se da concepto favorable a la autorización de cupo para comprometer vigencias futuras en el Presupuesto de Gastos de Inversión de esa Entidad, provenientes de recursos Nación, el cual es requisito para radicar la solicitud de aprobación por parte de la Dirección General de Presupuesto Público Nacional - DGPPN","2021-06-25",null,"Información","Español","Electrónico","2021-06-25","Documento PDF","Disponible a solicitud","Por demanda","Archivos digitales","La importancia de esta serie radica en la posibilidad de comprometer recursos en las vigencias fiscales subsiguientes a las de la suscripción de los acuerdos de voluntades permitiendo optimizar los recursos y minimizando el desgaste en procesos contractuales.","Subdirector de Unidad Especial Subdirección Administrativa y Financiera","Grupo Interno de Trabajo de GestiónFinanciera y Contable","NO","BAJO",null,"BAJO","MEDIO",1,1,2,4,"MEDIO","NO",null,"PÚBLICA","No tiene excepción de acceso",null,"Información Pública de conocimiento General","No Aplica","2022-11-01","No Aplica"]
[897,"Gestión Financiera","Certificación Cumplimiento de la Ley 819 de 2003"," Documento de contiene la existencia de una apropiación vigente, la cual debe contener como mínimo, del monto de las vigencias futuras solicitadas, una apropiación del quince por ciento (15%) en la vigencia fiscal en la que éstas sean autorizadas por  la Dirección General de Presupuesto Público Nacional - DGPPN","2021-06-25",null,"Información","Español","Electrónico","2021-06-25","Documento PDF","Disponible a solicitud","Por demanda","Archivos digitales","La importancia de esta serie radica en la posibilidad de comprometer recursos en las vigencias fiscales subsiguientes a las de la suscripción de los acuerdos de voluntades permitiendo optimizar los recursos y minimizando el desgaste en procesos contractuales.","Subdirector de Unidad Especial Subdirección Administrativa y Financiera","Grupo Interno de Trabajo de GestiónFinanciera y Contable","NO","BAJO",null,"BAJO","MEDIO",1,1,2,4,"MEDIO","NO",null,"PÚBLICA","No tiene excepción de acceso",null,"Información Pública de conocimiento General","No Aplica","2022-11-01","No Aplica"]
[898,"Gestión Financiera","Radicado de la Solicitud de Vigencia Futura - VÍA SITPRES","Documento emitido por el SITPRES, una vez radicada oficialmente la solicitud de vigencia futura ante la Dirección General de Presupuesto Público Nacional - DGPPN a través de su sede electrónica, que contiene el número de radicado, fecha del radicado y fecha de presentación. ","2021-06-25",null,"Información","Español","Electrónico","2021-06-25","Documento PDF","Disponible a solicitud","Por demanda","Archivos digitales","La importancia de esta serie radica en la posibilidad de comprometer recursos en las vigencias fiscales subsiguientes a las de la suscripción de los acuerdos de voluntades permitiendo optimizar los recursos y minimizando el desgaste en procesos contractuales.","Subdirector de Unidad Especial Subdirección Administrativa y Financiera","Grupo Interno de Trabajo de GestiónFinanciera y Contable","NO","BAJO",null,"BAJO","MEDIO",1,1,2,4,"MEDIO","NO",null,"PÚBLICA","No tiene excepción de acceso",null,"Información Pública de conocimiento General","No Aplica","2022-11-01","No Aplica"]
[899,"Gestión Financiera","Comunicaciones Oficiales de Aprobación Cupo Vigencias Futuras","Documento que contiene comunicación oficial emitida por el Ministerio de Hacienda y Crédito Público a través de la Dirección General de Presupuesto Público Nacional - DGPPN donde se informa la aprobación del cupo de vigencias futuras, ya sea de presupuesto de funcionamiento o de inversión, y sus respectivas vigencias.","2021-06-25",null,"Información","Español","Electrónico","2021-06-25","Documento PDF","Disponible a solicitud","Por demanda","Archivos digitales","La importancia de esta serie radica en la posibilidad de comprometer recursos en las vigencias fiscales subsiguientes a las de la suscripción de los acuerdos de voluntades permitiendo optimizar los recursos y minimizando el desgaste en procesos contractuales.","Subdirector de Unidad Especial Subdirección Administrativa y Financiera","Grupo Interno de Trabajo de GestiónFinanciera y Contable","SI","BAJO","BAJO","BAJO","MEDIO",1,1,2,4,"MEDIO","NO",null,"PÚBLICA","No tiene excepción de acceso",null,"Información Pública de conocimiento General","No Aplica","2022-11-01","No Aplica"]
[900,"Gestión Financiera","Registro de vigencia futura a través del SIIF","Documento que contiene el compromiso o los compromisos (RP) de las vigencias futuras comprometidas por cada vigencia, originadas de los contratos suscritos por la entidad. ","2021-06-25",null,"Información","Español","Electrónico","2021-06-25","Documento PDF; Hoja de calculo","Disponible a solicitud","Por demanda","Archivos digitales","La importancia de esta serie radica en la posibilidad de comprometer recursos en las vigencias fiscales subsiguientes a las de la suscripción de los acuerdos de voluntades permitiendo optimizar los recursos y minimizando el desgaste en procesos contractuales.","Subdirector de Unidad Especial Subdirección Administrativa y Financiera","Grupo Interno de Trabajo de GestiónFinanciera y Contable","NO","BAJO",null,"BAJO","MEDIO",1,1,2,4,"MEDIO","NO",null,"PÚBLICA","No tiene excepción de acceso",null,"Información Pública de conocimiento General","No Aplica","2022-11-01","No Aplica"]
[901,"Gestión Administrativa","Solicitud de información para pagos de servicios públicos.","Es una solicitud que se realiza con el fin de  garantizar el pago de las facturas de los servicios públicos de la Sede Central, las Sedes Territoriales y Sedes Satélites de la UBPD.","2019-01-01",null,"Información","Español","Electrónico","2021-04-09","Documento PDF","Publicada","No aplica","Sistemas de información","Serie documental que demuestran la gestión de la UBPD, frente a los aspectos de interés de la ciudadanía y de otras instituciones. Artículo 23 de la Constitución Política de 1991 y la Ley 1755 del 2015","Subdirector de Unidad Especial Subdirección Administrativa y Financiera","Grupo Interno De Trabajo De Gestión Administrativa - Experto Técnico; Grupo Interno De Trabajo De Gestión Administrativa - Analista Técnico","NO","BAJO",null,"BAJO","BAJO",1,1,1,3,"BAJO","NO",null,"PÚBLICA","No tiene excepción de acceso",null,"Información Pública de conocimiento General","No Aplica","2022-11-01","No Aplica"]
[902,"Gestión Administrativa","Respuesta a la solicitud para pagos de servicios públicos.","Es una respuesta que emite las Empresas de Servicios Públicos Domiciliarios correspondiente a los requerimientos efectuados frente a los servicios públicos de la Sede Central, las Sedes Territoriales y Sedes Satélites de la UBPD.","2019-01-01",null,"Información","Español","Electrónico","2021-04-09","Documento PDF","Publicada","No aplica","Sistemas de información","Serie documental que demuestran la gestión de la UBPD, frente a los aspectos de interés de la ciudadanía y de otras instituciones. Artículo 23 de la Constitución Política de 1991 y la Ley 1755 del 2016","Subdirector de Unidad Especial Subdirección Administrativa y Financiera","Grupo Interno De Trabajo De Gestión Administrativa - Experto Técnico; Grupo Interno De Trabajo De Gestión Administrativa - Analista Técnico","SI","BAJO","BAJO","BAJO","BAJO",1,1,1,3,"BAJO","NO",null,"PÚBLICA","No tiene excepción de acceso",null,"Información Pública de conocimiento General","No Aplica","2022-11-01","No Aplica"]
[903,"Gestión Administrativa","Matriz de aspectos e impactos ambientales","Documento mediante el cual se registra la evaluación de aspectos e impactos ambientales ","2021-08-02",null,"Información","Español","Electrónico","2021-08-02","Documento PDF; Hoja de calculo","Publicada","Anual","Archivos digitales","Serie documental que describe las estrategias que en materia de gestión ambiental emprende la UBPD.","Subdirector de Unidad Especial Subdirección Administrativa y Financiera","Grupo Interno De Trabajo De Gestión Administrativa - Experto Técnico; Grupo Interno De Trabajo De Gestión Administrativa - Analista Técnico","NO","BAJO",null,"BAJO","BAJO",1,1,1,3,"BAJO","NO",null,"PÚBLICA","No tiene excepción de acceso",null,"Información Pública de conocimiento General","No Aplica","2022-11-01","No Aplica"]
[904,"Gestión Administrativa","Matriz de requisitos ambientales, legales y otros","Documento mediante el cual se registran los requisitos ambientales y legales para el cumplimiento normativo.","2021-08-02",null,"Información","Español","Electrónico","2021-08-02","Documento PDF; Hoja de calculo","Publicada","Anual","Archivos digitales","Serie documental que describe las estrategias que en materia de gestión ambiental emprende la UBPD.","Subdirector de Unidad Especial Subdirección Administrativa y Financiera","Grupo Interno De Trabajo De Gestión Administrativa - Experto Técnico; Grupo Interno De Trabajo De Gestión Administrativa - Analista Técnico","NO","BAJO",null,"BAJO","BAJO",1,1,1,3,"BAJO","NO",null,"PÚBLICA","No tiene excepción de acceso",null,"Información Pública de conocimiento General","No Aplica","2022-11-01","No Aplica"]
[905,"Gestión Administrativa","Programa Ahorro y Uso Eficiente del Agua","Programa documentado en el PIGA en el cual se establece un conjunto de actividades desarrolladas en pro del Ahorro y Uso Eficiente del Agua de la UBPD.","2021-05-03",null,"Información","Español","Electrónico","2021-05-03","Documento PDF","Publicada","Otro","Archivos digitales","Serie documental que describe las estrategias que en materia de gestión ambiental emprende la UBPD.","Subdirector de Unidad Especial Subdirección Administrativa y Financiera","Grupo Interno De Trabajo De Gestión Administrativa - Experto Técnico; Grupo Interno De Trabajo De Gestión Administrativa - Analista Técnico","NO","BAJO",null,"BAJO","BAJO",1,1,1,3,"BAJO","NO",null,"PÚBLICA","No tiene excepción de acceso",null,"Información Pública de conocimiento General","No Aplica","2022-11-01","No Aplica"]
[906,"Gestión Administrativa","Programa Ahorro y Uso Eficiente de la Energía","Programa documentado en el PIGA en el cual se establece un conjunto de actividades desarrolladas en pro del Ahorro y Uso Eficiente de la Energía de la UBPD.","2021-05-03",null,"Información","Español","Electrónico","2021-05-03","Documento PDF","Publicada","Otro","Archivos digitales","Serie documental que describe las estrategias que en materia de gestión ambiental emprende la UBPD.","Subdirector de Unidad Especial Subdirección Administrativa y Financiera","Grupo Interno De Trabajo De Gestión Administrativa - Experto Técnico; Grupo Interno De Trabajo De Gestión Administrativa - Analista Técnico","NO","BAJO",null,"BAJO","BAJO",1,1,1,3,"BAJO","NO",null,"PÚBLICA","No tiene excepción de acceso",null,"Información Pública de conocimiento General","No Aplica","2022-11-01","No Aplica"]
[907,"Gestión Administrativa","Programa Gestión Integral de Residuos","Programa documentado en el PIGA en el cual se establece un conjunto de actividades desarrolladas en pro de la optima Gestión Integral de Residuos de la UBPD.","2021-06-08",null,"Información","Español","Electrónico","2021-06-08","Documento PDF","Publicada","Por demanda","Archivos digitales","Serie documental que describe las estrategias que en materia de gestión ambiental emprende la UBPD.","Subdirector de Unidad Especial Subdirección Administrativa y Financiera","Grupo Interno De Trabajo De Gestión Administrativa - Experto Técnico; Grupo Interno De Trabajo De Gestión Administrativa - Analista Técnico","NO","BAJO",null,"BAJO","BAJO",1,1,1,3,"BAJO","NO",null,"PÚBLICA","No tiene excepción de acceso",null,"Información Pública de conocimiento General","No Aplica","2022-11-01","No Aplica"]
[908,"Gestión Administrativa","Programa de Conservación del Medio Natural ","Programa documentado en el PIGA en el cual se establece un conjunto de actividades desarrolladas en pro de la Conservación del Medio Natural, debido al cumplimiento misional de la UBPD.","2021-05-03",null,"Información","Español","Electrónico","2021-05-03","Documento PDF","Publicada","Otro","Archivos digitales","Serie documental que describe las estrategias que en materia de gestión ambiental emprende la UBPD.","Subdirector de Unidad Especial Subdirección Administrativa y Financiera","Grupo Interno De Trabajo De Gestión Administrativa - Experto Técnico; Grupo Interno De Trabajo De Gestión Administrativa - Analista Técnico","NO","BAJO",null,"BAJO","BAJO",1,1,1,3,"BAJO","NO",null,"PÚBLICA","No tiene excepción de acceso",null,"Información Pública de conocimiento General","No Aplica","2022-11-01","No Aplica"]
[909,"Gestión Administrativa","Programa sostenible de consumo","Programa documentado en el PIGA en el cual se establece un conjunto de actividades desarrolladas en pro de promover el consumo sostenible en la UBPD.","2021-05-03",null,"Información","Español","Electrónico","2021-05-03","Documento PDF","Publicada","Otro","Archivos digitales","Serie documental que describe las estrategias que en materia de gestión ambiental emprende la UBPD.","Subdirector de Unidad Especial Subdirección Administrativa y Financiera","Grupo Interno De Trabajo De Gestión Administrativa - Experto Técnico; Grupo Interno De Trabajo De Gestión Administrativa - Analista Técnico","NO","BAJO",null,"BAJO","BAJO",1,1,1,3,"BAJO","NO",null,"PÚBLICA","No tiene excepción de acceso",null,"Información Pública de conocimiento General","No Aplica","2022-11-01","No Aplica"]
[910,"Gestión Administrativa","Programa Prácticas Sostenibles","Programa documentado en el PIGA en el cual se establece un conjunto de actividades desarrolladas en pro de promover las practicas sostenibles en la UBPD.","2021-05-03",null,"Información","Español","Electrónico","2021-05-03","Documento PDF","Publicada","Otro","Archivos digitales","Serie documental que describe las estrategias que en materia de gestión ambiental emprende la UBPD.","Subdirector de Unidad Especial Subdirección Administrativa y Financiera","Grupo Interno De Trabajo De Gestión Administrativa - Experto Técnico; Grupo Interno De Trabajo De Gestión Administrativa - Analista Técnico","NO","BAJO",null,"BAJO","BAJO",1,1,1,3,"BAJO","NO",null,"PÚBLICA","No tiene excepción de acceso",null,"Información Pública de conocimiento General","No Aplica","2022-11-01","No Aplica"]
[911,"Gestión Logística","Tarifario de transporte ","Documento que contiene información sobre trayectos, destinos, medios de transporte y costos para pago de reembolsos ","2020-06-01","2022-01-02","Información","Español","Digital","2020-06-01","Documento PDF; Hoja de calculo","No disponible, No publicada","Por demanda","Archivos digitales","El tarifario de transporte permite conocer los valores de los traslados terrestres de las zonas en las cuales se encuentran ubicadas las sede territoriales de la UBPD, estableciendo un estudio de mercado que permita optimizar los recursos en relación al reconocimiento del reembolso de transporte para garantizar la participación de los usuarios de la UBPD.  ","Subdirector de Unidad Especial Subdirección Administrativa y Financiera",null,null,"BAJO",null,"BAJO","BAJO",1,1,1,3,"BAJO","NO",null,"PÚBLICA","No tiene excepción de acceso",null,"Información Pública de conocimiento General","No Aplica","2022-11-01","No Aplica"]
[912,"Gestión Logística","Solicitud de eventos ","Documento donde se consignan los requerimiento logísticos, bienes y servicios necesarios para la realización de un evento y/o actividad por cualquiera de las dependencias solicitantes ","2019-08-01",null,"Información","Español","Digital","2021-12-12","Documento PDF","No disponible, No publicada","Por demanda","Archivos digitales","Herramienta para la identificación de las necesidades de logística para la operativización de acciones colectivas e individuales que tienen como objetivo la reunión y/o participación de colaboradores o usuarios relacionados con la gestión de la UBPD. Se constituyen en un acto formal para el desarrollo de la misión de la entidad, dado que en estas se toman determinaciones sobre la gestión de la entidad, se cumplen con obligaciones a las que esta se encuentra sujeta, existe una representación o se compromete la imagen institucional de la UBPD.","Subdirector de Unidad Especial Subdirección Administrativa y Financiera","Grupo Interno de Trabajo de Gestión Lógistica","NO","MEDIO",null,"BAJO","MEDIO",2,1,2,5,"MEDIO","SI","Dato Privado","CLASIFICADA","El derecho de toda persona a la intimidad, bajo las limitaciones propias que impone la condición de servidor publico, en concordancia con lo estipulado por el artículo 24 de la Ley 1437 de 2011.",null,"Información exceptuada por daño de derechos a personas naturales o jurídicas.\n Articulo 18 Ley 1712 de 2014\nLos que involucren derechos a la privacidad e intimidad de las personas, incluidas en las hojas de vida, la historia laboral y los expedientes pensionales y demás registros de personal que obren en los archivos de las instituciones públicas o privadas, así como la historia clínica, salvo que sean solicitados por los propios interesados o por sus apoderados con facultad expresa para acceder a esa información.\n","Parcial","2021-12-12","Ilimitada, y no deberán aplicarse cuando la persona natural o jurídica ha consentido en la revelación de sus datos personales o privados o bien cuando es claro que la información fue entregada como parte de aquella información que debe estar bajo el régimen de publicidad aplicable"]
[913,"Gestión Logística","Agenda de eventos ","Documento donde se informa el itinerario y el detalle de las actividades que se desarrollarán en el marco de la ejecución de un evento ","2019-08-01",null,"Información","Español","Digital","2021-12-12","Documento PDF","Disponible a solicitud","Por demanda","Archivos digitales","Herramienta para la identificación de las actividades a desarrollar de acuerdo con lo servicios logísticos requeridos, documento que permite conocer las particularidades de los usuarios vinculados a cada evento apoyando la ejecución logística.","Subdirector de Unidad Especial Subdirección Administrativa y Financiera","Grupo Interno de Trabajo de Gestión Lógistica","NO","BAJO",null,"BAJO","BAJO",1,1,1,3,"BAJO","NO",null,"PÚBLICA","No tiene excepción de acceso",null,"Información Pública de conocimiento General","No Aplica","2022-11-01","No Aplica"]
[914,"Gestión Logística","Acta de recibido de bienes, elementos y/o servicios ","Documento donde el servidor y/o contratistas de la UBPD, certifica las cantidades finales recibidas de bienes y servicios solicitados para el desarrollo de un evento ","2019-08-01",null,"Información","Español","Digital","2021-12-12","Documento PDF","Disponible a solicitud","Por demanda","Archivos digitales","Documento que relaciona los servicios logísticos recibidos, se constituye en una herramienta para la verificación de calidad, cantidad y oportunidad de la entrega de los servicios solicitados, facilitando la supervisión y garantizando el adecuado uso de los recursos. ","Subdirector de Unidad Especial Subdirección Administrativa y Financiera","Grupo Interno de Trabajo de Gestión Lógistica","NO","BAJO",null,"BAJO","BAJO",1,1,1,3,"BAJO","NO",null,"PÚBLICA","No tiene excepción de acceso",null,"Información Pública de conocimiento General","No Aplica","2022-11-01","No Aplica"]
[915,"Gestión Logística","Anexo de transporte y/o alojamiento","Documento con la información necesaria para prestar servicios de transporte y/o alojamiento, reembolso de traslados a los usuarios de la UBPD","2019-08-01",null,"Información","Español","Digital","2021-12-12","Documento PDF","Disponible a solicitud","Por demanda","Archivos digitales","Formato que relaciona de los servicios de alojamiento y transportes, describiendo de manera específica, rutas, tipos de transporte y costos que serán pagados a los usuarios de la UBPD.","Subdirector de Unidad Especial Subdirección Administrativa y Financiera","Grupo Interno de Trabajo de Gestión Lógistica","NO","MEDIO",null,"BAJO","MEDIO",2,1,2,5,"MEDIO","SI","Dato Sensible","CLASIFICADA","El derecho de toda persona a la intimidad, bajo las limitaciones propias que impone la condición de servidor publico, en concordancia con lo estipulado por el artículo 24 de la Ley 1437 de 2011.",null,"Información exceptuada por daño de derechos a personas naturales o jurídicas.\n Articulo 18 Ley 1712 de 2014\nLos que involucren derechos a la privacidad e intimidad de las personas, incluidas en las hojas de vida, la historia laboral y los expedientes pensionales y demás registros de personal que obren en los archivos de las instituciones públicas o privadas, así como la historia clínica, salvo que sean solicitados por los propios interesados o por sus apoderados con facultad expresa para acceder a esa información.\n","Total","2021-12-12","Ilimitada, y no deberán aplicarse cuando la persona natural o jurídica ha consentido en la revelación de sus datos personales o privados o bien cuando es claro que la información fue entregada como parte de aquella información que debe estar bajo el régimen de publicidad aplicable"]
[916,"Gestión Logística","Autorización de novedades ","Documento que contiene solicitudes de adición, cancelación y/o modificación de bienes y servicios logísticos a suministrar en el marco de un evento y/o actividad ","2019-08-01",null,"Información","Español","Digital","2021-12-12","Documento PDF","Disponible a solicitud","Por demanda","Archivos digitales","Formato que relaciona los servicios logísticos que surgen como servicios no planeados antes y durante del evento, constituye una herramienta de verificación para la facturación de servicios logísticos, garantizando el adecuado uso de los recurso.  ","Subdirector de Unidad Especial Subdirección Administrativa y Financiera","Grupo Interno de Trabajo de Gestión Lógistica","NO","BAJO",null,"BAJO","BAJO",1,1,1,3,"BAJO","NO",null,"PÚBLICA","No tiene excepción de acceso",null,"Información Pública de conocimiento General","No Aplica","2022-11-01","No Aplica"]
[917,"Gestión Logística","Prefacturas del operador logístico ","Documento previo a la factura de venta, mediante el cual el equipo de supervisión del contrato de operador logístico puede realizar  una validación financiera a los cobros a realizar a la UBPD ","2019-08-01",null,"Información","Español","Digital","2021-12-12","Documento PDF","Publicada","Por demanda","Archivos digitales","Documento para la verificación de los costos por servicio de acuerdo a lo establecido en el contrato de operación logística vigente. ","Subdirector de Unidad Especial Subdirección Administrativa y Financiera","Grupo Interno de Trabajo de Gestión Lógistica; Grupo Interno de Trabajo de Gestión contractual","NO","BAJO",null,"BAJO","BAJO",1,1,1,3,"BAJO","NO",null,"PÚBLICA","No tiene excepción de acceso",null,"Información Pública de conocimiento General","No Aplica","2022-11-01","No Aplica"]
[918,"Gestión Logística","Facturas de venta operador logístico ","Documento mediante el cual se genera una obligación financiera para la UBPD a favor del contratista, por la prestación de servicios logísticos en el marco de la ejecución de un evento","2019-08-01",null,"Información","Español","Digital","2021-12-12","Documento PDF","Publicada","Por demanda","Archivos digitales","Documento en que se describe los servicios aprobados discriminando información financiera necesaria para el pago. ","Subdirector de Unidad Especial Subdirección Administrativa y Financiera","Grupo Interno de Trabajo de Gestión contractual","NO","BAJO",null,"BAJO","BAJO",1,1,1,3,"BAJO","NO",null,"PÚBLICA","No tiene excepción de acceso",null,"Información Pública de conocimiento General","No Aplica","2022-11-01","No Aplica"]
[919,"Gestión Logística","Relación general de elementos y servicios ","Documento que detalla bienes y servicios facturados, cantidades, precio y costo total de la actividad y/o evento para la UBPD","2019-08-01",null,"Información","Español","Digital","2021-12-12","Documento PDF","Disponible a solicitud","Por demanda","Archivos digitales","Documento en que se describe los servicios logísticos prestados previos a la revisión y aprobación de la supervisión. ","Subdirector de Unidad Especial Subdirección Administrativa y Financiera","Grupo Interno de Trabajo de Gestión contractual","NO","BAJO",null,"BAJO","BAJO",1,1,1,3,"BAJO","NO",null,"PÚBLICA","No tiene excepción de acceso",null,"Información Pública de conocimiento General","No Aplica","2022-11-01","No Aplica"]
[920,"Gestión Logística","Cuadros comparativos de cotizaciones ","Documento financiero que permite realizar un analisis comparativo de las ofertas presentadas por proveedores del operador logístico y evaluar cual resulta más favorable para el UBPD ","2019-08-01",null,"Información","Español","Digital","2021-12-12","Documento PDF","Disponible a solicitud","Por demanda","Archivos digitales","Documento que relaciona el estudio de mercado realizado para los servicios logísticos que no se encuentra en la propuesta económica del operador logístico vigente, este permite la verificación de oferta teniendo en cuenta calidad, precio y oportunidad. ","Subdirector de Unidad Especial Subdirección Administrativa y Financiera","Grupo Interno de Trabajo de Gestión contractual","NO","BAJO",null,"BAJO","BAJO",1,1,1,3,"BAJO","NO",null,"PÚBLICA","No tiene excepción de acceso",null,"Información Pública de conocimiento General","No Aplica","2022-11-01","No Aplica"]
[921,"Gestión Logística","Facturas y/o documentos equivalentes de proveedores subcontratados ","Documentos que continen información financiera con respecto a los costos de determinados bienes y/o servicios logísticos que el operador logísico de la UBPD subcontrata en el marco de una actividad y/o evento ","2019-08-01",null,"Información","Español","Digital","2021-12-12","Documento PDF","Disponible a solicitud","Por demanda","Archivos digitales","Documento en que se describe los servicios aprobados discriminando información financiera necesaria para el pago. ","Subdirector de Unidad Especial Subdirección Administrativa y Financiera","Grupo Interno de Trabajo de Gestión contractual","NO","BAJO",null,"BAJO","BAJO",1,1,1,3,"BAJO","NO",null,"PÚBLICA","No tiene excepción de acceso",null,"Información Pública de conocimiento General","No Aplica","2022-11-01","No Aplica"]
[922,"Gestión Logística","Cotizaciones de proveedores ","Documentos que dan a conocer las ofertas económicas presentadas por proveedores del Operador logístico en razón a un bien o servicio logístico necesario para realizar una actividad y/o evento de la UBPD.","2019-08-01",null,"Información","Español","Digital","2021-12-12","Documento PDF","Disponible a solicitud","Por demanda","Archivos digitales","Documento en el que se establece el costo a pagar por un producto o servicio, de acuerdo con lo servicios logísticos requeridos, aportando transaparecia en el proceso de selección de proveedores. ","Subdirector de Unidad Especial Subdirección Administrativa y Financiera","Grupo Interno de Trabajo de Gestión contractual","NO","BAJO",null,"BAJO","BAJO",1,1,1,3,"BAJO","NO",null,"PÚBLICA","No tiene excepción de acceso",null,"Información Pública de conocimiento General","No Aplica","2022-11-01","No Aplica"]
[923,"Gestión Logística","Informe de ejecución del operador logístico ","Documento presentado por el Operador logístico, con la información detallada de los servicios logísticos prestados en el marco de una actividad y/o evento","2019-08-01",null,"Información","Español","Digital","2021-12-12","Documento PDF","Disponible a solicitud","Por demanda","Archivos digitales","Documento elaborado por el operador logístico que relaciona lo servicios prestados y realiza una descripción cualitativa de las particularidades de operación logística de cada jornada. ","Subdirector de Unidad Especial Subdirección Administrativa y Financiera","Grupo Interno de Trabajo de Gestión contractual","NO","BAJO",null,"BAJO","BAJO",1,1,1,3,"BAJO","NO",null,"PÚBLICA","No tiene excepción de acceso",null,"Información Pública de conocimiento General","No Aplica","2022-11-01","No Aplica"]
[924,"Gestión Logística","Documentos equivalentes para el pago de reembolsos ","Documento que soporta el pago de determinadas sumas de dinero a usuarios de la UBPD en el marco de una actividad y/o evento.","2019-08-01",null,"Información","Español","Digital","2021-12-12","Documento PDF","Disponible a solicitud","Por demanda","Archivos digitales","Cuentas de cobro y/o recibos de pago para el pago de reembolsos de recursos que cubren el transporte de usuarios de la UBPD, garantizando la participación en los eventos. ","Subdirector de Unidad Especial Subdirección Administrativa y Financiera","Grupo Interno de Trabajo de Gestión contractual","NO","BAJO",null,"BAJO","BAJO",1,1,1,3,"BAJO","NO",null,"PÚBLICA","No tiene excepción de acceso",null,"Información Pública de conocimiento General","No Aplica","2022-11-01","No Aplica"]
[925,"Gestión Logística","Documentos de identidad de usuarios ","Documento que contiene las copias del documento de identidad de un usuario o participante del proceso de búsqueda humanitaria y extrajudicial realizado por la UBPD.","2019-08-01",null,"Información","Español","Digital","2021-12-12","Documento PDF","Disponible a solicitud","Por demanda","Archivos digitales","Copia controlada del documento de identidad de los usuarios de la UBPD que reciben recursos por medio del pago de reembolsos. Estos documentos se encuentran amparados bajo la cláusula de confidencialidad establecida en los contratos de la entidad. ","Subdirector de Unidad Especial Subdirección Administrativa y Financiera","Grupo Interno de Trabajo de Gestión contractual","NO","BAJO",null,"BAJO","BAJO",1,1,1,3,"BAJO","NO",null,"PÚBLICA","No tiene excepción de acceso",null,"Información Pública de conocimiento General","No Aplica","2022-11-01","No Aplica"]
[926,"Gestión Logística","Informes de actividad de proveedores subcontratados ","Documento que contiene información sobre el desarrollo de actividades específicas en el marco de un evento o actividad de la UBPD.","2019-08-01",null,"Información","Español","Digital","2021-12-12","Documento PDF","Disponible a solicitud","Por demanda","Archivos digitales","Identificación de acciones de mejora y particularidades del desarrollo de la prestación de servicios logísticos, aportando a la experiencia de manejo de territorio y planeación de acciones de acuerdo a la misionalidad de la entidad. ","Subdirector de Unidad Especial Subdirección Administrativa y Financiera","Grupo Interno de Trabajo de Gestión contractual","NO","BAJO",null,"BAJO","BAJO",1,1,1,3,"BAJO","NO",null,"PÚBLICA","No tiene excepción de acceso",null,"Información Pública de conocimiento General","No Aplica","2022-11-01","No Aplica"]
[927,"Gestión Logística","Evaluación de satisfacción ","Calificación que se generan por parte de los asistentes a las actividades, respecto a los servicios y bienes requeridos.","2019-08-01",null,"Información","Español","Digital","2021-12-12","Documento PDF","Disponible a solicitud","Por demanda","Archivos digitales","Permite evaluar los servicios prestado teniendo en cuenta la solicitud de evento, las novedades presentadas y la adecuada ejecución de los servicios logísticos, aportando a la supervisión insumos documental que permite realizar acciones correctivas para el mejoramiento de la prestación de los servicios logísticos. ","Subdirector de Unidad Especial Subdirección Administrativa y Financiera","Grupo Interno de Trabajo de Gestión contractual","NO","BAJO",null,"BAJO","BAJO",1,1,1,3,"BAJO","NO",null,"PÚBLICA","No tiene excepción de acceso",null,"Información Pública de conocimiento General","No Aplica","2022-11-01","No Aplica"]
[928,"Gestión Logística","Matriz de seguimiento y ejecución de gestión logística ","Documento con el cual se realizar el seguimiento a la ejecución financiera de los recursos para la gestión logística así como el detalle del desarrollo de actividades y eventos de la UBPD a nivel nacional.","2019-08-01",null,"Información","Español","Digital","2021-12-12","Documento PDF","Disponible a solicitud","Por demanda","Archivos digitales","Herramienta de seguimiento que le permite a la entidad realizar un monitoreo continuo del presupuesto asignado y los  servicios de mayo demanda requeridos por la misionalidad. ","Subdirector de Unidad Especial Subdirección Administrativa y Financiera","Grupo Interno de Trabajo de Gestión contractual","NO","BAJO",null,"BAJO","BAJO",1,1,1,3,"BAJO","NO",null,"PÚBLICA","No tiene excepción de acceso",null,"Información Pública de conocimiento General","No Aplica","2022-11-01","No Aplica"]
[929,"Gestión Logística","Actas de confidencialidad de proveedores subcontratados por operdor logístico ","Documento en el que un proveedor contratado a través del operador logístico se compromete expresamente a no divulgar la información a la que pueda tener acceso producto de la prestación de sus servicios en el marco de una actividad y/o evento.","2019-08-01",null,"Información","Español","Digital","2021-12-12","Documento PDF","Disponible a solicitud","Por demanda","Archivos digitales","Documento que garantiza el adecuado uso de la información y permite el control de los datos entregados a terceros para garantizar la operación logística ","Subdirector de Unidad Especial Subdirección Administrativa y Financiera","Grupo Interno de Trabajo de Gestión contractual","NO","BAJO",null,"BAJO","BAJO",1,1,1,3,"BAJO","NO",null,"PÚBLICA","No tiene excepción de acceso",null,"Información Pública de conocimiento General","No Aplica","2022-11-01","No Aplica"]
[930,"Gestión Logística","Presupuesto de los eventos y/o actividades ","Documentos que refleja la información financiera final sobre los costos totales de una actividad y/o evento para aprobación de la supervisión del contrato de operador logístico.","2019-08-01",null,"Información","Español","Digital","2021-12-12","Documento PDF","Publicada","Por demanda","Archivos digitales","Documento que permite a la supervisión verificar los costos de cada servicio, relacionando cantidades y características. Lo anterior aporta al adecuado seguimiento y uso de los recursos asignados para la operación logística. ","Subdirector de Unidad Especial Subdirección Administrativa y Financiera","Grupo Interno de Trabajo de Gestión contractual","NO","BAJO",null,"BAJO","BAJO",1,1,1,3,"BAJO","NO",null,"PÚBLICA","No tiene excepción de acceso",null,"Información Pública de conocimiento General","No Aplica","2022-11-01","No Aplica"]
[931,"Recursos Físicos","Traslado de Activos Fijos a Servicio","Documento donde se evidencia los traslados de activos fijos que se realizan desde Almacen, a los funcionarios de cualquier dependencia o sede a nivel nacional.","2019-12-31",null,"Información","Español","Híbrido: Análogo - electrónico; Híbrido: Análogo - digital","2019-12-31","Documento PDF","Disponible a solicitud","Diario","Archivo físico","Los documentos generados en esta serie certifican los movimientos de los bienes fiscales de la entidad con lo cual garantiza su adecuado registro y control. ","Subdirector de Unidad Especial Subdirección Administrativa y Financiera","Grupo Interno De Trabajo De Gestión Lógistica - Experto Técnico/Coordinador","NO","BAJO",null,"MEDIO","MEDIO",1,2,2,5,"MEDIO","NO",null,"PÚBLICA","No tiene excepción de acceso",null,"Información Pública de conocimiento General","No Aplica","2022-11-01","No Aplica"]
[932,"Recursos Físicos","Cambio de Responsable","Documento mediante el cual se cambia la ubicación física de los bienes dentro de las dependencias, servidores o\ncontratistas y oficinas de la entidad, ocasionando por tal motivo la cesación de responsabilidad de quien entrega y transfiriéndola\na quien recibe.","2019-12-31",null,"Información","Español","Híbrido: Análogo - electrónico; Híbrido: Análogo - digital","2019-12-31","Presentación; Documento PDF","Disponible a solicitud","Diario","Archivo físico","Los documentos generados en esta serie certifican los movimientos de los bienes fiscales de la entidad con lo cual garantiza su adecuado registro y control. ","Subdirector de Unidad Especial Subdirección Administrativa y Financiera","Grupo Interno De Trabajo De Gestión Lógistica - Experto Técnico/Coordinador","NO","BAJO",null,"MEDIO","MEDIO",1,2,2,5,"MEDIO","NO",null,"PÚBLICA","No tiene excepción de acceso",null,"Información Pública de conocimiento General","No Aplica","2022-11-01","No Aplica"]
[933,"Recursos Físicos","Salida de almacén a Costo","Documento, en el cual se evidencia la entrega de bienes de consumo que fenecen con el primer uso como cartuchos para impresora,\ncintas para fax, lápices o papel a cualquier funcionarios o sede a nivel nacional","2019-12-31",null,"Información","Español","Híbrido: Análogo - electrónico; Híbrido: Análogo - digital","2019-12-31","Presentación; Documento PDF","Disponible a solicitud","Diario","Archivo físico","Los documentos generados en esta serie certifican los movimientos de los bienes fiscales de la entidad con lo cual garantiza su adecuado registro y control. ","Subdirector de Unidad Especial Subdirección Administrativa y Financiera","Grupo Interno De Trabajo De Gestión Lógistica - Experto Técnico/Coordinador","NO","BAJO",null,"MEDIO","MEDIO",1,2,2,5,"MEDIO","NO",null,"PÚBLICA","No tiene excepción de acceso",null,"Información Pública de conocimiento General","No Aplica","2022-11-01","No Aplica"]
[934,"Recursos Físicos","Baja de Activos Fijos ","Documento, en el cual se da de baja elementos obsoletos, dañado o hurtados que salen de los inventarios","2019-12-31",null,"Información","Español","Híbrido: Análogo - electrónico; Híbrido: Análogo - digital","2019-12-31","Documento PDF","Disponible a solicitud","Diario","Archivo físico","Los documentos generados en esta serie certifican los movimientos de los bienes fiscales de la entidad con lo cual garantiza su adecuado registro y control. ","Subdirector de Unidad Especial Subdirección Administrativa y Financiera","Grupo Interno de Trabajo de Gestión Lógistica","NO","BAJO",null,"MEDIO","MEDIO",1,2,2,5,"MEDIO","NO",null,"PÚBLICA","No tiene excepción de acceso",null,"Información Pública de conocimiento General","No Aplica","2022-11-01","No Aplica"]
[935,"Recursos Físicos","Baja de Activos Fijos de Mínima Cuantía ","Documento, en el cual se evidencia traslado de activos devolutivos a consumo controlado","2019-12-31",null,"Información","Español","Híbrido: Análogo - electrónico; Híbrido: Análogo - digital","2019-12-31","Documento PDF","Disponible a solicitud","Diario","Archivo físico","Los documentos generados en esta serie certifican los movimientos de los bienes fiscales de la entidad con lo cual garantiza su adecuado registro y control. ","Subdirector de Unidad Especial Subdirección Administrativa y Financiera","Grupo Interno de Trabajo de Gestión Lógistica","NO","BAJO",null,"MEDIO","MEDIO",1,2,2,5,"MEDIO","NO",null,"PÚBLICA","No tiene excepción de acceso",null,"Información Pública de conocimiento General","No Aplica","2022-11-01","No Aplica"]
[936,"Recursos Físicos","Entrada de Activos Fijos","Documento que acredita la entrega física de un bien a la UBPD y\nsu registro en los inventarios.","2019-12-31",null,"Información","Español","Híbrido: Análogo - electrónico; Híbrido: Análogo - digital","2019-12-31","Documento PDF","Disponible a solicitud","Diario","Archivo físico","Los documentos generados en esta serie certifican los movimientos de los bienes fiscales de la entidad con lo cual garantiza su adecuado registro y control. ","Subdirector de Unidad Especial Subdirección Administrativa y Financiera","Grupo Interno de Trabajo de Gestión Lógistica","NO","BAJO",null,"MEDIO","MEDIO",1,2,2,5,"MEDIO","NO",null,"PÚBLICA","No tiene excepción de acceso",null,"Información Pública de conocimiento General","No Aplica","2022-11-01","No Aplica"]
[937,"Recursos Físicos","Ingresos de Almacén","Documento que acredita la entrega física de un bien a la UBPD y\nsu registro en los inventarios.","2019-12-31",null,"Información","Español","Híbrido: Análogo - electrónico; Híbrido: Análogo - digital","2019-12-31","Documento PDF","Disponible a solicitud","Diario","Archivo físico","Los documentos generados en esta serie certifican los movimientos de los bienes fiscales de la entidad con lo cual garantiza su adecuado registro y control. ","Subdirector de Unidad Especial Subdirección Administrativa y Financiera","Grupo Interno de Trabajo de Gestión Lógistica","NO","BAJO",null,"MEDIO","MEDIO",1,2,2,5,"MEDIO","NO",null,"PÚBLICA","No tiene excepción de acceso",null,"Información Pública de conocimiento General","No Aplica","2022-11-01","No Aplica"]
[938,"Recursos Físicos","Devolución de Activos Fijos","Docuemnto  en el cual se evidencia la devolución de bienes que no se requiere en una dependencia determinada para el cumplimiento del\nobjetivo al cual fueron destinados","2019-12-31",null,"Información","Español","Híbrido: Análogo - electrónico; Híbrido: Análogo - digital","2019-12-31","Documento PDF","Disponible a solicitud","Diario","Archivo físico","Los documentos generados en esta serie certifican los movimientos de los bienes fiscales de la entidad con lo cual garantiza su adecuado registro y control. ","Subdirector de Unidad Especial Subdirección Administrativa y Financiera","Grupo Interno de Trabajo de Gestión Lógistica","NO","BAJO",null,"MEDIO","MEDIO",1,2,2,5,"MEDIO","NO",null,"PÚBLICA","No tiene excepción de acceso",null,"Información Pública de conocimiento General","No Aplica","2022-11-01","No Aplica"]
[939,"Recursos Físicos","Autorización de salida de bienes de la entidad ","Documento en el cual se evidencia la salida de bienes o equipos  fuera de las instalaciones de la Entidad.","2019-12-31",null,"Información","Español","Híbrido: Análogo - electrónico; Híbrido: Análogo - digital","2019-12-31","Documento PDF","Disponible a solicitud","Diario","Archivo físico","Los documentos generados en esta serie certifican los movimientos de los bienes fiscales de la entidad con lo cual garantiza su adecuado registro y control. ","Subdirector de Unidad Especial Subdirección Administrativa y Financiera","Grupo Interno de Trabajo de Gestión Lógistica","NO","BAJO",null,"MEDIO","MEDIO",1,2,2,5,"MEDIO","NO",null,"PÚBLICA","No tiene excepción de acceso",null,"Información Pública de conocimiento General","No Aplica","2022-11-01","No Aplica"]
[940,"Recursos Físicos","Inventario Toma Física de Bienes","Documento reporte de elementos devolutivos que una persona en su carácter de servidor público\no contratista tiene bajo su responsabilidad para el desarrollo de su trabajo.","2019-12-31",null,"Información","Español","Híbrido: Análogo - electrónico; Híbrido: Análogo - digital","2019-12-31","Documento PDF","Disponible a solicitud","Diario","Archivo físico","Los documentos generados en esta serie certifican los movimientos de los bienes fiscales de la entidad con lo cual garantiza su adecuado registro y control. ","Subdirector de Unidad Especial Subdirección Administrativa y Financiera","Grupo Interno de Trabajo de Gestión Lógistica","NO","BAJO",null,"MEDIO","MEDIO",1,2,2,5,"MEDIO","NO",null,"PÚBLICA","No tiene excepción de acceso",null,"Información Pública de conocimiento General","No Aplica","2022-11-01","No Aplica"]
[941,"Recursos Físicos","QUICK DATA ERP","Software para el manejo, control y definición de los responsables sobre los bienes de la Unidad.","2019-12-31",null,"Software Aplicaciones Informáticas ","Español","Electrónico","2019-12-31","Otro","No disponible, No publicada","Diario","Sistemas de información","Este aplicativo permite consultar y registrar los movimientos de los bienes e invenatrios de la UBPD, asi como tambien la asiganación de los mismos.","Subdirector de Unidad Especial Subdirección Administrativa y Financiera","Grupo Interno de Trabajo de Gestión Lógistica","SI","BAJO","BAJO","MEDIO","MEDIO",1,2,2,5,"MEDIO","NO",null,"PÚBLICA","No tiene excepción de acceso",null,"Información Pública de conocimiento General","No Aplica","2022-11-01","No Aplica"]

{"sheet":"DATOS","index":1,"n_rows":250,"n_cols":125,"rows_kept":250,"cut":false,"hidden":true,"merged":[]}
["TIPO DE PROCESOS","PROCESOS","SUBPROCESO","PROPIETARIO","CARGO",null,"Propietarios-Custodios-Usuarios",null,"GESTIÓN","TRIADA","CLASIFICACION DEL ACTIVO","ES_M_A_EV","Tipo Activo",null,"DIARIA",null,"Datos Personales ",null,"Permisos de Acceso",null,"CLASIFICACIÓN O RESERVA DE LA INFORMACIÓN","FRECUENCIA DE ACTUALIZACIÓN","LUGAR DE CONSULTA","El elemento se cataloga como dato abierto",null,null,"SERIE",null,"ACTAS",null,"CONVENIOS",null,"DERECHOS DE PETICIÓN",null,"ESTUDIOS DE CONFIABILIDAD",null,"INFORMES",null,"INSTRUMENTOS DE GESTIÓN DE INFORMACIÓN PÚBLICA",null,"INSTRUMENTOS DE SEGURIDAD DE LA INFORMACIÓN",null,"PACTOS REGIONALES PARA LA BÚSQUEDA",null,"PLANES",null,"VALORACIÓN DE ANÁLISIS DE RIESGO  EN EL MARCO DE LAS ACCIONES HUMANITARIAS EN TERRENO",null,"ACCIONES CONSTITUCIONALES",null,"CONCEPTOS",null,"PROCESOS JURÍDICOS",null,"ANTEPROYECTOS DE PRESUPUESTO",null,"INSTRUMENTOS DEL SISTEMA INTEGRADO DE GESTIÓN",null,"PROYECTOS",null,"INSTRUMENTOS CENTROS DE DOCUMENTACIÓN ",null,"INVESTIGACIONES SOBRE EL CONTEXTO DE DESAPARICIÓN Y BÚSQUEDA",null,"MEMORIAS INSTITUCIONALES",null,"CATÁLOGOS FUENTES DE INFORMACIÓN",null,"HISTORIAS DE SOLICITUDES PARA LA IMPLEMENTACION DE ACCIONES HUMANITARIAS Y EXTRAJUDICIALES PARA LA BUSQUEDA",null,"REGISTROS NACIONALES DE APORTANTES DE INFORMACIÓN",null,"REGISTROS NACIONALES DE FOSAS, CEMENTERIOS ILEGALES Y SEPULTURAS",null,"REGISTROS UNIVERSO DE PERSONAS DADAS POR DESAPARECIDAS EN EL CONTEXTO Y EN RAZÓN DEL CONFLICTO ARMADO",null,"INFORMES TÉCNICOS FORENSES DE PROSPECCIÓN Y RECUPERACIÓN",null,"HISTORIAS DE LA IDENTIFICACIÓN DEL CADAVER",null,"INFORMES TÉCNICOS FORENSES DE VERIFICACIÓN DE PERSONAS ENCONTRADAS CON VIDA",null,"ACTOS ADMINISTRATIVOS",null,"CIRCULARES",null,"CONTRATOS",null,"PROCESOS CONTRATUALES DECLARADOS DESIERTOS",null,"HISTORIAS LABORALES",null,"NÓMINAS",null,"PROCESOS COBROS COACTIVOS",null,"CERTIFICADOS DE DISPONIBILIDAD PRESUPUESTAL",null,"COMPROBANTES CONTABLES",null,"CONCILIACIONES BANCARIAS",null,"ÓRDENES DE PAGO",null,"DECLARACIONES TRIBUTARIAS",null,"ESTADOS FINANCIEROS",null,"LIBROS CONTABLES AUXILIARES",null,"LIBROS CONTABLES PRINCIPALES",null,"LIBROS DE VIGENCIAS FUTURAS",null,"PROGRAMAS",null,"CONSECUTIVOS DE COMUNICACIONES OFICIALES",null,"INSTRUMENTOS ARCHIVÍSTICOS",null,"INSTRUMENTOS DE CONTROL",null,"COMPROBANTES DE ALMACÉN",null,"NO ESPECIFICADA"]
["PROCESOS MISIONALES","Planificación de Acciones Humanitarias y Extrajudiciales de Búsqueda",null,"Carlos David Rodríguez Velásquez ","Director Técnico de Unidad Especial Dirección Técnica de Información, Planeación de Localización Para la Búsqueda ",null,"DIRECCIÓN GENERAL",null,{"$f":"_xlfn._xlws.FILTER(Table52[PROCESOS],Table53[CARGO])","v":{"$error":"#VALUE!"}},"ALTO","RESERVADA","A","Información","SI","SEMANAL",null,"Dato Público",null,"Control total",null,"No Aplica","Diario",null,"Si",null,null,"ACCIONES CONSTITUCIONALES",null,"Actas Consejo Asesor",null,"Convenios de Asociación y de Colaboración",null,"No Especificada",null,"No Especificada",null,"Informes de Auditorias",null,"No Especificada",null,"Instrumentos de Registro de Incidentes de Seguridad de la Información",null,"No Especificada",null,"Planes de Gestión de Servicios TI",null,"No Especificada",null,"Acciones de Tutela",null,"Conceptos Jurídicos",null,"Procesos de Intervención ante el Sistema Integral para la Paz",null,"No Especificada",null,"No Especificada",null,"Proyectos de Inversión",null,"No Especificada",null,"No Especificada",null,"No Especificada",null,"No Especificada",null,"No Especificada",null,"No Especificada",null,"No Especificada",null,"No Especificada",null,"No Especificada",null,"No Especificada",null,"No Especificada",null,"Resoluciones",null,"No Especificada",null,"Contratos de Arrendamiento",null,"No Especificada",null,"No Especificada",null,"No Especificada",null,"Procesos Cobros Coactivos",null,"No Especificada",null,"No Especificada",null,"No Especificada",null,"No Especificada",null,"No Especificada",null,"No Especificada",null,"No Especificada",null,"Libros Contables Diarios",null,"No Especificada",null,"Programas Anuales Mensualizados De Caja – PAC",null,"Consecutivos de Comunicaciones Oficiales Enviadas",null,"Banco Terminológico",null,"Instrumentos De Control De Almacén E Inventarios",null,"Comprobantes de Egreso de Bienes de Almacén",null,"No Especificada"]
[null,"Implementación de Acciones Humanitarias y Extrajudiciales de Búsqueda",null,"Cesar Sanabria Medina ","Director Técnico de Unidad Especial Dirección Técnica de Prospección, Recuperación e Identificación",null,"Dirección General - Director General",null,null,"MEDIO","CLASIFICADA","M","Bases de Datos","NO","MENSUAL",null,"Dato Privado",null,"Crear",null,"Parcial","Semanal","Portales web propios","No",null,null,"ACTAS",null,"Actas de Acciones Pedagógicas",null,"Convenios de Cooperación Internacional ",null,null,null,null,null,"Informes de Espacios de Pedagogía y Apropiación Social para la Búsqueda\n\n",null,null,null,"No Especificada",null,null,null,"Planes de Recuperación de Desastres",null,null,null,"No Especificada",null,"No Especificada",null,"Procesos Disciplinarios",null,null,null,null,null,"No Especificada",null,null,null,null,null,null,null,null,null,null,null,null,null,null,null,null,null,null,null,null,null,null,null,"No Especificada",null,null,null,"Contratos de Consultoría",null,null,null,null,null,null,null,"Procesos Cobros Persuasivos",null,null,null,null,null,null,null,null,null,null,null,null,null,null,null,"No Especificada",null,null,null,"No Especificada",null,"Consecutivos de Comunicaciones Oficiales Recibidas",null,"Cuadros de Clasificación Documental - CCD",null,"No Especificada",null,"Comprobantes de Ingreso de Bienes de Almacén"]
[null,"Participación de Acciones Humanitarias y Extrajudiciales",null,"Adela Katherine Higuera Giron","Director Técnico de Unidad Especial Dirección Técnica de Participación, Contacto con las Víctimas de Enfoques Diferenciales",null,"Dirección General - Analista Tecnico",null,null,"BAJO","PUBLICA","B","Equipos Auxiliares","NO APLICA","TRIMESTRAL",null,"Dato Semiprivado",null,"Leer",null,"Total","Quincenal","Portales web de terceros",null,null,null,"ACTOS ADMINISTRATIVOS",null,"Actas de Agrupación Territorial",null,"Convenios de Prácticas y Pasantías",null,null,null,null,null,"Informes Narrativos de Hipótesis y Hallazgos para la Localización",null,null,null,null,null,null,null,"Planes Estratégicos de Seguridad de la Información",null,null,null,null,null,null,null,"Procesos Jurisdicción  Ordinaria",null,null,null,null,null,null,null,null,null,null,null,null,null,null,null,null,null,null,null,null,null,null,null,null,null,null,null,null,null,null,null,null,null,"Contratos de Prestación de Servicios",null,null,null,null,null,null,null,"No Especificada",null,null,null,null,null,null,null,null,null,null,null,null,null,null,null,null,null,null,null,null,null,"No Especificada",null,"Inventarios Documentales de Archivo Central",null,null,null,"No Especificada"]
["PROCESOS ESTRATÉGICOS","Comunicación Estratégica y Pedagogía",null,"Bibiana Marcela Mercado Rivera","Jefe de Oficina Asesora de Unidad Especial Oficina Asesora de Comunicaciones de Pedagogía",null,"Dirección General - Asesor Unidad Especial",null,null,"SIN CLASIFICAR","RESERVADA","SC","Hardware / Infraestructura",null,"SEMESTRAL",null,"Dato Sensible",null,"Editar",null,null,"Mensual","Intranet",null,null,null,"ANTEPROYECTOS DE PRESUPUESTO",null,"Actas de Eliminación de Documentos",null,"Convenios Interadministrativos",null,null,null,null,null,"Informes a Entes de Control",null,null,null,null,null,null,null,"Planes Estratégicos Institucionales de Comunicaciones y Pedagogía ",null,null,null,null,null,null,null,"Procesos Jurísdicción Contenciosa Administrativa",null,null,null,null,null,null,null,null,null,null,null,null,null,null,null,null,null,null,null,null,null,null,null,null,null,null,null,null,null,null,null,null,null,"Contratos de Seguros",null,null,null,null,null,null,null,null,null,null,null,null,null,null,null,null,null,null,null,null,null,null,null,null,null,null,null,null,null,null,null,"Planes Institucionales de Archivos - PINAR"]
[null,"Cooperación Internacional y Alianzas",null,"Lyda Natalia Hernandez Garcia","Asesor Unidad Especial I Dirección General ",null,"Dirección General - Experto Tecnico",null,null,null,null,null,"Instalaciones",null,"ANUAL",null,null,null,"Eliminar",null,null,"Bimensual","Archivo físico",null,null,null,"CATÁLOGOS FUENTES DE INFORMACIÓN",null,"Actas de Relacionamiento para la Coordinación y Articulación con Actores Claves para la Búsqueda.",null,"No Especificada",null,null,null,null,null,"Informes de análisis de prevención y protección de Seguridad Para las Sedes",null,null,null,null,null,null,null,"Planes Nacionales de Búsqueda",null,null,null,null,null,null,null,"No Especificada",null,null,null,null,null,null,null,null,null,null,null,null,null,null,null,null,null,null,null,null,null,null,null,null,null,null,null,null,null,null,null,null,null,"Contratos de Suministro o Compra Venta",null,null,null,null,null,null,null,null,null,null,null,null,null,null,null,null,null,null,null,null,null,null,null,null,null,null,null,null,null,null,null,"Programas de Gestión Documental - PGD"]
[null,"Direccionamiento y Planeación Estratégica",null,"Sandra Parra Cristancho","Jefe de Oficina Asesora de Unidad Especial Oficina Asesora de Planeación",null,"Dirección General - Tecnico De Unidad Especial",null,null,null,null,null,"Personas",null,null,null,null,null,"Reemplazar",null,null,"Trimestral","Archivos digitales",null,null,null,"CERTIFICADOS DE DISPONIBILIDAD PRESUPUESTAL",null,"Actas de Reunión para la Coordinación de Acciones Humanitarias y Extrajudiciales con otras Instancias que Buscan",null,null,null,null,null,null,null,"Informes de Caracterización",null,null,null,null,null,null,null,"Planes Anticorrupción y de Atención al Ciudadano",null,null,null,null,null,null,null,null,null,null,null,null,null,null,null,null,null,null,null,null,null,null,null,null,null,null,null,null,null,null,null,null,null,null,null,null,null,null,null,null,null,"Contratos Interadministrativo",null,null,null,null,null,null,null,null,null,null,null,null,null,null,null,null,null,null,null,null,null,null,null,null,null,null,null,null,null,null,null,"Tablas de Control de Acceso "]
[null,"Gestión de TIC",null,"Oscar Javier Suarez Ramos","Jefe de Oficina de Unidad Especial Oficina de Tecnologías de la Información de las Comunicaciones",null,"Dirección General - Contratista",null,null,null,null,null,"Redes de Comunicaciones",null,null,null,null,null,"Mover",null,null,"Cuatrimestral","Sistemas de información",null,null,null,"CIRCULARES",null,"Actas del Comité de aprobación y seguimiento a la implementación de los Planes Regionales de Búsqueda de la UBPD",null,null,null,null,null,null,null,"Informes de Ejecución Presupuestal",null,null,null,null,null,null,null,"Planes Anuales de Adquisiciones",null,null,null,null,null,null,null,null,null,null,null,null,null,null,null,null,null,null,null,null,null,null,null,null,null,null,null,null,null,null,null,null,null,null,null,null,null,null,null,null,null,"No Especificada",null,null,null,null,null,null,null,null,null,null,null,null,null,null,null,null,null,null,null,null,null,null,null,null,null,null,null,null,null,null,null,"Tablas de Retención Documental - TRD"]
[null,"Gestión de Seguridad de la Información",null,"Diego Ferney Ramirez Pulido","Asesor Unidad Especial II Dirección General ",null,"OFICINA DE GESTIÓN DEL CONOCIMIENTO",null,null,null,null,null,"Servicios",null,null,null,null,null,"Copiar",null,null,"Semestral","Bases de Datos",null,null,null,"COMPROBANTES CONTABLES",null,"Actas del Comité de Conciliación de la Unidad de Búsqueda de Personas Dadas por Desaparecidas en el Contexto y en Razón del Conflicto Armado - UBPD",null,null,null,null,null,null,null,"Informes de Gestión",null,null,null,null,null,null,null,"Planes Anuales de Auditorias y Seguimientos",null,null,null,null,null,null,null,null,null,null,null,null,null,null,null,null,null,null,null,null,null,null,null,null,null,null,null,null,null,null,null,null,null,null,null,null,null,null,null,null,null,null,null,null,null,null,null,null,null,null,null,null,null,null,null,null,null,null,null,null,null,null,null,null,null,null,null,null,null,null,null,null,null,"No Especificada"]
[null,"Gestión del Conocimiento ",null,"Claudia Argenis Linares Prieto","Jefe de Oficina de Unidad Especial Oficina de Gestión del Conocimiento",null,"Oficina De Gestión Del Conocimiento - Jefe De Oficina De Unidad Especial",null,null,null,null,null,"Software Aplicaciones Informáticas ",null,null,null,null,null,"Renombrar",null,null,"Anual",null,null,null,null,"COMPROBANTES DE ALMACÉN",null,"Actas del Comité de Contratación de la UBPD",null,null,null,null,null,null,null,"Informes de Gestión ",null,null,null,null,null,null,null,"Planes de Acción Institucional"]
[null,"Gestión Jurídica",null,"Nancy Stella Cruz Gallego","Jefe de Oficina Asesora de Unidad Especial Oficina Asesora Jurídica",null,"Oficina De Gestión Del Conocimiento - Técnico De Unidad Especial",null,null,null,null,null,"Soportes de Información",null,null,null,null,null,"Convertir",null,null,"Por demanda",null,null,null,null,"CONCEPTOS",null,"Actas del Comité de Convivencia Laboral de la Unidad de Búsqueda de Personas Dadas por Desaparecidas en el contexto y en razón del conflicto armado-UBPD",null,null,null,null,null,null,null,"Informes de Gestión Sobre la Implementación de Acciones Humanitarias y Extrajudiciales de Búsqueda",null,null,null,null,null,null,null,"Planes de Bienestar y Estímulos"]
[null,"Prevención y Protección",null,"Nadia Valentina Perez Rodriguez","Asesor Unidad Especial I Dirección General ",null,"Oficina De Gestión Del Conocimiento - Analista Técnico",null,null,null,null,null,null,null,null,null,null,null,"Transformar",null,null,"Otro",null,null,null,null,"CONCILIACIONES BANCARIAS",null,"Actas del Comité de Gestión de la Unidad de Búsqueda de Personas dadas por Desaparecidas en el Contexto y en razón del Conflicto Armado",null,null,null,null,null,null,null,"Informes de Monitoreo de Medios",null,null,null,null,null,null,null,"Planes de Conservación Documental"]
["PROCESOS DE APOYO","Gestión Financiera",null,"Gina Janneth Chappe Chappe","Subdirector de Unidad Especial Subdirección Administrativa y Financiera",null,"Oficina De Gestión Del Conocimiento - Experto Técnico",null,null,null,null,null,null,null,null,null,null,null,"Compartir",null,null,"No aplica",null,null,null,null,"CONSECUTIVOS DE COMUNICACIONES OFICIALES",null,"Actas del Comité de Seguridad de la Información de la Unidad de Búsqueda de Personas Desaparecidas en el Contexto y en Razón del Conflicto Armado – UBPD",null,null,null,null,null,null,null,"Informes de Seguimiento",null,null,null,null,null,null,null,"Planes de Preservación Digital a Largo Plazo"]
[null,"Gestión Contractual",null,"Claudia Isabel Victoria Niño Izquierdo","Secretario General de Unidad Especial Secretaría General",null,"OFICINA ASESORA DE PLANEACIÓN",null,null,null,null,null,null,null,null,null,null,null,"Divulgar",null,null,null,null,null,null,null,"CONTRATOS",null,"Actas del Comité de Sostenibilidad Contable de la Unidad de Búsqueda de Personas dadas por Desaparecidas en el contexto y en razón del conflicto armado - UPBD",null,null,null,null,null,null,null,"Informes de Sistematización de Información Cualitativa y Cuantitativa",null,null,null,null,null,null,null,"Planes de Tecnología en Seguridad Digital"]
[null,"Gestión Administrativa",null,"Gina Janneth Chappe Chappe","Subdirector de Unidad Especial Subdirección Administrativa y Financiera",null,"Oficina Asesora De Planeación - Jefe De Oficina Asesora De Unidad Especial",null,null,null,null,null,null,null,null,null,null,null,"Descargar",null,null,null,null,null,null,null,"CONVENIOS",null,"Actas del Comité Ejecutivo de Dirección Institucional de la UBPD",null,null,null,null,null,null,null,"Informes Grupos de Interés",null,null,null,null,null,null,null,"Planes de Trabajo de Seguridad y Salud en el Trabajo SG-SST"]
[null,"Gestión Documental",null,"Gina Janneth Chappe Chappe","Subdirector de Unidad Especial Subdirección Administrativa y Financiera",null,"Oficina Asesora De Planeación - Técnico De Unidad Especial",null,null,null,null,null,null,null,null,null,null,null,"Descargar + Editar",null,null,null,null,null,null,null,"DECLARACIONES TRIBUTARIAS",null,"Actas del Comité Institucional de Coordinación de Control Interno de la Unidad de Búsqueda de Personas dadas por Desaparecidas en el contexto y en razón del conflicto armando  (UBPD)",null,null,null,null,null,null,null,"Informes por Requerimiento Legal y/o Seguimientos Internos y Externos",null,null,null,null,null,null,null,"Planes de Transferencias Documentales Primarias"]
[null,"Gestión Logística",null,"Gina Janneth Chappe Chappe","Subdirector de Unidad Especial Subdirección Administrativa y Financiera",null,"Oficina Asesora De Planeación - Experto Técnico",null,null,null,null,null,null,null,null,null,null,null,"Copiar + Editar",null,null,null,null,null,null,null,"DERECHOS DE PETICIÓN",null,"Actas del Comité para la Formulación y Seguimiento a la Implementación de la Política de Divulgación de Información Audiovisual de las Acciones Humanitarias de Búsqueda de la UBPD",null,null,null,null,null,null,null,"Informes Públicos de Seguimiento y Verificación del Cumplimiento de las Funciones de la UBPD",null,null,null,null,null,null,null,"Planes de Transferencias Documentales Secundarias"]
[null,"Recursos Físicos",null,"Gina Janneth Chappe Chappe","Subdirector de Unidad Especial Subdirección Administrativa y Financiera",null,"Oficina Asesora De Planeación - Analista Técnico",null,null,null,null,null,null,null,null,null,null,null,"Copiar + Descargar + Editar",null,null,null,null,null,null,null,"ESTADOS FINANCIEROS",null,"Actas del Comité Paritario de Seguridad y Salud en el Trabajo (COPASST) de la Unidad de Búsqueda de Personas Dadas por Desaparecidas en el Contexto y en Razón del Conflicto Armado  - UBPD",null,null,null,null,null,null,null,"No Especificada",null,null,null,null,null,null,null,"Planes del Modelo Estándar de Control Interno - MECI"]
["PROCESO DE AUTOEVALUACIÓN","Gestión de Talento Humano",null,"Andrea Carolina Carrasco Ramirez","Subdirector de Unidad Especial Subdirección de Gestión Humana",null,"Oficina Asesora De Planeación - Contratista",null,null,null,null,null,null,null,null,null,null,null,"Descargar + Editar + Compartir",null,null,null,null,null,null,null,"ESTUDIOS DE CONFIABILIDAD",null,"No Especificada",null,null,null,null,null,null,null,null,null,null,null,null,null,null,null,"Planes Estratégicos de Talento Humano"]
[null,"Servicio al Ciudadano",null,"Gina Janneth Chappe Chappe","Subdirector de Unidad Especial Subdirección Administrativa de Financiera",null,"OFICINA DE TECNOLOGÍAS DE LA INFORMACIÓN Y LAS COMUNICACIONES",null,null,null,null,null,null,null,null,null,null,null,null,null,null,null,null,null,null,null,"HISTORIAS DE LA IDENTIFICACIÓN DEL CADAVER",null,null,null,null,null,null,null,null,null,null,null,null,null,null,null,null,null,"Planes Estratégicos de Tecnologías de la Información y las Comunicaciones"]
[null,"Control Interno Disciplinario",null,"Claudia Isabel Victoria Niño Izquierdo","Secretario General Secretaría General",null,"Oficina De Tecnologías De La Información Y Las Comunicaciones - Jefe De Oficina De Unidad Especial",null,null,null,null,null,null,null,null,null,null,null,null,null,null,null,null,null,null,null,"HISTORIAS DE SOLICITUDES PARA LA IMPLEMENTACION DE ACCIONES HUMANITARIAS Y EXTRAJUDICIALES PARA LA BUSQUEDA",null,null,null,null,null,null,null,null,null,null,null,null,null,null,null,null,null,"Planes Estratégicos del Cuidado"]
[null,"Seguimiento, Evaluación y Control",null,"Ivonne del Pilar Jimenez Garcia","Jefe de Oficina de Unidad Especial Oficina de Control Interno",null,"Oficina De Tecnologías De La Información Y Las Comunicaciones - Experto Técnico",null,null,null,null,null,null,null,null,null,null,null,null,null,null,null,null,null,null,null,"HISTORIAS LABORALES",null,null,null,null,null,null,null,null,null,null,null,null,null,null,null,null,null,"Planes Estratégicos Institucionales"]
[null,null,null,null,null,null,"Oficina De Tecnologías De La Información Y Las Comunicaciones - Técnico De Unidad Especial",null,null,null,null,null,null,null,null,null,null,null,null,null,null,null,null,null,null,null,"INFORMES",null,null,null,null,null,null,null,null,null,null,null,null,null,null,null,null,null,"Planes Institucionales de Capacitación - PIC"]
[null,null,null,null,null,null,"Oficina De Tecnologías De La Información Y Las Comunicaciones - Analista Técnico",null,null,null,null,null,null,null,null,null,null,null,null,null,null,null,null,null,null,null,"INFORMES TÉCNICOS FORENSES DE PROSPECCIÓN Y RECUPERACIÓN",null,null,null,null,null,null,null,null,null,null,null,null,null,null,null,null,null,"Planes Institucionales de Gestión Ambiental"]
[null,null,null,null,null,null,"Oficina De Tecnologías De La Información Y Las Comunicaciones - Contratista",null,null,null,null,null,null,null,null,null,null,null,null,null,null,null,null,null,null,null,"INFORMES TÉCNICOS FORENSES DE VERIFICACIÓN DE PERSONAS ENCONTRADAS CON VIDA",null,null,null,null,null,null,null,null,null,null,null,null,null,null,null,null,null,"Planes Regionales de Búsqueda"]
[null,null,null,null,null,null,"OFICINA ASESORA DE COMUNICACIONES Y PEDAGOGÍA",null,null,null,null,null,null,null,null,null,null,null,null,null,null,null,null,null,null,null,"INSTRUMENTOS ARCHIVÍSTICOS",null,null,null,null,null,null,null,null,null,null,null,null,null,null,null,null,null,"No Especificada"]
[null,null,null,null,null,null,"Oficina Asesora De Comunicaciones Y Pedagogía - Jefe De Oficina Asesora De Unidad Especial",null,null,null,null,null,null,null,null,null,null,null,null,null,null,null,null,null,null,null,"INSTRUMENTOS CENTROS DE DOCUMENTACIÓN"]
[null,null,null,null,null,null,"Oficina Asesora De Comunicaciones Y Pedagogía - Analista Técnico",null,null,null,null,null,null,null,null,null,null,null,null,null,null,null,null,null,null,null,"INSTRUMENTOS DE CONTROL"]
[null,null,null,null,null,null,"Oficina Asesora De Comunicaciones Y Pedagogía - Experto Técnico",null,null,null,null,null,null,null,null,null,null,null,null,null,null,null,null,null,null,null,"INSTRUMENTOS DE GESTIÓN DE INFORMACIÓN PÚBLICA"]
[null,null,null,null,null,null,"Oficina Asesora De Comunicaciones Y Pedagogía - Técnico De Unidad Especial",null,null,null,null,null,null,null,null,null,null,null,null,null,null,null,null,null,null,null,"INSTRUMENTOS DE SEGURIDAD DE LA INFORMACIÓN"]
["IDIOMA",null,null,null,null,null,"Oficina Asesora De Comunicaciones Y Pedagogía - Contratista",null,null,null,null,null,null,null,null,null,null,null,null,null,null,null,null,null,null,null,"INSTRUMENTOS DEL SISTEMA INTEGRADO DE GESTIÓN"]
["Español",null,null,null,null,null,"OFICINA DE CONTROL INTERNO",null,null,null,null,null,null,null,null,null,null,null,null,null,null,null,null,null,null,null,"INVESTIGACIONES SOBRE EL CONTEXTO DE DESAPARICIÓN Y BÚSQUEDA"]
["Ingles",null,null,null,null,null,"Oficina De Control Interno - Jefe De Oficina De Unidad Especial",null,null,null,null,null,null,null,null,null,null,null,null,null,null,null,null,null,null,null,"LIBROS CONTABLES AUXILIARES"]
["Español - Ingles",null,null,null,null,null,"Oficina De Control Interno - Experto Técnico",null,null,null,null,null,null,null,null,null,null,null,null,null,null,null,null,null,null,null,"LIBROS CONTABLES PRINCIPALES"]
["Español y otros",null,null,null,null,null,"Oficina De Control Interno - Técnico De Unidad Especial",null,null,null,null,null,null,null,null,null,null,null,null,null,null,null,null,null,null,null,"LIBROS DE VIGENCIAS FUTURAS"]
["Lengua Indígena\nCreole (lengua raizal San Andrés islas),\nLengua palenquera",null,null,null,null,null,"OFICINA ASESORA JURÍDICA",null,null,null,null,null,null,null,null,null,null,null,null,null,null,null,null,null,null,null,"MEMORIAS INSTITUCIONALES"]
["Otro",null,null,null,null,null,"Oficina Asesora Jurídica - Jefe De Oficina Asesora De Unidad Especial",null,null,null,null,null,null,null,null,null,null,null,null,null,null,null,null,null,null,null,"NÓMINAS"]
[null,null,null,null,null,null,"Oficina Asesora Jurídica - Técnico De Unidad Especial",null,null,null,null,null,null,null,null,null,null,null,null,null,null,null,null,null,null,null,"ÓRDENES DE PAGO"]
[null,null,null,null,null,null,"Oficina Asesora Jurídica - Analista Técnico",null,null,null,null,null,null,null,null,null,null,null,null,null,null,null,null,null,null,null,"PACTOS REGIONALES PARA LA BÚSQUEDA"]
[null,null,null,null,null,null,"Oficina Asesora Jurídica - Experto Técnico",null,null,null,null,null,null,null,null,null,null,null,null,null,null,null,null,null,null,null,"PLANES"]
[null,null,null,null,null,null,"Oficina Asesora Jurídica - Experto Técnico/Coordinadora",null,null,null,null,null,null,null,null,null,null,null,null,null,null,null,null,null,null,null,"PROCESOS COBROS COACTIVOS"]
[null,null,null,null,null,null,"Oficina Asesora Jurídica - Experto Técnico /Coordinadora",null,null,null,null,null,null,null,null,null,null,null,null,null,null,null,null,null,null,null,"PROCESOS CONTRATUALES DECLARADOS DESIERTOS"]
[null,null,null,null,null,null,"SUBDIRECCIÓN GENERAL TÉCNICA Y TERRITORIAL - SEDE CENTRAL",null,null,null,null,null,null,null,null,null,null,null,null,null,null,null,null,null,null,null,"PROCESOS JURÍDICOS"]
[null,null,null,null,null,null,"Subdirección General Técnica Y Territorial - Sede Central - Subdirector General Técnico Y Territorial De Unidad Especial",null,null,null,null,null,null,null,null,null,null,null,null,null,null,null,null,null,null,null,"PROGRAMAS"]
[null,null,null,null,null,null,"Subdirección General Técnica Y Territorial - Sede Central - Experto Técnico",null,null,null,null,null,null,null,null,null,null,null,null,null,null,null,null,null,null,null,"PROYECTOS"]
[null,null,null,null,null,null,"Subdirección General Técnica Y Territorial - Sede Central - Analista Técnico",null,null,null,null,null,null,null,null,null,null,null,null,null,null,null,null,null,null,null,"REGISTROS NACIONALES DE APORTANTES DE INFORMACIÓN"]
[null,null,null,null,null,null,"Subdirección General Técnica Y Territorial - Sede Central - Técnico De Unidad Especial",null,null,null,null,null,null,null,null,null,null,null,null,null,null,null,null,null,null,null,"REGISTROS NACIONALES DE FOSAS, CEMENTERIOS ILEGALES Y SEPULTURAS"]
[null,null,null,null,null,null,"Subdirección General Técnica Y Territorial - Sede Central - Experto Tecnico",null,null,null,null,null,null,null,null,null,null,null,null,null,null,null,null,null,null,null,"REGISTROS UNIVERSO DE PERSONAS DADAS POR DESAPARECIDAS EN EL CONTEXTO Y EN RAZÓN DEL CONFLICTO ARMADO"]
[null,null,null,null,null,null,"SUBDIRECCIÓN GENERAL TÉCNICA Y TERRITORIAL - SEDE BARRANQUILLA",null,null,null,null,null,null,null,null,null,null,null,null,null,null,null,null,null,null,null,"VALORACIÓN DE ANÁLISIS DE RIESGO  EN EL MARCO DE LAS ACCIONES HUMANITARIAS EN TERRENO"]
[null,null,null,null,null,null,"Subdirección General Técnica Y Territorial - Sede Barranquilla - Experto Técnico / Coordinador/A",null,null,null,null,null,null,null,null,null,null,null,null,null,null,null,null,null,null,null,"NO ESPECIFICADA"]
[null,null,null,null,null,null,"Subdirección General Técnica Y Territorial - Sede Barranquilla - Experto Técnico"]
[null,null,null,null,null,null,"Subdirección General Técnica Y Territorial - Sede Barranquilla - Analista Técnico"]
[null,null,null,null,null,null,"Subdirección General Técnica Y Territorial - Sede Barranquilla - Técnico De Unidad Especial"]
[null,null,null,null,null,null,"SUBDIRECCIÓN GENERAL TÉCNICA Y TERRITORIAL - SEDE BARRANQUILLA  / SATELITE VALLEDUPAR"]
[null,null,null,null,null,null,"Subdirección General Técnica Y Territorial - Sede Barranquilla  / Satelite Valledupar - Experto Técnico"]
[null,null,null,null,null,null,"Subdirección General Técnica Y Territorial - Sede Barranquilla  / Satelite Valledupar - Técnico De Unidad Especial"]
[null,null,null,null,null,null,"Subdirección General Técnica Y Territorial - Sede Barranquilla  / Satelite Valledupar - Analista Técnico"]
[null,null,null,null,null,null,"SUBDIRECCIÓN GENERAL TÉCNICA Y TERRITORIAL - SEDE SINCELEJO"]
[null,null,null,null,null,null,"Subdirección General Técnica Y Territorial - Sede Sincelejo - Experto Técnico / Coordinador/A"]
[null,null,null,null,null,null,"Subdirección General Técnica Y Territorial - Sede Sincelejo - Experto Técnico"]
[null,null,null,null,null,null,"Subdirección General Técnica Y Territorial - Sede Sincelejo - Analista Técnico"]
[null,null,null,null,null,null,"Subdirección General Técnica Y Territorial - Sede Sincelejo - Tecnico De Unidad Especial"]
[null,null,null,null,null,null,"SUBDIRECCIÓN GENERAL TÉCNICA Y TERRITORIAL - SEDE  MONTERÍA"]
[null,null,null,null,null,null,"Subdirección General Técnica Y Territorial - Sede  Montería - Experto Técnico / Coordinador/A"]
[null,null,null,null,null,null,"Subdirección General Técnica Y Territorial - Sede  Montería - Experto Técnico"]
[null,null,null,null,null,null,"Subdirección General Técnica Y Territorial - Sede  Montería - Analista Técnico"]
[null,null,null,null,null,null,"Subdirección General Técnica Y Territorial - Sede  Montería - Técnico De Unidad Especial"]
[null,null,null,null,null,null,"SUBDIRECCIÓN GENERAL TÉCNICA Y TERRITORIAL - SEDE  APARTADÓ"]
[null,null,null,null,null,null,"Subdirección General Técnica Y Territorial - Sede  Apartadó - Experto Técnico / Coordinador/A"]
[null,"MEDIO DE CONSERVACIÓN Y/O SOPORTE","FORMATO","INFORMACIÓN PUBLICADA O DISPONIBLE",null,null,"Subdirección General Técnica Y Territorial - Sede  Apartadó - Experto Técnico"]
[null,"Análogo","Papel","Publicada",null,null,"Subdirección General Técnica Y Territorial - Sede  Apartadó - Analista Técnico"]
[null,"Digital","Audio","Disponible a solicitud",null,null,"Subdirección General Técnica Y Territorial - Sede  Apartadó - Técnico De Unidad Especial"]
[null,"Electrónico","Documento de Texto","No disponible, No publicada",null,null,"SUBDIRECCIÓN GENERAL TÉCNICA Y TERRITORIAL - SEDE  MEDELLÍN"]
[null,"Híbrido: Análogo - digital","Documento PDF",null,null,null,"Subdirección General Técnica Y Territorial - Sede  Medellín - Experto Técnico / Coordinador/A"]
[null,"Híbrido: Análogo - electrónico","Presentación",null,null,null,"Subdirección General Técnica Y Territorial - Sede  Medellín - Experto Técnico "]
[null,null,"Hoja de calculo",null,null,null,"Subdirección General Técnica Y Territorial - Sede  Medellín - Experto Técnico"]
[null,null,"Imagen",null,null,null,"Subdirección General Técnica Y Territorial - Sede  Medellín - Tecnico De Unidad Especial"]
[null,null,"Video",null,null,null,"Subdirección General Técnica Y Territorial - Sede  Medellín - Técnico De Unidad Especial"]
[null,null,"HTML",null,null,null,"Subdirección General Técnica Y Territorial - Sede  Medellín - Analista Técnico"]
[null,null,"Otro",null,null,null,"SUBDIRECCIÓN GENERAL TÉCNICA Y TERRITORIAL - SEDE  BARRANCABERMEJA"]
[null,null,"No aplica",null,null,null,"Subdirección General Técnica Y Territorial - Sede  Barrancabermeja - Experto Técnico / Coordinador/A"]
[null,null,null,null,null,null,"Subdirección General Técnica Y Territorial - Sede  Barrancabermeja - Experto Tecnico"]
[null,null,null,null,null,null,"Subdirección General Técnica Y Territorial - Sede  Barrancabermeja - Analista Técnico"]
[null,"CONDICIÓN LEGÍTIMA DE LA EXCEPCIÓN","FUNDAMENTO JURÍDICO DE LA EXCEPCIÓN","PLAZO DE CLASIFICACIÓN O RESERVA",null,null,"Subdirección General Técnica Y Territorial - Sede  Barrancabermeja - Experto Técnico"]
["CLASIFICACIÓN DEL ACTIVO DE ACUERDO A TRANSPARENCIA LEY 1712",null,null,null,null,null,"Subdirección General Técnica Y Territorial - Sede  Barrancabermeja - Técnico De Unidad Especial"]
["CLASIFICADA","El derecho de toda persona a la intimidad, bajo las limitaciones propias que impone la condición de servidor publico, en concordancia con lo estipulado por el artículo 24 de la Ley 1437 de 2011.","Información exceptuada por daño de derechos a personas naturales o jurídicas.\n Articulo 18 Ley 1712 de 2014\nLos que involucren derechos a la privacidad e intimidad de las personas, incluidas en las hojas de vida, la historia laboral y los expedientes pensionales y demás registros de personal que obren en los archivos de las instituciones públicas o privadas, así como la historia clínica, salvo que sean solicitados por los propios interesados o por sus apoderados con facultad expresa para acceder a esa información.\n","Ilimitada, y no deberán aplicarse cuando la persona natural o jurídica ha consentido en la revelación de sus datos personales o privados o bien cuando es claro que la información fue entregada como parte de aquella información que debe estar bajo el régimen de publicidad aplicable",null,null,"SUBDIRECCIÓN GENERAL TÉCNICA Y TERRITORIAL - SEDE  BARRANCABERMEJA / SATELITE LA DORADA"]
["CLASIFICADA","El derecho de toda persona a la vida, la salud o la seguridad","Información exceptuada por daño de derechos a personas naturales o jurídicas. \nArticulo 18 Ley 1712 de 2014","Ilimitada, y no deberán aplicarse cuando la persona natural o jurídica ha consentido en la revelación de sus datos personales o privados o bien cuando es claro que la información fue entregada como parte de aquella información que debe estar bajo el régimen de publicidad aplicable",null,null,"Subdirección General Técnica Y Territorial - Sede  Barrancabermeja / Satelite La Dorada - Experto Técnico"]
["CLASIFICADA","Los secretos comerciales, industriales y profesionales,  a excepción de lo estipulados en el articulo 77 de la Ley 1474 de 2011","Información exceptuada por daño de derechos a personas naturales o jurídicas.\n Articulo 18 Ley 1712 de 2014","Ilimitada, y no deberán aplicarse cuando la persona natural o jurídica ha consentido en la revelación de sus datos personales o privados o bien cuando es claro que la información fue entregada como parte de aquella información que debe estar bajo el régimen de publicidad aplicable",null,null,"Subdirección General Técnica Y Territorial - Sede  Barrancabermeja / Satelite La Dorada - Técnico De Unidad Especial"]
["RESERVADA","Defensa y seguridad nacional","Información exceptuada por daño a los intereses públicos. Articulo 19 Ley 1712 de 2014","No Mayor a 15 años",null,null,"SUBDIRECCIÓN GENERAL TÉCNICA Y TERRITORIAL - SEDE  CÚCUTA"]
["RESERVADA","La seguridad publica","Información exceptuada por daño a los intereses públicos. Articulo 19 Ley 1712 de 2014","No Mayor a 15 años",null,null,"Subdirección General Técnica Y Territorial - Sede  Cúcuta - Experto Técnico / Coordinador/A"]
["RESERVADA","Las relaciones internacionales","Información exceptuada por daño a los intereses públicos. Articulo 19 Ley 1712 de 2014","No Mayor a 15 años",null,null,"Subdirección General Técnica Y Territorial - Sede  Cúcuta - Experto Tecnico"]
["RESERVADA","La prevención, investigación y persecución de delitos y las faltas disciplinarias, mientras que no se haga efectiva la medida de aseguramiento o se formule pliego de cargos, según el caso.","Información exceptuada por daño a los intereses públicos. Articulo 19 Ley 1712 de 2014","No Mayor a 15 años",null,null,"Subdirección General Técnica Y Territorial - Sede  Cúcuta - Analista Tecnico"]
["RESERVADA","El debido proceso y la igualdad de las partes de los procesos judiciales","Información exceptuada por daño a los intereses públicos. Articulo 19 Ley 1712 de 2014","No Mayor a 15 años",null,null,"Subdirección General Técnica Y Territorial - Sede  Cúcuta - Tecnico De Unidad Especial"]
["RESERVADA","La administración efectiva de la justicia","Información exceptuada por daño a los intereses públicos. Articulo 19 Ley 1712 de 2014","No Mayor a 15 años",null,null,"SUBDIRECCIÓN GENERAL TÉCNICA Y TERRITORIAL - SEDE  ARAUCA"]
["RESERVADA","Los derechos de la infancia y la adolescencia","Información exceptuada por daño a los intereses públicos. Articulo 19 Ley 1712 de 2014","No Mayor a 15 años",null,null,"Subdirección General Técnica Y Territorial - Sede  Arauca - Experto Técnico / Coordinador/A"]
["RESERVADA","La estabilidad macroeconómica y financiera del país","Información exceptuada por daño a los intereses públicos. Articulo 19 Ley 1712 de 2014","No Mayor a 15 años",null,null,"Subdirección General Técnica Y Territorial - Sede  Arauca - Experto Técnico"]
["RESERVADA","La salud publica","Información exceptuada por daño a los intereses públicos. Articulo 19 Ley 1712 de 2014","No Mayor a 15 años",null,null,"Subdirección General Técnica Y Territorial - Sede  Arauca - Experto Tecnico"]
["RESERVADA","Se exceptúan también los documentos que contengan las opiniones o puntos de vista que formen parte del proceso deliberativo de los servidores públicos","Información exceptuada por daño a los intereses públicos. Articulo 19 Ley 1712 de 2014","No Mayor a 15 años",null,null,"Subdirección General Técnica Y Territorial - Sede  Arauca - Técnico De Unidad Especial"]
["PÚBLICA ","No tiene excepción de acceso","Información Pública de conocimiento General","No Aplica",null,null,"Subdirección General Técnica Y Territorial - Sede  Arauca - Analista Técnico"]
[null,null,null,null,null,null,"SUBDIRECCIÓN GENERAL TÉCNICA Y TERRITORIAL - SEDE  YOPAL"]
[null,null,null,null,null,null,"Subdirección General Técnica Y Territorial - Sede  Yopal - Experto Técnico /Coordinador"]
[null,null,null,null,null,null,"Subdirección General Técnica Y Territorial - Sede  Yopal - Experto Técnico"]
[null,null,null,null,null,null,"Subdirección General Técnica Y Territorial - Sede  Yopal - Analista Técnico"]
[null,null,null,null,null,null,"Subdirección General Técnica Y Territorial - Sede  Yopal - Técnico De Unidad Especial"]
[null,null,null,null,null,null,"SUBDIRECCIÓN GENERAL TÉCNICA Y TERRITORIAL - SEDE  VILLAVICENCIO"]
["CLASIFICADA","RESERVADA","PÚBLICA ",null,null,null,"Subdirección General Técnica Y Territorial - Sede  Villavicencio - Experto Técnico / Coordinador/A"]
["El derecho de toda persona a la intimidad, bajo las limitaciones propias que impone la condición de servidor publico, en concordancia con lo estipulado por el artículo 24 de la Ley 1437 de 2011.","Defensa y seguridad nacional","No tiene excepción de acceso",null,null,null,"Subdirección General Técnica Y Territorial - Sede  Villavicencio - Analista Técnico"]
["El derecho de toda persona a la vida, la salud o la seguridad","La seguridad publica",null,null,null,null,"Subdirección General Técnica Y Territorial - Sede  Villavicencio - Experto Técnico"]
["Los secretos comerciales, industriales y profesionales,  a excepción de lo estipulados en el articulo 77 de la Ley 1474 de 2011","Las relaciones internacionales",null,null,null,null,"Subdirección General Técnica Y Territorial - Sede  Villavicencio - Técnico De Unidad Especial"]
[null,"La prevención, investigación y persecución de delitos y las faltas disciplinarias, mientras que no se haga efectiva la medida de aseguramiento o se formule pliego de cargos, según el caso.",null,null,null,null,"SUBDIRECCIÓN GENERAL TÉCNICA Y TERRITORIAL - SEDE  SAN JOSÉ DEL GUAVIARE"]
[null,"El debido proceso y la igualdad de las partes de los procesos judiciales",null,null,null,null,"Subdirección General Técnica Y Territorial - Sede  San José Del Guaviare - Experto Técnico / Coordinador/A"]
[null,"La administración efectiva de la justicia",null,null,null,null,"Subdirección General Técnica Y Territorial - Sede  San José Del Guaviare - Experto Técnico"]
[null,"Los derechos de la infancia y la adolescencia",null,null,null,null,"Subdirección General Técnica Y Territorial - Sede  San José Del Guaviare - Técnico De Unidad Especial"]
[null,"La estabilidad macroeconómica y financiera del país",null,null,null,null,"Subdirección General Técnica Y Territorial - Sede  San José Del Guaviare - Analista Técnico"]
[null,"La salud publica",null,null,null,null,"SUBDIRECCIÓN GENERAL TÉCNICA Y TERRITORIAL -  FLORENCIA (Caquetá)"]
[null,"Se exceptúan también los documentos que contengan las opiniones o puntos de vista que formen parte del proceso deliberativo de los servidores públicos",null,null,null,null,"Subdirección General Técnica Y Territorial -  Florencia (Caquetá) - Experto Técnico / Coordinador"]
[null,null,null,null,null,null,"Subdirección General Técnica Y Territorial -  Florencia (Caquetá) - Analista Técnico"]
[null,null,null,null,null,null,"Subdirección General Técnica Y Territorial -  Florencia (Caquetá) - Experto Técnico"]
[null,null,null,null,null,null,"Subdirección General Técnica Y Territorial -  Florencia (Caquetá) - Técnico De Unidad Especial"]
[null,null,null,null,null,null,"SUBDIRECCIÓN GENERAL TÉCNICA Y TERRITORIAL -  PUERTO ASÍS"]
[null,null,null,null,null,null,"Subdirección General Técnica Y Territorial -  Puerto Asís - Experto Técnico /Coordinador"]
[null,null,null,null,null,null,"Subdirección General Técnica Y Territorial -  Puerto Asís - Experto Técnico"]
[null,null,null,null,null,null,"Subdirección General Técnica Y Territorial -  Puerto Asís - Técnico De Unidad Especial"]
[null,null,null,null,null,null,"Subdirección General Técnica Y Territorial -  Puerto Asís - Analista Técnico"]
[null,null,null,null,null,null,"SUBDIRECCIÓN GENERAL TÉCNICA Y TERRITORIAL -  CALI"]
[null,null,null,null,null,null,"Subdirección General Técnica Y Territorial -  Cali - Experto Técnico / Coordinador/A"]
[null,null,null,null,null,null,"Subdirección General Técnica Y Territorial -  Cali - Técnico De Unidad Especial"]
[null,null,null,null,null,null,"Subdirección General Técnica Y Territorial -  Cali - Experto Técnico"]
[null,null,null,null,null,null,"Subdirección General Técnica Y Territorial -  Cali - Analista Técnico"]
[null,null,null,null,null,null,"SUBDIRECCIÓN GENERAL TÉCNICA Y TERRITORIAL -  CALI / SATELITE POPAYÁN"]
[null,null,null,null,null,null,"Subdirección General Técnica Y Territorial -  Cali / Satelite Popayán - Analista Técnico"]
[null,null,null,null,null,null,"Subdirección General Técnica Y Territorial -  Cali / Satelite Popayán - Experto Técnico"]
[null,null,null,null,null,null,"Subdirección General Técnica Y Territorial -  Cali / Satelite Popayán - Técnico De Unidad Especial"]
[null,null,null,null,null,null,"SUBDIRECCIÓN GENERAL TÉCNICA Y TERRITORIAL -  CALI / SATELITE PASTO"]
[null,null,null,null,null,null,"Subdirección General Técnica Y Territorial -  Cali / Satelite Pasto - Experto Técnico"]
[null,null,null,null,null,null,"Subdirección General Técnica Y Territorial -  Cali / Satelite Pasto - Técnico De Unidad Especial"]
[null,null,null,null,null,null,"Subdirección General Técnica Y Territorial -  Cali / Satelite Pasto - Analista Técnico"]
[null,null,null,null,null,null,"SUBDIRECCIÓN GENERAL TÉCNICA Y TERRITORIAL -  CALI / SATELITE  BUENAVENTURA"]
[null,null,null,null,null,null,"Subdirección General Técnica Y Territorial -  Cali / Satelite  Buenaventura - Experto Técnico"]
[null,null,null,null,null,null,"Subdirección General Técnica Y Territorial -  Cali / Satelite  Buenaventura - Analista Técnico"]
[null,null,null,null,null,null,"Subdirección General Técnica Y Territorial -  Cali / Satelite  Buenaventura - Técnico De La Unidad Especial"]
[null,null,null,null,null,null,"SUBDIRECCIÓN GENERAL TÉCNICA Y TERRITORIAL -  CALI /  SATELITE TUMACO"]
[null,null,null,null,null,null,"Subdirección General Técnica Y Territorial -  Cali /  Satelite Tumaco - Experto Técnico"]
[null,null,null,null,null,null,"Subdirección General Técnica Y Territorial -  Cali /  Satelite Tumaco - Analista Técnico"]
[null,null,null,null,null,null,"SUBDIRECCIÓN GENERAL TÉCNICA Y TERRITORIAL -  QUIBDO"]
[null,null,null,null,null,null,"Subdirección General Técnica Y Territorial -  Quibdo - Experto Técnico / Coordinador"]
[null,null,null,null,null,null,"Subdirección General Técnica Y Territorial -  Quibdo - Experto Técnico"]
[null,null,null,null,null,null,"Subdirección General Técnica Y Territorial -  Quibdo - Analista Tecnico"]
[null,null,null,null,null,null,"Subdirección General Técnica Y Territorial -  Quibdo - Experto Tecnico"]
[null,null,null,null,null,null,"Subdirección General Técnica Y Territorial -  Quibdo - Tecnico De Unidad Especial"]
[null,null,null,null,null,null,"SUBDIRECCIÓN GENERAL TÉCNICA Y TERRITORIAL -  IBAGUE"]
[null,null,null,null,null,null,"Subdirección General Técnica Y Territorial -  Ibague - Experto Técnico / Coordinador/A"]
[null,null,null,null,null,null,"Subdirección General Técnica Y Territorial -  Ibague - Experto Técnico"]
[null,null,null,null,null,null,"Subdirección General Técnica Y Territorial -  Ibague - Técnico De Unidad Especial"]
[null,null,null,null,null,null,"SUBDIRECCIÓN GENERAL TÉCNICA Y TERRITORIAL -  BOGOTÁ"]
[null,null,null,null,null,null,"Subdirección General Técnica Y Territorial -  Bogotá - Experto Técnico / Coordinador/A"]
[null,null,null,null,null,null,"Subdirección General Técnica Y Territorial -  Bogotá - Experto Técnico"]
[null,null,null,null,null,null,"Subdirección General Técnica Y Territorial -  Bogotá - Analista Técnico"]
[null,null,null,null,null,null,"Subdirección General Técnica Y Territorial -  Bogotá - Técnico De Unidad Especial"]
[null,null,null,null,null,null,"DIRECCIÓN TÉCNICA DE INFORMACIÓN, PLANEACIÓN Y LOCALIZACIÓN PARA LA BÚSQUEDA"]
[null,null,null,null,null,null,"Dirección Técnica De Información, Planeación Y Localización Para La Búsqueda - Director Técnico De Unidad Especial"]
[null,null,null,null,null,null,"Dirección Técnica De Información, Planeación Y Localización Para La Búsqueda - Experto Técnico"]
[null,null,null,null,null,null,"Dirección Técnica De Información, Planeación Y Localización Para La Búsqueda - Analista Técnico"]
[null,null,null,null,null,null,"Dirección Técnica De Información, Planeación Y Localización Para La Búsqueda - Técnico De Unidad Especial"]
[null,null,null,null,null,null,"Dirección Técnica De Información, Planeación Y Localización Para La Búsqueda - Contratista"]
[null,null,null,null,null,null,"SUBDIRECCIÓN DE GESTIÓN DE INFORMACIÓN PARA LA BÚSQUEDA "]
[null,null,null,null,null,null,"Subdirección De Gestión De Información Para La Búsqueda  - Subdirector De Unidad Especial"]
[null,null,null,null,null,null,"Subdirección De Gestión De Información Para La Búsqueda  - Técnico De Unidad Especial"]
[null,null,null,null,null,null,"Subdirección De Gestión De Información Para La Búsqueda  - Experto Técnico"]
[null,null,null,null,null,null,"Subdirección De Gestión De Información Para La Búsqueda  - Analista Técnico"]
[null,null,null,null,null,null,"SUBDIRECCIÓN DE ANÁLISIS, PLANEACIÓN Y LOCALIZACIÓN PARA LA BÚSQUEDA "]
[null,null,null,null,null,null,"Subdirección De Análisis, Planeación Y Localización Para La Búsqueda  - Subdirector De Unidad Especial"]
[null,null,null,null,null,null,"Subdirección De Análisis, Planeación Y Localización Para La Búsqueda  - Experto Técnico"]
[null,null,null,null,null,null,"Subdirección De Análisis, Planeación Y Localización Para La Búsqueda  - Técnico De Unidad Especial"]
[null,null,null,null,null,null,"Subdirección De Análisis, Planeación Y Localización Para La Búsqueda  - Analista Técnico"]
[null,null,null,null,null,null,"DIRECCIÓN TÉCNICA DE PARTICIPACIÓN, CONTACTO CON LAS VÍCTIMAS Y ENFOQUES DIFERENCIALES"]
[null,null,null,null,null,null,"Dirección Técnica De Participación, Contacto Con Las Víctimas Y Enfoques Diferenciales - Director Técnico De Unidad Especial"]
[null,null,null,null,null,null,"Dirección Técnica De Participación, Contacto Con Las Víctimas Y Enfoques Diferenciales - Experto Técnico"]
[null,null,null,null,null,null,"Dirección Técnica De Participación, Contacto Con Las Víctimas Y Enfoques Diferenciales - Experto Tecnico"]
[null,null,null,null,null,null,"Dirección Técnica De Participación, Contacto Con Las Víctimas Y Enfoques Diferenciales - Analista Tecnico"]
[null,null,null,null,null,null,"Dirección Técnica De Participación, Contacto Con Las Víctimas Y Enfoques Diferenciales - Tecnico De Unidad Especial"]
[null,null,null,null,null,null,"Grupo Interno de Trabajo de Asuntos Etnicos"]
[null,null,null,null,null,null,"Grupo Interno De Trabajo De Asuntos Etnicos - Experto Técnico/ Coordinador"]
[null,null,null,null,null,null,"Grupo Interno De Trabajo De Asuntos Etnicos - Experto Técnico"]
[null,null,null,null,null,null,"Grupo Interno de Trabajo de Enfoques Diferencias y de Genero"]
[null,null,null,null,null,null,"Grupo Interno De Trabajo De Enfoques Diferencias Y De Genero - Experto Técnico/Coodinador"]
[null,null,null,null,null,null,"Grupo Interno De Trabajo De Enfoques Diferencias Y De Genero - Experto Técnico"]
[null,null,null,null,null,null,"DIRECCIÓN TÉCNICA DE PROSPECCIÓN, RECUPERACIÓN E IDENTIFICACIÓN"]
[null,null,null,null,null,null,"Dirección Técnica De Prospección, Recuperación E Identificación - Director Técnico De Unidad Especial"]
[null,null,null,null,null,null,"Dirección Técnica De Prospección, Recuperación E Identificación - Tecnico De Unidad Especial"]
[null,null,null,null,null,null,"Dirección Técnica De Prospección, Recuperación E Identificación - Experto Técnico"]
[null,null,null,null,null,null,"Dirección Técnica De Prospección, Recuperación E Identificación - Contratista"]
[null,null,null,null,null,null,"Grupo Interno de Trabajo de Identificación Humana"]
[null,null,null,null,null,null,"Grupo Interno De Trabajo De Identificación Humana - Experto Técnico/Coordinador"]
[null,null,null,null,null,null,"Grupo Interno De Trabajo De Identificación Humana - Experto Tecnico"]
[null,null,null,null,null,null,"Grupo Interno De Trabajo De Identificación Humana - Técnico De Unidad Especial"]
[null,null,null,null,null,null,"Grupo Interno De Trabajo De Identificación Humana - Experto Técnico"]
[null,null,null,null,null,null,"Grupo Interno De Trabajo De Identificación Humana - Tecnico De Unidad Especial"]
[null,null,null,null,null,null,"Grupo Interno de Trabajo deProspeccion y Recuperacion"]
[null,null,null,null,null,null,"Grupo Interno De Trabajo Deprospeccion Y Recuperacion - Experto Técnico/Coordinador"]
[null,null,null,null,null,null,"Grupo Interno De Trabajo Deprospeccion Y Recuperacion - Experto Tecnico"]
[null,null,null,null,null,null,"Grupo Interno De Trabajo Deprospeccion Y Recuperacion - Tecnico De Unidad Especial"]
[null,null,null,null,null,null,"SECRETARÍA GENERAL"]
[null,null,null,null,null,null,"Secretaría General - Secretario General De Unidad Especial"]
[null,null,null,null,null,null,"Secretaría General - Experto Técnico"]
[null,null,null,null,null,null,"Secretaría General - Analista Técnico"]
[null,null,null,null,null,null,"Grupo Interno de Trabajo de Gestión contractual"]
[null,null,null,null,null,null,"Grupo Interno De Trabajo De Gestión Contractual - Experto Técnico/ Coordinadora"]
[null,null,null,null,null,null,"Grupo Interno De Trabajo De Gestión Contractual - Experto Tecnico"]
[null,null,null,null,null,null,"Grupo Interno De Trabajo De Gestión Contractual - Analista Tecnico"]
[null,null,null,null,null,null,"Grupo Interno De Trabajo De Gestión Contractual - Contratista"]
[null,null,null,null,null,null,"SUBDIRECCIÓN ADMINISTRATIVA Y FINANCIERA"]
[null,null,null,null,null,null,"Subdirección Administrativa Y Financiera - Subdirector De Unidad Especial"]
[null,null,null,null,null,null,"Subdirección Administrativa Y Financiera - Contratista"]
[null,null,null,null,null,null,"Grupo Interno de Trabajo de Gestión Lógistica"]
[null,null,null,null,null,null,"Grupo Interno De Trabajo De Gestión Lógistica - Experto Técnico/Coordinador"]
[null,null,null,null,null,null,"Grupo Interno De Trabajo De Gestión Lógistica - Técnico De Unidad Especial"]
[null,null,null,null,null,null,"Grupo Interno De Trabajo De Gestión Lógistica - Analista Técnico"]
[null,null,null,null,null,null,"Grupo Interno De Trabajo De Gestión Lógistica - Analista Tecnico"]
[null,null,null,null,null,null,"Grupo Interno De Trabajo De Gestión Lógistica - Tecnico De Unidad Especial"]
[null,null,null,null,null,null,"Grupo Interno De Trabajo De Gestión Lógistica - Experto Tecnico"]
[null,null,null,null,null,null,"Grupo Interno de Trabajo de GestiónFinanciera y Contable"]
[null,null,null,null,null,null,"Grupo Interno De Trabajo De Gestiónfinanciera Y Contable - Experto Técnico/Coordinador"]
[null,null,null,null,null,null,"Grupo Interno De Trabajo De Gestiónfinanciera Y Contable - Analista Tecnico"]
[null,null,null,null,null,null,"Grupo Interno De Trabajo De Gestiónfinanciera Y Contable - Tecnico De Unidad Especial"]
[null,null,null,null,null,null,"Grupo Interno De Trabajo De Gestiónfinanciera Y Contable - Experto Tecnico"]
[null,null,null,null,null,null,"Grupo Interno de Trabajo de Gestión Administrativa"]
[null,null,null,null,null,null,"Grupo Interno De Trabajo De Gestión Administrativa - Experto Técnico/Coordinador"]
[null,null,null,null,null,null,"Grupo Interno De Trabajo De Gestión Administrativa - Experto Técnico"]
[null,null,null,null,null,null,"Grupo Interno De Trabajo De Gestión Administrativa - Analista Técnico"]
[null,null,null,null,null,null,"Grupo Interno de Trabajo de Gestión Documental"]
[null,null,null,null,null,null,"Grupo Interno De Trabajo De Gestión Documental - Experto Técnico/Coordinadora"]
[null,null,null,null,null,null,"Grupo Interno De Trabajo De Gestión Documental - Analista Tecnico"]
[null,null,null,null,null,null,"Grupo Interno de Trabajo de Servicio al Ciudadano"]
[null,null,null,null,null,null,"Grupo Interno De Trabajo De Servicio Al Ciudadano - Experto Técnico/Coordinadora"]
[null,null,null,null,null,null,"Grupo Interno De Trabajo De Servicio Al Ciudadano - Analista Tecnico"]
[null,null,null,null,null,null,"Grupo Interno De Trabajo De Servicio Al Ciudadano - Tecnico De Unidad Especial"]
[null,null,null,null,null,null,"SUBDIRECCIÓN DE GESTIÓN HUMANA"]
[null,null,null,null,null,null,"Subdirección De Gestión Humana - Subdirector De Unidad Especial"]
[null,null,null,null,null,null,"Subdirección De Gestión Humana - Técnico De Unidad Especial"]
[null,null,null,null,null,null,"Subdirección De Gestión Humana - Analista Técnico"]
[null,null,null,null,null,null,"Subdirección De Gestión Humana - Experto Técnico"]
[null,null,null,null,null,null,"Subdirección De Gestión Humana - Contratista"]
[null,null,null,null,null,null,"Grupo Interno de Trabajo de comisiones y Viáticos"]
[null,null,null,null,null,null,"Grupo Interno De Trabajo De Comisiones Y Viáticos - Experto Técnico/ Coordinador"]
[null,null,null,null,null,null,"Grupo Interno De Trabajo De Comisiones Y Viáticos - Analista Técnico"]
[null,null,null,null,null,null,"Grupo Interno De Trabajo De Comisiones Y Viáticos - Técnico De Unidad Especial"]
[null,null,null,null,null,null,"Grupo Interno De Trabajo De Comisiones Y Viáticos - Contratista"]
[null,null,null,null,null,null,"Usarios Internos "]
[null,null,null,null,null,null,"Usarios Externos "]

{"sheet":"CRITERIOS","index":2,"n_rows":257,"n_cols":15,"rows_kept":257,"cut":false,"hidden":false,"merged":[[0,1,0,8],[2,1,2,3],[2,6,2,8],[42,1,58,1],[42,2,58,2],[59,1,63,1],[59,2,63,2],[13,0,41,0],[42,0,58,0],[59,0,63,0],[13,1,41,1],[13,2,41,2]]}
[null,"CRITERIOS DE VALORACIÓN"]
[]
[null,"INTEGRIDAD",null,null,null,null,"DISPONIBILIDAD",null,null,null,null,null,null,"Custodios-Usuarios","Código"]
[null,"VALOR","NIVEL","DESCRIPCIÓN",null,null,"VALOR","NIVEL","DESCRIPCIÓN",null,null,null,null,"Duplas de los GITT (Participación- información)",1]
[null,3,"ALTO","Información cuya pérdida de exactitud y completitud puede conllevar un impacto negativo de índole legal, técnica o económica, retrasar sus funciones, o generar pérdidas de imagen severas de la entidad, requiriendo la intervención de entes de control.",null,null,3,"ALTO","La no disponibilidad de la información puede conllevar un impacto negativo de índole legal, técnico o económica, retrasar sus funciones, o generar pérdidas de imagen severas a entes externos.",null,null,null,null,"Personal administrativo del GITT (designado por la coordinación)",2]
[null,2,"MEDIO","Información cuya pérdida de exactitud y completitud puede conllevar un impacto negativo de índole legal, técnica o económica, retrasar sus funciones, o generar pérdida de imagen moderado a servidores de la entidad, sin embargo se puede controlar internamente.",null,null,2,"MEDIO","La no disponibilidad de la información puede conllevar un impacto negativo de índole legal, técnica o económica, retrasar sus funciones, o generar pérdida de imagen moderado de la entidad.",null,null,null,null,"Coordinadores de GITT",3]
[null,1,"BAJO","Información cuya pérdida de exactitud y completitud conlleva un impacto no significativo para la entidad o entes externos.",null,null,1,"BAJO","La no disponibilidad de la información puede afectar la operación normal de la entidad o entes externos, pero no conlleva implicaciones legales, técnicas, económicas o de pérdida de imagen.",null,null,null,null,"Directores Técnicos",4]
[null,3,"SIN CLASIFICAR","Activos de Información que deben ser incluidos en el inventario y que aún no han sido clasificados, deben ser tratados como activos de información de integridad  ALTA",null,null,3,"SIN CLASIFICAR","Activos de Información que deben ser incluidos en el inventario y que aún no han sido clasificados, deben ser tratados como activos de información de disponibilidad ALTA.",null,null,null,null,"Profesionales de las direcciones técnicas \nAnalistas técnicos \nTécnicos de unidad \n(todos ellos según el manejo que tengan sobre una categoría de información)",5]
[null,null,null,null,null,null,null,null,null,null,null,null,null,"DIRECCIÓN GENERAL",6]
[null,null,null,null,null,null,null,null,null,null,null,null,null,"Dirección General - Director General",7]
[null,null,null,null,null,null,null,null,null,null,null,null,null,"Dirección General - Analista Tecnico",8]
[null,null,null,null,null,null,null,null,null,null,null,null,null,"Dirección General - Asesor Unidad Especial",9]
["VALOR","CONFIDENCIALIDAD","CLASIFICACIÓN DE LA INFORMACIÓN","DESCRIPCIÓN",null,null,null,"PERMISO","SIGNIFICADO",null,null,null,null,"Dirección General - Experto Tecnico",10]
[3,"ALTO","INFORMACIÓN PÚBLICA RESERVADA","Información catalogada como pública reservada, estipulada en la Ley 1712 de 2014, la cual hace referencia a:",null,null,null,"Crear"," Elaborar un nuevo documento.",null,null,null,null,"Dirección General - Tecnico De Unidad Especial",11]
[null,null,null,"En cuanto a la información pública reservada, es aquella que se encuentra en poder de un sujeto obligado en su calidad de tal, pero que es exceptuada de acceso a la ciudadanía por daño a intereses públicos. De este modo, la reserva opera frente al contenido de un documento público más no de su existencia. Al respecto, el artículo 19 de la Ley 1712 de 2014 señala:",null,null,null,"Leer"," El usuario tendrá acceso para ver los documentos a los que haya sido autorizado, pero no podrá realizar cambios.",null,null,null,null,"Dirección General - Contratista",12]
[null,null,null,"“Artículo 19. Información exceptuada por daño a los intereses públicos. Es toda aquella información pública reservada, cuyo acceso podrá ser rechazado o denegado de manera motivada y por escrito en las siguientes circunstancias, siempre que dicho acceso estuviere expresamente prohibido por una norma legal o constitucional:",null,null,null,"Editar"," Al documento podrá realizarsele cambios.",null,null,null,null,"OFICINA DE GESTIÓN DEL CONOCIMIENTO",13]
[null,null,null,"a) La defensa y seguridad nacional;",null,null,null,"Eliminar"," Borrar el documento.",null,null,null,null,"Oficina De Gestión Del Conocimiento - Jefe De Oficina De Unidad Especial",14]
[null,null,null,"b) La seguridad pública;",null,null,null,"Reemplazar"," Cambiar un documento por otro.",null,null,null,null,"Oficina De Gestión Del Conocimiento - Técnico De Unidad Especial",15]
[null,null,null,"c) Las relaciones internacionales;",null,null,null,"Mover"," Cambiar la posición del objeto, expediente o documentos.",null,null,null,null,"Oficina De Gestión Del Conocimiento - Analista Técnico",16]
[null,null,null,"d) La prevención, investigación y persecución de los delitos y las faltas disciplinarias, mientras que no se haga efectiva la medida de aseguramiento o se formule pliego de cargos, según el caso;",null,null,null,"Copiar"," Duplicar un archivo.",null,null,null,null,"Oficina De Gestión Del Conocimiento - Experto Técnico",17]
[null,null,null,"e) El debido proceso y la igualdad de las partes en los procesos judiciales;",null,null,null,"Renombrar"," Cambiar el nombre de un archivo.",null,null,null,null,"OFICINA ASESORA DE PLANEACIÓN",18]
[null,null,null,"f) La administración efectiva de la justicia;",null,null,null,"Convertir"," Cambiar el formato de los archivos y documentos.",null,null,null,null,"Oficina Asesora De Planeación - Jefe De Oficina Asesora De Unidad Especial",19]
[null,null,null,"g) Los derechos de la infancia y la adolescencia;",null,null,null,"Transformar"," Crear un documento nuevo a partir de uno existente",null,null,null,null,"Oficina Asesora De Planeación - Técnico De Unidad Especial",20]
[null,null,null,"h) La estabilidad macroeconómica y financiera del país; (Art 27.Dec 103/2014 Pueda afectar la estabilidad de la economía o los mercados, la eficacia de la política macroeconómica y financiera o el cumplimiento de las funciones de las entidades que tienen a su cargo el diseño y la implementación de estas políticas; o, (2) Esté relacionada con las labores de supervisión necesarias para garantizar la estabilidad del sistema financiero y la confianza del público en el mismo.)  ",null,null,null,"Compartir"," Compartir un documento con otra dependencia.",null,null,null,null,"Oficina Asesora De Planeación - Experto Técnico",21]
[null,null,null,"i) La salud pública.",null,null,null,"Divulgar"," Publicar el documento. (Solo aplica a documentos Públicos)",null,null,null,null,"Oficina Asesora De Planeación - Analista Técnico",22]
[null,null,null,"PARÁGRAFO. Se exceptúan también los documentos que contengan las opiniones o puntos de vista que formen parte del proceso deliberativo de los servidores públicos.”",null,null,null,"Descargar","Crear una copia local de un documento almacenado en la nube",null,null,null,null,"Oficina Asesora De Planeación - Contratista",23]
[null,null,null,null,null,null,null,"Control Total"," Contar con todos los permisos anteriormente descritos",null,null,null,null,"OFICINA DE TECNOLOGÍAS DE LA INFORMACIÓN Y LAS COMUNICACIONES",24]
[null,null,null,null,null,null,null,null,null,null,null,null,null,"Oficina De Tecnologías De La Información Y Las Comunicaciones - Jefe De Oficina De Unidad Especial",25]
[null,null,null,null,null,null,null,null,null,null,null,null,null,"Oficina De Tecnologías De La Información Y Las Comunicaciones - Experto Técnico",26]
[null,null,null,"Entre otra información, la siguiente está clasificada en este nivel:",null,null,null,null,null,null,null,null,null,"Oficina De Tecnologías De La Información Y Las Comunicaciones - Técnico De Unidad Especial",27]
[null,null,null,null,null,null,null,null,null,null,null,null,null,"Oficina De Tecnologías De La Información Y Las Comunicaciones - Analista Técnico",28]
[null,null,null,"A. Información de inteligencia y contrainteligencia de acuerdo con el artículo 33 de la Ley 1621 de 2013 y su Decreto Reglamentario 857 de 2 de mayo de 2014. Además de los Decretos sobre la extinción del Departamento Administrativo de Seguridad – DAS y conformación de la Dirección Nacional de Inteligencia Decretos 4179, 4057 de 2011 y Decreto 1303 de 2014.",null,null,null,null,null,null,null,null,null,"Oficina De Tecnologías De La Información Y Las Comunicaciones - Contratista",29]
[null,null,null,null,null,null,null,null,null,null,null,null,null,"OFICINA ASESORA DE COMUNICACIONES Y PEDAGOGÍA",30]
[null,null,null,"B. La Dirección Nacional de Inteligencia Decretos 4179, 4057 de 2011 y Decreto 1303 de 2014.",null,null,null,null,null,null,null,null,null,"Oficina Asesora De Comunicaciones Y Pedagogía - Jefe De Oficina Asesora De Unidad Especial",31]
[null,null,null,null,null,null,null,null,null,null,null,null,null,"Oficina Asesora De Comunicaciones Y Pedagogía - Analista Técnico",32]
[null,null,null,"C. Información con reserva judicial de acuerdo con los procedimientos judiciales aplicables.  ",null,null,null,null,null,null,null,null,null,"Oficina Asesora De Comunicaciones Y Pedagogía - Experto Técnico",33]
[null,null,null,null,null,null,null,null,null,null,null,null,null,"Oficina Asesora De Comunicaciones Y Pedagogía - Técnico De Unidad Especial",34]
[null,null,null,"D. Información recibida por la UBPD en virtud del literal a) y c) del numeral 1 del Artículo 5 del Decreto Ley 589 de 2017, es decir aquella información que provenga de personas que voluntariamente suministren información que contribuya a la búsqueda, localización, recuperación e identificación de personas dadas por desaparecidas en el contexto y en razón del conflicto armado, incluyendo quienes hayan participado directa o indirectamente en las hostilidades.",null,null,null,null,null,null,null,null,null,"Oficina Asesora De Comunicaciones Y Pedagogía - Contratista",35]
[null,null,null,null,null,null,null,null,null,null,null,null,null,"OFICINA DE CONTROL INTERNO",36]
[null,null,null,"E. Información recibida por la UBPD en virtud del artículo 14 del Decreto Ley 589 de 2017, es decir aquella información a la que se acceda por contratos, convenios y/o protocolos de acceso a información con cualquier tipo de organización nacional o internacional de derecho público o privado, incluyendo organizaciones de víctimas y de derechos humanos, nacionales o extranjeras.",null,null,null,null,null,null,null,null,null,"Oficina De Control Interno - Jefe De Oficina De Unidad Especial",37]
[null,null,null,null,null,null,null,null,null,null,null,null,null,"Oficina De Control Interno - Experto Técnico",38]
[null,null,null,"F. La información que podría desencadenar o que podría ser utilizada para generar daño sobre la vida e integridad de las personas involucradas en el proceso de búsqueda de las personas dadas por desaparecidas en el contexto y en razón del conflicto armado.",null,null,null,null,null,null,null,null,null,"Oficina De Control Interno - Técnico De Unidad Especial",39]
[2,"MEDIO","INFORMACIÓN PÚBLICA CLASIFICADA","Información catalogada como publica clasificada, estipulada en la Ley 1712 de 2014, la cual hace referencia a:",null,null,null,null,null,null,null,null,null,"OFICINA ASESORA JURÍDICA",40]
[null,null,null,"En cuanto a la información pública clasificada es aquella en poder de un sujeto obligado, pero que pertenece al ámbito propio, particular y privado o semiprivado de una persona natural o jurídica, por lo que su acceso puede ser negado o exceptuado, siempre que se trate de las circunstancias legítimas y necesarias, y de los derechos particulares o privados consagrados en el artículo 18 de la Ley 1712 de 2014 que al tenor señala:",null,null,null,null,null,null,null,null,null,"Oficina Asesora Jurídica - Jefe De Oficina Asesora De Unidad Especial",41]
[null,null,null," “Artículo 18. Información exceptuada por daño de derechos a personas naturales o jurídicas. Es toda aquella información pública clasificada, cuyo acceso podrá ser rechazado o denegado de manera motivada y por escrito, siempre que el acceso pudiere causar un daño a los siguientes derechos:",null,null,null,null,null,null,null,null,null,"Oficina Asesora Jurídica - Técnico De Unidad Especial",42]
[null,null,null,"a) <Literal corregido por el artículo 1 del Decreto 2199 de 2015. El nuevo texto es el siguiente:> El derecho de toda persona a la intimidad, bajo las limitaciones propias que impone la condición de servidor público, en concordancia con lo estipulado por el artículo 24 de la Ley 1437 de 2011.",null,null,null,null,null,null,null,null,null,"Oficina Asesora Jurídica - Analista Técnico",43]
[null,null,null,"b) El derecho de toda persona a la vida, la salud o la seguridad.",null,null,null,null,null,null,null,null,null,"Oficina Asesora Jurídica - Experto Técnico",44]
[null,null,null,"c) Los secretos comerciales, industriales y profesionales. así como los estipulados en el parágrafo del artículo 77 de la Ley 1474 de 2011.”",null,null,null,null,null,null,null,null,null,"Oficina Asesora Jurídica - Experto Técnico/Coordinadora",45]
[null,null,null,"Parágrafo. Estas excepciones tienen una duración ilimitada y no deberán aplicarse cuando la persona natural o jurídica ha consentido en la revelación de sus datos personales o privados o bien cuando es claro que la información fue entregada como parte de aquella información que debe estar bajo el régimen de publicidad aplicable. ",null,null,null,null,null,null,null,null,null,"Oficina Asesora Jurídica - Experto Técnico /Coordinadora",46]
[null,null,null,"Art 3 Ley 1266-2008",null,null,null,null,null,null,null,null,null,"SUBDIRECCIÓN GENERAL TÉCNICA Y TERRITORIAL - SEDE CENTRAL",47]
[null,null,null,null,null,null,null,null,null,null,null,null,null,"Subdirección General Técnica Y Territorial - Sede Central - Subdirector General Técnico Y Territorial De Unidad Especial",48]
[null,null,null,null,null,null,null,null,null,null,null,null,null,"Subdirección General Técnica Y Territorial - Sede Central - Experto Técnico",49]
[null,null,null,"En términos de la Ley 1581 de 2012 hace referencia a la información considerada como datos sensibles, privados y/o semiprivado, que no pueden ser utilizados por terceros sin autorización previa del TITULAR de la información. ",null,null,null,null,null,null,null,null,null,"Subdirección General Técnica Y Territorial - Sede Central - Analista Técnico",50]
[null,null,null,"Dato Semiprivado: Es semiprivado el dato que no tiene naturaleza íntima, reservada, ni pública y cuyo conocimiento o divulgación puede interesar no sólo a su titular sino a cierto sector o grupo de personas o a la sociedad en general, como el dato financiero y crediticio de actividad comercial o de servicios a que se refiere el Título IV de la presente ley. Ejemplo: Datos como fecha y lugar de expedición de la cédula, dirección, teléfono propio, reportes a centrales de riesgos.",null,null,null,null,null,null,null,null,null,"Subdirección General Técnica Y Territorial - Sede Central - Técnico De Unidad Especial",51]
[null,null,null,"La información clasificada incluye la información de datos privados y/o sensibles.",null,null,null,null,null,null,null,null,null,"Subdirección General Técnica Y Territorial - Sede Central - Experto Tecnico",52]
[null,null,null,"Art 25 / Decreto 103-2015. La información pública que contiene datos privados definidos en los literales g) y h) del artículo 3° de la Ley 1266 de 2008, o datos personales o sensibles, según lo previsto en los artículos 3° y 5° de la Ley 1581 de 2012 y en el numeral 3° del artículo 3° del Decreto 1377 de 2013, solo podrá divulgarse según las reglas establecidas en dichas normas.",null,null,null,null,null,null,null,null,null,"SUBDIRECCIÓN GENERAL TÉCNICA Y TERRITORIAL - SEDE BARRANQUILLA",53]
[null,null,null,"Dato Privado: Es el dato que por su naturaleza íntima o reservada sólo es relevante para el titular. Ejemplo: Dirección de residencia, teléfono personal.",null,null,null,null,null,null,null,null,null,"Subdirección General Técnica Y Territorial - Sede Barranquilla - Experto Técnico / Coordinador/A",54]
[null,null,null,"Art 5. Ley 1581-2012 y Art 3. Decreto 1377-2013. ",null,null,null,null,null,null,null,null,null,"Subdirección General Técnica Y Territorial - Sede Barranquilla - Experto Técnico",55]
[null,null,null,"Dato sensible: Para los propósitos de la presente ley, se entiende por datos sensibles aquellos que afectan la intimidad del Titular o cuyo uso indebido puede generar su discriminación, tales como aquellos que revelen el origen racial o étnico, la orientación política, las convicciones religiosas o filosóficas, la pertenencia a sindicatos, organizaciones sociales, de derechos humanos o que promueva intereses de cualquier partido político o que garanticen los derechos y garantías de partidos políticos de oposición así como los datos relativos a la salud, a la vida sexual y los datos biométricos",null,null,null,null,null,null,null,null,null,"Subdirección General Técnica Y Territorial - Sede Barranquilla - Analista Técnico",56]
[1,"BAJO","INFORMACIÓN PÚBLICA ","Información catalogada como pública la cual hace referencia a la información que la entidad intercambie, procese, almacene o gestione en la ejecución de su naturaleza, y es la información que ha sido declarada de conocimiento público.",null,null,null,null,null,null,null,null,null,"Subdirección General Técnica Y Territorial - Sede Barranquilla - Técnico De Unidad Especial",57]
[null,null,null,null,null,null,null,null,null,null,null,null,null,"SUBDIRECCIÓN GENERAL TÉCNICA Y TERRITORIAL - SEDE BARRANQUILLA  / SATELITE VALLEDUPAR",58]
[null,null,null,"En términos de la Ley 1712 de 2014: Es toda información que un sujeto obligado genere, obtenga, adquiera, o controle en su calidad de tal y su uso, consulta o modificación no requiere autorización del TITULAR de la información.",null,null,null,null,null,null,null,null,null,"Subdirección General Técnica Y Territorial - Sede Barranquilla  / Satelite Valledupar - Experto Técnico",59]
[null,null,null,"En términos de la Ley 1581 de 2012 hace referencia al dato que no es semiprivado, privado o sensible, y que puede obtenerse sin reserva alguna.",null,null,null,null,null,null,null,null,null,"Subdirección General Técnica Y Territorial - Sede Barranquilla  / Satelite Valledupar - Técnico De Unidad Especial",60]
[null,null,null,"De acuerdo con la Constitución en el ARTICULO 74, establece: Todas las personas tienen derecho a acceder a los documentos públicos salvo los casos que establezca la ley. ",null,null,null,null,null,null,null,null,null,"Subdirección General Técnica Y Territorial - Sede Barranquilla  / Satelite Valledupar - Analista Técnico",61]
[3,"ALTO","SIN CLASIFICAR","Activos de Información que deben ser incluidos en el inventario y que aún no han sido clasificados, deben ser tratados como activos de información de disponibilidad ALTA.",null,null,null,null,null,null,null,null,null,"SUBDIRECCIÓN GENERAL TÉCNICA Y TERRITORIAL - SEDE SINCELEJO",62]
[null,null,null,null,null,null,null,null,null,null,null,null,null,"Subdirección General Técnica Y Territorial - Sede Sincelejo - Experto Técnico / Coordinador/A",63]
[null,null,null,null,null,null,null,null,null,null,null,null,null,"Subdirección General Técnica Y Territorial - Sede Sincelejo - Experto Técnico",64]
[null,null,null,null,null,null,null,null,null,null,null,null,null,"Subdirección General Técnica Y Territorial - Sede Sincelejo - Analista Técnico",65]
[null,null,null,null,null,null,null,null,null,null,null,null,null,"Subdirección General Técnica Y Territorial - Sede Sincelejo - Tecnico De Unidad Especial",66]
[null,null,null,null,null,null,null,null,null,null,null,null,null,"SUBDIRECCIÓN GENERAL TÉCNICA Y TERRITORIAL - SEDE  MONTERÍA",67]
[null,null,null,null,null,null,null,null,null,null,null,null,null,"Subdirección General Técnica Y Territorial - Sede  Montería - Experto Técnico / Coordinador/A",68]
[null,null,null,null,null,null,null,null,null,null,null,null,null,"Subdirección General Técnica Y Territorial - Sede  Montería - Experto Técnico",69]
[null,null,null,null,null,null,null,null,null,null,null,null,null,"Subdirección General Técnica Y Territorial - Sede  Montería - Analista Técnico",70]
[null,null,null,null,null,null,null,null,null,null,null,null,null,"Subdirección General Técnica Y Territorial - Sede  Montería - Técnico De Unidad Especial",71]
[null,null,null,null,null,null,null,null,null,null,null,null,null,"SUBDIRECCIÓN GENERAL TÉCNICA Y TERRITORIAL - SEDE  APARTADÓ",72]
[null,null,null,null,null,null,null,null,null,null,null,null,null,"Subdirección General Técnica Y Territorial - Sede  Apartadó - Experto Técnico / Coordinador/A",73]
[null,null,null,null,null,null,null,null,null,null,null,null,null,"Subdirección General Técnica Y Territorial - Sede  Apartadó - Experto Técnico",74]
[null,null,null,null,null,null,null,null,null,null,null,null,null,"Subdirección General Técnica Y Territorial - Sede  Apartadó - Analista Técnico",75]
[null,null,null,null,null,null,null,null,null,null,null,null,null,"Subdirección General Técnica Y Territorial - Sede  Apartadó - Técnico De Unidad Especial",76]
[null,null,null,null,null,null,null,null,null,null,null,null,null,"SUBDIRECCIÓN GENERAL TÉCNICA Y TERRITORIAL - SEDE  MEDELLÍN",77]
[null,null,null,null,null,null,null,null,null,null,null,null,null,"Subdirección General Técnica Y Territorial - Sede  Medellín - Experto Técnico / Coordinador/A",78]
[null,null,null,null,null,null,null,null,null,null,null,null,null,"Subdirección General Técnica Y Territorial - Sede  Medellín - Experto Técnico ",79]
[null,null,null,null,null,null,null,null,null,null,null,null,null,"Subdirección General Técnica Y Territorial - Sede  Medellín - Experto Técnico",80]
[null,null,null,null,null,null,null,null,null,null,null,null,null,"Subdirección General Técnica Y Territorial - Sede  Medellín - Tecnico De Unidad Especial",81]
[null,null,null,null,null,null,null,null,null,null,null,null,null,"Subdirección General Técnica Y Territorial - Sede  Medellín - Técnico De Unidad Especial",82]
[null,null,null,null,null,null,null,null,null,null,null,null,null,"Subdirección General Técnica Y Territorial - Sede  Medellín - Analista Técnico",83]
[null,null,null,null,null,null,null,null,null,null,null,null,null,"SUBDIRECCIÓN GENERAL TÉCNICA Y TERRITORIAL - SEDE  BARRANCABERMEJA",84]
[null,null,null,null,null,null,null,null,null,null,null,null,null,"Subdirección General Técnica Y Territorial - Sede  Barrancabermeja - Experto Técnico / Coordinador/A",85]
[null,null,null,null,null,null,null,null,null,null,null,null,null,"Subdirección General Técnica Y Territorial - Sede  Barrancabermeja - Experto Tecnico",86]
[null,null,null,null,null,null,null,null,null,null,null,null,null,"Subdirección General Técnica Y Territorial - Sede  Barrancabermeja - Analista Técnico",87]
[null,null,null,null,null,null,null,null,null,null,null,null,null,"Subdirección General Técnica Y Territorial - Sede  Barrancabermeja - Experto Técnico",88]
[null,null,null,null,null,null,null,null,null,null,null,null,null,"Subdirección General Técnica Y Territorial - Sede  Barrancabermeja - Técnico De Unidad Especial",89]
[null,null,null,null,null,null,null,null,null,null,null,null,null,"SUBDIRECCIÓN GENERAL TÉCNICA Y TERRITORIAL - SEDE  BARRANCABERMEJA / SATELITE LA DORADA",90]
[null,null,null,null,null,null,null,null,null,null,null,null,null,"Subdirección General Técnica Y Territorial - Sede  Barrancabermeja / Satelite La Dorada - Experto Técnico",91]
[null,null,null,null,null,null,null,null,null,null,null,null,null,"Subdirección General Técnica Y Territorial - Sede  Barrancabermeja / Satelite La Dorada - Técnico De Unidad Especial",92]
[null,null,null,null,null,null,null,null,null,null,null,null,null,"SUBDIRECCIÓN GENERAL TÉCNICA Y TERRITORIAL - SEDE  CÚCUTA",93]
[null,null,null,null,null,null,null,null,null,null,null,null,null,"Subdirección General Técnica Y Territorial - Sede  Cúcuta - Experto Técnico / Coordinador/A",94]
[null,null,null,null,null,null,null,null,null,null,null,null,null,"Subdirección General Técnica Y Territorial - Sede  Cúcuta - Experto Tecnico",95]
[null,null,null,null,null,null,null,null,null,null,null,null,null,"Subdirección General Técnica Y Territorial - Sede  Cúcuta - Analista Tecnico",96]
[null,null,null,null,null,null,null,null,null,null,null,null,null,"Subdirección General Técnica Y Territorial - Sede  Cúcuta - Tecnico De Unidad Especial",97]
[null,null,null,null,null,null,null,null,null,null,null,null,null,"SUBDIRECCIÓN GENERAL TÉCNICA Y TERRITORIAL - SEDE  ARAUCA",98]
[null,null,null,null,null,null,null,null,null,null,null,null,null,"Subdirección General Técnica Y Territorial - Sede  Arauca - Experto Técnico / Coordinador/A",99]
[null,null,null,null,null,null,null,null,null,null,null,null,null,"Subdirección General Técnica Y Territorial - Sede  Arauca - Experto Técnico",100]
[null,null,null,null,null,null,null,null,null,null,null,null,null,"Subdirección General Técnica Y Territorial - Sede  Arauca - Experto Tecnico",101]
[null,null,null,null,null,null,null,null,null,null,null,null,null,"Subdirección General Técnica Y Territorial - Sede  Arauca - Técnico De Unidad Especial",102]
[null,null,null,null,null,null,null,null,null,null,null,null,null,"Subdirección General Técnica Y Territorial - Sede  Arauca - Analista Técnico",103]
[null,null,null,null,null,null,null,null,null,null,null,null,null,"SUBDIRECCIÓN GENERAL TÉCNICA Y TERRITORIAL - SEDE  YOPAL",104]
[null,null,null,null,null,null,null,null,null,null,null,null,null,"Subdirección General Técnica Y Territorial - Sede  Yopal - Experto Técnico /Coordinador",105]
[null,null,null,null,null,null,null,null,null,null,null,null,null,"Subdirección General Técnica Y Territorial - Sede  Yopal - Experto Técnico",106]
[null,null,null,null,null,null,null,null,null,null,null,null,null,"Subdirección General Técnica Y Territorial - Sede  Yopal - Analista Técnico",107]
[null,null,null,null,null,null,null,null,null,null,null,null,null,"Subdirección General Técnica Y Territorial - Sede  Yopal - Técnico De Unidad Especial",108]
[null,null,null,null,null,null,null,null,null,null,null,null,null,"SUBDIRECCIÓN GENERAL TÉCNICA Y TERRITORIAL - SEDE  VILLAVICENCIO",109]
[null,null,null,null,null,null,null,null,null,null,null,null,null,"Subdirección General Técnica Y Territorial - Sede  Villavicencio - Experto Técnico / Coordinador/A",110]
[null,null,null,null,null,null,null,null,null,null,null,null,null,"Subdirección General Técnica Y Territorial - Sede  Villavicencio - Analista Técnico",111]
[null,null,null,null,null,null,null,null,null,null,null,null,null,"Subdirección General Técnica Y Territorial - Sede  Villavicencio - Experto Técnico",112]
[null,null,null,null,null,null,null,null,null,null,null,null,null,"Subdirección General Técnica Y Territorial - Sede  Villavicencio - Técnico De Unidad Especial",113]
[null,null,null,null,null,null,null,null,null,null,null,null,null,"SUBDIRECCIÓN GENERAL TÉCNICA Y TERRITORIAL - SEDE  SAN JOSÉ DEL GUAVIARE",114]
[null,null,null,null,null,null,null,null,null,null,null,null,null,"Subdirección General Técnica Y Territorial - Sede  San José Del Guaviare - Experto Técnico / Coordinador/A",115]
[null,null,null,null,null,null,null,null,null,null,null,null,null,"Subdirección General Técnica Y Territorial - Sede  San José Del Guaviare - Experto Técnico",116]
[null,null,null,null,null,null,null,null,null,null,null,null,null,"Subdirección General Técnica Y Territorial - Sede  San José Del Guaviare - Técnico De Unidad Especial",117]
[null,null,null,null,null,null,null,null,null,null,null,null,null,"Subdirección General Técnica Y Territorial - Sede  San José Del Guaviare - Analista Técnico",118]
[null,null,null,null,null,null,null,null,null,null,null,null,null,"SUBDIRECCIÓN GENERAL TÉCNICA Y TERRITORIAL -  FLORENCIA (Caquetá)",119]
[null,null,null,null,null,null,null,null,null,null,null,null,null,"Subdirección General Técnica Y Territorial -  Florencia (Caquetá) - Experto Técnico / Coordinador",120]
[null,null,null,null,null,null,null,null,null,null,null,null,null,"Subdirección General Técnica Y Territorial -  Florencia (Caquetá) - Analista Técnico",121]
[null,null,null,null,null,null,null,null,null,null,null,null,null,"Subdirección General Técnica Y Territorial -  Florencia (Caquetá) - Experto Técnico",122]
[null,null,null,null,null,null,null,null,null,null,null,null,null,"Subdirección General Técnica Y Territorial -  Florencia (Caquetá) - Técnico De Unidad Especial",123]
[null,null,null,null,null,null,null,null,null,null,null,null,null,"SUBDIRECCIÓN GENERAL TÉCNICA Y TERRITORIAL -  PUERTO ASÍS",124]
[null,null,null,null,null,null,null,null,null,null,null,null,null,"Subdirección General Técnica Y Territorial -  Puerto Asís - Experto Técnico /Coordinador",125]
[null,null,null,null,null,null,null,null,null,null,null,null,null,"Subdirección General Técnica Y Territorial -  Puerto Asís - Experto Técnico",126]
[null,null,null,null,null,null,null,null,null,null,null,null,null,"Subdirección General Técnica Y Territorial -  Puerto Asís - Técnico De Unidad Especial",127]
[null,null,null,null,null,null,null,null,null,null,null,null,null,"Subdirección General Técnica Y Territorial -  Puerto Asís - Analista Técnico",128]
[null,null,null,null,null,null,null,null,null,null,null,null,null,"SUBDIRECCIÓN GENERAL TÉCNICA Y TERRITORIAL -  CALI",129]
[null,null,null,null,null,null,null,null,null,null,null,null,null,"Subdirección General Técnica Y Territorial -  Cali - Experto Técnico / Coordinador/A",130]
[null,null,null,null,null,null,null,null,null,null,null,null,null,"Subdirección General Técnica Y Territorial -  Cali - Técnico De Unidad Especial",131]
[null,null,null,null,null,null,null,null,null,null,null,null,null,"Subdirección General Técnica Y Territorial -  Cali - Experto Técnico",132]
[null,null,null,null,null,null,null,null,null,null,null,null,null,"Subdirección General Técnica Y Territorial -  Cali - Analista Técnico",133]
[null,null,null,null,null,null,null,null,null,null,null,null,null,"SUBDIRECCIÓN GENERAL TÉCNICA Y TERRITORIAL -  CALI / SATELITE POPAYÁN",134]
[null,null,null,null,null,null,null,null,null,null,null,null,null,"Subdirección General Técnica Y Territorial -  Cali / Satelite Popayán - Analista Técnico",135]
[null,null,null,null,null,null,null,null,null,null,null,null,null,"Subdirección General Técnica Y Territorial -  Cali / Satelite Popayán - Experto Técnico",136]
[null,null,null,null,null,null,null,null,null,null,null,null,null,"Subdirección General Técnica Y Territorial -  Cali / Satelite Popayán - Técnico De Unidad Especial",137]
[null,null,null,null,null,null,null,null,null,null,null,null,null,"SUBDIRECCIÓN GENERAL TÉCNICA Y TERRITORIAL -  CALI / SATELITE PASTO",138]
[null,null,null,null,null,null,null,null,null,null,null,null,null,"Subdirección General Técnica Y Territorial -  Cali / Satelite Pasto - Experto Técnico",139]
[null,null,null,null,null,null,null,null,null,null,null,null,null,"Subdirección General Técnica Y Territorial -  Cali / Satelite Pasto - Técnico De Unidad Especial",140]
[null,null,null,null,null,null,null,null,null,null,null,null,null,"Subdirección General Técnica Y Territorial -  Cali / Satelite Pasto - Analista Técnico",141]
[null,null,null,null,null,null,null,null,null,null,null,null,null,"SUBDIRECCIÓN GENERAL TÉCNICA Y TERRITORIAL -  CALI / SATELITE  BUENAVENTURA",142]
[null,null,null,null,null,null,null,null,null,null,null,null,null,"Subdirección General Técnica Y Territorial -  Cali / Satelite  Buenaventura - Experto Técnico",143]
[null,null,null,null,null,null,null,null,null,null,null,null,null,"Subdirección General Técnica Y Territorial -  Cali / Satelite  Buenaventura - Analista Técnico",144]
[null,null,null,null,null,null,null,null,null,null,null,null,null,"Subdirección General Técnica Y Territorial -  Cali / Satelite  Buenaventura - Técnico De La Unidad Especial",145]
[null,null,null,null,null,null,null,null,null,null,null,null,null,"SUBDIRECCIÓN GENERAL TÉCNICA Y TERRITORIAL -  CALI /  SATELITE TUMACO",146]
[null,null,null,null,null,null,null,null,null,null,null,null,null,"Subdirección General Técnica Y Territorial -  Cali /  Satelite Tumaco - Experto Técnico",147]
[null,null,null,null,null,null,null,null,null,null,null,null,null,"Subdirección General Técnica Y Territorial -  Cali /  Satelite Tumaco - Analista Técnico",148]
[null,null,null,null,null,null,null,null,null,null,null,null,null,"SUBDIRECCIÓN GENERAL TÉCNICA Y TERRITORIAL -  QUIBDO",149]
[null,null,null,null,null,null,null,null,null,null,null,null,null,"Subdirección General Técnica Y Territorial -  Quibdo - Experto Técnico / Coordinador",150]
[null,null,null,null,null,null,null,null,null,null,null,null,null,"Subdirección General Técnica Y Territorial -  Quibdo - Experto Técnico",151]
[null,null,null,null,null,null,null,null,null,null,null,null,null,"Subdirección General Técnica Y Territorial -  Quibdo - Analista Tecnico",152]
[null,null,null,null,null,null,null,null,null,null,null,null,null,"Subdirección General Técnica Y Territorial -  Quibdo - Experto Tecnico",153]
[null,null,null,null,null,null,null,null,null,null,null,null,null,"Subdirección General Técnica Y Territorial -  Quibdo - Tecnico De Unidad Especial",154]
[null,null,null,null,null,null,null,null,null,null,null,null,null,"SUBDIRECCIÓN GENERAL TÉCNICA Y TERRITORIAL -  IBAGUE",155]
[null,null,null,null,null,null,null,null,null,null,null,null,null,"Subdirección General Técnica Y Territorial -  Ibague - Experto Técnico / Coordinador/A",156]
[null,null,null,null,null,null,null,null,null,null,null,null,null,"Subdirección General Técnica Y Territorial -  Ibague - Experto Técnico",157]
[null,null,null,null,null,null,null,null,null,null,null,null,null,"Subdirección General Técnica Y Territorial -  Ibague - Técnico De Unidad Especial",158]
[null,null,null,null,null,null,null,null,null,null,null,null,null,"SUBDIRECCIÓN GENERAL TÉCNICA Y TERRITORIAL -  BOGOTÁ",159]
[null,null,null,null,null,null,null,null,null,null,null,null,null,"Subdirección General Técnica Y Territorial -  Bogotá - Experto Técnico / Coordinador/A",160]
[null,null,null,null,null,null,null,null,null,null,null,null,null,"Subdirección General Técnica Y Territorial -  Bogotá - Experto Técnico",161]
[null,null,null,null,null,null,null,null,null,null,null,null,null,"Subdirección General Técnica Y Territorial -  Bogotá - Analista Técnico",162]
[null,null,null,null,null,null,null,null,null,null,null,null,null,"Subdirección General Técnica Y Territorial -  Bogotá - Técnico De Unidad Especial",163]
[null,null,null,null,null,null,null,null,null,null,null,null,null,"DIRECCIÓN TÉCNICA DE INFORMACIÓN, PLANEACIÓN Y LOCALIZACIÓN PARA LA BÚSQUEDA",164]
[null,null,null,null,null,null,null,null,null,null,null,null,null,"Dirección Técnica De Información, Planeación Y Localización Para La Búsqueda - Director Técnico De Unidad Especial",165]
[null,null,null,null,null,null,null,null,null,null,null,null,null,"Dirección Técnica De Información, Planeación Y Localización Para La Búsqueda - Experto Técnico",166]
[null,null,null,null,null,null,null,null,null,null,null,null,null,"Dirección Técnica De Información, Planeación Y Localización Para La Búsqueda - Analista Técnico",167]
[null,null,null,null,null,null,null,null,null,null,null,null,null,"Dirección Técnica De Información, Planeación Y Localización Para La Búsqueda - Técnico De Unidad Especial",168]
[null,null,null,null,null,null,null,null,null,null,null,null,null,"Dirección Técnica De Información, Planeación Y Localización Para La Búsqueda - Contratista",169]
[null,null,null,null,null,null,null,null,null,null,null,null,null,"SUBDIRECCIÓN DE GESTIÓN DE INFORMACIÓN PARA LA BÚSQUEDA ",170]
[null,null,null,null,null,null,null,null,null,null,null,null,null,"Subdirección De Gestión De Información Para La Búsqueda  - Subdirector De Unidad Especial",171]
[null,null,null,null,null,null,null,null,null,null,null,null,null,"Subdirección De Gestión De Información Para La Búsqueda  - Técnico De Unidad Especial",172]
[null,null,null,null,null,null,null,null,null,null,null,null,null,"Subdirección De Gestión De Información Para La Búsqueda  - Experto Técnico",173]
[null,null,null,null,null,null,null,null,null,null,null,null,null,"Subdirección De Gestión De Información Para La Búsqueda  - Analista Técnico",174]
[null,null,null,null,null,null,null,null,null,null,null,null,null,"SUBDIRECCIÓN DE ANÁLISIS, PLANEACIÓN Y LOCALIZACIÓN PARA LA BÚSQUEDA ",175]
[null,null,null,null,null,null,null,null,null,null,null,null,null,"Subdirección De Análisis, Planeación Y Localización Para La Búsqueda  - Subdirector De Unidad Especial",176]
[null,null,null,null,null,null,null,null,null,null,null,null,null,"Subdirección De Análisis, Planeación Y Localización Para La Búsqueda  - Experto Técnico",177]
[null,null,null,null,null,null,null,null,null,null,null,null,null,"Subdirección De Análisis, Planeación Y Localización Para La Búsqueda  - Técnico De Unidad Especial",178]
[null,null,null,null,null,null,null,null,null,null,null,null,null,"Subdirección De Análisis, Planeación Y Localización Para La Búsqueda  - Analista Técnico",179]
[null,null,null,null,null,null,null,null,null,null,null,null,null,"DIRECCIÓN TÉCNICA DE PARTICIPACIÓN, CONTACTO CON LAS VÍCTIMAS Y ENFOQUES DIFERENCIALES",180]
[null,null,null,null,null,null,null,null,null,null,null,null,null,"Dirección Técnica De Participación, Contacto Con Las Víctimas Y Enfoques Diferenciales - Director Técnico De Unidad Especial",181]
[null,null,null,null,null,null,null,null,null,null,null,null,null,"Dirección Técnica De Participación, Contacto Con Las Víctimas Y Enfoques Diferenciales - Experto Técnico",182]
[null,null,null,null,null,null,null,null,null,null,null,null,null,"Dirección Técnica De Participación, Contacto Con Las Víctimas Y Enfoques Diferenciales - Experto Tecnico",183]
[null,null,null,null,null,null,null,null,null,null,null,null,null,"Dirección Técnica De Participación, Contacto Con Las Víctimas Y Enfoques Diferenciales - Analista Tecnico",184]
[null,null,null,null,null,null,null,null,null,null,null,null,null,"Dirección Técnica De Participación, Contacto Con Las Víctimas Y Enfoques Diferenciales - Tecnico De Unidad Especial",185]
[null,null,null,null,null,null,null,null,null,null,null,null,null,"Grupo Interno de Trabajo de Asuntos Etnicos",186]
[null,null,null,null,null,null,null,null,null,null,null,null,null,"Grupo Interno De Trabajo De Asuntos Etnicos - Experto Técnico/ Coordinador",187]
[null,null,null,null,null,null,null,null,null,null,null,null,null,"Grupo Interno De Trabajo De Asuntos Etnicos - Experto Técnico",188]
[null,null,null,null,null,null,null,null,null,null,null,null,null,"Grupo Interno de Trabajo de Enfoques Diferencias y de Genero",189]
[null,null,null,null,null,null,null,null,null,null,null,null,null,"Grupo Interno De Trabajo De Enfoques Diferencias Y De Genero - Experto Técnico/Coodinador",190]
[null,null,null,null,null,null,null,null,null,null,null,null,null,"Grupo Interno De Trabajo De Enfoques Diferencias Y De Genero - Experto Técnico",191]
[null,null,null,null,null,null,null,null,null,null,null,null,null,"DIRECCIÓN TÉCNICA DE PROSPECCIÓN, RECUPERACIÓN E IDENTIFICACIÓN",192]
[null,null,null,null,null,null,null,null,null,null,null,null,null,"Dirección Técnica De Prospección, Recuperación E Identificación - Director Técnico De Unidad Especial",193]
[null,null,null,null,null,null,null,null,null,null,null,null,null,"Dirección Técnica De Prospección, Recuperación E Identificación - Tecnico De Unidad Especial",194]
[null,null,null,null,null,null,null,null,null,null,null,null,null,"Dirección Técnica De Prospección, Recuperación E Identificación - Experto Técnico",195]
[null,null,null,null,null,null,null,null,null,null,null,null,null,"Dirección Técnica De Prospección, Recuperación E Identificación - Contratista",196]
[null,null,null,null,null,null,null,null,null,null,null,null,null,"Grupo Interno de Trabajo de Identificación Humana",197]
[null,null,null,null,null,null,null,null,null,null,null,null,null,"Grupo Interno De Trabajo De Identificación Humana - Experto Técnico/Coordinador",198]
[null,null,null,null,null,null,null,null,null,null,null,null,null,"Grupo Interno De Trabajo De Identificación Humana - Experto Tecnico",199]
[null,null,null,null,null,null,null,null,null,null,null,null,null,"Grupo Interno De Trabajo De Identificación Humana - Técnico De Unidad Especial",200]
[null,null,null,null,null,null,null,null,null,null,null,null,null,"Grupo Interno De Trabajo De Identificación Humana - Experto Técnico",201]
[null,null,null,null,null,null,null,null,null,null,null,null,null,"Grupo Interno De Trabajo De Identificación Humana - Tecnico De Unidad Especial",202]
[null,null,null,null,null,null,null,null,null,null,null,null,null,"Grupo Interno de Trabajo deProspeccion y Recuperacion",203]
[null,null,null,null,null,null,null,null,null,null,null,null,null,"Grupo Interno De Trabajo Deprospeccion Y Recuperacion - Experto Técnico/Coordinador",204]
[null,null,null,null,null,null,null,null,null,null,null,null,null,"Grupo Interno De Trabajo Deprospeccion Y Recuperacion - Experto Tecnico",205]
[null,null,null,null,null,null,null,null,null,null,null,null,null,"Grupo Interno De Trabajo Deprospeccion Y Recuperacion - Tecnico De Unidad Especial",206]
[null,null,null,null,null,null,null,null,null,null,null,null,null,"SECRETARÍA GENERAL",207]
[null,null,null,null,null,null,null,null,null,null,null,null,null,"Secretaría General - Secretario General De Unidad Especial",208]
[null,null,null,null,null,null,null,null,null,null,null,null,null,"Secretaría General - Experto Técnico",209]
[null,null,null,null,null,null,null,null,null,null,null,null,null,"Secretaría General - Analista Técnico",210]
[null,null,null,null,null,null,null,null,null,null,null,null,null,"Grupo Interno de Trabajo de Gestión contractual",211]
[null,null,null,null,null,null,null,null,null,null,null,null,null,"Grupo Interno De Trabajo De Gestión Contractual - Experto Técnico/ Coordinadora",212]
[null,null,null,null,null,null,null,null,null,null,null,null,null,"Grupo Interno De Trabajo De Gestión Contractual - Experto Tecnico",213]
[null,null,null,null,null,null,null,null,null,null,null,null,null,"Grupo Interno De Trabajo De Gestión Contractual - Analista Tecnico",214]
[null,null,null,null,null,null,null,null,null,null,null,null,null,"Grupo Interno De Trabajo De Gestión Contractual - Contratista",215]
[null,null,null,null,null,null,null,null,null,null,null,null,null,"SUBDIRECCIÓN ADMINISTRATIVA Y FINANCIERA",216]
[null,null,null,null,null,null,null,null,null,null,null,null,null,"Subdirección Administrativa Y Financiera - Subdirector De Unidad Especial",217]
[null,null,null,null,null,null,null,null,null,null,null,null,null,"Subdirección Administrativa Y Financiera - Contratista",218]
[null,null,null,null,null,null,null,null,null,null,null,null,null,"Grupo Interno de Trabajo de Gestión Lógistica",219]
[null,null,null,null,null,null,null,null,null,null,null,null,null,"Grupo Interno De Trabajo De Gestión Lógistica - Experto Técnico/Coordinador",220]
[null,null,null,null,null,null,null,null,null,null,null,null,null,"Grupo Interno De Trabajo De Gestión Lógistica - Técnico De Unidad Especial",221]
[null,null,null,null,null,null,null,null,null,null,null,null,null,"Grupo Interno De Trabajo De Gestión Lógistica - Analista Técnico",222]
[null,null,null,null,null,null,null,null,null,null,null,null,null,"Grupo Interno De Trabajo De Gestión Lógistica - Analista Tecnico",223]
[null,null,null,null,null,null,null,null,null,null,null,null,null,"Grupo Interno De Trabajo De Gestión Lógistica - Tecnico De Unidad Especial",224]
[null,null,null,null,null,null,null,null,null,null,null,null,null,"Grupo Interno De Trabajo De Gestión Lógistica - Experto Tecnico",225]
[null,null,null,null,null,null,null,null,null,null,null,null,null,"Grupo Interno de Trabajo de GestiónFinanciera y Contable",226]
[null,null,null,null,null,null,null,null,null,null,null,null,null,"Grupo Interno De Trabajo De Gestiónfinanciera Y Contable - Experto Técnico/Coordinador",227]
[null,null,null,null,null,null,null,null,null,null,null,null,null,"Grupo Interno De Trabajo De Gestiónfinanciera Y Contable - Analista Tecnico",228]
[null,null,null,null,null,null,null,null,null,null,null,null,null,"Grupo Interno De Trabajo De Gestiónfinanciera Y Contable - Tecnico De Unidad Especial",229]
[null,null,null,null,null,null,null,null,null,null,null,null,null,"Grupo Interno De Trabajo De Gestiónfinanciera Y Contable - Experto Tecnico",230]
[null,null,null,null,null,null,null,null,null,null,null,null,null,"Grupo Interno de Trabajo de Gestión Administrativa",231]
[null,null,null,null,null,null,null,null,null,null,null,null,null,"Grupo Interno De Trabajo De Gestión Administrativa - Experto Técnico/Coordinador",232]
[null,null,null,null,null,null,null,null,null,null,null,null,null,"Grupo Interno De Trabajo De Gestión Administrativa - Experto Técnico",233]
[null,null,null,null,null,null,null,null,null,null,null,null,null,"Grupo Interno De Trabajo De Gestión Administrativa - Analista Técnico",234]
[null,null,null,null,null,null,null,null,null,null,null,null,null,"Grupo Interno de Trabajo de Gestión Documental",235]
[null,null,null,null,null,null,null,null,null,null,null,null,null,"Grupo Interno De Trabajo De Gestión Documental - Experto Técnico/Coordinadora",236]
[null,null,null,null,null,null,null,null,null,null,null,null,null,"Grupo Interno De Trabajo De Gestión Documental - Analista Tecnico",237]
[null,null,null,null,null,null,null,null,null,null,null,null,null,"Grupo Interno de Trabajo de Servicio al Ciudadano",238]
[null,null,null,null,null,null,null,null,null,null,null,null,null,"Grupo Interno De Trabajo De Servicio Al Ciudadano - Experto Técnico/Coordinadora",239]
[null,null,null,null,null,null,null,null,null,null,null,null,null,"Grupo Interno De Trabajo De Servicio Al Ciudadano - Analista Tecnico",240]
[null,null,null,null,null,null,null,null,null,null,null,null,null,"Grupo Interno De Trabajo De Servicio Al Ciudadano - Tecnico De Unidad Especial",241]
[null,null,null,null,null,null,null,null,null,null,null,null,null,"SUBDIRECCIÓN DE GESTIÓN HUMANA",242]
[null,null,null,null,null,null,null,null,null,null,null,null,null,"Subdirección De Gestión Humana - Subdirector De Unidad Especial",243]
[null,null,null,null,null,null,null,null,null,null,null,null,null,"Subdirección De Gestión Humana - Técnico De Unidad Especial",244]
[null,null,null,null,null,null,null,null,null,null,null,null,null,"Subdirección De Gestión Humana - Analista Técnico",245]
[null,null,null,null,null,null,null,null,null,null,null,null,null,"Subdirección De Gestión Humana - Experto Técnico",246]
[null,null,null,null,null,null,null,null,null,null,null,null,null,"Subdirección De Gestión Humana - Contratista",247]
[null,null,null,null,null,null,null,null,null,null,null,null,null,"Grupo Interno de Trabajo de comisiones y Viáticos",248]
[null,null,null,null,null,null,null,null,null,null,null,null,null,"Grupo Interno De Trabajo De Comisiones Y Viáticos - Experto Técnico/ Coordinador",249]
[null,null,null,null,null,null,null,null,null,null,null,null,null,"Grupo Interno De Trabajo De Comisiones Y Viáticos - Analista Técnico",250]
[null,null,null,null,null,null,null,null,null,null,null,null,null,"Grupo Interno De Trabajo De Comisiones Y Viáticos - Técnico De Unidad Especial",251]
[null,null,null,null,null,null,null,null,null,null,null,null,null,"Grupo Interno De Trabajo De Comisiones Y Viáticos - Contratista",252]
[null,null,null,null,null,null,null,null,null,null,null,null,null,"Usarios Internos ",253]
[null,null,null,null,null,null,null,null,null,null,null,null,null,"Usarios Externos ",254]

{"sheet":"Tipos de Activos","index":3,"n_rows":20,"n_cols":2,"rows_kept":20,"cut":false,"hidden":false,"merged":[[0,0,0,1]]}
["TIPO DE ACTIVOS"]
["CATEGORIA DEL ACTIVO","DESCRIPCION DE LA CATEGORIA DEL ACTIVO"]
["Información","Datos relacionados que tienen significado para la entidad. La definición dada por la ley 1712 del 2014, se refiere a un conjunto organizado de datos contenido en cualquier documento que los sujetos obligados generen, obtengan, adquieran, transformen o controlen. Que es almacenada en equipos o soportes de información (normalmente agrupado como ficheros o archivos) o será transferido de un lugar a otro por los medios de transmisión de datos."]
[null,"Ejemplo: Formularios, Archivos, Datos de gestión interna, Datos de configuración, Documentación del sistema, Formatos generados por los procedimientos, Datos de Control de Acceso, Registros de actividad (Log), Código fuente, Código Ejecutable, Datos de Prueba, Contratos, Convenios de confidencialidad, Manuales de usuario, Procedimientos operativos o de soporte, informes, planes institucionales, archivos de gestión, registros contables, estados financieros, archivos ofimáticos, documentos y registros del sistema integrado de gestión, formatos o formularios físicos o digitales, información física generada y almacenada como parte del proceso, investigaciones, planes para la continuidad del negocio, acuerdos sobre retiro y pruebas de auditoría, entre otros. Cuando este tipo de activo contiene datos personales, se debe diligenciar el campo de “Datos Personales” con la información referente a esto."]
["Bases de Datos","Conjunto de datos pertenecientes a un mismo contexto y almacenados sistemáticamente para su posterior uso, puede ser utilizada en un formato de motor ya sea SQL, SQL Server, MySQL o en formato Excel."]
[null,"Ejemplos: Bases de datos con información personal o con datos relevante para algún proceso (bases de datos de nóminas, Base de datos egresados, o estudiantes, Listado de proveedores, estados financieros) entre otros."]
["Equipos Auxiliares","Otros equipos que sirven de soporte a los sistemas de información, sin estar directamente relacionados con datos."]
[null,"Ejemplo: Fuentes de alimentación, generadores eléctricos, equipos de climatización, sistemas de alimentación ininterrumpida (UPS), cableado, cable eléctrico, fibra óptica, equipos de destrucción de soportes de información, mobiliarios, armarios, cajas fuertes."]
["Hardware / Infraestructura","Medios físicos, destinados a soportar directa o indirectamente los servicios que presta la entidad, siendo depositarios temporales o permanentes de los datos, soporte de ejecución de las aplicaciones informáticas o responsables del procesamiento o la transmisión de datos."]
[null,"Ejemplo: Servidores (host), Equipos de Escritorio (Pc), Equipos Portátiles (Laptop), Dispositivos Móviles, Equipos de Respaldo, Periféricos, Dispositivos Criptográficos, Dispositivos Biométricos, Servidores de Impresión, Impresoras, Escáneres, Equipos Virtuales (host), Soporte de la Red (Network), Módems, Concentradores, Conmutadores (switch), Encaminadores (router), Pasarelas (bridge), Firewall, Central Telefónica, Telefonía IP, Access Point."]
["Instalaciones","Lugares donde albergan los sistemas de información y comunicaciones. Ejemplo: Datacenter, Bodegas, etc"]
["Personas","Aquellos roles que, por su conocimiento, experiencia y criticidad para el proceso, son consideradas activos de información. \nEjemplo:Usuarios Internos, Usuarios Externos, Operadores, Administradores de Sistemas, Administradores de Comunicaciones, Administradores de Bases de Datos, Administradores de Seguridad, Programadores, Contratistas, Proveedores."]
["Redes de Comunicaciones","Infraestructuras dedicadas como servicios de comunicaciones contratados a terceros o medios de transporte de datos de un sitio a otro."]
[null,"Ejemplo: Red Telefónica, Red Inalámbrica, Telefonía Móvil, Satelital, Red Local (LAN), Red Metropolitana (MAN), Internet, Radio Comunicaciones, Punto a Punto, ADSL, Red Digital (RDSI)."]
["Servicios","Funciones que permiten suplir una necesidad de los usuarios del servicio (internos o externos)"]
[null,"Ejemplo: Página Web, Intranet, Correo Electrónico, Acceso Remoto, almacenamiento de ficheros, transferencia de ficheros, intercambio electrónico de datos, Páginas de consulta, Directorios Compartidos, Gestión de Identidades (altas y bajas de usuarios del sistema), Gestión de Privilegios, Intercambio electrónico de datos, PKI (Infraestructura de Clave Pública), o servicios relacionados con la formación de los usuarios."]
["Software / Aplicaciones Informáticas ","Que gestionan, analizan y transforman los datos permitiendo la explotación de la información para la prestación de los servicios."]
[null,"Ejemplo: Aquellos utilizados para la enseñanza, para la gestión y operación de los procesos,  para la gestión o administración de documentos, para la gestión de los servicios administrativos, para el filtrado de la navegación web, para el desarrollo de aplicaciones propias, para el desarrollo de aplicaciones, , administración de bases de datos, para la gestión de respaldos de información, para la prevención de virus o infecciones informáticas, para conexiones o trabajos remotos, para la gestión documental, entre otros."]
["Soportes de Información","Dispositivos físicos o electrónicos que permiten almacenar información de forma permanente o durante largos periodos de tiempo y que posteriormente permiten recuperar la información contenida en ellos."]
[null,"Ejemplo: Discos, Discos Virtuales, Almacenamiento en Red (san), Memorias USB, CDROM, DVD, Cinta Magnética (tape), Tarjetas de Memoria, Tarjetas Inteligentes, Token´s, Material Impreso, Microfilmaciones."]